{"text_format":"1","workbook":"xlsx","n_sheets":17,"sheets":["icons","International URLs","International Settings","DropdownSizer","Instructions","Images","International Translations","Data Validation","International Data","Example","Data Definitions","Template","Browse Data","Valid Values","Sheet3","Dropdown Lists","AttributePTDMAP"],"not_rendered":{"charts":0,"images":23,"macros":0,"external_links":1,"defined_names":531,"comments":2,"pivot_tables":0},"unopened":[],"bounds":{"document_bytes":16777216,"sheet_cells":100000,"rows_first":2000,"rows_last":500,"rows_between":2000,"halvings":0,"cell_chars":16384,"cell_head_chars":4096},"cells_cut":0,"cells_raw":0,"read":"whole","date_system":"1900"}

{"sheet":"icons","index":0,"n_rows":0,"n_cols":0,"rows_kept":0,"cut":false,"hidden":true,"merged":[]}

{"sheet":"International URLs","index":1,"n_rows":94,"n_cols":2,"rows_kept":94,"cut":false,"hidden":true,"merged":[]}
[]
[]
[]
[]
[]
[]
[]
[]
[]
[]
[]
[]
["Language","Contact URL"]
["English USA","https://merchant-query.amazon.com/query/?Service=MerchantQueryService&Action=upload&confirmed=true&purgeAndReplace=false"]
["English CA","https://merchant-query.amazon.ca/query/?Service=MerchantQueryService&Action=upload&confirmed=true&purgeAndReplace=false"]
["English UK","https://merchant-query.amazon.co.uk/query/?Service=MerchantQueryService&Action=upload&confirmed=true&purgeAndReplace=false"]
["German","https://merchant-query.amazon.de/query/?Service=MerchantQueryService&Action=upload&confirmed=true&purgeAndReplace=false"]
["French","https://merchant-query.amazon.fr/query/?Service=MerchantQueryService&Action=upload&confirmed=true&purgeAndReplace=false"]
["Italian","https://merchant-query.amazon.co.uk/query/?Service=MerchantQueryService&Action=upload&confirmed=true&purgeAndReplace=false"]
["Spanish","https://merchant-query.amazon.co.uk/query/?Service=MerchantQueryService&Action=upload&confirmed=true&purgeAndReplace=false"]
["Japanese","https://merchant-query.amazon.co.jp/query/?Service=MerchantQueryService&Action=upload&confirmed=true&purgeAndReplace=false"]
["ENDSECTION"]
[]
["Language","MWS URL"]
["English USA","https://mws.amazonservices.com/?Version=2009-01-01&SignatureVersion=2&SignatureMethod=HmacSHA256"]
["English CA","https://mws.amazonservices.com/?Version=2009-01-01&SignatureVersion=2&SignatureMethod=HmacSHA256"]
["English UK","https://mws.amazonservices.co.uk/?Version=2009-01-01&SignatureVersion=2&SignatureMethod=HmacSHA256"]
["German","https://mws.amazonservices.de/?Version=2009-01-01&SignatureVersion=2&SignatureMethod=HmacSHA256"]
["French","https://mws.amazonservices.fr/?Version=2009-01-01&SignatureVersion=2&SignatureMethod=HmacSHA256"]
["Italian","https://mws.amazonservices.it/?Version=2009-01-01&SignatureVersion=2&SignatureMethod=HmacSHA256"]
["Spanish","https://mws.amazonservices.es/?Version=2009-01-01&SignatureVersion=2&SignatureMethod=HmacSHA256"]
["Japanese","https://mws.amazonservices.jp/?Version=2009-01-01&SignatureVersion=2&SignatureMethod=HmacSHA256"]
["Chinese","https://mws.amazonservices.com.cn/?Version=2009-01-01&SignatureVersion=2&SignatureMethod=HmacSHA256"]
["ENDSECTION"]
[]
["Language","Status Check URL - Prod"]
["English USA","https://sellercentral.amazon.com/gp/transactions/uploadMPInventory.html"]
["English CA","https://sellercentral.amazon.com/gp/transactions/uploadMPInventory.html"]
["English UK","https://sellercentral-europe.amazon.com/gp/transactions/uploadMPInventory.html"]
["German","https://sellercentral-europe.amazon.com/gp/transactions/uploadMPInventory.html"]
["French","https://sellercentral-europe.amazon.com/gp/transactions/uploadMPInventory.html"]
["Italian","https://sellercentral-europe.amazon.com/gp/transactions/uploadMPInventory.html"]
["Spanish","https://sellercentral-europe.amazon.com/gp/transactions/uploadMPInventory.html"]
["Japanese","https://sellercentral-japan.amazon.com/gp/transactions/uploadMPInventory.html"]
["Chinese","https://mai.amazon.cn/gp/transactions/uploadMPInventory.html"]
["ENDSECTION"]
[]
["Language","Status Check URL - Devo"]
["English USA","https://rainier-m1k.integ.amazon.com/gp/transactions/uploadMPInventory.html"]
["English CA","https://rainier-m1k.integ.amazon.com/gp/transactions/uploadMPInventory.html"]
["English UK","https://rainier-eu.integ.amazon.com/gp/transactions/uploadMPInventory.html"]
["German","https://rainier-eu.integ.amazon.com/gp/transactions/uploadMPInventory.html"]
["French","https://rainier-eu.integ.amazon.com/gp/transactions/uploadMPInventory.html"]
["Italian","https://rainier-eu.integ.amazon.com/gp/transactions/uploadMPInventory.html"]
["Spanish","https://rainier-eu.integ.amazon.com/gp/transactions/uploadMPInventory.html"]
["Japanese","https://rainier-jp.integ.amazon.com/gp/transactions/uploadMPInventory.html"]
["Chinese","https://rainier-cn.integ.amazon.com/gp/transactions/uploadMPInventory.html"]
["ENDSECTION"]
[]
["Language","Credentials URL"]
["English USA","https://sellercentral.amazon.com/gp/mws/registration/register.html"]
["English CA","https://sellercentral.amazon.com/gp/mws/registration/register.html"]
["English UK","https://sellercentral-europe.amazon.com/gp/mws/registration/register.html"]
["German","https://sellercentral-europe.amazon.com/gp/mws/registration/register.html"]
["French","https://sellercentral-europe.amazon.com/gp/mws/registration/register.html"]
["Italian","https://sellercentral-europe.amazon.com/gp/mws/registration/register.html"]
["Spanish","https://sellercentral-europe.amazon.com/gp/mws/registration/register.html"]
["Japanese","https://sellercentral-japan.amazon.com/gp/mws/registration/register.html"]
["Chinese","https://mai.amazon.cn/gp/mws/registration/register.html"]
["ENDSECTION"]
[]
["Language","Credentials Summary URL"]
["English USA","https://sellercentral.amazon.com/gp/mws/registration/register-summary.html"]
["English CA","https://sellercentral.amazon.com/gp/mws/registration/register-summary.html"]
["English UK","https://sellercentral-europe.amazon.com/gp/mws/registration/register-summary.html"]
["German","https://sellercentral-europe.amazon.com/gp/mws/registration/register-summary.html"]
["French","https://sellercentral-europe.amazon.com/gp/mws/registration/register-summary.html"]
["Italian","https://sellercentral-europe.amazon.com/gp/mws/registration/register-summary.html"]
["Spanish","https://sellercentral-europe.amazon.com/gp/mws/registration/register-summary.html"]
["Japanese","https://sellercentral-japan.amazon.com/gp/mws/registration/register-summary.html"]
["Chinese","https://mai.amazon.cn/gp/mws/registration/register-summary.html"]
["ENDSECTION"]
[]
["Language","Credentials Processor URL"]
["English USA","https://sellercentral.amazon.com/gp/mws/registration/register-processor.html"]
["English CA","https://sellercentral.amazon.com/gp/mws/registration/register-processor.html"]
["English UK","https://sellercentral-europe.amazon.com/gp/mws/registration/register-processor.html"]
["German","https://sellercentral-europe.amazon.com/gp/mws/registration/register-processor.html"]
["French","https://sellercentral-europe.amazon.com/gp/mws/registration/register-processor.html"]
["Italian","https://sellercentral-europe.amazon.com/gp/mws/registration/register-processor.html"]
["Spanish","https://sellercentral-europe.amazon.com/gp/mws/registration/register-processor.html"]
["Japanese","https://sellercentral-japan.amazon.com/gp/mws/registration/register-processor.html"]
["Chinese","https://mai.amazon.cn/gp/mws/registration/register-processor.html"]
["ENDSECTION"]

{"sheet":"International Settings","index":2,"n_rows":38,"n_cols":2,"rows_kept":38,"cut":false,"hidden":true,"merged":[]}
[false,"Show the Create Templates Toolbar"]
["English USA","Template Language"]
["English USA","Template Secondary Language"]
["_POST_FLAT_FILE_LISTINGS_DATA_","Feed Type"]
[null,"Upload Client"]
[null,"Misc data table revision date"]
[null,"Data validation table revision date"]
[null,"Dropdown lists table revision date"]
["http://g-ecx.images-amazon.com/images/G/01/rainier/help/ff/","URL production folder for misc data table"]
[{"$f":"$A$9","v":"http://g-ecx.images-amazon.com/images/G/01/rainier/help/ff/"},"URL production folder for data validation table"]
[{"$f":"$A$9","v":"http://g-ecx.images-amazon.com/images/G/01/rainier/help/ff/"},"URL production folder for dropdown lists table"]
[{"$f":"A9&\"beta/\"","v":"http://g-ecx.images-amazon.com/images/G/01/rainier/help/ff/beta/"},"URL beta folder for misc data table"]
[{"$f":"A10&\"beta/\"","v":"http://g-ecx.images-amazon.com/images/G/01/rainier/help/ff/beta/"},"URL beta folder for data validation table"]
[{"$f":"A11&\"beta/\"","v":"http://g-ecx.images-amazon.com/images/G/01/rainier/help/ff/beta/"},"URL beta folder for dropdown lists table"]
["IntMiscData.txt","Filename for misc data table"]
["IntDataValidation.txt","Filename for data validation table"]
["IntDropdownLists.txt","Filename for dropdown lists table"]
[null,"URL versioned override for misc data table"]
[null,"URL versioned override for data validation table"]
[null,"URL versioned override for dropdown lists table"]
[{"$f":"IF(Versioned_Override_Misc_Data_Table_URL<>\"\",Versioned_Override_Misc_Data_Table_URL,IF(ISERROR(IF(Is_Beta,TRUE)),Misc_Data_Table_Production_Folder,IF(Is_Beta,Misc_Data_Table_Beta_Folder,Misc_Data_Table_Production_Folder))&Misc_Data_Table_Filename)","v":"http://g-ecx.images-amazon.com/images/G/01/rainier/help/ff/IntMiscData.txt"},"URL for Misc Data Table (do not delete formula)"]
[{"$f":"IF(Versioned_Override_Data_Validation_Table_URL<>\"\",Versioned_Override_Data_Validation_Table_URL,IF(ISERROR(IF(Is_Beta,TRUE)),Data_Validation_Table_Production_Folder,IF(Is_Beta,Data_Validation_Table_Beta_Folder,Data_Validation_Table_Production_Folder))&Data_Validation_Table_Filename)","v":"http://g-ecx.images-amazon.com/images/G/01/rainier/help/ff/IntDataValidation.txt"},"URL for Data Validation Table (do not delete formula)"]
[{"$f":"IF(Versioned_Override_Dropdown_Lists_Table_URL<>\"\",Versioned_Override_Dropdown_Lists_Table_URL,IF(ISERROR(IF(Is_Beta,TRUE)),Dropdown_Lists_Production_Folder,IF(Is_Beta,Dropdown_Lists_Beta_Folder,Dropdown_Lists_Production_Folder))&Dropdown_Lists_Table_Filename)","v":"http://g-ecx.images-amazon.com/images/G/01/rainier/help/ff/IntDropdownLists.txt"},"URL for Dropdown Lists Table (do not delete formula)"]
["Use Seller Central","Status Check URL Type (deprecated)"]
[false,"Is Devo (Use beta international data tables; devo urls, etc.)"]
[null,"Devo Upload URL"]
["2012-06-10T21:00:09","Last Update From Web"]
[false,"Auto Update? (True/False)"]
["60","Days Between Auto Updates"]
["Validate","Validate Toolbar Button Caption"]
["Upload File","Upload Toolbar Button Caption"]
["Credentials","Credentials Toolbar Button Caption"]
["Import File","Import Toolbar Button Caption"]
["Update Template","Update Toolbar Button Caption"]
["Flat.File.Wirelessdownloads.xls","Internal Template Name (used for validation, etc.)"]
["2.543","Template Macros Version"]
["US","Marketplace (e.g. IT, US, CN, etc.)"]
["Wirelessdownloads","Category (e.g. Shoes, BookLoader, etc.)"]

{"sheet":"DropdownSizer","index":3,"n_rows":0,"n_cols":0,"rows_kept":0,"cut":false,"hidden":true,"merged":[]}

{"sheet":"Instructions","index":4,"n_rows":42,"n_cols":1,"rows_kept":42,"cut":false,"hidden":false,"merged":[]}
["Using your Inventory File Template"]
["Print this page"]
["This page contains information you need to create, validate and upload your inventory file to Amazon. We recommend that you print this page so you can refer to it as you go."]
["Save a copy of this file as an Excel worksheet on your hard drive. Then proceed to enter your product data into the Template tab, using the guidelines below."]
[]
["Data Definitions Tab"]
["The Data Definitions tab contains the acceptable values that can be used as you fill out the Template tab. We recommend printing the Data Definitions sheet for reference."]
["The Data Definitions tab also indicates whether a field is Required or Optional:"]
["Required: Required fields are the minimum attribute values necessary to create your product in the Amazon catalog. Required cells will be highlighted in RED in the template once you have selected a Product Type for that row. Failure to enter a valid value in a required field will prevent your product from being added to the catalog. Additional data may be required, depending on the values you enter elsewhere in this template. (For example, you must provide package_dimensions_unit_of_measure if you provide package length) "]
["Optional: Optional fields give customers product information that is useful, but not critical, when making purchasing decisions. Optional fields will be highlighted in BLUE in the template tab once you have selected a Product Type. We recommend that you provide as much Optional product data as possible for your product. In some cases, fields we have labeled Optional may be important to your product or business, or required according to your seller agreement."]
[]
["Valid Values and BTGs"]
["As indicated in the Data Definitions tab, some fields require that you use terms from the Valid Values tab. These terms are specific to the product attribute and are used for categorization and product discoverability – for example, via search."]
["The cell for Item Type Keyword requires that you use a valid value from the Browse Tree Guide (BTG) for the category in which you are listing. BTGs are category-specific and contain the rules that Amazon uses to assign products to categories on our site. These values are available as drop-downs in the Template tab and you can view the mappings for these values in the Browse Data tab."]
["The BTGs are also available as separate Excel files that can be downloaded from this page: https://sellercentral.amazon.com/gp/help/1641. In it, you will find mappings between Item Type Keywords and Amazon's controlled terms which allow products to be displayed in those categories. In the BTG for your category, find the category most appropriate for your product, and then use the corresponding query to determine what field and value you need to put in your template to place your product in that category."]
[]
["Image Tab"]
["Refer to the Images tab for Amazon’s image standards. Images that you upload to Amazon must conform to these standards."]
["View full product image requirements here: https://sellercentral.amazon.com/gp/help/1881"]
["For category specific guidelines, download the style guide for your category from the downloadable file template table here: https://sellercentral.amazon.com/gp/help/1641"]
[]
["Example Tab"]
["See the Example tab for an example on how to enter product information. This information is for reference only. In order to avoid including invalid product data in your inventory file, do not work on your own items within the Example sheet."]
[]
["Template Tab"]
["The Template tab is where you will enter the information for your listings. After selecting the desired Product Type for a row in the template, required fields in that row will be highlighted in RED, while optional fields will be highlighted in BLUE. Attributes that are not applicable to your Product Type will be grayed out in that row. For best results, also submit as much optional data as possible for your products. If you are not providing data for a particular non-required field, leave the cell blank. Feel free to add color, boldface, borders and other formatting (not additional text) to the template if it is helpful to you. Note that high ASCII characters (such as ®, ©) and HTML tags are not allowed. "]
[]
["Save your Inventory File"]
["When you have finished entering your product data into the Template tab, you can save the entire workbook as an Excel file or you can save the Template tab (only) as a Text (tab-delimited) (*.txt) file. (For the Chinese marketplace, save as Unicode Text (*.txt).)"]
["This is your inventory file that you will upload via the Add Products via Upload page in Seller Central."]
[]
["Submit your Inventory File"]
["Upload your file from the \"Check and Upload your Inventory File\" section of the Add Products via Upload page in Seller Central, here: https://sellercentral.amazon.com/listing/upload. "]
["When uploading, you can select \"Check Your File\" before submitting, or skip this step and upload your file immediately. The \"Check Your File\" option will check your template for common listing errors and will automatically configure variations in your template. It will not add products to your catalog."]
["When you upload your file, our system will automatically validate your data file as it is submitted. When your submission is complete, you will be able to download a processing report. Any errors in the upload will appear in a Processing Report. This report can be downloaded from the \"Monitor Upload Status\" section of the Add Products via Upload page in your seller account on Seller Central, here: https://sellercentral.amazon.com/listing/status."]
["Note: We recommend first uploading 15 or fewer products for testing purposes. You can upload the rest of your inventory once you have completed a successful test."]
[]
["Updated Templates"]
["From time to time, Amazon will update valid values, data validation rules, explanatory text, and requirements. In the event that you submit an outdated template, we will generate an updated version on your behalf with all of your data prepopulated in it. You will see a link to \"Download your submission in the updated template version\" on the \"Monitor Upload Status\" section of the Add Products via Upload page on Seller Central."]
[]
["Still have questions?"]
["If you have read the Instructions or Data Definitions tabs of this file and still have questions, consult seller Help, starting with this page: https://sellercentral.amazon.com/gp/help/581"]

{"sheet":"Images","index":5,"n_rows":29,"n_cols":1,"rows_kept":29,"cut":false,"hidden":false,"merged":[[0,1,1048575,1]]}
["Image Standards"]
[]
["Every product on Amazon needs one or more product images. Choose images that are clear, straightforward, and easy to understand. They must accurately represent the product and be information-rich and attractively presented. Show only the product that is being offered for sale, with minimal or no propping. Text, logos, and inset images are not allowed. Whenever possible, provide several images, with each one showing different angles and details of the product. This is your opportunity to show your product to your customer, so quality matters."]
["We reserve the right to reject images that do not meet our image standards."]
["It is your responsibility to ensure that you have all necessary rights to the images you submit."]
[]
["MAIN Images"]
[]
["*The background for a MAIN image must be pure white (pure white blends in with the Amazon search and item detail pages, which have RGB  values of 255,255,255)."]
["*A MAIN image must not be a graphic or illustration and must not contain accessories that are not being dispatched with the product, props that may confuse the customer, text that is not part of the product, or any logos, watermarks or inset images."]
["*The product must fill 85% or more of the image."]
["     "]
["Additional Images"]
[]
["*MAIN images should be supplemented with additional images showing different sides of a product, the product in use, or details that are not visible in the MAIN image. For media products, this could include the back cover, sample pages, or screenshots. You can add up to eight (8) images."]
["*A white background is recommended, but not required. Additional images may not include logos or watermarks, and all props or accessories must be presented in a way that will not cause customer confusion."]
[]
["Image Size"]
[]
["Images should be 1000 pixels or more in either height or width as this will enable the zoom function on the website (zoom has been proven to enhance sales). Files measuring less than 500 pixels on the longest side will be rejected by our system.\n\n"]
[]
["Naming and formatting"]
[]
["*Amazon accepts JPEG (.jpg), TIFF (.tif), or GIF (.gif) file formats (JPEG files are preferred as they are smaller in size and can therefore be processed and uploaded more quickly).               "]
["*A suggested way to name an image file is to save the image on your web server using the product SKU as the file name followed by the view type or variant code--MAIN, PT01-PT08 (additional images), SWCH (usually a color swatch only used on products with more than one variation). Examples: 8845013515.MAIN.jpg, 8845013515.PT01.jpg, 8845013515.SWCH.jpg"]
[]
["Uploading your Image files"]
[]
["Once you have named the file and saved it to your web server, enter the URL of the image file in the appropriate cell of your product template."]

{"sheet":"International Translations","index":6,"n_rows":384,"n_cols":2,"rows_kept":384,"cut":false,"hidden":true,"merged":[]}
["Translation Key","English USA"]
["accepted_file_types","File types accepted for import:"]
["active_cell_sku_header","Active cell is not SKU header."]
["add_offer","Add an Offer for this item"]
["alphabetical_order","Alphabetical Order"]
["amazon_listing_loader","Amazon Listing Loader"]
["amazon_template_localization","Amazon Template Localization"]
["amazon_upload","Amazon Upload"]
["amazon_upload_manager","Amazon Upload Manager"]
["amazon_validation","Amazon Validation"]
["applying_dropdown_lists_1","Applying dropdown lists for "]
["applying_dropdown_lists_2"," template..."]
["auto_fill_sku","Auto Fill SKU"]
["auto_update_days","Days between automatic updates"]
["automatically_looked_up","When this is turned on, items will be automatically looked up as you enter them and move to the next cell"]
["aws_id","AWS Access Key ID:"]
["bad_identifier","Bad Identifier"]
["batch_id","Batch ID:"]
["browse_file","Please browse to the file to be imported."]
["browse_file_header","Please browse to the file to be imported:"]
["browse_to_data_validation","Browse to Data Validation Web Table Excel workbook…"]
["browse_to_workbook_1","Browse to workbook with modified Ddefs to import into "]
["browse_to_workbook_2","…"]
["bulk_lookup","Bulk Lookup"]
["cancelled","Cancelled"]
["cannot_create_list","Cannot Create List"]
["cannot_find_xml_text","You cannot use the advanced functionality in the Listing Loader because a required XML library is not available on this computer. Please install MSXML library from Microsoft.com and try again."]
["cannot_proceed_1","Cannot proceed because there was nothing to validate."]
["cannot_proceed_2","Enter a character in the first data row of the first column of the template sheet, and try again."]
["cannot_rename_1","Cannot rename worksheet to "]
["cannot_rename_2"," because it is longer than 31 characters."]
["cant_find_column_header_1","Can't find column header "]
["cant_find_column_header_2"," (from "]
["cant_find_column_header_3",") in "]
["cant_find_column_header_4"," ("]
["cant_find_column_header_5"," column headers) in a row that passes all dependency tests."]
["cant_find_column_header_6","Please fix and restart."]
["cant_find_header","Can't Find Header"]
["cant_find_hidden_1","Can't find hidden worksheet "]
["cant_find_hidden_2",". Please fix in cell "]
["cant_find_hidden_3"," of the "]
["cant_find_hidden_4"," sheet."]
["cant_find_template_name","Can't Find Template Name in Table"]
["cant_find_worksheet","Can't Find Worksheet "]
["check_import","Check import & destination filenames"]
["check_status","(Check Status)"]
["checking_no_columns","checking for no columns to import"]
["choose_template_sheets","Please choose the template sheets to upload:"]
["choose_worksheet","Please choose the worksheet in this workbook to import:"]
["closing_import_file","closing import file"]
["codepage_text","If this text file was created under a different language character setting (codepage), then to avoid incorrect characters, indicate below the codepage it was created under. "]
["column_1","(Column "]
["column_2",")"]
["column_headers_not_selected","Column Headers Not Selected"]
["column_headers_paired_up","Column headers in the import file have been paired up with any exact matches in the template. Pair up any additional column headers as desired by selecting one each in the Import and Template lists, and then clicking Add."]
["condition_type","Condition Type:"]
["confirm_sec_pass","Confirm Security Password:"]
["create_feed_templates","Amazon - Create International Feed Templates"]
["creating_intl_templates","Creating International Templates"]
["creating_match_array","creating the match array"]
["creating_template_1","Creating "]
["creating_template_2"," template..."]
["credentials","Credentials"]
["credentials_frame_header","MWS Credentials"]
["credentials_header","Please enter your MWS credentials. They will be securely stored on your computer for future use."]
["credentials_securely_stored","Your MWS credentials have been securely stored on your computer. You will need to enter your security password when access to your credentials is required. You can open the Credentials form to repeat this registration process or reset your security password."]
["credentials_stored_successfully","Credentials Stored Successfully"]
["credentials_successfully_removed","Credentials Removed Successfully"]
["credentials_successfully_removed_long","You MWS credentials have been successfully removed from this computer."]
["csv_files","- Comma-Separated Text Files (.csv)"]
["csv_msg_1","Files with .csv filename extensions must be changed to another filename extension before opening importing. Click Yes to have this .csv file copied to your temp folder with a different name, imported from there, and then deleted when done."]
["csv_msg_2","Alternatively, if you prefer, you can click Cancel, then open the CSV file and save as tab delimited, then click the Import File toolbar button again."]
["csv_msg_3","Copy the .csv file and import the new file?"]
["data_found","Data Found"]
["data_found_range_1","Data has been found within the range "]
["data_found_range_2",". That data will be deleted if you proceed to generate localized templates."]
["data_found_range_3","Do you want to proceed?"]
["data_not_found","Data Not Found"]
["decrypting_mws_credentials","Decrypting MWS Credentials"]
["default_preferences","Default Preferences"]
["deselect_all","Deselect All"]
["details","Details:"]
["done","Done."]
["done_importing_1","Done importing worksheet "]
["done_importing_2"," in workbook "]
["done_importing_3","."]
["done_importing_4","Imported data begins at row "]
["done_importing_5",", because data was found in row "]
["done_importing_6","."]
["download_not_successful_1","Download of "]
["download_not_successful_2"," (from "]
["download_not_successful_3",") was not successful."]
["download_not_successful_4","Use old "]
["download_not_successful_5"," already in this workbook instead?"]
["download_not_successful_long_1","Download of "]
["download_not_successful_long_2"," (from "]
["download_not_successful_long_3",") was not successful."]
["download_not_successful_long_4","Old "]
["download_not_successful_long_5"," not found in this workbook (worksheet named "]
["download_not_successful_long_6"," not found)."]
["download_not_successful_long_7","Unable to proceed."]
["download_unsuccessful","Download Unsuccessful"]
["download_validation_not_successful_1","Download of data validation data (from "]
["download_validation_not_successful_2",") was not successful."]
["download_validation_not_successful_3","Use old data validation data already in this workbook instead?"]
["download_validation_not_successful_4","Old data validation data not found in this workbook (worksheet named "]
["download_validation_not_successful_5"," not found). "]
["download_validation_not_successful_6","Unable to validate."]
["downloading_intl_data","Downloading international data for creating international templates..."]
["electronics","Electronics"]
["email_address","My e-mail address is:"]
["english_version_not_found_1","(English version not found in rows "]
["english_version_not_found_2"," - "]
["english_version_not_found_3",".)"]
["enter_key_unavailable","Enter Key Unavailable on this Dropdown Listbox"]
["enter_mws_credentials","Enter MWS Credentials"]
["enter_sec_pass","Please enter your security password. "]
["enter_sec_pass_short","Enter Security Password"]
["error","Error"]
["error_code","Error Code:"]
["error_message","Error Message:"]
["error_occurred_1","An error occurred while trying to create the "]
["error_occurred_2"," template."]
["errors_found","Errors Found"]
["esc_key_unavailable","Escape Key Unavailable on this Dropdown Listbox"]
["excel_files","- Excel workbooks (.xls, .xlsx, .xlsm, .xlsb)"]
["excel_inst_enter_1","In Excel 2002 and earlier, use the Left or Right Arrow key to select an item from this dropdown and move to the adjacent cell, or use the mouse."]
["excel_inst_enter_2","Using the Enter key on this dropdown requires Excel 2003 or later."]
["excel_inst_enter_3","You are using Excel "]
["excel_inst_enter_4","."]
["excel_inst_esc_1","In Excel 2002 and earlier, use the Alt + Left Arrow or Alt + Right Arrow keys to dismiss this dropdown, or use the mouse."]
["excel_inst_esc_2","Using the Escape key on this dropdown requires Excel 2003 or later."]
["excel_inst_esc_3","You are using Excel "]
["excel_inst_esc_4","."]
["excel_inst_tab_1","In Excel 2002 and earlier, use the Left or Right Arrow key to select an item from this dropdown and move to the adjacent cell, or use the mouse."]
["excel_inst_tab_2","Using the Tab key on this dropdown requires Excel 2003 or later."]
["excel_inst_tab_3","You are using Excel "]
["excel_inst_tab_4","."]
["file_import_cancelled","File import has been cancelled."]
["finishing_up","Finishing up..."]
["forgot_credentials","I have forgotten or would like to obtain my MWS credentials."]
["getting_import_workbook","getting import workbook"]
["getting_import_worksheet","getting import worksheet"]
["identifier_empty","Identifier Empty"]
["import","Import"]
["import_from_1","Import from "]
["import_from_2"," into "]
["import_from_3","?"]
["import_any_file","Import any file into this sheet, matching up like columns"]
["import_cancelled","Import Cancelled"]
["import_complete","Import Complete"]
["import_csv","Import CSV"]
["import_csv_errors_1","Importing a CSV file may result in incorrectly formatted numbers."]
["import_csv_errors_2","For best results, click Cancel, then open the CSV file and save as tab delimited."]
["import_csv_errors_3","Open the CSV file?"]
["import_error","Import Error"]
["import_failed_1","Attempted import failed on "]
["import_failed_2"," because import file's revision date of "]
["import_failed_3"," was older than the existing data's revision date of "]
["import_failed_4","."]
["import_file","Import File"]
["import_headers","Import Headers"]
["importing_columns","importing columns"]
["importing_dropdown_lists","Importing latest table of dropdown lists."]
["importing_intl_table","Importing latest general international table."]
["importing_preferences","Importing latest table of preferences."]
["importing_validation_table","Importing latest data validation table."]
["incomplete_response","Incomplete response received."]
["incorrect_information","Incorrect Information"]
["initializing","Initializing"]
["integrating_dropdown_lists","Integrating latest dropdown lists."]
["internal_error","Internal Error"]
["internal_error_occurred","An internal error occurred with your request. Please try again."]
["internal_error_validation","An internal error occured while validating your credentials. Please try again."]
["interval_must_be_number","Interval must be a number."]
["invalid_credentials","Invalid Credentials"]
["invalid_filename_1","Invalid filename for saving the "]
["invalid_filename_2"," template."]
["invalid_filename_3","Please fix on the 'International Filenames' worksheet and restart."]
["invalid_identifier_1","Some Products do not have a valid identifier, and have been moved to Sheet "]
["invalid_identifier_2",", with a red border around the cell."]
["invalid_interval","Invalid Interval"]
["invalid_values_1","Invalid values were found in "]
["invalid_values_2"," columns."]
["item_not_found","Item Not Found"]
["item_not_found_catalog","Item not found in Amazon Catalog"]
["item_not_found_category","Item not found in the category specified. Do you want to search for Item in all Categories?"]
["lang_char_setting","Text File's Language Character Setting:"]
["lang_templates_saved","Language Templates Saved"]
["letting_user_choose","letting the user choose additional matches"]
["listing_loader_imp_msg","Listing Loader - Important Message"]
["loading","Loading..."]
["localized_filename","Localized Filename"]
["login_failure","Login Failure"]
["look_up_group","Look up a group of items in this sheet"]
["looking_up_1","Looking up "]
["looking_up_2"," of "]
["looking_up_3"]
["lookup_errors","Following errors were detected while doing the lookup. Please Correct:"]
["lookup_index","Lookup Index:"]
["lookup_turn_on","Turn on LookupAssist from Amazon?"]
["manual_data_text","Or you can enter the data manually and upload your listings in tab-delimited format using Seller Central."]
["marketplace_id","Marketplace ID:"]
["master_workbook_error_1","The Master workbook's template worksheet name is "]
["master_workbook_error_2",", but that name does not appear in the "]
["master_workbook_error_3"," worksheet in column "]
["master_workbook_error_4","."]
["master_workbook_error_5","Please fix and restart. See instructions on the "]
["master_workbook_error_6"," worksheet."]
["match_column_headers","Match Column Headers"]
["match_headers_text","Column headers in the import file have been paired up with any exact matches in the template. Pair up any additional column headers as desired by selecting one each in the Import and Template lists, and then clicking Add.\n\nAny remaining unmatched column headers in the Import column will NOT be imported, as they would interfere with uploading data to Amazon.com."]
["matched_pairs","Matched Pairs"]
["matches","Matches: "]
["merchant_id","Merchant ID:"]
["missing_information","Missing Information"]
["missing_url","Missing URL"]
["missing_url_update_1","Missing URL for "]
["missing_url_update_2"," update table. Please fix and restart."]
["msxml_link","Click here to download MSXML from Microsoft.com"]
["multiple_matches","Multiple Matches"]
["multiple_product_matches_1","Product is matched to multiple products on Amazon.com. Please select the appropriate one from Sheet "]
["multiple_product_matches_2","."]
["mws_credentials_imported","Your MWS credentials have been successfully imported into the system. You may now close the browser window."]
["mws_credentials_invalid","MWS Credentials Invalid"]
["mws_credentials_invalid_long","The MWS credentials entered by you appear to be invalid. Please try again."]
["mws_credentials_invalid_missing","The MWS credentials stored on your computer appear to be invalid or missing. Please use the Credentials form to re-enter your MWS credentials."]
["mws_credentials_missing","MWS Credentials Missing"]
["mws_credentials_required","This feature requires your MWS credentials to continue. Do you want to open the Credentials form to obtain/enter your MWS credentials?"]
["mws_please_wait","Please wait while your MWS credentials are generated."]
["mws_registration","MWS Registration"]
["mws_rejected","MWS rejected the provided credentials. Please make sure that you have entered the correct security password. The password can be reset using the Credentials form."]
["new","New"]
["no","No"]
["no_columns_to_import","No Columns To Import"]
["no_columns_to_import_long","There are no columns to import, because no columns were exact matches and no columns were chosen to match."]
["no_data_found","No data found in worksheet to be imported."]
["no_identifier_1","Some Products do not have any identifier and have been moved to Sheet "]
["no_identifier_2","."]
["no_mws_credentials","There are no MWS credentials stored on this computer."]
["no_search_terms","No search terms found in the selected row"]
["not_in_catalog_1","Your item was not found in Amazon's catalog in the categories supported by the product look-up function. It has been moved to the "]
["not_in_catalog_2"," sheet."]
["operation_type","Operation Type:"]
["password","My password is:"]
["please_complete","Please complete all the fields to continue."]
["please_enter_sec_pass","Please enter a security password to continue."]
["please_remove_items_1","Please remove items from the "]
["please_remove_items_2"," worksheet and try again."]
["please_wait_product_ids","Please wait while product IDs are looked up."]
["populating_match_headers","populating the Match Headers forms' Template and Import listboxes"]
["preferences_prim","Preferences"]
["preferences_sec","Preferences..."]
["preparing_bulk_lookup","Preparing to do Bulk Lookup…"]
["price","price"]
["problem_creating_template","Problem Creating Template"]
["processing_localized_1","Processing localized "]
["processing_localized_2"," worksheets..."]
["product_details","Product Details"]
["product_id","product-id"]
["product_id_type_1","Product ID should be of type UPC, EAN, ISBN, or ASIN. Item has been moved to Sheet "]
["product_id_type_2",", with a red border around the cell "]
["product_id_type_3",". "]
["product_image","Product Image"]
["product_not_found","Product Not Found"]
["product_taxcode","Product TaxCode:"]
["products_do_not_exist_1","Some Products do not exist on Amazon Catalog and have been moved to Sheet "]
["products_do_not_exist_2","."]
["reason","Reason:"]
["reenter_mws_credentials","You will need to re-enter your MWS credentials in order to reset your security password."]
["registration_complete","Registration Complete"]
["registration_complete_long","Registration is complete. You may close this window after making note of your MWS credentials."]
["remove_credentials","I would like to remove my MWS credentials from this computer."]
["remove_credentials_confirm","Are you sure you want to remove your MWS credentials from this computer? You will need to re-enter your credentials when they are required."]
["remove_credentials_short","Remove Credentials"]
["reset_sec_pass","I want to reset/change my security password."]
["reset_sec_pass_short","Reset Security Password"]
["response_received","Response Received"]
["saving_file","Saving File"]
["saving_template_1","Saving "]
["saving_template_2"," template in "]
["saving_template_3","..."]
["sec_pass","Security Password:"]
["sec_pass_header","Please enter a security password. This password will be used to securely store your credentials on your computer."]
["sec_pass_invalid","Security Password Invalid"]
["sec_pass_invalid_long","The security password entered by you appears to be invalid. Please make sure that you have entered the correct security password. The password can be reset using the Credentials form."]
["sec_pass_required","Security Password Required"]
["secret_key","Secret Key:"]
["select_all","Select All"]
["select_column_header","Please select a column header in each list."]
["select_lang_char_setting","Please choose the language character setting (codepage) that was active when this text file was created.\n\nThe language character setting chosen will be used to open the text file.\n\nIf the language character setting used to open a text file is different than the one used to create the file, the text may have incorrect characters. Text files do not store the language character setting used to created them.\n\nIf the correct language character setting is not listed, enter the correct codepage number in the text box."]
["select_lang_char_setting_file","Select Language Character Setting for File Import "]
["select_template_sheets","Select Template Sheets to Upload"]
["select_worksheet","Select Worksheet to Import "]
["seller_account_login","Please enter your Seller Account login and password."]
["sending_feed","Sending Feed"]
["show_preferences_window","Show the Preferences window"]
["sku","SKU:"]
["some_multiple_product_matches_1","Some Products are matched to multiple products in Amazon. Please select the appropriate one from Sheet "]
["some_multiple_product_matches_2","."]
["status","Status:"]
["submitted_date","Submitted Date:"]
["swapping_column_headers_1","Swapping "]
["swapping_column_headers_2"," column headers into "]
["swapping_column_headers_3"," template..."]
["tab_key_unavailable","Tab Key Unavailable on this Dropdown Listbox"]
["template_creation_cancelled","Template Creation Cancelled."]
["template_error_1","Error "]
["template_error_2"," occurred while "]
["template_error_3",":"]
["template_error_short","Template Error"]
["template_headers","Template Headers"]
["template_update","Template Update"]
["template_update_cancelled","Template update has been cancelled"]
["template_update_not_successful","Template update was not successful."]
["template_updated","Template has been updated."]
["templates_saved_1","Templates in the following languages have been saved to "]
["templates_saved_2","."]
["this_is_the_one","Select Product"]
["this_workbook","ThisWorkbook"]
["too_many_not_found","Too Many Products Not Found"]
["too_many_products_1","Too many products not found. No room to add more to the "]
["too_many_products_2"," worksheet."]
["turn_off_product_lookup","Turn off Product Lookup"]
["turn_on_product_lookup","Turn on Product Lookup"]
["txt_files","- Tab-Delimited Text Files (.txt)"]
["unable_to_check","Unable to check status."]
["unable_to_create_1","Unable to create "]
["unable_to_create_2"," template. Continue with other templates?"]
["unable_to_download_file","Unable To Download File"]
["unable_to_download_html","Unable to download HTML file. Please fix on International Settings sheet and retry."]
["unable_to_evaluate","Unable to evaluate response from server. Please try rebooting your computer."]
["unable_to_find_column_header","Unable to find the upload URL column header. Please fix on the 'International URLs' worksheet and restart."]
["unable_to_find_filename_1","Unable to find filename for saving the "]
["unable_to_find_filename_2"," template. Please fix on the 'International Filenames' worksheet and restart. "]
["unable_to_find_filename_substitution","Unable to find filename substitution column header. Please fix on the 'International Filenames' worksheet and restart."]
["unable_to_find_url_1","Unable to find the URL for uploading the "]
["unable_to_find_url_2"," template. Please fix on the 'International URLs' worksheet and restart."]
["unable_to_upload_1","Unable to upload this template."]
["unable_to_upload_2","This template must be running on Japanese Windows and Japanese Excel to be able to upload."]
["unable_to_upload_3","More Information:"]
["unable_to_upload_4","The active system codepage must be 932 for this template to successfully upload. The active system codepage is "]
["unable_to_upload_5",", not 932. To upload, run this template in Japanese Windows and Japanese Excel."]
["unable_to_upload_short","Unable to Upload Template"]
["unknown_error","An unknown error occurred: "]
["unknown_response","Unknown response received"]
["update","Update"]
["update_please_wait","Please wait while this template is updated."]
["update_template","Update Template"]
["update_template_frame_header","Update template automatically at regular intervals?"]
["update_template_latest","Update this template with the latest information from Amazon.com"]
["update_template_text","Each time this template is opened, it will check whether the designated interval (below) has elapsed since the last update, and then update if that interval has elapsed. You will have the option to cancel the update each time."]
["updating_template","Updating Template"]
["upload","Upload"]
["upload_cancelled","Upload cancelled."]
["upload_done","Done uploading. The success or failure of each upload is indicated in the list below. Select an upload for more information:"]
["upload_failed","Upload failed. Please try again."]
["upload_failure_frame_header","Upload Failure"]
["upload_file","Upload File"]
["upload_items","Upload the items in this sheet to Amazon"]
["upload_progress","Upload in progress."]
["upload_status","Upload Status:"]
["upload_succeeded_frame_header","Upload Succeeded"]
["upload_success","Upload Success"]
["upload_successful","Upload successful."]
["uploading_file","Uploading File"]
["user_pass_invalid","The username and/or password provided is invalid."]
["validate","Validate"]
["validating_credentials","Validating Credentials"]
["validating_template","Validating Template"]
["validation_cancelled_1","Validation has been cancelled."]
["validation_cancelled_2","If you upload invalid data, your products may appear incorrect, or may not appear at all, on Amazon.com."]
["validation_cancelled_3","Do you prefer to upload to Amazon right now, without validating?"]
["validation_complete","Validation complete. No problems found."]
["validation_please_wait","Please wait while this template is validated."]
["values_must_match","The values in both password fields must match."]
["values_not_valid_1","The following columns have values that are not valid:"]
["values_not_valid_2","Please fix and retry before uploading to Amazon. If you upload invalid data, your products may appear incorrect, or may not appear at all, on Amazon.com."]
["values_not_valid_3","Do you prefer to upload to Amazon right now, without fixing these errors?"]
["values_not_valid_4","Please fix and retry."]
["version","Version "]
["view_image","View Image"]
["worksheet_name_too_long","Worksheet Name Too Long"]
["worksheet_order","Worksheet Order"]
["yes","Yes"]

{"sheet":"Data Validation","index":7,"n_rows":1,"n_cols":6,"rows_kept":1,"cut":false,"hidden":true,"merged":[]}
["Required Column","Required Column Test","Validate Column","Validate Column Test","Error Text","Height"]

{"sheet":"International Data","index":8,"n_rows":39,"n_cols":5,"rows_kept":39,"cut":false,"hidden":true,"merged":[]}
["Data Category","Template Dependency Test","Master Name","MFA Internal Name","English USA"]
["REVDATE","40756.4387",null,"aaaaaaaaaSortToTop"]
["TABLETYPE","MiscData",null,"aaaaaaaaSortToTop"]
["REVLASTCHANGECOMMENT1","Misc",null,"aaaaaaaSortToTop_a"]
["REVLASTCHANGECOMMENT2","JP PetSupplies",null,"aaaaaaaSortToTop_b"]
["REVLASTCHANGECOMMENT3","CN Jewelry additions (CU 1573)",null,"aaaaaaaSortToTop_c"]
["REVLASTCHANGECOMMENT4","EU Computers & CN Apparel",null,"aaaaaaaSortToTop_d"]
["REVLASTCHANGECOMMENT5","NA Baby",null,"aaaaaaaSortToTop_e"]
["REVLASTCHANGECOMMENT6","JP Toys",null,"aaaaaaaSortToTop_f"]
["REVLASTCHANGECOMMENT7","UK Sports",null,"aaaaaaaSortToTop_g"]
["REVLASTCHANGECOMMENT8","Mini Test Template",null,"aaaaaaaSortToTop_h"]
["REVLASTCHANGECOMMENT9","JP Sports (CU-1138)",null,"aaaaaaaSortToTop_i"]
["REVLASTCHANGECOMMENT10","CN Video (CU 1860)",null,"aaaaaaaSortToTop_j"]
["REVLASTCHANGECOMMENT11","EU toyswarnings (CU 1864)",null,"aaaaaaaSortToTop_k"]
["Local Language Name",null,null,"aaaaaaSortToTop","English USA"]
["Codepage",null,null,"aaaaaSortToTop","1252"]
["LocaleID",null,null,"aaaaaSortToTop","1033"]
["URL",null,null,"aaaaSortToTop","http://g-ecx.images-amazon.com/images/G/01/rainier/help/ff/IntMiscData.txt"]
["Toolbar Button Captions",null,"Amazon Logo","aaaSortToTop","Amazon Logo"]
["Toolbar Button Captions",null,"Amazon Upload Manager","aaaSortToTop","Amazon Upload Manager"]
["Toolbar Button Captions",null,"Bulk Lookup","aaaSortToTop","Bulk Lookup"]
["Toolbar Button Captions",null,"Import","aaaSortToTop","Import File"]
["Toolbar Button Captions",null,"Credentials","aaaSortToTop","Credentials"]
["Toolbar Button Captions",null,"Preferences","aaaSortToTop","Preferences"]
["Toolbar Button Captions",null,"Turn off Product Lookup","aaaSortToTop","Turn off Product Lookup"]
["Toolbar Button Captions",null,"Turn on Product Lookup","aaaSortToTop","Turn on Product Lookup"]
["Toolbar Button Captions",null,"Update","aaaSortToTop","Update Template"]
["Toolbar Button Captions",null,"Upload","aaaSortToTop","Upload File"]
["Toolbar Button Captions",null,"Validate","aaaSortToTop","Validate"]
["Toolbar Button Tooltips",null,"Amazon Logo","aaaSortToTop","Amazon Logo"]
["Toolbar Button Tooltips",null,"Bulk Lookup","aaaSortToTop","Look up a group of items in this sheet."]
["Toolbar Button Tooltips",null,"Credentials","aaaSortToTop","Credentials"]
["Toolbar Button Tooltips",null,"Import","aaaSortToTop","Import any file into this sheet, matching up like columns."]
["Toolbar Button Tooltips",null,"Preferences","aaaSortToTop","Show the Preferences window."]
["Toolbar Button Tooltips",null,"Turn off Product Lookup","aaaSortToTop","When this is turned on, items will be automatically looked up as you enter them and move to the next cell."]
["Toolbar Button Tooltips",null,"Turn on Product Lookup","aaaSortToTop","When this is turned on, items will be automatically looked up as you enter them and move to the next cell."]
["Toolbar Button Tooltips",null,"Update","aaaSortToTop","Update this template with the latest information from Amazon.com."]
["Toolbar Button Tooltips",null,"Upload","aaaSortToTop","Upload the items in this sheet to Amazon."]
["Toolbar Button Tooltips",null,"Validate","aaaSortToTop","Validate now. Any items failing validation will be marked, with an explanation."]

{"sheet":"Example","index":9,"n_rows":25,"n_cols":147,"rows_kept":25,"cut":false,"hidden":false,"merged":[[0,0,0,5],[6,0,8,0],[14,0,16,0],[19,0,22,0]]}
[]
["In addition to this Example tab, please read the Instructions and Data Definitions tabs in this file.  \n\nPlease note that the following examples are for demonstration purposes only. To create an inventory file, please use the Template tab."]
["Detailed descriptions of examples in row.","sku","title","standard-product-id","product-id-type","product_type","brand","manufacturer","mfr-part-number","description","bullet-point1","bullet-point2","bullet-point3","bullet-point4","bullet-point5","merchant-catalog-number","msrp","ingredients1","ingredients2","ingredients3","indications","directions","minimum-weight-recommendation\n","maximum-weight-recommendation\n","weight-recommendation-unit-of-measure\n","flavor","size","color","scent","item-price","currency","quantity","launch-date","release-date","restock-date","leadtime-to-ship","max-aggregate-ship-quantity","sale-price","sale-from-date","sale-through-date","search-terms1","search-terms2","search-terms3","search-terms4","search-terms5","item-type","used-for1","used-for2","used-for3","used-for4","used-for5","subject-content1","subject-content2","subject-content3","subject-content4","subject-content5","target-audience1","target-audience2","target-audience3","other-item-attributes1","other-item-attributes2","other-item-attributes3","other-item-attributes4","other-item-attributes5","main-image-url","swatch-image-url","other-image-url1","other-image-url2","other-image-url3","other-image-url4","other-image-url5","other-image-url6","other-image-url7","other-image-url8","fulfillment-center-id","parent-sku","parentage","relationship-type","variation-theme","coverage","finish-type1","finish-type2","item-form","material-type1","material-type2","material-type3","count","number-of-items","item-specialty1","item-specialty2","item-specialty3","item-specialty4","item-specialty5","target-gender","power-source","is-ac-adapter-included","item-weight-unit-of-measure","item-weight","item-length-unit-of-measure","item-length","item-width","item-height","item-diameter","item-diameter-unit-of-measure","shipping-weight-unit-of-measure","shipping-weight","display-length","display-length-unit-of-measure","display-weight","display-weight-unit-of-measure","display-volume","display-volume-unit-of-measure","are-batteries-included","are-batteries-required","battery-type1","battery-type2","battery-type3","number-of-batteries1","number-of-batteries2","number-of-batteries3","lithium-battery-energy-content","lithium-battery-packaging","lithium-battery-voltage","lithium-battery-weight","number-of-lithium-ion-cells","number-of-lithium-metal-cells","warnings","legal-disclaimer","prop-65","cpsia-warning1","cpsia-warning2","cpsia-warning3","cpsia-warning4","cpsia-warning-description","is-adult-product","product-tax-code","max-order-quantity","is-gift-message-available","is-giftwrap-available","is-discontinued-by-manufacturer","registered-parameter","platinum-keywords1","platinum-keywords2","platinum-keywords3","platinum-keywords4","platinum-keywords5","update-delete"]
["Example 1:  This is an example of a single product with only one size and no variations.  The product is by default a \"child\" with no \"parent\" (sometimes called an \"orphan\").  ","03AMZNTRUF01","Amazon Face Care Cleansing Pillows","079346140763","UPC","HealthMisc","Amazon Skincare","Amazon.com","AMZN-234890","A whole new way to reveal softer, smoother, healthier-looking skin.","Moisturizing",null,null,null,null,"INTAMZN-38917","10.95","Citric Acid, Sodium Bicarbonate, Maltodextrin, Calcium Silicate, PEG-180, Guar Hydroxypropyltrimonium Chloride, Sodium C14-16 Olefin Sulfonate",null,null,"Dispose of pillow in trash receptacle (do not flush).  For optimum freshness, keep vanity lid closed, and store unopened refill packs in a cool, dry place.",null,null,null,null,null,null,null,null,"9.95","USD","120","2004-08-11",null,"2004-05-01","2",null,"8.95","2004-11-15","2004-11-30","facial","pillows","cleansing","face",null,"facial-cleansing-pads","normal-skin","combination-skin",null,null,null,null,null,null,null,null,"unisex-adult","men","women","hypoallergenic",null,null,null,null,"http://my-server.com/path/to/image.jpg",null,null,null,null,null,null,null,null,null,null,null,null,null,null,null,null,null,null,null,null,null,null,null,null,null,null,null,null,null,null,"No","LB","1.50","IN","1.20",null,null,null,null,null,null,null,null,null,null,null,null,null,null,null,null,null,null,null,null,null,null,null,null,null,null,"If product gets into eyes, rinse thoroughly with water.",null,null,null,null,null,null,null,null,"A_GEN_NOTAX",null,"true","true"]
["Note:  Column headers in bold indicate the data is required.  \nNote:  The product-tax-code for every product offered by an Amazon seller is A_GEN_NOTAX.  This is a default value, so if you do not enter it, it will automatically be entered by Amazon.com.\n","12ABC345DEF","Tanita 2201 Super Ultimate Body Fat Monitor and Scale",null,null,"PersonalCareAppliance","Tanita","Tanita","Tan-12345","This device might look like a scale, but it presents a broader snapshot of personal health by not only determining weight, but estimating body fat as well. It does this by sending a safe, imperceptible, low-level electrical pulse (50 kHz) through the body. (Healthcare professionals use similar electrical-pulse devices to estimate body fat by what is known as Bioelectrical Impedance Analysis, or BIA.) The device operates on four AA batteries (included), and its digital screen displays body-fat readings in 1.0-percent increments and weight in either 0.2-pound or 0.1-kilogram increments, up to 300 pounds or 136 kilograms.","Works for both moderately active adults and extremely fit adults",null,null,null,null,"TAN-123-456","75.00",null,null,null,"The scale stores data (gender and height) for two users. Toe-tap a button to call up your data, and then step on the device. Within seconds, it displays your weight, followed by an estimate of body-fat percentage.",null,null,null,null,null,null,null,null,"59.95","USD","100","2004-10-28",null,"2004-05-01","1",null,"49.99","2003-11-01","2003-11-15","scale","body fat","weight","weight loss","monitor","Body-fat-monitors",null,null,null,null,null,null,null,null,null,null,"unisex-adult","women","men","digital","programmable",null,null,null,"http://my-server.com/path/to/image.jpg",null,null,null,null,null,null,null,null,null,null,null,null,"Accessory",null,null,null,null,null,null,null,null,null,null,null,null,null,null,null,null,null,"No","LB","7.25","IN","12.35","11.75","2.50",null,null,"LB","5.50",null,null,null,null,null,null,null,null,null,null,null,null,null,null,null,null,null,null,null,null,"This model not for children 7 and younger",null,null,null,null,null,null,null,null,"A_GEN_NOTAX",null,"true","true"]
[]
["Example 2:  This is an example of a \"parent\" with two \"children\".  The parent (the one listed in the first row of this example) is not a sellable product; it is a description of a set of products.  Note: don't enter a size, color, count, type, parent sku, relationship type or quantity for the parent product, but do enter an image URL.  Do not enter data such as price, time-to-ship, weight, etc., for the parent product, since these are overridden by the child product data. Be sure to put the price, weight, size etc., in the child products, since this will be different for each.","03AMZNTRUF01-P","Amazon Face Care Cleansing Pillows",null,null,"HealthMisc","Amazon Skincare","Amazon.com",null,null,null,null,null,null,null,null,null,null,null,null,null,null,null,null,null,null,null,null,null,null,null,null,null,null,null,null,null,null,null,null,null,null,null,null,null,null,null,null,null,null,null,null,null,null,null,null,null,null,null,null,null,null,null,null,null,null,null,null,null,null,null,null,null,null,null,null,"parent",null,"count"]
[null,"03AMZNTRUF01-100","Amazon Face Care Cleansing Pillows - 100 Count","063111103411","UPC","HealthMisc","Amazon Skincare","Amazon.com","AMZN-234890","A whole new way to reveal softer, smoother, healthier-looking skin.","Moisturizing",null,null,null,null,"INTAMZN-38917","10.95","Citric Acid, Sodium Bicarbonate, Maltodextrin, Calcium Silicate, PEG-180, Guar Hydroxypropyltrimonium Chloride, Sodium C14-16 Olefin Sulfonate",null,null,"Dispose of pillow in trash receptacle (do not flush).  For optimum freshness, keep vanity lid closed, and store unopened refill packs in a cool, dry place.","If product gets into eyes, rinse thoroughly with water.",null,null,null,null,null,null,null,"9.95","USD","120","2004-08-11",null,"2004-05-01","2",null,"8.95","2004-11-15","2004-11-30","facial","pillows","cleansing","face",null,"facial-cleansing-pads","normal-skin","combination-skin",null,null,null,null,null,null,null,null,"unisex-adult","men","women","hypoallergenic",null,null,null,null,"http://my-server.com/path/to/image.jpg",null,null,null,null,null,null,null,null,null,null,"03AMZNTRUF01-P","child","Variation","count",null,null,null,null,null,null,null,"100",null,null,null,null,null,null,null,null,null,"LB","1.50","IN","1.25",null,null,null,null,null,null,null,null,null,null,null,null,null,null,null,null,null,null,null,null,null,null,null,null,null,null,null,null,null,null,null,null,null,null,null,"A_GEN_NOTAX",null,"true","true"]
[null,"03AMZNTRUF01-250","Amazon Face Care Cleansing Pillows - 250 Count","636920002727","UPC","HealthMisc","Amazon Skincare","Amazon.com","AMZN-234891","A whole new way to reveal softer, smoother, healthier-looking skin.","Moisturizing",null,null,null,null,"INTAMZN-38918","20.95","Citric Acid, Sodium Bicarbonate, Maltodextrin, Calcium Silicate, PEG-180, Guar Hydroxypropyltrimonium Chloride, Sodium C14-16 Olefin Sulfonate",null,null,"Dispose of pillow in trash receptacle (do not flush).  For optimum freshness, keep vanity lid closed, and store unopened refill packs in a cool, dry place.","If product gets into eyes, rinse thoroughly with water.",null,null,null,null,null,null,null,"19.95","USD","120","2004-08-11",null,"2004-05-01","2",null,"18.95","2004-11-15","2004-11-30","facial","pillows","cleansing","face",null,"facial-cleansing-pads","normal-skin","combination-skin",null,null,null,null,null,null,null,null,"unisex-adult","men","women","hypoallergenic",null,null,null,null,"http://my-server.com/path/to/image.jpg",null,null,null,null,null,null,null,null,null,null,"03AMZNTRUF01-P","child","Variation","count",null,null,null,null,null,null,null,"250",null,null,null,null,null,null,null,null,null,"LB","1.50","IN","1.25",null,null,null,null,null,null,null,null,null,null,null,null,null,null,null,null,null,null,null,null,null,null,null,null,null,null,null,null,null,null,null,null,null,null,null,"A_GEN_NOTAX",null,"true","true"]
["Also note that the bullet points and description are needed for each child product but not for the parent product since parent products do not appear on the site.","123nutbar-P","Clif Bar, The Natural Energy Bar, 12 bars",null,null,null,"Clif","Clif",null,"Clif Bar starts with tasty ingredients. Real fruit like apples and berries. Chocolate chips, real cocoa, Peet's coffee. Wholesome grains like rolled oats, cornmeal, and rice flour. The finished bar is a delicious, chewy and moist baked product that is high in simple and complex carbohydrates, naturally sweetened, and 100% wheat free and dairy free. ","2.4 oz (68g) per bar",null,null,null,null,null,null,null,null,null,null,null,null,null,null,null,null,null,null,null,null,null,null,null,null,null,null,null,null,null,"nutrition","meal replacement","bars","energy","sports nutrition","nutrition-bars",null,null,null,null,null,null,null,null,null,null,"unisex-adult","men","women","energy","with-soy",null,null,null,"http://my-server.com/path/to/image.jpg",null,null,null,null,null,null,null,null,null,null,null,"parent",null,"flavor",null,null,null,null,null,null,null,null,null,null,null,null,null,null,null,null,null,null,null,null,null,null,null,null,null,null,null,null,null,null,null,null,null,null,null,null,null,null,null,null,null,null,null,null,null,null,null,"May contain peanuts or traces of other nuts."]
["Note that this example only has child main-image-urls, not swatch-image-urls.  In this case, the variation names will be shown and will have a link, but no swatch images will show up next to that link.","123nutbar-mintchoc","Clif Bar, The Natural Energy Bar, 12 bars, Cool Mint Chocolate","625415454566","UPC","HealthMisc","Clif","Clif",null,"Clif Bar starts with tasty ingredients. Real fruit like apples and berries. Chocolate chips, real cocoa, Peet's coffee. Wholesome grains like rolled oats, cornmeal, and rice flour. The finished bar is a delicious, chewy and moist baked product that is high in simple and complex carbohydrates, naturally sweetened, and 100% wheat free and dairy free. ","2.4 oz (68g) per bar",null,null,null,null,null,"13.99","Organic Brown Rice Syrup, ClifPro (see product details for contents), Organic Rolled Oats, Organic Evaporated Cane Juice, Organic Soy Butter, Chocolate Cookies (see product details for contents), ClifCrunch (see product details for contents), Dutched Cocoa, Fig Paste, Icing (see product details for contents), Natural Flavors, Sea Salt, Green Tea Extract (50mg caffeine), Vitamins & Minerals (see product details for contents)","Vitamins & Minerals: Dicalcium phosphate, ascorbic acid (Vit. C), alpha-tocopherol acetate (Vit. E), magnesium, niacin, ferrous fumarate (iron), zinc picolinate, pantothenic acid, beta carotene (Vit. A), pyridoxine (B6), copper, manganese, riboflavin (B2), thiamin, folic acid, biotin, potassium iodide, chromium, phytonadione (Vit. K), molybdenum, selenium, cyanocobalamin (B12). May contain traces of peanut or other nuts.","Nutrition Facts Serving size, 1 bar (50 g); servings per container, 1.Calories total, 210; calories from fat, 60.(Amount per serving is followed by % of daily value) Total Fat: 7 g, 11% Saturated Fat: 1.5 g, 9% Cholesterol: 0 mg, 0% Sodium: 280 mg, 11% Potassium: 85 mg, 2% Total Carbohydrate: 21 g, 7% Dietary Fiber: less than 1 g, 3% Sugar: 12 g Protein: 16 g Vitamin A: 50% Vitamin C: 200% Calcium: 2% Iron: 8% Vitamin E: 210% Thiamin: 50% Riboflavin: 50% Niacin: 100% Vitamin B6: 200% Folate: 40% Vitamin B12: 45% Biotin: 30% Pantothenic Acid: 35% Phosphorus: 5% Magnesium: 10% Zinc: 50% Selenium: 80% Chromium: 80% Molydbenum: 65%",null,null,null,null,null,null,null,null,null,"13.99","USD","150","2004-10-28",null,"2004-05-01","2",null,null,null,null,"nutrition","meal replacement","bars","energy","sports nutrition","nutrition-bars",null,null,null,null,null,null,null,null,null,null,"unisex-adult","men","women","energy","with-soy",null,null,null,"http://my-server.com/path/to/image.jpg",null,null,null,null,null,null,null,null,null,null,null,"child","Variation","flavor",null,null,null,null,null,null,null,null,null,null,null,null,null,null,null,null,null,"oz","2.45",null,null,null,null,null,null,"oz","28.85",null,null,null,null,null,null,null,null,null,null,null,null,null,null,null,null,null,null,null,null,"May contain peanuts or traces of other nuts.",null,null,null,null,null,null,null,null,"A_GEN_NOTAX",null,"false","false"]
[null,"123nutbar-blkcherry","Clif Bar, The Natural Energy Bar, 12 bars, Black Cherry Almond","62547998956","UPC","HealthMisc","Clif","Clif",null,"Clif Bar starts with tasty ingredients. Real fruit like apples and berries. Chocolate chips, real cocoa, Peet's coffee. Wholesome grains like rolled oats, cornmeal, and rice flour. The finished bar is a delicious, chewy and moist baked product that is high in simple and complex carbohydrates, naturally sweetened, and 100% wheat free and dairy free. ","2.4 oz (68g) per bar",null,null,null,null,null,"13.99","Organic Brown Rice Syrup, ClifPro (Soy Rice Crips [Soy Protein Isolate, Rice Flour, Malt Extract], Organic Soy Flour, Organic Roasted Soybeans), Organic Rolled Oats, ClifCrunch (Apple Fiber, Oat Fiber, Organic Milled Flaxseed, Chicory Extract, Psyllium), Dry Roasted Almonds, Dried Cherries, Organic Evaporated Cane Juice, White Chips (Organic Evaporated Cane Juice, Cocoa Butter, Soy Flour, Soy Lecithin, Natural Flavors), Almond Butter, Fig Paste, Natural Flavors, Sea Salt, Citric Acid, Vitamins & Minerals: Dicalcium Phosphate,, Magnesium Oxide, Ascorbic Acid (Vit. C), Tocopheryl Acetate (Vit. E), Ferric Orthophosphate (Iron), Beta Carotene (Vit. A), Zinc Citrate, Phytonadione (Vit. K1), Biotin, Niacinamide (Vit. B3), Calcium Pantothenate (Vit. B5), Potassium Iodide, Manganese Gluconate, Copper Gluconate, Sodium Selenite, Thiamin (Vit. B1), Chromium Chloride, Cyanocobalamin ((Vit. B12)), Sodium Molybdate, Folic Acid (Vit. B9), Riboflavin (Vit. B2), Pyridoxine Hydrochloride (Vit. B6)","Vitamins & Minerals: Dicalcium phosphate, ascorbic acid (Vit. C), alpha-tocopherol acetate (Vit. E), magnesium, niacin, ferrous fumarate (iron), zinc picolinate, pantothenic acid, beta carotene (Vit. A), pyridoxine (B6), copper, manganese, riboflavin (B2), thiamin, folic acid, biotin, potassium iodide, chromium, phytonadione (Vit. K), molybdenum, selenium, cyanocobalamin (B12). May contain traces of peanut or other nuts.","Nutrition Facts Serving size, 1 bar (50 g); servings per container, 1.Calories total, 210; calories from fat, 60.(Amount per serving is followed by % of daily value) Total Fat: 7 g, 11% Saturated Fat: 1.5 g, 9% Cholesterol: 0 mg, 0% Sodium: 280 mg, 11% Potassium: 85 mg, 2% Total Carbohydrate: 21 g, 7% Dietary Fiber: less than 1 g, 3% Sugar: 12 g Protein: 16 g Vitamin A: 50% Vitamin C: 200% Calcium: 2% Iron: 8% Vitamin E: 210% Thiamin: 50% Riboflavin: 50% Niacin: 100% Vitamin B6: 200% Folate: 40% Vitamin B12: 45% Biotin: 30% Pantothenic Acid: 35% Phosphorus: 5% Magnesium: 10% Zinc: 50% Selenium: 80% Chromium: 80% Molydbenum: 65%",null,null,null,null,null,null,null,null,null,"13.99","USD","250","2004-10-28",null,"2004-05-01","2",null,null,null,null,"nutrition","meal replacement","bars","energy","sports nutrition","nutrition-bars",null,null,null,null,null,null,null,null,null,null,"unisex-adult","men",null,"energy","with-soy",null,null,null,"http://my-server.com/path/to/image.jpg",null,null,null,null,null,null,null,null,null,null,null,"child","Variation","flavor",null,null,null,null,null,null,null,null,null,null,null,null,null,null,null,null,null,"oz","2.45",null,null,null,null,null,null,"oz","28.85",null,null,null,null,null,null,null,null,null,null,null,null,null,null,null,null,null,null,null,null,"May contain peanuts or traces of other nuts.",null,null,null,null,null,null,null,null,"A_GEN_NOTAX",null,"false","false"]
[null,"123nutbar-carrot","Clif Bar, The Natural Energy Bar, 12 bars, Carrot Cake","62598754125","UPC","HealthMisc","Clif","Clif",null,"Clif Bar starts with tasty ingredients. Real fruit like apples and berries. Chocolate chips, real cocoa, Peet's coffee. Wholesome grains like rolled oats, cornmeal, and rice flour. The finished bar is a delicious, chewy and moist baked product that is high in simple and complex carbohydrates, naturally sweetened, and 100% wheat free and dairy free. ","2.4 oz (68g) per bar",null,null,null,null,null,"13.99","Brown Rice Syrup, Rolled Oats, ClifPro (refer to product details), Chocolate Chips (refer to product details), Evaporated Cane Juice, Dried Apples, ClifCrunch (refer to product details), White Chips (refer to product details), Dried Carrots, Crisp Rice (brown rice, malt extract), Roasted Soy Butter, Raisins, Toasted Coconut, Sea Salt, Natural Flavors, Spices, Baking Soda, Decaffeinated Green Tea Extract, Traces of Peanuts or Other Nuts (May Contain)","Vitamins & Minerals: Dicalcium phosphate, ascorbic acid (Vit. C), alpha-tocopherol acetate (Vit. E), magnesium, niacin, ferrous fumarate (iron), zinc picolinate, pantothenic acid, beta carotene (Vit. A), pyridoxine (B6), copper, manganese, riboflavin (B2), thiamin, folic acid, biotin, potassium iodide, chromium, phytonadione (Vit. K), molybdenum, selenium, cyanocobalamin (B12). May contain traces of peanut or other nuts.","Nutrition Facts Serving size, 1 bar (50 g); servings per container, 1.Calories total, 210; calories from fat, 60.(Amount per serving is followed by % of daily value) Total Fat: 7 g, 11% Saturated Fat: 1.5 g, 9% Cholesterol: 0 mg, 0% Sodium: 280 mg, 11% Potassium: 85 mg, 2% Total Carbohydrate: 21 g, 7% Dietary Fiber: less than 1 g, 3% Sugar: 12 g Protein: 16 g Vitamin A: 50% Vitamin C: 200% Calcium: 2% Iron: 8% Vitamin E: 210% Thiamin: 50% Riboflavin: 50% Niacin: 100% Vitamin B6: 200% Folate: 40% Vitamin B12: 45% Biotin: 30% Pantothenic Acid: 35% Phosphorus: 5% Magnesium: 10% Zinc: 50% Selenium: 80% Chromium: 80% Molydbenum: 65%",null,null,null,null,null,null,null,null,null,"13.99","USD","80","2004-10-28",null,"2004-05-01","2",null,null,null,null,"nutrition","meal replacement","bars","energy","sports nutrition","nutrition-bars",null,null,null,null,null,null,null,null,null,null,"unisex-adult","men","women","energy","with-soy",null,null,null,"http://my-server.com/path/to/image.jpg",null,null,null,null,null,null,null,null,null,null,null,"child","Variation","flavor",null,null,null,null,null,null,null,null,null,null,null,null,null,null,null,null,null,"oz","2.45",null,null,null,null,null,null,"oz","28.85",null,null,null,null,null,null,null,null,null,null,null,null,null,null,null,null,null,null,null,null,"May contain peanuts or traces of other nuts.",null,null,null,null,null,null,null,null,"A_GEN_NOTAX",null,"false","false"]
[]
["Example 3: This is an example of an accessory relationship between 2 products.  In this case, the \"parent\" is a buyable product; any product information for it can appear on the site.  You should only create accessory relationships between child products.","123Soniccare","Sonicare Toothbrush","6125478954","UPC","PersonalCareAppliance","Sonicare","Sonicare",null,"Not all power toothbrushes are created equal. Only Sonicare combines 31,000 brush strakes per minute and extra-wide sweeping motion to create dynamic fluid cleaning action.","You'll want to brush your teeth forever",null,null,null,null,"Sncr34957","89.99",null,null,null,null,null,null,null,null,null,null,null,null,"89.99","USD","85","2004-10-28",null,null,null,null,"79.99",null,null,"toothbrush","electronic",null,null,null,"toothbrushes",null,null,null,null,null,null,null,null,null,null,"adults","men","women",null,null,null,null,null,"http://my-server.com/path/to/image.jpg",null,null,null,null,null,null,null,null,null,null,null,"parent","Accessory",null,null,null,null,null,null,null,null,null,null,null,null,null,null,null,"unisex",null,"Yes",null,"12.65","in",null,null,null,null,null,null,null,null,null,null,null,null,null,null,null,null,null,null,null,null,null,null,null,null,null,null,null,"This appliance contains Nickel-Cadmium rechargeable batteries, which must be recycled or disposed of properly.\n",null,null,null,null,null,null,null,null,"A_GEN_NOTAX",null,"true","true"]
[null,"234Sonicare","Sonicare Brush Head Compact","615455154","UPC","PersonalCareAppliance","Sonicare","Sonicare","Sncr34958","By combining 31,000 brush strokes per minute and gentle sonic waves, Sonicare electric toothbrushes scrub away decay-causing plaque from between teeth and along gum lines better than ordinary toothbrushes. Like all Sonicare brush heads, it is color-coded and has soft, rounded, rippled bristles for cleaning hard-to-reach areas.","Removes plaque with 31,000 brush strokes per minute and gentle sonic waves",null,null,null,null,"Sncr34959","15.99",null,null,null,null,"Replace brush heads at least every 6 months to achieve optimal results.",null,null,null,null,null,null,null,"15.99","USD","65","2004-10-28",null,null,"1",null,null,null,null,"toothbrush","replacement head",null,null,null,"replacement-toothbrush-heads",null,null,null,null,null,null,null,null,null,null,"adults","men","women","medium-head","soft-bristled",null,null,null,"http://my-server.com/path/to/image.jpg",null,null,null,null,null,null,null,null,null,null,null,"child","Accessory",null,null,null,null,null,null,null,null,null,null,null,null,null,null,null,"unisex",null,"No","oz","12.65","in","8.50","5.50","1.25",null,null,"oz","16.50",null,null,null,null,null,null,null,null,null,null,null,null,null,null,null,null,null,null,null,null,null,null,null,null,null,null,null,null,null,"A_GEN_NOTAX",null,"true","true"]
[null,"156Crest","Crest White Toothpaste","635897455","UPC","HealthMisc","Crest","Crest","Crs34959","Powerful Cleaning - Advanced formula polishes away surface stains. \nStain And Tartar Protection - Dissolving Micro-Cleansing Crystals help teeth stay cleaner longer.","Contains fluoride!",null,null,null,null,"Crst34960","24.99","Sodium Fluoride 0.243% (0.15% w/v Fluoride Ion)",null,null,"Helps protect against cavities","For healthy teeth, brush twice a day, floss daily and visit your dentist regularly.",null,null,null,null,null,null,null,"24.99","USD","160","2004-10-28",null,null,"1",null,null,null,null,"toothpaste","crest",null,null,null,"toothpastes",null,null,null,null,null,null,null,null,null,null,"adults","men","women",null,null,null,null,null,"http://my-server.com/path/to/image.jpg",null,null,null,null,null,null,null,null,null,null,null,"child","Accessory",null,null,null,null,null,null,null,null,null,null,null,null,null,null,null,null,null,"No","oz","22.35","in","8.50","5.50","1.25",null,null,"oz","28.30",null,null,null,null,null,null,null,null,null,null,null,null,null,null,null,null,null,null,null,null,null,null,null,null,null,null,null,null,null,"A_GEN_NOTAX",null,"true","true"]
[]
[]
["Example 4: This is an example of a product that varies by 2 dimensions: flavor and size. The Cherry flavor comes in 2 sizes but the Grape flavor only comes in 1 size.","03AMZNTRUF01-P","Amazon Antacid Anti-Gas Liquid",null,null,"HealthMisc","Amazon Health","Amazon.com",null,null,null,null,null,null,null,null,null,null,null,null,null,null,null,null,null,null,null,null,null,null,null,null,null,null,null,null,null,null,null,null,null,null,null,null,null,null,null,null,null,null,null,null,null,null,null,null,null,null,null,null,null,null,null,null,null,null,null,null,null,null,null,null,null,null,null,null,"parent",null,"Flavor-Size"]
[null,"03AMZNTRUF01-100","Amazon Antacid Anti-Gas Liquid, Cherry","063111103411","UPC","HealthMisc","Amazon Health","Amazon.com","AMZN-234890","Great product for fast, soothing relief of heartburn, acid indigestion, sour stomach and gas.","Helps in acid indigestion",null,null,null,null,"INTAMZN-38917","10.95","Each 5 ml contains: Aluminum Hydroxide (200 mg), Magnesium Hydroxide (200 mg), Simethicone (20 mg)",null,null,null,"Shake well and take 2-4 teaspoonfuls between meals, at bedtime, or as directed by a physician. ",null,null,null,"Cherry",null,"12 fl oz.",null,"15.95","USD","120","2004-08-11",null,null,"2",null,null,"2004-11-15","2004-11-30",null,null,null,null,null,"antacids","digestive-system-conditions ",null,null,null,null,null,null,null,null,null,"unisex-adult","men","women","liquids",null,null,null,null,"http://my-server.com/path/to/image.jpg",null,null,null,null,null,null,null,null,null,null,"03AMZNTRUF01-P","child","Variation","Flavor-Size",null,null,null,null,null,null,null,null,null,null,null,null,null,null,null,null,null,"LB","1.50","IN","1.25",null,null,null,null,null,null,null,null,null,null,null,null,null,null,null,null,null,null,null,null,null,null,null,null,null,null,"Ask a doctor or pharmacist if you are taking a prescription drug.  Antacids may interact with certain prescription drugs. ",null,null,null,null,null,null,null,null,"A_GEN_NOTAX",null,"true","true"]
[null,"03AMZNTRUF01-250","Amazon Antacid Anti-Gas Liquid, Cherry","636920002727","UPC","HealthMisc","Amazon Health","Amazon.com","AMZN-234891","Great product for fast, soothing relief of heartburn, acid indigestion, sour stomach and gas.","Helps in acid indigestion",null,null,null,null,"INTAMZN-38918","20.95","Each 5 ml contains: Aluminum Hydroxide (200 mg), Magnesium Hydroxide (200 mg), Simethicone (20 mg)",null,null,null,"Shake well and take 2-4 teaspoonfuls between meals, at bedtime, or as directed by a physician. ",null,null,null,"Cherry",null,"24 fl oz.",null,"20.95","USD","120","2004-08-11",null,null,"2",null,null,"2004-11-15","2004-11-30",null,null,null,null,null,"antacids","digestive-system-conditions ",null,null,null,null,null,null,null,null,null,"unisex-adult","men","women","liquids",null,null,null,null,"http://my-server.com/path/to/image.jpg",null,null,null,null,null,null,null,null,null,null,"03AMZNTRUF01-P","child","Variation","Flavor-Size",null,null,null,null,null,null,null,null,null,null,null,null,null,null,null,null,null,"LB","1.50","IN","1.25",null,null,null,null,null,null,null,null,null,null,null,null,null,null,null,null,null,null,null,null,null,null,null,null,null,null,"Ask a doctor or pharmacist if you are taking a prescription drug.  Antacids may interact with certain prescription drugs. ",null,null,null,null,null,null,null,null,"A_GEN_NOTAX",null,"true","true"]
[null,"03AMZNTRUF01-255","Amazon Antacid Anti-Gas Liquid, Grape","636920002727","UPC","HealthMisc","Amazon Health","Amazon.com","AMZN-234891","Great product for fast, soothing relief of heartburn, acid indigestion, sour stomach and gas.","Helps in acid indigestion",null,null,null,null,"INTAMZN-38918","20.95","Each 5 ml contains: Aluminum Hydroxide (200 mg), Magnesium Hydroxide (200 mg), Simethicone (20 mg)",null,null,null,"Shake well and take 2-4 teaspoonfuls between meals, at bedtime, or as directed by a physician. ",null,null,null,"Grape",null,"24 fl oz.",null,"20.95","USD","120","2004-08-11",null,null,"2",null,null,"2004-11-15","2004-11-30",null,null,null,null,null,"antacids","digestive-system-conditions ",null,null,null,null,null,null,null,null,null,"unisex-adult","men","women","liquids",null,null,null,null,"http://my-server.com/path/to/image.jpg",null,null,null,null,null,null,null,null,null,null,"03AMZNTRUF01-P","child","Variation","Flavor-Size",null,null,null,null,null,null,null,null,null,null,null,null,null,null,null,null,null,"LB","1.50","IN","1.25",null,null,null,null,null,null,null,null,null,null,null,null,null,null,null,null,null,null,null,null,null,null,null,null,null,null,"Ask a doctor or pharmacist if you are taking a prescription drug.  Antacids may interact with certain prescription drugs. ",null,null,null,null,null,null,null,null,"A_GEN_NOTAX",null,"true","true"]
[]
["Example 5: This is an example of how to delete a product.","03AMZNTRUF01","Amazon Face Care Cleansing Pillows","079346140763","UPC","HealthMisc","Amazon Skincare","Amazon.com","AMZN-234890","A whole new way to reveal softer, smoother, healthier-looking skin.","Moisturizing",null,null,null,null,"INTAMZN-38917","10.95","Citric Acid, Sodium Bicarbonate, Maltodextrin, Calcium Silicate, PEG-180, Guar Hydroxypropyltrimonium Chloride, Sodium C14-16 Olefin Sulfonate",null,null,"Dispose of pillow in trash receptacle (do not flush).  For optimum freshness, keep vanity lid closed, and store unopened refill packs in a cool, dry place.",null,null,null,null,null,null,null,null,"9.95","USD","120","2004-08-11",null,null,"2",null,"8.95","2004-11-15","2004-11-30","facial","pillows","cleansing","face",null,"facial-cleansing-pads","normal-skin","combination-skin",null,null,null,null,null,null,null,null,"unisex-adult","men","women","hypoallergenic",null,null,null,null,"http://my-server.com/path/to/image.jpg",null,null,null,null,null,null,null,null,null,null,null,null,null,null,null,null,null,null,null,null,null,null,null,null,null,null,null,null,null,null,null,"LB","1.50","IN","1.20",null,null,null,null,null,null,null,null,null,null,null,null,null,null,null,null,null,null,null,null,null,null,null,null,null,null,"If product gets into eyes, rinse thoroughly with water.",null,null,null,null,null,null,null,null,"A_GEN_NOTAX",null,"true","true",null,null,null,null,null,null,null,"delete"]

{"sheet":"Data Definitions","index":10,"n_rows":179,"n_cols":6,"rows_kept":179,"cut":false,"hidden":false,"merged":[[171,0,171,5],[66,0,66,5],[75,0,75,5],[99,0,99,5],[107,0,107,5],[148,0,148,5],[2,0,2,5],[14,0,14,5],[17,0,17,5],[22,0,22,5],[28,0,28,5]]}
["How to complete your inventory template"]
["Group Name","Field Name","Local Label Name","Accepted Values","Example","Required?"]
["Required"]
[null,"feed_product_type","Product Type","Input an approprate product type.","Kitchen","Required"]
[null,"item_sku","Seller SKU","Unique Identifier.","101MyCollectible1","Required"]
[null,"brand_name","Brand Name","An alphanumeric string; 50 characters maximum.","Weber","Required"]
[null,"item_name","Product Name","An alphanumeric string; 1 character minimum in length and 100 characters maximum in length. Note: Type 1 High ASCII characters (®, ©, ™, etc.) or other special characters are not supported.","Victoria Classics 8-Piece Queen Comforter Set, Purple","Required"]
[null,"manufacturer","Manufacturer","An alphanumeric string; 50 characters maximum.","Kitchen Aid","Required"]
[null,"external_product_id","Product ID","Any valid GCID, UPC, or EAN.","5279173125000","Required"]
[null,"external_product_id_type","Product ID Type","The type of standard, unique identifier entered in the Product ID field. This is a required field if Product ID is provided.","UPC","Required"]
[null,"item_type","Item Type Keyword","Please refer to the  Browse Tree Guide (BTG).","volleyball-nets","Required"]
[null,"standard_price","Standard Price","The price at which the product is sold at in the local currency. Please do not use commas or currency symbols.","249.99","Required"]
[null,"quantity","Quantity","A whole number.",152,"Required"]
[null,"main_image_url","Main Image URL","Images should have 72-pixels-per-inch resolution and be 500 pixels minimum in length (on the longest side). The preferred file format is JPEG (.jpg), and the URL must be fully-formed and valid (i.e., include http://). When naming your image, you may use the following convention (though not required): Product SKU + View Indicator (.main) + File Extension (.jpg). An example would be: \"15774.main.jpg\".  There cannot be any spaces or high ASCII characters in the image url.  Save the image to your Web server and supply the URL to the image in this field.  Accepted formats are .jpeg, .jpg, and .gif","http://www.companyname.com/images/1250.main.jpg","Required"]
["Images - These attributes provide links to images for a product"]
[null,"other_image_url1","Other Image URL1","A valid URL, including leading \"http://\"\n\nThe url is case sensitive, so make sure to use matching capitalization and no redirections (e.g. .jpeg instead of .jpg). While a web browser might be smart enough to locate your image despite of these little inaccuracies, our image collection process isn't.","http://www.companyname.com/images/1250.other1.jpg","Optional"]
[null,"swatch_image_url","Swatch Image URL","Images should have 72-pixels-per-inch resolution and be 30 pixels maximum length (on the longest side). The preferred file format is JPEG (.jpg). When naming your image, please use the following convention: Product SKU + View Indicator (i.e., .swatch) + File Extension (i.e., .jpg). An example would be: \"15774.swatch.jpg\". Save the image to your Web server and supply the URL to the image in this field.","http://www.companyname.com/images/1250.swatch.jpg","Optional"]
["Variation - Populate these attributes if your product is available in different variations (for example color or wattage)"]
[null,"parent_child","Parentage","Please select one of the following values: parent, child","parent","Optional"]
[null,"parent_sku","Parent SKU","An alphanumeric string; 1 character minimum in length and 40 characters maximum in length.",10162513,"Optional"]
[null,"relationship_type","Relationship Type","Select one of the following options: \nAccessory                                                                      Variation","Accessory","Optional"]
[null,"variation_theme","Variation Theme","Select and applicable variation theme.","SizeName-ColorName","Optional"]
["Basic - These are attributes that are important to buyers and should be populated for all your items. Some are required to create an offer."]
[null,"update_delete","Update Delete","Select one of the following options: Update, PartialUpdate, or Delete.","Update","Optional"]
[null,"product_description","Product Description","A text string; 2000 characters maximum in length. Note: Type 1 High ASCII characters (®, ©, ™, etc.) or other special characters are not supported.","8-Piece luxury comforter set product includes 1 comforter, 1 bed skirt, 2 shams, 2 euro shams, and 2 decorated pillows.","Optional"]
[null,"part_number","Manufacturer Part Number","An alphanumeric string; 40 characters maximum.","SB-122","Optional"]
[null,"model","model","An alphanumeric string; 100 characters maximum length. Note: Type 1 High ASCII characters (®, ©, ™, etc.) or other special characters are not supported.","A238","Optional"]
[null,"closure_type","Closure Type","Use Valid Values column ClosureType. An alphanumeric string; 50 characters maximum.","zipper, snap on","Optional"]
["Discovery - These attributes have an effect on how customers can find your product on the site using browse or search"]
[null,"bullet_point1 - bullet_point5","Key Product Features","An alphanumeric string; 500 characters maximum length per bullet point. Please do not include an actual bullet point object, just the text used to describe your product.  Note: Type 1 High ASCII characters (®, ©, ™, etc.) or other special characters are not supported.","Embroidered design","Optional"]
[null,"target_audience_base","Target Audience","Text. HTML tags and special characters not on a standard keyboard (eg. ®, ©, ™ or other Type 1 High ASCII characters) are not supported","adolescents","Optional"]
[null,"catalog_number","Catalog Number","An alphanumeric string; 40 characters maximum.","EG-52318","Optional"]
[null,"specific_uses_keywords1 - specific_uses_keywords5","Used For1 - Used For3","Not Currently Used in Home","Suitable for young pets","Optional"]
[null,"target_audience_keywords1 - target_audience_keywords3","Target Audience","See Valid Values.","adults","Optional"]
[null,"thesaurus_attribute_keywords1 - thesaurus_attribute_keywords4","Other Attributes","Not Currently Used in Home","String (50)","Optional"]
[null,"thesaurus_subject_keywords1 - thesaurus_subject_keywords3","Subject Matter","Not Currently Used in Home","Please refer to the BTG","Optional"]
[null,"generic_keywords","Search Terms","Search terms that describe your product: no repetition, no competitor brand names or ASINs.","Electric","Optional"]
[null,"platinum_keywords1 - platinum_keywords5","Platinum Keywords","An alphanumeric string; 50 characters maximum.","rims, net","Optional"]
[null,"country_as_labeled","Country/Region as Labeled","Complete only if Import Designation is “Imported.” Select country shown on product label.","CN","Optional"]
[null,"fur_description","Fur Description","An alphanumeric text string; 1 character minimum and 50 characters maximum.","100% Rabbit Fur","Optional"]
[null,"occasion","Occasion","See Valid Values.","Halloween","Optional"]
[null,"number_of_pieces","Number of Pieces","A positive whole number",8,"Optional"]
[null,"scent_name","Scent","An alphanumeric text string; 50 characters maximum. If multiple scents are available, a unique record should be submitted for each product.","sandal wood","Optional"]
[null,"color_name","Color","An alphanumeric text string; 1 character minimum and 50 characters maximum.","Sage","Optional"]
[null,"color_map","Color Map","See Valid Values.","Green","Optional"]
[null,"size_name","Size","An alphanumeric text string; 1 character minimum and 50 characters maximum. Also See Valid Values.","6x18","Optional"]
[null,"material_type","Material Type","See Valid Values.","Oak","Optional"]
[null,"style_name","Style Name","See Valid Values.","Cape Cod","Optional"]
[null,"power_source_type","Power Source","See Valid Values.","corded- electric","Optional"]
[null,"wattage","Wattage","A number with up to 10 digits allowed to the left of the decimal point and 2 digits to the right of the decimal point. Please do not use commas.",60,"Optional"]
[null,"special_features1 - special_features5","Additional Features","See Valid Values.","Organic","Optional"]
[null,"pattern_name","Pattern","Select from the list of valid values.","Striped","Optional"]
[null,"lithium_battery_voltage","Lithium Battery Voltage","A positive whole number.",12,"Optional"]
[null,"wattage_unit_of_measure","Wattage Unit of Measure","Select from the list of valid values.","watts","Optional"]
[null,"included_features","included_features","","","Optional"]
[null,"lithium_battery_voltage_unit_of_measure","Lithium Battery Voltage Unit of Measure","mV or V.","V","Optional"]
[null,"number_of_drawers","Drawers","A positive whole number.",4,"Optional"]
[null,"length_range","Length Range","An alphanumeric text string; 1 character minimum and 20 characters maximum.","100 cm","Optional"]
[null,"compatible_devices1 - compatible_devices10","compatible_devices1","","","Optional"]
[null,"compatible_devices101 - compatible_devices1010","compatible_devices10","","","Optional"]
[null,"mounting_type","Mounting Type","Use the column MountType in the Valid Values list. An alphanumeric string; 50 characters maximum.","side-mount","Optional"]
[null,"shaft_style_type","Shaft Style Type","Please refer to the Valid values tab for the appropriate value for this field.","attacker-shafts","Optional"]
[null,"style_keywords1 - style_keywords10","Style Keywords","A text string; 50 characters maximum length","Modern, Traditional","Optional"]
[null,"style_keywords101 - style_keywords1010","Style Keywords","A text string; 50 characters maximum length","Modern, Traditional","Optional"]
[null,"breed_recommendation","breed_recommendation","","","Optional"]
[null,"directions","directions","","","Optional"]
["Product Enrichment - These attributes create rich product listings for your buyers."]
[null,"thread_count","Thread Count","A positive whole number",250,"Optional"]
[null,"included_components","Included Components","See Valid Values.","Wire Whip","Optional"]
[null,"mfg_minimum","Minimum Age Recommendation","A positive whole number - please do not use fractions/decimals",6,"Optional"]
[null,"material_composition","Material Composition","The main materials used in the product","aluminium","Optional"]
[null,"fill_material_type","Fill Material Type","Use the column FillMaterialType in the Valid Values list. An alphanumeric string; 50 characters maximum.","Cotton, foam","Optional"]
[null,"cover_material_type","Cover Material Type","An alphanumeric string; 1 character minimum in length and 50 characters maximum in length.","Stainless Steel","Optional"]
[null,"specification_met","Specification Met","Please see the Valid Values worksheet for the list of accepted values.","","Optional"]
[null,"mfg_maximum","Maximum Age Recommendation","Whole number",5,"Optional"]
["Dimensions - These attributes specify the size and weight of a product"]
[null,"website_shipping_weight","Shipping Weight","A number with up to 10 digits to the left of the decimal point and 2 digits to the right of the decimal point. Please do not use commas.","75.00","Optional"]
[null,"website_shipping_weight_unit_of_measure","Website Shipping Weight Unit Of Measure","Select one of the following options: \nOZ, LB, GR, KG","OZ","Optional"]
[null,"item_shape","Shape","See Valid Values.","Round","Optional"]
[null,"item_display_length_unit_of_measure","Display Length Unit Of Measure","Select from the list of valid values.","CM","Optional"]
[null,"item_display_width_unit_of_measure","Item Display Width Unit Of Measure","Select one of the following options: MM, CM, M, IN, FT","IN","Optional"]
[null,"item_display_height_unit_of_measure","Item Display Height Unit Of Measure","Select from the following valid values: \nIN\nFT\nMM\nCM\nM","FT","Optional"]
[null,"item_display_length","Item Display Length","A number with up to 10 digits to the left of the decimal point and 2 digits to the right of the decimal point. Please do not use commas.",10,"Optional"]
[null,"item_display_width","Item Display Width","A number with up to 10 digits to the left of the decimal point and 2 digits to the right of the decimal point. Please do not use commas.",5,"Optional"]
[null,"item_display_depth","Item Display Depth","A number with up to 10 digits to the left of the decimal point and 2 digits to the right of the decimal point. Please do not use commas.",5,"Optional"]
[null,"item_display_height","Item Display Height","A number with up to 10 digits to the left of the decimal point and 2 digits to the right of the decimal point. Please do not use commas.",5,"Optional"]
[null,"item_display_diameter","Item Display Diameter","A number with up to 10 digits to the left of the decimal point and 2 digits to the right of the decimal point. Please do not use commas.",15,"Optional"]
[null,"item_display_weight","Item Display Weight","A number with up to 10 digits to the left of the decimal point and 2 digits to the right of the decimal point. Please do not use commas.",25,"Optional"]
[null,"item_display_weight_unit_of_measure","Item Display Weight Unit Of Measure","Select one of the following options: GR, KG, OZ, LB","LB","Optional"]
[null,"volume_capacity_name","Volume","A number with up to 10 digits to the left of the decimal point and 2 digits to the right of the decimal point. Please do not use commas.",20,"Optional"]
[null,"volume_capacity_name_unit_of_measure","Volume Capacity Name Unit Of Measure","Select from these values:  cup, gallon, liter, ounce, pint, quart","quart","Optional"]
[null,"item_height","Item Height","A number with up to 10 digits allowed to the left of the decimal point and 2 digits to the right of the decimal point. Please do not use commas.",2,"Optional"]
[null,"item_length","Item Length","A number with up to 2 decimal places. Please use a full stop (.) rather than a comma (,) for a decimal point",60,"Optional"]
[null,"item_width","Item Width","A number with up to 2 decimal places. Please use a full stop (.) rather than a comma (,) for a decimal point",5,"Optional"]
[null,"size_map","Size Map","Please refer to the Sporting Goods Style Guide . An alphanumeric string; 50 characters maximum.","Small, Large","Optional"]
[null,"weight_recommendation_unit_of_measure","Weight Recommendation Unit Of Measure","","","Optional"]
[null,"width_range","Width Range","An alphanumeric text string; 1 character minimum and 20 characters maximum.","40 cm","Optional"]
[null,"maximum_weight_recommendation","maximum_weight_recommendation","","","Optional"]
[null,"item_dimensions_unit_of_measure","Item Dimensions Unit Of Measure","Select one of the following options: MM, CM, M, IN, or FT.","CM","Optional"]
["Fulfillment - Use these columns to provide fulfillment-related information for either Amazon-fulfilled (FBA) or seller-fulfilled orders."]
[null,"fulfillment_center_id","Fulfillment Center ID","AMAZON_NA, DEFAULT","AMAZON_NA","Optional"]
[null,"package_height","Package Height","A number with up to 10 digits to the left of the decimal point and 2 digits to the right of the decimal point.",10,"Optional"]
[null,"package_width","Package Width","A number with up to 10 digits to the left of the decimal point and 2 digits to the right of the decimal point.",10,"Optional"]
[null,"package_length","Package Length","A number with up to 10 digits to the left of the decimal point and 2 digits to the right of the decimal point.",10,"Optional"]
[null,"package_dimensions_unit_of_measure","Package Dimensions Unit Of Measure","Select one of the following options: \nIN, FT, MM, CM, M","IN","Optional"]
[null,"package_weight","Package Weight","A number with up to 10 digits to the left of the decimal point and 2 digits to the right of the decimal point.",10,"Optional"]
[null,"package_weight_unit_of_measure","Package Weight Unit Of Measure","Select one of the following options: \nOZ, LB, GR, KG","OZ","Optional"]
["Compliance - Attributes used to comply with consumer laws in the country or region where the item is sold"]
[null,"energy_efficiency_image_url","Energy Guide Label","The image must have a resolution of 72 pixels per inch and a minimum length of 500 pixels (on the longest side). The recommended format for the file is JPEG (.jpg) and the URL must be correctly formed and valid (e.g. include http://). We recommend including \".EEGL\" in the file name.","http://www.example.com/amazon_images/vacuum.EEGL.jpg","Optional"]
[null,"warranty_description","Manufacturer Warranty Description","A text string; 1500 characters maximum in length. Note: Type 1 High ASCII characters (®, ©, ™, etc.) or other special characters are not supported.","All products purchased have a 120-day warranty as standard.  The warranty period begins on the day the product is originally shipped.  The warranty covers all of the items and conditions identified in the original manufacturers warranty.  Some of the items specifically not covered by the warranty are loss and theft, water damage, customer abuse.","Optional"]
[null,"cpsia_cautionary_statement","Cpsia Warning","Use this field to indicate if a cautionary statement relating to the choking hazards of children's toys and games applies to your product.  These cautionary statements are defined in Section 24 of the Federal Hazardous Substances Act and Section 105 of the Consumer Product Safety Improvement Act of 2008.  They must be displayed on the product packaging and in certain online and catalog advertisements.  You are responsible for determining if a cautionary statement applies to the product.  This can be verified by contacting the product manufacturer or checking the product packaging.   Cautionary statements that you select will be displayed on the product detail page.  If no cautionary statement applies to the product, select \"no_warning_applicable\".","choking_hazard_balloon","Optional"]
[null,"cpsia_cautionary_description","CPSIA Warning Description","An alphanumeric string; 1 character minimum in length and 250 characters maximum in length.","no_warning_applicable","Optional"]
[null,"fabric_type","Fabric Type","An alphanumeric text string; 1 character minimum and 50 characters maximum.","90% cotton/10% rayon","Optional"]
[null,"import_designation","Import Designation","See Valid Values.","Made in USA or Imported","Optional"]
[null,"legal_compliance_certification_metadata","Please provide the Executive Number (EO) required for sale into California.","The California Air Resources Board, also known as CARB, is the \"clean air agency\" in the government of California. To improve air quality, CARB requires vehicle manufacturers to develop engine and emission equipment systems that reduce the specific pollutants that cause California's severe air quality problem. Executive Order (EO) numbers certify that the CARB standard is met and the product can be sold into California.","D-646-1","Optional"]
[null,"legal_compliance_certification_expiration_date","Please provide the expiration date of the EO Number.","The California Air Resources Board, also known as CARB, is the \"clean air agency\" in the government of California. To improve air quality, CARB requires vehicle manufacturers to develop engine and emission equipment systems that reduce the specific pollutants that cause California's severe air quality problem. Executive Order (EO) numbers certify that the CARB standard is met and the product can be sold into California.","17-Mar-15","Optional"]
[null,"item_volume","Volume","A number with up to 10 digits to the left of the decimal point and 2 digits to the right of the decimal point. Please do not use commas.","34.78","Required"]
[null,"item_volume_unit_of_measure","item_volume_unit_of_measure","Indicates the volume capacity of a product.","milliliters","Required"]
[null,"specific_uses_for_product","Specific Uses For Product","See Valid Values.","Above-ground","Optional"]
[null,"country_string","Country/Region of Origin","Please select a value from the Valid Values.","Belgium","Optional"]
[null,"country_of_origin","Country/Region of Origin","A two letter code that indicates the country where the product originates from.","FR","Optional"]
[null,"legal_disclaimer_description","Legal Disclaimer","Text - maximum 1000 characters. HTML tags and special characters not on a standard keyboard (eg. ®, ©, ™ or other Type 1 High ASCII characters) are not supported","Please check your local laws before purchasing this product.","Optional"]
[null,"usda_hardiness_zone1 - usda_hardiness_zone2","USDA Hardiness Zone","A whole number between 1 and 16",3,"Optional"]
[null,"are_batteries_included","Batteries are Included","Select: true or false","TRUE","Required"]
[null,"item_weight","Item Weight","A number with up to 10 digits to the left of the decimal point and 2 digits to the right of the decimal point. Please do not use commas.","2.33, 20.75, 10000.00","Required"]
[null,"batteries_required","Is this product a battery or does it utilize batteries?","Select: true or false","FALSE","Required"]
[null,"battery_type1 - battery_type3","Battery type/size","Please refer to the Valid Values worksheet.  Only use this when PowerSource is 'battery'","battery_type_lithium_ion","Required"]
[null,"item_weight_unit_of_measure","item_weight_unit_of_measure","The unit of measure used to describe the weight of the product without shipping material.","KG","Required"]
[null,"number_of_batteries1 - number_of_batteries3","Number of batteries","Any integer greater than or equal to one",3,"Required"]
[null,"lithium_battery_energy_content","Watt hours per battery","A positive whole number.","1, 2, 3","Required"]
[null,"lithium_battery_packaging","Lithium Battery Packaging","Select from one of the following:               nbatteries_onlynbatteries_contained_in_equipmentnbatteries_packed_with_equipment","batteries_contained_in_equipment","Required"]
[null,"lithium_battery_weight","Lithium content (grams)","A positive whole number.","1, 2, 3","Required"]
[null,"number_of_lithium_ion_cells","Number of Lithium-ion Cells","A positive whole number.","1, 2, 3","Required"]
[null,"number_of_lithium_metal_cells","Number of Lithium Metal Cells","A positive whole number.","1, 2, 3","Required"]
[null,"battery_cell_composition","Battery composition","What type or composition is the battery?","lithium_ion","Required"]
[null,"battery_weight","Battery weight (grams)","Number up to 10 digits and 2 decimal points long.",150,"Required"]
[null,"battery_weight_unit_of_measure","battery_weight_unit_of_measure","Unit of measure used to describe the battery weight","gr or kg","Required"]
[null,"lithium_battery_energy_content_unit_of_measure","lithium_battery_energy_content_unit_of_measure","Indicate unit of measure if Lithium Battery Energy Content is populated","watt hours","Required"]
[null,"lithium_battery_weight_unit_of_measure","lithium_battery_weight_unit_of_measure","Select the unit of measure for Lithium Battery Weight  . If Lithium Battery Weight  is used, you must also enter theLithium Battery Weight  Unit Of Measure.","grams","Required"]
[null,"supplier_declared_dg_hz_regulation1 - supplier_declared_dg_hz_regulation5","Applicable Dangerous Goods Regulations","Please select the applicable response from the dropdown.","Transportation,Storage,Waste","Required"]
[null,"hazmat_united_nations_regulatory_id","UN number","Hazmat United Nationals Regulatory ID","UN1950","Required"]
[null,"safety_data_sheet_url","Safety Data Sheet (SDS) URL","Holds link to the externally hosted SDS (Safety Data Sheet) for an item","http://www.sigmaaldrich.com/MSDS/MSDS/DisplayMSDSPage.do?country=US&language=en&productNumber=84985&brand=ALDRICH&PageToGoToURL=http%3A%2F%2Fwww.sigmaaldrich.com%2Fcatalog%2Fproduct%2Faldrich%2F84985%3Flang%3Den","Required"]
[null,"lighting_facts_image_url","Lighting Facts Label","The image must have a resolution of 72 pixels per inch and a minimum length of 500 pixels (on the longest side). The recommended format for the file is JPEG (.jpg) and the URL must be correctly formed and valid (e.g. include http://). We recommend including \".ELFL\" in the file name.","http://www.example.com/amazon_images/vacuum.EEGL.jpg","Optional"]
[null,"flash_point","Flash point (°C)?","A number with up to 10 digits allowed to the left of the decimal point and 2 digits to the right of the decimal point. Please do not use commas.",180,"Optional"]
[null,"external_testing_certification1 - external_testing_certification6","external_testing_certification1","","","Optional"]
[null,"ghs_classification_class1 - ghs_classification_class3","Categorization/GHS pictograms (select all that apply)","Global Harmonized System (GHS) CLP classification system.","[{class:Explosive,subcategory:Liquid}]","Required"]
[null,"california_proposition_65_compliance_type","California Proposition 65 Warning Type","Select the warning type applicable to your product, if any. You certify that the warning provided satisfies legal requirements and that you’ll remove a warning previously provided only if it is no longer legally required.","Furniture","Optional"]
[null,"california_proposition_65_chemical_names1","California Proposition 65 Chemical Names","If you selected the Food, Furniture, or Chemical warning you must indicate a chemical(s). You certify that the chemical(s) satisfies legal requirements and that you’ll remove a chemical previously provided only if it is no longer legally required.","Lead, Acetamide","Optional"]
["Offer - These attributes are required to make your item buyable for customers on the site"]
[null,"merchant_shipping_group_name","Shipping-Template","The ship configuration group for an offer. The ship configuration group is created and managed by the seller through the ship setting UI."," \"Free Shipping Template\", \"Default Template\"","Optional"]
[null,"list_price","Manufacturer's Suggested Retail Price","Manufacturer's suggested retail price. This is not the price that Amazon customers will pay for your product.","259.99","Optional"]
[null,"map_price","Minimum Advertised Price","For MAP (Minimum Advertised Price) based pricing.  If you have never heard this term before, this function probably does not apply to you.","259.99","Optional"]
[null,"product_site_launch_date","Launch Date","A date in this format: yyyy/mm/dd.","8/18/2013","Optional"]
[null,"merchant_release_date","Release Date","Date in this format: yyyy-mm-dd",38108,"Optional"]
[null,"condition_type","Item Condition","Used; Like New\nUsed; Very Good\nUsed; Good\nUsed; Acceptable\nCollectible; Like New\nCollectible; Very Good\nCollectible; Good\nCollectible; Acceptable\nNew","New","Optional"]
[null,"restock_date","Restock Date","A date in this format: yyyy-mm-dd.","2004-05-01","Optional"]
[null,"fulfillment_latency","Handling Time","Indicates the time, in days, between when you receive an order for an item and when you can ship the item.  The default is one to two business days. Use this field if you expect to take longer than two business days.",5,"Optional"]
[null,"condition_note","Offer Condition Note","A text string with a maximum of 1,000 characters. The Condition Note field doesn’t allow special characters.","In original package","Optional"]
[null,"product_tax_code","Product Tax Code","Enter the product tax code supplied to you by Amazon.com.","A_GEN_NOTAX","Optional"]
[null,"sale_price","Sale Price","You can place your listings on sale by entering a sale price (expressed in local currency) along with start and end dates.",219,"Optional"]
[null,"sale_from_date","Sale Start Date","The date that the sale price will begin to override the product's standard price; the sale price will be displayed after 0:00AM of Sale From Date.","2017-06-30","Optional"]
[null,"sale_end_date","Sale End Date","The last date that the sale price will override the item's standard price; the product's standard price will be displayed after 0:00AM of Sale End Date.","2017-07-01","Optional"]
[null,"item_package_quantity","Package Quantity","A positive whole number",5,"Optional"]
[null,"max_aggregate_ship_quantity","Max Aggregate Ship Quantity","A positive integer.",10,"Optional"]
[null,"offering_can_be_gift_messaged","Offering Can Be Gift Messaged","Select: true or false","TRUE","Optional"]
[null,"offering_can_be_giftwrapped","Is Gift Wrap Available","Select: True or False","False, True","Optional"]
[null,"is_discontinued_by_manufacturer","Is Discontinued by Manufacturer","Select: true or false","true","Optional"]
[null,"max_order_quantity","Max Order Quantity","The maximum quantity of the product that a customer may purchase in one order",10,"Optional"]
[null,"number_of_items","Number of Items","The number of items that are included in the product",6,"Optional"]
[null,"offering_start_date","Offering Release Date","This is the date when you can deliver a pre-orderable product (one that has never been available prior to this date) to a customer.","5/1/2004","Optional"]
[null,"offering_end_date","Stop Selling Date","A date in this format: yyyy-mm-dd.","1/22/2004","Optional"]
["B2B - These B2B offer attributes are required to make your item buyable for business customers on the site"]
[null,"business_price","Business Price","The price at which the merchant offers the product to registered business buyers for sale, expressed in U.S. dollars. ","10.5","Optional"]
[null,"quantity_price_type","Quantity Price Type","The unit of measure the discount will be expressed in. Either Fixed price in U.S. dollars or Percent Off","Fixed","Optional"]
[null,"quantity_lower_bound1","Quantity Lower Bound 1","The minimum purchase quantity necessary to receive the associated Fixed price or Percent Off price",100,"Optional"]
[null,"quantity_price1","Quantity Price 1","The Fixed price or Percent Off discount at which the merchant offers the product for sale if the buyer is purchasing at least the associated quantity, expressed in U.S. dollars.",10,"Optional"]
[null,"national_stock_number","National Stock Number","A alpha-numeric 13 digit code. Code identifying standard material items of supply as defined by NATO","6240-00-027-2059","Optional"]
[null,"unspsc_code","United Nations Standard Products and Services Code","An 8 digit code A numeric code classifying products according to the UNSPSC system",47121602,"Optional"]
[null,"pricing_action","Pricing Action","\"\"delete business_price\"\" (without the quotes)","delete business_price","Optional"]

{"sheet":"Template","index":11,"n_rows":74,"n_cols":240,"rows_kept":74,"cut":false,"hidden":false,"merged":[]}
["TemplateType=fptcustom","Version=2019.1011","TemplateSignature=SE9NRV9CRURfQU5EX0JBVEg=","The top 3 rows are for Amazon.com use only. Do not modify or delete the top 3 rows.",null,null,null,null,null,null,null,"Images",null,null,null,null,null,null,null,null,"Variation",null,null,null,"Basic",null,null,null,null,"Discovery",null,null,null,null,null,null,null,null,null,null,null,null,null,null,null,null,null,null,null,null,null,null,null,null,null,null,null,null,null,null,null,null,null,null,null,null,null,null,null,null,null,null,null,null,null,null,null,null,null,null,null,null,null,null,null,null,null,null,null,null,null,null,null,null,null,null,null,null,null,null,null,null,null,null,null,"Product Enrichment",null,null,null,null,null,null,null,"Dimensions",null,null,null,null,null,null,null,null,null,null,null,null,null,null,null,null,null,null,null,null,null,null,"Fulfillment",null,null,null,null,null,null,"Compliance",null,null,null,null,null,null,null,null,null,null,null,null,null,null,null,null,null,null,null,null,null,null,null,null,null,null,null,null,null,null,null,null,null,null,null,null,null,null,null,null,null,null,null,null,null,null,null,null,null,null,null,null,null,null,null,null,null,null,null,"Offer",null,null,null,null,null,null,null,null,null,null,null,null,null,null,null,null,null,null,null,null,null,"B2B"]
["Product Type","Seller SKU","Brand Name","Product Name","Manufacturer","Product ID","Product ID Type","Item Type Keyword","Standard Price","Quantity","Main Image URL","Other Image URL1","Other Image URL2","Other Image URL3","Other Image URL4","Other Image URL5","Other Image URL6","Other Image URL7","Other Image URL8","Swatch Image URL","Parentage","Parent SKU","Relationship Type","Variation Theme","Update Delete","Product Description","Manufacturer Part Number","model","Closure Type","Key Product Features","Key Product Features","Key Product Features","Key Product Features","Key Product Features","Target Audience","Catalog Number","Used For1 - Used For3","Used For1 - Used For3","Used For1 - Used For3","Used For1 - Used For3","Used For1 - Used For3","Target Audience","Target Audience","Target Audience","Other Attributes","Other Attributes","Other Attributes","Other Attributes","Subject Matter","Subject Matter","Subject Matter","Search Terms","Platinum Keywords","Platinum Keywords","Platinum Keywords","Platinum Keywords","Platinum Keywords","Country/Region as Labeled","Fur Description","Occasion","Number of Pieces","Scent","Color","Color Map","Size","Material Type","Style Name","Power Source","Wattage","Additional Features","Additional Features","Additional Features","Additional Features","Additional Features","Pattern","Lithium Battery Voltage","Wattage Unit of Measure","included_features","Lithium Battery Voltage Unit of Measure","Drawers","Length Range","compatible_devices1","compatible_devices2","compatible_devices3","compatible_devices4","compatible_devices5","compatible_devices6","compatible_devices7","compatible_devices8","compatible_devices9","compatible_devices10","Mounting Type","Shaft Style Type","Style Keywords","Style Keywords","Style Keywords","Style Keywords","Style Keywords","Style Keywords","Style Keywords","Style Keywords","Style Keywords","Style Keywords","breed_recommendation","directions","Thread Count","Included Components","Minimum Age Recommendation","Material Composition","Fill Material Type","Cover Material Type","Specification Met","Maximum Age Recommendation","Shipping Weight","Website Shipping Weight Unit Of Measure","Shape","Display Length Unit Of Measure","Item Display Width Unit Of Measure","Item Display Height Unit Of Measure","Item Display Length","Item Display Width","Item Display Depth","Item Display Height","Item Display Diameter","Item Display Weight","Item Display Weight Unit Of Measure","Volume","Volume Capacity Name Unit Of Measure","Item Height","Item Length","Item Width","Size Map","Weight Recommendation Unit Of Measure","Width Range","maximum_weight_recommendation","Item Dimensions Unit Of Measure","Fulfillment Center ID","Package Height","Package Width","Package Length","Package Dimensions Unit Of Measure","Package Weight","Package Weight Unit Of Measure","Energy Guide Label","Manufacturer Warranty Description","Cpsia Warning","CPSIA Warning Description","Fabric Type","Import Designation","Please provide the Executive Number (EO) required for sale into California.","Please provide the expiration date of the EO Number.","Volume","item_volume_unit_of_measure","Specific Uses For Product","Country/Region of Origin","Country/Region of Origin","Legal Disclaimer","USDA Hardiness Zone","USDA Hardiness Zone","Batteries are Included","Item Weight","Is this product a battery or does it utilize batteries?","Battery type/size","Battery type/size","Battery type/size","item_weight_unit_of_measure","Number of batteries","Number of batteries","Number of batteries","Watt hours per battery","Lithium Battery Packaging","Lithium content (grams)","Number of Lithium-ion Cells","Number of Lithium Metal Cells","Battery composition","Battery weight (grams)","battery_weight_unit_of_measure","lithium_battery_energy_content_unit_of_measure","lithium_battery_weight_unit_of_measure","Applicable Dangerous Goods Regulations","Applicable Dangerous Goods Regulations","Applicable Dangerous Goods Regulations","Applicable Dangerous Goods Regulations","Applicable Dangerous Goods Regulations","UN number","Safety Data Sheet (SDS) URL","Lighting Facts Label","Flash point (°C)?","external_testing_certification1","external_testing_certification2","external_testing_certification3","external_testing_certification4","external_testing_certification5","external_testing_certification6","Categorization/GHS pictograms (select all that apply)","Categorization/GHS pictograms (select all that apply)","Categorization/GHS pictograms (select all that apply)","California Proposition 65 Warning Type","California Proposition 65 Chemical Names","Additional Chemical Name1","Additional Chemical Name2","Additional Chemical Name3","Additional Chemical Name4","Shipping-Template","Manufacturer's Suggested Retail Price","Minimum Advertised Price","Launch Date","Release Date","Item Condition","Restock Date","Handling Time","Offer Condition Note","Product Tax Code","Sale Price","Sale Start Date","Sale End Date","Package Quantity","Max Aggregate Ship Quantity","Offering Can Be Gift Messaged","Is Gift Wrap Available","Is Discontinued by Manufacturer","Max Order Quantity","Number of Items","Offering Release Date","Stop Selling Date","Business Price","Quantity Price Type","Quantity Lower Bound 1","Quantity Price 1","Quantity Lower Bound 2","Quantity Price 2","Quantity Lower Bound 3","Quantity Price 3","Quantity Lower Bound 4","Quantity Price 4","Quantity Lower Bound 5","Quantity Price 5","National Stock Number","United Nations Standard Products and Services Code","Pricing Action"]
["feed_product_type","item_sku","brand_name","item_name","manufacturer","external_product_id","external_product_id_type","item_type","standard_price","quantity","main_image_url","other_image_url1","other_image_url2","other_image_url3","other_image_url4","other_image_url5","other_image_url6","other_image_url7","other_image_url8","swatch_image_url","parent_child","parent_sku","relationship_type","variation_theme","update_delete","product_description","part_number","model","closure_type","bullet_point1","bullet_point2","bullet_point3","bullet_point4","bullet_point5","target_audience_base","catalog_number","specific_uses_keywords1","specific_uses_keywords2","specific_uses_keywords3","specific_uses_keywords4","specific_uses_keywords5","target_audience_keywords1","target_audience_keywords2","target_audience_keywords3","thesaurus_attribute_keywords1","thesaurus_attribute_keywords2","thesaurus_attribute_keywords3","thesaurus_attribute_keywords4","thesaurus_subject_keywords1","thesaurus_subject_keywords2","thesaurus_subject_keywords3","generic_keywords","platinum_keywords1","platinum_keywords2","platinum_keywords3","platinum_keywords4","platinum_keywords5","country_as_labeled","fur_description","occasion","number_of_pieces","scent_name","color_name","color_map","size_name","material_type","style_name","power_source_type","wattage","special_features1","special_features2","special_features3","special_features4","special_features5","pattern_name","lithium_battery_voltage","wattage_unit_of_measure","included_features","lithium_battery_voltage_unit_of_measure","number_of_drawers","length_range","compatible_devices1","compatible_devices2","compatible_devices3","compatible_devices4","compatible_devices5","compatible_devices6","compatible_devices7","compatible_devices8","compatible_devices9","compatible_devices10","mounting_type","shaft_style_type","style_keywords1","style_keywords2","style_keywords3","style_keywords4","style_keywords5","style_keywords6","style_keywords7","style_keywords8","style_keywords9","style_keywords10","breed_recommendation","directions","thread_count","included_components","mfg_minimum","material_composition","fill_material_type","cover_material_type","specification_met","mfg_maximum","website_shipping_weight","website_shipping_weight_unit_of_measure","item_shape","item_display_length_unit_of_measure","item_display_width_unit_of_measure","item_display_height_unit_of_measure","item_display_length","item_display_width","item_display_depth","item_display_height","item_display_diameter","item_display_weight","item_display_weight_unit_of_measure","volume_capacity_name","volume_capacity_name_unit_of_measure","item_height","item_length","item_width","size_map","weight_recommendation_unit_of_measure","width_range","maximum_weight_recommendation","item_dimensions_unit_of_measure","fulfillment_center_id","package_height","package_width","package_length","package_dimensions_unit_of_measure","package_weight","package_weight_unit_of_measure","energy_efficiency_image_url","warranty_description","cpsia_cautionary_statement","cpsia_cautionary_description","fabric_type","import_designation","legal_compliance_certification_metadata","legal_compliance_certification_expiration_date","item_volume","item_volume_unit_of_measure","specific_uses_for_product","country_string","country_of_origin","legal_disclaimer_description","usda_hardiness_zone1","usda_hardiness_zone2","are_batteries_included","item_weight","batteries_required","battery_type1","battery_type2","battery_type3","item_weight_unit_of_measure","number_of_batteries1","number_of_batteries2","number_of_batteries3","lithium_battery_energy_content","lithium_battery_packaging","lithium_battery_weight","number_of_lithium_ion_cells","number_of_lithium_metal_cells","battery_cell_composition","battery_weight","battery_weight_unit_of_measure","lithium_battery_energy_content_unit_of_measure","lithium_battery_weight_unit_of_measure","supplier_declared_dg_hz_regulation1","supplier_declared_dg_hz_regulation2","supplier_declared_dg_hz_regulation3","supplier_declared_dg_hz_regulation4","supplier_declared_dg_hz_regulation5","hazmat_united_nations_regulatory_id","safety_data_sheet_url","lighting_facts_image_url","flash_point","external_testing_certification1","external_testing_certification2","external_testing_certification3","external_testing_certification4","external_testing_certification5","external_testing_certification6","ghs_classification_class1","ghs_classification_class2","ghs_classification_class3","california_proposition_65_compliance_type","california_proposition_65_chemical_names1","california_proposition_65_chemical_names2","california_proposition_65_chemical_names3","california_proposition_65_chemical_names4","california_proposition_65_chemical_names5","merchant_shipping_group_name","list_price","map_price","product_site_launch_date","merchant_release_date","condition_type","restock_date","fulfillment_latency","condition_note","product_tax_code","sale_price","sale_from_date","sale_end_date","item_package_quantity","max_aggregate_ship_quantity","offering_can_be_gift_messaged","offering_can_be_giftwrapped","is_discontinued_by_manufacturer","max_order_quantity","number_of_items","offering_start_date","offering_end_date","business_price","quantity_price_type","quantity_lower_bound1","quantity_price1","quantity_lower_bound2","quantity_price2","quantity_lower_bound3","quantity_price3","quantity_lower_bound4","quantity_price4","quantity_lower_bound5","quantity_price5","national_stock_number","unspsc_code","pricing_action"]
["bedandbath","HB-TLT-BS-2-550-WH","BLANCHO BEDDING","HURBANE Pieces  GSM 100% Cotton high quality  Beach Hotel Towels Set Outdoor Towel White Color","BLANCHO BEDDING",null,null,"towel-sets",37.74,20,"http://info.blanchobedding.com/DropshipProduct/HURBANE/wetransfer-2ee91d/TLT-BT-4-650-WH.jpg",null,null,null,null,null,null,null,null,null,"Parent",null,null,"ItemPackageQuantity","Update","What is GSM?\r\nGSM stands for grams per square meter, it's the standard measurement for the weight and quality of fabrics including towels. The number refers to the density of the towel which is the higher the better. Our 100% cotton with 500 GSM high quality towel set is soft, last longer due to high density and more absorbent than competitors with hiding product information.                                                                                  <ul>\r\n<li>Bath Sheet Set is the best choice for customer who are  looking for soft and  absorbent towel with reduce linting process.\r\n<li>Our towel set includes  2 bath Towel 35x70 inches \r\n<li>100% cotton and 500 GSM.\r\n<li>Excellent gift for your loved one.\r\n<li>Washing instruction: Color fastness to 60 degrees Celsiud/140 degrees Fahrenheit. Do not use bleach. Wash colors separately.\r\n","HB-TLT-BS-2-550-WH","HB-TLT-BS-2-550-WH",null,"100 % Cotton, 500 GSM.","Order includes: ","Excellent gift for your loved one.","Washing instruction: Color fastness to 60 degrees Celsiud/140 degrees Fahrenheit. ","Wash colors separately.",null,null,null,null,null,null,null,"seniors","unisex-teen","unisex-adult",null,null,null,null,null,null,null,"soft towels,bathroom towel, easy wash, easy care,absorbent towel,machine wash,highly absorbent,premium towel set,luxury towel set,red towel,blue towel,navy towel,orange towel,ivory towel,grey towel,black towel,high quality towel,beach towel, towel",null,null,null,null,null,null,null,null,null,null,null,null,"BATH SHEET SET","Cotton",null,null,null,null,null,null,null,null,null,null,null,null,null,null,null,null,null,null,null,null,null,null,null,null,null,null,null,null,null,null,null,null,null,null,null,null,null,null,null,null,null,null,null,null,null,null,null,5,"LB",null,"IN","IN","IN",35,70,null,null,null,null,null,null,null,null,null,null,null,null,null,null,null,null,null,null,null,null,null,null,null,null,null,null,null,null,null,null,null,null,null,null,null,null,null,null,null,null,null,null,null,null,null,null,null,null,null,null,null,null,null,null,null,null,null,null,null,null,null,null,null,null,null,null,null,null,null,null,null,null,null,null,null,null,null,null,null,null,null,null,"BB Template",null,null,null,null,"New"]
["bedandbath","HB-TLT-BS-2-550-WH-2PC","BLANCHO BEDDING","HURBANE  2 Piece Beach Towel 500 GSM  35 In x 70 In 100% Cotton High Quality  Hotel Towel Set Outdoor White Color ","BLANCHO BEDDING",null,null,"towel-sets",37.737499999999997,20,"http://info.blanchobedding.com/DropshipProduct/HURBANE/wetransfer-2ee91d/TLT-BT-4-650-WH.jpg","http://info.blanchobedding.com/DropshipProduct/HURBANE/wetransfer-2ee91d/BoarderImageforAll-BT-650-4.jpg","http://info.blanchobedding.com/DropshipProduct/HURBANE/wetransfer-2ee91d/TLT-BT-4-650-WH.jpg",null,null,null,null,null,null,null,"Child","HB-TLT-BS-2-550-WH","Variation","ItemPackageQuantity","Update","What is GSM?\r\nGSM stands for grams per square meter, it's the standard measurement for the weight and quality of fabrics including towels. The number refers to the density of the towel which is the higher the better. Our 100% cotton with 500 GSM high quality towel set is soft, last longer due to high density and more absorbent than competitors with hiding product information.                                                                                  <ul>\r\n<li>Bath Sheet Set is the best choice for customer who are  looking for soft and  absorbent towel with reduce linting process.\r\n<li>Our towel set includes  2 bath Towel 35x70 inches \r\n<li>100% cotton and 500 GSM.\r\n<li>Excellent gift for your loved one.\r\n<li>Washing instruction: Color fastness to 60 degrees Celsiud/140 degrees Fahrenheit. Do not use bleach. Wash colors separately.\r\n","HB-TLT-BS-2-550-WH-2PC","HB-TLT-BS-2-550-WH-2PC",null,"100 % Cotton, 500 GSM.","Order includes: 2 Bath Sheet Set.","Excellent gift for your loved one.","Washing instruction: Color fastness to 60 degrees Celsiud/140 degrees Fahrenheit. ","Wash colors separately.",null,null,null,null,null,null,null,"seniors","unisex-teen","unisex-adult",null,null,null,null,null,null,null,"soft towels,bathroom towel, easy wash, easy care,absorbent towel,machine wash,highly absorbent,premium towel set,luxury towel set,red towel,blue towel,navy towel,orange towel,ivory towel,grey towel,black towel,high quality towel,beach towel, towel",null,null,null,null,null,null,null,null,2,null,null,null,"2 PC BATH SHEET SET","Cotton",null,null,null,null,null,null,null,null,null,null,null,null,null,null,null,null,null,null,null,null,null,null,null,null,null,null,null,null,null,null,null,null,null,null,null,null,null,null,null,null,null,null,null,null,null,null,null,5,"LB",null,"IN","IN","IN",35,70,null,null,null,null,null,null,null,null,null,null,null,null,null,null,null,null,null,null,null,null,null,null,null,null,null,null,null,null,null,null,null,null,null,null,null,null,null,null,null,null,null,null,null,null,null,null,null,null,null,null,null,null,null,null,null,null,null,null,null,null,null,null,null,null,null,null,null,null,null,null,null,null,null,null,null,null,null,null,null,null,null,null,"BB Template",null,null,null,null,"New"]
["bedandbath","HB-TLT-BS-2-550-WH-4PC","BLANCHO BEDDING","HURBANE  4 Piece Beach Towel 500 GSM  35 In x 70 In 100% Cotton High Quality  Hotel Towel Set Outdoor White Color ","BLANCHO BEDDING",null,null,"towel-sets",67.516911764705881,20,"http://info.blanchobedding.com/DropshipProduct/HURBANE/wetransfer-2ee91d/TLT-BT-4-650-WH.jpg","http://info.blanchobedding.com/DropshipProduct/HURBANE/wetransfer-2ee91d/BoarderImageforAll-BT-650-4.jpg","http://info.blanchobedding.com/DropshipProduct/HURBANE/wetransfer-2ee91d/TLT-BT-4-650-WH.jpg",null,null,null,null,null,null,null,"Child","HB-TLT-BS-2-550-WH","Variation","ItemPackageQuantity","Update","What is GSM?\r\nGSM stands for grams per square meter, it's the standard measurement for the weight and quality of fabrics including towels. The number refers to the density of the towel which is the higher the better. Our 100% cotton with 500 GSM high quality towel set is soft, last longer due to high density and more absorbent than competitors with hiding product information.                                                                                  <ul>\r\n<li>Bath Sheet Set is the best choice for customer who are  looking for soft and  absorbent towel with reduce linting process.\r\n<li>Our towel set includes  4 bath Towel 35x70 inches \r\n<li>100% cotton and 500 GSM.\r\n<li>Excellent gift for your loved one.\r\n<li>Washing instruction: Color fastness to 60 degrees Celsiud/140 degrees Fahrenheit. Do not use bleach. Wash colors separately.\r\n","HB-TLT-BS-2-550-WH-4PC","HB-TLT-BS-2-550-WH-4PC",null,"100 % Cotton, 500 GSM.","Order includes: 4 Bath Sheet Set.","Excellent gift for your loved one.","Washing instruction: Color fastness to 60 degrees Celsiud/140 degrees Fahrenheit. ","Wash colors separately.",null,null,null,null,null,null,null,"seniors","unisex-teen","unisex-adult",null,null,null,null,null,null,null,"soft towels,bathroom towel, easy wash, easy care,absorbent towel,machine wash,highly absorbent,premium towel set,luxury towel set,red towel,blue towel,navy towel,orange towel,ivory towel,grey towel,black towel,high quality towel,beach towel, towel",null,null,null,null,null,null,null,null,4,null,null,null,"4 PC BATH SHEET SET","Cotton",null,null,null,null,null,null,null,null,null,null,null,null,null,null,null,null,null,null,null,null,null,null,null,null,null,null,null,null,null,null,null,null,null,null,null,null,null,null,null,null,null,null,null,null,null,null,null,10,"LB",null,"IN","IN","IN",35,70,null,null,null,null,null,null,null,null,null,null,null,null,null,null,null,null,null,null,null,null,null,null,null,null,null,null,null,null,null,null,null,null,null,null,null,null,null,null,null,null,null,null,null,null,null,null,null,null,null,null,null,null,null,null,null,null,null,null,null,null,null,null,null,null,null,null,null,null,null,null,null,null,null,null,null,null,null,null,null,null,null,null,"BB Template",null,null,null,null,"New"]
["bedandbath","HB-TLT-BS-2-550-WH-6PC","BLANCHO BEDDING","HURBANE  6 Piece Beach Towel 500 GSM  35 In x 70 In 100% Cotton High Quality  Hotel Towel Set Outdoor White Color ","BLANCHO BEDDING",null,null,"towel-sets",97.222794117647055,20,"http://info.blanchobedding.com/DropshipProduct/HURBANE/wetransfer-2ee91d/TLT-BT-4-650-WH.jpg","http://info.blanchobedding.com/DropshipProduct/HURBANE/wetransfer-2ee91d/BoarderImageforAll-BT-650-4.jpg","http://info.blanchobedding.com/DropshipProduct/HURBANE/wetransfer-2ee91d/TLT-BT-4-650-WH.jpg",null,null,null,null,null,null,null,"Child","HB-TLT-BS-2-550-WH","Variation","ItemPackageQuantity","Update","What is GSM?\r\nGSM stands for grams per square meter, it's the standard measurement for the weight and quality of fabrics including towels. The number refers to the density of the towel which is the higher the better. Our 100% cotton with 500 GSM high quality towel set is soft, last longer due to high density and more absorbent than competitors with hiding product information.                                                                                  <ul>\r\n<li>Bath Sheet Set is the best choice for customer who are  looking for soft and  absorbent towel with reduce linting process.\r\n<li>Our towel set includes  6 bath Towel 35x70 inches \r\n<li>100% cotton and 500 GSM.\r\n<li>Excellent gift for your loved one.\r\n<li>Washing instruction: Color fastness to 60 degrees Celsiud/140 degrees Fahrenheit. Do not use bleach. Wash colors separately.\r\n","HB-TLT-BS-2-550-WH-6PC","HB-TLT-BS-2-550-WH-6PC",null,"100 % Cotton, 500 GSM.","Order includes: 6 Bath Sheet Set.","Excellent gift for your loved one.","Washing instruction: Color fastness to 60 degrees Celsiud/140 degrees Fahrenheit. ","Wash colors separately.",null,null,null,null,null,null,null,"seniors","unisex-teen","unisex-adult",null,null,null,null,null,null,null,"soft towels,bathroom towel, easy wash, easy care,absorbent towel,machine wash,highly absorbent,premium towel set,luxury towel set,red towel,blue towel,navy towel,orange towel,ivory towel,grey towel,black towel,high quality towel,beach towel, towel",null,null,null,null,null,null,null,null,6,null,null,null,"6 PC BATH SHEET SET","Cotton",null,null,null,null,null,null,null,null,null,null,null,null,null,null,null,null,null,null,null,null,null,null,null,null,null,null,null,null,null,null,null,null,null,null,null,null,null,null,null,null,null,null,null,null,null,null,null,15,"LB",null,"IN","IN","IN",35,70,null,null,null,null,null,null,null,null,null,null,null,null,null,null,null,null,null,null,null,null,null,null,null,null,null,null,null,null,null,null,null,null,null,null,null,null,null,null,null,null,null,null,null,null,null,null,null,null,null,null,null,null,null,null,null,null,null,null,null,null,null,null,null,null,null,null,null,null,null,null,null,null,null,null,null,null,null,null,null,null,null,null,"BB Template",null,null,null,null,"New"]
["bedandbath","HB-TLT-BS-2-550-WH-8PC","BLANCHO BEDDING","HURBANE  8 Piece Beach Towel 500 GSM  35 In x 70 In 100% Cotton High Quality  Hotel Towel Set Outdoor White Color ","BLANCHO BEDDING",null,null,"towel-sets",127.66397058823529,20,"http://info.blanchobedding.com/DropshipProduct/HURBANE/wetransfer-2ee91d/TLT-BT-4-650-WH.jpg","http://info.blanchobedding.com/DropshipProduct/HURBANE/wetransfer-2ee91d/BoarderImageforAll-BT-650-4.jpg","http://info.blanchobedding.com/DropshipProduct/HURBANE/wetransfer-2ee91d/TLT-BT-4-650-WH.jpg",null,null,null,null,null,null,null,"Child","HB-TLT-BS-2-550-WH","Variation","ItemPackageQuantity","Update","What is GSM?\r\nGSM stands for grams per square meter, it's the standard measurement for the weight and quality of fabrics including towels. The number refers to the density of the towel which is the higher the better. Our 100% cotton with 500 GSM high quality towel set is soft, last longer due to high density and more absorbent than competitors with hiding product information.                                                                                  <ul>\r\n<li>Bath Sheet Set is the best choice for customer who are  looking for soft and  absorbent towel with reduce linting process.\r\n<li>Our towel set includes  8 bath Towel 35x70 inches \r\n<li>100% cotton and 500 GSM.\r\n<li>Excellent gift for your loved one.\r\n<li>Washing instruction: Color fastness to 60 degrees Celsiud/140 degrees Fahrenheit. Do not use bleach. Wash colors separately.\r\n","HB-TLT-BS-2-550-WH-8PC","HB-TLT-BS-2-550-WH-8PC",null,"100 % Cotton, 500 GSM.","Order includes: 8 Bath Sheet Set.","Excellent gift for your loved one.","Washing instruction: Color fastness to 60 degrees Celsiud/140 degrees Fahrenheit. ","Wash colors separately.",null,null,null,null,null,null,null,"seniors","unisex-teen","unisex-adult",null,null,null,null,null,null,null,"soft towels,bathroom towel, easy wash, easy care,absorbent towel,machine wash,highly absorbent,premium towel set,luxury towel set,red towel,blue towel,navy towel,orange towel,ivory towel,grey towel,black towel,high quality towel,beach towel, towel",null,null,null,null,null,null,null,null,8,null,null,null,"8 PC BATH SHEET SET","Cotton",null,null,null,null,null,null,null,null,null,null,null,null,null,null,null,null,null,null,null,null,null,null,null,null,null,null,null,null,null,null,null,null,null,null,null,null,null,null,null,null,null,null,null,null,null,null,null,20,"LB",null,"IN","IN","IN",35,70,null,null,null,null,null,null,null,null,null,null,null,null,null,null,null,null,null,null,null,null,null,null,null,null,null,null,null,null,null,null,null,null,null,null,null,null,null,null,null,null,null,null,null,null,null,null,null,null,null,null,null,null,null,null,null,null,null,null,null,null,null,null,null,null,null,null,null,null,null,null,null,null,null,null,null,null,null,null,null,null,null,null,"BB Template",null,null,null,null,"New"]
["bedandbath","HB-TLT-BS-2-550-NBLE","BLANCHO BEDDING","HURBANE   Pieces  GSM 100% Cotton high quality  Beach Towel Set  Hotel Towels Outdoor Towel Navy Blue Color","BLANCHO BEDDING",null,null,"towel-sets",37.74,20,"http://info.blanchobedding.com/DropshipProduct/HURBANE/wetransfer-2ee91d/TLT-BT-4-650-NBLE.jpg",null,null,null,null,null,null,null,null,null,"Parent",null,null,"ItemPackageQuantity","Update","What is GSM?\r\nGSM stands for grams per square meter, it's the standard measurement for the weight and quality of fabrics including towels. The number refers to the density of the towel which is the higher the better. Our 100% cotton with 500 GSM high quality towel set is soft, last longer due to high density and more absorbent than competitors with hiding product information.                                                                                  <ul>\r\n<li>Bath Sheet Set is the best choice for customer who are  looking for soft and  absorbent towel with reduce linting process.\r\n<li>Our towel set includes  2 bath Towel 35x70 inches \r\n<li>100% cotton and 500 GSM.\r\n<li>Excellent gift for your loved one.\r\n<li>Washing instruction: Color fastness to 60 degrees Celsiud/140 degrees Fahrenheit. Do not use bleach. Wash colors separately.\r\n","HB-TLT-BS-2-550-NBLE","HB-TLT-BS-2-550-NBLE",null,"100 % Cotton, 500 GSM.","Order includes: ","Excellent gift for your loved one.","Washing instruction: Color fastness to 60 degrees Celsiud/140 degrees Fahrenheit. ","Wash colors separately.",null,null,null,null,null,null,null,"seniors","unisex-teen","unisex-adult",null,null,null,null,null,null,null,"soft towels,bathroom towel, easy wash, easy care,absorbent towel,machine wash,highly absorbent,premium towel set,luxury towel set,red towel,blue towel,navy towel,orange towel,ivory towel,grey towel,black towel,high quality towel,beach towel, towel",null,null,null,null,null,null,null,null,null,null,null,null,"BATH SHEET SET","Cotton",null,null,null,null,null,null,null,null,null,null,null,null,null,null,null,null,null,null,null,null,null,null,null,null,null,null,null,null,null,null,null,null,null,null,null,null,null,null,null,null,null,null,null,null,null,null,null,5,"LB",null,"IN","IN","IN",35,70,null,null,null,null,null,null,null,null,null,null,null,null,null,null,null,null,null,null,null,null,null,null,null,null,null,null,null,null,null,null,null,null,null,null,null,null,null,null,null,null,null,null,null,null,null,null,null,null,null,null,null,null,null,null,null,null,null,null,null,null,null,null,null,null,null,null,null,null,null,null,null,null,null,null,null,null,null,null,null,null,null,null,"BB Template",null,null,null,null,"New"]
["bedandbath","HB-TLT-BS-2-550-NBLE-2PC","BLANCHO BEDDING","HURBANE  2 Piece Beach Towel 500 GSM  35 In x 70 In 100% Cotton High Quality  Hotel Towel Set Outdoor Navy Blue Color ","BLANCHO BEDDING",null,null,"towel-sets",37.737499999999997,20,"http://info.blanchobedding.com/DropshipProduct/HURBANE/wetransfer-2ee91d/TLT-BT-4-650-NBLE.jpg","http://info.blanchobedding.com/DropshipProduct/HURBANE/wetransfer-2ee91d/BoarderImageforAll-BT-650-4.jpg","http://info.blanchobedding.com/DropshipProduct/HURBANE/wetransfer-2ee91d/TLT-BT-4-650-NBLE.jpg",null,null,null,null,null,null,null,"Child","HB-TLT-BS-2-550-NBLE","Variation","ItemPackageQuantity","Update","What is GSM?\r\nGSM stands for grams per square meter, it's the standard measurement for the weight and quality of fabrics including towels. The number refers to the density of the towel which is the higher the better. Our 100% cotton with 500 GSM high quality towel set is soft, last longer due to high density and more absorbent than competitors with hiding product information.                                                                                  <ul>\r\n<li>Bath Sheet Set is the best choice for customer who are  looking for soft and  absorbent towel with reduce linting process.\r\n<li>Our towel set includes  2 bath Towel 35x70 inches \r\n<li>100% cotton and 500 GSM.\r\n<li>Excellent gift for your loved one.\r\n<li>Washing instruction: Color fastness to 60 degrees Celsiud/140 degrees Fahrenheit. Do not use bleach. Wash colors separately.\r\n","HB-TLT-BS-2-550-NBLE-2PC","HB-TLT-BS-2-550-NBLE-2PC",null,"100 % Cotton, 500 GSM.","Order includes: 2 Bath Sheet Set.","Excellent gift for your loved one.","Washing instruction: Color fastness to 60 degrees Celsiud/140 degrees Fahrenheit. ","Wash colors separately.",null,null,null,null,null,null,null,"seniors","unisex-teen","unisex-adult",null,null,null,null,null,null,null,"soft towels,bathroom towel, easy wash, easy care,absorbent towel,machine wash,highly absorbent,premium towel set,luxury towel set,red towel,blue towel,navy towel,orange towel,ivory towel,grey towel,black towel,high quality towel,beach towel, towel",null,null,null,null,null,null,null,null,2,null,null,null,"2 PC BATH SHEET SET","Cotton",null,null,null,null,null,null,null,null,null,null,null,null,null,null,null,null,null,null,null,null,null,null,null,null,null,null,null,null,null,null,null,null,null,null,null,null,null,null,null,null,null,null,null,null,null,null,null,5,"LB",null,"IN","IN","IN",35,70,null,null,null,null,null,null,null,null,null,null,null,null,null,null,null,null,null,null,null,null,null,null,null,null,null,null,null,null,null,null,null,null,null,null,null,null,null,null,null,null,null,null,null,null,null,null,null,null,null,null,null,null,null,null,null,null,null,null,null,null,null,null,null,null,null,null,null,null,null,null,null,null,null,null,null,null,null,null,null,null,null,null,"BB Template",null,null,null,null,"New"]
["bedandbath","HB-TLT-BS-2-550-NBLE-4PC","BLANCHO BEDDING","HURBANE  4 Piece Beach Towel 500 GSM  35 In x 70 In 100% Cotton High Quality  Hotel Towel Set Outdoor Navy Blue Color ","BLANCHO BEDDING",null,null,"towel-sets",67.516911764705881,20,"http://info.blanchobedding.com/DropshipProduct/HURBANE/wetransfer-2ee91d/TLT-BT-4-650-NBLE.jpg","http://info.blanchobedding.com/DropshipProduct/HURBANE/wetransfer-2ee91d/BoarderImageforAll-BT-650-4.jpg","http://info.blanchobedding.com/DropshipProduct/HURBANE/wetransfer-2ee91d/TLT-BT-4-650-NBLE.jpg",null,null,null,null,null,null,null,"Child","HB-TLT-BS-2-550-NBLE","Variation","ItemPackageQuantity","Update","What is GSM?\r\nGSM stands for grams per square meter, it's the standard measurement for the weight and quality of fabrics including towels. The number refers to the density of the towel which is the higher the better. Our 100% cotton with 500 GSM high quality towel set is soft, last longer due to high density and more absorbent than competitors with hiding product information.                                                                                  <ul>\r\n<li>Bath Sheet Set is the best choice for customer who are  looking for soft and  absorbent towel with reduce linting process.\r\n<li>Our towel set includes  4 bath Towel 35x70 inches \r\n<li>100% cotton and 500 GSM.\r\n<li>Excellent gift for your loved one.\r\n<li>Washing instruction: Color fastness to 60 degrees Celsiud/140 degrees Fahrenheit. Do not use bleach. Wash colors separately.\r\n","HB-TLT-BS-2-550-NBLE-4PC","HB-TLT-BS-2-550-NBLE-4PC",null,"100 % Cotton, 500 GSM.","Order includes: 4 Bath Sheet Set.","Excellent gift for your loved one.","Washing instruction: Color fastness to 60 degrees Celsiud/140 degrees Fahrenheit. ","Wash colors separately.",null,null,null,null,null,null,null,"seniors","unisex-teen","unisex-adult",null,null,null,null,null,null,null,"soft towels,bathroom towel, easy wash, easy care,absorbent towel,machine wash,highly absorbent,premium towel set,luxury towel set,red towel,blue towel,navy towel,orange towel,ivory towel,grey towel,black towel,high quality towel,beach towel, towel",null,null,null,null,null,null,null,null,4,null,null,null,"4 PC BATH SHEET SET","Cotton",null,null,null,null,null,null,null,null,null,null,null,null,null,null,null,null,null,null,null,null,null,null,null,null,null,null,null,null,null,null,null,null,null,null,null,null,null,null,null,null,null,null,null,null,null,null,null,10,"LB",null,"IN","IN","IN",35,70,null,null,null,null,null,null,null,null,null,null,null,null,null,null,null,null,null,null,null,null,null,null,null,null,null,null,null,null,null,null,null,null,null,null,null,null,null,null,null,null,null,null,null,null,null,null,null,null,null,null,null,null,null,null,null,null,null,null,null,null,null,null,null,null,null,null,null,null,null,null,null,null,null,null,null,null,null,null,null,null,null,null,"BB Template",null,null,null,null,"New"]
["bedandbath","HB-TLT-BS-2-550-NBLE-6PC","BLANCHO BEDDING","HURBANE  6 Piece Beach Towel 500 GSM  35 In x 70 In 100% Cotton High Quality  Hotel Towel Set Outdoor Navy Blue Color ","BLANCHO BEDDING",null,null,"towel-sets",97.222794117647055,20,"http://info.blanchobedding.com/DropshipProduct/HURBANE/wetransfer-2ee91d/TLT-BT-4-650-NBLE.jpg","http://info.blanchobedding.com/DropshipProduct/HURBANE/wetransfer-2ee91d/BoarderImageforAll-BT-650-4.jpg","http://info.blanchobedding.com/DropshipProduct/HURBANE/wetransfer-2ee91d/TLT-BT-4-650-NBLE.jpg",null,null,null,null,null,null,null,"Child","HB-TLT-BS-2-550-NBLE","Variation","ItemPackageQuantity","Update","What is GSM?\r\nGSM stands for grams per square meter, it's the standard measurement for the weight and quality of fabrics including towels. The number refers to the density of the towel which is the higher the better. Our 100% cotton with 500 GSM high quality towel set is soft, last longer due to high density and more absorbent than competitors with hiding product information.                                                                                  <ul>\r\n<li>Bath Sheet Set is the best choice for customer who are  looking for soft and  absorbent towel with reduce linting process.\r\n<li>Our towel set includes  6 bath Towel 35x70 inches \r\n<li>100% cotton and 500 GSM.\r\n<li>Excellent gift for your loved one.\r\n<li>Washing instruction: Color fastness to 60 degrees Celsiud/140 degrees Fahrenheit. Do not use bleach. Wash colors separately.\r\n","HB-TLT-BS-2-550-NBLE-6PC","HB-TLT-BS-2-550-NBLE-6PC",null,"100 % Cotton, 500 GSM.","Order includes: 6 Bath Sheet Set.","Excellent gift for your loved one.","Washing instruction: Color fastness to 60 degrees Celsiud/140 degrees Fahrenheit. ","Wash colors separately.",null,null,null,null,null,null,null,"seniors","unisex-teen","unisex-adult",null,null,null,null,null,null,null,"soft towels,bathroom towel, easy wash, easy care,absorbent towel,machine wash,highly absorbent,premium towel set,luxury towel set,red towel,blue towel,navy towel,orange towel,ivory towel,grey towel,black towel,high quality towel,beach towel, towel",null,null,null,null,null,null,null,null,6,null,null,null,"6 PC BATH SHEET SET","Cotton",null,null,null,null,null,null,null,null,null,null,null,null,null,null,null,null,null,null,null,null,null,null,null,null,null,null,null,null,null,null,null,null,null,null,null,null,null,null,null,null,null,null,null,null,null,null,null,15,"LB",null,"IN","IN","IN",35,70,null,null,null,null,null,null,null,null,null,null,null,null,null,null,null,null,null,null,null,null,null,null,null,null,null,null,null,null,null,null,null,null,null,null,null,null,null,null,null,null,null,null,null,null,null,null,null,null,null,null,null,null,null,null,null,null,null,null,null,null,null,null,null,null,null,null,null,null,null,null,null,null,null,null,null,null,null,null,null,null,null,null,"BB Template",null,null,null,null,"New"]
["bedandbath","HB-TLT-BS-2-550-NBLE-8PC","BLANCHO BEDDING","HURBANE  8 Piece Beach Towel 500 GSM  35 In x 70 In 100% Cotton High Quality  Hotel Towel Set Outdoor Navy Blue Color ","BLANCHO BEDDING",null,null,"towel-sets",127.66397058823529,20,"http://info.blanchobedding.com/DropshipProduct/HURBANE/wetransfer-2ee91d/TLT-BT-4-650-NBLE.jpg","http://info.blanchobedding.com/DropshipProduct/HURBANE/wetransfer-2ee91d/BoarderImageforAll-BT-650-4.jpg","http://info.blanchobedding.com/DropshipProduct/HURBANE/wetransfer-2ee91d/TLT-BT-4-650-NBLE.jpg",null,null,null,null,null,null,null,"Child","HB-TLT-BS-2-550-NBLE","Variation","ItemPackageQuantity","Update","What is GSM?\r\nGSM stands for grams per square meter, it's the standard measurement for the weight and quality of fabrics including towels. The number refers to the density of the towel which is the higher the better. Our 100% cotton with 500 GSM high quality towel set is soft, last longer due to high density and more absorbent than competitors with hiding product information.                                                                                  <ul>\r\n<li>Bath Sheet Set is the best choice for customer who are  looking for soft and  absorbent towel with reduce linting process.\r\n<li>Our towel set includes  8 bath Towel 35x70 inches \r\n<li>100% cotton and 500 GSM.\r\n<li>Excellent gift for your loved one.\r\n<li>Washing instruction: Color fastness to 60 degrees Celsiud/140 degrees Fahrenheit. Do not use bleach. Wash colors separately.\r\n","HB-TLT-BS-2-550-NBLE-8PC","HB-TLT-BS-2-550-NBLE-8PC",null,"100 % Cotton, 500 GSM.","Order includes: 8 Bath Sheet Set.","Excellent gift for your loved one.","Washing instruction: Color fastness to 60 degrees Celsiud/140 degrees Fahrenheit. ","Wash colors separately.",null,null,null,null,null,null,null,"seniors","unisex-teen","unisex-adult",null,null,null,null,null,null,null,"soft towels,bathroom towel, easy wash, easy care,absorbent towel,machine wash,highly absorbent,premium towel set,luxury towel set,red towel,blue towel,navy towel,orange towel,ivory towel,grey towel,black towel,high quality towel,beach towel, towel",null,null,null,null,null,null,null,null,8,null,null,null,"8 PC BATH SHEET SET","Cotton",null,null,null,null,null,null,null,null,null,null,null,null,null,null,null,null,null,null,null,null,null,null,null,null,null,null,null,null,null,null,null,null,null,null,null,null,null,null,null,null,null,null,null,null,null,null,null,20,"LB",null,"IN","IN","IN",35,70,null,null,null,null,null,null,null,null,null,null,null,null,null,null,null,null,null,null,null,null,null,null,null,null,null,null,null,null,null,null,null,null,null,null,null,null,null,null,null,null,null,null,null,null,null,null,null,null,null,null,null,null,null,null,null,null,null,null,null,null,null,null,null,null,null,null,null,null,null,null,null,null,null,null,null,null,null,null,null,null,null,null,"BB Template",null,null,null,null,"New"]
["bedandbath","HB-TLT-BS-2-550-GRY","BLANCHO BEDDING","HURBANE   Pieces  GSM 100% Cotton high quality Beach Towel Set  Hotel Towels Outdoor Towel Grey Color","BLANCHO BEDDING",null,null,"towel-sets",37.74,20,"http://info.blanchobedding.com/DropshipProduct/HURBANE/wetransfer-2ee91d/TLT-BT-4-650-GRY.jpg",null,null,null,null,null,null,null,null,null,"Parent",null,null,"ItemPackageQuantity","Update","What is GSM?\r\nGSM stands for grams per square meter, it's the standard measurement for the weight and quality of fabrics including towels. The number refers to the density of the towel which is the higher the better. Our 100% cotton with 500 GSM high quality towel set is soft, last longer due to high density and more absorbent than competitors with hiding product information.                                                                                  <ul>\r\n<li>Bath Sheet Set is the best choice for customer who are  looking for soft and  absorbent towel with reduce linting process.\r\n<li>Our towel set includes  2 bath Towel 35x70 inches \r\n<li>100% cotton and 500 GSM.\r\n<li>Excellent gift for your loved one.\r\n<li>Washing instruction: Color fastness to 60 degrees Celsiud/140 degrees Fahrenheit. Do not use bleach. Wash colors separately.\r\n","HB-TLT-BS-2-550-GRY","HB-TLT-BS-2-550-GRY",null,"100 % Cotton, 500 GSM.","Order includes: ","Excellent gift for your loved one.","Washing instruction: Color fastness to 60 degrees Celsiud/140 degrees Fahrenheit. ","Wash colors separately.",null,null,null,null,null,null,null,"seniors","unisex-teen","unisex-adult",null,null,null,null,null,null,null,"soft towels,bathroom towel, easy wash, easy care,absorbent towel,machine wash,highly absorbent,premium towel set,luxury towel set,red towel,blue towel,navy towel,orange towel,ivory towel,grey towel,black towel,high quality towel,beach towel, towel",null,null,null,null,null,null,null,null,null,null,null,null,"BATH SHEET SET","Cotton",null,null,null,null,null,null,null,null,null,null,null,null,null,null,null,null,null,null,null,null,null,null,null,null,null,null,null,null,null,null,null,null,null,null,null,null,null,null,null,null,null,null,null,null,null,null,null,5,"LB",null,"IN","IN","IN",35,70,null,null,null,null,null,null,null,null,null,null,null,null,null,null,null,null,null,null,null,null,null,null,null,null,null,null,null,null,null,null,null,null,null,null,null,null,null,null,null,null,null,null,null,null,null,null,null,null,null,null,null,null,null,null,null,null,null,null,null,null,null,null,null,null,null,null,null,null,null,null,null,null,null,null,null,null,null,null,null,null,null,null,"BB Template",null,null,null,null,"New"]
["bedandbath","HB-TLT-BS-2-550-GRY-2PC","BLANCHO BEDDING","HURBANE  2 Piece Beach Towel 500 GSM  35 In x 70 In 100% Cotton High Quality  Hotel Towel Set Outdoor Grey Color ","BLANCHO BEDDING",null,null,"towel-sets",37.737499999999997,20,"http://info.blanchobedding.com/DropshipProduct/HURBANE/wetransfer-2ee91d/TLT-BT-4-650-GRY.jpg","http://info.blanchobedding.com/DropshipProduct/HURBANE/wetransfer-2ee91d/BoarderImageforAll-BT-650-4.jpg","http://info.blanchobedding.com/DropshipProduct/HURBANE/wetransfer-2ee91d/TLT-BT-4-650-GRY.jpg",null,null,null,null,null,null,null,"Child","HB-TLT-BS-2-550-GRY","Variation","ItemPackageQuantity","Update","What is GSM?\r\nGSM stands for grams per square meter, it's the standard measurement for the weight and quality of fabrics including towels. The number refers to the density of the towel which is the higher the better. Our 100% cotton with 500 GSM high quality towel set is soft, last longer due to high density and more absorbent than competitors with hiding product information.                                                                                  <ul>\r\n<li>Bath Sheet Set is the best choice for customer who are  looking for soft and  absorbent towel with reduce linting process.\r\n<li>Our towel set includes  2 bath Towel 35x70 inches \r\n<li>100% cotton and 500 GSM.\r\n<li>Excellent gift for your loved one.\r\n<li>Washing instruction: Color fastness to 60 degrees Celsiud/140 degrees Fahrenheit. Do not use bleach. Wash colors separately.\r\n","HB-TLT-BS-2-550-GRY-2PC","HB-TLT-BS-2-550-GRY-2PC",null,"100 % Cotton, 500 GSM.","Order includes: 2 Bath Sheet Set.","Excellent gift for your loved one.","Washing instruction: Color fastness to 60 degrees Celsiud/140 degrees Fahrenheit. ","Wash colors separately.",null,null,null,null,null,null,null,"seniors","unisex-teen","unisex-adult",null,null,null,null,null,null,null,"soft towels,bathroom towel, easy wash, easy care,absorbent towel,machine wash,highly absorbent,premium towel set,luxury towel set,red towel,blue towel,navy towel,orange towel,ivory towel,grey towel,black towel,high quality towel,beach towel, towel",null,null,null,null,null,null,null,null,2,null,null,null,"2 PC BATH SHEET SET","Cotton",null,null,null,null,null,null,null,null,null,null,null,null,null,null,null,null,null,null,null,null,null,null,null,null,null,null,null,null,null,null,null,null,null,null,null,null,null,null,null,null,null,null,null,null,null,null,null,5,"LB",null,"IN","IN","IN",35,70,null,null,null,null,null,null,null,null,null,null,null,null,null,null,null,null,null,null,null,null,null,null,null,null,null,null,null,null,null,null,null,null,null,null,null,null,null,null,null,null,null,null,null,null,null,null,null,null,null,null,null,null,null,null,null,null,null,null,null,null,null,null,null,null,null,null,null,null,null,null,null,null,null,null,null,null,null,null,null,null,null,null,"BB Template",null,null,null,null,"New"]
["bedandbath","HB-TLT-BS-2-550-GRY-4PC","BLANCHO BEDDING","HURBANE  4 Piece Beach Towel 500 GSM  35 In x 70 In 100% Cotton High Quality  Hotel Towel Set Outdoor Grey Color ","BLANCHO BEDDING",null,null,"towel-sets",67.516911764705881,20,"http://info.blanchobedding.com/DropshipProduct/HURBANE/wetransfer-2ee91d/TLT-BT-4-650-GRY.jpg","http://info.blanchobedding.com/DropshipProduct/HURBANE/wetransfer-2ee91d/BoarderImageforAll-BT-650-4.jpg","http://info.blanchobedding.com/DropshipProduct/HURBANE/wetransfer-2ee91d/TLT-BT-4-650-GRY.jpg",null,null,null,null,null,null,null,"Child","HB-TLT-BS-2-550-GRY","Variation","ItemPackageQuantity","Update","What is GSM?\r\nGSM stands for grams per square meter, it's the standard measurement for the weight and quality of fabrics including towels. The number refers to the density of the towel which is the higher the better. Our 100% cotton with 500 GSM high quality towel set is soft, last longer due to high density and more absorbent than competitors with hiding product information.                                                                                  <ul>\r\n<li>Bath Sheet Set is the best choice for customer who are  looking for soft and  absorbent towel with reduce linting process.\r\n<li>Our towel set includes  4 bath Towel 35x70 inches \r\n<li>100% cotton and 500 GSM.\r\n<li>Excellent gift for your loved one.\r\n<li>Washing instruction: Color fastness to 60 degrees Celsiud/140 degrees Fahrenheit. Do not use bleach. Wash colors separately.\r\n","HB-TLT-BS-2-550-GRY-4PC","HB-TLT-BS-2-550-GRY-4PC",null,"100 % Cotton, 500 GSM.","Order includes: 4 Bath Sheet Set.","Excellent gift for your loved one.","Washing instruction: Color fastness to 60 degrees Celsiud/140 degrees Fahrenheit. ","Wash colors separately.",null,null,null,null,null,null,null,"seniors","unisex-teen","unisex-adult",null,null,null,null,null,null,null,"soft towels,bathroom towel, easy wash, easy care,absorbent towel,machine wash,highly absorbent,premium towel set,luxury towel set,red towel,blue towel,navy towel,orange towel,ivory towel,grey towel,black towel,high quality towel,beach towel, towel",null,null,null,null,null,null,null,null,4,null,null,null,"4 PC BATH SHEET SET","Cotton",null,null,null,null,null,null,null,null,null,null,null,null,null,null,null,null,null,null,null,null,null,null,null,null,null,null,null,null,null,null,null,null,null,null,null,null,null,null,null,null,null,null,null,null,null,null,null,10,"LB",null,"IN","IN","IN",35,70,null,null,null,null,null,null,null,null,null,null,null,null,null,null,null,null,null,null,null,null,null,null,null,null,null,null,null,null,null,null,null,null,null,null,null,null,null,null,null,null,null,null,null,null,null,null,null,null,null,null,null,null,null,null,null,null,null,null,null,null,null,null,null,null,null,null,null,null,null,null,null,null,null,null,null,null,null,null,null,null,null,null,"BB Template",null,null,null,null,"New"]
["bedandbath","HB-TLT-BS-2-550-GRY-6PC","BLANCHO BEDDING","HURBANE  6 Piece Beach Towel 500 GSM  35 In x 70 In 100% Cotton High Quality  Hotel Towel Set Outdoor Grey Color ","BLANCHO BEDDING",null,null,"towel-sets",97.222794117647055,20,"http://info.blanchobedding.com/DropshipProduct/HURBANE/wetransfer-2ee91d/TLT-BT-4-650-GRY.jpg","http://info.blanchobedding.com/DropshipProduct/HURBANE/wetransfer-2ee91d/BoarderImageforAll-BT-650-4.jpg","http://info.blanchobedding.com/DropshipProduct/HURBANE/wetransfer-2ee91d/TLT-BT-4-650-GRY.jpg",null,null,null,null,null,null,null,"Child","HB-TLT-BS-2-550-GRY","Variation","ItemPackageQuantity","Update","What is GSM?\r\nGSM stands for grams per square meter, it's the standard measurement for the weight and quality of fabrics including towels. The number refers to the density of the towel which is the higher the better. Our 100% cotton with 500 GSM high quality towel set is soft, last longer due to high density and more absorbent than competitors with hiding product information.                                                                                  <ul>\r\n<li>Bath Sheet Set is the best choice for customer who are  looking for soft and  absorbent towel with reduce linting process.\r\n<li>Our towel set includes  6 bath Towel 35x70 inches \r\n<li>100% cotton and 500 GSM.\r\n<li>Excellent gift for your loved one.\r\n<li>Washing instruction: Color fastness to 60 degrees Celsiud/140 degrees Fahrenheit. Do not use bleach. Wash colors separately.\r\n","HB-TLT-BS-2-550-GRY-6PC","HB-TLT-BS-2-550-GRY-6PC",null,"100 % Cotton, 500 GSM.","Order includes: 6 Bath Sheet Set.","Excellent gift for your loved one.","Washing instruction: Color fastness to 60 degrees Celsiud/140 degrees Fahrenheit. ","Wash colors separately.",null,null,null,null,null,null,null,"seniors","unisex-teen","unisex-adult",null,null,null,null,null,null,null,"soft towels,bathroom towel, easy wash, easy care,absorbent towel,machine wash,highly absorbent,premium towel set,luxury towel set,red towel,blue towel,navy towel,orange towel,ivory towel,grey towel,black towel,high quality towel,beach towel, towel",null,null,null,null,null,null,null,null,6,null,null,null,"6 PC BATH SHEET SET","Cotton",null,null,null,null,null,null,null,null,null,null,null,null,null,null,null,null,null,null,null,null,null,null,null,null,null,null,null,null,null,null,null,null,null,null,null,null,null,null,null,null,null,null,null,null,null,null,null,15,"LB",null,"IN","IN","IN",35,70,null,null,null,null,null,null,null,null,null,null,null,null,null,null,null,null,null,null,null,null,null,null,null,null,null,null,null,null,null,null,null,null,null,null,null,null,null,null,null,null,null,null,null,null,null,null,null,null,null,null,null,null,null,null,null,null,null,null,null,null,null,null,null,null,null,null,null,null,null,null,null,null,null,null,null,null,null,null,null,null,null,null,"BB Template",null,null,null,null,"New"]
["bedandbath","HB-TLT-BS-2-550-GRY-8PC","BLANCHO BEDDING","HURBANE  8 Piece Beach Towel 500 GSM  35 In x 70 In 100% Cotton High Quality  Hotel Towel Set Outdoor Grey Color ","BLANCHO BEDDING",null,null,"towel-sets",127.66397058823529,20,"http://info.blanchobedding.com/DropshipProduct/HURBANE/wetransfer-2ee91d/TLT-BT-4-650-GRY.jpg","http://info.blanchobedding.com/DropshipProduct/HURBANE/wetransfer-2ee91d/BoarderImageforAll-BT-650-4.jpg","http://info.blanchobedding.com/DropshipProduct/HURBANE/wetransfer-2ee91d/TLT-BT-4-650-GRY.jpg",null,null,null,null,null,null,null,"Child","HB-TLT-BS-2-550-GRY","Variation","ItemPackageQuantity","Update","What is GSM?\r\nGSM stands for grams per square meter, it's the standard measurement for the weight and quality of fabrics including towels. The number refers to the density of the towel which is the higher the better. Our 100% cotton with 500 GSM high quality towel set is soft, last longer due to high density and more absorbent than competitors with hiding product information.                                                                                  <ul>\r\n<li>Bath Sheet Set is the best choice for customer who are  looking for soft and  absorbent towel with reduce linting process.\r\n<li>Our towel set includes  8 bath Towel 35x70 inches \r\n<li>100% cotton and 500 GSM.\r\n<li>Excellent gift for your loved one.\r\n<li>Washing instruction: Color fastness to 60 degrees Celsiud/140 degrees Fahrenheit. Do not use bleach. Wash colors separately.\r\n","HB-TLT-BS-2-550-GRY-8PC","HB-TLT-BS-2-550-GRY-8PC",null,"100 % Cotton, 500 GSM.","Order includes: 8 Bath Sheet Set.","Excellent gift for your loved one.","Washing instruction: Color fastness to 60 degrees Celsiud/140 degrees Fahrenheit. ","Wash colors separately.",null,null,null,null,null,null,null,"seniors","unisex-teen","unisex-adult",null,null,null,null,null,null,null,"soft towels,bathroom towel, easy wash, easy care,absorbent towel,machine wash,highly absorbent,premium towel set,luxury towel set,red towel,blue towel,navy towel,orange towel,ivory towel,grey towel,black towel,high quality towel,beach towel, towel",null,null,null,null,null,null,null,null,8,null,null,null,"8 PC BATH SHEET SET","Cotton",null,null,null,null,null,null,null,null,null,null,null,null,null,null,null,null,null,null,null,null,null,null,null,null,null,null,null,null,null,null,null,null,null,null,null,null,null,null,null,null,null,null,null,null,null,null,null,20,"LB",null,"IN","IN","IN",35,70,null,null,null,null,null,null,null,null,null,null,null,null,null,null,null,null,null,null,null,null,null,null,null,null,null,null,null,null,null,null,null,null,null,null,null,null,null,null,null,null,null,null,null,null,null,null,null,null,null,null,null,null,null,null,null,null,null,null,null,null,null,null,null,null,null,null,null,null,null,null,null,null,null,null,null,null,null,null,null,null,null,null,"BB Template",null,null,null,null,"New"]
["bedandbath","HB-TLT-BS-2-550-SND","BLANCHO BEDDING","HURBANE   Pieces  GSM 100% Cotton high quality  Beach Towel Set  Hotel Towels Outdoor Towel Sand Color","BLANCHO BEDDING",null,null,"towel-sets",37.74,20,"http://info.blanchobedding.com/DropshipProduct/HURBANE/wetransfer-2ee91d/TLT-BT-4-650-SND.jpg",null,null,null,null,null,null,null,null,null,"Parent",null,null,"ItemPackageQuantity","Update","What is GSM?\r\nGSM stands for grams per square meter, it's the standard measurement for the weight and quality of fabrics including towels. The number refers to the density of the towel which is the higher the better. Our 100% cotton with 500 GSM high quality towel set is soft, last longer due to high density and more absorbent than competitors with hiding product information.                                                                                  <ul>\r\n<li>Bath Sheet Set is the best choice for customer who are  looking for soft and  absorbent towel with reduce linting process.\r\n<li>Our towel set includes  2 bath Towel 35x70 inches \r\n<li>100% cotton and 500 GSM.\r\n<li>Excellent gift for your loved one.\r\n<li>Washing instruction: Color fastness to 60 degrees Celsiud/140 degrees Fahrenheit. Do not use bleach. Wash colors separately.\r\n","HB-TLT-BS-2-550-SND","HB-TLT-BS-2-550-SND",null,"100 % Cotton, 500 GSM.","Order includes: ","Excellent gift for your loved one.","Washing instruction: Color fastness to 60 degrees Celsiud/140 degrees Fahrenheit. ","Wash colors separately.",null,null,null,null,null,null,null,"seniors","unisex-teen","unisex-adult",null,null,null,null,null,null,null,"soft towels,bathroom towel, easy wash, easy care,absorbent towel,machine wash,highly absorbent,premium towel set,luxury towel set,red towel,blue towel,navy towel,orange towel,ivory towel,grey towel,black towel,high quality towel,beach towel, towel",null,null,null,null,null,null,null,null,null,null,null,null,"BATH SHEET SET","Cotton",null,null,null,null,null,null,null,null,null,null,null,null,null,null,null,null,null,null,null,null,null,null,null,null,null,null,null,null,null,null,null,null,null,null,null,null,null,null,null,null,null,null,null,null,null,null,null,5,"LB",null,"IN","IN","IN",35,70,null,null,null,null,null,null,null,null,null,null,null,null,null,null,null,null,null,null,null,null,null,null,null,null,null,null,null,null,null,null,null,null,null,null,null,null,null,null,null,null,null,null,null,null,null,null,null,null,null,null,null,null,null,null,null,null,null,null,null,null,null,null,null,null,null,null,null,null,null,null,null,null,null,null,null,null,null,null,null,null,null,null,"BB Template",null,null,null,null,"New"]
["bedandbath","HB-TLT-BS-2-550-SND-2PC","BLANCHO BEDDING","HURBANE  2 Piece Beach Towel 500 GSM  35 In x 70 In 100% Cotton High Quality  Hotel Towel Set Outdoor Sand Color ","BLANCHO BEDDING",null,null,"towel-sets",37.737499999999997,20,"http://info.blanchobedding.com/DropshipProduct/HURBANE/wetransfer-2ee91d/TLT-BT-4-650-SND.jpg","http://info.blanchobedding.com/DropshipProduct/HURBANE/wetransfer-2ee91d/BoarderImageforAll-BT-650-4.jpg","http://info.blanchobedding.com/DropshipProduct/HURBANE/wetransfer-2ee91d/TLT-BT-4-650-SND.jpg",null,null,null,null,null,null,null,"Child","HB-TLT-BS-2-550-SND","Variation","ItemPackageQuantity","Update","What is GSM?\r\nGSM stands for grams per square meter, it's the standard measurement for the weight and quality of fabrics including towels. The number refers to the density of the towel which is the higher the better. Our 100% cotton with 500 GSM high quality towel set is soft, last longer due to high density and more absorbent than competitors with hiding product information.                                                                                  <ul>\r\n<li>Bath Sheet Set is the best choice for customer who are  looking for soft and  absorbent towel with reduce linting process.\r\n<li>Our towel set includes  2 bath Towel 35x70 inches \r\n<li>100% cotton and 500 GSM.\r\n<li>Excellent gift for your loved one.\r\n<li>Washing instruction: Color fastness to 60 degrees Celsiud/140 degrees Fahrenheit. Do not use bleach. Wash colors separately.\r\n","HB-TLT-BS-2-550-SND-2PC","HB-TLT-BS-2-550-SND-2PC",null,"100 % Cotton, 500 GSM.","Order includes: 2 Bath Sheet Set.","Excellent gift for your loved one.","Washing instruction: Color fastness to 60 degrees Celsiud/140 degrees Fahrenheit. ","Wash colors separately.",null,null,null,null,null,null,null,"seniors","unisex-teen","unisex-adult",null,null,null,null,null,null,null,"soft towels,bathroom towel, easy wash, easy care,absorbent towel,machine wash,highly absorbent,premium towel set,luxury towel set,red towel,blue towel,navy towel,orange towel,ivory towel,grey towel,black towel,high quality towel,beach towel, towel",null,null,null,null,null,null,null,null,2,null,null,null,"2 PC BATH SHEET SET","Cotton",null,null,null,null,null,null,null,null,null,null,null,null,null,null,null,null,null,null,null,null,null,null,null,null,null,null,null,null,null,null,null,null,null,null,null,null,null,null,null,null,null,null,null,null,null,null,null,5,"LB",null,"IN","IN","IN",35,70,null,null,null,null,null,null,null,null,null,null,null,null,null,null,null,null,null,null,null,null,null,null,null,null,null,null,null,null,null,null,null,null,null,null,null,null,null,null,null,null,null,null,null,null,null,null,null,null,null,null,null,null,null,null,null,null,null,null,null,null,null,null,null,null,null,null,null,null,null,null,null,null,null,null,null,null,null,null,null,null,null,null,"BB Template",null,null,null,null,"New"]
["bedandbath","HB-TLT-BS-2-550-SND-4PC","BLANCHO BEDDING","HURBANE  4 Piece Beach Towel 500 GSM  35 In x 70 In 100% Cotton High Quality  Hotel Towel Set Outdoor Sand Color ","BLANCHO BEDDING",null,null,"towel-sets",67.516911764705881,20,"http://info.blanchobedding.com/DropshipProduct/HURBANE/wetransfer-2ee91d/TLT-BT-4-650-SND.jpg","http://info.blanchobedding.com/DropshipProduct/HURBANE/wetransfer-2ee91d/BoarderImageforAll-BT-650-4.jpg","http://info.blanchobedding.com/DropshipProduct/HURBANE/wetransfer-2ee91d/TLT-BT-4-650-SND.jpg",null,null,null,null,null,null,null,"Child","HB-TLT-BS-2-550-SND","Variation","ItemPackageQuantity","Update","What is GSM?\r\nGSM stands for grams per square meter, it's the standard measurement for the weight and quality of fabrics including towels. The number refers to the density of the towel which is the higher the better. Our 100% cotton with 500 GSM high quality towel set is soft, last longer due to high density and more absorbent than competitors with hiding product information.                                                                                  <ul>\r\n<li>Bath Sheet Set is the best choice for customer who are  looking for soft and  absorbent towel with reduce linting process.\r\n<li>Our towel set includes  4 bath Towel 35x70 inches \r\n<li>100% cotton and 500 GSM.\r\n<li>Excellent gift for your loved one.\r\n<li>Washing instruction: Color fastness to 60 degrees Celsiud/140 degrees Fahrenheit. Do not use bleach. Wash colors separately.\r\n","HB-TLT-BS-2-550-SND-4PC","HB-TLT-BS-2-550-SND-4PC",null,"100 % Cotton, 500 GSM.","Order includes: 4 Bath Sheet Set.","Excellent gift for your loved one.","Washing instruction: Color fastness to 60 degrees Celsiud/140 degrees Fahrenheit. ","Wash colors separately.",null,null,null,null,null,null,null,"seniors","unisex-teen","unisex-adult",null,null,null,null,null,null,null,"soft towels,bathroom towel, easy wash, easy care,absorbent towel,machine wash,highly absorbent,premium towel set,luxury towel set,red towel,blue towel,navy towel,orange towel,ivory towel,grey towel,black towel,high quality towel,beach towel, towel",null,null,null,null,null,null,null,null,4,null,null,null,"4 PC BATH SHEET SET","Cotton",null,null,null,null,null,null,null,null,null,null,null,null,null,null,null,null,null,null,null,null,null,null,null,null,null,null,null,null,null,null,null,null,null,null,null,null,null,null,null,null,null,null,null,null,null,null,null,10,"LB",null,"IN","IN","IN",35,70,null,null,null,null,null,null,null,null,null,null,null,null,null,null,null,null,null,null,null,null,null,null,null,null,null,null,null,null,null,null,null,null,null,null,null,null,null,null,null,null,null,null,null,null,null,null,null,null,null,null,null,null,null,null,null,null,null,null,null,null,null,null,null,null,null,null,null,null,null,null,null,null,null,null,null,null,null,null,null,null,null,null,"BB Template",null,null,null,null,"New"]
["bedandbath","HB-TLT-BS-2-550-SND-6PC","BLANCHO BEDDING","HURBANE  6 Piece Beach Towel 500 GSM  35 In x 70 In 100% Cotton High Quality  Hotel Towel Set Outdoor Sand Color ","BLANCHO BEDDING",null,null,"towel-sets",97.222794117647055,20,"http://info.blanchobedding.com/DropshipProduct/HURBANE/wetransfer-2ee91d/TLT-BT-4-650-SND.jpg","http://info.blanchobedding.com/DropshipProduct/HURBANE/wetransfer-2ee91d/BoarderImageforAll-BT-650-4.jpg","http://info.blanchobedding.com/DropshipProduct/HURBANE/wetransfer-2ee91d/TLT-BT-4-650-SND.jpg",null,null,null,null,null,null,null,"Child","HB-TLT-BS-2-550-SND","Variation","ItemPackageQuantity","Update","What is GSM?\r\nGSM stands for grams per square meter, it's the standard measurement for the weight and quality of fabrics including towels. The number refers to the density of the towel which is the higher the better. Our 100% cotton with 500 GSM high quality towel set is soft, last longer due to high density and more absorbent than competitors with hiding product information.                                                                                  <ul>\r\n<li>Bath Sheet Set is the best choice for customer who are  looking for soft and  absorbent towel with reduce linting process.\r\n<li>Our towel set includes  6 bath Towel 35x70 inches \r\n<li>100% cotton and 500 GSM.\r\n<li>Excellent gift for your loved one.\r\n<li>Washing instruction: Color fastness to 60 degrees Celsiud/140 degrees Fahrenheit. Do not use bleach. Wash colors separately.\r\n","HB-TLT-BS-2-550-SND-6PC","HB-TLT-BS-2-550-SND-6PC",null,"100 % Cotton, 500 GSM.","Order includes: 6 Bath Sheet Set.","Excellent gift for your loved one.","Washing instruction: Color fastness to 60 degrees Celsiud/140 degrees Fahrenheit. ","Wash colors separately.",null,null,null,null,null,null,null,"seniors","unisex-teen","unisex-adult",null,null,null,null,null,null,null,"soft towels,bathroom towel, easy wash, easy care,absorbent towel,machine wash,highly absorbent,premium towel set,luxury towel set,red towel,blue towel,navy towel,orange towel,ivory towel,grey towel,black towel,high quality towel,beach towel, towel",null,null,null,null,null,null,null,null,6,null,null,null,"6 PC BATH SHEET SET","Cotton",null,null,null,null,null,null,null,null,null,null,null,null,null,null,null,null,null,null,null,null,null,null,null,null,null,null,null,null,null,null,null,null,null,null,null,null,null,null,null,null,null,null,null,null,null,null,null,15,"LB",null,"IN","IN","IN",35,70,null,null,null,null,null,null,null,null,null,null,null,null,null,null,null,null,null,null,null,null,null,null,null,null,null,null,null,null,null,null,null,null,null,null,null,null,null,null,null,null,null,null,null,null,null,null,null,null,null,null,null,null,null,null,null,null,null,null,null,null,null,null,null,null,null,null,null,null,null,null,null,null,null,null,null,null,null,null,null,null,null,null,"BB Template",null,null,null,null,"New"]
["bedandbath","HB-TLT-BS-2-550-SND-8PC","BLANCHO BEDDING","HURBANE  8 Piece Beach Towel 500 GSM  35 In x 70 In 100% Cotton High Quality  Hotel Towel Set Outdoor Sand Color ","BLANCHO BEDDING",null,null,"towel-sets",127.66397058823529,20,"http://info.blanchobedding.com/DropshipProduct/HURBANE/wetransfer-2ee91d/TLT-BT-4-650-SND.jpg","http://info.blanchobedding.com/DropshipProduct/HURBANE/wetransfer-2ee91d/BoarderImageforAll-BT-650-4.jpg","http://info.blanchobedding.com/DropshipProduct/HURBANE/wetransfer-2ee91d/TLT-BT-4-650-SND.jpg",null,null,null,null,null,null,null,"Child","HB-TLT-BS-2-550-SND","Variation","ItemPackageQuantity","Update","What is GSM?\r\nGSM stands for grams per square meter, it's the standard measurement for the weight and quality of fabrics including towels. The number refers to the density of the towel which is the higher the better. Our 100% cotton with 500 GSM high quality towel set is soft, last longer due to high density and more absorbent than competitors with hiding product information.                                                                                  <ul>\r\n<li>Bath Sheet Set is the best choice for customer who are  looking for soft and  absorbent towel with reduce linting process.\r\n<li>Our towel set includes  8 bath Towel 35x70 inches \r\n<li>100% cotton and 500 GSM.\r\n<li>Excellent gift for your loved one.\r\n<li>Washing instruction: Color fastness to 60 degrees Celsiud/140 degrees Fahrenheit. Do not use bleach. Wash colors separately.\r\n","HB-TLT-BS-2-550-SND-8PC","HB-TLT-BS-2-550-SND-8PC",null,"100 % Cotton, 500 GSM.","Order includes: 8 Bath Sheet Set.","Excellent gift for your loved one.","Washing instruction: Color fastness to 60 degrees Celsiud/140 degrees Fahrenheit. ","Wash colors separately.",null,null,null,null,null,null,null,"seniors","unisex-teen","unisex-adult",null,null,null,null,null,null,null,"soft towels,bathroom towel, easy wash, easy care,absorbent towel,machine wash,highly absorbent,premium towel set,luxury towel set,red towel,blue towel,navy towel,orange towel,ivory towel,grey towel,black towel,high quality towel,beach towel, towel",null,null,null,null,null,null,null,null,8,null,null,null,"8 PC BATH SHEET SET","Cotton",null,null,null,null,null,null,null,null,null,null,null,null,null,null,null,null,null,null,null,null,null,null,null,null,null,null,null,null,null,null,null,null,null,null,null,null,null,null,null,null,null,null,null,null,null,null,null,20,"LB",null,"IN","IN","IN",35,70,null,null,null,null,null,null,null,null,null,null,null,null,null,null,null,null,null,null,null,null,null,null,null,null,null,null,null,null,null,null,null,null,null,null,null,null,null,null,null,null,null,null,null,null,null,null,null,null,null,null,null,null,null,null,null,null,null,null,null,null,null,null,null,null,null,null,null,null,null,null,null,null,null,null,null,null,null,null,null,null,null,null,"BB Template",null,null,null,null,"New"]
["bedandbath","HB-TLT-BS-2-550-BLK","BLANCHO BEDDING","HURBANE   Pieces  GSM 100% Cotton high quality  Beach Towel Set  Hotel Towels Outdoor Towel Black Color","BLANCHO BEDDING",null,null,"towel-sets",37.74,20,"http://info.blanchobedding.com/DropshipProduct/HURBANE/wetransfer-2ee91d/TLT-BT-4-650-BLK.jpg",null,null,null,null,null,null,null,null,null,"Parent",null,null,"ItemPackageQuantity","Update","What is GSM?\r\nGSM stands for grams per square meter, it's the standard measurement for the weight and quality of fabrics including towels. The number refers to the density of the towel which is the higher the better. Our 100% cotton with 500 GSM high quality towel set is soft, last longer due to high density and more absorbent than competitors with hiding product information.                                                                                  <ul>\r\n<li>Bath Sheet Set is the best choice for customer who are  looking for soft and  absorbent towel with reduce linting process.\r\n<li>Our towel set includes  2 bath Towel 35x70 inches \r\n<li>100% cotton and 500 GSM.\r\n<li>Excellent gift for your loved one.\r\n<li>Washing instruction: Color fastness to 60 degrees Celsiud/140 degrees Fahrenheit. Do not use bleach. Wash colors separately.\r\n","HB-TLT-BS-2-550-BLK","HB-TLT-BS-2-550-BLK",null,"100 % Cotton, 500 GSM.","Order includes: ","Excellent gift for your loved one.","Washing instruction: Color fastness to 60 degrees Celsiud/140 degrees Fahrenheit. ","Wash colors separately.",null,null,null,null,null,null,null,"seniors","unisex-teen","unisex-adult",null,null,null,null,null,null,null,"soft towels,bathroom towel, easy wash, easy care,absorbent towel,machine wash,highly absorbent,premium towel set,luxury towel set,red towel,blue towel,navy towel,orange towel,ivory towel,grey towel,black towel,high quality towel,beach towel, towel",null,null,null,null,null,null,null,null,null,null,null,null,"BATH SHEET SET","Cotton",null,null,null,null,null,null,null,null,null,null,null,null,null,null,null,null,null,null,null,null,null,null,null,null,null,null,null,null,null,null,null,null,null,null,null,null,null,null,null,null,null,null,null,null,null,null,null,5,"LB",null,"IN","IN","IN",35,70,null,null,null,null,null,null,null,null,null,null,null,null,null,null,null,null,null,null,null,null,null,null,null,null,null,null,null,null,null,null,null,null,null,null,null,null,null,null,null,null,null,null,null,null,null,null,null,null,null,null,null,null,null,null,null,null,null,null,null,null,null,null,null,null,null,null,null,null,null,null,null,null,null,null,null,null,null,null,null,null,null,null,"BB Template",null,null,null,null,"New"]
["bedandbath","HB-TLT-BS-2-550-BLK-2PC","BLANCHO BEDDING","HURBANE  2 Piece Beach Towel 500 GSM  35 In x 70 In 100% Cotton High Quality  Hotel Towel Set Outdoor Black Color ","BLANCHO BEDDING",null,null,"towel-sets",37.737499999999997,20,"http://info.blanchobedding.com/DropshipProduct/HURBANE/wetransfer-2ee91d/TLT-BT-4-650-BLK.jpg","http://info.blanchobedding.com/DropshipProduct/HURBANE/wetransfer-2ee91d/BoarderImageforAll-BT-650-4.jpg","http://info.blanchobedding.com/DropshipProduct/HURBANE/wetransfer-2ee91d/TLT-BT-4-650-BLK.jpg",null,null,null,null,null,null,null,"Child","HB-TLT-BS-2-550-BLK","Variation","ItemPackageQuantity","Update","What is GSM?\r\nGSM stands for grams per square meter, it's the standard measurement for the weight and quality of fabrics including towels. The number refers to the density of the towel which is the higher the better. Our 100% cotton with 500 GSM high quality towel set is soft, last longer due to high density and more absorbent than competitors with hiding product information.                                                                                  <ul>\r\n<li>Bath Sheet Set is the best choice for customer who are  looking for soft and  absorbent towel with reduce linting process.\r\n<li>Our towel set includes  2 bath Towel 35x70 inches \r\n<li>100% cotton and 500 GSM.\r\n<li>Excellent gift for your loved one.\r\n<li>Washing instruction: Color fastness to 60 degrees Celsiud/140 degrees Fahrenheit. Do not use bleach. Wash colors separately.\r\n","HB-TLT-BS-2-550-BLK-2PC","HB-TLT-BS-2-550-BLK-2PC",null,"100 % Cotton, 500 GSM.","Order includes: 2 Bath Sheet Set.","Excellent gift for your loved one.","Washing instruction: Color fastness to 60 degrees Celsiud/140 degrees Fahrenheit. ","Wash colors separately.",null,null,null,null,null,null,null,"seniors","unisex-teen","unisex-adult",null,null,null,null,null,null,null,"soft towels,bathroom towel, easy wash, easy care,absorbent towel,machine wash,highly absorbent,premium towel set,luxury towel set,red towel,blue towel,navy towel,orange towel,ivory towel,grey towel,black towel,high quality towel,beach towel, towel",null,null,null,null,null,null,null,null,2,null,null,null,"2 PC BATH SHEET SET","Cotton",null,null,null,null,null,null,null,null,null,null,null,null,null,null,null,null,null,null,null,null,null,null,null,null,null,null,null,null,null,null,null,null,null,null,null,null,null,null,null,null,null,null,null,null,null,null,null,5,"LB",null,"IN","IN","IN",35,70,null,null,null,null,null,null,null,null,null,null,null,null,null,null,null,null,null,null,null,null,null,null,null,null,null,null,null,null,null,null,null,null,null,null,null,null,null,null,null,null,null,null,null,null,null,null,null,null,null,null,null,null,null,null,null,null,null,null,null,null,null,null,null,null,null,null,null,null,null,null,null,null,null,null,null,null,null,null,null,null,null,null,"BB Template",null,null,null,null,"New"]
["bedandbath","HB-TLT-BS-2-550-BLK-4PC","BLANCHO BEDDING","HURBANE  4 Piece Beach Towel 500 GSM  35 In x 70 In 100% Cotton High Quality  Hotel Towel Set Outdoor Black Color ","BLANCHO BEDDING",null,null,"towel-sets",67.516911764705881,20,"http://info.blanchobedding.com/DropshipProduct/HURBANE/wetransfer-2ee91d/TLT-BT-4-650-BLK.jpg","http://info.blanchobedding.com/DropshipProduct/HURBANE/wetransfer-2ee91d/BoarderImageforAll-BT-650-4.jpg","http://info.blanchobedding.com/DropshipProduct/HURBANE/wetransfer-2ee91d/TLT-BT-4-650-BLK.jpg",null,null,null,null,null,null,null,"Child","HB-TLT-BS-2-550-BLK","Variation","ItemPackageQuantity","Update","What is GSM?\r\nGSM stands for grams per square meter, it's the standard measurement for the weight and quality of fabrics including towels. The number refers to the density of the towel which is the higher the better. Our 100% cotton with 500 GSM high quality towel set is soft, last longer due to high density and more absorbent than competitors with hiding product information.                                                                                  <ul>\r\n<li>Bath Sheet Set is the best choice for customer who are  looking for soft and  absorbent towel with reduce linting process.\r\n<li>Our towel set includes  4 bath Towel 35x70 inches \r\n<li>100% cotton and 500 GSM.\r\n<li>Excellent gift for your loved one.\r\n<li>Washing instruction: Color fastness to 60 degrees Celsiud/140 degrees Fahrenheit. Do not use bleach. Wash colors separately.\r\n","HB-TLT-BS-2-550-BLK-4PC","HB-TLT-BS-2-550-BLK-4PC",null,"100 % Cotton, 500 GSM.","Order includes: 4 Bath Sheet Set.","Excellent gift for your loved one.","Washing instruction: Color fastness to 60 degrees Celsiud/140 degrees Fahrenheit. ","Wash colors separately.",null,null,null,null,null,null,null,"seniors","unisex-teen","unisex-adult",null,null,null,null,null,null,null,"soft towels,bathroom towel, easy wash, easy care,absorbent towel,machine wash,highly absorbent,premium towel set,luxury towel set,red towel,blue towel,navy towel,orange towel,ivory towel,grey towel,black towel,high quality towel,beach towel, towel",null,null,null,null,null,null,null,null,4,null,null,null,"4 PC BATH SHEET SET","Cotton",null,null,null,null,null,null,null,null,null,null,null,null,null,null,null,null,null,null,null,null,null,null,null,null,null,null,null,null,null,null,null,null,null,null,null,null,null,null,null,null,null,null,null,null,null,null,null,10,"LB",null,"IN","IN","IN",35,70,null,null,null,null,null,null,null,null,null,null,null,null,null,null,null,null,null,null,null,null,null,null,null,null,null,null,null,null,null,null,null,null,null,null,null,null,null,null,null,null,null,null,null,null,null,null,null,null,null,null,null,null,null,null,null,null,null,null,null,null,null,null,null,null,null,null,null,null,null,null,null,null,null,null,null,null,null,null,null,null,null,null,"BB Template",null,null,null,null,"New"]
["bedandbath","HB-TLT-BS-2-550-BLK-6PC","BLANCHO BEDDING","HURBANE  6 Piece Beach Towel 500 GSM  35 In x 70 In 100% Cotton High Quality  Hotel Towel Set Outdoor Black Color ","BLANCHO BEDDING",null,null,"towel-sets",97.222794117647055,20,"http://info.blanchobedding.com/DropshipProduct/HURBANE/wetransfer-2ee91d/TLT-BT-4-650-BLK.jpg","http://info.blanchobedding.com/DropshipProduct/HURBANE/wetransfer-2ee91d/BoarderImageforAll-BT-650-4.jpg","http://info.blanchobedding.com/DropshipProduct/HURBANE/wetransfer-2ee91d/TLT-BT-4-650-BLK.jpg",null,null,null,null,null,null,null,"Child","HB-TLT-BS-2-550-BLK","Variation","ItemPackageQuantity","Update","What is GSM?\r\nGSM stands for grams per square meter, it's the standard measurement for the weight and quality of fabrics including towels. The number refers to the density of the towel which is the higher the better. Our 100% cotton with 500 GSM high quality towel set is soft, last longer due to high density and more absorbent than competitors with hiding product information.                                                                                  <ul>\r\n<li>Bath Sheet Set is the best choice for customer who are  looking for soft and  absorbent towel with reduce linting process.\r\n<li>Our towel set includes  6 bath Towel 35x70 inches \r\n<li>100% cotton and 500 GSM.\r\n<li>Excellent gift for your loved one.\r\n<li>Washing instruction: Color fastness to 60 degrees Celsiud/140 degrees Fahrenheit. Do not use bleach. Wash colors separately.\r\n","HB-TLT-BS-2-550-BLK-6PC","HB-TLT-BS-2-550-BLK-6PC",null,"100 % Cotton, 500 GSM.","Order includes: 6 Bath Sheet Set.","Excellent gift for your loved one.","Washing instruction: Color fastness to 60 degrees Celsiud/140 degrees Fahrenheit. ","Wash colors separately.",null,null,null,null,null,null,null,"seniors","unisex-teen","unisex-adult",null,null,null,null,null,null,null,"soft towels,bathroom towel, easy wash, easy care,absorbent towel,machine wash,highly absorbent,premium towel set,luxury towel set,red towel,blue towel,navy towel,orange towel,ivory towel,grey towel,black towel,high quality towel,beach towel, towel",null,null,null,null,null,null,null,null,6,null,null,null,"6 PC BATH SHEET SET","Cotton",null,null,null,null,null,null,null,null,null,null,null,null,null,null,null,null,null,null,null,null,null,null,null,null,null,null,null,null,null,null,null,null,null,null,null,null,null,null,null,null,null,null,null,null,null,null,null,15,"LB",null,"IN","IN","IN",35,70,null,null,null,null,null,null,null,null,null,null,null,null,null,null,null,null,null,null,null,null,null,null,null,null,null,null,null,null,null,null,null,null,null,null,null,null,null,null,null,null,null,null,null,null,null,null,null,null,null,null,null,null,null,null,null,null,null,null,null,null,null,null,null,null,null,null,null,null,null,null,null,null,null,null,null,null,null,null,null,null,null,null,"BB Template",null,null,null,null,"New"]
["bedandbath","HB-TLT-BS-2-550-BLK-8PC","BLANCHO BEDDING","HURBANE  8 Piece Beach Towel 500 GSM  35 In x 70 In 100% Cotton High Quality  Hotel Towel Set Outdoor Black Color ","BLANCHO BEDDING",null,null,"towel-sets",127.66397058823529,20,"http://info.blanchobedding.com/DropshipProduct/HURBANE/wetransfer-2ee91d/TLT-BT-4-650-BLK.jpg","http://info.blanchobedding.com/DropshipProduct/HURBANE/wetransfer-2ee91d/BoarderImageforAll-BT-650-4.jpg","http://info.blanchobedding.com/DropshipProduct/HURBANE/wetransfer-2ee91d/TLT-BT-4-650-BLK.jpg",null,null,null,null,null,null,null,"Child","HB-TLT-BS-2-550-BLK","Variation","ItemPackageQuantity","Update","What is GSM?\r\nGSM stands for grams per square meter, it's the standard measurement for the weight and quality of fabrics including towels. The number refers to the density of the towel which is the higher the better. Our 100% cotton with 500 GSM high quality towel set is soft, last longer due to high density and more absorbent than competitors with hiding product information.                                                                                  <ul>\r\n<li>Bath Sheet Set is the best choice for customer who are  looking for soft and  absorbent towel with reduce linting process.\r\n<li>Our towel set includes  8 bath Towel 35x70 inches \r\n<li>100% cotton and 500 GSM.\r\n<li>Excellent gift for your loved one.\r\n<li>Washing instruction: Color fastness to 60 degrees Celsiud/140 degrees Fahrenheit. Do not use bleach. Wash colors separately.\r\n","HB-TLT-BS-2-550-BLK-8PC","HB-TLT-BS-2-550-BLK-8PC",null,"100 % Cotton, 500 GSM.","Order includes: 8 Bath Sheet Set.","Excellent gift for your loved one.","Washing instruction: Color fastness to 60 degrees Celsiud/140 degrees Fahrenheit. ","Wash colors separately.",null,null,null,null,null,null,null,"seniors","unisex-teen","unisex-adult",null,null,null,null,null,null,null,"soft towels,bathroom towel, easy wash, easy care,absorbent towel,machine wash,highly absorbent,premium towel set,luxury towel set,red towel,blue towel,navy towel,orange towel,ivory towel,grey towel,black towel,high quality towel,beach towel, towel",null,null,null,null,null,null,null,null,8,null,null,null,"8 PC BATH SHEET SET","Cotton",null,null,null,null,null,null,null,null,null,null,null,null,null,null,null,null,null,null,null,null,null,null,null,null,null,null,null,null,null,null,null,null,null,null,null,null,null,null,null,null,null,null,null,null,null,null,null,20,"LB",null,"IN","IN","IN",35,70,null,null,null,null,null,null,null,null,null,null,null,null,null,null,null,null,null,null,null,null,null,null,null,null,null,null,null,null,null,null,null,null,null,null,null,null,null,null,null,null,null,null,null,null,null,null,null,null,null,null,null,null,null,null,null,null,null,null,null,null,null,null,null,null,null,null,null,null,null,null,null,null,null,null,null,null,null,null,null,null,null,null,"BB Template",null,null,null,null,"New"]
["bedandbath","HB-TLT-BS-2-550-OR","BLANCHO BEDDING","HURBANE   Pieces  GSM 100% Cotton high quality  Beach Towel Set  Hotel Towels Outdoor Towel Orange Color","BLANCHO BEDDING",null,null,"towel-sets",37.74,20,"http://info.blanchobedding.com/DropshipProduct/HURBANE/wetransfer-2ee91d/TLT-BT-4-650-OR.jpg",null,null,null,null,null,null,null,null,null,"Parent",null,null,"ItemPackageQuantity","Update","What is GSM?\r\nGSM stands for grams per square meter, it's the standard measurement for the weight and quality of fabrics including towels. The number refers to the density of the towel which is the higher the better. Our 100% cotton with 500 GSM high quality towel set is soft, last longer due to high density and more absorbent than competitors with hiding product information.                                                                                  <ul>\r\n<li>Bath Sheet Set is the best choice for customer who are  looking for soft and  absorbent towel with reduce linting process.\r\n<li>Our towel set includes  2 bath Towel 35x70 inches \r\n<li>100% cotton and 500 GSM.\r\n<li>Excellent gift for your loved one.\r\n<li>Washing instruction: Color fastness to 60 degrees Celsiud/140 degrees Fahrenheit. Do not use bleach. Wash colors separately.\r\n","HB-TLT-BS-2-550-OR","HB-TLT-BS-2-550-OR",null,"100 % Cotton, 500 GSM.","Order includes: ","Excellent gift for your loved one.","Washing instruction: Color fastness to 60 degrees Celsiud/140 degrees Fahrenheit. ","Wash colors separately.",null,null,null,null,null,null,null,"seniors","unisex-teen","unisex-adult",null,null,null,null,null,null,null,"soft towels,bathroom towel, easy wash, easy care,absorbent towel,machine wash,highly absorbent,premium towel set,luxury towel set,red towel,blue towel,navy towel,orange towel,ivory towel,grey towel,black towel,high quality towel,beach towel, towel",null,null,null,null,null,null,null,null,null,null,null,null,"BATH SHEET SET","Cotton",null,null,null,null,null,null,null,null,null,null,null,null,null,null,null,null,null,null,null,null,null,null,null,null,null,null,null,null,null,null,null,null,null,null,null,null,null,null,null,null,null,null,null,null,null,null,null,5,"LB",null,"IN","IN","IN",35,70,null,null,null,null,null,null,null,null,null,null,null,null,null,null,null,null,null,null,null,null,null,null,null,null,null,null,null,null,null,null,null,null,null,null,null,null,null,null,null,null,null,null,null,null,null,null,null,null,null,null,null,null,null,null,null,null,null,null,null,null,null,null,null,null,null,null,null,null,null,null,null,null,null,null,null,null,null,null,null,null,null,null,"BB Template",null,null,null,null,"New"]
["bedandbath","HB-TLT-BS-2-550-OR-2PC","BLANCHO BEDDING","HURBANE  2 Piece Beach Towel 500 GSM  35 In x 70 In 100% Cotton High Quality  Hotel Towel Set Outdoor Orange Color ","BLANCHO BEDDING",null,null,"towel-sets",37.737499999999997,20,"http://info.blanchobedding.com/DropshipProduct/HURBANE/wetransfer-2ee91d/TLT-BT-4-650-OR.jpg","http://info.blanchobedding.com/DropshipProduct/HURBANE/wetransfer-2ee91d/BoarderImageforAll-BT-650-4.jpg","http://info.blanchobedding.com/DropshipProduct/HURBANE/wetransfer-2ee91d/TLT-BT-4-650-OR.jpg",null,null,null,null,null,null,null,"Child","HB-TLT-BS-2-550-OR","Variation","ItemPackageQuantity","Update","What is GSM?\r\nGSM stands for grams per square meter, it's the standard measurement for the weight and quality of fabrics including towels. The number refers to the density of the towel which is the higher the better. Our 100% cotton with 500 GSM high quality towel set is soft, last longer due to high density and more absorbent than competitors with hiding product information.                                                                                  <ul>\r\n<li>Bath Sheet Set is the best choice for customer who are  looking for soft and  absorbent towel with reduce linting process.\r\n<li>Our towel set includes  2 bath Towel 35x70 inches \r\n<li>100% cotton and 500 GSM.\r\n<li>Excellent gift for your loved one.\r\n<li>Washing instruction: Color fastness to 60 degrees Celsiud/140 degrees Fahrenheit. Do not use bleach. Wash colors separately.\r\n","HB-TLT-BS-2-550-OR-2PC","HB-TLT-BS-2-550-OR-2PC",null,"100 % Cotton, 500 GSM.","Order includes: 2 Bath Sheet Set.","Excellent gift for your loved one.","Washing instruction: Color fastness to 60 degrees Celsiud/140 degrees Fahrenheit. ","Wash colors separately.",null,null,null,null,null,null,null,"seniors","unisex-teen","unisex-adult",null,null,null,null,null,null,null,"soft towels,bathroom towel, easy wash, easy care,absorbent towel,machine wash,highly absorbent,premium towel set,luxury towel set,red towel,blue towel,navy towel,orange towel,ivory towel,grey towel,black towel,high quality towel,beach towel, towel",null,null,null,null,null,null,null,null,2,null,null,null,"2 PC BATH SHEET SET","Cotton",null,null,null,null,null,null,null,null,null,null,null,null,null,null,null,null,null,null,null,null,null,null,null,null,null,null,null,null,null,null,null,null,null,null,null,null,null,null,null,null,null,null,null,null,null,null,null,5,"LB",null,"IN","IN","IN",35,70,null,null,null,null,null,null,null,null,null,null,null,null,null,null,null,null,null,null,null,null,null,null,null,null,null,null,null,null,null,null,null,null,null,null,null,null,null,null,null,null,null,null,null,null,null,null,null,null,null,null,null,null,null,null,null,null,null,null,null,null,null,null,null,null,null,null,null,null,null,null,null,null,null,null,null,null,null,null,null,null,null,null,"BB Template",null,null,null,null,"New"]
["bedandbath","HB-TLT-BS-2-550-OR-4PC","BLANCHO BEDDING","HURBANE  4 Piece Beach Towel 500 GSM  35 In x 70 In 100% Cotton High Quality  Hotel Towel Set Outdoor Orange Color ","BLANCHO BEDDING",null,null,"towel-sets",67.516911764705881,20,"http://info.blanchobedding.com/DropshipProduct/HURBANE/wetransfer-2ee91d/TLT-BT-4-650-OR.jpg","http://info.blanchobedding.com/DropshipProduct/HURBANE/wetransfer-2ee91d/BoarderImageforAll-BT-650-4.jpg","http://info.blanchobedding.com/DropshipProduct/HURBANE/wetransfer-2ee91d/TLT-BT-4-650-OR.jpg",null,null,null,null,null,null,null,"Child","HB-TLT-BS-2-550-OR","Variation","ItemPackageQuantity","Update","What is GSM?\r\nGSM stands for grams per square meter, it's the standard measurement for the weight and quality of fabrics including towels. The number refers to the density of the towel which is the higher the better. Our 100% cotton with 500 GSM high quality towel set is soft, last longer due to high density and more absorbent than competitors with hiding product information.                                                                                  <ul>\r\n<li>Bath Sheet Set is the best choice for customer who are  looking for soft and  absorbent towel with reduce linting process.\r\n<li>Our towel set includes  4 bath Towel 35x70 inches \r\n<li>100% cotton and 500 GSM.\r\n<li>Excellent gift for your loved one.\r\n<li>Washing instruction: Color fastness to 60 degrees Celsiud/140 degrees Fahrenheit. Do not use bleach. Wash colors separately.\r\n","HB-TLT-BS-2-550-OR-4PC","HB-TLT-BS-2-550-OR-4PC",null,"100 % Cotton, 500 GSM.","Order includes: 4 Bath Sheet Set.","Excellent gift for your loved one.","Washing instruction: Color fastness to 60 degrees Celsiud/140 degrees Fahrenheit. ","Wash colors separately.",null,null,null,null,null,null,null,"seniors","unisex-teen","unisex-adult",null,null,null,null,null,null,null,"soft towels,bathroom towel, easy wash, easy care,absorbent towel,machine wash,highly absorbent,premium towel set,luxury towel set,red towel,blue towel,navy towel,orange towel,ivory towel,grey towel,black towel,high quality towel,beach towel, towel",null,null,null,null,null,null,null,null,4,null,null,null,"4 PC BATH SHEET SET","Cotton",null,null,null,null,null,null,null,null,null,null,null,null,null,null,null,null,null,null,null,null,null,null,null,null,null,null,null,null,null,null,null,null,null,null,null,null,null,null,null,null,null,null,null,null,null,null,null,10,"LB",null,"IN","IN","IN",35,70,null,null,null,null,null,null,null,null,null,null,null,null,null,null,null,null,null,null,null,null,null,null,null,null,null,null,null,null,null,null,null,null,null,null,null,null,null,null,null,null,null,null,null,null,null,null,null,null,null,null,null,null,null,null,null,null,null,null,null,null,null,null,null,null,null,null,null,null,null,null,null,null,null,null,null,null,null,null,null,null,null,null,"BB Template",null,null,null,null,"New"]
["bedandbath","HB-TLT-BS-2-550-OR-6PC","BLANCHO BEDDING","HURBANE  6 Piece Beach Towel 500 GSM  35 In x 70 In 100% Cotton High Quality  Hotel Towel Set Outdoor Orange Color ","BLANCHO BEDDING",null,null,"towel-sets",97.222794117647055,20,"http://info.blanchobedding.com/DropshipProduct/HURBANE/wetransfer-2ee91d/TLT-BT-4-650-OR.jpg","http://info.blanchobedding.com/DropshipProduct/HURBANE/wetransfer-2ee91d/BoarderImageforAll-BT-650-4.jpg","http://info.blanchobedding.com/DropshipProduct/HURBANE/wetransfer-2ee91d/TLT-BT-4-650-OR.jpg",null,null,null,null,null,null,null,"Child","HB-TLT-BS-2-550-OR","Variation","ItemPackageQuantity","Update","What is GSM?\r\nGSM stands for grams per square meter, it's the standard measurement for the weight and quality of fabrics including towels. The number refers to the density of the towel which is the higher the better. Our 100% cotton with 500 GSM high quality towel set is soft, last longer due to high density and more absorbent than competitors with hiding product information.                                                                                  <ul>\r\n<li>Bath Sheet Set is the best choice for customer who are  looking for soft and  absorbent towel with reduce linting process.\r\n<li>Our towel set includes  6 bath Towel 35x70 inches \r\n<li>100% cotton and 500 GSM.\r\n<li>Excellent gift for your loved one.\r\n<li>Washing instruction: Color fastness to 60 degrees Celsiud/140 degrees Fahrenheit. Do not use bleach. Wash colors separately.\r\n","HB-TLT-BS-2-550-OR-6PC","HB-TLT-BS-2-550-OR-6PC",null,"100 % Cotton, 500 GSM.","Order includes: 6 Bath Sheet Set.","Excellent gift for your loved one.","Washing instruction: Color fastness to 60 degrees Celsiud/140 degrees Fahrenheit. ","Wash colors separately.",null,null,null,null,null,null,null,"seniors","unisex-teen","unisex-adult",null,null,null,null,null,null,null,"soft towels,bathroom towel, easy wash, easy care,absorbent towel,machine wash,highly absorbent,premium towel set,luxury towel set,red towel,blue towel,navy towel,orange towel,ivory towel,grey towel,black towel,high quality towel,beach towel, towel",null,null,null,null,null,null,null,null,6,null,null,null,"6 PC BATH SHEET SET","Cotton",null,null,null,null,null,null,null,null,null,null,null,null,null,null,null,null,null,null,null,null,null,null,null,null,null,null,null,null,null,null,null,null,null,null,null,null,null,null,null,null,null,null,null,null,null,null,null,15,"LB",null,"IN","IN","IN",35,70,null,null,null,null,null,null,null,null,null,null,null,null,null,null,null,null,null,null,null,null,null,null,null,null,null,null,null,null,null,null,null,null,null,null,null,null,null,null,null,null,null,null,null,null,null,null,null,null,null,null,null,null,null,null,null,null,null,null,null,null,null,null,null,null,null,null,null,null,null,null,null,null,null,null,null,null,null,null,null,null,null,null,"BB Template",null,null,null,null,"New"]
["bedandbath","HB-TLT-BS-2-550-OR-8PC","BLANCHO BEDDING","HURBANE  8 Piece Beach Towel 500 GSM  35 In x 70 In 100% Cotton High Quality  Hotel Towel Set Outdoor Orange Color ","BLANCHO BEDDING",null,null,"towel-sets",127.66397058823529,20,"http://info.blanchobedding.com/DropshipProduct/HURBANE/wetransfer-2ee91d/TLT-BT-4-650-OR.jpg","http://info.blanchobedding.com/DropshipProduct/HURBANE/wetransfer-2ee91d/BoarderImageforAll-BT-650-4.jpg","http://info.blanchobedding.com/DropshipProduct/HURBANE/wetransfer-2ee91d/TLT-BT-4-650-OR.jpg",null,null,null,null,null,null,null,"Child","HB-TLT-BS-2-550-OR","Variation","ItemPackageQuantity","Update","What is GSM?\r\nGSM stands for grams per square meter, it's the standard measurement for the weight and quality of fabrics including towels. The number refers to the density of the towel which is the higher the better. Our 100% cotton with 500 GSM high quality towel set is soft, last longer due to high density and more absorbent than competitors with hiding product information.                                                                                  <ul>\r\n<li>Bath Sheet Set is the best choice for customer who are  looking for soft and  absorbent towel with reduce linting process.\r\n<li>Our towel set includes  8 bath Towel 35x70 inches \r\n<li>100% cotton and 500 GSM.\r\n<li>Excellent gift for your loved one.\r\n<li>Washing instruction: Color fastness to 60 degrees Celsiud/140 degrees Fahrenheit. Do not use bleach. Wash colors separately.\r\n","HB-TLT-BS-2-550-OR-8PC","HB-TLT-BS-2-550-OR-8PC",null,"100 % Cotton, 500 GSM.","Order includes: 8 Bath Sheet Set.","Excellent gift for your loved one.","Washing instruction: Color fastness to 60 degrees Celsiud/140 degrees Fahrenheit. ","Wash colors separately.",null,null,null,null,null,null,null,"seniors","unisex-teen","unisex-adult",null,null,null,null,null,null,null,"soft towels,bathroom towel, easy wash, easy care,absorbent towel,machine wash,highly absorbent,premium towel set,luxury towel set,red towel,blue towel,navy towel,orange towel,ivory towel,grey towel,black towel,high quality towel,beach towel, towel",null,null,null,null,null,null,null,null,8,null,null,null,"8 PC BATH SHEET SET","Cotton",null,null,null,null,null,null,null,null,null,null,null,null,null,null,null,null,null,null,null,null,null,null,null,null,null,null,null,null,null,null,null,null,null,null,null,null,null,null,null,null,null,null,null,null,null,null,null,20,"LB",null,"IN","IN","IN",35,70,null,null,null,null,null,null,null,null,null,null,null,null,null,null,null,null,null,null,null,null,null,null,null,null,null,null,null,null,null,null,null,null,null,null,null,null,null,null,null,null,null,null,null,null,null,null,null,null,null,null,null,null,null,null,null,null,null,null,null,null,null,null,null,null,null,null,null,null,null,null,null,null,null,null,null,null,null,null,null,null,null,null,"BB Template",null,null,null,null,"New"]
["bedandbath","HB-TLT-BT-4-650","BLANCHO BEDDING","HURBANE   Pieces  GSM 100% Cotton high quality  Towel Set  Hotel Towels Outdoor Towel White Navy Blue Grey Sand Black Orange Colors","BLANCHO BEDDING",null,null,"towel-sets",51.55,20,"http://info.blanchobedding.com/DropshipProduct/HURBANE/wetransfer-2ee91d/TLT-BT-4-650-WH.jpg","http://info.blanchobedding.com/DropshipProduct/HURBANE/wetransfer-2ee91d/TLT-BT-4-650-NBLE.jpg","http://info.blanchobedding.com/DropshipProduct/HURBANE/wetransfer-2ee91d/TLT-BT-4-650-GRY.jpg","http://info.blanchobedding.com/DropshipProduct/HURBANE/wetransfer-2ee91d/TLT-BT-4-650-SND.jpg","http://info.blanchobedding.com/DropshipProduct/HURBANE/wetransfer-2ee91d/TLT-BT-4-650-BLK.jpg","http://info.blanchobedding.com/DropshipProduct/HURBANE/wetransfer-2ee91d/TLT-BT-4-650-OR.jpg",null,null,null,null,"Parent",null,null,"ItemPackageQuantityColor","Update","What is GSM?\r\nGSM stands for grams per square meter, it's the standard measurement for the weight and quality of fabrics including towels. The number refers to the density of the towel which is the higher the better. Our 100% cotton with 650 GSM high quality towel set is soft, last longer due to high density and more absorbent than competitors with hiding product information. <ul>\r\n<li>Bath Towel is the best choice for customer who are  looking for soft and  absorbent towel with reduce linting process.\r\n<li>Our towel set includes  4 bath Towel 28x55 inches, white color.\r\n<li>100% cotton and 650 GSM.\r\n<li>Excellent gift for your loved one.\r\n<li>Washing instruction: Color fastness to 60 degrees Celsiud/140 degrees Fahrenheit. Do not use bleach. Wash colors separately.\r\n","HB-TLT-BT-4-650","HB-TLT-BT-4-650",null,"100 % Cotton, 650 GSM.","Order includes: 4 Bath Towel Set.","Excellent gift for your loved one.","Washing instruction: Color fastness to 60 degrees Celsiud/140 degrees Fahrenheit. ","Wash colors separately.",null,null,null,null,null,null,null,null,null,null,null,null,null,null,null,null,null,"soft towels,bathroom towel, easy wash, easy care,absorbent towel,machine wash,highly absorbent,premium towel set,luxury towel set,red towel,blue towel,navy towel,orange towel,ivory towel,grey towel,black towel,high quality towel,beach towel, towel",null,null,null,null,null,null,null,null,null,null,null,null,"BATH TOWEL SET","Cotton",null,null,null,null,null,null,null,null,null,null,null,null,null,null,null,null,null,null,null,null,null,null,null,null,null,null,null,null,null,null,null,null,null,null,null,null,null,null,null,null,null,null,null,null,null,null,null,6.55,"LB",null,"IN","IN","IN",28,55,null,null,null,null,null,null,null,null,null,null,null,null,null,null,null,null,null,null,null,null,null,null,null,null,null,null,null,null,null,null,null,null,null,null,null,null,null,null,null,null,null,null,null,null,null,null,null,null,null,null,null,null,null,null,null,null,null,null,null,null,null,null,null,null,null,null,null,null,null,null,null,null,null,null,null,null,null,null,null,null,null,null,"BB Template",null,null,null,null,"New"]
["bedandbath","HB-TLT-BT-4-650-WH-4PC","BLANCHO BEDDING","HURBANE  4 Piece Bath Towel 650 GSM 28 In x 55 In 100% Cotton High Quality  Hotel Towel Set Outdoor White Color","BLANCHO BEDDING",null,null,"towel-sets",51.546323529411758,20,"http://info.blanchobedding.com/DropshipProduct/HURBANE/wetransfer-2ee91d/TLT-BT-4-650-WH.jpg","http://info.blanchobedding.com/DropshipProduct/HURBANE/wetransfer-2ee91d/BoarderImageforAll-BT-650-4.jpg","http://info.blanchobedding.com/DropshipProduct/HURBANE/wetransfer-2ee91d/TLT-BT-4-650-WH.jpg","http://info.blanchobedding.com/DropshipProduct/HURBANE/wetransfer-2ee91d/BoarderImageforAll-BT-650-4.jpg","http://info.blanchobedding.com/DropshipProduct/HURBANE/wetransfer-2ee91d/TLT-BT-4-650-WH.jpg",null,null,null,null,null,"Child","HB-TLT-BT-4-650","Variation","ItemPackageQuantityColor","Update","What is GSM?\r\nGSM stands for grams per square meter, it's the standard measurement for the weight and quality of fabrics including towels. The number refers to the density of the towel which is the higher the better. Our 100% cotton with 650 GSM high quality towel set is soft, last longer due to high density and more absorbent than competitors with hiding product information. <ul>\r\n<li>Bath Towel is the best choice for customer who are  looking for soft and  absorbent towel with reduce linting process.\r\n<li>Our towel set includes  4 bath Towel 28x55 inches, white color.\r\n<li>100% cotton and 650 GSM.\r\n<li>Excellent gift for your loved one.\r\n<li>Washing instruction: Color fastness to 60 degrees Celsiud/140 degrees Fahrenheit. Do not use bleach. Wash colors separately.\r\n","HB-TLT-BT-4-650-WH-4PC","HB-TLT-BT-4-650-WH-4PC",null,"100 % Cotton, 650 GSM.","Order includes: 4 Bath Towel Set.","Excellent gift for your loved one.","Washing instruction: Color fastness to 60 degrees Celsiud/140 degrees Fahrenheit. ","Wash colors separately.",null,null,null,null,null,null,null,null,null,null,null,null,null,null,null,null,null,"soft towels,bathroom towel, easy wash, easy care,absorbent towel,machine wash,highly absorbent,premium towel set,luxury towel set,red towel,blue towel,navy towel,orange towel,ivory towel,grey towel,black towel,high quality towel,beach towel, towel",null,null,null,null,null,null,null,null,4,null,"White","White","4 PC BATH TOWEL SET","Cotton",null,null,null,null,null,null,null,null,null,null,null,null,null,null,null,null,null,null,null,null,null,null,null,null,null,null,null,null,null,null,null,null,null,null,null,null,null,null,null,null,null,null,null,null,null,null,null,6.55,"LB",null,"IN","IN","IN",28,55,null,null,null,null,null,null,null,null,null,null,null,null,null,null,null,null,null,null,null,null,null,null,null,null,null,null,null,null,null,null,null,null,null,null,null,null,null,null,null,null,null,null,null,null,null,null,null,null,null,null,null,null,null,null,null,null,null,null,null,null,null,null,null,null,null,null,null,null,null,null,null,null,null,null,null,null,null,null,null,null,null,null,"BB Template",null,null,null,null,"New"]
["bedandbath","HB-TLT-BT-4-650-WH-8PC","BLANCHO BEDDING","HURBANE  8 Piece Bath Towel 650 GSM 28 In x 55 In 100% Cotton High Quality  Hotel Towel Set Outdoor White Color","BLANCHO BEDDING",null,null,"towel-sets",93.237499999999997,20,"http://info.blanchobedding.com/DropshipProduct/HURBANE/wetransfer-2ee91d/TLT-BT-4-650-WH.jpg","http://info.blanchobedding.com/DropshipProduct/HURBANE/wetransfer-2ee91d/BoarderImageforAll-BT-650-4.jpg","http://info.blanchobedding.com/DropshipProduct/HURBANE/wetransfer-2ee91d/TLT-BT-4-650-WH.jpg","http://info.blanchobedding.com/DropshipProduct/HURBANE/wetransfer-2ee91d/BoarderImageforAll-BT-650-4.jpg","http://info.blanchobedding.com/DropshipProduct/HURBANE/wetransfer-2ee91d/TLT-BT-4-650-WH.jpg",null,null,null,null,null,"Child","HB-TLT-BT-4-650","Variation","ItemPackageQuantityColor","Update","What is GSM?\r\nGSM stands for grams per square meter, it's the standard measurement for the weight and quality of fabrics including towels. The number refers to the density of the towel which is the higher the better. Our 100% cotton with 650 GSM high quality towel set is soft, last longer due to high density and more absorbent than competitors with hiding product information. <ul>\r\n<li>Bath Towel is the best choice for customer who are  looking for soft and  absorbent towel with reduce linting process.\r\n<li>Our towel set includes  8 bath Towel 28x55 inches, white color.\r\n<li>100% cotton and 650 GSM.\r\n<li>Excellent gift for your loved one.\r\n<li>Washing instruction: Color fastness to 60 degrees Celsiud/140 degrees Fahrenheit. Do not use bleach. Wash colors separately.\r\n","HB-TLT-BT-4-650-WH-8PC","HB-TLT-BT-4-650-WH-8PC",null,"100 % Cotton, 650 GSM.","Order includes: 8 Bath Towel Set.","Excellent gift for your loved one.","Washing instruction: Color fastness to 60 degrees Celsiud/140 degrees Fahrenheit. ","Wash colors separately.",null,null,null,null,null,null,null,null,null,null,null,null,null,null,null,null,null,"soft towels,bathroom towel, easy wash, easy care,absorbent towel,machine wash,highly absorbent,premium towel set,luxury towel set,red towel,blue towel,navy towel,orange towel,ivory towel,grey towel,black towel,high quality towel,beach towel, towel",null,null,null,null,null,null,null,null,8,null,"White","White","8 PC BATH TOWEL SET","Cotton",null,null,null,null,null,null,null,null,null,null,null,null,null,null,null,null,null,null,null,null,null,null,null,null,null,null,null,null,null,null,null,null,null,null,null,null,null,null,null,null,null,null,null,null,null,null,null,13.1,"LB",null,"IN","IN","IN",28,55,null,null,null,null,null,null,null,null,null,null,null,null,null,null,null,null,null,null,null,null,null,null,null,null,null,null,null,null,null,null,null,null,null,null,null,null,null,null,null,null,null,null,null,null,null,null,null,null,null,null,null,null,null,null,null,null,null,null,null,null,null,null,null,null,null,null,null,null,null,null,null,null,null,null,null,null,null,null,null,null,null,null,"BB Template",null,null,null,null,"New"]
["bedandbath","HB-TLT-BT-4-650-NBLE-4PC","BLANCHO BEDDING","HURBANE  4 Piece Bath Towel 650 GSM 28 In x 55 In 100% Cotton High Quality  Hotel Towel Set Outdoor Navy Blue Color","BLANCHO BEDDING",null,null,"towel-sets",51.546323529411758,20,"http://info.blanchobedding.com/DropshipProduct/HURBANE/wetransfer-2ee91d/TLT-BT-4-650-NBLE.jpg","http://info.blanchobedding.com/DropshipProduct/HURBANE/wetransfer-2ee91d/BoarderImageforAll-BT-650-4.jpg","http://info.blanchobedding.com/DropshipProduct/HURBANE/wetransfer-2ee91d/TLT-BT-4-650-NBLE.jpg","http://info.blanchobedding.com/DropshipProduct/HURBANE/wetransfer-2ee91d/BoarderImageforAll-BT-650-4.jpg","http://info.blanchobedding.com/DropshipProduct/HURBANE/wetransfer-2ee91d/TLT-BT-4-650-NBLE.jpg",null,null,null,null,null,"Child","HB-TLT-BT-4-650","Variation","ItemPackageQuantityColor","Update","What is GSM?\r\nGSM stands for grams per square meter, it's the standard measurement for the weight and quality of fabrics including towels. The number refers to the density of the towel which is the higher the better. Our 100% cotton with 650 GSM high quality towel set is soft, last longer due to high density and more absorbent than competitors with hiding product information. <ul>\r\n<li>Bath Towel is the best choice for customer who are  looking for soft and  absorbent towel with reduce linting process.\r\n<li>Our towel set includes  4 bath Towel 28x55 inches, navy blue color.\r\n<li>100% cotton and 650 GSM.\r\n<li>Excellent gift for your loved one.\r\n<li>Washing instruction: Color fastness to 60 degrees Celsiud/140 degrees Fahrenheit. Do not use bleach. Wash colors separately.\r\n","HB-TLT-BT-4-650-NBLE-4PC","HB-TLT-BT-4-650-NBLE-4PC",null,"100 % Cotton, 650 GSM.","Order includes: 4 Bath Towel Set.","Excellent gift for your loved one.","Washing instruction: Color fastness to 60 degrees Celsiud/140 degrees Fahrenheit. ","Wash colors separately.",null,null,null,null,null,null,null,null,null,null,null,null,null,null,null,null,null,"soft towels,bathroom towel, easy wash, easy care,absorbent towel,machine wash,highly absorbent,premium towel set,luxury towel set,red towel,blue towel,navy towel,orange towel,ivory towel,grey towel,black towel,high quality towel,beach towel, towel",null,null,null,null,null,null,null,null,4,null,"Navy Blue","Blue","4 PC BATH TOWEL SET","Cotton",null,null,null,null,null,null,null,null,null,null,null,null,null,null,null,null,null,null,null,null,null,null,null,null,null,null,null,null,null,null,null,null,null,null,null,null,null,null,null,null,null,null,null,null,null,null,null,6.55,"LB",null,"IN","IN","IN",28,55,null,null,null,null,null,null,null,null,null,null,null,null,null,null,null,null,null,null,null,null,null,null,null,null,null,null,null,null,null,null,null,null,null,null,null,null,null,null,null,null,null,null,null,null,null,null,null,null,null,null,null,null,null,null,null,null,null,null,null,null,null,null,null,null,null,null,null,null,null,null,null,null,null,null,null,null,null,null,null,null,null,null,"BB Template",null,null,null,null,"New"]
["bedandbath","HB-TLT-BT-4-650-NBLE-8PC","BLANCHO BEDDING","HURBANE  8 Piece Bath Towel 650 GSM 28 In x 55 In 100% Cotton High Quality  Hotel Towel Set Outdoor Navy Blue Color","BLANCHO BEDDING",null,null,"towel-sets",93.237499999999997,20,"http://info.blanchobedding.com/DropshipProduct/HURBANE/wetransfer-2ee91d/TLT-BT-4-650-NBLE.jpg","http://info.blanchobedding.com/DropshipProduct/HURBANE/wetransfer-2ee91d/BoarderImageforAll-BT-650-4.jpg","http://info.blanchobedding.com/DropshipProduct/HURBANE/wetransfer-2ee91d/TLT-BT-4-650-NBLE.jpg","http://info.blanchobedding.com/DropshipProduct/HURBANE/wetransfer-2ee91d/BoarderImageforAll-BT-650-4.jpg","http://info.blanchobedding.com/DropshipProduct/HURBANE/wetransfer-2ee91d/TLT-BT-4-650-NBLE.jpg",null,null,null,null,null,"Child","HB-TLT-BT-4-650","Variation","ItemPackageQuantityColor","Update","What is GSM?\r\nGSM stands for grams per square meter, it's the standard measurement for the weight and quality of fabrics including towels. The number refers to the density of the towel which is the higher the better. Our 100% cotton with 650 GSM high quality towel set is soft, last longer due to high density and more absorbent than competitors with hiding product information. <ul>\r\n<li>Bath Towel is the best choice for customer who are  looking for soft and  absorbent towel with reduce linting process.\r\n<li>Our towel set includes  8 bath Towel 28x55 inches, navy blue color.\r\n<li>100% cotton and 650 GSM.\r\n<li>Excellent gift for your loved one.\r\n<li>Washing instruction: Color fastness to 60 degrees Celsiud/140 degrees Fahrenheit. Do not use bleach. Wash colors separately.\r\n","HB-TLT-BT-4-650-NBLE-8PC","HB-TLT-BT-4-650-NBLE-8PC",null,"100 % Cotton, 650 GSM.","Order includes: 8 Bath Towel Set.","Excellent gift for your loved one.","Washing instruction: Color fastness to 60 degrees Celsiud/140 degrees Fahrenheit. ","Wash colors separately.",null,null,null,null,null,null,null,null,null,null,null,null,null,null,null,null,null,"soft towels,bathroom towel, easy wash, easy care,absorbent towel,machine wash,highly absorbent,premium towel set,luxury towel set,red towel,blue towel,navy towel,orange towel,ivory towel,grey towel,black towel,high quality towel,beach towel, towel",null,null,null,null,null,null,null,null,8,null,"Navy Blue","Blue","8 PC BATH TOWEL SET","Cotton",null,null,null,null,null,null,null,null,null,null,null,null,null,null,null,null,null,null,null,null,null,null,null,null,null,null,null,null,null,null,null,null,null,null,null,null,null,null,null,null,null,null,null,null,null,null,null,13.1,"LB",null,"IN","IN","IN",28,55,null,null,null,null,null,null,null,null,null,null,null,null,null,null,null,null,null,null,null,null,null,null,null,null,null,null,null,null,null,null,null,null,null,null,null,null,null,null,null,null,null,null,null,null,null,null,null,null,null,null,null,null,null,null,null,null,null,null,null,null,null,null,null,null,null,null,null,null,null,null,null,null,null,null,null,null,null,null,null,null,null,null,"BB Template",null,null,null,null,"New"]
["bedandbath","HB-TLT-BT-4-650-GRY-4PC","BLANCHO BEDDING","HURBANE  4 Piece Bath Towel 650 GSM 28 In x 55 In 100% Cotton High Quality  Hotel Towel Set Outdoor Grey Color","BLANCHO BEDDING",null,null,"towel-sets",51.546323529411758,20,"http://info.blanchobedding.com/DropshipProduct/HURBANE/wetransfer-2ee91d/TLT-BT-4-650-GRY.jpg","http://info.blanchobedding.com/DropshipProduct/HURBANE/wetransfer-2ee91d/BoarderImageforAll-BT-650-4.jpg","http://info.blanchobedding.com/DropshipProduct/HURBANE/wetransfer-2ee91d/TLT-BT-4-650-GRY.jpg","http://info.blanchobedding.com/DropshipProduct/HURBANE/wetransfer-2ee91d/BoarderImageforAll-BT-650-4.jpg","http://info.blanchobedding.com/DropshipProduct/HURBANE/wetransfer-2ee91d/TLT-BT-4-650-GRY.jpg",null,null,null,null,null,"Child","HB-TLT-BT-4-650","Variation","ItemPackageQuantityColor","Update","What is GSM?\r\nGSM stands for grams per square meter, it's the standard measurement for the weight and quality of fabrics including towels. The number refers to the density of the towel which is the higher the better. Our 100% cotton with 650 GSM high quality towel set is soft, last longer due to high density and more absorbent than competitors with hiding product information. <ul>\r\n<li>Bath Towel is the best choice for customer who are  looking for soft and  absorbent towel with reduce linting process.\r\n<li>Our towel set includes  4 bath Towel 28x55 inches, grey color.\r\n<li>100% cotton and 650 GSM.\r\n<li>Excellent gift for your loved one.\r\n<li>Washing instruction: Color fastness to 60 degrees Celsiud/140 degrees Fahrenheit. Do not use bleach. Wash colors separately.\r\n","HB-TLT-BT-4-650-GRY-4PC","HB-TLT-BT-4-650-GRY-4PC",null,"100 % Cotton, 650 GSM.","Order includes: 4 Bath Towel Set.","Excellent gift for your loved one.","Washing instruction: Color fastness to 60 degrees Celsiud/140 degrees Fahrenheit. ","Wash colors separately.",null,null,null,null,null,null,null,null,null,null,null,null,null,null,null,null,null,"soft towels,bathroom towel, easy wash, easy care,absorbent towel,machine wash,highly absorbent,premium towel set,luxury towel set,red towel,blue towel,navy towel,orange towel,ivory towel,grey towel,black towel,high quality towel,beach towel, towel",null,null,null,null,null,null,null,null,4,null,"Grey","Grey","4 PC BATH TOWEL SET","Cotton",null,null,null,null,null,null,null,null,null,null,null,null,null,null,null,null,null,null,null,null,null,null,null,null,null,null,null,null,null,null,null,null,null,null,null,null,null,null,null,null,null,null,null,null,null,null,null,6.55,"LB",null,"IN","IN","IN",28,55,null,null,null,null,null,null,null,null,null,null,null,null,null,null,null,null,null,null,null,null,null,null,null,null,null,null,null,null,null,null,null,null,null,null,null,null,null,null,null,null,null,null,null,null,null,null,null,null,null,null,null,null,null,null,null,null,null,null,null,null,null,null,null,null,null,null,null,null,null,null,null,null,null,null,null,null,null,null,null,null,null,null,"BB Template",null,null,null,null,"New"]
["bedandbath","HB-TLT-BT-4-650-GRY-8PC","BLANCHO BEDDING","HURBANE  8 Piece Bath Towel 650 GSM 28 In x 55 In 100% Cotton High Quality  Hotel Towel Set Outdoor Grey Color","BLANCHO BEDDING",null,null,"towel-sets",93.237499999999997,20,"http://info.blanchobedding.com/DropshipProduct/HURBANE/wetransfer-2ee91d/TLT-BT-4-650-GRY.jpg","http://info.blanchobedding.com/DropshipProduct/HURBANE/wetransfer-2ee91d/BoarderImageforAll-BT-650-4.jpg","http://info.blanchobedding.com/DropshipProduct/HURBANE/wetransfer-2ee91d/TLT-BT-4-650-GRY.jpg","http://info.blanchobedding.com/DropshipProduct/HURBANE/wetransfer-2ee91d/BoarderImageforAll-BT-650-4.jpg","http://info.blanchobedding.com/DropshipProduct/HURBANE/wetransfer-2ee91d/TLT-BT-4-650-GRY.jpg",null,null,null,null,null,"Child","HB-TLT-BT-4-650","Variation","ItemPackageQuantityColor","Update","What is GSM?\r\nGSM stands for grams per square meter, it's the standard measurement for the weight and quality of fabrics including towels. The number refers to the density of the towel which is the higher the better. Our 100% cotton with 650 GSM high quality towel set is soft, last longer due to high density and more absorbent than competitors with hiding product information. <ul>\r\n<li>Bath Towel is the best choice for customer who are  looking for soft and  absorbent towel with reduce linting process.\r\n<li>Our towel set includes  8 bath Towel 28x55 inches, grey color.\r\n<li>100% cotton and 650 GSM.\r\n<li>Excellent gift for your loved one.\r\n<li>Washing instruction: Color fastness to 60 degrees Celsiud/140 degrees Fahrenheit. Do not use bleach. Wash colors separately.\r\n","HB-TLT-BT-4-650-GRY-8PC","HB-TLT-BT-4-650-GRY-8PC",null,"100 % Cotton, 650 GSM.","Order includes: 8 Bath Towel Set.","Excellent gift for your loved one.","Washing instruction: Color fastness to 60 degrees Celsiud/140 degrees Fahrenheit. ","Wash colors separately.",null,null,null,null,null,null,null,null,null,null,null,null,null,null,null,null,null,"soft towels,bathroom towel, easy wash, easy care,absorbent towel,machine wash,highly absorbent,premium towel set,luxury towel set,red towel,blue towel,navy towel,orange towel,ivory towel,grey towel,black towel,high quality towel,beach towel, towel",null,null,null,null,null,null,null,null,8,null,"Grey","Grey","8 PC BATH TOWEL SET","Cotton",null,null,null,null,null,null,null,null,null,null,null,null,null,null,null,null,null,null,null,null,null,null,null,null,null,null,null,null,null,null,null,null,null,null,null,null,null,null,null,null,null,null,null,null,null,null,null,13.1,"LB",null,"IN","IN","IN",28,55,null,null,null,null,null,null,null,null,null,null,null,null,null,null,null,null,null,null,null,null,null,null,null,null,null,null,null,null,null,null,null,null,null,null,null,null,null,null,null,null,null,null,null,null,null,null,null,null,null,null,null,null,null,null,null,null,null,null,null,null,null,null,null,null,null,null,null,null,null,null,null,null,null,null,null,null,null,null,null,null,null,null,"BB Template",null,null,null,null,"New"]
["bedandbath","HB-TLT-BT-4-650-SND-4PC","BLANCHO BEDDING","HURBANE  4 Piece Bath Towel 650 GSM 28 In x 55 In 100% Cotton High Quality  Hotel Towel Set Outdoor Sand Color","BLANCHO BEDDING",null,null,"towel-sets",51.546323529411758,20,"http://info.blanchobedding.com/DropshipProduct/HURBANE/wetransfer-2ee91d/TLT-BT-4-650-SND.jpg","http://info.blanchobedding.com/DropshipProduct/HURBANE/wetransfer-2ee91d/BoarderImageforAll-BT-650-4.jpg","http://info.blanchobedding.com/DropshipProduct/HURBANE/wetransfer-2ee91d/TLT-BT-4-650-SND.jpg","http://info.blanchobedding.com/DropshipProduct/HURBANE/wetransfer-2ee91d/BoarderImageforAll-BT-650-4.jpg","http://info.blanchobedding.com/DropshipProduct/HURBANE/wetransfer-2ee91d/TLT-BT-4-650-SND.jpg",null,null,null,null,null,"Child","HB-TLT-BT-4-650","Variation","ItemPackageQuantityColor","Update","What is GSM?\r\nGSM stands for grams per square meter, it's the standard measurement for the weight and quality of fabrics including towels. The number refers to the density of the towel which is the higher the better. Our 100% cotton with 650 GSM high quality towel set is soft, last longer due to high density and more absorbent than competitors with hiding product information. <ul>\r\n<li>Bath Towel is the best choice for customer who are  looking for soft and  absorbent towel with reduce linting process.\r\n<li>Our towel set includes  4 bath Towel 28x55 inches, sand color.\r\n<li>100% cotton and 650 GSM.\r\n<li>Excellent gift for your loved one.\r\n<li>Washing instruction: Color fastness to 60 degrees Celsiud/140 degrees Fahrenheit. Do not use bleach. Wash colors separately.\r\n","HB-TLT-BT-4-650-SND-4PC","HB-TLT-BT-4-650-SND-4PC",null,"100 % Cotton, 650 GSM.","Order includes: 4 Bath Towel Set.","Excellent gift for your loved one.","Washing instruction: Color fastness to 60 degrees Celsiud/140 degrees Fahrenheit. ","Wash colors separately.",null,null,null,null,null,null,null,null,null,null,null,null,null,null,null,null,null,"soft towels,bathroom towel, easy wash, easy care,absorbent towel,machine wash,highly absorbent,premium towel set,luxury towel set,red towel,blue towel,navy towel,orange towel,ivory towel,grey towel,black towel,high quality towel,beach towel, towel",null,null,null,null,null,null,null,null,4,null,"Brown","Brown","4 PC BATH TOWEL SET","Cotton",null,null,null,null,null,null,null,null,null,null,null,null,null,null,null,null,null,null,null,null,null,null,null,null,null,null,null,null,null,null,null,null,null,null,null,null,null,null,null,null,null,null,null,null,null,null,null,6.55,"LB",null,"IN","IN","IN",28,55,null,null,null,null,null,null,null,null,null,null,null,null,null,null,null,null,null,null,null,null,null,null,null,null,null,null,null,null,null,null,null,null,null,null,null,null,null,null,null,null,null,null,null,null,null,null,null,null,null,null,null,null,null,null,null,null,null,null,null,null,null,null,null,null,null,null,null,null,null,null,null,null,null,null,null,null,null,null,null,null,null,null,"BB Template",null,null,null,null,"New"]
["bedandbath","HB-TLT-BT-4-650-SND-8PC","BLANCHO BEDDING","HURBANE  8 Piece Bath Towel 650 GSM 28 In x 55 In 100% Cotton High Quality  Hotel Towel Set Outdoor Sand Color","BLANCHO BEDDING",null,null,"towel-sets",93.237499999999997,20,"http://info.blanchobedding.com/DropshipProduct/HURBANE/wetransfer-2ee91d/TLT-BT-4-650-SND.jpg","http://info.blanchobedding.com/DropshipProduct/HURBANE/wetransfer-2ee91d/BoarderImageforAll-BT-650-4.jpg","http://info.blanchobedding.com/DropshipProduct/HURBANE/wetransfer-2ee91d/TLT-BT-4-650-SND.jpg","http://info.blanchobedding.com/DropshipProduct/HURBANE/wetransfer-2ee91d/BoarderImageforAll-BT-650-4.jpg","http://info.blanchobedding.com/DropshipProduct/HURBANE/wetransfer-2ee91d/TLT-BT-4-650-SND.jpg",null,null,null,null,null,"Child","HB-TLT-BT-4-650","Variation","ItemPackageQuantityColor","Update","What is GSM?\r\nGSM stands for grams per square meter, it's the standard measurement for the weight and quality of fabrics including towels. The number refers to the density of the towel which is the higher the better. Our 100% cotton with 650 GSM high quality towel set is soft, last longer due to high density and more absorbent than competitors with hiding product information. <ul>\r\n<li>Bath Towel is the best choice for customer who are  looking for soft and  absorbent towel with reduce linting process.\r\n<li>Our towel set includes  8 bath Towel 28x55 inches, sand color.\r\n<li>100% cotton and 650 GSM.\r\n<li>Excellent gift for your loved one.\r\n<li>Washing instruction: Color fastness to 60 degrees Celsiud/140 degrees Fahrenheit. Do not use bleach. Wash colors separately.\r\n","HB-TLT-BT-4-650-SND-8PC","HB-TLT-BT-4-650-SND-8PC",null,"100 % Cotton, 650 GSM.","Order includes: 8 Bath Towel Set.","Excellent gift for your loved one.","Washing instruction: Color fastness to 60 degrees Celsiud/140 degrees Fahrenheit. ","Wash colors separately.",null,null,null,null,null,null,null,null,null,null,null,null,null,null,null,null,null,"soft towels,bathroom towel, easy wash, easy care,absorbent towel,machine wash,highly absorbent,premium towel set,luxury towel set,red towel,blue towel,navy towel,orange towel,ivory towel,grey towel,black towel,high quality towel,beach towel, towel",null,null,null,null,null,null,null,null,8,null,"Brown","Brown","8 PC BATH TOWEL SET","Cotton",null,null,null,null,null,null,null,null,null,null,null,null,null,null,null,null,null,null,null,null,null,null,null,null,null,null,null,null,null,null,null,null,null,null,null,null,null,null,null,null,null,null,null,null,null,null,null,13.1,"LB",null,"IN","IN","IN",28,55,null,null,null,null,null,null,null,null,null,null,null,null,null,null,null,null,null,null,null,null,null,null,null,null,null,null,null,null,null,null,null,null,null,null,null,null,null,null,null,null,null,null,null,null,null,null,null,null,null,null,null,null,null,null,null,null,null,null,null,null,null,null,null,null,null,null,null,null,null,null,null,null,null,null,null,null,null,null,null,null,null,null,"BB Template",null,null,null,null,"New"]
["bedandbath","HB-TLT-BT-4-650-BLK-4PC","BLANCHO BEDDING","HURBANE  4 Piece Bath Towel 650 GSM 28 In x 55 In 100% Cotton High Quality  Hotel Towel Set Outdoor Black Color","BLANCHO BEDDING",null,null,"towel-sets",51.546323529411758,20,"http://info.blanchobedding.com/DropshipProduct/HURBANE/wetransfer-2ee91d/TLT-BT-4-650-BLK.jpg","http://info.blanchobedding.com/DropshipProduct/HURBANE/wetransfer-2ee91d/BoarderImageforAll-BT-650-4.jpg","http://info.blanchobedding.com/DropshipProduct/HURBANE/wetransfer-2ee91d/TLT-BT-4-650-BLK.jpg","http://info.blanchobedding.com/DropshipProduct/HURBANE/wetransfer-2ee91d/BoarderImageforAll-BT-650-4.jpg","http://info.blanchobedding.com/DropshipProduct/HURBANE/wetransfer-2ee91d/TLT-BT-4-650-BLK.jpg",null,null,null,null,null,"Child","HB-TLT-BT-4-650","Variation","ItemPackageQuantityColor","Update","What is GSM?\r\nGSM stands for grams per square meter, it's the standard measurement for the weight and quality of fabrics including towels. The number refers to the density of the towel which is the higher the better. Our 100% cotton with 650 GSM high quality towel set is soft, last longer due to high density and more absorbent than competitors with hiding product information. <ul>\r\n<li>Bath Towel is the best choice for customer who are  looking for soft and  absorbent towel with reduce linting process.\r\n<li>Our towel set includes  4 bath Towel 28x55 inches, black color.\r\n<li>100% cotton and 650 GSM.\r\n<li>Excellent gift for your loved one.\r\n<li>Washing instruction: Color fastness to 60 degrees Celsiud/140 degrees Fahrenheit. Do not use bleach. Wash colors separately.\r\n","HB-TLT-BT-4-650-BLK-4PC","HB-TLT-BT-4-650-BLK-4PC",null,"100 % Cotton, 650 GSM.","Order includes: 4 Bath Towel Set.","Excellent gift for your loved one.","Washing instruction: Color fastness to 60 degrees Celsiud/140 degrees Fahrenheit. ","Wash colors separately.",null,null,null,null,null,null,null,null,null,null,null,null,null,null,null,null,null,"soft towels,bathroom towel, easy wash, easy care,absorbent towel,machine wash,highly absorbent,premium towel set,luxury towel set,red towel,blue towel,navy towel,orange towel,ivory towel,grey towel,black towel,high quality towel,beach towel, towel",null,null,null,null,null,null,null,null,4,null,"Black","Black","4 PC BATH TOWEL SET","Cotton",null,null,null,null,null,null,null,null,null,null,null,null,null,null,null,null,null,null,null,null,null,null,null,null,null,null,null,null,null,null,null,null,null,null,null,null,null,null,null,null,null,null,null,null,null,null,null,6.55,"LB",null,"IN","IN","IN",28,55,null,null,null,null,null,null,null,null,null,null,null,null,null,null,null,null,null,null,null,null,null,null,null,null,null,null,null,null,null,null,null,null,null,null,null,null,null,null,null,null,null,null,null,null,null,null,null,null,null,null,null,null,null,null,null,null,null,null,null,null,null,null,null,null,null,null,null,null,null,null,null,null,null,null,null,null,null,null,null,null,null,null,"BB Template",null,null,null,null,"New"]
["bedandbath","HB-TLT-BT-4-650-BLK-8PC","BLANCHO BEDDING","HURBANE  8 Piece Bath Towel 650 GSM 28 In x 55 In 100% Cotton High Quality  Hotel Towel Set Outdoor Black Color","BLANCHO BEDDING",null,null,"towel-sets",93.237499999999997,20,"http://info.blanchobedding.com/DropshipProduct/HURBANE/wetransfer-2ee91d/TLT-BT-4-650-BLK.jpg","http://info.blanchobedding.com/DropshipProduct/HURBANE/wetransfer-2ee91d/BoarderImageforAll-BT-650-4.jpg","http://info.blanchobedding.com/DropshipProduct/HURBANE/wetransfer-2ee91d/TLT-BT-4-650-BLK.jpg","http://info.blanchobedding.com/DropshipProduct/HURBANE/wetransfer-2ee91d/BoarderImageforAll-BT-650-4.jpg","http://info.blanchobedding.com/DropshipProduct/HURBANE/wetransfer-2ee91d/TLT-BT-4-650-BLK.jpg",null,null,null,null,null,"Child","HB-TLT-BT-4-650","Variation","ItemPackageQuantityColor","Update","What is GSM?\r\nGSM stands for grams per square meter, it's the standard measurement for the weight and quality of fabrics including towels. The number refers to the density of the towel which is the higher the better. Our 100% cotton with 650 GSM high quality towel set is soft, last longer due to high density and more absorbent than competitors with hiding product information. <ul>\r\n<li>Bath Towel is the best choice for customer who are  looking for soft and  absorbent towel with reduce linting process.\r\n<li>Our towel set includes  8 bath Towel 28x55 inches, black color.\r\n<li>100% cotton and 650 GSM.\r\n<li>Excellent gift for your loved one.\r\n<li>Washing instruction: Color fastness to 60 degrees Celsiud/140 degrees Fahrenheit. Do not use bleach. Wash colors separately.\r\n","HB-TLT-BT-4-650-BLK-8PC","HB-TLT-BT-4-650-BLK-8PC",null,"100 % Cotton, 650 GSM.","Order includes: 8 Bath Towel Set.","Excellent gift for your loved one.","Washing instruction: Color fastness to 60 degrees Celsiud/140 degrees Fahrenheit. ","Wash colors separately.",null,null,null,null,null,null,null,null,null,null,null,null,null,null,null,null,null,"soft towels,bathroom towel, easy wash, easy care,absorbent towel,machine wash,highly absorbent,premium towel set,luxury towel set,red towel,blue towel,navy towel,orange towel,ivory towel,grey towel,black towel,high quality towel,beach towel, towel",null,null,null,null,null,null,null,null,8,null,"Black","Black","8 PC BATH TOWEL SET","Cotton",null,null,null,null,null,null,null,null,null,null,null,null,null,null,null,null,null,null,null,null,null,null,null,null,null,null,null,null,null,null,null,null,null,null,null,null,null,null,null,null,null,null,null,null,null,null,null,13.1,"LB",null,"IN","IN","IN",28,55,null,null,null,null,null,null,null,null,null,null,null,null,null,null,null,null,null,null,null,null,null,null,null,null,null,null,null,null,null,null,null,null,null,null,null,null,null,null,null,null,null,null,null,null,null,null,null,null,null,null,null,null,null,null,null,null,null,null,null,null,null,null,null,null,null,null,null,null,null,null,null,null,null,null,null,null,null,null,null,null,null,null,"BB Template",null,null,null,null,"New"]
["bedandbath","HB-TLT-BT-4-650-OR-4PC","BLANCHO BEDDING","HURBANE  4 Piece Bath Towel 650 GSM 28 In x 55 In 100% Cotton High Quality  Hotel Towel Set Outdoor Orange Color","BLANCHO BEDDING",null,null,"towel-sets",51.546323529411758,20,"http://info.blanchobedding.com/DropshipProduct/HURBANE/wetransfer-2ee91d/TLT-BT-4-650-OR.jpg","http://info.blanchobedding.com/DropshipProduct/HURBANE/wetransfer-2ee91d/BoarderImageforAll-BT-650-4.jpg","http://info.blanchobedding.com/DropshipProduct/HURBANE/wetransfer-2ee91d/TLT-BT-4-650-OR.jpg","http://info.blanchobedding.com/DropshipProduct/HURBANE/wetransfer-2ee91d/BoarderImageforAll-BT-650-4.jpg","http://info.blanchobedding.com/DropshipProduct/HURBANE/wetransfer-2ee91d/TLT-BT-4-650-OR.jpg",null,null,null,null,null,"Child","HB-TLT-BT-4-650","Variation","ItemPackageQuantityColor","Update","What is GSM?\r\nGSM stands for grams per square meter, it's the standard measurement for the weight and quality of fabrics including towels. The number refers to the density of the towel which is the higher the better. Our 100% cotton with 650 GSM high quality towel set is soft, last longer due to high density and more absorbent than competitors with hiding product information. <ul>\r\n<li>Bath Towel is the best choice for customer who are  looking for soft and  absorbent towel with reduce linting process.\r\n<li>Our towel set includes  4 bath Towel 28x55 inches, orange color.\r\n<li>100% cotton and 650 GSM.\r\n<li>Excellent gift for your loved one.\r\n<li>Washing instruction: Color fastness to 60 degrees Celsiud/140 degrees Fahrenheit. Do not use bleach. Wash colors separately.\r\n","HB-TLT-BT-4-650-OR-4PC","HB-TLT-BT-4-650-OR-4PC",null,"100 % Cotton, 650 GSM.","Order includes: 4 Bath Towel Set.","Excellent gift for your loved one.","Washing instruction: Color fastness to 60 degrees Celsiud/140 degrees Fahrenheit. ","Wash colors separately.",null,null,null,null,null,null,null,null,null,null,null,null,null,null,null,null,null,"soft towels,bathroom towel, easy wash, easy care,absorbent towel,machine wash,highly absorbent,premium towel set,luxury towel set,red towel,blue towel,navy towel,orange towel,ivory towel,grey towel,black towel,high quality towel,beach towel, towel",null,null,null,null,null,null,null,null,4,null,"Orange","Orange","4 PC BATH TOWEL SET","Cotton",null,null,null,null,null,null,null,null,null,null,null,null,null,null,null,null,null,null,null,null,null,null,null,null,null,null,null,null,null,null,null,null,null,null,null,null,null,null,null,null,null,null,null,null,null,null,null,6.55,"LB",null,"IN","IN","IN",28,55,null,null,null,null,null,null,null,null,null,null,null,null,null,null,null,null,null,null,null,null,null,null,null,null,null,null,null,null,null,null,null,null,null,null,null,null,null,null,null,null,null,null,null,null,null,null,null,null,null,null,null,null,null,null,null,null,null,null,null,null,null,null,null,null,null,null,null,null,null,null,null,null,null,null,null,null,null,null,null,null,null,null,"BB Template",null,null,null,null,"New"]
["bedandbath","HB-TLT-BT-4-650-OR-8PC","BLANCHO BEDDING","HURBANE  8 Piece Bath Towel 650 GSM 28 In x 55 In 100% Cotton High Quality  Hotel Towel Set Outdoor Orange Color","BLANCHO BEDDING",null,null,"towel-sets",93.237499999999997,20,"http://info.blanchobedding.com/DropshipProduct/HURBANE/wetransfer-2ee91d/TLT-BT-4-650-OR.jpg","http://info.blanchobedding.com/DropshipProduct/HURBANE/wetransfer-2ee91d/BoarderImageforAll-BT-650-4.jpg","http://info.blanchobedding.com/DropshipProduct/HURBANE/wetransfer-2ee91d/TLT-BT-4-650-OR.jpg","http://info.blanchobedding.com/DropshipProduct/HURBANE/wetransfer-2ee91d/BoarderImageforAll-BT-650-4.jpg","http://info.blanchobedding.com/DropshipProduct/HURBANE/wetransfer-2ee91d/TLT-BT-4-650-OR.jpg",null,null,null,null,null,"Child","HB-TLT-BT-4-650","Variation","ItemPackageQuantityColor","Update","What is GSM?\r\nGSM stands for grams per square meter, it's the standard measurement for the weight and quality of fabrics including towels. The number refers to the density of the towel which is the higher the better. Our 100% cotton with 650 GSM high quality towel set is soft, last longer due to high density and more absorbent than competitors with hiding product information. <ul>\r\n<li>Bath Towel is the best choice for customer who are  looking for soft and  absorbent towel with reduce linting process.\r\n<li>Our towel set includes  8 bath Towel 28x55 inches, orange color.\r\n<li>100% cotton and 650 GSM.\r\n<li>Excellent gift for your loved one.\r\n<li>Washing instruction: Color fastness to 60 degrees Celsiud/140 degrees Fahrenheit. Do not use bleach. Wash colors separately.\r\n","HB-TLT-BT-4-650-OR-8PC","HB-TLT-BT-4-650-OR-8PC",null,"100 % Cotton, 650 GSM.","Order includes: 8 Bath Towel Set.","Excellent gift for your loved one.","Washing instruction: Color fastness to 60 degrees Celsiud/140 degrees Fahrenheit. ","Wash colors separately.",null,null,null,null,null,null,null,null,null,null,null,null,null,null,null,null,null,"soft towels,bathroom towel, easy wash, easy care,absorbent towel,machine wash,highly absorbent,premium towel set,luxury towel set,red towel,blue towel,navy towel,orange towel,ivory towel,grey towel,black towel,high quality towel,beach towel, towel",null,null,null,null,null,null,null,null,8,null,"Orange","Orange","8 PC BATH TOWEL SET","Cotton",null,null,null,null,null,null,null,null,null,null,null,null,null,null,null,null,null,null,null,null,null,null,null,null,null,null,null,null,null,null,null,null,null,null,null,null,null,null,null,null,null,null,null,null,null,null,null,13.1,"LB",null,"IN","IN","IN",28,55,null,null,null,null,null,null,null,null,null,null,null,null,null,null,null,null,null,null,null,null,null,null,null,null,null,null,null,null,null,null,null,null,null,null,null,null,null,null,null,null,null,null,null,null,null,null,null,null,null,null,null,null,null,null,null,null,null,null,null,null,null,null,null,null,null,null,null,null,null,null,null,null,null,null,null,null,null,null,null,null,null,null,"BB Template",null,null,null,null,"New"]
["bedandbath","HB-TLT-BT-4-475-WH","BLANCHO BEDDING","HURBANE Bath Towel Set 25 In x 50 In 100% 475 GSM Cotton High Quality Hotel Towels Set Bedroom Outdoor White Color","BLANCHO BEDDING",null,null,"towel-sets",42.590441176470591,20,"http://info.blanchobedding.com/DropshipProduct/HURBANE/wetransfer-2ee91d/TLT-BT-4-475-WH.jpg",null,null,null,null,null,null,null,null,null,"Parent",null,null,"ItemPackageQuantity","Update","What is GSM?\r\nGSM stands for grams per square meter, it's the standard measurement for the weight and quality of fabrics including towels. The number refers to the density of the towel which is the higher the better. Our 100% cotton with 475 GSM high quality towel set is soft, last longer due to high density and more absorbent than competitors with hiding product information. <ul>\r\n<li>Bath Towel is the best choice for customer who are  looking for soft and  absorbent towel with reduce linting process.\r\n<li>Our towel set includes 4 bath Towel 25x50 inches, white color.\r\n<li>100% cotton; bath Towel 475 GSM.\r\n<li>Excellent gift for your loved one.\r\n<li>Washing instruction: Color fastness to 60 degrees Celsiud/140 degrees Fahrenheit. Wash colors separately.\r\n","HB-TLT-BT-4-475-WH","HB-TLT-BT-4-475-WH",null,"100 % Cotton, 475 GSM.","Order includes: 4 Bath Towel.","Excellent gift for your loved one.","Washing instruction: Color fastness to 60 degrees Celsiud/140 degrees Fahrenheit. ","Wash colors separately.",null,null,null,null,null,null,null,"seniors","unisex-teen","unisex-adult",null,null,null,null,null,null,null,"soft towels,bathroom towel, easy wash, easy care,absorbent towel,machine wash,highly absorbent,premium towel set,luxury towel set,red towel,blue towel,navy towel,orange towel,ivory towel,grey towel,black towel,high quality towel,beach towel, towel",null,null,null,null,null,null,null,null,null,null,null,null,"BATH TOWEL","Cotton",null,null,null,null,null,null,null,null,null,null,null,null,null,null,null,null,null,null,null,null,null,null,null,null,null,null,null,null,null,null,null,null,null,null,null,null,null,null,null,null,null,null,null,null,null,null,null,5.55,"LB",null,"IN","IN","IN",25,50,null,null,null,null,null,null,null,null,null,null,null,null,null,null,null,null,null,null,null,null,null,null,null,null,null,null,null,null,null,null,null,null,null,null,null,null,null,null,null,null,null,null,null,null,null,null,null,null,null,null,null,null,null,null,null,null,null,null,null,null,null,null,null,null,null,null,null,null,null,null,null,null,null,null,null,null,null,null,null,null,null,null,"BB Template",null,null,null,null,"New"]
["bedandbath","HB-TLT-BT-4-475-WH-4PC","BLANCHO BEDDING","HURBANE Bath Towel Set 4PC  25 In x 50 In 100% Cotton High 475 GSM Quality Hotel Towel Set Bedroom Outdoor White Color","BLANCHO BEDDING",null,null,"towel-sets",42.590441176470591,20,"http://info.blanchobedding.com/DropshipProduct/HURBANE/wetransfer-2ee91d/TLT-BT-4-475-WH.jpg","http://info.blanchobedding.com/DropshipProduct/HURBANE/wetransfer-2ee91d/TLT-BT-4-475-WH.jpg","http://info.blanchobedding.com/DropshipProduct/HURBANE/wetransfer-2ee91d/TLT-BT-4-475-WH.jpg","http://info.blanchobedding.com/DropshipProduct/HURBANE/wetransfer-2ee91d/TLT-BT-4-475-WH.jpg","http://info.blanchobedding.com/DropshipProduct/HURBANE/wetransfer-2ee91d/TLT-BT-4-475-WH.jpg",null,null,null,null,null,"Child","HB-TLT-BT-4-475-WH","Variation","ItemPackageQuantity","Update","What is GSM?\r\nGSM stands for grams per square meter, it's the standard measurement for the weight and quality of fabrics including towels. The number refers to the density of the towel which is the higher the better. Our 100% cotton with 475 GSM high quality towel set is soft, last longer due to high density and more absorbent than competitors with hiding product information. <ul>\r\n<li>Bath Towel is the best choice for customer who are  looking for soft and  absorbent towel with reduce linting process.\r\n<li>Our towel set includes 4 bath Towel 25x50 inches, white color.\r\n<li>100% cotton; bath Towel 475 GSM.\r\n<li>Excellent gift for your loved one.\r\n<li>Washing instruction: Color fastness to 60 degrees Celsiud/140 degrees Fahrenheit. Wash colors separately.\r\n","HB-TLT-BT-4-475-WH-4PC","HB-TLT-BT-4-475-WH-4PC",null,"100 % Cotton, 475 GSM.","Order includes: 4 Bath Towel.","Excellent gift for your loved one.","Washing instruction: Color fastness to 60 degrees Celsiud/140 degrees Fahrenheit. ","Wash colors separately.",null,null,null,null,null,null,null,"seniors","unisex-teen","unisex-adult",null,null,null,null,null,null,null,"soft towels,bathroom towel, easy wash, easy care,absorbent towel,machine wash,highly absorbent,premium towel set,luxury towel set,red towel,blue towel,navy towel,orange towel,ivory towel,grey towel,black towel,high quality towel,beach towel, towel",null,null,null,null,null,null,null,null,4,null,null,null,"4 PC BATH TOWEL","Cotton",null,null,null,null,null,null,null,null,null,null,null,null,null,null,null,null,null,null,null,null,null,null,null,null,null,null,null,null,null,null,null,null,null,null,null,null,null,null,null,null,null,null,null,null,null,null,null,5.55,"LB",null,"IN","IN","IN",25,50,null,null,null,null,null,null,null,null,null,null,null,null,null,null,null,null,null,null,null,null,null,null,null,null,null,null,null,null,null,null,null,null,null,null,null,null,null,null,null,null,null,null,null,null,null,null,null,null,null,null,null,null,null,null,null,null,null,null,null,null,null,null,null,null,null,null,null,null,null,null,null,null,null,null,null,null,null,null,null,null,null,null,"BB Template",null,null,null,null,"New"]
["bedandbath","HB-TLT-BT-4-475-WH-8PC","BLANCHO BEDDING","HURBANE Bath Towel Set 8PC  25 In x 50 In 100% Cotton High 475 GSM Quality Hotel Towel Set Bedroom Outdoor White Color","BLANCHO BEDDING",null,null,"towel-sets",76.149264705882345,20,"http://info.blanchobedding.com/DropshipProduct/HURBANE/wetransfer-2ee91d/TLT-BT-4-475-WH.jpg","http://info.blanchobedding.com/DropshipProduct/HURBANE/wetransfer-2ee91d/TLT-BT-4-475-WH.jpg","http://info.blanchobedding.com/DropshipProduct/HURBANE/wetransfer-2ee91d/TLT-BT-4-475-WH.jpg","http://info.blanchobedding.com/DropshipProduct/HURBANE/wetransfer-2ee91d/TLT-BT-4-475-WH.jpg","http://info.blanchobedding.com/DropshipProduct/HURBANE/wetransfer-2ee91d/TLT-BT-4-475-WH.jpg",null,null,null,null,null,"Child","HB-TLT-BT-4-475-WH","Variation","ItemPackageQuantity","Update","What is GSM?\r\nGSM stands for grams per square meter, it's the standard measurement for the weight and quality of fabrics including towels. The number refers to the density of the towel which is the higher the better. Our 100% cotton with 475 GSM high quality towel set is soft, last longer due to high density and more absorbent than competitors with hiding product information. <ul>\r\n<li>Bath Towel is the best choice for customer who are  looking for soft and  absorbent towel with reduce linting process.\r\n<li>Our towel set includes 8 bath Towel 25x50 inches, white color.\r\n<li>100% cotton; bath Towel 475 GSM.\r\n<li>Excellent gift for your loved one.\r\n<li>Washing instruction: Color fastness to 60 degrees Celsiud/140 degrees Fahrenheit. Wash colors separately.\r\n","HB-TLT-BT-4-475-WH-8PC","HB-TLT-BT-4-475-WH-8PC",null,"100 % Cotton, 475 GSM.","Order includes: 8 Bath Towel.","Excellent gift for your loved one.","Washing instruction: Color fastness to 60 degrees Celsiud/140 degrees Fahrenheit. ","Wash colors separately.",null,null,null,null,null,null,null,"seniors","unisex-teen","unisex-adult",null,null,null,null,null,null,null,"soft towels,bathroom towel, easy wash, easy care,absorbent towel,machine wash,highly absorbent,premium towel set,luxury towel set,red towel,blue towel,navy towel,orange towel,ivory towel,grey towel,black towel,high quality towel,beach towel, towel",null,null,null,null,null,null,null,null,8,null,null,null,"8 PC BATH TOWEL","Cotton",null,null,null,null,null,null,null,null,null,null,null,null,null,null,null,null,null,null,null,null,null,null,null,null,null,null,null,null,null,null,null,null,null,null,null,null,null,null,null,null,null,null,null,null,null,null,null,11.1,"LB",null,"IN","IN","IN",25,50,null,null,null,null,null,null,null,null,null,null,null,null,null,null,null,null,null,null,null,null,null,null,null,null,null,null,null,null,null,null,null,null,null,null,null,null,null,null,null,null,null,null,null,null,null,null,null,null,null,null,null,null,null,null,null,null,null,null,null,null,null,null,null,null,null,null,null,null,null,null,null,null,null,null,null,null,null,null,null,null,null,null,"BB Template",null,null,null,null,"New"]
["bedandbath","HB-TLT-BT-4-475-WH-12PC","BLANCHO BEDDING","HURBANE Bath Towel Set 12PC  25 In x 50 In 100% Cotton High 475 GSM Quality Hotel Towel Set Bedroom Outdoor White Color","BLANCHO BEDDING",null,null,"towel-sets",108.95808823529411,20,"http://info.blanchobedding.com/DropshipProduct/HURBANE/wetransfer-2ee91d/TLT-BT-4-475-WH.jpg","http://info.blanchobedding.com/DropshipProduct/HURBANE/wetransfer-2ee91d/TLT-BT-4-475-WH.jpg","http://info.blanchobedding.com/DropshipProduct/HURBANE/wetransfer-2ee91d/TLT-BT-4-475-WH.jpg","http://info.blanchobedding.com/DropshipProduct/HURBANE/wetransfer-2ee91d/TLT-BT-4-475-WH.jpg","http://info.blanchobedding.com/DropshipProduct/HURBANE/wetransfer-2ee91d/TLT-BT-4-475-WH.jpg",null,null,null,null,null,"Child","HB-TLT-BT-4-475-WH","Variation","ItemPackageQuantity","Update","What is GSM?\r\nGSM stands for grams per square meter, it's the standard measurement for the weight and quality of fabrics including towels. The number refers to the density of the towel which is the higher the better. Our 100% cotton with 475 GSM high quality towel set is soft, last longer due to high density and more absorbent than competitors with hiding product information. <ul>\r\n<li>Bath Towel is the best choice for customer who are  looking for soft and  absorbent towel with reduce linting process.\r\n<li>Our towel set includes 12 bath Towel 25x50 inches, white color.\r\n<li>100% cotton; bath Towel 475 GSM.\r\n<li>Excellent gift for your loved one.\r\n<li>Washing instruction: Color fastness to 60 degrees Celsiud/140 degrees Fahrenheit. Wash colors separately.\r\n","HB-TLT-BT-4-475-WH-12PC","HB-TLT-BT-4-475-WH-12PC",null,"100 % Cotton, 475 GSM.","Order includes: 12 Bath Towel.","Excellent gift for your loved one.","Washing instruction: Color fastness to 60 degrees Celsiud/140 degrees Fahrenheit. ","Wash colors separately.",null,null,null,null,null,null,null,"seniors","unisex-teen","unisex-adult",null,null,null,null,null,null,null,"soft towels,bathroom towel, easy wash, easy care,absorbent towel,machine wash,highly absorbent,premium towel set,luxury towel set,red towel,blue towel,navy towel,orange towel,ivory towel,grey towel,black towel,high quality towel,beach towel, towel",null,null,null,null,null,null,null,null,12,null,null,null,"12 PC BATH TOWEL","Cotton",null,null,null,null,null,null,null,null,null,null,null,null,null,null,null,null,null,null,null,null,null,null,null,null,null,null,null,null,null,null,null,null,null,null,null,null,null,null,null,null,null,null,null,null,null,null,null,16.649999999999999,"LB",null,"IN","IN","IN",25,50,null,null,null,null,null,null,null,null,null,null,null,null,null,null,null,null,null,null,null,null,null,null,null,null,null,null,null,null,null,null,null,null,null,null,null,null,null,null,null,null,null,null,null,null,null,null,null,null,null,null,null,null,null,null,null,null,null,null,null,null,null,null,null,null,null,null,null,null,null,null,null,null,null,null,null,null,null,null,null,null,null,null,"BB Template",null,null,null,null,"New"]
["bedandbath","HB-TLT-BM-6-650-WH","BLANCHO BEDDING","HURBANE Bath Mat Set 650 GSM Bedroom 100% Cotton 20 In x 30 In High Quality Hotel Towel Set Outdoor White Color","BLANCHO BEDDING",null,null,"towel-sets",44.61,20,"http://info.blanchobedding.com/DropshipProduct/HURBANE/wetransfer-2ee91d/TLT-BM-6-650-WH.jpg",null,null,null,null,null,null,null,null,null,"Parent",null,null,"ItemPackageQuantity","Update","What is GSM?\r\nGSM stands for grams per square meter, it's the standard measurement for the weight and quality of fabrics including towels. The number refers to the density of the towel which is the higher the better. Our 100% cotton with 650 GSM high quality towel set is soft, last longer due to high density and more absorbent than competitors with hiding product information. <ul>\r\n<li>Bath Mat Towel is the best choice for customer who are  looking for soft and  absorbent towel with reduce linting process.\r\n<li>Our towel set includes 6 bath mat 20x30 inches, white color.\r\n<li>100% cotton; bath Towel 650 GSM.\r\n<li>Excellent gift for your loved one.\r\n<li>Washing instruction: Color fastness to 60 degrees Celsiud/140 degrees Fahrenheit. Wash colors separately.\r\n","HB-TLT-BM-6-650-WH","HB-TLT-BM-6-650-WH",null,"100 % Cotton, 650 GSM.","Order includes: 6 Bath Mat.","Excellent gift for your loved one.","Washing instruction: Color fastness to 60 degrees Celsiud/140 degrees Fahrenheit. ","Wash colors separately.",null,null,null,null,null,null,null,"seniors","unisex-teen","unisex-adult",null,null,null,null,null,null,null,"soft towels,bathroom towel, easy wash, easy care,absorbent towel,machine wash,highly absorbent,premium towel set,luxury towel set,red towel,blue towel,navy towel,orange towel,ivory towel,grey towel,black towel,high quality towel,beach towel, towel",null,null,null,null,null,null,null,null,null,null,null,null,"BATH MAT","Cotton",null,null,null,null,null,null,null,null,null,null,null,null,null,null,null,null,null,null,null,null,null,null,null,null,null,null,null,null,null,null,null,null,null,null,null,null,null,null,null,null,null,null,null,null,null,null,null,4.51,"LB",null,"IN","IN","IN",20,30,null,null,null,null,null,null,null,null,null,null,null,null,null,null,null,null,null,null,null,null,null,null,null,null,null,null,null,null,null,null,null,null,null,null,null,null,null,null,null,null,null,null,null,null,null,null,null,null,null,null,null,null,null,null,null,null,null,null,null,null,null,null,null,null,null,null,null,null,null,null,null,null,null,null,null,null,null,null,null,null,null,null,"BB Template",null,null,null,null,"New"]
["bedandbath","HB-TLT-BM-6-650-WH-6PC","BLANCHO BEDDING","HURBANE Bath Mat Set 6PC  650 GSM Bedroom 100% Cotton 20 In x 30 In High Quality Hotel Towel Set Outdoor White Color","BLANCHO BEDDING",null,null,"towel-sets",44.605147058823526,20,"http://info.blanchobedding.com/DropshipProduct/HURBANE/wetransfer-2ee91d/TLT-BM-6-650-WH.jpg","http://info.blanchobedding.com/DropshipProduct/HURBANE/wetransfer-2ee91d/TLT-BM-6-650-WH.jpg",null,null,null,null,null,null,null,null,"Child","HB-TLT-BM-6-650-WH","Variation","ItemPackageQuantity","Update","What is GSM?\r\nGSM stands for grams per square meter, it's the standard measurement for the weight and quality of fabrics including towels. The number refers to the density of the towel which is the higher the better. Our 100% cotton with 650 GSM high quality towel set is soft, last longer due to high density and more absorbent than competitors with hiding product information. <ul>\r\n<li>Bath Mat Towel is the best choice for customer who are  looking for soft and  absorbent towel with reduce linting process.\r\n<li>Our towel set includes 6 bath mat 20x30 inches, white color.\r\n<li>100% cotton; bath Towel 650 GSM.\r\n<li>Excellent gift for your loved one.\r\n<li>Washing instruction: Color fastness to 60 degrees Celsiud/140 degrees Fahrenheit. Wash colors separately.\r\n","HB-TLT-BM-6-650-WH-6PC","HB-TLT-BM-6-650-WH-6PC",null,"100 % Cotton, 650 GSM.","Order includes: 6 Bath Mat.","Excellent gift for your loved one.","Washing instruction: Color fastness to 60 degrees Celsiud/140 degrees Fahrenheit. ","Wash colors separately.",null,null,null,null,null,null,null,"seniors","unisex-teen","unisex-adult",null,null,null,null,null,null,null,"soft towels,bathroom towel, easy wash, easy care,absorbent towel,machine wash,highly absorbent,premium towel set,luxury towel set,red towel,blue towel,navy towel,orange towel,ivory towel,grey towel,black towel,high quality towel,beach towel, towel",null,null,null,null,null,null,null,null,6,null,null,null,"6 PC BATH MAT","Cotton",null,null,null,null,null,null,null,null,null,null,null,null,null,null,null,null,null,null,null,null,null,null,null,null,null,null,null,null,null,null,null,null,null,null,null,null,null,null,null,null,null,null,null,null,null,null,null,4.51,"LB",null,"IN","IN","IN",20,30,null,null,null,null,null,null,null,null,null,null,null,null,null,null,null,null,null,null,null,null,null,null,null,null,null,null,null,null,null,null,null,null,null,null,null,null,null,null,null,null,null,null,null,null,null,null,null,null,null,null,null,null,null,null,null,null,null,null,null,null,null,null,null,null,null,null,null,null,null,null,null,null,null,null,null,null,null,null,null,null,null,null,"BB Template",null,null,null,null,"New"]
["bedandbath","HB-TLT-BM-6-650-WH-12PC","BLANCHO BEDDING","HURBANE Bath Mat Set 12PC  650 GSM Bedroom 100% Cotton 20 In x 30 In High Quality Hotel Towel Set Outdoor White Color","BLANCHO BEDDING",null,null,"towel-sets",80.928676470588229,20,"http://info.blanchobedding.com/DropshipProduct/HURBANE/wetransfer-2ee91d/TLT-BM-6-650-WH.jpg","http://info.blanchobedding.com/DropshipProduct/HURBANE/wetransfer-2ee91d/TLT-BM-6-650-WH.jpg",null,null,null,null,null,null,null,null,"Child","HB-TLT-BM-6-650-WH","Variation","ItemPackageQuantity","Update","What is GSM?\r\nGSM stands for grams per square meter, it's the standard measurement for the weight and quality of fabrics including towels. The number refers to the density of the towel which is the higher the better. Our 100% cotton with 650 GSM high quality towel set is soft, last longer due to high density and more absorbent than competitors with hiding product information. <ul>\r\n<li>Bath Mat Towel is the best choice for customer who are  looking for soft and  absorbent towel with reduce linting process.\r\n<li>Our towel set includes 12 bath mat 20x30 inches, white color.\r\n<li>100% cotton; bath Towel 650 GSM.\r\n<li>Excellent gift for your loved one.\r\n<li>Washing instruction: Color fastness to 60 degrees Celsiud/140 degrees Fahrenheit. Wash colors separately.\r\n","HB-TLT-BM-6-650-WH-12PC","HB-TLT-BM-6-650-WH-12PC",null,"100 % Cotton, 650 GSM.","Order includes: 12 Bath Mat.","Excellent gift for your loved one.","Washing instruction: Color fastness to 60 degrees Celsiud/140 degrees Fahrenheit. ","Wash colors separately.",null,null,null,null,null,null,null,"seniors","unisex-teen","unisex-adult",null,null,null,null,null,null,null,"soft towels,bathroom towel, easy wash, easy care,absorbent towel,machine wash,highly absorbent,premium towel set,luxury towel set,red towel,blue towel,navy towel,orange towel,ivory towel,grey towel,black towel,high quality towel,beach towel, towel",null,null,null,null,null,null,null,null,12,null,null,null,"12 PC BATH MAT","Cotton",null,null,null,null,null,null,null,null,null,null,null,null,null,null,null,null,null,null,null,null,null,null,null,null,null,null,null,null,null,null,null,null,null,null,null,null,null,null,null,null,null,null,null,null,null,null,null,9.02,"LB",null,"IN","IN","IN",20,30,null,null,null,null,null,null,null,null,null,null,null,null,null,null,null,null,null,null,null,null,null,null,null,null,null,null,null,null,null,null,null,null,null,null,null,null,null,null,null,null,null,null,null,null,null,null,null,null,null,null,null,null,null,null,null,null,null,null,null,null,null,null,null,null,null,null,null,null,null,null,null,null,null,null,null,null,null,null,null,null,null,null,"BB Template",null,null,null,null,"New"]
["bedandbath","HB-TLT-BM-6-650-WH-18PC","BLANCHO BEDDING","HURBANE Bath Mat Set 18PC  650 GSM Bedroom 100% Cotton 20 In x 30 In High Quality Hotel Towel Set Outdoor White Color","BLANCHO BEDDING",null,null,"towel-sets",115.7375,20,"http://info.blanchobedding.com/DropshipProduct/HURBANE/wetransfer-2ee91d/TLT-BM-6-650-WH.jpg","http://info.blanchobedding.com/DropshipProduct/HURBANE/wetransfer-2ee91d/TLT-BM-6-650-WH.jpg",null,null,null,null,null,null,null,null,"Child","HB-TLT-BM-6-650-WH","Variation","ItemPackageQuantity","Update","What is GSM?\r\nGSM stands for grams per square meter, it's the standard measurement for the weight and quality of fabrics including towels. The number refers to the density of the towel which is the higher the better. Our 100% cotton with 650 GSM high quality towel set is soft, last longer due to high density and more absorbent than competitors with hiding product information. <ul>\r\n<li>Bath Mat Towel is the best choice for customer who are  looking for soft and  absorbent towel with reduce linting process.\r\n<li>Our towel set includes 18 bath mat 20x30 inches, white color.\r\n<li>100% cotton; bath Towel 650 GSM.\r\n<li>Excellent gift for your loved one.\r\n<li>Washing instruction: Color fastness to 60 degrees Celsiud/140 degrees Fahrenheit. Wash colors separately.\r\n","HB-TLT-BM-6-650-WH-18PC","HB-TLT-BM-6-650-WH-18PC",null,"100 % Cotton, 650 GSM.","Order includes: 18 Bath Mat.","Excellent gift for your loved one.","Washing instruction: Color fastness to 60 degrees Celsiud/140 degrees Fahrenheit. ","Wash colors separately.",null,null,null,null,null,null,null,"seniors","unisex-teen","unisex-adult",null,null,null,null,null,null,null,"soft towels,bathroom towel, easy wash, easy care,absorbent towel,machine wash,highly absorbent,premium towel set,luxury towel set,red towel,blue towel,navy towel,orange towel,ivory towel,grey towel,black towel,high quality towel,beach towel, towel",null,null,null,null,null,null,null,null,18,null,null,null,"18 PC BATH MAT","Cotton",null,null,null,null,null,null,null,null,null,null,null,null,null,null,null,null,null,null,null,null,null,null,null,null,null,null,null,null,null,null,null,null,null,null,null,null,null,null,null,null,null,null,null,null,null,null,null,13.53,"LB",null,"IN","IN","IN",20,30,null,null,null,null,null,null,null,null,null,null,null,null,null,null,null,null,null,null,null,null,null,null,null,null,null,null,null,null,null,null,null,null,null,null,null,null,null,null,null,null,null,null,null,null,null,null,null,null,null,null,null,null,null,null,null,null,null,null,null,null,null,null,null,null,null,null,null,null,null,null,null,null,null,null,null,null,null,null,null,null,null,null,"BB Template",null,null,null,null,"New"]
["bedandbath","HB-TLT-HT-6-650-WH","BLANCHO BEDDING","HURBANE Bathroom Hand Towel Set 650 GSM Bedroom 100% Cotton 16 In x 30 In High Quality Hotel Towel Set Outdoor White Color","BLANCHO BEDDING",null,null,"towel-sets",38.619852941176468,20,"http://info.blanchobedding.com/DropshipProduct/HURBANE/wetransfer-2ee91d/TLT-HT-6-650-WH.jpg",null,null,null,null,null,null,null,null,null,"Parent",null,null,"ItemPackageQuantity","Update","What is GSM?\r\nGSM stands for grams per square meter, it's the standard measurement for the weight and quality of fabrics including towels. The number refers to the density of the towel which is the higher the better. Our 100% cotton with 650 GSM high quality towel set is soft, last longer due to high density and more absorbent than competitors with hiding product information. <ul>\r\n<li>Hand Towel is the best choice for customer who are  looking for soft and  absorbent towel with reduce linting process.\r\n<li>Our towel set includes 6 hand Towel 16x30 inches, white color.\r\n<li>100% cotton; hand Towel 650 GSM.\r\n<li>Excellent gift for your loved one.\r\n<li>Washing instruction: Color fastness to 60 degrees Celsiud/140 degrees Fahrenheit. Wash colors separately.\r\n","HB-TLT-HT-6-650-WH","HB-TLT-HT-6-650-WH",null,"100 % Cotton, 650 GSM.","Order includes: 6 Hand Towel.","Excellent gift for your loved one.","Washing instruction: Color fastness to 60 degrees Celsiud/140 degrees Fahrenheit. ","Wash colors separately.",null,null,null,null,null,null,null,"seniors","unisex-teen","unisex-adult",null,null,null,null,null,null,null,"soft towels,bathroom towel, easy wash, easy care,absorbent towel,machine wash,highly absorbent,premium towel set,luxury towel set,red towel,blue towel,navy towel,orange towel,ivory towel,grey towel,black towel,high quality towel,beach towel, towel",null,null,null,null,null,null,null,null,null,null,null,null,"HAND TOWEL","Cotton",null,null,null,null,null,null,null,null,null,null,null,null,null,null,null,null,null,null,null,null,null,null,null,null,null,null,null,null,null,null,null,null,null,null,null,null,null,null,null,null,null,null,null,null,null,null,null,3.05,"LB",null,"IN","IN","IN",16,30,null,null,null,null,null,null,null,null,null,null,null,null,null,null,null,null,null,null,null,null,null,null,null,null,null,null,null,null,null,null,null,null,null,null,null,null,null,null,null,null,null,null,null,null,null,null,null,null,null,null,null,null,null,null,null,null,null,null,null,null,null,null,null,null,null,null,null,null,null,null,null,null,null,null,null,null,null,null,null,null,null,null,"BB Template",null,null,null,null,"New"]
["bedandbath","HB-TLT-HT-6-650-WH-6PC","BLANCHO BEDDING","HURBANE Bathroom Hand Towel Set 6PC  650 GSM Bedroom 100% Cotton 16 In x 30 In High Quality Hotel Towel Set Outdoor White Color","BLANCHO BEDDING",null,null,"towel-sets",38.619852941176468,20,"http://info.blanchobedding.com/DropshipProduct/HURBANE/wetransfer-2ee91d/TLT-HT-6-650-WH.jpg","http://info.blanchobedding.com/DropshipProduct/HURBANE/wetransfer-2ee91d/TLT-HT-6-650-WH.jpg","http://info.blanchobedding.com/DropshipProduct/HURBANE/wetransfer-2ee91d/TLT-HT-6-650-WH.jpg","http://info.blanchobedding.com/DropshipProduct/HURBANE/wetransfer-2ee91d/TLT-HT-6-650-WH.jpg","http://info.blanchobedding.com/DropshipProduct/HURBANE/wetransfer-2ee91d/TLT-HT-6-650-WH.jpg","http://info.blanchobedding.com/DropshipProduct/HURBANE/wetransfer-2ee91d/TLT-HT-6-650-WH.jpg",null,null,null,null,"Child","HB-TLT-HT-6-650-WH","Variation","ItemPackageQuantity","Update","What is GSM?\r\nGSM stands for grams per square meter, it's the standard measurement for the weight and quality of fabrics including towels. The number refers to the density of the towel which is the higher the better. Our 100% cotton with 650 GSM high quality towel set is soft, last longer due to high density and more absorbent than competitors with hiding product information. <ul>\r\n<li>Hand Towel is the best choice for customer who are  looking for soft and  absorbent towel with reduce linting process.\r\n<li>Our towel set includes 6 hand Towel 16x30 inches, white color.\r\n<li>100% cotton; hand Towel 650 GSM.\r\n<li>Excellent gift for your loved one.\r\n<li>Washing instruction: Color fastness to 60 degrees Celsiud/140 degrees Fahrenheit. Wash colors separately.\r\n","HB-TLT-HT-6-650-WH-6PC","HB-TLT-HT-6-650-WH-6PC",null,"100 % Cotton, 650 GSM.","Order includes: 6 Hand Towel.","Excellent gift for your loved one.","Washing instruction: Color fastness to 60 degrees Celsiud/140 degrees Fahrenheit. ","Wash colors separately.",null,null,null,null,null,null,null,"seniors","unisex-teen","unisex-adult",null,null,null,null,null,null,null,"soft towels,bathroom towel, easy wash, easy care,absorbent towel,machine wash,highly absorbent,premium towel set,luxury towel set,red towel,blue towel,navy towel,orange towel,ivory towel,grey towel,black towel,high quality towel,beach towel, towel",null,null,null,null,null,null,null,null,6,null,null,null,"HAND TOWEL 6PC","Cotton",null,null,null,null,null,null,null,null,null,null,null,null,null,null,null,null,null,null,null,null,null,null,null,null,null,null,null,null,null,null,null,null,null,null,null,null,null,null,null,null,null,null,null,null,null,null,null,3.05,"LB",null,"IN","IN","IN",16,30,null,null,null,null,null,null,null,null,null,null,null,null,null,null,null,null,null,null,null,null,null,null,null,null,null,null,null,null,null,null,null,null,null,null,null,null,null,null,null,null,null,null,null,null,null,null,null,null,null,null,null,null,null,null,null,null,null,null,null,null,null,null,null,null,null,null,null,null,null,null,null,null,null,null,null,null,null,null,null,null,null,null,"BB Template",null,null,null,null,"New"]
["bedandbath","HB-TLT-HT-6-650-WH-12","BLANCHO BEDDING","HURBANE Bathroom Hand Towel Set 12PC  650 GSM Bedroom 100% Cotton 16 In x 30 In High Quality Hotel Towel Set Outdoor White Color","BLANCHO BEDDING",null,null,"towel-sets",69.590441176470605,20,"http://info.blanchobedding.com/DropshipProduct/HURBANE/wetransfer-2ee91d/TLT-HT-6-650-WH.jpg","http://info.blanchobedding.com/DropshipProduct/HURBANE/wetransfer-2ee91d/TLT-HT-6-650-WH.jpg","http://info.blanchobedding.com/DropshipProduct/HURBANE/wetransfer-2ee91d/TLT-HT-6-650-WH.jpg","http://info.blanchobedding.com/DropshipProduct/HURBANE/wetransfer-2ee91d/TLT-HT-6-650-WH.jpg","http://info.blanchobedding.com/DropshipProduct/HURBANE/wetransfer-2ee91d/TLT-HT-6-650-WH.jpg","http://info.blanchobedding.com/DropshipProduct/HURBANE/wetransfer-2ee91d/TLT-HT-6-650-WH.jpg",null,null,null,null,"Child","HB-TLT-HT-6-650-WH","Variation","ItemPackageQuantity","Update","What is GSM?\r\nGSM stands for grams per square meter, it's the standard measurement for the weight and quality of fabrics including towels. The number refers to the density of the towel which is the higher the better. Our 100% cotton with 650 GSM high quality towel set is soft, last longer due to high density and more absorbent than competitors with hiding product information. <ul>\r\n<li>Hand Towel is the best choice for customer who are  looking for soft and  absorbent towel with reduce linting process.\r\n<li>Our towel set includes 12 hand Towel 16x30 inches, white color.\r\n<li>100% cotton; hand Towel 650 GSM.\r\n<li>Excellent gift for your loved one.\r\n<li>Washing instruction: Color fastness to 60 degrees Celsiud/140 degrees Fahrenheit. Wash colors separately.\r\n","HB-TLT-HT-6-650-WH-12","HB-TLT-HT-6-650-WH-12",null,"100 % Cotton, 650 GSM.","Order includes: 12 Hand Towel.","Excellent gift for your loved one.","Washing instruction: Color fastness to 60 degrees Celsiud/140 degrees Fahrenheit. ","Wash colors separately.",null,null,null,null,null,null,null,"seniors","unisex-teen","unisex-adult",null,null,null,null,null,null,null,"soft towels,bathroom towel, easy wash, easy care,absorbent towel,machine wash,highly absorbent,premium towel set,luxury towel set,red towel,blue towel,navy towel,orange towel,ivory towel,grey towel,black towel,high quality towel,beach towel, towel",null,null,null,null,null,null,null,null,12,null,null,null,"HAND TOWEL 12PC","Cotton",null,null,null,null,null,null,null,null,null,null,null,null,null,null,null,null,null,null,null,null,null,null,null,null,null,null,null,null,null,null,null,null,null,null,null,null,null,null,null,null,null,null,null,null,null,null,null,6.1,"LB",null,"IN","IN","IN",16,30,null,null,null,null,null,null,null,null,null,null,null,null,null,null,null,null,null,null,null,null,null,null,null,null,null,null,null,null,null,null,null,null,null,null,null,null,null,null,null,null,null,null,null,null,null,null,null,null,null,null,null,null,null,null,null,null,null,null,null,null,null,null,null,null,null,null,null,null,null,null,null,null,null,null,null,null,null,null,null,null,null,null,"BB Template",null,null,null,null,"New"]
["bedandbath","HB-TLT-HT-6-650-WH-18","BLANCHO BEDDING","HURBANE Bathroom Hand Towel Set 18PC  650 GSM Bedroom 100% Cotton 16 In x 30 In High Quality Hotel Towel Set Outdoor White Color","BLANCHO BEDDING",null,null,"towel-sets",101.64926470588236,20,"http://info.blanchobedding.com/DropshipProduct/HURBANE/wetransfer-2ee91d/TLT-HT-6-650-WH.jpg","http://info.blanchobedding.com/DropshipProduct/HURBANE/wetransfer-2ee91d/TLT-HT-6-650-WH.jpg","http://info.blanchobedding.com/DropshipProduct/HURBANE/wetransfer-2ee91d/TLT-HT-6-650-WH.jpg","http://info.blanchobedding.com/DropshipProduct/HURBANE/wetransfer-2ee91d/TLT-HT-6-650-WH.jpg","http://info.blanchobedding.com/DropshipProduct/HURBANE/wetransfer-2ee91d/TLT-HT-6-650-WH.jpg","http://info.blanchobedding.com/DropshipProduct/HURBANE/wetransfer-2ee91d/TLT-HT-6-650-WH.jpg",null,null,null,null,"Child","HB-TLT-HT-6-650-WH","Variation","ItemPackageQuantity","Update","What is GSM?\r\nGSM stands for grams per square meter, it's the standard measurement for the weight and quality of fabrics including towels. The number refers to the density of the towel which is the higher the better. Our 100% cotton with 650 GSM high quality towel set is soft, last longer due to high density and more absorbent than competitors with hiding product information. <ul>\r\n<li>Hand Towel is the best choice for customer who are  looking for soft and  absorbent towel with reduce linting process.\r\n<li>Our towel set includes 18 hand Towel 16x30 inches, white color.\r\n<li>100% cotton; hand Towel 650 GSM.\r\n<li>Excellent gift for your loved one.\r\n<li>Washing instruction: Color fastness to 60 degrees Celsiud/140 degrees Fahrenheit. Wash colors separately.\r\n","HB-TLT-HT-6-650-WH-18","HB-TLT-HT-6-650-WH-18",null,"100 % Cotton, 650 GSM.","Order includes: 18 Hand Towel.","Excellent gift for your loved one.","Washing instruction: Color fastness to 60 degrees Celsiud/140 degrees Fahrenheit. ","Wash colors separately.",null,null,null,null,null,null,null,"seniors","unisex-teen","unisex-adult",null,null,null,null,null,null,null,"soft towels,bathroom towel, easy wash, easy care,absorbent towel,machine wash,highly absorbent,premium towel set,luxury towel set,red towel,blue towel,navy towel,orange towel,ivory towel,grey towel,black towel,high quality towel,beach towel, towel",null,null,null,null,null,null,null,null,18,null,null,null,"HAND TOWEL 18PC","Cotton",null,null,null,null,null,null,null,null,null,null,null,null,null,null,null,null,null,null,null,null,null,null,null,null,null,null,null,null,null,null,null,null,null,null,null,null,null,null,null,null,null,null,null,null,null,null,null,9.1499999999999986,"LB",null,"IN","IN","IN",16,30,null,null,null,null,null,null,null,null,null,null,null,null,null,null,null,null,null,null,null,null,null,null,null,null,null,null,null,null,null,null,null,null,null,null,null,null,null,null,null,null,null,null,null,null,null,null,null,null,null,null,null,null,null,null,null,null,null,null,null,null,null,null,null,null,null,null,null,null,null,null,null,null,null,null,null,null,null,null,null,null,null,null,"BB Template",null,null,null,null,"New"]
["bedandbath","HB-TLT-HT-6-475-WH","BLANCHO BEDDING","HURBANE Bathroom Hand Towel Set Bedroom 100% Cotton 15 In x 25 In High Quality 475 GSM Hotel Towel Set Outdoor White Color","BLANCHO BEDDING",null,null,"towel-sets",32.799999999999997,20,"http://info.blanchobedding.com/DropshipProduct/HURBANE/wetransfer-2ee91d/TLT-HT-6-475-WH.jpg",null,null,null,null,null,null,null,null,null,"Parent",null,null,"ItemPackageQuantity","Update","What is GSM?\r\nGSM stands for grams per square meter, it's the standard measurement for the weight and quality of fabrics including towels. The number refers to the density of the towel which is the higher the better. Our 100% cotton with 475 GSM high quality towel set is soft, last longer due to high density and more absorbent than competitors with hiding product information. <ul>\r\n<li>Hand Towel is the best choice for customer who are  looking for soft and  absorbent towel with reduce linting process.\r\n<li>Our towel set includes 6 hand Towel 15x25 inches, white color.\r\n<li>100% cotton; hand Towel 475 GSM.\r\n<li>Excellent gift for your loved one.\r\n<li>Washing instruction: Color fastness to 60 degrees Celsiud/140 degrees Fahrenheit. Wash colors separately.\r\n","HB-TLT-HT-6-475-WH","HB-TLT-HT-6-475-WH",null,"100 % Cotton, 650 GSM.","Order includes: 6 Hand Towel.","Excellent gift for your loved one.","Washing instruction: Color fastness to 60 degrees Celsiud/140 degrees Fahrenheit. ","Wash colors separately.",null,null,null,null,null,null,null,"seniors","unisex-teen","unisex-adult",null,null,null,null,null,null,null,"soft towels,bathroom towel, easy wash, easy care,absorbent towel,machine wash,highly absorbent,premium towel set,luxury towel set,red towel,blue towel,navy towel,orange towel,ivory towel,grey towel,black towel,high quality towel,beach towel, towel",null,null,null,null,null,null,null,null,null,null,null,null,"HAND TOWEL","Cotton",null,null,null,null,null,null,null,null,null,null,null,null,null,null,null,null,null,null,null,null,null,null,null,null,null,null,null,null,null,null,null,null,null,null,null,null,null,null,null,null,null,null,null,null,null,null,null,2.4,"LB",null,"IN","IN","IN",15,25,null,null,null,null,null,null,null,null,null,null,null,null,null,null,null,null,null,null,null,null,null,null,null,null,null,null,null,null,null,null,null,null,null,null,null,null,null,null,null,null,null,null,null,null,null,null,null,null,null,null,null,null,null,null,null,null,null,null,null,null,null,null,null,null,null,null,null,null,null,null,null,null,null,null,null,null,null,null,null,null,null,null,"BB Template",null,null,null,null,"New"]
["bedandbath","HB-TLT-HT-6-475-WH-6PC","BLANCHO BEDDING","HURBANE Bathroom Hand Towel Set 6PC   Bedroom 100% Cotton 15 In x 25 In High Quality 475 GSM Hotel Towel Set Outdoor White Color","BLANCHO BEDDING",null,null,"towel-sets",32.796323529411758,20,"http://info.blanchobedding.com/DropshipProduct/HURBANE/wetransfer-2ee91d/TLT-HT-6-475-WH.jpg","http://info.blanchobedding.com/DropshipProduct/HURBANE/wetransfer-2ee91d/TLT-HT-6-475-WH.jpg",null,null,null,null,null,null,null,null,"Child","HB-TLT-HT-6-475-WH","Variation","ItemPackageQuantity","Update","What is GSM?\r\nGSM stands for grams per square meter, it's the standard measurement for the weight and quality of fabrics including towels. The number refers to the density of the towel which is the higher the better. Our 100% cotton with 475 GSM high quality towel set is soft, last longer due to high density and more absorbent than competitors with hiding product information. <ul>\r\n<li>Hand Towel is the best choice for customer who are  looking for soft and  absorbent towel with reduce linting process.\r\n<li>Our towel set includes 6 hand Towel 15x25 inches, white color.\r\n<li>100% cotton; hand Towel 475 GSM.\r\n<li>Excellent gift for your loved one.\r\n<li>Washing instruction: Color fastness to 60 degrees Celsiud/140 degrees Fahrenheit. Wash colors separately.\r\n","HB-TLT-HT-6-475-WH-6PC","HB-TLT-HT-6-475-WH-6PC",null,"100 % Cotton, 650 GSM.","Order includes: 6 Hand Towel.","Excellent gift for your loved one.","Washing instruction: Color fastness to 60 degrees Celsiud/140 degrees Fahrenheit. ","Wash colors separately.",null,null,null,null,null,null,null,"seniors","unisex-teen","unisex-adult",null,null,null,null,null,null,null,"soft towels,bathroom towel, easy wash, easy care,absorbent towel,machine wash,highly absorbent,premium towel set,luxury towel set,red towel,blue towel,navy towel,orange towel,ivory towel,grey towel,black towel,high quality towel,beach towel, towel",null,null,null,null,null,null,null,null,6,null,null,null,"HAND TOWEL 6PC","Cotton",null,null,null,null,null,null,null,null,null,null,null,null,null,null,null,null,null,null,null,null,null,null,null,null,null,null,null,null,null,null,null,null,null,null,null,null,null,null,null,null,null,null,null,null,null,null,null,2.4,"LB",null,"IN","IN","IN",15,25,null,null,null,null,null,null,null,null,null,null,null,null,null,null,null,null,null,null,null,null,null,null,null,null,null,null,null,null,null,null,null,null,null,null,null,null,null,null,null,null,null,null,null,null,null,null,null,null,null,null,null,null,null,null,null,null,null,null,null,null,null,null,null,null,null,null,null,null,null,null,null,null,null,null,null,null,null,null,null,null,null,null,"BB Template",null,null,null,null,"New"]
["bedandbath","HB-TLT-HT-6-475-WH-12PC","BLANCHO BEDDING","HURBANE Bathroom Hand Towel Set 12PC   Bedroom 100% Cotton 15 In x 25 In High Quality 475 GSM Hotel Towel Set Outdoor White Color","BLANCHO BEDDING",null,null,"towel-sets",60.134558823529403,20,"http://info.blanchobedding.com/DropshipProduct/HURBANE/wetransfer-2ee91d/TLT-HT-6-475-WH.jpg","http://info.blanchobedding.com/DropshipProduct/HURBANE/wetransfer-2ee91d/TLT-HT-6-475-WH.jpg",null,null,null,null,null,null,null,null,"Child","HB-TLT-HT-6-475-WH","Variation","ItemPackageQuantity","Update","What is GSM?\r\nGSM stands for grams per square meter, it's the standard measurement for the weight and quality of fabrics including towels. The number refers to the density of the towel which is the higher the better. Our 100% cotton with 475 GSM high quality towel set is soft, last longer due to high density and more absorbent than competitors with hiding product information. <ul>\r\n<li>Hand Towel is the best choice for customer who are  looking for soft and  absorbent towel with reduce linting process.\r\n<li>Our towel set includes 12 hand Towel 15x25 inches, white color.\r\n<li>100% cotton; hand Towel 475 GSM.\r\n<li>Excellent gift for your loved one.\r\n<li>Washing instruction: Color fastness to 60 degrees Celsiud/140 degrees Fahrenheit. Wash colors separately.\r\n","HB-TLT-HT-6-475-WH-12PC","HB-TLT-HT-6-475-WH-12PC",null,"100 % Cotton, 650 GSM.","Order includes: 12 Hand Towel.","Excellent gift for your loved one.","Washing instruction: Color fastness to 60 degrees Celsiud/140 degrees Fahrenheit. ","Wash colors separately.",null,null,null,null,null,null,null,"seniors","unisex-teen","unisex-adult",null,null,null,null,null,null,null,"soft towels,bathroom towel, easy wash, easy care,absorbent towel,machine wash,highly absorbent,premium towel set,luxury towel set,red towel,blue towel,navy towel,orange towel,ivory towel,grey towel,black towel,high quality towel,beach towel, towel",null,null,null,null,null,null,null,null,12,null,null,null,"HAND TOWEL 12PC","Cotton",null,null,null,null,null,null,null,null,null,null,null,null,null,null,null,null,null,null,null,null,null,null,null,null,null,null,null,null,null,null,null,null,null,null,null,null,null,null,null,null,null,null,null,null,null,null,null,4.8,"LB",null,"IN","IN","IN",15,25,null,null,null,null,null,null,null,null,null,null,null,null,null,null,null,null,null,null,null,null,null,null,null,null,null,null,null,null,null,null,null,null,null,null,null,null,null,null,null,null,null,null,null,null,null,null,null,null,null,null,null,null,null,null,null,null,null,null,null,null,null,null,null,null,null,null,null,null,null,null,null,null,null,null,null,null,null,null,null,null,null,null,"BB Template",null,null,null,null,"New"]
["bedandbath","HB-TLT-HT-6-475-WH-18PC","BLANCHO BEDDING","HURBANE Bathroom Hand Towel Set 18PC   Bedroom 100% Cotton 15 In x 25 In High Quality 475 GSM Hotel Towel Set Outdoor White Color","BLANCHO BEDDING",null,null,"towel-sets",89.561029411764707,20,"http://info.blanchobedding.com/DropshipProduct/HURBANE/wetransfer-2ee91d/TLT-HT-6-475-WH.jpg","http://info.blanchobedding.com/DropshipProduct/HURBANE/wetransfer-2ee91d/TLT-HT-6-475-WH.jpg",null,null,null,null,null,null,null,null,"Child","HB-TLT-HT-6-475-WH","Variation","ItemPackageQuantity","Update","What is GSM?\r\nGSM stands for grams per square meter, it's the standard measurement for the weight and quality of fabrics including towels. The number refers to the density of the towel which is the higher the better. Our 100% cotton with 475 GSM high quality towel set is soft, last longer due to high density and more absorbent than competitors with hiding product information. <ul>\r\n<li>Hand Towel is the best choice for customer who are  looking for soft and  absorbent towel with reduce linting process.\r\n<li>Our towel set includes 18 hand Towel 15x25 inches, white color.\r\n<li>100% cotton; hand Towel 475 GSM.\r\n<li>Excellent gift for your loved one.\r\n<li>Washing instruction: Color fastness to 60 degrees Celsiud/140 degrees Fahrenheit. Wash colors separately.\r\n","HB-TLT-HT-6-475-WH-18PC","HB-TLT-HT-6-475-WH-18PC",null,"100 % Cotton, 650 GSM.","Order includes: 18 Hand Towel.","Excellent gift for your loved one.","Washing instruction: Color fastness to 60 degrees Celsiud/140 degrees Fahrenheit. ","Wash colors separately.",null,null,null,null,null,null,null,"seniors","unisex-teen","unisex-adult",null,null,null,null,null,null,null,"soft towels,bathroom towel, easy wash, easy care,absorbent towel,machine wash,highly absorbent,premium towel set,luxury towel set,red towel,blue towel,navy towel,orange towel,ivory towel,grey towel,black towel,high quality towel,beach towel, towel",null,null,null,null,null,null,null,null,18,null,null,null,"HAND TOWEL 18PC","Cotton",null,null,null,null,null,null,null,null,null,null,null,null,null,null,null,null,null,null,null,null,null,null,null,null,null,null,null,null,null,null,null,null,null,null,null,null,null,null,null,null,null,null,null,null,null,null,null,7.1999999999999993,"LB",null,"IN","IN","IN",15,25,null,null,null,null,null,null,null,null,null,null,null,null,null,null,null,null,null,null,null,null,null,null,null,null,null,null,null,null,null,null,null,null,null,null,null,null,null,null,null,null,null,null,null,null,null,null,null,null,null,null,null,null,null,null,null,null,null,null,null,null,null,null,null,null,null,null,null,null,null,null,null,null,null,null,null,null,null,null,null,null,null,null,"BB Template",null,null,null,null,"New"]
["bedandbath","HB-TLT-WC-6-650-WH-P","BLANCHO BEDDING","HURBANE Bathroom Wash Cloth Set 650 GSM Bedroom 100% Cotton 13 In X 13 In High Quality Hotel Towel Set Outdoor White Color","BLANCHO BEDDING",null,null,"washcloths",25.061029411764707,20,"http://info.blanchobedding.com/DropshipProduct/HURBANE/wetransfer-2ee91d/TLT-HT-6-650-WH.jpg",null,null,null,null,null,null,null,null,null,"Parent",null,null,"ItemPackageQuantity","Update","What is GSM?\r\nGSM stands for grams per square meter, it's the standard measurement for the weight and quality of fabrics including towels. The number refers to the density of the towel which is the higher the better. Our 100% cotton with 650 GSM high quality towel set is soft, last longer due to high density and more absorbent than competitors with hiding product information. <ul>\r\n<li>Wash Cloth is the best choice for customer who are  looking for soft and  absorbent towel with reduce linting process.\r\n<li>Our Wash Cloth set includes 6 hand Towel 13x13 inches, white color.\r\n<li>100% cotton; hand Towel 650 GSM.\r\n<li>Excellent gift for your loved one.\r\n<li>Washing instruction: Color fastness to 60 degrees Celsiud/140 degrees Fahrenheit. Wash colors separately.\r\n","HB-TLT-WC-6-650-WH-P","HB-TLT-WC-6-650-WH-P",null,"100 % Cotton, 650 GSM.","Order includes: 6 Wash Cloth.","Excellent gift for your loved one.","Washing instruction: Color fastness to 60 degrees Celsiud/140 degrees Fahrenheit. ","Wash colors separately.",null,null,null,null,null,null,null,"seniors","unisex-teen","unisex-adult",null,null,null,null,null,null,null,"soft towels,bathroom towel, easy wash, easy care,absorbent towel,machine wash,highly absorbent,premium towel set,luxury towel set,red towel,blue towel,navy towel,orange towel,ivory towel,grey towel,black towel,high quality towel,beach towel, towel",null,null,null,null,null,null,null,null,null,null,null,null,"WASH CLOTH","Cotton",null,null,null,null,null,null,null,null,null,null,null,null,null,null,null,null,null,null,null,null,null,null,null,null,null,null,null,null,null,null,null,null,null,null,null,null,null,null,null,null,null,null,null,null,null,null,null,1.86,"LB",null,"IN","IN","IN",13,13,null,null,null,null,null,null,null,null,null,null,null,null,null,null,null,null,null,null,null,null,null,null,null,null,null,null,null,null,null,null,null,null,null,null,null,null,null,null,null,null,null,null,null,null,null,null,null,null,null,null,null,null,null,null,null,null,null,null,null,null,null,null,null,null,null,null,null,null,null,null,null,null,null,null,null,null,null,null,null,null,null,null,"BB Template",null,null,null,null,"New"]
["bedandbath","HB-TLT-WC-6-650-WH-P-6PC","BLANCHO BEDDING","HURBANE Bathroom Wash Cloth Set 6PC  650 GSM Bedroom 100% Cotton 13 In X 13 In High Quality Hotel Towel Set Outdoor White Color","BLANCHO BEDDING",null,null,"washcloths",25.061029411764707,20,"http://info.blanchobedding.com/DropshipProduct/HURBANE/wetransfer-2ee91d/TLT-HT-6-650-WH.jpg","http://info.blanchobedding.com/DropshipProduct/HURBANE/wetransfer-2ee91d/TLT-HT-6-650-WH.jpg","http://info.blanchobedding.com/DropshipProduct/HURBANE/wetransfer-2ee91d/TLT-HT-6-650-WH.jpg",null,null,null,null,null,null,null,"Child","HB-TLT-WC-6-650-WH-P","Variation","ItemPackageQuantity","Update","What is GSM?\r\nGSM stands for grams per square meter, it's the standard measurement for the weight and quality of fabrics including towels. The number refers to the density of the towel which is the higher the better. Our 100% cotton with 650 GSM high quality towel set is soft, last longer due to high density and more absorbent than competitors with hiding product information. <ul>\r\n<li>Wash Cloth is the best choice for customer who are  looking for soft and  absorbent towel with reduce linting process.\r\n<li>Our Wash Cloth set includes 6 hand Towel 13x13 inches, white color.\r\n<li>100% cotton; hand Towel 650 GSM.\r\n<li>Excellent gift for your loved one.\r\n<li>Washing instruction: Color fastness to 60 degrees Celsiud/140 degrees Fahrenheit. Wash colors separately.\r\n","HB-TLT-WC-6-650-WH-P-6PC","HB-TLT-WC-6-650-WH-P-6PC",null,"100 % Cotton, 650 GSM.","Order includes: 6 Wash Cloth.","Excellent gift for your loved one.","Washing instruction: Color fastness to 60 degrees Celsiud/140 degrees Fahrenheit. ","Wash colors separately.",null,null,null,null,null,null,null,"seniors","unisex-teen","unisex-adult",null,null,null,null,null,null,null,"soft towels,bathroom towel, easy wash, easy care,absorbent towel,machine wash,highly absorbent,premium towel set,luxury towel set,red towel,blue towel,navy towel,orange towel,ivory towel,grey towel,black towel,high quality towel,beach towel, towel",null,null,null,null,null,null,null,null,6,null,null,null,"WASH CLOTH 6PC","Cotton",null,null,null,null,null,null,null,null,null,null,null,null,null,null,null,null,null,null,null,null,null,null,null,null,null,null,null,null,null,null,null,null,null,null,null,null,null,null,null,null,null,null,null,null,null,null,null,1.86,"LB",null,"IN","IN","IN",13,13,null,null,null,null,null,null,null,null,null,null,null,null,null,null,null,null,null,null,null,null,null,null,null,null,null,null,null,null,null,null,null,null,null,null,null,null,null,null,null,null,null,null,null,null,null,null,null,null,null,null,null,null,null,null,null,null,null,null,null,null,null,null,null,null,null,null,null,null,null,null,null,null,null,null,null,null,null,null,null,null,null,null,"BB Template",null,null,null,null,"New"]
["bedandbath","HB-TLT-WC-6-650-WH-P-12PC","BLANCHO BEDDING","HURBANE Bathroom Wash Cloth Set 12PC  650 GSM Bedroom 100% Cotton 13 In X 13 In High Quality Hotel Towel Set Outdoor White Color","BLANCHO BEDDING",null,null,"washcloths",45.678676470588236,20,"http://info.blanchobedding.com/DropshipProduct/HURBANE/wetransfer-2ee91d/TLT-HT-6-650-WH.jpg","http://info.blanchobedding.com/DropshipProduct/HURBANE/wetransfer-2ee91d/TLT-HT-6-650-WH.jpg","http://info.blanchobedding.com/DropshipProduct/HURBANE/wetransfer-2ee91d/TLT-HT-6-650-WH.jpg",null,null,null,null,null,null,null,"Child","HB-TLT-WC-6-650-WH-P","Variation","ItemPackageQuantity","Update","What is GSM?\r\nGSM stands for grams per square meter, it's the standard measurement for the weight and quality of fabrics including towels. The number refers to the density of the towel which is the higher the better. Our 100% cotton with 650 GSM high quality towel set is soft, last longer due to high density and more absorbent than competitors with hiding product information. <ul>\r\n<li>Wash Cloth is the best choice for customer who are  looking for soft and  absorbent towel with reduce linting process.\r\n<li>Our Wash Cloth set includes 12 hand Towel 13x13 inches, white color.\r\n<li>100% cotton; hand Towel 650 GSM.\r\n<li>Excellent gift for your loved one.\r\n<li>Washing instruction: Color fastness to 60 degrees Celsiud/140 degrees Fahrenheit. Wash colors separately.\r\n","HB-TLT-WC-6-650-WH-P-12PC","HB-TLT-WC-6-650-WH-P-12PC",null,"100 % Cotton, 650 GSM.","Order includes: 12 Wash Cloth.","Excellent gift for your loved one.","Washing instruction: Color fastness to 60 degrees Celsiud/140 degrees Fahrenheit. ","Wash colors separately.",null,null,null,null,null,null,null,"seniors","unisex-teen","unisex-adult",null,null,null,null,null,null,null,"soft towels,bathroom towel, easy wash, easy care,absorbent towel,machine wash,highly absorbent,premium towel set,luxury towel set,red towel,blue towel,navy towel,orange towel,ivory towel,grey towel,black towel,high quality towel,beach towel, towel",null,null,null,null,null,null,null,null,12,null,null,null,"WASH CLOTH 12PC","Cotton",null,null,null,null,null,null,null,null,null,null,null,null,null,null,null,null,null,null,null,null,null,null,null,null,null,null,null,null,null,null,null,null,null,null,null,null,null,null,null,null,null,null,null,null,null,null,null,3.72,"LB",null,"IN","IN","IN",13,13,null,null,null,null,null,null,null,null,null,null,null,null,null,null,null,null,null,null,null,null,null,null,null,null,null,null,null,null,null,null,null,null,null,null,null,null,null,null,null,null,null,null,null,null,null,null,null,null,null,null,null,null,null,null,null,null,null,null,null,null,null,null,null,null,null,null,null,null,null,null,null,null,null,null,null,null,null,null,null,null,null,null,"BB Template",null,null,null,null,"New"]
["bedandbath","HB-TLT-WC-6-650-WH-P-18PC","BLANCHO BEDDING","HURBANE Bathroom Wash Cloth Set 18PC  650 GSM Bedroom 100% Cotton 13 In X 13 In High Quality Hotel Towel Set Outdoor White Color","BLANCHO BEDDING",null,null,"washcloths",66.163970588235287,20,"http://info.blanchobedding.com/DropshipProduct/HURBANE/wetransfer-2ee91d/TLT-HT-6-650-WH.jpg","http://info.blanchobedding.com/DropshipProduct/HURBANE/wetransfer-2ee91d/TLT-HT-6-650-WH.jpg","http://info.blanchobedding.com/DropshipProduct/HURBANE/wetransfer-2ee91d/TLT-HT-6-650-WH.jpg",null,null,null,null,null,null,null,"Child","HB-TLT-WC-6-650-WH-P","Variation","ItemPackageQuantity","Update","What is GSM?\r\nGSM stands for grams per square meter, it's the standard measurement for the weight and quality of fabrics including towels. The number refers to the density of the towel which is the higher the better. Our 100% cotton with 650 GSM high quality towel set is soft, last longer due to high density and more absorbent than competitors with hiding product information. <ul>\r\n<li>Wash Cloth is the best choice for customer who are  looking for soft and  absorbent towel with reduce linting process.\r\n<li>Our Wash Cloth set includes 18 hand Towel 13x13 inches, white color.\r\n<li>100% cotton; hand Towel 650 GSM.\r\n<li>Excellent gift for your loved one.\r\n<li>Washing instruction: Color fastness to 60 degrees Celsiud/140 degrees Fahrenheit. Wash colors separately.\r\n","HB-TLT-WC-6-650-WH-P-18PC","HB-TLT-WC-6-650-WH-P-18PC",null,"100 % Cotton, 650 GSM.","Order includes: 18 Wash Cloth.","Excellent gift for your loved one.","Washing instruction: Color fastness to 60 degrees Celsiud/140 degrees Fahrenheit. ","Wash colors separately.",null,null,null,null,null,null,null,"seniors","unisex-teen","unisex-adult",null,null,null,null,null,null,null,"soft towels,bathroom towel, easy wash, easy care,absorbent towel,machine wash,highly absorbent,premium towel set,luxury towel set,red towel,blue towel,navy towel,orange towel,ivory towel,grey towel,black towel,high quality towel,beach towel, towel",null,null,null,null,null,null,null,null,18,null,null,null,"WASH CLOTH 18PC","Cotton",null,null,null,null,null,null,null,null,null,null,null,null,null,null,null,null,null,null,null,null,null,null,null,null,null,null,null,null,null,null,null,null,null,null,null,null,null,null,null,null,null,null,null,null,null,null,null,5.58,"LB",null,"IN","IN","IN",13,13,null,null,null,null,null,null,null,null,null,null,null,null,null,null,null,null,null,null,null,null,null,null,null,null,null,null,null,null,null,null,null,null,null,null,null,null,null,null,null,null,null,null,null,null,null,null,null,null,null,null,null,null,null,null,null,null,null,null,null,null,null,null,null,null,null,null,null,null,null,null,null,null,null,null,null,null,null,null,null,null,null,null,"BB Template",null,null,null,null,"New"]
["bedandbath","HB-TLT-WC-6-650-WH-D","BLANCHO BEDDING","HURBANE Bathroom Wash Cloth Set 650 GSM Bedroom 100% Cotton 13 In x 13 InHigh Quality Hotel Towel Set Outdoor White Color","BLANCHO BEDDING",null,null,"washcloths",25.06,20,"http://info.blanchobedding.com/DropshipProduct/HURBANE/wetransfer-2ee91d/TLT-HT-6-650-WH.jpg",null,null,null,null,null,null,null,null,null,"Parent",null,null,"ItemPackageQuantity","Update","What is GSM?\r\nGSM stands for grams per square meter, it's the standard measurement for the weight and quality of fabrics including towels. The number refers to the density of the towel which is the higher the better. Our 100% cotton with 650 GSM high quality towel set is soft, last longer due to high density and more absorbent than competitors with hiding product information. <ul>\r\n<li>Wash Cloth is the best choice for customer who are  looking for soft and  absorbent towel with reduce linting process.\r\n<li>Our Wash Cloth set includes 6 hand Towel 13x13 inches, white color.\r\n<li>100% cotton; hand Towel 650 GSM.\r\n<li>Excellent gift for your loved one.\r\n<li>Washing instruction: Color fastness to 60 degrees Celsiud/140 degrees Fahrenheit. Wash colors separately.\r\n","HB-TLT-WC-6-650-WH-D","HB-TLT-WC-6-650-WH-D",null,"100 % Cotton, 650 GSM.","Order includes: 6 Wash Cloth.","Excellent gift for your loved one.","Washing instruction: Color fastness to 60 degrees Celsiud/140 degrees Fahrenheit. ","Wash colors separately.",null,null,null,null,null,null,null,"seniors","unisex-teen","unisex-adult",null,null,null,null,null,null,null,"soft towels,bathroom towel, easy wash, easy care,absorbent towel,machine wash,highly absorbent,premium towel set,luxury towel set,red towel,blue towel,navy towel,orange towel,ivory towel,grey towel,black towel,high quality towel,beach towel, towel",null,null,null,null,null,null,null,null,null,null,null,null,"WASH CLOTH","Cotton",null,null,null,null,null,null,null,null,null,null,null,null,null,null,null,null,null,null,null,null,null,null,null,null,null,null,null,null,null,null,null,null,null,null,null,null,null,null,null,null,null,null,null,null,null,null,null,1.86,"LB",null,"IN","IN","IN",13,13,null,null,null,null,null,null,null,null,null,null,null,null,null,null,null,null,null,null,null,null,null,null,null,null,null,null,null,null,null,null,null,null,null,null,null,null,null,null,null,null,null,null,null,null,null,null,null,null,null,null,null,null,null,null,null,null,null,null,null,null,null,null,null,null,null,null,null,null,null,null,null,null,null,null,null,null,null,null,null,null,null,null,"BB Template",null,null,null,null,"New"]
["bedandbath","HB-TLT-WC-6-650-WH-D-6PC","BLANCHO BEDDING","HURBANE Bathroom Wash Cloth Set 6PC  650 GSM Bedroom 100% Cotton 13 In x 13 InHigh Quality Hotel Towel Set Outdoor White Color","BLANCHO BEDDING",null,null,"washcloths",25.061029411764707,20,"http://info.blanchobedding.com/DropshipProduct/HURBANE/wetransfer-2ee91d/TLT-HT-6-650-WH.jpg","http://info.blanchobedding.com/DropshipProduct/HURBANE/wetransfer-2ee91d/TLT-HT-6-650-WH.jpg","http://info.blanchobedding.com/DropshipProduct/HURBANE/wetransfer-2ee91d/TLT-HT-6-650-WH.jpg",null,null,null,null,null,null,null,"Child","HB-TLT-WC-6-650-WH-D","Variation","ItemPackageQuantity","Update","What is GSM?\r\nGSM stands for grams per square meter, it's the standard measurement for the weight and quality of fabrics including towels. The number refers to the density of the towel which is the higher the better. Our 100% cotton with 650 GSM high quality towel set is soft, last longer due to high density and more absorbent than competitors with hiding product information. <ul>\r\n<li>Wash Cloth is the best choice for customer who are  looking for soft and  absorbent towel with reduce linting process.\r\n<li>Our Wash Cloth set includes 6 hand Towel 13x13 inches, white color.\r\n<li>100% cotton; hand Towel 650 GSM.\r\n<li>Excellent gift for your loved one.\r\n<li>Washing instruction: Color fastness to 60 degrees Celsiud/140 degrees Fahrenheit. Wash colors separately.\r\n","HB-TLT-WC-6-650-WH-D-6PC","HB-TLT-WC-6-650-WH-D-6PC",null,"100 % Cotton, 650 GSM.","Order includes: 6 Wash Cloth.","Excellent gift for your loved one.","Washing instruction: Color fastness to 60 degrees Celsiud/140 degrees Fahrenheit. ","Wash colors separately.",null,null,null,null,null,null,null,"seniors","unisex-teen","unisex-adult",null,null,null,null,null,null,null,"soft towels,bathroom towel, easy wash, easy care,absorbent towel,machine wash,highly absorbent,premium towel set,luxury towel set,red towel,blue towel,navy towel,orange towel,ivory towel,grey towel,black towel,high quality towel,beach towel, towel",null,null,null,null,null,null,null,null,6,null,null,null,"6 PC WASH CLOTH","Cotton",null,null,null,null,null,null,null,null,null,null,null,null,null,null,null,null,null,null,null,null,null,null,null,null,null,null,null,null,null,null,null,null,null,null,null,null,null,null,null,null,null,null,null,null,null,null,null,1.86,"LB",null,"IN","IN","IN",13,13,null,null,null,null,null,null,null,null,null,null,null,null,null,null,null,null,null,null,null,null,null,null,null,null,null,null,null,null,null,null,null,null,null,null,null,null,null,null,null,null,null,null,null,null,null,null,null,null,null,null,null,null,null,null,null,null,null,null,null,null,null,null,null,null,null,null,null,null,null,null,null,null,null,null,null,null,null,null,null,null,null,null,"BB Template",null,null,null,null,"New"]
["bedandbath","HB-TLT-WC-6-650-WH-D-12PC","BLANCHO BEDDING","HURBANE Bathroom Wash Cloth Set 12PC  650 GSM Bedroom 100% Cotton 13 In x 13 InHigh Quality Hotel Towel Set Outdoor White Color","BLANCHO BEDDING",null,null,"washcloths",45.678676470588236,20,"http://info.blanchobedding.com/DropshipProduct/HURBANE/wetransfer-2ee91d/TLT-HT-6-650-WH.jpg","http://info.blanchobedding.com/DropshipProduct/HURBANE/wetransfer-2ee91d/TLT-HT-6-650-WH.jpg","http://info.blanchobedding.com/DropshipProduct/HURBANE/wetransfer-2ee91d/TLT-HT-6-650-WH.jpg",null,null,null,null,null,null,null,"Child","HB-TLT-WC-6-650-WH-D","Variation","ItemPackageQuantity","Update","What is GSM?\r\nGSM stands for grams per square meter, it's the standard measurement for the weight and quality of fabrics including towels. The number refers to the density of the towel which is the higher the better. Our 100% cotton with 650 GSM high quality towel set is soft, last longer due to high density and more absorbent than competitors with hiding product information. <ul>\r\n<li>Wash Cloth is the best choice for customer who are  looking for soft and  absorbent towel with reduce linting process.\r\n<li>Our Wash Cloth set includes 12 hand Towel 13x13 inches, white color.\r\n<li>100% cotton; hand Towel 650 GSM.\r\n<li>Excellent gift for your loved one.\r\n<li>Washing instruction: Color fastness to 60 degrees Celsiud/140 degrees Fahrenheit. Wash colors separately.\r\n","HB-TLT-WC-6-650-WH-D-12PC","HB-TLT-WC-6-650-WH-D-12PC",null,"100 % Cotton, 650 GSM.","Order includes: 12 Wash Cloth.","Excellent gift for your loved one.","Washing instruction: Color fastness to 60 degrees Celsiud/140 degrees Fahrenheit. ","Wash colors separately.",null,null,null,null,null,null,null,"seniors","unisex-teen","unisex-adult",null,null,null,null,null,null,null,"soft towels,bathroom towel, easy wash, easy care,absorbent towel,machine wash,highly absorbent,premium towel set,luxury towel set,red towel,blue towel,navy towel,orange towel,ivory towel,grey towel,black towel,high quality towel,beach towel, towel",null,null,null,null,null,null,null,null,12,null,null,null,"12PC WASH CLOTH","Cotton",null,null,null,null,null,null,null,null,null,null,null,null,null,null,null,null,null,null,null,null,null,null,null,null,null,null,null,null,null,null,null,null,null,null,null,null,null,null,null,null,null,null,null,null,null,null,null,3.72,"LB",null,"IN","IN","IN",13,13,null,null,null,null,null,null,null,null,null,null,null,null,null,null,null,null,null,null,null,null,null,null,null,null,null,null,null,null,null,null,null,null,null,null,null,null,null,null,null,null,null,null,null,null,null,null,null,null,null,null,null,null,null,null,null,null,null,null,null,null,null,null,null,null,null,null,null,null,null,null,null,null,null,null,null,null,null,null,null,null,null,null,"BB Template",null,null,null,null,"New"]
["bedandbath","HB-TLT-WC-6-650-WH-D-18PC","BLANCHO BEDDING","HURBANE Bathroom Wash Cloth Set 18PC  650 GSM Bedroom 100% Cotton 13 In x 13 InHigh Quality Hotel Towel Set Outdoor White Color","BLANCHO BEDDING",null,null,"washcloths",66.163970588235287,20,"http://info.blanchobedding.com/DropshipProduct/HURBANE/wetransfer-2ee91d/TLT-HT-6-650-WH.jpg","http://info.blanchobedding.com/DropshipProduct/HURBANE/wetransfer-2ee91d/TLT-HT-6-650-WH.jpg","http://info.blanchobedding.com/DropshipProduct/HURBANE/wetransfer-2ee91d/TLT-HT-6-650-WH.jpg",null,null,null,null,null,null,null,"Child","HB-TLT-WC-6-650-WH-D","Variation","ItemPackageQuantity","Update","What is GSM?\r\nGSM stands for grams per square meter, it's the standard measurement for the weight and quality of fabrics including towels. The number refers to the density of the towel which is the higher the better. Our 100% cotton with 650 GSM high quality towel set is soft, last longer due to high density and more absorbent than competitors with hiding product information. <ul>\r\n<li>Wash Cloth is the best choice for customer who are  looking for soft and  absorbent towel with reduce linting process.\r\n<li>Our Wash Cloth set includes 18 hand Towel 13x13 inches, white color.\r\n<li>100% cotton; hand Towel 650 GSM.\r\n<li>Excellent gift for your loved one.\r\n<li>Washing instruction: Color fastness to 60 degrees Celsiud/140 degrees Fahrenheit. Wash colors separately.\r\n","HB-TLT-WC-6-650-WH-D-18PC","HB-TLT-WC-6-650-WH-D-18PC",null,"100 % Cotton, 650 GSM.","Order includes: 18 Wash Cloth.","Excellent gift for your loved one.","Washing instruction: Color fastness to 60 degrees Celsiud/140 degrees Fahrenheit. ","Wash colors separately.",null,null,null,null,null,null,null,"seniors","unisex-teen","unisex-adult",null,null,null,null,null,null,null,"soft towels,bathroom towel, easy wash, easy care,absorbent towel,machine wash,highly absorbent,premium towel set,luxury towel set,red towel,blue towel,navy towel,orange towel,ivory towel,grey towel,black towel,high quality towel,beach towel, towel",null,null,null,null,null,null,null,null,18,null,null,null,"18PC WASH CLOTH","Cotton",null,null,null,null,null,null,null,null,null,null,null,null,null,null,null,null,null,null,null,null,null,null,null,null,null,null,null,null,null,null,null,null,null,null,null,null,null,null,null,null,null,null,null,null,null,null,null,5.58,"LB",null,"IN","IN","IN",13,13,null,null,null,null,null,null,null,null,null,null,null,null,null,null,null,null,null,null,null,null,null,null,null,null,null,null,null,null,null,null,null,null,null,null,null,null,null,null,null,null,null,null,null,null,null,null,null,null,null,null,null,null,null,null,null,null,null,null,null,null,null,null,null,null,null,null,null,null,null,null,null,null,null,null,null,null,null,null,null,null,null,null,"BB Template",null,null,null,null,"New"]
["bedandbath","HB-TLT-HT-6-290-WH","BLANCHO BEDDING","HURBANE Bathroom Hand Towel Set Bedroom 100% Cotton 17 In x 35 In High Quality Hotel Towel Set Outdoor White Color","BLANCHO BEDDING",null,null,"hand-towels",21.55,20,"http://info.blanchobedding.com/DropshipProduct/HURBANE/wetransfer-2ee91d/TLT-HT-6-475-WH.jpg",null,null,null,null,null,null,null,null,null,"Parent",null,null,"ItemPackageQuantity","Update","What is GSM?\r\nGSM stands for grams per square meter, it's the standard measurement for the weight and quality of fabrics including towels. The number refers to the density of the towel which is the higher the better. Our 100% cotton with 300 GSM high quality towel set is soft, last longer due to high density and more absorbent than competitors with hiding product information. <ul>\r\n<li>Hand Towel is the best choice for customer who are  looking for soft and  absorbent towel with reduce linting process.\r\n<li>Our Towel set includes 6 hand Towel 17x35 inches, white color.\r\n<li>100% cotton; hand Towel 300 GSM.\r\n<li>Excellent gift for your loved one.\r\n<li>Washing instruction: Color fastness to 60 degrees Celsiud/140 degrees Fahrenheit. Wash colors separately.\r\n","HB-TLT-HT-6-290-WH","HB-TLT-HT-6-290-WH",null,"100 % Cotton, 300 GSM.","Order includes: 6 Hand Towel.","Excellent gift for your loved one.","Washing instruction: Color fastness to 60 degrees Celsiud/140 degrees Fahrenheit. ","Wash colors separately.",null,null,null,null,null,null,null,"seniors","unisex-teen","unisex-adult",null,null,null,null,null,null,null,"soft towels,bathroom towel, easy wash, easy care,absorbent towel,machine wash,highly absorbent,premium towel set,luxury towel set,red towel,blue towel,navy towel,orange towel,ivory towel,grey towel,black towel,high quality towel,beach towel, towel",null,null,null,null,null,null,null,null,null,null,null,null,"HAND TOWEL ","Cotton",null,null,null,null,null,null,null,null,null,null,null,null,null,null,null,null,null,null,null,null,null,null,null,null,null,null,null,null,null,null,null,null,null,null,null,null,null,null,null,null,null,null,null,null,null,null,null,2.46,"LB",null,"IN","IN","IN",17,35,null,null,null,null,null,null,null,null,null,null,null,null,null,null,null,null,null,null,null,null,null,null,null,null,null,null,null,null,null,null,null,null,null,null,null,null,null,null,null,null,null,null,null,null,null,null,null,null,null,null,null,null,null,null,null,null,null,null,null,null,null,null,null,null,null,null,null,null,null,null,null,null,null,null,null,null,null,null,null,null,null,null,"BB Template",null,null,null,null,"New"]
["bedandbath","HB-TLT-HT-6-290-WH-6PC","BLANCHO BEDDING","HURBANE Bathroom Hand Towel Set 6PC Bedroom 100% Cotton 17 In x 35 In High Quality Hotel Towel Set Outdoor White Color","BLANCHO BEDDING",null,null,"hand-towels",21.546323529411765,20,"http://info.blanchobedding.com/DropshipProduct/HURBANE/wetransfer-2ee91d/TLT-HT-6-475-WH.jpg","http://info.blanchobedding.com/DropshipProduct/HURBANE/wetransfer-2ee91d/TLT-HT-6-475-WH.jpg",null,null,null,null,null,null,null,null,"Child","HB-TLT-HT-6-290-WH","Variation","ItemPackageQuantity","Update","What is GSM?\r\nGSM stands for grams per square meter, it's the standard measurement for the weight and quality of fabrics including towels. The number refers to the density of the towel which is the higher the better. Our 100% cotton with 300 GSM high quality towel set is soft, last longer due to high density and more absorbent than competitors with hiding product information. <ul>\r\n<li>Hand Towel is the best choice for customer who are  looking for soft and  absorbent towel with reduce linting process.\r\n<li>Our Towel set includes 6 hand Towel 17x35 inches, white color.\r\n<li>100% cotton; hand Towel 300 GSM.\r\n<li>Excellent gift for your loved one.\r\n<li>Washing instruction: Color fastness to 60 degrees Celsiud/140 degrees Fahrenheit. Wash colors separately.\r\n","HB-TLT-HT-6-290-WH-6PC","HB-TLT-HT-6-290-WH-6PC",null,"100 % Cotton, 300 GSM.","Order includes: 6 Hand Towel.","Excellent gift for your loved one.","Washing instruction: Color fastness to 60 degrees Celsiud/140 degrees Fahrenheit. ","Wash colors separately.",null,null,null,null,null,null,null,"seniors","unisex-teen","unisex-adult",null,null,null,null,null,null,null,"soft towels,bathroom towel, easy wash, easy care,absorbent towel,machine wash,highly absorbent,premium towel set,luxury towel set,red towel,blue towel,navy towel,orange towel,ivory towel,grey towel,black towel,high quality towel,beach towel, towel",null,null,null,null,null,null,null,null,6,null,null,null,"HAND TOWEL 6PC","Cotton",null,null,null,null,null,null,null,null,null,null,null,null,null,null,null,null,null,null,null,null,null,null,null,null,null,null,null,null,null,null,null,null,null,null,null,null,null,null,null,null,null,null,null,null,null,null,null,2.46,"LB",null,"IN","IN","IN",17,35,null,null,null,null,null,null,null,null,null,null,null,null,null,null,null,null,null,null,null,null,null,null,null,null,null,null,null,null,null,null,null,null,null,null,null,null,null,null,null,null,null,null,null,null,null,null,null,null,null,null,null,null,null,null,null,null,null,null,null,null,null,null,null,null,null,null,null,null,null,null,null,null,null,null,null,null,null,null,null,null,null,null,"BB Template",null,null,null,null,"New"]
["bedandbath","HB-TLT-HT-6-290-WH-12PC","BLANCHO BEDDING","HURBANE Bathroom Hand Towel Set 12PC Bedroom 100% Cotton 17 In x 35 In High Quality Hotel Towel Set Outdoor White Color","BLANCHO BEDDING",null,null,"hand-towels",38.075735294117642,20,"http://info.blanchobedding.com/DropshipProduct/HURBANE/wetransfer-2ee91d/TLT-HT-6-475-WH.jpg","http://info.blanchobedding.com/DropshipProduct/HURBANE/wetransfer-2ee91d/TLT-HT-6-475-WH.jpg",null,null,null,null,null,null,null,null,"Child","HB-TLT-HT-6-290-WH","Variation","ItemPackageQuantity","Update","What is GSM?\r\nGSM stands for grams per square meter, it's the standard measurement for the weight and quality of fabrics including towels. The number refers to the density of the towel which is the higher the better. Our 100% cotton with 300 GSM high quality towel set is soft, last longer due to high density and more absorbent than competitors with hiding product information. <ul>\r\n<li>Hand Towel is the best choice for customer who are  looking for soft and  absorbent towel with reduce linting process.\r\n<li>Our Towel set includes 12 hand Towel 17x35 inches, white color.\r\n<li>100% cotton; hand Towel 300 GSM.\r\n<li>Excellent gift for your loved one.\r\n<li>Washing instruction: Color fastness to 60 degrees Celsiud/140 degrees Fahrenheit. Wash colors separately.\r\n","HB-TLT-HT-6-290-WH-12PC","HB-TLT-HT-6-290-WH-12PC",null,"100 % Cotton, 300 GSM.","Order includes: 12 Hand Towel.","Excellent gift for your loved one.","Washing instruction: Color fastness to 60 degrees Celsiud/140 degrees Fahrenheit. ","Wash colors separately.",null,null,null,null,null,null,null,"seniors","unisex-teen","unisex-adult",null,null,null,null,null,null,null,"soft towels,bathroom towel, easy wash, easy care,absorbent towel,machine wash,highly absorbent,premium towel set,luxury towel set,red towel,blue towel,navy towel,orange towel,ivory towel,grey towel,black towel,high quality towel,beach towel, towel",null,null,null,null,null,null,null,null,12,null,null,null,"HAND TOWEL 12PC","Cotton",null,null,null,null,null,null,null,null,null,null,null,null,null,null,null,null,null,null,null,null,null,null,null,null,null,null,null,null,null,null,null,null,null,null,null,null,null,null,null,null,null,null,null,null,null,null,null,4.92,"LB",null,"IN","IN","IN",17,35,null,null,null,null,null,null,null,null,null,null,null,null,null,null,null,null,null,null,null,null,null,null,null,null,null,null,null,null,null,null,null,null,null,null,null,null,null,null,null,null,null,null,null,null,null,null,null,null,null,null,null,null,null,null,null,null,null,null,null,null,null,null,null,null,null,null,null,null,null,null,null,null,null,null,null,null,null,null,null,null,null,null,"BB Template",null,null,null,null,"New"]
["bedandbath","HB-TLT-HT-6-290-WH-18PC","BLANCHO BEDDING","HURBANE Bathroom Hand Towel Set 18PC Bedroom 100% Cotton 17 In x 35 In High Quality Hotel Towel Set Outdoor White Color","BLANCHO BEDDING",null,null,"hand-towels",55.8110294117647,20,"http://info.blanchobedding.com/DropshipProduct/HURBANE/wetransfer-2ee91d/TLT-HT-6-475-WH.jpg","http://info.blanchobedding.com/DropshipProduct/HURBANE/wetransfer-2ee91d/TLT-HT-6-475-WH.jpg",null,null,null,null,null,null,null,null,"Child","HB-TLT-HT-6-290-WH","Variation","ItemPackageQuantity","Update","What is GSM?\r\nGSM stands for grams per square meter, it's the standard measurement for the weight and quality of fabrics including towels. The number refers to the density of the towel which is the higher the better. Our 100% cotton with 300 GSM high quality towel set is soft, last longer due to high density and more absorbent than competitors with hiding product information. <ul>\r\n<li>Hand Towel is the best choice for customer who are  looking for soft and  absorbent towel with reduce linting process.\r\n<li>Our Towel set includes 18 hand Towel 17x35 inches, white color.\r\n<li>100% cotton; hand Towel 300 GSM.\r\n<li>Excellent gift for your loved one.\r\n<li>Washing instruction: Color fastness to 60 degrees Celsiud/140 degrees Fahrenheit. Wash colors separately.\r\n","HB-TLT-HT-6-290-WH-18PC","HB-TLT-HT-6-290-WH-18PC",null,"100 % Cotton, 300 GSM.","Order includes: 18 Hand Towel.","Excellent gift for your loved one.","Washing instruction: Color fastness to 60 degrees Celsiud/140 degrees Fahrenheit. ","Wash colors separately.",null,null,null,null,null,null,null,"seniors","unisex-teen","unisex-adult",null,null,null,null,null,null,null,"soft towels,bathroom towel, easy wash, easy care,absorbent towel,machine wash,highly absorbent,premium towel set,luxury towel set,red towel,blue towel,navy towel,orange towel,ivory towel,grey towel,black towel,high quality towel,beach towel, towel",null,null,null,null,null,null,null,null,18,null,null,null,"HAND TOWEL 18PC","Cotton",null,null,null,null,null,null,null,null,null,null,null,null,null,null,null,null,null,null,null,null,null,null,null,null,null,null,null,null,null,null,null,null,null,null,null,null,null,null,null,null,null,null,null,null,null,null,null,7.38,"LB",null,"IN","IN","IN",17,35,null,null,null,null,null,null,null,null,null,null,null,null,null,null,null,null,null,null,null,null,null,null,null,null,null,null,null,null,null,null,null,null,null,null,null,null,null,null,null,null,null,null,null,null,null,null,null,null,null,null,null,null,null,null,null,null,null,null,null,null,null,null,null,null,null,null,null,null,null,null,null,null,null,null,null,null,null,null,null,null,null,null,"BB Template",null,null,null,null,"New"]

{"sheet":"Browse Data","index":12,"n_rows":4,"n_cols":2,"rows_kept":4,"cut":false,"hidden":false,"merged":[]}
["Browse Node","Browse Path"]
["towel-sets","Home & Kitchen > Bath > Towels > Towel Sets"]
["hand-towels","Home & Kitchen > Bath > Towels > Hand Towels"]
["washcloths","Home & Kitchen > Bath > Towels > Washcloths"]

{"sheet":"Valid Values","index":13,"n_rows":868,"n_cols":87,"rows_kept":868,"cut":false,"hidden":false,"merged":[]}
["Product Type","Brand Name","Product ID Type - [ bedandbath ]","Item Type Keyword - [ bedandbath ]","Parentage - [ bedandbath ]","Relationship Type - [ bedandbath ]","Variation Theme - [ bedandbath ]","Update Delete - [ bedandbath ]","Closure Type - [ bedandbath ]","Used For1 - Used For3 - [ bedandbath ]","Used For1 - Used For3 - [ bedandbath ]","Used For1 - Used For3 - [ bedandbath ]","Used For1 - Used For3 - [ bedandbath ]","Used For1 - Used For3 - [ bedandbath ]","Target Audience - [ bedandbath ]","Target Audience - [ bedandbath ]","Target Audience - [ bedandbath ]","Other Attributes - [ bedandbath ]","Other Attributes - [ bedandbath ]","Other Attributes - [ bedandbath ]","Other Attributes - [ bedandbath ]","Subject Matter - [ bedandbath ]","Subject Matter - [ bedandbath ]","Subject Matter - [ bedandbath ]","Country/Region as Labeled - [ bedandbath ]","Scent - [ bedandbath ]","Color Map - [ bedandbath ]","Material Type - [ bedandbath ]","Style Name - [ bedandbath ]","Additional Features - [ bedandbath ]","Additional Features - [ bedandbath ]","Additional Features - [ bedandbath ]","Additional Features - [ bedandbath ]","Additional Features - [ bedandbath ]","Pattern - [ bedandbath ]","Wattage Unit of Measure - [ bedandbath ]","Lithium Battery Voltage Unit of Measure - [ bedandbath ]","Included Components - [ bedandbath ]","Website Shipping Weight Unit Of Measure - [ bedandbath ]","Shape - [ bedandbath ]","Display Length Unit Of Measure - [ bedandbath ]","Item Display Width Unit Of Measure - [ bedandbath ]","Item Display Height Unit Of Measure - [ bedandbath ]","Item Display Weight Unit Of Measure - [ bedandbath ]","Volume Capacity Name Unit Of Measure - [ bedandbath ]","Size Map - [ bedandbath ]","Weight Recommendation Unit Of Measure - [ bedandbath ]","Item Dimensions Unit Of Measure - [ bedandbath ]","Fulfillment Center ID - [ bedandbath ]","Package Dimensions Unit Of Measure - [ bedandbath ]","Package Weight Unit Of Measure - [ bedandbath ]","Cpsia Warning - [ bedandbath ]","Import Designation - [ bedandbath ]","item_volume_unit_of_measure - [ bedandbath ]","Country/Region of Origin - [ bedandbath ]","Country/Region of Origin - [ bedandbath ]","Batteries are Included","Is this product a battery or does it utilize batteries?","Battery type/size - [ bedandbath ]","Battery type/size - [ bedandbath ]","Battery type/size - [ bedandbath ]","item_weight_unit_of_measure - [ bedandbath ]","Lithium Battery Packaging - [ bedandbath ]","Battery composition - [ bedandbath ]","battery_weight_unit_of_measure - [ bedandbath ]","lithium_battery_energy_content_unit_of_measure - [ bedandbath ]","lithium_battery_weight_unit_of_measure - [ bedandbath ]","Applicable Dangerous Goods Regulations - [ bedandbath ]","Applicable Dangerous Goods Regulations - [ bedandbath ]","Applicable Dangerous Goods Regulations - [ bedandbath ]","Applicable Dangerous Goods Regulations - [ bedandbath ]","Applicable Dangerous Goods Regulations - [ bedandbath ]","Categorization/GHS pictograms (select all that apply) - [ bedandbath ]","Categorization/GHS pictograms (select all that apply) - [ bedandbath ]","Categorization/GHS pictograms (select all that apply) - [ bedandbath ]","California Proposition 65 Warning Type - [ bedandbath ]","California Proposition 65 Chemical Names - [ bedandbath ]","Additional Chemical Name1 - [ bedandbath ]","Additional Chemical Name2 - [ bedandbath ]","Additional Chemical Name3 - [ bedandbath ]","Additional Chemical Name4 - [ bedandbath ]","Shipping-Template","Item Condition - [ bedandbath ]","Product Tax Code - [ bedandbath ]","Is Discontinued by Manufacturer - [ bedandbath ]","Quantity Price Type - [ bedandbath ]","Pricing Action - [ bedandbath ]"]
["feed_product_type","brand_name","external_product_id_type","item_type","parent_child","relationship_type","variation_theme","update_delete","closure_type","specific_uses_keywords1","specific_uses_keywords2","specific_uses_keywords3","specific_uses_keywords4","specific_uses_keywords5","target_audience_keywords1","target_audience_keywords2","target_audience_keywords3","thesaurus_attribute_keywords1","thesaurus_attribute_keywords2","thesaurus_attribute_keywords3","thesaurus_attribute_keywords4","thesaurus_subject_keywords1","thesaurus_subject_keywords2","thesaurus_subject_keywords3","country_as_labeled","scent_name","color_map","material_type","style_name","special_features1","special_features2","special_features3","special_features4","special_features5","pattern_name","wattage_unit_of_measure","lithium_battery_voltage_unit_of_measure","included_components","website_shipping_weight_unit_of_measure","item_shape","item_display_length_unit_of_measure","item_display_width_unit_of_measure","item_display_height_unit_of_measure","item_display_weight_unit_of_measure","volume_capacity_name_unit_of_measure","size_map","weight_recommendation_unit_of_measure","item_dimensions_unit_of_measure","fulfillment_center_id","package_dimensions_unit_of_measure","package_weight_unit_of_measure","cpsia_cautionary_statement","import_designation","item_volume_unit_of_measure","country_string","country_of_origin","are_batteries_included","batteries_required","battery_type1","battery_type2","battery_type3","item_weight_unit_of_measure","lithium_battery_packaging","battery_cell_composition","battery_weight_unit_of_measure","lithium_battery_energy_content_unit_of_measure","lithium_battery_weight_unit_of_measure","supplier_declared_dg_hz_regulation1","supplier_declared_dg_hz_regulation2","supplier_declared_dg_hz_regulation3","supplier_declared_dg_hz_regulation4","supplier_declared_dg_hz_regulation5","ghs_classification_class1","ghs_classification_class2","ghs_classification_class3","california_proposition_65_compliance_type","california_proposition_65_chemical_names1","california_proposition_65_chemical_names2","california_proposition_65_chemical_names3","california_proposition_65_chemical_names4","california_proposition_65_chemical_names5","merchant_shipping_group_name","condition_type","product_tax_code","is_discontinued_by_manufacturer","quantity_price_type","pricing_action"]
["bedandbath","Onitiva Blanket","GTIN","towel-sets","Parent","Accessory","size-displaywidth","Update","Round Classic Ring","Business Gifts","Business Gifts","Business Gifts","Business Gifts","Business Gifts","adults","adults","adults","Behind-the-Neck Feature","Behind-the-Neck Feature","Behind-the-Neck Feature","Behind-the-Neck Feature","Winter","Winter","Winter","Puerto Rico","Aromatherapy","Beige","Aluminum","Antique","Bagged","Bagged","Bagged","Bagged","Bagged","Bordered","volts","volts","Batteries included","LB","Oval","FT","FT","FT","LB","centiliters","Large","LB","FT","AMAZON_NA","FT","LB","ChokingHazardIsAMarble","Imported","centiliters","Afghanistan","Puerto Rico","true","true","battery_type_aa","battery_type_aa","battery_type_aa","LB","batteries_packed_with_equipment","lithium_ion","LB","watt_hours","LB","GHS","GHS","GHS","GHS","GHS","explosive","explosive","explosive","Alcoholic Beverage","Butyl benzyl phthalate (BBP)d","Butyl benzyl phthalate (BBP)d","Butyl benzyl phthalate (BBP)d","Butyl benzyl phthalate (BBP)d","Butyl benzyl phthalate (BBP)d","BB Template","Collectible - Very Good","A_GEN_NOTAX","True","Fixed","delete business_price"]
[null,"BLANCHO BEDDING","EAN","hand-towels","Child","Variation","itempackagequantity-displayheight","PartialUpdate","Hook & Eye","Entertainment","Entertainment","Entertainment","Entertainment","Entertainment","babies","babies","babies","Color Display Feature","Color Display Feature","Color Display Feature","Color Display Feature","Autumn","Autumn","Autumn","Palestinian Territory","Festive","Black","Bamboo","Art Deco","Bagless","Bagless","Bagless","Bagless","Bagless","Checkered","Watts","microvolts","Bulb included","OZ","Rectangular","IN","IN","IN","OZ","liter","Medium","OZ","IN","DEFAULT","IN","OZ","ChokingHazardContainsSmallBall","Made in USA","liter","Aland Islands","Palestinian Territory","false","false","battery_type_aaa","battery_type_aaa","battery_type_aaa","OZ","batteries_contained_in_equipment","polymer","OZ",null,"OZ","Storage","Storage","Storage","Storage","Storage","flammable","flammable","flammable","Chemical","Di(2-ethylhexyl)phthalate (DEHP)","Di(2-ethylhexyl)phthalate (DEHP)","Di(2-ethylhexyl)phthalate (DEHP)","Di(2-ethylhexyl)phthalate (DEHP)","Di(2-ethylhexyl)phthalate (DEHP)","WKUS Template","Used - Good",null,"False","Percent"]
[null,null,"GCID","washcloths",null,"Accessory","colorsize","Delete","Square Classic Ring","Automobiles","Automobiles","Automobiles","Automobiles","Automobiles","baby-boys","baby-boys","baby-boys","Microphone Feature","Microphone Feature","Microphone Feature","Microphone Feature","Fathers Day","Fathers Day","Fathers Day","Portugal","Floral","Blue","Bamboo-derived rayon","Asian","Blackout","Blackout","Blackout","Blackout","Blackout","Floral","kilowatts","kilovolts","Fan Blade included","KG","Round","CM","CM","CM","KG","quart","Small","KG","CM",null,"CM","KG","ContainsSmallMagnets","Made in USA and Imported","quart","Albania","Portugal",null,null,"battery_type_lithium_ion","battery_type_lithium_ion","battery_type_lithium_ion","KG","batteries_only","silver_oxide","KG",null,"KG","Waste","Waste","Waste","Waste","Waste","oxidizing","oxidizing","oxidizing","Diesel Engines","Di-isodecyl phthalate (DIDP)","Di-isodecyl phthalate (DIDP)","Di-isodecyl phthalate (DIDP)","Di-isodecyl phthalate (DIDP)","Di-isodecyl phthalate (DIDP)","WK Template","Club"]
[null,null,"ISBN",null,null,"variation","Color",null,"Flat Solid Buckle","Microphone Feature","Microphone Feature","Microphone Feature","Microphone Feature","Microphone Feature","baby-girls","baby-girls","baby-girls","Mini Sized","Mini Sized","Mini Sized","Mini Sized","Summer","Summer","Summer","Palau","Food","Brown","Beech","Baroque","Blinking","Blinking","Blinking","Blinking","Blinking","Geometric",null,"millivolts","Includes 1 leaf","MG","Square","MM","MM","MM","MG","fluid-oz","X-Large","MG","MM",null,"MM","MG","ChokingHazardContainsAMarble","Made in USA or Imported","fluid-oz","Algeria","Palau",null,null,"battery_type_a","battery_type_a","battery_type_a","MG",null,"alkaline","MG",null,"MG","Not Applicable","Not Applicable","Not Applicable","Not Applicable","Not Applicable","compressed_gas","compressed_gas","compressed_gas","Food","Diisononyl phthalate (DINP)","Diisononyl phthalate (DINP)","Diisononyl phthalate (DINP)","Diisononyl phthalate (DINP)","Diisononyl phthalate (DINP)","Swatch","Collectible - Acceptable"]
[null,null,"UPC",null,null,null,"color-displaylength",null,"Double D Ring","Mini Sized","Mini Sized","Mini Sized","Mini Sized","Mini Sized","boys","boys","boys","Computer Accessory Attributes","Computer Accessory Attributes","Computer Accessory Attributes","Computer Accessory Attributes","Spring","Spring","Spring","Paraguay","Fresh","Clear","Birch","Cape Cod","Cord Rewind","Cord Rewind","Cord Rewind","Cord Rewind","Cord Rewind","Gingham",null,"nanovolts","Includes 2 leaves","GR",null,"M","M","M","GR","imperial_gallons","X-Small","GR","M",null,"M","GR","ChokingHazardIsASmallBall",null,"imperial_gallons","American Samoa","Paraguay",null,null,"battery_type_cr2","battery_type_cr2","battery_type_cr2","GR",null,"lithium_manganese_dioxide","GR",null,"GR","Transportation","Transportation","Transportation","Transportation","Transportation","corrosive","corrosive","corrosive","Furniture","Di-n-butyl phthalate (DBP)","Di-n-butyl phthalate (DBP)","Di-n-butyl phthalate (DBP)","Di-n-butyl phthalate (DBP)","Di-n-butyl phthalate (DBP)","Free","Collectible - Like New"]
[null,null,"ASIN",null,null,null,"displayweight",null,"Snaps","Portable","Portable","Portable","Portable","Portable","children","children","children","Portable","Portable","Portable","Portable","Mothers Day","Mothers Day","Mothers Day","Qatar","Fruit","Gold","Brass","Casual","Corded","Corded","Corded","Corded","Corded","Moire",null,null,"Includes 3 leaves",null,null,null,null,null,null,"ounce","XX-Large",null,null,null,null,null,"ChokingHazardBalloon",null,"ounce","Andorra","Qatar",null,null,"battery_type_c","battery_type_c","battery_type_c",null,null,"manganese",null,null,null,"Other","Other","Other","Other","Other","toxic","toxic","toxic","On Product Cancer","Di-n-hexyl phthalate (DnHP)","Di-n-hexyl phthalate (DnHP)","Di-n-hexyl phthalate (DnHP)","Di-n-hexyl phthalate (DnHP)","Di-n-hexyl phthalate (DnHP)","DAME","Used - Like New"]
[null,null,null,null,null,null,"displayweight-material",null,"D Ring","Travel","Travel","Travel","Travel","Travel","girls","girls","girls","Travel","Travel","Travel","Travel","Digital Video Recorders","Digital Video Recorders","Digital Video Recorders","Andorra","Scented","Green","Bronze","Chinese","Cordless","Cordless","Cordless","Cordless","Cordless","Paisley",null,null,"Includes 4 leaves",null,null,null,null,null,null,"liter","XX-Small",null,null,null,null,null,"NoWarningApplicable",null,"liter","Angola","Andorra",null,null,"battery_type_d","battery_type_d","battery_type_d",null,null,"lithium_polymer",null,null,null,"Unknown","Unknown","Unknown","Unknown","Unknown","irritant","irritant","irritant","On Product Combined Cancer Reproductive","Formaldehyde (gas)","Formaldehyde (gas)","Formaldehyde (gas)","Formaldehyde (gas)","Formaldehyde (gas)","MJ Template","Collectible - Good"]
[null,null,null,null,null,null,"color-itempackagequantity",null,null,"Kitchen","Kitchen","Kitchen","Kitchen","Kitchen","men","men","men","Handheld Sized","Handheld Sized","Handheld Sized","Handheld Sized",null,null,null,"United Arab Emirates","Spice","Grey","Cashmere","Colonial","Cyclonic","Cyclonic","Cyclonic","Cyclonic","Cyclonic","Patchwork",null,null,"Light kit inlcuded",null,null,null,null,null,null,"milliliter","XXX-Large",null,null,null,null,null,"ChokingHazardSmallParts",null,"milliliter","Anguilla","United Arab Emirates",null,null,"battery_type_cr5","battery_type_cr5","battery_type_cr5",null,null,"sealed_lead_acid",null,null,null,null,null,null,null,null,"health_hazard","health_hazard","health_hazard","On Product Reproductive","Lead","Lead","Lead","Lead","Lead","Bedding Template","New"]
[null,null,null,null,null,null,"displayheight",null,null,"Outdoor","Outdoor","Outdoor","Outdoor","Outdoor","seniors","seniors","seniors","Stereo Feature","Stereo Feature","Stereo Feature","Stereo Feature",null,null,null,"Afghanistan","Unscented","Ivory","Cast Iron","Contemporary","HEPA Filtration","HEPA Filtration","HEPA Filtration","HEPA Filtration","HEPA Filtration","Plaid",null,null,"Shade included",null,null,null,null,null,null,"cubic_feet","XXX-Small",null,null,null,null,null,null,null,"cubic_feet","Antarctica","Afghanistan",null,null,"battery_type_aaaa","battery_type_aaaa","battery_type_aaaa",null,null,"NiCAD",null,null,null,null,null,null,null,null,"environmentally_damaging","environmentally_damaging","environmentally_damaging","Passenger or Off Road Vehicle","Lead acetate","Lead acetate","Lead acetate","Lead acetate","Lead acetate",null,"Used - Very Good"]
[null,null,null,null,null,null,"Size-Scent",null,null,"Indoor Outdoor","Indoor Outdoor","Indoor Outdoor","Indoor Outdoor","Indoor Outdoor","teen-boys","teen-boys","teen-boys","MP3 Feature","MP3 Feature","MP3 Feature","MP3 Feature",null,null,null,"Antigua And Barbuda",null,"Multi","Cedar","Cottage","Headlight","Headlight","Headlight","Headlight","Headlight","Polka Dot",null,null,null,null,null,null,null,null,null,"cubic_centimeters","XXXX-Large",null,null,null,null,null,null,null,"cubic_centimeters","Antigua & Barbuda","Antigua And Barbuda",null,null,"battery_type_p76","battery_type_p76","battery_type_p76",null,null,"lithium_metal",null,null,null,null,null,null,null,null,"amzn_specific_no_label_with_warning","amzn_specific_no_label_with_warning","amzn_specific_no_label_with_warning","Raw Wood","Lead and lead compounds","Lead and lead compounds","Lead and lead compounds","Lead and lead compounds","Lead and lead compounds",null,"Used - Acceptable"]
[null,null,null,null,null,null,"material-displayheight",null,null,"Indoor","Indoor","Indoor","Indoor","Indoor","teen-girls","teen-girls","teen-girls","Wireless Feature","Wireless Feature","Wireless Feature","Wireless Feature",null,null,null,"Anguilla",null,"Orange","Chenille","Country Rustic","Lined","Lined","Lined","Lined","Lined","Solid",null,null,null,null,null,null,null,null,null,"cubic_meters","XXXX-Small",null,null,null,null,null,null,null,"cubic_meters","Argentina","Anguilla",null,null,"battery_type_product_specific","battery_type_product_specific","battery_type_product_specific",null,null,"NiMh",null,null,null,null,null,null,null,null,null,null,null,"Recreational Vessel","Lead phosphate","Lead phosphate","Lead phosphate","Lead phosphate","Lead phosphate"]
[null,null,null,null,null,null,"Length",null,null,"Aircraft","Aircraft","Aircraft","Aircraft","Aircraft","teens","teens","teens","AM-FM Radio Feature","AM-FM Radio Feature","AM-FM Radio Feature","AM-FM Radio Feature",null,null,null,"Albania",null,"Pink","Cherry","Eclectic","Pet Tools","Pet Tools","Pet Tools","Pet Tools","Pet Tools","Striped",null,null,null,null,null,null,null,null,null,"pint","XXXXX-Large",null,null,null,null,null,null,null,"pint","Armenia","Albania",null,null,"battery_type_lithium_metal","battery_type_lithium_metal","battery_type_lithium_metal",null,null,"lead_calcium",null,null,null,null,null,null,null,null,null,null,null,null,"Lead subacetate","Lead subacetate","Lead subacetate","Lead subacetate","Lead subacetate"]
[null,null,null,null,null,null,"material-displaywidth",null,null,"Home","Home","Home","Home","Home","toddler-boys","toddler-boys","toddler-boys","USB Memory Feature","USB Memory Feature","USB Memory Feature","USB Memory Feature",null,null,null,"Armenia",null,"Purple","Chrome","English","Prelit","Prelit","Prelit","Prelit","Prelit",null,null,null,null,null,null,null,null,null,null,"cubic_yards","XXXXX-Small",null,null,null,null,null,null,null,"cubic_yards","Aruba","Armenia",null,null,"battery_type_cr123a","battery_type_cr123a","battery_type_cr123a",null,null,"aluminum_oxygen",null,null,null,null,null,null,null,null,null,null,null,null,"1-(2-Chloroethyl)-3-(4-methylcyclohexyl)-1-nitrosourea (Methyl-CCNU)","1-(2-Chloroethyl)-3-(4-methylcyclohexyl)-1-nitrosourea (Methyl-CCNU)","1-(2-Chloroethyl)-3-(4-methylcyclohexyl)-1-nitrosourea (Methyl-CCNU)","1-(2-Chloroethyl)-3-(4-methylcyclohexyl)-1-nitrosourea (Methyl-CCNU)","1-(2-Chloroethyl)-3-(4-methylcyclohexyl)-1-nitrosourea (Methyl-CCNU)"]
[null,null,null,null,null,null,"displayweight-displayheight",null,null,null,null,null,null,null,"toddler-girls","toddler-girls","toddler-girls",null,null,null,null,null,null,null,"Netherlands Antilles",null,"Red","Copper","French","Seasonal lights","Seasonal lights","Seasonal lights","Seasonal lights","Seasonal lights",null,null,null,null,null,null,null,null,null,null,"gallon",null,null,null,null,null,null,null,null,"gallon","Australia","Netherlands Antilles",null,null,"battery_type_12v","battery_type_12v","battery_type_12v",null,null,"zinc",null,null,null,null,null,null,null,null,null,null,null,null,"1-(2-Chloroethyl)-3-cyclohexyl-1-nitrosourea (CCNU) (Lomustine)","1-(2-Chloroethyl)-3-cyclohexyl-1-nitrosourea (CCNU) (Lomustine)","1-(2-Chloroethyl)-3-cyclohexyl-1-nitrosourea (CCNU) (Lomustine)","1-(2-Chloroethyl)-3-cyclohexyl-1-nitrosourea (CCNU) (Lomustine)","1-(2-Chloroethyl)-3-cyclohexyl-1-nitrosourea (CCNU) (Lomustine)"]
[null,null,null,null,null,null,"displaywidth-displayheight",null,null,null,null,null,null,null,"toddlers","toddlers","toddlers",null,null,null,null,null,null,null,"Angola",null,"Silver","Cotton","French Country","Self-Propelled","Self-Propelled","Self-Propelled","Self-Propelled","Self-Propelled",null,null,null,null,null,null,null,null,null,null,"gallon",null,null,null,null,null,null,null,null,"gallon","Austria","Angola",null,null,"battery_type_9v","battery_type_9v","battery_type_9v",null,null,"lead_acid",null,null,null,null,null,null,null,null,null,null,null,null,"1,1,1,2-Tetrachloroethane","1,1,1,2-Tetrachloroethane","1,1,1,2-Tetrachloroethane","1,1,1,2-Tetrachloroethane","1,1,1,2-Tetrachloroethane"]
[null,null,null,null,null,null,"Scent",null,null,null,null,null,null,null,"unisex-adult","unisex-adult","unisex-adult",null,null,null,null,null,null,null,"Antarctica",null,"White","Denim","Garden","Trees, Wreaths & Garlands","Trees, Wreaths & Garlands","Trees, Wreaths & Garlands","Trees, Wreaths & Garlands","Trees, Wreaths & Garlands",null,null,null,null,null,null,null,null,null,null,"cubic_inches",null,null,null,null,null,null,null,null,"cubic_inches","Azerbaijan","Antarctica",null,null,null,null,null,null,null,null,null,null,null,null,null,null,null,null,null,null,null,null,"1,1,2,2-Tetrachloroethane","1,1,2,2-Tetrachloroethane","1,1,2,2-Tetrachloroethane","1,1,2,2-Tetrachloroethane","1,1,2,2-Tetrachloroethane"]
[null,null,null,null,null,null,"color-displayheight",null,null,null,null,null,null,null,"unisex-baby","unisex-baby","unisex-baby",null,null,null,null,null,null,null,"Argentina",null,"Yellow","Down & Feather-Fill","Italianate","Unlit","Unlit","Unlit","Unlit","Unlit",null,null,null,null,null,null,null,null,null,null,"ounce",null,null,null,null,null,null,null,null,"ounce","Bahamas","Argentina",null,null,null,null,null,null,null,null,null,null,null,null,null,null,null,null,null,null,null,null,"1,1-Dichloro-2,2-bis(p-chloropheny)ethylene (DDE)","1,1-Dichloro-2,2-bis(p-chloropheny)ethylene (DDE)","1,1-Dichloro-2,2-bis(p-chloropheny)ethylene (DDE)","1,1-Dichloro-2,2-bis(p-chloropheny)ethylene (DDE)","1,1-Dichloro-2,2-bis(p-chloropheny)ethylene (DDE)"]
[null,null,null,null,null,null,"widthrange",null,null,null,null,null,null,null,"unisex-children","unisex-children","unisex-children",null,null,null,null,null,null,null,"American Samoa",null,null,"Elm","Japanese","Vacuums","Vacuums","Vacuums","Vacuums","Vacuums",null,null,null,null,null,null,null,null,null,null,"cup",null,null,null,null,null,null,null,null,"cup","Bahrain","American Samoa",null,null,null,null,null,null,null,null,null,null,null,null,null,null,null,null,null,null,null,null,"1,1-Dichloroethane","1,1-Dichloroethane","1,1-Dichloroethane","1,1-Dichloroethane","1,1-Dichloroethane"]
[null,null,null,null,null,null,"displayweight-itempackagequantity",null,null,null,null,null,null,null,"unisex-teen","unisex-teen","unisex-teen",null,null,null,null,null,null,null,"Austria",null,null,"Fabric","Latin","Window Treatments","Window Treatments","Window Treatments","Window Treatments","Window Treatments",null,null,null,null,null,null,null,null,null,null,"cup",null,null,null,null,null,null,null,null,"cup","Bangladesh","Austria",null,null,null,null,null,null,null,null,null,null,null,null,null,null,null,null,null,null,null,null,"1,1-Dimethylhydrazine (UDMH)","1,1-Dimethylhydrazine (UDMH)","1,1-Dimethylhydrazine (UDMH)","1,1-Dimethylhydrazine (UDMH)","1,1-Dimethylhydrazine (UDMH)"]
[null,null,null,null,null,null,"material-displaylength",null,null,null,null,null,null,null,"unisex-toddler","unisex-toddler","unisex-toddler",null,null,null,null,null,null,null,"Reunion",null,null,"Flannel","Lodge",null,null,null,null,null,null,null,null,null,null,null,null,null,null,null,null,null,null,null,null,null,null,null,null,null,"Barbados","Reunion",null,null,null,null,null,null,null,null,null,null,null,null,null,null,null,null,null,null,null,null,"1,2,3-Trichloropropane","1,2,3-Trichloropropane","1,2,3-Trichloropropane","1,2,3-Trichloropropane","1,2,3-Trichloropropane"]
[null,null,null,null,null,null,"itempackagequantity-material",null,null,null,null,null,null,null,"women","women","women",null,null,null,null,null,null,null,"Australia",null,null,"Fleece","Mediterranean",null,null,null,null,null,null,null,null,null,null,null,null,null,null,null,null,null,null,null,null,null,null,null,null,null,"Belarus","Australia",null,null,null,null,null,null,null,null,null,null,null,null,null,null,null,null,null,null,null,null,"1,2-Dibromo-3-chloropropane (DBCP)","1,2-Dibromo-3-chloropropane (DBCP)","1,2-Dibromo-3-chloropropane (DBCP)","1,2-Dibromo-3-chloropropane (DBCP)","1,2-Dibromo-3-chloropropane (DBCP)"]
[null,null,null,null,null,null,"size-displaylength",null,null,null,null,null,null,null,null,null,null,null,null,null,null,null,null,null,"Aruba",null,null,"Glass","Mission",null,null,null,null,null,null,null,null,null,null,null,null,null,null,null,null,null,null,null,null,null,null,null,null,null,"Belgium","Aruba",null,null,null,null,null,null,null,null,null,null,null,null,null,null,null,null,null,null,null,null,"1,2-Dichloropropane","1,2-Dichloropropane","1,2-Dichloropropane","1,2-Dichloropropane","1,2-Dichloropropane"]
[null,null,null,null,null,null,"lengthrange",null,null,null,null,null,null,null,null,null,null,null,null,null,null,null,null,null,"Aland Islands",null,null,"Hardwood","Modern",null,null,null,null,null,null,null,null,null,null,null,null,null,null,null,null,null,null,null,null,null,null,null,null,null,"Belize","Aland Islands",null,null,null,null,null,null,null,null,null,null,null,null,null,null,null,null,null,null,null,null,"1,2-Diethylhydrazine","1,2-Diethylhydrazine","1,2-Diethylhydrazine","1,2-Diethylhydrazine","1,2-Diethylhydrazine"]
[null,null,null,null,null,null,"widthrange-lengthrange",null,null,null,null,null,null,null,null,null,null,null,null,null,null,null,null,null,"Azerbaijan",null,null,"Jersey","Moroccan",null,null,null,null,null,null,null,null,null,null,null,null,null,null,null,null,null,null,null,null,null,null,null,null,null,"Benin","Azerbaijan",null,null,null,null,null,null,null,null,null,null,null,null,null,null,null,null,null,null,null,null,"1,2-Dimethylhydrazine","1,2-Dimethylhydrazine","1,2-Dimethylhydrazine","1,2-Dimethylhydrazine","1,2-Dimethylhydrazine"]
[null,null,null,null,null,null,"size-displayweight",null,null,null,null,null,null,null,null,null,null,null,null,null,null,null,null,null,"Romania",null,null,"Leather","Old World",null,null,null,null,null,null,null,null,null,null,null,null,null,null,null,null,null,null,null,null,null,null,null,null,null,"Bermuda","Romania",null,null,null,null,null,null,null,null,null,null,null,null,null,null,null,null,null,null,null,null,"1,3-Butadiene","1,3-Butadiene","1,3-Butadiene","1,3-Butadiene","1,3-Butadiene"]
[null,null,null,null,null,null,"color-displayweight",null,null,null,null,null,null,null,null,null,null,null,null,null,null,null,null,null,"Bosnia and Herzegovina",null,null,"Leather & Suede","Scandinavian",null,null,null,null,null,null,null,null,null,null,null,null,null,null,null,null,null,null,null,null,null,null,null,null,null,"Bhutan","Bosnia and Herzegovina",null,null,null,null,null,null,null,null,null,null,null,null,null,null,null,null,null,null,null,null,"1,3-Dichloro-2-propanol (1,3-DCP)","1,3-Dichloro-2-propanol (1,3-DCP)","1,3-Dichloro-2-propanol (1,3-DCP)","1,3-Dichloro-2-propanol (1,3-DCP)","1,3-Dichloro-2-propanol (1,3-DCP)"]
[null,null,null,null,null,null,"color-material",null,null,null,null,null,null,null,null,null,null,null,null,null,null,null,null,null,"Barbados",null,null,"Mahogany","Shabby Chic",null,null,null,null,null,null,null,null,null,null,null,null,null,null,null,null,null,null,null,null,null,null,null,null,null,"Bolivia","Barbados",null,null,null,null,null,null,null,null,null,null,null,null,null,null,null,null,null,null,null,null,"1,3-Dichloropropene","1,3-Dichloropropene","1,3-Dichloropropene","1,3-Dichloropropene","1,3-Dichloropropene"]
[null,null,null,null,null,null,"color-displaywidth",null,null,null,null,null,null,null,null,null,null,null,null,null,null,null,null,null,"Serbia",null,null,"Maple","Shaker",null,null,null,null,null,null,null,null,null,null,null,null,null,null,null,null,null,null,null,null,null,null,null,null,null,"Bosnia & Herzegovina","Serbia",null,null,null,null,null,null,null,null,null,null,null,null,null,null,null,null,null,null,null,null,"1,3-Dinitropyrene","1,3-Dinitropyrene","1,3-Dinitropyrene","1,3-Dinitropyrene","1,3-Dinitropyrene"]
[null,null,null,null,null,null,"ItemPackageQuantity",null,null,null,null,null,null,null,null,null,null,null,null,null,null,null,null,null,"Bangladesh",null,null,"Marble","Southwestern",null,null,null,null,null,null,null,null,null,null,null,null,null,null,null,null,null,null,null,null,null,null,null,null,null,"Botswana","Bangladesh",null,null,null,null,null,null,null,null,null,null,null,null,null,null,null,null,null,null,null,null,"1,3-Propane sultone","1,3-Propane sultone","1,3-Propane sultone","1,3-Propane sultone","1,3-Propane sultone"]
[null,null,null,null,null,null,"displaylength-displayheight",null,null,null,null,null,null,null,null,null,null,null,null,null,null,null,null,null,"Belgium",null,null,"Memory foam","Traditional",null,null,null,null,null,null,null,null,null,null,null,null,null,null,null,null,null,null,null,null,null,null,null,null,null,"Bouvet Island","Belgium",null,null,null,null,null,null,null,null,null,null,null,null,null,null,null,null,null,null,null,null,"1,4-Butanediol dimethanesulfonate (Busulfan)","1,4-Butanediol dimethanesulfonate (Busulfan)","1,4-Butanediol dimethanesulfonate (Busulfan)","1,4-Butanediol dimethanesulfonate (Busulfan)","1,4-Butanediol dimethanesulfonate (Busulfan)"]
[null,null,null,null,null,null,"Size",null,null,null,null,null,null,null,null,null,null,null,null,null,null,null,null,null,"Russia",null,null,"Metal","Tropical",null,null,null,null,null,null,null,null,null,null,null,null,null,null,null,null,null,null,null,null,null,null,null,null,null,"Brazil","Russia",null,null,null,null,null,null,null,null,null,null,null,null,null,null,null,null,null,null,null,null,"1,4-Dichloro-2-butene","1,4-Dichloro-2-butene","1,4-Dichloro-2-butene","1,4-Dichloro-2-butene","1,4-Dichloro-2-butene"]
[null,null,null,null,null,null,"Material",null,null,null,null,null,null,null,null,null,null,null,null,null,null,null,null,null,"Burkina Faso",null,null,"Microfiber","Victorian",null,null,null,null,null,null,null,null,null,null,null,null,null,null,null,null,null,null,null,null,null,null,null,null,null,"British Indian Ocean Territory","Burkina Faso",null,null,null,null,null,null,null,null,null,null,null,null,null,null,null,null,null,null,null,null,"1,4-Dioxane","1,4-Dioxane","1,4-Dioxane","1,4-Dioxane","1,4-Dioxane"]
[null,null,null,null,null,null,"size-displayheight",null,null,null,null,null,null,null,null,null,null,null,null,null,null,null,null,null,"Bulgaria",null,null,"Nickel",null,null,null,null,null,null,null,null,null,null,null,null,null,null,null,null,null,null,null,null,null,null,null,null,null,null,"British Virgin Islands","Bulgaria",null,null,null,null,null,null,null,null,null,null,null,null,null,null,null,null,null,null,null,null,"1,6-Dinitropyrene","1,6-Dinitropyrene","1,6-Dinitropyrene","1,6-Dinitropyrene","1,6-Dinitropyrene"]
[null,null,null,null,null,null,"size-material",null,null,null,null,null,null,null,null,null,null,null,null,null,null,null,null,null,"Rwanda",null,null,"Oak",null,null,null,null,null,null,null,null,null,null,null,null,null,null,null,null,null,null,null,null,null,null,null,null,null,null,"Brunei","Rwanda",null,null,null,null,null,null,null,null,null,null,null,null,null,null,null,null,null,null,null,null,"1,8-Dinitropyrene","1,8-Dinitropyrene","1,8-Dinitropyrene","1,8-Dinitropyrene","1,8-Dinitropyrene"]
[null,null,null,null,null,null,"ItemPackageQuantitySize",null,null,null,null,null,null,null,null,null,null,null,null,null,null,null,null,null,"Bahrain",null,null,"Percale",null,null,null,null,null,null,null,null,null,null,null,null,null,null,null,null,null,null,null,null,null,null,null,null,null,null,"Bulgaria","Bahrain",null,null,null,null,null,null,null,null,null,null,null,null,null,null,null,null,null,null,null,null,"1-[(5-Nitrofurfurylidene)-amino]-2-imidazolidinone","1-[(5-Nitrofurfurylidene)-amino]-2-imidazolidinone","1-[(5-Nitrofurfurylidene)-amino]-2-imidazolidinone","1-[(5-Nitrofurfurylidene)-amino]-2-imidazolidinone","1-[(5-Nitrofurfurylidene)-amino]-2-imidazolidinone"]
[null,null,null,null,null,null,"displaylength-displaywidth",null,null,null,null,null,null,null,null,null,null,null,null,null,null,null,null,null,"Burundi",null,null,"Pewter",null,null,null,null,null,null,null,null,null,null,null,null,null,null,null,null,null,null,null,null,null,null,null,null,null,null,"Burkina Faso","Burundi",null,null,null,null,null,null,null,null,null,null,null,null,null,null,null,null,null,null,null,null,"1-Amino-2,4-dibromoanthraquinone","1-Amino-2,4-dibromoanthraquinone","1-Amino-2,4-dibromoanthraquinone","1-Amino-2,4-dibromoanthraquinone","1-Amino-2,4-dibromoanthraquinone"]
[null,null,null,null,null,null,"Sizename-Colorname",null,null,null,null,null,null,null,null,null,null,null,null,null,null,null,null,null,"Benin",null,null,"Pine",null,null,null,null,null,null,null,null,null,null,null,null,null,null,null,null,null,null,null,null,null,null,null,null,null,null,"Burma","Benin",null,null,null,null,null,null,null,null,null,null,null,null,null,null,null,null,null,null,null,null,"1-Amino-2-methylanthraquinone","1-Amino-2-methylanthraquinone","1-Amino-2-methylanthraquinone","1-Amino-2-methylanthraquinone","1-Amino-2-methylanthraquinone"]
[null,null,null,null,null,null,"SizeName",null,null,null,null,null,null,null,null,null,null,null,null,null,null,null,null,null,"Bermuda",null,null,"Plastic",null,null,null,null,null,null,null,null,null,null,null,null,null,null,null,null,null,null,null,null,null,null,null,null,null,null,"Burundi","Bermuda",null,null,null,null,null,null,null,null,null,null,null,null,null,null,null,null,null,null,null,null,"1-Bromopropane (1-BP)","1-Bromopropane (1-BP)","1-Bromopropane (1-BP)","1-Bromopropane (1-BP)","1-Bromopropane (1-BP)"]
[null,null,null,null,null,null,"MaterialSize",null,null,null,null,null,null,null,null,null,null,null,null,null,null,null,null,null,"Brunei",null,null,"Polyester & Polyester Blend",null,null,null,null,null,null,null,null,null,null,null,null,null,null,null,null,null,null,null,null,null,null,null,null,null,null,"Cambodia","Brunei",null,null,null,null,null,null,null,null,null,null,null,null,null,null,null,null,null,null,null,null,"1-Chloro-4-nitrobenzene","1-Chloro-4-nitrobenzene","1-Chloro-4-nitrobenzene","1-Chloro-4-nitrobenzene","1-Chloro-4-nitrobenzene"]
[null,null,null,null,null,null,"ItemPackageQuantityColor",null,null,null,null,null,null,null,null,null,null,null,null,null,null,null,null,null,"Bolivia",null,null,"Polyurethane",null,null,null,null,null,null,null,null,null,null,null,null,null,null,null,null,null,null,null,null,null,null,null,null,null,null,"Cameroon","Bolivia",null,null,null,null,null,null,null,null,null,null,null,null,null,null,null,null,null,null,null,null,"1-Hydroxyanthraquinone","1-Hydroxyanthraquinone","1-Hydroxyanthraquinone","1-Hydroxyanthraquinone","1-Hydroxyanthraquinone"]
[null,null,null,null,null,null,"ColorName",null,null,null,null,null,null,null,null,null,null,null,null,null,null,null,null,null,"Saudi Arabia",null,null,"Rattan",null,null,null,null,null,null,null,null,null,null,null,null,null,null,null,null,null,null,null,null,null,null,null,null,null,null,"Canada","Saudi Arabia",null,null,null,null,null,null,null,null,null,null,null,null,null,null,null,null,null,null,null,null,"1-Naphthylamine","1-Naphthylamine","1-Naphthylamine","1-Naphthylamine","1-Naphthylamine"]
[null,null,null,null,null,null,null,null,null,null,null,null,null,null,null,null,null,null,null,null,null,null,null,null,"Solomon Islands",null,null,"Rattan & Wicker",null,null,null,null,null,null,null,null,null,null,null,null,null,null,null,null,null,null,null,null,null,null,null,null,null,null,"Canary Islands","Solomon Islands",null,null,null,null,null,null,null,null,null,null,null,null,null,null,null,null,null,null,null,null,"1-Nitropyrene","1-Nitropyrene","1-Nitropyrene","1-Nitropyrene","1-Nitropyrene"]
[null,null,null,null,null,null,null,null,null,null,null,null,null,null,null,null,null,null,null,null,null,null,null,null,"Brazil",null,null,"Recycled Material",null,null,null,null,null,null,null,null,null,null,null,null,null,null,null,null,null,null,null,null,null,null,null,null,null,null,"Cape Verde","Brazil",null,null,null,null,null,null,null,null,null,null,null,null,null,null,null,null,null,null,null,null,"2-(2-Formylhydrazino)-4-(5-nitro-2-furyl)thiazole","2-(2-Formylhydrazino)-4-(5-nitro-2-furyl)thiazole","2-(2-Formylhydrazino)-4-(5-nitro-2-furyl)thiazole","2-(2-Formylhydrazino)-4-(5-nitro-2-furyl)thiazole","2-(2-Formylhydrazino)-4-(5-nitro-2-furyl)thiazole"]
[null,null,null,null,null,null,null,null,null,null,null,null,null,null,null,null,null,null,null,null,null,null,null,null,"Seychelles",null,null,"Rosewood",null,null,null,null,null,null,null,null,null,null,null,null,null,null,null,null,null,null,null,null,null,null,null,null,null,null,"Cayman Islands","Seychelles",null,null,null,null,null,null,null,null,null,null,null,null,null,null,null,null,null,null,null,null,"2,2-Bis(bromomethyl)-1,3-propanediol","2,2-Bis(bromomethyl)-1,3-propanediol","2,2-Bis(bromomethyl)-1,3-propanediol","2,2-Bis(bromomethyl)-1,3-propanediol","2,2-Bis(bromomethyl)-1,3-propanediol"]
[null,null,null,null,null,null,null,null,null,null,null,null,null,null,null,null,null,null,null,null,null,null,null,null,"Bahamas",null,null,"Sateen",null,null,null,null,null,null,null,null,null,null,null,null,null,null,null,null,null,null,null,null,null,null,null,null,null,null,"Central African Republic","Bahamas",null,null,null,null,null,null,null,null,null,null,null,null,null,null,null,null,null,null,null,null,"2,3,7,8-Tetrachlorodibenzo-p-dioxin (TCDD)","2,3,7,8-Tetrachlorodibenzo-p-dioxin (TCDD)","2,3,7,8-Tetrachlorodibenzo-p-dioxin (TCDD)","2,3,7,8-Tetrachlorodibenzo-p-dioxin (TCDD)","2,3,7,8-Tetrachlorodibenzo-p-dioxin (TCDD)"]
[null,null,null,null,null,null,null,null,null,null,null,null,null,null,null,null,null,null,null,null,null,null,null,null,"Sudan",null,null,"Satin",null,null,null,null,null,null,null,null,null,null,null,null,null,null,null,null,null,null,null,null,null,null,null,null,null,null,"Chad","Sudan",null,null,null,null,null,null,null,null,null,null,null,null,null,null,null,null,null,null,null,null,"2,3-Dibromo-1-propanol","2,3-Dibromo-1-propanol","2,3-Dibromo-1-propanol","2,3-Dibromo-1-propanol","2,3-Dibromo-1-propanol"]
[null,null,null,null,null,null,null,null,null,null,null,null,null,null,null,null,null,null,null,null,null,null,null,null,"Bhutan",null,null,"Silk",null,null,null,null,null,null,null,null,null,null,null,null,null,null,null,null,null,null,null,null,null,null,null,null,null,null,"Chile","Bhutan",null,null,null,null,null,null,null,null,null,null,null,null,null,null,null,null,null,null,null,null,"2,4,5-Trimethylaniline and its strong acid salts","2,4,5-Trimethylaniline and its strong acid salts","2,4,5-Trimethylaniline and its strong acid salts","2,4,5-Trimethylaniline and its strong acid salts","2,4,5-Trimethylaniline and its strong acid salts"]
[null,null,null,null,null,null,null,null,null,null,null,null,null,null,null,null,null,null,null,null,null,null,null,null,"Sweden",null,null,"Silver",null,null,null,null,null,null,null,null,null,null,null,null,null,null,null,null,null,null,null,null,null,null,null,null,null,null,"China","Sweden",null,null,null,null,null,null,null,null,null,null,null,null,null,null,null,null,null,null,null,null,"2,4,6-Trichlorophenol","2,4,6-Trichlorophenol","2,4,6-Trichlorophenol","2,4,6-Trichlorophenol","2,4,6-Trichlorophenol"]
[null,null,null,null,null,null,null,null,null,null,null,null,null,null,null,null,null,null,null,null,null,null,null,null,"Bouvet Island",null,null,"Stainless Steel",null,null,null,null,null,null,null,null,null,null,null,null,null,null,null,null,null,null,null,null,null,null,null,null,null,null,"Christmas Island","Bouvet Island",null,null,null,null,null,null,null,null,null,null,null,null,null,null,null,null,null,null,null,null,"2,4,6-Trinitrotoluene (TNT)","2,4,6-Trinitrotoluene (TNT)","2,4,6-Trinitrotoluene (TNT)","2,4,6-Trinitrotoluene (TNT)","2,4,6-Trinitrotoluene (TNT)"]
[null,null,null,null,null,null,null,null,null,null,null,null,null,null,null,null,null,null,null,null,null,null,null,null,"Singapore",null,null,"Steel",null,null,null,null,null,null,null,null,null,null,null,null,null,null,null,null,null,null,null,null,null,null,null,null,null,null,"Cocos Islands","Singapore",null,null,null,null,null,null,null,null,null,null,null,null,null,null,null,null,null,null,null,null,"2,4-D butyric acid","2,4-D butyric acid","2,4-D butyric acid","2,4-D butyric acid","2,4-D butyric acid"]
[null,null,null,null,null,null,null,null,null,null,null,null,null,null,null,null,null,null,null,null,null,null,null,null,"Botswana",null,null,"Stone",null,null,null,null,null,null,null,null,null,null,null,null,null,null,null,null,null,null,null,null,null,null,null,null,null,null,"Colombia","Botswana",null,null,null,null,null,null,null,null,null,null,null,null,null,null,null,null,null,null,null,null,"2,4-Diamino-6-chloro-s-triazine (DACT)","2,4-Diamino-6-chloro-s-triazine (DACT)","2,4-Diamino-6-chloro-s-triazine (DACT)","2,4-Diamino-6-chloro-s-triazine (DACT)","2,4-Diamino-6-chloro-s-triazine (DACT)"]
[null,null,null,null,null,null,null,null,null,null,null,null,null,null,null,null,null,null,null,null,null,null,null,null,"Saint Helena",null,null,"Suede",null,null,null,null,null,null,null,null,null,null,null,null,null,null,null,null,null,null,null,null,null,null,null,null,null,null,"Comoros","Saint Helena",null,null,null,null,null,null,null,null,null,null,null,null,null,null,null,null,null,null,null,null,"2,4-Diaminoanisole","2,4-Diaminoanisole","2,4-Diaminoanisole","2,4-Diaminoanisole","2,4-Diaminoanisole"]
[null,null,null,null,null,null,null,null,null,null,null,null,null,null,null,null,null,null,null,null,null,null,null,null,"Slovenia",null,null,"Synthetic",null,null,null,null,null,null,null,null,null,null,null,null,null,null,null,null,null,null,null,null,null,null,null,null,null,null,"Cook Islands","Slovenia",null,null,null,null,null,null,null,null,null,null,null,null,null,null,null,null,null,null,null,null,"2,4-Diaminoanisole sulfate","2,4-Diaminoanisole sulfate","2,4-Diaminoanisole sulfate","2,4-Diaminoanisole sulfate","2,4-Diaminoanisole sulfate"]
[null,null,null,null,null,null,null,null,null,null,null,null,null,null,null,null,null,null,null,null,null,null,null,null,"Belarus",null,null,"Teak",null,null,null,null,null,null,null,null,null,null,null,null,null,null,null,null,null,null,null,null,null,null,null,null,null,null,"Costa Rica","Belarus",null,null,null,null,null,null,null,null,null,null,null,null,null,null,null,null,null,null,null,null,"2,4-Diaminotoluene","2,4-Diaminotoluene","2,4-Diaminotoluene","2,4-Diaminotoluene","2,4-Diaminotoluene"]
[null,null,null,null,null,null,null,null,null,null,null,null,null,null,null,null,null,null,null,null,null,null,null,null,"Svalbard",null,null,"Terrycloth",null,null,null,null,null,null,null,null,null,null,null,null,null,null,null,null,null,null,null,null,null,null,null,null,null,null,"Croatia","Svalbard",null,null,null,null,null,null,null,null,null,null,null,null,null,null,null,null,null,null,null,null,"2,4-Dinitrotoluene","2,4-Dinitrotoluene","2,4-Dinitrotoluene","2,4-Dinitrotoluene","2,4-Dinitrotoluene"]
[null,null,null,null,null,null,null,null,null,null,null,null,null,null,null,null,null,null,null,null,null,null,null,null,"Belize",null,null,"Tin",null,null,null,null,null,null,null,null,null,null,null,null,null,null,null,null,null,null,null,null,null,null,null,null,null,null,"Cuba","Belize",null,null,null,null,null,null,null,null,null,null,null,null,null,null,null,null,null,null,null,null,"2,4-Hexadienal (89% trans, trans isomer; 11% cis, trans isomer)","2,4-Hexadienal (89% trans, trans isomer; 11% cis, trans isomer)","2,4-Hexadienal (89% trans, trans isomer; 11% cis, trans isomer)","2,4-Hexadienal (89% trans, trans isomer; 11% cis, trans isomer)","2,4-Hexadienal (89% trans, trans isomer; 11% cis, trans isomer)"]
[null,null,null,null,null,null,null,null,null,null,null,null,null,null,null,null,null,null,null,null,null,null,null,null,"Slovakia",null,null,"Velvet",null,null,null,null,null,null,null,null,null,null,null,null,null,null,null,null,null,null,null,null,null,null,null,null,null,null,"Cyprus","Slovakia",null,null,null,null,null,null,null,null,null,null,null,null,null,null,null,null,null,null,null,null,"2,5-Hexanedione","2,5-Hexanedione","2,5-Hexanedione","2,5-Hexanedione","2,5-Hexanedione"]
[null,null,null,null,null,null,null,null,null,null,null,null,null,null,null,null,null,null,null,null,null,null,null,null,"Sierra Leone",null,null,"Vinyl",null,null,null,null,null,null,null,null,null,null,null,null,null,null,null,null,null,null,null,null,null,null,null,null,null,null,"Czech Republic","Sierra Leone",null,null,null,null,null,null,null,null,null,null,null,null,null,null,null,null,null,null,null,null,"2,6-Dimethyl-N-nitrosomorpholine (DMNM)","2,6-Dimethyl-N-nitrosomorpholine (DMNM)","2,6-Dimethyl-N-nitrosomorpholine (DMNM)","2,6-Dimethyl-N-nitrosomorpholine (DMNM)","2,6-Dimethyl-N-nitrosomorpholine (DMNM)"]
[null,null,null,null,null,null,null,null,null,null,null,null,null,null,null,null,null,null,null,null,null,null,null,null,"San Marino",null,null,"Walnut",null,null,null,null,null,null,null,null,null,null,null,null,null,null,null,null,null,null,null,null,null,null,null,null,null,null,"Democratic Republic of Congo","San Marino",null,null,null,null,null,null,null,null,null,null,null,null,null,null,null,null,null,null,null,null,"2,6-Dinitrotoluene","2,6-Dinitrotoluene","2,6-Dinitrotoluene","2,6-Dinitrotoluene","2,6-Dinitrotoluene"]
[null,null,null,null,null,null,null,null,null,null,null,null,null,null,null,null,null,null,null,null,null,null,null,null,"Senegal",null,null,"Wicker",null,null,null,null,null,null,null,null,null,null,null,null,null,null,null,null,null,null,null,null,null,null,null,null,null,null,"Denmark","Senegal",null,null,null,null,null,null,null,null,null,null,null,null,null,null,null,null,null,null,null,null,"2,6-Xylidine (2,6-Dimethylaniline)","2,6-Xylidine (2,6-Dimethylaniline)","2,6-Xylidine (2,6-Dimethylaniline)","2,6-Xylidine (2,6-Dimethylaniline)","2,6-Xylidine (2,6-Dimethylaniline)"]
[null,null,null,null,null,null,null,null,null,null,null,null,null,null,null,null,null,null,null,null,null,null,null,null,"Somalia",null,null,"Willow",null,null,null,null,null,null,null,null,null,null,null,null,null,null,null,null,null,null,null,null,null,null,null,null,null,null,"Djibouti","Somalia",null,null,null,null,null,null,null,null,null,null,null,null,null,null,null,null,null,null,null,null,"2-Acetylaminofluorene","2-Acetylaminofluorene","2-Acetylaminofluorene","2-Acetylaminofluorene","2-Acetylaminofluorene"]
[null,null,null,null,null,null,null,null,null,null,null,null,null,null,null,null,null,null,null,null,null,null,null,null,"Canada",null,null,"Wood",null,null,null,null,null,null,null,null,null,null,null,null,null,null,null,null,null,null,null,null,null,null,null,null,null,null,"Dominica","Canada",null,null,null,null,null,null,null,null,null,null,null,null,null,null,null,null,null,null,null,null,"2-Amino-5-(5-nitro-2-furyl)-1,3,4-thiadiazole","2-Amino-5-(5-nitro-2-furyl)-1,3,4-thiadiazole","2-Amino-5-(5-nitro-2-furyl)-1,3,4-thiadiazole","2-Amino-5-(5-nitro-2-furyl)-1,3,4-thiadiazole","2-Amino-5-(5-nitro-2-furyl)-1,3,4-thiadiazole"]
[null,null,null,null,null,null,null,null,null,null,null,null,null,null,null,null,null,null,null,null,null,null,null,null,"Suriname",null,null,"Wool & Wool Blend",null,null,null,null,null,null,null,null,null,null,null,null,null,null,null,null,null,null,null,null,null,null,null,null,null,null,"Dominican Republic","Suriname",null,null,null,null,null,null,null,null,null,null,null,null,null,null,null,null,null,null,null,null,"2-Aminoanthraquinone","2-Aminoanthraquinone","2-Aminoanthraquinone","2-Aminoanthraquinone","2-Aminoanthraquinone"]
[null,null,null,null,null,null,null,null,null,null,null,null,null,null,null,null,null,null,null,null,null,null,null,null,"Cocos (Keeling) Islands",null,null,"Wrought and Cast Iron",null,null,null,null,null,null,null,null,null,null,null,null,null,null,null,null,null,null,null,null,null,null,null,null,null,null,"Ecuador","Cocos (Keeling) Islands",null,null,null,null,null,null,null,null,null,null,null,null,null,null,null,null,null,null,null,null,"2-Aminofluorene","2-Aminofluorene","2-Aminofluorene","2-Aminofluorene","2-Aminofluorene"]
[null,null,null,null,null,null,null,null,null,null,null,null,null,null,null,null,null,null,null,null,null,null,null,null,"Democratic Republic of the Congo",null,null,"Polyresin",null,null,null,null,null,null,null,null,null,null,null,null,null,null,null,null,null,null,null,null,null,null,null,null,null,null,"Egypt","Democratic Republic of the Congo",null,null,null,null,null,null,null,null,null,null,null,null,null,null,null,null,null,null,null,null,"2-Bromopropane (2-BP)","2-Bromopropane (2-BP)","2-Bromopropane (2-BP)","2-Bromopropane (2-BP)","2-Bromopropane (2-BP)"]
[null,null,null,null,null,null,null,null,null,null,null,null,null,null,null,null,null,null,null,null,null,null,null,null,"Sao Tome And Principe",null,null,"Polycast",null,null,null,null,null,null,null,null,null,null,null,null,null,null,null,null,null,null,null,null,null,null,null,null,null,null,"El Salvador","Sao Tome And Principe",null,null,null,null,null,null,null,null,null,null,null,null,null,null,null,null,null,null,null,null,"2-Chloropropionic acid","2-Chloropropionic acid","2-Chloropropionic acid","2-Chloropropionic acid","2-Chloropropionic acid"]
[null,null,null,null,null,null,null,null,null,null,null,null,null,null,null,null,null,null,null,null,null,null,null,null,"Central African Republic",null,null,"Wax",null,null,null,null,null,null,null,null,null,null,null,null,null,null,null,null,null,null,null,null,null,null,null,null,null,null,"Equatorial Guinea","Central African Republic",null,null,null,null,null,null,null,null,null,null,null,null,null,null,null,null,null,null,null,null,"2âMercaptobenzothiazole","2âMercaptobenzothiazole","2âMercaptobenzothiazole","2âMercaptobenzothiazole","2âMercaptobenzothiazole"]
[null,null,null,null,null,null,null,null,null,null,null,null,null,null,null,null,null,null,null,null,null,null,null,null,"El Salvador",null,null,"Paraffin",null,null,null,null,null,null,null,null,null,null,null,null,null,null,null,null,null,null,null,null,null,null,null,null,null,null,"Eritrea","El Salvador",null,null,null,null,null,null,null,null,null,null,null,null,null,null,null,null,null,null,null,null,"2-Methyl-1-nitroanthraquinone (of uncertain purity)","2-Methyl-1-nitroanthraquinone (of uncertain purity)","2-Methyl-1-nitroanthraquinone (of uncertain purity)","2-Methyl-1-nitroanthraquinone (of uncertain purity)","2-Methyl-1-nitroanthraquinone (of uncertain purity)"]
[null,null,null,null,null,null,null,null,null,null,null,null,null,null,null,null,null,null,null,null,null,null,null,null,"Republic of the Congo",null,null,"Other",null,null,null,null,null,null,null,null,null,null,null,null,null,null,null,null,null,null,null,null,null,null,null,null,null,null,"Estonia","Republic of the Congo",null,null,null,null,null,null,null,null,null,null,null,null,null,null,null,null,null,null,null,null,"2-Methylaziridine (Propyleneimine)","2-Methylaziridine (Propyleneimine)","2-Methylaziridine (Propyleneimine)","2-Methylaziridine (Propyleneimine)","2-Methylaziridine (Propyleneimine)"]
[null,null,null,null,null,null,null,null,null,null,null,null,null,null,null,null,null,null,null,null,null,null,null,null,"Switzerland",null,null,"Paper",null,null,null,null,null,null,null,null,null,null,null,null,null,null,null,null,null,null,null,null,null,null,null,null,null,null,"Ethiopia","Switzerland",null,null,null,null,null,null,null,null,null,null,null,null,null,null,null,null,null,null,null,null,"2-Methylimidazole","2-Methylimidazole","2-Methylimidazole","2-Methylimidazole","2-Methylimidazole"]
[null,null,null,null,null,null,null,null,null,null,null,null,null,null,null,null,null,null,null,null,null,null,null,null,"Saint-Martin",null,null,"Acrylic Coated Cotton",null,null,null,null,null,null,null,null,null,null,null,null,null,null,null,null,null,null,null,null,null,null,null,null,null,null,"Falkland Islands","Saint-Martin",null,null,null,null,null,null,null,null,null,null,null,null,null,null,null,null,null,null,null,null,"2-Naphthylamine","2-Naphthylamine","2-Naphthylamine","2-Naphthylamine","2-Naphthylamine"]
[null,null,null,null,null,null,null,null,null,null,null,null,null,null,null,null,null,null,null,null,null,null,null,null,"Ivory Coast",null,null,null,null,null,null,null,null,null,null,null,null,null,null,null,null,null,null,null,null,null,null,null,null,null,null,null,null,null,"Faroe Islands","Ivory Coast",null,null,null,null,null,null,null,null,null,null,null,null,null,null,null,null,null,null,null,null,"2-Nitrofluorene","2-Nitrofluorene","2-Nitrofluorene","2-Nitrofluorene","2-Nitrofluorene"]
[null,null,null,null,null,null,null,null,null,null,null,null,null,null,null,null,null,null,null,null,null,null,null,null,"Syria",null,null,null,null,null,null,null,null,null,null,null,null,null,null,null,null,null,null,null,null,null,null,null,null,null,null,null,null,null,"Fiji","Syria",null,null,null,null,null,null,null,null,null,null,null,null,null,null,null,null,null,null,null,null,"2-Nitropropane","2-Nitropropane","2-Nitropropane","2-Nitropropane","2-Nitropropane"]
[null,null,null,null,null,null,null,null,null,null,null,null,null,null,null,null,null,null,null,null,null,null,null,null,"Swaziland",null,null,null,null,null,null,null,null,null,null,null,null,null,null,null,null,null,null,null,null,null,null,null,null,null,null,null,null,null,"Finland","Swaziland",null,null,null,null,null,null,null,null,null,null,null,null,null,null,null,null,null,null,null,null,"3-(N-Nitrosomethylamino) propionitrile","3-(N-Nitrosomethylamino) propionitrile","3-(N-Nitrosomethylamino) propionitrile","3-(N-Nitrosomethylamino) propionitrile","3-(N-Nitrosomethylamino) propionitrile"]
[null,null,null,null,null,null,null,null,null,null,null,null,null,null,null,null,null,null,null,null,null,null,null,null,"Cook Islands",null,null,null,null,null,null,null,null,null,null,null,null,null,null,null,null,null,null,null,null,null,null,null,null,null,null,null,null,null,"France","Cook Islands",null,null,null,null,null,null,null,null,null,null,null,null,null,null,null,null,null,null,null,null,"3,3',4,4'-Tetrachloroazobenzene","3,3',4,4'-Tetrachloroazobenzene","3,3',4,4'-Tetrachloroazobenzene","3,3',4,4'-Tetrachloroazobenzene","3,3',4,4'-Tetrachloroazobenzene"]
[null,null,null,null,null,null,null,null,null,null,null,null,null,null,null,null,null,null,null,null,null,null,null,null,"Chile",null,null,null,null,null,null,null,null,null,null,null,null,null,null,null,null,null,null,null,null,null,null,null,null,null,null,null,null,null,"French Guiana","Chile",null,null,null,null,null,null,null,null,null,null,null,null,null,null,null,null,null,null,null,null,"3,3'-Dichloro-4,4'-diamino-diphenyl ether","3,3'-Dichloro-4,4'-diamino-diphenyl ether","3,3'-Dichloro-4,4'-diamino-diphenyl ether","3,3'-Dichloro-4,4'-diamino-diphenyl ether","3,3'-Dichloro-4,4'-diamino-diphenyl ether"]
[null,null,null,null,null,null,null,null,null,null,null,null,null,null,null,null,null,null,null,null,null,null,null,null,"Cameroon",null,null,null,null,null,null,null,null,null,null,null,null,null,null,null,null,null,null,null,null,null,null,null,null,null,null,null,null,null,"French Polynesia","Cameroon",null,null,null,null,null,null,null,null,null,null,null,null,null,null,null,null,null,null,null,null,"3,3'-Dichlorobenzidine","3,3'-Dichlorobenzidine","3,3'-Dichlorobenzidine","3,3'-Dichlorobenzidine","3,3'-Dichlorobenzidine"]
[null,null,null,null,null,null,null,null,null,null,null,null,null,null,null,null,null,null,null,null,null,null,null,null,"China",null,null,null,null,null,null,null,null,null,null,null,null,null,null,null,null,null,null,null,null,null,null,null,null,null,null,null,null,null,"French Southern Territories","China",null,null,null,null,null,null,null,null,null,null,null,null,null,null,null,null,null,null,null,null,"3,3'-Dichlorobenzidine dihydrochloride","3,3'-Dichlorobenzidine dihydrochloride","3,3'-Dichlorobenzidine dihydrochloride","3,3'-Dichlorobenzidine dihydrochloride","3,3'-Dichlorobenzidine dihydrochloride"]
[null,null,null,null,null,null,null,null,null,null,null,null,null,null,null,null,null,null,null,null,null,null,null,null,"Colombia",null,null,null,null,null,null,null,null,null,null,null,null,null,null,null,null,null,null,null,null,null,null,null,null,null,null,null,null,null,"Gabon","Colombia",null,null,null,null,null,null,null,null,null,null,null,null,null,null,null,null,null,null,null,null,"3,3'-Dimethoxybenzidine (o-Dianisidine)","3,3'-Dimethoxybenzidine (o-Dianisidine)","3,3'-Dimethoxybenzidine (o-Dianisidine)","3,3'-Dimethoxybenzidine (o-Dianisidine)","3,3'-Dimethoxybenzidine (o-Dianisidine)"]
[null,null,null,null,null,null,null,null,null,null,null,null,null,null,null,null,null,null,null,null,null,null,null,null,"Costa Rica",null,null,null,null,null,null,null,null,null,null,null,null,null,null,null,null,null,null,null,null,null,null,null,null,null,null,null,null,null,"Gambia","Costa Rica",null,null,null,null,null,null,null,null,null,null,null,null,null,null,null,null,null,null,null,null,"3,3'-Dimethoxybenzidine dihydrochloride","3,3'-Dimethoxybenzidine dihydrochloride","3,3'-Dimethoxybenzidine dihydrochloride","3,3'-Dimethoxybenzidine dihydrochloride","3,3'-Dimethoxybenzidine dihydrochloride"]
[null,null,null,null,null,null,null,null,null,null,null,null,null,null,null,null,null,null,null,null,null,null,null,null,"Turks And Caicos Islands",null,null,null,null,null,null,null,null,null,null,null,null,null,null,null,null,null,null,null,null,null,null,null,null,null,null,null,null,null,"Georgia","Turks And Caicos Islands",null,null,null,null,null,null,null,null,null,null,null,null,null,null,null,null,null,null,null,null,"3,3'-Dimethoxybenzidine-based dyes metabolized to 3,3'-dimethoxybenzidine","3,3'-Dimethoxybenzidine-based dyes metabolized to 3,3'-dimethoxybenzidine","3,3'-Dimethoxybenzidine-based dyes metabolized to 3,3'-dimethoxybenzidine","3,3'-Dimethoxybenzidine-based dyes metabolized to 3,3'-dimethoxybenzidine","3,3'-Dimethoxybenzidine-based dyes metabolized to 3,3'-dimethoxybenzidine"]
[null,null,null,null,null,null,null,null,null,null,null,null,null,null,null,null,null,null,null,null,null,null,null,null,"Chad",null,null,null,null,null,null,null,null,null,null,null,null,null,null,null,null,null,null,null,null,null,null,null,null,null,null,null,null,null,"Germany","Chad",null,null,null,null,null,null,null,null,null,null,null,null,null,null,null,null,null,null,null,null,"3,3'-Dimethylbenzidine (ortho-Tolidine)","3,3'-Dimethylbenzidine (ortho-Tolidine)","3,3'-Dimethylbenzidine (ortho-Tolidine)","3,3'-Dimethylbenzidine (ortho-Tolidine)","3,3'-Dimethylbenzidine (ortho-Tolidine)"]
[null,null,null,null,null,null,null,null,null,null,null,null,null,null,null,null,null,null,null,null,null,null,null,null,"Cuba",null,null,null,null,null,null,null,null,null,null,null,null,null,null,null,null,null,null,null,null,null,null,null,null,null,null,null,null,null,"Ghana","Cuba",null,null,null,null,null,null,null,null,null,null,null,null,null,null,null,null,null,null,null,null,"3,3'-Dimethylbenzidine dihydrochloride","3,3'-Dimethylbenzidine dihydrochloride","3,3'-Dimethylbenzidine dihydrochloride","3,3'-Dimethylbenzidine dihydrochloride","3,3'-Dimethylbenzidine dihydrochloride"]
[null,null,null,null,null,null,null,null,null,null,null,null,null,null,null,null,null,null,null,null,null,null,null,null,"French Southern Territories",null,null,null,null,null,null,null,null,null,null,null,null,null,null,null,null,null,null,null,null,null,null,null,null,null,null,null,null,null,"Gibraltar","French Southern Territories",null,null,null,null,null,null,null,null,null,null,null,null,null,null,null,null,null,null,null,null,"3,3'-Dimethylbenzidine-based dyes metabolized to 3,3'-dimethylbenzidine","3,3'-Dimethylbenzidine-based dyes metabolized to 3,3'-dimethylbenzidine","3,3'-Dimethylbenzidine-based dyes metabolized to 3,3'-dimethylbenzidine","3,3'-Dimethylbenzidine-based dyes metabolized to 3,3'-dimethylbenzidine","3,3'-Dimethylbenzidine-based dyes metabolized to 3,3'-dimethylbenzidine"]
[null,null,null,null,null,null,null,null,null,null,null,null,null,null,null,null,null,null,null,null,null,null,null,null,"Cape Verde",null,null,null,null,null,null,null,null,null,null,null,null,null,null,null,null,null,null,null,null,null,null,null,null,null,null,null,null,null,"Greece","Cape Verde",null,null,null,null,null,null,null,null,null,null,null,null,null,null,null,null,null,null,null,null,"3,7-Dinitrofluoranthene","3,7-Dinitrofluoranthene","3,7-Dinitrofluoranthene","3,7-Dinitrofluoranthene","3,7-Dinitrofluoranthene"]
[null,null,null,null,null,null,null,null,null,null,null,null,null,null,null,null,null,null,null,null,null,null,null,null,"Togo",null,null,null,null,null,null,null,null,null,null,null,null,null,null,null,null,null,null,null,null,null,null,null,null,null,null,null,null,null,"Greenland","Togo",null,null,null,null,null,null,null,null,null,null,null,null,null,null,null,null,null,null,null,null,"3,9-Dinitrofluoranthene","3,9-Dinitrofluoranthene","3,9-Dinitrofluoranthene","3,9-Dinitrofluoranthene","3,9-Dinitrofluoranthene"]
[null,null,null,null,null,null,null,null,null,null,null,null,null,null,null,null,null,null,null,null,null,null,null,null,"Thailand",null,null,null,null,null,null,null,null,null,null,null,null,null,null,null,null,null,null,null,null,null,null,null,null,null,null,null,null,null,"Grenada","Thailand",null,null,null,null,null,null,null,null,null,null,null,null,null,null,null,null,null,null,null,null,"3-Amino-9-ethylcarbazole hydrochloride","3-Amino-9-ethylcarbazole hydrochloride","3-Amino-9-ethylcarbazole hydrochloride","3-Amino-9-ethylcarbazole hydrochloride","3-Amino-9-ethylcarbazole hydrochloride"]
[null,null,null,null,null,null,null,null,null,null,null,null,null,null,null,null,null,null,null,null,null,null,null,null,"Christmas Island",null,null,null,null,null,null,null,null,null,null,null,null,null,null,null,null,null,null,null,null,null,null,null,null,null,null,null,null,null,"Guadeloupe","Christmas Island",null,null,null,null,null,null,null,null,null,null,null,null,null,null,null,null,null,null,null,null,"3-Chloro-2-methylpropene","3-Chloro-2-methylpropene","3-Chloro-2-methylpropene","3-Chloro-2-methylpropene","3-Chloro-2-methylpropene"]
[null,null,null,null,null,null,null,null,null,null,null,null,null,null,null,null,null,null,null,null,null,null,null,null,"Cyprus",null,null,null,null,null,null,null,null,null,null,null,null,null,null,null,null,null,null,null,null,null,null,null,null,null,null,null,null,null,"Guam","Cyprus",null,null,null,null,null,null,null,null,null,null,null,null,null,null,null,null,null,null,null,null,"3-Methylcholanthrene","3-Methylcholanthrene","3-Methylcholanthrene","3-Methylcholanthrene","3-Methylcholanthrene"]
[null,null,null,null,null,null,null,null,null,null,null,null,null,null,null,null,null,null,null,null,null,null,null,null,"Tajikistan",null,null,null,null,null,null,null,null,null,null,null,null,null,null,null,null,null,null,null,null,null,null,null,null,null,null,null,null,null,"Guatemala","Tajikistan",null,null,null,null,null,null,null,null,null,null,null,null,null,null,null,null,null,null,null,null,"3-Monochloropropane-1,2-diol (3-MCPD)","3-Monochloropropane-1,2-diol (3-MCPD)","3-Monochloropropane-1,2-diol (3-MCPD)","3-Monochloropropane-1,2-diol (3-MCPD)","3-Monochloropropane-1,2-diol (3-MCPD)"]
[null,null,null,null,null,null,null,null,null,null,null,null,null,null,null,null,null,null,null,null,null,null,null,null,"Czech Republic",null,null,null,null,null,null,null,null,null,null,null,null,null,null,null,null,null,null,null,null,null,null,null,null,null,null,null,null,null,"Guernsey","Czech Republic",null,null,null,null,null,null,null,null,null,null,null,null,null,null,null,null,null,null,null,null,"4-(N-Nitrosomethylamino)-1-(3-pyridyl)1-butanone","4-(N-Nitrosomethylamino)-1-(3-pyridyl)1-butanone","4-(N-Nitrosomethylamino)-1-(3-pyridyl)1-butanone","4-(N-Nitrosomethylamino)-1-(3-pyridyl)1-butanone","4-(N-Nitrosomethylamino)-1-(3-pyridyl)1-butanone"]
[null,null,null,null,null,null,null,null,null,null,null,null,null,null,null,null,null,null,null,null,null,null,null,null,"Tokelau",null,null,null,null,null,null,null,null,null,null,null,null,null,null,null,null,null,null,null,null,null,null,null,null,null,null,null,null,null,"Guinea","Tokelau",null,null,null,null,null,null,null,null,null,null,null,null,null,null,null,null,null,null,null,null,"4,4'-Diaminodiphenyl ether (4,4'-Oxydianiline)","4,4'-Diaminodiphenyl ether (4,4'-Oxydianiline)","4,4'-Diaminodiphenyl ether (4,4'-Oxydianiline)","4,4'-Diaminodiphenyl ether (4,4'-Oxydianiline)","4,4'-Diaminodiphenyl ether (4,4'-Oxydianiline)"]
[null,null,null,null,null,null,null,null,null,null,null,null,null,null,null,null,null,null,null,null,null,null,null,null,"Timor-Leste",null,null,null,null,null,null,null,null,null,null,null,null,null,null,null,null,null,null,null,null,null,null,null,null,null,null,null,null,null,"Guinea Bissau","Timor-Leste",null,null,null,null,null,null,null,null,null,null,null,null,null,null,null,null,null,null,null,null,"4,4'-Methylene bis(2-chloroaniline)","4,4'-Methylene bis(2-chloroaniline)","4,4'-Methylene bis(2-chloroaniline)","4,4'-Methylene bis(2-chloroaniline)","4,4'-Methylene bis(2-chloroaniline)"]
[null,null,null,null,null,null,null,null,null,null,null,null,null,null,null,null,null,null,null,null,null,null,null,null,"Turkmenistan",null,null,null,null,null,null,null,null,null,null,null,null,null,null,null,null,null,null,null,null,null,null,null,null,null,null,null,null,null,"Guyana","Turkmenistan",null,null,null,null,null,null,null,null,null,null,null,null,null,null,null,null,null,null,null,null,"4,4'-Methylene bis(2-methylaniline)","4,4'-Methylene bis(2-methylaniline)","4,4'-Methylene bis(2-methylaniline)","4,4'-Methylene bis(2-methylaniline)","4,4'-Methylene bis(2-methylaniline)"]
[null,null,null,null,null,null,null,null,null,null,null,null,null,null,null,null,null,null,null,null,null,null,null,null,"Tunisia",null,null,null,null,null,null,null,null,null,null,null,null,null,null,null,null,null,null,null,null,null,null,null,null,null,null,null,null,null,"Haiti","Tunisia",null,null,null,null,null,null,null,null,null,null,null,null,null,null,null,null,null,null,null,null,"4,4'-Methylene bis(N,N-dimethyl)benzenamine","4,4'-Methylene bis(N,N-dimethyl)benzenamine","4,4'-Methylene bis(N,N-dimethyl)benzenamine","4,4'-Methylene bis(N,N-dimethyl)benzenamine","4,4'-Methylene bis(N,N-dimethyl)benzenamine"]
[null,null,null,null,null,null,null,null,null,null,null,null,null,null,null,null,null,null,null,null,null,null,null,null,"Tonga",null,null,null,null,null,null,null,null,null,null,null,null,null,null,null,null,null,null,null,null,null,null,null,null,null,null,null,null,null,"Heard & McDonald Islands","Tonga",null,null,null,null,null,null,null,null,null,null,null,null,null,null,null,null,null,null,null,null,"4,4'-Methylenedianiline","4,4'-Methylenedianiline","4,4'-Methylenedianiline","4,4'-Methylenedianiline","4,4'-Methylenedianiline"]
[null,null,null,null,null,null,null,null,null,null,null,null,null,null,null,null,null,null,null,null,null,null,null,null,"Turkey",null,null,null,null,null,null,null,null,null,null,null,null,null,null,null,null,null,null,null,null,null,null,null,null,null,null,null,null,null,"Holy See","Turkey",null,null,null,null,null,null,null,null,null,null,null,null,null,null,null,null,null,null,null,null,"4,4'-Methylenedianiline dihydrochloride","4,4'-Methylenedianiline dihydrochloride","4,4'-Methylenedianiline dihydrochloride","4,4'-Methylenedianiline dihydrochloride","4,4'-Methylenedianiline dihydrochloride"]
[null,null,null,null,null,null,null,null,null,null,null,null,null,null,null,null,null,null,null,null,null,null,null,null,"Trinidad And Tobago",null,null,null,null,null,null,null,null,null,null,null,null,null,null,null,null,null,null,null,null,null,null,null,null,null,null,null,null,null,"Honduras","Trinidad And Tobago",null,null,null,null,null,null,null,null,null,null,null,null,null,null,null,null,null,null,null,null,"4,4'-Thiodianiline","4,4'-Thiodianiline","4,4'-Thiodianiline","4,4'-Thiodianiline","4,4'-Thiodianiline"]
[null,null,null,null,null,null,null,null,null,null,null,null,null,null,null,null,null,null,null,null,null,null,null,null,"Germany",null,null,null,null,null,null,null,null,null,null,null,null,null,null,null,null,null,null,null,null,null,null,null,null,null,null,null,null,null,"Hong Kong","Germany",null,null,null,null,null,null,null,null,null,null,null,null,null,null,null,null,null,null,null,null,"4-Amino-2-nitrophenol","4-Amino-2-nitrophenol","4-Amino-2-nitrophenol","4-Amino-2-nitrophenol","4-Amino-2-nitrophenol"]
[null,null,null,null,null,null,null,null,null,null,null,null,null,null,null,null,null,null,null,null,null,null,null,null,"Tuvalu",null,null,null,null,null,null,null,null,null,null,null,null,null,null,null,null,null,null,null,null,null,null,null,null,null,null,null,null,null,"Hungary","Tuvalu",null,null,null,null,null,null,null,null,null,null,null,null,null,null,null,null,null,null,null,null,"4-Aminobiphenyl (4-aminodiphenyl)","4-Aminobiphenyl (4-aminodiphenyl)","4-Aminobiphenyl (4-aminodiphenyl)","4-Aminobiphenyl (4-aminodiphenyl)","4-Aminobiphenyl (4-aminodiphenyl)"]
[null,null,null,null,null,null,null,null,null,null,null,null,null,null,null,null,null,null,null,null,null,null,null,null,"Taiwan",null,null,null,null,null,null,null,null,null,null,null,null,null,null,null,null,null,null,null,null,null,null,null,null,null,null,null,null,null,"Iceland","Taiwan",null,null,null,null,null,null,null,null,null,null,null,null,null,null,null,null,null,null,null,null,"4-Chloro-o-phenylenediamine","4-Chloro-o-phenylenediamine","4-Chloro-o-phenylenediamine","4-Chloro-o-phenylenediamine","4-Chloro-o-phenylenediamine"]
[null,null,null,null,null,null,null,null,null,null,null,null,null,null,null,null,null,null,null,null,null,null,null,null,"Djibouti",null,null,null,null,null,null,null,null,null,null,null,null,null,null,null,null,null,null,null,null,null,null,null,null,null,null,null,null,null,"India","Djibouti",null,null,null,null,null,null,null,null,null,null,null,null,null,null,null,null,null,null,null,null,"4-Dimethylaminoazobenzene","4-Dimethylaminoazobenzene","4-Dimethylaminoazobenzene","4-Dimethylaminoazobenzene","4-Dimethylaminoazobenzene"]
[null,null,null,null,null,null,null,null,null,null,null,null,null,null,null,null,null,null,null,null,null,null,null,null,"Tanzania",null,null,null,null,null,null,null,null,null,null,null,null,null,null,null,null,null,null,null,null,null,null,null,null,null,null,null,null,null,"Indonesia","Tanzania",null,null,null,null,null,null,null,null,null,null,null,null,null,null,null,null,null,null,null,null,"4-Methylimidazole","4-Methylimidazole","4-Methylimidazole","4-Methylimidazole","4-Methylimidazole"]
[null,null,null,null,null,null,null,null,null,null,null,null,null,null,null,null,null,null,null,null,null,null,null,null,"Denmark",null,null,null,null,null,null,null,null,null,null,null,null,null,null,null,null,null,null,null,null,null,null,null,null,null,null,null,null,null,"Iran","Denmark",null,null,null,null,null,null,null,null,null,null,null,null,null,null,null,null,null,null,null,null,"4-Nitrobiphenyl","4-Nitrobiphenyl","4-Nitrobiphenyl","4-Nitrobiphenyl","4-Nitrobiphenyl"]
[null,null,null,null,null,null,null,null,null,null,null,null,null,null,null,null,null,null,null,null,null,null,null,null,"Dominica",null,null,null,null,null,null,null,null,null,null,null,null,null,null,null,null,null,null,null,null,null,null,null,null,null,null,null,null,null,"Iraq","Dominica",null,null,null,null,null,null,null,null,null,null,null,null,null,null,null,null,null,null,null,null,"4-Nitropyrene","4-Nitropyrene","4-Nitropyrene","4-Nitropyrene","4-Nitropyrene"]
[null,null,null,null,null,null,null,null,null,null,null,null,null,null,null,null,null,null,null,null,null,null,null,null,"Dominican Republic",null,null,null,null,null,null,null,null,null,null,null,null,null,null,null,null,null,null,null,null,null,null,null,null,null,null,null,null,null,"Ireland","Dominican Republic",null,null,null,null,null,null,null,null,null,null,null,null,null,null,null,null,null,null,null,null,"4-Vinyl-1-cyclohexene diepoxide (Vinyl cyclohexenedioxide)","4-Vinyl-1-cyclohexene diepoxide (Vinyl cyclohexenedioxide)","4-Vinyl-1-cyclohexene diepoxide (Vinyl cyclohexenedioxide)","4-Vinyl-1-cyclohexene diepoxide (Vinyl cyclohexenedioxide)","4-Vinyl-1-cyclohexene diepoxide (Vinyl cyclohexenedioxide)"]
[null,null,null,null,null,null,null,null,null,null,null,null,null,null,null,null,null,null,null,null,null,null,null,null,"Ukraine",null,null,null,null,null,null,null,null,null,null,null,null,null,null,null,null,null,null,null,null,null,null,null,null,null,null,null,null,null,"Isle of Man","Ukraine",null,null,null,null,null,null,null,null,null,null,null,null,null,null,null,null,null,null,null,null,"4-Vinylcyclohexene","4-Vinylcyclohexene","4-Vinylcyclohexene","4-Vinylcyclohexene","4-Vinylcyclohexene"]
[null,null,null,null,null,null,null,null,null,null,null,null,null,null,null,null,null,null,null,null,null,null,null,null,"Uganda",null,null,null,null,null,null,null,null,null,null,null,null,null,null,null,null,null,null,null,null,null,null,null,null,null,null,null,null,null,"Israel","Uganda",null,null,null,null,null,null,null,null,null,null,null,null,null,null,null,null,null,null,null,null,"5-(Morpholinomethyl)-3-[(5-nitrofurfuryl-idene)-amino]-2-oxazolidinone","5-(Morpholinomethyl)-3-[(5-nitrofurfuryl-idene)-amino]-2-oxazolidinone","5-(Morpholinomethyl)-3-[(5-nitrofurfuryl-idene)-amino]-2-oxazolidinone","5-(Morpholinomethyl)-3-[(5-nitrofurfuryl-idene)-amino]-2-oxazolidinone","5-(Morpholinomethyl)-3-[(5-nitrofurfuryl-idene)-amino]-2-oxazolidinone"]
[null,null,null,null,null,null,null,null,null,null,null,null,null,null,null,null,null,null,null,null,null,null,null,null,"Algeria",null,null,null,null,null,null,null,null,null,null,null,null,null,null,null,null,null,null,null,null,null,null,null,null,null,null,null,null,null,"Italy","Algeria",null,null,null,null,null,null,null,null,null,null,null,null,null,null,null,null,null,null,null,null,"5-Chloro-o-toluidine and its strong acid salts","5-Chloro-o-toluidine and its strong acid salts","5-Chloro-o-toluidine and its strong acid salts","5-Chloro-o-toluidine and its strong acid salts","5-Chloro-o-toluidine and its strong acid salts"]
[null,null,null,null,null,null,null,null,null,null,null,null,null,null,null,null,null,null,null,null,null,null,null,null,"United Kingdom",null,null,null,null,null,null,null,null,null,null,null,null,null,null,null,null,null,null,null,null,null,null,null,null,null,null,null,null,null,"Ivory Coast","United Kingdom",null,null,null,null,null,null,null,null,null,null,null,null,null,null,null,null,null,null,null,null,"5-Methoxypsoralen with ultraviolet A therapy","5-Methoxypsoralen with ultraviolet A therapy","5-Methoxypsoralen with ultraviolet A therapy","5-Methoxypsoralen with ultraviolet A therapy","5-Methoxypsoralen with ultraviolet A therapy"]
[null,null,null,null,null,null,null,null,null,null,null,null,null,null,null,null,null,null,null,null,null,null,null,null,"US Minor Outlying Islands",null,null,null,null,null,null,null,null,null,null,null,null,null,null,null,null,null,null,null,null,null,null,null,null,null,null,null,null,null,"Jamaica","US Minor Outlying Islands",null,null,null,null,null,null,null,null,null,null,null,null,null,null,null,null,null,null,null,null,"5-Methylchrysene","5-Methylchrysene","5-Methylchrysene","5-Methylchrysene","5-Methylchrysene"]
[null,null,null,null,null,null,null,null,null,null,null,null,null,null,null,null,null,null,null,null,null,null,null,null,"Ecuador",null,null,null,null,null,null,null,null,null,null,null,null,null,null,null,null,null,null,null,null,null,null,null,null,null,null,null,null,null,"Japan","Ecuador",null,null,null,null,null,null,null,null,null,null,null,null,null,null,null,null,null,null,null,null,"5-Nitroacenaphthene","5-Nitroacenaphthene","5-Nitroacenaphthene","5-Nitroacenaphthene","5-Nitroacenaphthene"]
[null,null,null,null,null,null,null,null,null,null,null,null,null,null,null,null,null,null,null,null,null,null,null,null,"United States",null,null,null,null,null,null,null,null,null,null,null,null,null,null,null,null,null,null,null,null,null,null,null,null,null,null,null,null,null,"Jersey","United States",null,null,null,null,null,null,null,null,null,null,null,null,null,null,null,null,null,null,null,null,"6-Nitrochrysene","6-Nitrochrysene","6-Nitrochrysene","6-Nitrochrysene","6-Nitrochrysene"]
[null,null,null,null,null,null,null,null,null,null,null,null,null,null,null,null,null,null,null,null,null,null,null,null,"Estonia",null,null,null,null,null,null,null,null,null,null,null,null,null,null,null,null,null,null,null,null,null,null,null,null,null,null,null,null,null,"Jordan","Estonia",null,null,null,null,null,null,null,null,null,null,null,null,null,null,null,null,null,null,null,null,"7,12-Dimethylbenz(a)anthracene","7,12-Dimethylbenz(a)anthracene","7,12-Dimethylbenz(a)anthracene","7,12-Dimethylbenz(a)anthracene","7,12-Dimethylbenz(a)anthracene"]
[null,null,null,null,null,null,null,null,null,null,null,null,null,null,null,null,null,null,null,null,null,null,null,null,"Egypt",null,null,null,null,null,null,null,null,null,null,null,null,null,null,null,null,null,null,null,null,null,null,null,null,null,null,null,null,null,"Kazakhstan","Egypt",null,null,null,null,null,null,null,null,null,null,null,null,null,null,null,null,null,null,null,null,"7H-Dibenzo[c,g]carbazole","7H-Dibenzo[c,g]carbazole","7H-Dibenzo[c,g]carbazole","7H-Dibenzo[c,g]carbazole","7H-Dibenzo[c,g]carbazole"]
[null,null,null,null,null,null,null,null,null,null,null,null,null,null,null,null,null,null,null,null,null,null,null,null,"Western Sahara",null,null,null,null,null,null,null,null,null,null,null,null,null,null,null,null,null,null,null,null,null,null,null,null,null,null,null,null,null,"Kenya","Western Sahara",null,null,null,null,null,null,null,null,null,null,null,null,null,null,null,null,null,null,null,null,"8-Methoxypsoralen with ultraviolet A therapy","8-Methoxypsoralen with ultraviolet A therapy","8-Methoxypsoralen with ultraviolet A therapy","8-Methoxypsoralen with ultraviolet A therapy","8-Methoxypsoralen with ultraviolet A therapy"]
[null,null,null,null,null,null,null,null,null,null,null,null,null,null,null,null,null,null,null,null,null,null,null,null,"Uruguay",null,null,null,null,null,null,null,null,null,null,null,null,null,null,null,null,null,null,null,null,null,null,null,null,null,null,null,null,null,"Kiribati","Uruguay",null,null,null,null,null,null,null,null,null,null,null,null,null,null,null,null,null,null,null,null,"A-alpha-C (2-Amino-9H-pyrido[2,3-b]indole)","A-alpha-C (2-Amino-9H-pyrido[2,3-b]indole)","A-alpha-C (2-Amino-9H-pyrido[2,3-b]indole)","A-alpha-C (2-Amino-9H-pyrido[2,3-b]indole)","A-alpha-C (2-Amino-9H-pyrido[2,3-b]indole)"]
[null,null,null,null,null,null,null,null,null,null,null,null,null,null,null,null,null,null,null,null,null,null,null,null,"Uzbekistan",null,null,null,null,null,null,null,null,null,null,null,null,null,null,null,null,null,null,null,null,null,null,null,null,null,null,null,null,null,"Kosovo","Uzbekistan",null,null,null,null,null,null,null,null,null,null,null,null,null,null,null,null,null,null,null,null,"Abiraterone acetate","Abiraterone acetate","Abiraterone acetate","Abiraterone acetate","Abiraterone acetate"]
[null,null,null,null,null,null,null,null,null,null,null,null,null,null,null,null,null,null,null,null,null,null,null,null,"Holy See (Vatican City)",null,null,null,null,null,null,null,null,null,null,null,null,null,null,null,null,null,null,null,null,null,null,null,null,null,null,null,null,null,"Kuwait","Holy See (Vatican City)",null,null,null,null,null,null,null,null,null,null,null,null,null,null,null,null,null,null,null,null,"Acetaldehyde","Acetaldehyde","Acetaldehyde","Acetaldehyde","Acetaldehyde"]
[null,null,null,null,null,null,null,null,null,null,null,null,null,null,null,null,null,null,null,null,null,null,null,null,"Eritrea",null,null,null,null,null,null,null,null,null,null,null,null,null,null,null,null,null,null,null,null,null,null,null,null,null,null,null,null,null,"Kyrgyzstan","Eritrea",null,null,null,null,null,null,null,null,null,null,null,null,null,null,null,null,null,null,null,null,"Acetamide","Acetamide","Acetamide","Acetamide","Acetamide"]
[null,null,null,null,null,null,null,null,null,null,null,null,null,null,null,null,null,null,null,null,null,null,null,null,"Saint Vincent And The Grenadines",null,null,null,null,null,null,null,null,null,null,null,null,null,null,null,null,null,null,null,null,null,null,null,null,null,null,null,null,null,"Laos","Saint Vincent And The Grenadines",null,null,null,null,null,null,null,null,null,null,null,null,null,null,null,null,null,null,null,null,"Acetazolamide","Acetazolamide","Acetazolamide","Acetazolamide","Acetazolamide"]
[null,null,null,null,null,null,null,null,null,null,null,null,null,null,null,null,null,null,null,null,null,null,null,null,"Spain",null,null,null,null,null,null,null,null,null,null,null,null,null,null,null,null,null,null,null,null,null,null,null,null,null,null,null,null,null,"Latvia","Spain",null,null,null,null,null,null,null,null,null,null,null,null,null,null,null,null,null,null,null,null,"Acetochlor","Acetochlor","Acetochlor","Acetochlor","Acetochlor"]
[null,null,null,null,null,null,null,null,null,null,null,null,null,null,null,null,null,null,null,null,null,null,null,null,"Ethiopia",null,null,null,null,null,null,null,null,null,null,null,null,null,null,null,null,null,null,null,null,null,null,null,null,null,null,null,null,null,"Lebanon","Ethiopia",null,null,null,null,null,null,null,null,null,null,null,null,null,null,null,null,null,null,null,null,"Acetohydroxamic acid","Acetohydroxamic acid","Acetohydroxamic acid","Acetohydroxamic acid","Acetohydroxamic acid"]
[null,null,null,null,null,null,null,null,null,null,null,null,null,null,null,null,null,null,null,null,null,null,null,null,"Venezuela",null,null,null,null,null,null,null,null,null,null,null,null,null,null,null,null,null,null,null,null,null,null,null,null,null,null,null,null,null,"Lesotho","Venezuela",null,null,null,null,null,null,null,null,null,null,null,null,null,null,null,null,null,null,null,null,"Acifluorfen sodium","Acifluorfen sodium","Acifluorfen sodium","Acifluorfen sodium","Acifluorfen sodium"]
[null,null,null,null,null,null,null,null,null,null,null,null,null,null,null,null,null,null,null,null,null,null,null,null,"British Virgin Islands",null,null,null,null,null,null,null,null,null,null,null,null,null,null,null,null,null,null,null,null,null,null,null,null,null,null,null,null,null,"Liberia","British Virgin Islands",null,null,null,null,null,null,null,null,null,null,null,null,null,null,null,null,null,null,null,null,"Acrylamide","Acrylamide","Acrylamide","Acrylamide","Acrylamide"]
[null,null,null,null,null,null,null,null,null,null,null,null,null,null,null,null,null,null,null,null,null,null,null,null,"US Virgin Islands",null,null,null,null,null,null,null,null,null,null,null,null,null,null,null,null,null,null,null,null,null,null,null,null,null,null,null,null,null,"Libya","US Virgin Islands",null,null,null,null,null,null,null,null,null,null,null,null,null,null,null,null,null,null,null,null,"Acrylonitrile","Acrylonitrile","Acrylonitrile","Acrylonitrile","Acrylonitrile"]
[null,null,null,null,null,null,null,null,null,null,null,null,null,null,null,null,null,null,null,null,null,null,null,null,"Vietnam",null,null,null,null,null,null,null,null,null,null,null,null,null,null,null,null,null,null,null,null,null,null,null,null,null,null,null,null,null,"Liechtenstein","Vietnam",null,null,null,null,null,null,null,null,null,null,null,null,null,null,null,null,null,null,null,null,"Actinomycin D","Actinomycin D","Actinomycin D","Actinomycin D","Actinomycin D"]
[null,null,null,null,null,null,null,null,null,null,null,null,null,null,null,null,null,null,null,null,null,null,null,null,"Vanuatu",null,null,null,null,null,null,null,null,null,null,null,null,null,null,null,null,null,null,null,null,null,null,null,null,null,null,null,null,null,"Lithuania","Vanuatu",null,null,null,null,null,null,null,null,null,null,null,null,null,null,null,null,null,null,null,null,"AF-2;[2-(2-furyl)-3-(5-nitro-2-furyl)]acrylamide","AF-2;[2-(2-furyl)-3-(5-nitro-2-furyl)]acrylamide","AF-2;[2-(2-furyl)-3-(5-nitro-2-furyl)]acrylamide","AF-2;[2-(2-furyl)-3-(5-nitro-2-furyl)]acrylamide","AF-2;[2-(2-furyl)-3-(5-nitro-2-furyl)]acrylamide"]
[null,null,null,null,null,null,null,null,null,null,null,null,null,null,null,null,null,null,null,null,null,null,null,null,"Finland",null,null,null,null,null,null,null,null,null,null,null,null,null,null,null,null,null,null,null,null,null,null,null,null,null,null,null,null,null,"Luxembourg","Finland",null,null,null,null,null,null,null,null,null,null,null,null,null,null,null,null,null,null,null,null,"Aflatoxins","Aflatoxins","Aflatoxins","Aflatoxins","Aflatoxins"]
[null,null,null,null,null,null,null,null,null,null,null,null,null,null,null,null,null,null,null,null,null,null,null,null,"Fiji",null,null,null,null,null,null,null,null,null,null,null,null,null,null,null,null,null,null,null,null,null,null,null,null,null,null,null,null,null,"Macau","Fiji",null,null,null,null,null,null,null,null,null,null,null,null,null,null,null,null,null,null,null,null,"Alachlor","Alachlor","Alachlor","Alachlor","Alachlor"]
[null,null,null,null,null,null,null,null,null,null,null,null,null,null,null,null,null,null,null,null,null,null,null,null,"Falkland Islands",null,null,null,null,null,null,null,null,null,null,null,null,null,null,null,null,null,null,null,null,null,null,null,null,null,null,null,null,null,"Macedonia","Falkland Islands",null,null,null,null,null,null,null,null,null,null,null,null,null,null,null,null,null,null,null,null,"Alcoholic beverages, when associated with alcohol abuse","Alcoholic beverages, when associated with alcohol abuse","Alcoholic beverages, when associated with alcohol abuse","Alcoholic beverages, when associated with alcohol abuse","Alcoholic beverages, when associated with alcohol abuse"]
[null,null,null,null,null,null,null,null,null,null,null,null,null,null,null,null,null,null,null,null,null,null,null,null,"Micronesia",null,null,null,null,null,null,null,null,null,null,null,null,null,null,null,null,null,null,null,null,null,null,null,null,null,null,null,null,null,"Madagascar","Micronesia",null,null,null,null,null,null,null,null,null,null,null,null,null,null,null,null,null,null,null,null,"Aldrin","Aldrin","Aldrin","Aldrin","Aldrin"]
[null,null,null,null,null,null,null,null,null,null,null,null,null,null,null,null,null,null,null,null,null,null,null,null,"Faroe Islands",null,null,null,null,null,null,null,null,null,null,null,null,null,null,null,null,null,null,null,null,null,null,null,null,null,null,null,null,null,"Malawi","Faroe Islands",null,null,null,null,null,null,null,null,null,null,null,null,null,null,null,null,null,null,null,null,"All-trans retinoic acid","All-trans retinoic acid","All-trans retinoic acid","All-trans retinoic acid","All-trans retinoic acid"]
[null,null,null,null,null,null,null,null,null,null,null,null,null,null,null,null,null,null,null,null,null,null,null,null,"France",null,null,null,null,null,null,null,null,null,null,null,null,null,null,null,null,null,null,null,null,null,null,null,null,null,null,null,null,null,"Malaysia","France",null,null,null,null,null,null,null,null,null,null,null,null,null,null,null,null,null,null,null,null,"Aloe Vera, non-decolorized whole leaf extract","Aloe Vera, non-decolorized whole leaf extract","Aloe Vera, non-decolorized whole leaf extract","Aloe Vera, non-decolorized whole leaf extract","Aloe Vera, non-decolorized whole leaf extract"]
[null,null,null,null,null,null,null,null,null,null,null,null,null,null,null,null,null,null,null,null,null,null,null,null,"Wallis and Futuna",null,null,null,null,null,null,null,null,null,null,null,null,null,null,null,null,null,null,null,null,null,null,null,null,null,null,null,null,null,"Maldives","Wallis and Futuna",null,null,null,null,null,null,null,null,null,null,null,null,null,null,null,null,null,null,null,null,"Alprazolam","Alprazolam","Alprazolam","Alprazolam","Alprazolam"]
[null,null,null,null,null,null,null,null,null,null,null,null,null,null,null,null,null,null,null,null,null,null,null,null,"Gabon",null,null,null,null,null,null,null,null,null,null,null,null,null,null,null,null,null,null,null,null,null,null,null,null,null,null,null,null,null,"Mali","Gabon",null,null,null,null,null,null,null,null,null,null,null,null,null,null,null,null,null,null,null,null,"Altretamine","Altretamine","Altretamine","Altretamine","Altretamine"]
[null,null,null,null,null,null,null,null,null,null,null,null,null,null,null,null,null,null,null,null,null,null,null,null,"Samoa",null,null,null,null,null,null,null,null,null,null,null,null,null,null,null,null,null,null,null,null,null,null,null,null,null,null,null,null,null,"Malta","Samoa",null,null,null,null,null,null,null,null,null,null,null,null,null,null,null,null,null,null,null,null,"Amantadine hydrochloride","Amantadine hydrochloride","Amantadine hydrochloride","Amantadine hydrochloride","Amantadine hydrochloride"]
[null,null,null,null,null,null,null,null,null,null,null,null,null,null,null,null,null,null,null,null,null,null,null,null,"Grenada",null,null,null,null,null,null,null,null,null,null,null,null,null,null,null,null,null,null,null,null,null,null,null,null,null,null,null,null,null,"Marshall Islands","Grenada",null,null,null,null,null,null,null,null,null,null,null,null,null,null,null,null,null,null,null,null,"Amikacin sulfate","Amikacin sulfate","Amikacin sulfate","Amikacin sulfate","Amikacin sulfate"]
[null,null,null,null,null,null,null,null,null,null,null,null,null,null,null,null,null,null,null,null,null,null,null,null,"Georgia",null,null,null,null,null,null,null,null,null,null,null,null,null,null,null,null,null,null,null,null,null,null,null,null,null,null,null,null,null,"Martinique","Georgia",null,null,null,null,null,null,null,null,null,null,null,null,null,null,null,null,null,null,null,null,"Aminoglutethimide","Aminoglutethimide","Aminoglutethimide","Aminoglutethimide","Aminoglutethimide"]
[null,null,null,null,null,null,null,null,null,null,null,null,null,null,null,null,null,null,null,null,null,null,null,null,"French Guiana",null,null,null,null,null,null,null,null,null,null,null,null,null,null,null,null,null,null,null,null,null,null,null,null,null,null,null,null,null,"Mauritania","French Guiana",null,null,null,null,null,null,null,null,null,null,null,null,null,null,null,null,null,null,null,null,"Aminoglycosides","Aminoglycosides","Aminoglycosides","Aminoglycosides","Aminoglycosides"]
[null,null,null,null,null,null,null,null,null,null,null,null,null,null,null,null,null,null,null,null,null,null,null,null,"Guernsey",null,null,null,null,null,null,null,null,null,null,null,null,null,null,null,null,null,null,null,null,null,null,null,null,null,null,null,null,null,"Mauritius","Guernsey",null,null,null,null,null,null,null,null,null,null,null,null,null,null,null,null,null,null,null,null,"Aminopterin","Aminopterin","Aminopterin","Aminopterin","Aminopterin"]
[null,null,null,null,null,null,null,null,null,null,null,null,null,null,null,null,null,null,null,null,null,null,null,null,"Ghana",null,null,null,null,null,null,null,null,null,null,null,null,null,null,null,null,null,null,null,null,null,null,null,null,null,null,null,null,null,"Mayotte","Ghana",null,null,null,null,null,null,null,null,null,null,null,null,null,null,null,null,null,null,null,null,"Amiodarone hydrochloride","Amiodarone hydrochloride","Amiodarone hydrochloride","Amiodarone hydrochloride","Amiodarone hydrochloride"]
[null,null,null,null,null,null,null,null,null,null,null,null,null,null,null,null,null,null,null,null,null,null,null,null,"Gibraltar",null,null,null,null,null,null,null,null,null,null,null,null,null,null,null,null,null,null,null,null,null,null,null,null,null,null,null,null,null,"Mexico","Gibraltar",null,null,null,null,null,null,null,null,null,null,null,null,null,null,null,null,null,null,null,null,"Amitraz","Amitraz","Amitraz","Amitraz","Amitraz"]
[null,null,null,null,null,null,null,null,null,null,null,null,null,null,null,null,null,null,null,null,null,null,null,null,"Greenland",null,null,null,null,null,null,null,null,null,null,null,null,null,null,null,null,null,null,null,null,null,null,null,null,null,null,null,null,null,"Micronesia","Greenland",null,null,null,null,null,null,null,null,null,null,null,null,null,null,null,null,null,null,null,null,"Amitrole","Amitrole","Amitrole","Amitrole","Amitrole"]
[null,null,null,null,null,null,null,null,null,null,null,null,null,null,null,null,null,null,null,null,null,null,null,null,"Gambia",null,null,null,null,null,null,null,null,null,null,null,null,null,null,null,null,null,null,null,null,null,null,null,null,null,null,null,null,null,"Moldova","Gambia",null,null,null,null,null,null,null,null,null,null,null,null,null,null,null,null,null,null,null,null,"Amoxapine","Amoxapine","Amoxapine","Amoxapine","Amoxapine"]
[null,null,null,null,null,null,null,null,null,null,null,null,null,null,null,null,null,null,null,null,null,null,null,null,"Guinea",null,null,null,null,null,null,null,null,null,null,null,null,null,null,null,null,null,null,null,null,null,null,null,null,null,null,null,null,null,"Monaco","Guinea",null,null,null,null,null,null,null,null,null,null,null,null,null,null,null,null,null,null,null,null,"Amsacrine","Amsacrine","Amsacrine","Amsacrine","Amsacrine"]
[null,null,null,null,null,null,null,null,null,null,null,null,null,null,null,null,null,null,null,null,null,null,null,null,"Guadeloupe",null,null,null,null,null,null,null,null,null,null,null,null,null,null,null,null,null,null,null,null,null,null,null,null,null,null,null,null,null,"Mongolia","Guadeloupe",null,null,null,null,null,null,null,null,null,null,null,null,null,null,null,null,null,null,null,null,"Anabolic steroids","Anabolic steroids","Anabolic steroids","Anabolic steroids","Anabolic steroids"]
[null,null,null,null,null,null,null,null,null,null,null,null,null,null,null,null,null,null,null,null,null,null,null,null,"Equatorial Guinea",null,null,null,null,null,null,null,null,null,null,null,null,null,null,null,null,null,null,null,null,null,null,null,null,null,null,null,null,null,"Montserrat","Equatorial Guinea",null,null,null,null,null,null,null,null,null,null,null,null,null,null,null,null,null,null,null,null,"Analgesic mixtures containing Phenacetin","Analgesic mixtures containing Phenacetin","Analgesic mixtures containing Phenacetin","Analgesic mixtures containing Phenacetin","Analgesic mixtures containing Phenacetin"]
[null,null,null,null,null,null,null,null,null,null,null,null,null,null,null,null,null,null,null,null,null,null,null,null,"Greece",null,null,null,null,null,null,null,null,null,null,null,null,null,null,null,null,null,null,null,null,null,null,null,null,null,null,null,null,null,"Morocco","Greece",null,null,null,null,null,null,null,null,null,null,null,null,null,null,null,null,null,null,null,null,"Androstenedione","Androstenedione","Androstenedione","Androstenedione","Androstenedione"]
[null,null,null,null,null,null,null,null,null,null,null,null,null,null,null,null,null,null,null,null,null,null,null,null,"S. Georgia and S. Sandwich Isls.",null,null,null,null,null,null,null,null,null,null,null,null,null,null,null,null,null,null,null,null,null,null,null,null,null,null,null,null,null,"Mozambique","S. Georgia and S. Sandwich Isls.",null,null,null,null,null,null,null,null,null,null,null,null,null,null,null,null,null,null,null,null,"Angiotensin converting enzyme (ACE) inhibitors","Angiotensin converting enzyme (ACE) inhibitors","Angiotensin converting enzyme (ACE) inhibitors","Angiotensin converting enzyme (ACE) inhibitors","Angiotensin converting enzyme (ACE) inhibitors"]
[null,null,null,null,null,null,null,null,null,null,null,null,null,null,null,null,null,null,null,null,null,null,null,null,"Guatemala",null,null,null,null,null,null,null,null,null,null,null,null,null,null,null,null,null,null,null,null,null,null,null,null,null,null,null,null,null,"Namibia","Guatemala",null,null,null,null,null,null,null,null,null,null,null,null,null,null,null,null,null,null,null,null,"Aniline","Aniline","Aniline","Aniline","Aniline"]
[null,null,null,null,null,null,null,null,null,null,null,null,null,null,null,null,null,null,null,null,null,null,null,null,"Guam",null,null,null,null,null,null,null,null,null,null,null,null,null,null,null,null,null,null,null,null,null,null,null,null,null,null,null,null,null,"Nauru","Guam",null,null,null,null,null,null,null,null,null,null,null,null,null,null,null,null,null,null,null,null,"Aniline hydrochloride","Aniline hydrochloride","Aniline hydrochloride","Aniline hydrochloride","Aniline hydrochloride"]
[null,null,null,null,null,null,null,null,null,null,null,null,null,null,null,null,null,null,null,null,null,null,null,null,"Guinea-Bissau",null,null,null,null,null,null,null,null,null,null,null,null,null,null,null,null,null,null,null,null,null,null,null,null,null,null,null,null,null,"Nepal","Guinea-Bissau",null,null,null,null,null,null,null,null,null,null,null,null,null,null,null,null,null,null,null,null,"Anisindione","Anisindione","Anisindione","Anisindione","Anisindione"]
[null,null,null,null,null,null,null,null,null,null,null,null,null,null,null,null,null,null,null,null,null,null,null,null,"Guyana",null,null,null,null,null,null,null,null,null,null,null,null,null,null,null,null,null,null,null,null,null,null,null,null,null,null,null,null,null,"Netherlands","Guyana",null,null,null,null,null,null,null,null,null,null,null,null,null,null,null,null,null,null,null,null,"Anthraquinone","Anthraquinone","Anthraquinone","Anthraquinone","Anthraquinone"]
[null,null,null,null,null,null,null,null,null,null,null,null,null,null,null,null,null,null,null,null,null,null,null,null,"Hong Kong",null,null,null,null,null,null,null,null,null,null,null,null,null,null,null,null,null,null,null,null,null,null,null,null,null,null,null,null,null,"Netherlands Antilles","Hong Kong",null,null,null,null,null,null,null,null,null,null,null,null,null,null,null,null,null,null,null,null,"Antimony oxide (Antimony trioxide)","Antimony oxide (Antimony trioxide)","Antimony oxide (Antimony trioxide)","Antimony oxide (Antimony trioxide)","Antimony oxide (Antimony trioxide)"]
[null,null,null,null,null,null,null,null,null,null,null,null,null,null,null,null,null,null,null,null,null,null,null,null,"Heard and McDonald Islands",null,null,null,null,null,null,null,null,null,null,null,null,null,null,null,null,null,null,null,null,null,null,null,null,null,null,null,null,null,"New Caledonia","Heard and McDonald Islands",null,null,null,null,null,null,null,null,null,null,null,null,null,null,null,null,null,null,null,null,"Aramite","Aramite","Aramite","Aramite","Aramite"]
[null,null,null,null,null,null,null,null,null,null,null,null,null,null,null,null,null,null,null,null,null,null,null,null,"Honduras",null,null,null,null,null,null,null,null,null,null,null,null,null,null,null,null,null,null,null,null,null,null,null,null,null,null,null,null,null,"New Zealand","Honduras",null,null,null,null,null,null,null,null,null,null,null,null,null,null,null,null,null,null,null,null,"Areca nut","Areca nut","Areca nut","Areca nut","Areca nut"]
[null,null,null,null,null,null,null,null,null,null,null,null,null,null,null,null,null,null,null,null,null,null,null,null,"Croatia",null,null,null,null,null,null,null,null,null,null,null,null,null,null,null,null,null,null,null,null,null,null,null,null,null,null,null,null,null,"Nicaragua","Croatia",null,null,null,null,null,null,null,null,null,null,null,null,null,null,null,null,null,null,null,null,"Aristolochic acids","Aristolochic acids","Aristolochic acids","Aristolochic acids","Aristolochic acids"]
[null,null,null,null,null,null,null,null,null,null,null,null,null,null,null,null,null,null,null,null,null,null,null,null,"Haiti",null,null,null,null,null,null,null,null,null,null,null,null,null,null,null,null,null,null,null,null,null,null,null,null,null,null,null,null,null,"Niger","Haiti",null,null,null,null,null,null,null,null,null,null,null,null,null,null,null,null,null,null,null,null,"Arsenic (inorganic arsenic compounds)","Arsenic (inorganic arsenic compounds)","Arsenic (inorganic arsenic compounds)","Arsenic (inorganic arsenic compounds)","Arsenic (inorganic arsenic compounds)"]
[null,null,null,null,null,null,null,null,null,null,null,null,null,null,null,null,null,null,null,null,null,null,null,null,"Yemen",null,null,null,null,null,null,null,null,null,null,null,null,null,null,null,null,null,null,null,null,null,null,null,null,null,null,null,null,null,"Nigeria","Yemen",null,null,null,null,null,null,null,null,null,null,null,null,null,null,null,null,null,null,null,null,"Arsenic (inorganic oxides)","Arsenic (inorganic oxides)","Arsenic (inorganic oxides)","Arsenic (inorganic oxides)","Arsenic (inorganic oxides)"]
[null,null,null,null,null,null,null,null,null,null,null,null,null,null,null,null,null,null,null,null,null,null,null,null,"Hungary",null,null,null,null,null,null,null,null,null,null,null,null,null,null,null,null,null,null,null,null,null,null,null,null,null,null,null,null,null,"Niue","Hungary",null,null,null,null,null,null,null,null,null,null,null,null,null,null,null,null,null,null,null,null,"Asbestos","Asbestos","Asbestos","Asbestos","Asbestos"]
[null,null,null,null,null,null,null,null,null,null,null,null,null,null,null,null,null,null,null,null,null,null,null,null,"Canary Islands",null,null,null,null,null,null,null,null,null,null,null,null,null,null,null,null,null,null,null,null,null,null,null,null,null,null,null,null,null,"Norfolk Island","Canary Islands",null,null,null,null,null,null,null,null,null,null,null,null,null,null,null,null,null,null,null,null,"Aspirin","Aspirin","Aspirin","Aspirin","Aspirin"]
[null,null,null,null,null,null,null,null,null,null,null,null,null,null,null,null,null,null,null,null,null,null,null,null,"Indonesia",null,null,null,null,null,null,null,null,null,null,null,null,null,null,null,null,null,null,null,null,null,null,null,null,null,null,null,null,null,"North Korea","Indonesia",null,null,null,null,null,null,null,null,null,null,null,null,null,null,null,null,null,null,null,null,"Atenolol","Atenolol","Atenolol","Atenolol","Atenolol"]
[null,null,null,null,null,null,null,null,null,null,null,null,null,null,null,null,null,null,null,null,null,null,null,null,"Mayotte",null,null,null,null,null,null,null,null,null,null,null,null,null,null,null,null,null,null,null,null,null,null,null,null,null,null,null,null,null,"Northern Mariana Islands","Mayotte",null,null,null,null,null,null,null,null,null,null,null,null,null,null,null,null,null,null,null,null,"Atrazine","Atrazine","Atrazine","Atrazine","Atrazine"]
[null,null,null,null,null,null,null,null,null,null,null,null,null,null,null,null,null,null,null,null,null,null,null,null,"Ireland",null,null,null,null,null,null,null,null,null,null,null,null,null,null,null,null,null,null,null,null,null,null,null,null,null,null,null,null,null,"Norway","Ireland",null,null,null,null,null,null,null,null,null,null,null,null,null,null,null,null,null,null,null,null,"Auramine","Auramine","Auramine","Auramine","Auramine"]
[null,null,null,null,null,null,null,null,null,null,null,null,null,null,null,null,null,null,null,null,null,null,null,null,"Israel",null,null,null,null,null,null,null,null,null,null,null,null,null,null,null,null,null,null,null,null,null,null,null,null,null,null,null,null,null,"Oman","Israel",null,null,null,null,null,null,null,null,null,null,null,null,null,null,null,null,null,null,null,null,"Auranofin","Auranofin","Auranofin","Auranofin","Auranofin"]
[null,null,null,null,null,null,null,null,null,null,null,null,null,null,null,null,null,null,null,null,null,null,null,null,"Isle of Man",null,null,null,null,null,null,null,null,null,null,null,null,null,null,null,null,null,null,null,null,null,null,null,null,null,null,null,null,null,"Pakistan","Isle of Man",null,null,null,null,null,null,null,null,null,null,null,null,null,null,null,null,null,null,null,null,"Avermectin B1 (Abamectin)","Avermectin B1 (Abamectin)","Avermectin B1 (Abamectin)","Avermectin B1 (Abamectin)","Avermectin B1 (Abamectin)"]
[null,null,null,null,null,null,null,null,null,null,null,null,null,null,null,null,null,null,null,null,null,null,null,null,"India",null,null,null,null,null,null,null,null,null,null,null,null,null,null,null,null,null,null,null,null,null,null,null,null,null,null,null,null,null,"Palau","India",null,null,null,null,null,null,null,null,null,null,null,null,null,null,null,null,null,null,null,null,"Azacitidine","Azacitidine","Azacitidine","Azacitidine","Azacitidine"]
[null,null,null,null,null,null,null,null,null,null,null,null,null,null,null,null,null,null,null,null,null,null,null,null,"British Indian Ocean Territory",null,null,null,null,null,null,null,null,null,null,null,null,null,null,null,null,null,null,null,null,null,null,null,null,null,null,null,null,null,"Palestinian Territory","British Indian Ocean Territory",null,null,null,null,null,null,null,null,null,null,null,null,null,null,null,null,null,null,null,null,"Azaserine","Azaserine","Azaserine","Azaserine","Azaserine"]
[null,null,null,null,null,null,null,null,null,null,null,null,null,null,null,null,null,null,null,null,null,null,null,null,"South Africa",null,null,null,null,null,null,null,null,null,null,null,null,null,null,null,null,null,null,null,null,null,null,null,null,null,null,null,null,null,"Panama","South Africa",null,null,null,null,null,null,null,null,null,null,null,null,null,null,null,null,null,null,null,null,"Azathioprine","Azathioprine","Azathioprine","Azathioprine","Azathioprine"]
[null,null,null,null,null,null,null,null,null,null,null,null,null,null,null,null,null,null,null,null,null,null,null,null,"Iraq",null,null,null,null,null,null,null,null,null,null,null,null,null,null,null,null,null,null,null,null,null,null,null,null,null,null,null,null,null,"Papua New Guinea","Iraq",null,null,null,null,null,null,null,null,null,null,null,null,null,null,null,null,null,null,null,null,"Azobenzene","Azobenzene","Azobenzene","Azobenzene","Azobenzene"]
[null,null,null,null,null,null,null,null,null,null,null,null,null,null,null,null,null,null,null,null,null,null,null,null,"Iran",null,null,null,null,null,null,null,null,null,null,null,null,null,null,null,null,null,null,null,null,null,null,null,null,null,null,null,null,null,"Paraguay","Iran",null,null,null,null,null,null,null,null,null,null,null,null,null,null,null,null,null,null,null,null,"Barbiturates","Barbiturates","Barbiturates","Barbiturates","Barbiturates"]
[null,null,null,null,null,null,null,null,null,null,null,null,null,null,null,null,null,null,null,null,null,null,null,null,"Iceland",null,null,null,null,null,null,null,null,null,null,null,null,null,null,null,null,null,null,null,null,null,null,null,null,null,null,null,null,null,"Peru","Iceland",null,null,null,null,null,null,null,null,null,null,null,null,null,null,null,null,null,null,null,null,"Beclomethasone dipropionate","Beclomethasone dipropionate","Beclomethasone dipropionate","Beclomethasone dipropionate","Beclomethasone dipropionate"]
[null,null,null,null,null,null,null,null,null,null,null,null,null,null,null,null,null,null,null,null,null,null,null,null,"Italy",null,null,null,null,null,null,null,null,null,null,null,null,null,null,null,null,null,null,null,null,null,null,null,null,null,null,null,null,null,"Philippines","Italy",null,null,null,null,null,null,null,null,null,null,null,null,null,null,null,null,null,null,null,null,"Benomyl","Benomyl","Benomyl","Benomyl","Benomyl"]
[null,null,null,null,null,null,null,null,null,null,null,null,null,null,null,null,null,null,null,null,null,null,null,null,"Zambia",null,null,null,null,null,null,null,null,null,null,null,null,null,null,null,null,null,null,null,null,null,null,null,null,null,null,null,null,null,"Pitcairn Islands","Zambia",null,null,null,null,null,null,null,null,null,null,null,null,null,null,null,null,null,null,null,null,"Benthiavalicarb-isopropyl","Benthiavalicarb-isopropyl","Benthiavalicarb-isopropyl","Benthiavalicarb-isopropyl","Benthiavalicarb-isopropyl"]
[null,null,null,null,null,null,null,null,null,null,null,null,null,null,null,null,null,null,null,null,null,null,null,null,"Zaire",null,null,null,null,null,null,null,null,null,null,null,null,null,null,null,null,null,null,null,null,null,null,null,null,null,null,null,null,null,"Poland","Zaire",null,null,null,null,null,null,null,null,null,null,null,null,null,null,null,null,null,null,null,null,"Benz[a]anthracene","Benz[a]anthracene","Benz[a]anthracene","Benz[a]anthracene","Benz[a]anthracene"]
[null,null,null,null,null,null,null,null,null,null,null,null,null,null,null,null,null,null,null,null,null,null,null,null,"Jersey",null,null,null,null,null,null,null,null,null,null,null,null,null,null,null,null,null,null,null,null,null,null,null,null,null,null,null,null,null,"Portugal","Jersey",null,null,null,null,null,null,null,null,null,null,null,null,null,null,null,null,null,null,null,null,"Benzene","Benzene","Benzene","Benzene","Benzene"]
[null,null,null,null,null,null,null,null,null,null,null,null,null,null,null,null,null,null,null,null,null,null,null,null,"Zimbabwe",null,null,null,null,null,null,null,null,null,null,null,null,null,null,null,null,null,null,null,null,null,null,null,null,null,null,null,null,null,"Puerto Rico","Zimbabwe",null,null,null,null,null,null,null,null,null,null,null,null,null,null,null,null,null,null,null,null,"Benzidine [and its salts]","Benzidine [and its salts]","Benzidine [and its salts]","Benzidine [and its salts]","Benzidine [and its salts]"]
[null,null,null,null,null,null,null,null,null,null,null,null,null,null,null,null,null,null,null,null,null,null,null,null,"Jamaica",null,null,null,null,null,null,null,null,null,null,null,null,null,null,null,null,null,null,null,null,null,null,null,null,null,null,null,null,null,"Qatar","Jamaica",null,null,null,null,null,null,null,null,null,null,null,null,null,null,null,null,null,null,null,null,"Benzidine-based dyes","Benzidine-based dyes","Benzidine-based dyes","Benzidine-based dyes","Benzidine-based dyes"]
[null,null,null,null,null,null,null,null,null,null,null,null,null,null,null,null,null,null,null,null,null,null,null,null,"Jordan",null,null,null,null,null,null,null,null,null,null,null,null,null,null,null,null,null,null,null,null,null,null,null,null,null,null,null,null,null,"Republic of Congo","Jordan",null,null,null,null,null,null,null,null,null,null,null,null,null,null,null,null,null,null,null,null,"Benzo[a]pyrene","Benzo[a]pyrene","Benzo[a]pyrene","Benzo[a]pyrene","Benzo[a]pyrene"]
[null,null,null,null,null,null,null,null,null,null,null,null,null,null,null,null,null,null,null,null,null,null,null,null,"Japan",null,null,null,null,null,null,null,null,null,null,null,null,null,null,null,null,null,null,null,null,null,null,null,null,null,null,null,null,null,"Reunion","Japan",null,null,null,null,null,null,null,null,null,null,null,null,null,null,null,null,null,null,null,null,"Benzo[b]fluoranthene","Benzo[b]fluoranthene","Benzo[b]fluoranthene","Benzo[b]fluoranthene","Benzo[b]fluoranthene"]
[null,null,null,null,null,null,null,null,null,null,null,null,null,null,null,null,null,null,null,null,null,null,null,null,"Unknown",null,null,null,null,null,null,null,null,null,null,null,null,null,null,null,null,null,null,null,null,null,null,null,null,null,null,null,null,null,"Romania","Unknown",null,null,null,null,null,null,null,null,null,null,null,null,null,null,null,null,null,null,null,null,"Benzo[j]fluoranthene","Benzo[j]fluoranthene","Benzo[j]fluoranthene","Benzo[j]fluoranthene","Benzo[j]fluoranthene"]
[null,null,null,null,null,null,null,null,null,null,null,null,null,null,null,null,null,null,null,null,null,null,null,null,"Kenya",null,null,null,null,null,null,null,null,null,null,null,null,null,null,null,null,null,null,null,null,null,null,null,null,null,null,null,null,null,"Russia","Kenya",null,null,null,null,null,null,null,null,null,null,null,null,null,null,null,null,null,null,null,null,"Benzo[k]fluoranthene","Benzo[k]fluoranthene","Benzo[k]fluoranthene","Benzo[k]fluoranthene","Benzo[k]fluoranthene"]
[null,null,null,null,null,null,null,null,null,null,null,null,null,null,null,null,null,null,null,null,null,null,null,null,"Kyrgyzstan",null,null,null,null,null,null,null,null,null,null,null,null,null,null,null,null,null,null,null,null,null,null,null,null,null,null,null,null,null,"Rwanda","Kyrgyzstan",null,null,null,null,null,null,null,null,null,null,null,null,null,null,null,null,null,null,null,null,"Benzodiazepines","Benzodiazepines","Benzodiazepines","Benzodiazepines","Benzodiazepines"]
[null,null,null,null,null,null,null,null,null,null,null,null,null,null,null,null,null,null,null,null,null,null,null,null,"Cambodia",null,null,null,null,null,null,null,null,null,null,null,null,null,null,null,null,null,null,null,null,null,null,null,null,null,null,null,null,null,"Saint Helena","Cambodia",null,null,null,null,null,null,null,null,null,null,null,null,null,null,null,null,null,null,null,null,"Benzofuran","Benzofuran","Benzofuran","Benzofuran","Benzofuran"]
[null,null,null,null,null,null,null,null,null,null,null,null,null,null,null,null,null,null,null,null,null,null,null,null,"Kiribati",null,null,null,null,null,null,null,null,null,null,null,null,null,null,null,null,null,null,null,null,null,null,null,null,null,null,null,null,null,"Saint Kitts & Nevis","Kiribati",null,null,null,null,null,null,null,null,null,null,null,null,null,null,null,null,null,null,null,null,"Benzophenone","Benzophenone","Benzophenone","Benzophenone","Benzophenone"]
[null,null,null,null,null,null,null,null,null,null,null,null,null,null,null,null,null,null,null,null,null,null,null,null,"Comoros",null,null,null,null,null,null,null,null,null,null,null,null,null,null,null,null,null,null,null,null,null,null,null,null,null,null,null,null,null,"Saint Lucia","Comoros",null,null,null,null,null,null,null,null,null,null,null,null,null,null,null,null,null,null,null,null,"Benzotrichloride","Benzotrichloride","Benzotrichloride","Benzotrichloride","Benzotrichloride"]
[null,null,null,null,null,null,null,null,null,null,null,null,null,null,null,null,null,null,null,null,null,null,null,null,"Saint Kitts And Nevis",null,null,null,null,null,null,null,null,null,null,null,null,null,null,null,null,null,null,null,null,null,null,null,null,null,null,null,null,null,"Saint Martin","Saint Kitts And Nevis",null,null,null,null,null,null,null,null,null,null,null,null,null,null,null,null,null,null,null,null,"Benzphetamine hydrochloride","Benzphetamine hydrochloride","Benzphetamine hydrochloride","Benzphetamine hydrochloride","Benzphetamine hydrochloride"]
[null,null,null,null,null,null,null,null,null,null,null,null,null,null,null,null,null,null,null,null,null,null,null,null,"North Korea",null,null,null,null,null,null,null,null,null,null,null,null,null,null,null,null,null,null,null,null,null,null,null,null,null,null,null,null,null,"Saint Pierre & Miquelon","North Korea",null,null,null,null,null,null,null,null,null,null,null,null,null,null,null,null,null,null,null,null,"Benzyl chloride","Benzyl chloride","Benzyl chloride","Benzyl chloride","Benzyl chloride"]
[null,null,null,null,null,null,null,null,null,null,null,null,null,null,null,null,null,null,null,null,null,null,null,null,"South Korea",null,null,null,null,null,null,null,null,null,null,null,null,null,null,null,null,null,null,null,null,null,null,null,null,null,null,null,null,null,"Saint Vincent & Grenadines","South Korea",null,null,null,null,null,null,null,null,null,null,null,null,null,null,null,null,null,null,null,null,"Benzyl violet 4B","Benzyl violet 4B","Benzyl violet 4B","Benzyl violet 4B","Benzyl violet 4B"]
[null,null,null,null,null,null,null,null,null,null,null,null,null,null,null,null,null,null,null,null,null,null,null,null,"Kuwait",null,null,null,null,null,null,null,null,null,null,null,null,null,null,null,null,null,null,null,null,null,null,null,null,null,null,null,null,null,"Samoa","Kuwait",null,null,null,null,null,null,null,null,null,null,null,null,null,null,null,null,null,null,null,null,"Beryllium","Beryllium","Beryllium","Beryllium","Beryllium"]
[null,null,null,null,null,null,null,null,null,null,null,null,null,null,null,null,null,null,null,null,null,null,null,null,"Cayman Islands",null,null,null,null,null,null,null,null,null,null,null,null,null,null,null,null,null,null,null,null,null,null,null,null,null,null,null,null,null,"San Marino","Cayman Islands",null,null,null,null,null,null,null,null,null,null,null,null,null,null,null,null,null,null,null,null,"Beryllium and beryllium compounds","Beryllium and beryllium compounds","Beryllium and beryllium compounds","Beryllium and beryllium compounds","Beryllium and beryllium compounds"]
[null,null,null,null,null,null,null,null,null,null,null,null,null,null,null,null,null,null,null,null,null,null,null,null,"Kazakhstan",null,null,null,null,null,null,null,null,null,null,null,null,null,null,null,null,null,null,null,null,null,null,null,null,null,null,null,null,null,"Sao Tome & Principe","Kazakhstan",null,null,null,null,null,null,null,null,null,null,null,null,null,null,null,null,null,null,null,null,"Beryllium oxide","Beryllium oxide","Beryllium oxide","Beryllium oxide","Beryllium oxide"]
[null,null,null,null,null,null,null,null,null,null,null,null,null,null,null,null,null,null,null,null,null,null,null,null,"Laos",null,null,null,null,null,null,null,null,null,null,null,null,null,null,null,null,null,null,null,null,null,null,null,null,null,null,null,null,null,"Saudi Arabia","Laos",null,null,null,null,null,null,null,null,null,null,null,null,null,null,null,null,null,null,null,null,"Beryllium sulfate","Beryllium sulfate","Beryllium sulfate","Beryllium sulfate","Beryllium sulfate"]
[null,null,null,null,null,null,null,null,null,null,null,null,null,null,null,null,null,null,null,null,null,null,null,null,"Lebanon",null,null,null,null,null,null,null,null,null,null,null,null,null,null,null,null,null,null,null,null,null,null,null,null,null,null,null,null,null,"Senegal","Lebanon",null,null,null,null,null,null,null,null,null,null,null,null,null,null,null,null,null,null,null,null,"beta-Butyrolactone","beta-Butyrolactone","beta-Butyrolactone","beta-Butyrolactone","beta-Butyrolactone"]
[null,null,null,null,null,null,null,null,null,null,null,null,null,null,null,null,null,null,null,null,null,null,null,null,"Saint Lucia",null,null,null,null,null,null,null,null,null,null,null,null,null,null,null,null,null,null,null,null,null,null,null,null,null,null,null,null,null,"Serbia","Saint Lucia",null,null,null,null,null,null,null,null,null,null,null,null,null,null,null,null,null,null,null,null,"beta-Myrcene","beta-Myrcene","beta-Myrcene","beta-Myrcene","beta-Myrcene"]
[null,null,null,null,null,null,null,null,null,null,null,null,null,null,null,null,null,null,null,null,null,null,null,null,"Liechtenstein",null,null,null,null,null,null,null,null,null,null,null,null,null,null,null,null,null,null,null,null,null,null,null,null,null,null,null,null,null,"Seychelles","Liechtenstein",null,null,null,null,null,null,null,null,null,null,null,null,null,null,null,null,null,null,null,null,"beta-Propiolactone","beta-Propiolactone","beta-Propiolactone","beta-Propiolactone","beta-Propiolactone"]
[null,null,null,null,null,null,null,null,null,null,null,null,null,null,null,null,null,null,null,null,null,null,null,null,"Sri Lanka",null,null,null,null,null,null,null,null,null,null,null,null,null,null,null,null,null,null,null,null,null,null,null,null,null,null,null,null,null,"Sierra Leone","Sri Lanka",null,null,null,null,null,null,null,null,null,null,null,null,null,null,null,null,null,null,null,null,"Betel quid with tobacco","Betel quid with tobacco","Betel quid with tobacco","Betel quid with tobacco","Betel quid with tobacco"]
[null,null,null,null,null,null,null,null,null,null,null,null,null,null,null,null,null,null,null,null,null,null,null,null,"Liberia",null,null,null,null,null,null,null,null,null,null,null,null,null,null,null,null,null,null,null,null,null,null,null,null,null,null,null,null,null,"Singapore","Liberia",null,null,null,null,null,null,null,null,null,null,null,null,null,null,null,null,null,null,null,null,"Betel quid without tobacco","Betel quid without tobacco","Betel quid without tobacco","Betel quid without tobacco","Betel quid without tobacco"]
[null,null,null,null,null,null,null,null,null,null,null,null,null,null,null,null,null,null,null,null,null,null,null,null,"Lesotho",null,null,null,null,null,null,null,null,null,null,null,null,null,null,null,null,null,null,null,null,null,null,null,null,null,null,null,null,null,"Slovakia","Lesotho",null,null,null,null,null,null,null,null,null,null,null,null,null,null,null,null,null,null,null,null,"Bis(2-chloro-1-methylethyl)ether, technical grade","Bis(2-chloro-1-methylethyl)ether, technical grade","Bis(2-chloro-1-methylethyl)ether, technical grade","Bis(2-chloro-1-methylethyl)ether, technical grade","Bis(2-chloro-1-methylethyl)ether, technical grade"]
[null,null,null,null,null,null,null,null,null,null,null,null,null,null,null,null,null,null,null,null,null,null,null,null,"Lithuania",null,null,null,null,null,null,null,null,null,null,null,null,null,null,null,null,null,null,null,null,null,null,null,null,null,null,null,null,null,"Slovenia","Lithuania",null,null,null,null,null,null,null,null,null,null,null,null,null,null,null,null,null,null,null,null,"Bis(2-chloroethyl)ether","Bis(2-chloroethyl)ether","Bis(2-chloroethyl)ether","Bis(2-chloroethyl)ether","Bis(2-chloroethyl)ether"]
[null,null,null,null,null,null,null,null,null,null,null,null,null,null,null,null,null,null,null,null,null,null,null,null,"Luxembourg",null,null,null,null,null,null,null,null,null,null,null,null,null,null,null,null,null,null,null,null,null,null,null,null,null,null,null,null,null,"Solomon Islands","Luxembourg",null,null,null,null,null,null,null,null,null,null,null,null,null,null,null,null,null,null,null,null,"Bis(chloromethyl)ether","Bis(chloromethyl)ether","Bis(chloromethyl)ether","Bis(chloromethyl)ether","Bis(chloromethyl)ether"]
[null,null,null,null,null,null,null,null,null,null,null,null,null,null,null,null,null,null,null,null,null,null,null,null,"Latvia",null,null,null,null,null,null,null,null,null,null,null,null,null,null,null,null,null,null,null,null,null,null,null,null,null,null,null,null,null,"Somalia","Latvia",null,null,null,null,null,null,null,null,null,null,null,null,null,null,null,null,null,null,null,null,"Bischloroethyl nitrosourea (BCNU) (Carmustine)","Bischloroethyl nitrosourea (BCNU) (Carmustine)","Bischloroethyl nitrosourea (BCNU) (Carmustine)","Bischloroethyl nitrosourea (BCNU) (Carmustine)","Bischloroethyl nitrosourea (BCNU) (Carmustine)"]
[null,null,null,null,null,null,null,null,null,null,null,null,null,null,null,null,null,null,null,null,null,null,null,null,"Libya",null,null,null,null,null,null,null,null,null,null,null,null,null,null,null,null,null,null,null,null,null,null,null,null,null,null,null,null,null,"South Africa","Libya",null,null,null,null,null,null,null,null,null,null,null,null,null,null,null,null,null,null,null,null,"Bisphenol A (BPA)","Bisphenol A (BPA)","Bisphenol A (BPA)","Bisphenol A (BPA)","Bisphenol A (BPA)"]
[null,null,null,null,null,null,null,null,null,null,null,null,null,null,null,null,null,null,null,null,null,null,null,null,"Morocco",null,null,null,null,null,null,null,null,null,null,null,null,null,null,null,null,null,null,null,null,null,null,null,null,null,null,null,null,null,"South Georgia & South Sandwich Islands","Morocco",null,null,null,null,null,null,null,null,null,null,null,null,null,null,null,null,null,null,null,null,"Bitumens, extracts of steam-refined and air refined","Bitumens, extracts of steam-refined and air refined","Bitumens, extracts of steam-refined and air refined","Bitumens, extracts of steam-refined and air refined","Bitumens, extracts of steam-refined and air refined"]
[null,null,null,null,null,null,null,null,null,null,null,null,null,null,null,null,null,null,null,null,null,null,null,null,"Monaco",null,null,null,null,null,null,null,null,null,null,null,null,null,null,null,null,null,null,null,null,null,null,null,null,null,null,null,null,null,"South Korea","Monaco",null,null,null,null,null,null,null,null,null,null,null,null,null,null,null,null,null,null,null,null,"Bracken fern","Bracken fern","Bracken fern","Bracken fern","Bracken fern"]
[null,null,null,null,null,null,null,null,null,null,null,null,null,null,null,null,null,null,null,null,null,null,null,null,"Moldova",null,null,null,null,null,null,null,null,null,null,null,null,null,null,null,null,null,null,null,null,null,null,null,null,null,null,null,null,null,"Spain","Moldova",null,null,null,null,null,null,null,null,null,null,null,null,null,null,null,null,null,null,null,null,"Bromacil lithium salt","Bromacil lithium salt","Bromacil lithium salt","Bromacil lithium salt","Bromacil lithium salt"]
[null,null,null,null,null,null,null,null,null,null,null,null,null,null,null,null,null,null,null,null,null,null,null,null,"Madagascar",null,null,null,null,null,null,null,null,null,null,null,null,null,null,null,null,null,null,null,null,null,null,null,null,null,null,null,null,null,"Sri Lanka","Madagascar",null,null,null,null,null,null,null,null,null,null,null,null,null,null,null,null,null,null,null,null,"Bromate","Bromate","Bromate","Bromate","Bromate"]
[null,null,null,null,null,null,null,null,null,null,null,null,null,null,null,null,null,null,null,null,null,null,null,null,"Marshall Islands",null,null,null,null,null,null,null,null,null,null,null,null,null,null,null,null,null,null,null,null,null,null,null,null,null,null,null,null,null,"Sudan","Marshall Islands",null,null,null,null,null,null,null,null,null,null,null,null,null,null,null,null,null,null,null,null,"Bromochloroacetic acid","Bromochloroacetic acid","Bromochloroacetic acid","Bromochloroacetic acid","Bromochloroacetic acid"]
[null,null,null,null,null,null,null,null,null,null,null,null,null,null,null,null,null,null,null,null,null,null,null,null,"Macedonia",null,null,null,null,null,null,null,null,null,null,null,null,null,null,null,null,null,null,null,null,null,null,null,null,null,null,null,null,null,"Suriname","Macedonia",null,null,null,null,null,null,null,null,null,null,null,null,null,null,null,null,null,null,null,null,"Bromodichloroacetic acid","Bromodichloroacetic acid","Bromodichloroacetic acid","Bromodichloroacetic acid","Bromodichloroacetic acid"]
[null,null,null,null,null,null,null,null,null,null,null,null,null,null,null,null,null,null,null,null,null,null,null,null,"Mali",null,null,null,null,null,null,null,null,null,null,null,null,null,null,null,null,null,null,null,null,null,null,null,null,null,null,null,null,null,"Svalbard","Mali",null,null,null,null,null,null,null,null,null,null,null,null,null,null,null,null,null,null,null,null,"Bromodichloromethane","Bromodichloromethane","Bromodichloromethane","Bromodichloromethane","Bromodichloromethane"]
[null,null,null,null,null,null,null,null,null,null,null,null,null,null,null,null,null,null,null,null,null,null,null,null,"Burma (Myanmar)",null,null,null,null,null,null,null,null,null,null,null,null,null,null,null,null,null,null,null,null,null,null,null,null,null,null,null,null,null,"Swaziland","Burma (Myanmar)",null,null,null,null,null,null,null,null,null,null,null,null,null,null,null,null,null,null,null,null,"Bromoethane","Bromoethane","Bromoethane","Bromoethane","Bromoethane"]
[null,null,null,null,null,null,null,null,null,null,null,null,null,null,null,null,null,null,null,null,null,null,null,null,"Mongolia",null,null,null,null,null,null,null,null,null,null,null,null,null,null,null,null,null,null,null,null,null,null,null,null,null,null,null,null,null,"Sweden","Mongolia",null,null,null,null,null,null,null,null,null,null,null,null,null,null,null,null,null,null,null,null,"Bromoform","Bromoform","Bromoform","Bromoform","Bromoform"]
[null,null,null,null,null,null,null,null,null,null,null,null,null,null,null,null,null,null,null,null,null,null,null,null,"Macau",null,null,null,null,null,null,null,null,null,null,null,null,null,null,null,null,null,null,null,null,null,null,null,null,null,null,null,null,null,"Switzerland","Macau",null,null,null,null,null,null,null,null,null,null,null,null,null,null,null,null,null,null,null,null,"Bromoxynil","Bromoxynil","Bromoxynil","Bromoxynil","Bromoxynil"]
[null,null,null,null,null,null,null,null,null,null,null,null,null,null,null,null,null,null,null,null,null,null,null,null,"Northern Mariana Islands",null,null,null,null,null,null,null,null,null,null,null,null,null,null,null,null,null,null,null,null,null,null,null,null,null,null,null,null,null,"Syria","Northern Mariana Islands",null,null,null,null,null,null,null,null,null,null,null,null,null,null,null,null,null,null,null,null,"Bromoxynil octanoate","Bromoxynil octanoate","Bromoxynil octanoate","Bromoxynil octanoate","Bromoxynil octanoate"]
[null,null,null,null,null,null,null,null,null,null,null,null,null,null,null,null,null,null,null,null,null,null,null,null,"Martinique",null,null,null,null,null,null,null,null,null,null,null,null,null,null,null,null,null,null,null,null,null,null,null,null,null,null,null,null,null,"Taiwan","Martinique",null,null,null,null,null,null,null,null,null,null,null,null,null,null,null,null,null,null,null,null,"Butabarbital sodium","Butabarbital sodium","Butabarbital sodium","Butabarbital sodium","Butabarbital sodium"]
[null,null,null,null,null,null,null,null,null,null,null,null,null,null,null,null,null,null,null,null,null,null,null,null,"Mauritania",null,null,null,null,null,null,null,null,null,null,null,null,null,null,null,null,null,null,null,null,null,null,null,null,null,null,null,null,null,"Tajikistan","Mauritania",null,null,null,null,null,null,null,null,null,null,null,null,null,null,null,null,null,null,null,null,"Butylated hydroxyanisole","Butylated hydroxyanisole","Butylated hydroxyanisole","Butylated hydroxyanisole","Butylated hydroxyanisole"]
[null,null,null,null,null,null,null,null,null,null,null,null,null,null,null,null,null,null,null,null,null,null,null,null,"Montserrat",null,null,null,null,null,null,null,null,null,null,null,null,null,null,null,null,null,null,null,null,null,null,null,null,null,null,null,null,null,"Tanzania","Montserrat",null,null,null,null,null,null,null,null,null,null,null,null,null,null,null,null,null,null,null,null,"C.I. Acid Red 114","C.I. Acid Red 114","C.I. Acid Red 114","C.I. Acid Red 114","C.I. Acid Red 114"]
[null,null,null,null,null,null,null,null,null,null,null,null,null,null,null,null,null,null,null,null,null,null,null,null,"Malta",null,null,null,null,null,null,null,null,null,null,null,null,null,null,null,null,null,null,null,null,null,null,null,null,null,null,null,null,null,"Thailand","Malta",null,null,null,null,null,null,null,null,null,null,null,null,null,null,null,null,null,null,null,null,"C.I. Basic Red 9 monohydrochloride","C.I. Basic Red 9 monohydrochloride","C.I. Basic Red 9 monohydrochloride","C.I. Basic Red 9 monohydrochloride","C.I. Basic Red 9 monohydrochloride"]
[null,null,null,null,null,null,null,null,null,null,null,null,null,null,null,null,null,null,null,null,null,null,null,null,"Mauritius",null,null,null,null,null,null,null,null,null,null,null,null,null,null,null,null,null,null,null,null,null,null,null,null,null,null,null,null,null,"Timor Leste","Mauritius",null,null,null,null,null,null,null,null,null,null,null,null,null,null,null,null,null,null,null,null,"C.I. Direct Blue 15","C.I. Direct Blue 15","C.I. Direct Blue 15","C.I. Direct Blue 15","C.I. Direct Blue 15"]
[null,null,null,null,null,null,null,null,null,null,null,null,null,null,null,null,null,null,null,null,null,null,null,null,"Maldives",null,null,null,null,null,null,null,null,null,null,null,null,null,null,null,null,null,null,null,null,null,null,null,null,null,null,null,null,null,"Togo","Maldives",null,null,null,null,null,null,null,null,null,null,null,null,null,null,null,null,null,null,null,null,"C.I. Direct Blue 218","C.I. Direct Blue 218","C.I. Direct Blue 218","C.I. Direct Blue 218","C.I. Direct Blue 218"]
[null,null,null,null,null,null,null,null,null,null,null,null,null,null,null,null,null,null,null,null,null,null,null,null,"Malawi",null,null,null,null,null,null,null,null,null,null,null,null,null,null,null,null,null,null,null,null,null,null,null,null,null,null,null,null,null,"Tokelau","Malawi",null,null,null,null,null,null,null,null,null,null,null,null,null,null,null,null,null,null,null,null,"C.I. Disperse Yellow 3","C.I. Disperse Yellow 3","C.I. Disperse Yellow 3","C.I. Disperse Yellow 3","C.I. Disperse Yellow 3"]
[null,null,null,null,null,null,null,null,null,null,null,null,null,null,null,null,null,null,null,null,null,null,null,null,"Mexico",null,null,null,null,null,null,null,null,null,null,null,null,null,null,null,null,null,null,null,null,null,null,null,null,null,null,null,null,null,"Tonga","Mexico",null,null,null,null,null,null,null,null,null,null,null,null,null,null,null,null,null,null,null,null,"C.I. Solvent Yellow 14","C.I. Solvent Yellow 14","C.I. Solvent Yellow 14","C.I. Solvent Yellow 14","C.I. Solvent Yellow 14"]
[null,null,null,null,null,null,null,null,null,null,null,null,null,null,null,null,null,null,null,null,null,null,null,null,"Malaysia",null,null,null,null,null,null,null,null,null,null,null,null,null,null,null,null,null,null,null,null,null,null,null,null,null,null,null,null,null,"Trinidad & Tobago","Malaysia",null,null,null,null,null,null,null,null,null,null,null,null,null,null,null,null,null,null,null,null,"Cacodylic acid","Cacodylic acid","Cacodylic acid","Cacodylic acid","Cacodylic acid"]
[null,null,null,null,null,null,null,null,null,null,null,null,null,null,null,null,null,null,null,null,null,null,null,null,"Mozambique",null,null,null,null,null,null,null,null,null,null,null,null,null,null,null,null,null,null,null,null,null,null,null,null,null,null,null,null,null,"Tunisia","Mozambique",null,null,null,null,null,null,null,null,null,null,null,null,null,null,null,null,null,null,null,null,"Cadmium","Cadmium","Cadmium","Cadmium","Cadmium"]
[null,null,null,null,null,null,null,null,null,null,null,null,null,null,null,null,null,null,null,null,null,null,null,null,"Namibia",null,null,null,null,null,null,null,null,null,null,null,null,null,null,null,null,null,null,null,null,null,null,null,null,null,null,null,null,null,"Turkey","Namibia",null,null,null,null,null,null,null,null,null,null,null,null,null,null,null,null,null,null,null,null,"Cadmium and cadmium compounds","Cadmium and cadmium compounds","Cadmium and cadmium compounds","Cadmium and cadmium compounds","Cadmium and cadmium compounds"]
[null,null,null,null,null,null,null,null,null,null,null,null,null,null,null,null,null,null,null,null,null,null,null,null,"New Caledonia",null,null,null,null,null,null,null,null,null,null,null,null,null,null,null,null,null,null,null,null,null,null,null,null,null,null,null,null,null,"Turkmenistan","New Caledonia",null,null,null,null,null,null,null,null,null,null,null,null,null,null,null,null,null,null,null,null,"Caffeic acid","Caffeic acid","Caffeic acid","Caffeic acid","Caffeic acid"]
[null,null,null,null,null,null,null,null,null,null,null,null,null,null,null,null,null,null,null,null,null,null,null,null,"Niger",null,null,null,null,null,null,null,null,null,null,null,null,null,null,null,null,null,null,null,null,null,null,null,null,null,null,null,null,null,"Turks & Caicos Islands","Niger",null,null,null,null,null,null,null,null,null,null,null,null,null,null,null,null,null,null,null,null,"Captafol","Captafol","Captafol","Captafol","Captafol"]
[null,null,null,null,null,null,null,null,null,null,null,null,null,null,null,null,null,null,null,null,null,null,null,null,"Norfolk Island",null,null,null,null,null,null,null,null,null,null,null,null,null,null,null,null,null,null,null,null,null,null,null,null,null,null,null,null,null,"Tuvalu","Norfolk Island",null,null,null,null,null,null,null,null,null,null,null,null,null,null,null,null,null,null,null,null,"Captan","Captan","Captan","Captan","Captan"]
[null,null,null,null,null,null,null,null,null,null,null,null,null,null,null,null,null,null,null,null,null,null,null,null,"Nigeria",null,null,null,null,null,null,null,null,null,null,null,null,null,null,null,null,null,null,null,null,null,null,null,null,null,null,null,null,null,"US Minor Outlying Islands","Nigeria",null,null,null,null,null,null,null,null,null,null,null,null,null,null,null,null,null,null,null,null,"Carbamazepine","Carbamazepine","Carbamazepine","Carbamazepine","Carbamazepine"]
[null,null,null,null,null,null,null,null,null,null,null,null,null,null,null,null,null,null,null,null,null,null,null,null,"Nicaragua",null,null,null,null,null,null,null,null,null,null,null,null,null,null,null,null,null,null,null,null,null,null,null,null,null,null,null,null,null,"US Virgin Islands","Nicaragua",null,null,null,null,null,null,null,null,null,null,null,null,null,null,null,null,null,null,null,null,"Carbaryl","Carbaryl","Carbaryl","Carbaryl","Carbaryl"]
[null,null,null,null,null,null,null,null,null,null,null,null,null,null,null,null,null,null,null,null,null,null,null,null,"Netherlands",null,null,null,null,null,null,null,null,null,null,null,null,null,null,null,null,null,null,null,null,null,null,null,null,null,null,null,null,null,"Uganda","Netherlands",null,null,null,null,null,null,null,null,null,null,null,null,null,null,null,null,null,null,null,null,"Carbazole","Carbazole","Carbazole","Carbazole","Carbazole"]
[null,null,null,null,null,null,null,null,null,null,null,null,null,null,null,null,null,null,null,null,null,null,null,null,"Norway",null,null,null,null,null,null,null,null,null,null,null,null,null,null,null,null,null,null,null,null,null,null,null,null,null,null,null,null,null,"Ukraine","Norway",null,null,null,null,null,null,null,null,null,null,null,null,null,null,null,null,null,null,null,null,"Carbon black (airborne, unbound particles of respirable size)","Carbon black (airborne, unbound particles of respirable size)","Carbon black (airborne, unbound particles of respirable size)","Carbon black (airborne, unbound particles of respirable size)","Carbon black (airborne, unbound particles of respirable size)"]
[null,null,null,null,null,null,null,null,null,null,null,null,null,null,null,null,null,null,null,null,null,null,null,null,"Nepal",null,null,null,null,null,null,null,null,null,null,null,null,null,null,null,null,null,null,null,null,null,null,null,null,null,null,null,null,null,"United Arab Emirates","Nepal",null,null,null,null,null,null,null,null,null,null,null,null,null,null,null,null,null,null,null,null,"Carbon disulfide","Carbon disulfide","Carbon disulfide","Carbon disulfide","Carbon disulfide"]
[null,null,null,null,null,null,null,null,null,null,null,null,null,null,null,null,null,null,null,null,null,null,null,null,"Nauru",null,null,null,null,null,null,null,null,null,null,null,null,null,null,null,null,null,null,null,null,null,null,null,null,null,null,null,null,null,"United Kingdom","Nauru",null,null,null,null,null,null,null,null,null,null,null,null,null,null,null,null,null,null,null,null,"Carbon monoxide","Carbon monoxide","Carbon monoxide","Carbon monoxide","Carbon monoxide"]
[null,null,null,null,null,null,null,null,null,null,null,null,null,null,null,null,null,null,null,null,null,null,null,null,"Niue",null,null,null,null,null,null,null,null,null,null,null,null,null,null,null,null,null,null,null,null,null,null,null,null,null,null,null,null,null,"United States","Niue",null,null,null,null,null,null,null,null,null,null,null,null,null,null,null,null,null,null,null,null,"Carbon tetrachloride","Carbon tetrachloride","Carbon tetrachloride","Carbon tetrachloride","Carbon tetrachloride"]
[null,null,null,null,null,null,null,null,null,null,null,null,null,null,null,null,null,null,null,null,null,null,null,null,"New Zealand",null,null,null,null,null,null,null,null,null,null,null,null,null,null,null,null,null,null,null,null,null,null,null,null,null,null,null,null,null,"Uruguay","New Zealand",null,null,null,null,null,null,null,null,null,null,null,null,null,null,null,null,null,null,null,null,"Carbon-black extracts","Carbon-black extracts","Carbon-black extracts","Carbon-black extracts","Carbon-black extracts"]
[null,null,null,null,null,null,null,null,null,null,null,null,null,null,null,null,null,null,null,null,null,null,null,null,"Oman",null,null,null,null,null,null,null,null,null,null,null,null,null,null,null,null,null,null,null,null,null,null,null,null,null,null,null,null,null,"Uzbekistan","Oman",null,null,null,null,null,null,null,null,null,null,null,null,null,null,null,null,null,null,null,null,"Carboplatin","Carboplatin","Carboplatin","Carboplatin","Carboplatin"]
[null,null,null,null,null,null,null,null,null,null,null,null,null,null,null,null,null,null,null,null,null,null,null,null,"Panama",null,null,null,null,null,null,null,null,null,null,null,null,null,null,null,null,null,null,null,null,null,null,null,null,null,null,null,null,null,"Vanuatu","Panama",null,null,null,null,null,null,null,null,null,null,null,null,null,null,null,null,null,null,null,null,"Catechol","Catechol","Catechol","Catechol","Catechol"]
[null,null,null,null,null,null,null,null,null,null,null,null,null,null,null,null,null,null,null,null,null,null,null,null,"Peru",null,null,null,null,null,null,null,null,null,null,null,null,null,null,null,null,null,null,null,null,null,null,null,null,null,null,null,null,null,"Venezuela","Peru",null,null,null,null,null,null,null,null,null,null,null,null,null,null,null,null,null,null,null,null,"Ceramic fibers (airborne particles of respirable size)","Ceramic fibers (airborne particles of respirable size)","Ceramic fibers (airborne particles of respirable size)","Ceramic fibers (airborne particles of respirable size)","Ceramic fibers (airborne particles of respirable size)"]
[null,null,null,null,null,null,null,null,null,null,null,null,null,null,null,null,null,null,null,null,null,null,null,null,"French Polynesia",null,null,null,null,null,null,null,null,null,null,null,null,null,null,null,null,null,null,null,null,null,null,null,null,null,null,null,null,null,"Vietnam","French Polynesia",null,null,null,null,null,null,null,null,null,null,null,null,null,null,null,null,null,null,null,null,"Certain combined chemotherapy for lymphomas","Certain combined chemotherapy for lymphomas","Certain combined chemotherapy for lymphomas","Certain combined chemotherapy for lymphomas","Certain combined chemotherapy for lymphomas"]
[null,null,null,null,null,null,null,null,null,null,null,null,null,null,null,null,null,null,null,null,null,null,null,null,"Papua New Guinea",null,null,null,null,null,null,null,null,null,null,null,null,null,null,null,null,null,null,null,null,null,null,null,null,null,null,null,null,null,"Wallis & Futuna","Papua New Guinea",null,null,null,null,null,null,null,null,null,null,null,null,null,null,null,null,null,null,null,null,"Chenodiol","Chenodiol","Chenodiol","Chenodiol","Chenodiol"]
[null,null,null,null,null,null,null,null,null,null,null,null,null,null,null,null,null,null,null,null,null,null,null,null,"Philippines",null,null,null,null,null,null,null,null,null,null,null,null,null,null,null,null,null,null,null,null,null,null,null,null,null,null,null,null,null,"Western Sahara","Philippines",null,null,null,null,null,null,null,null,null,null,null,null,null,null,null,null,null,null,null,null,"Chloral","Chloral","Chloral","Chloral","Chloral"]
[null,null,null,null,null,null,null,null,null,null,null,null,null,null,null,null,null,null,null,null,null,null,null,null,"Pakistan",null,null,null,null,null,null,null,null,null,null,null,null,null,null,null,null,null,null,null,null,null,null,null,null,null,null,null,null,null,"Yemen","Pakistan",null,null,null,null,null,null,null,null,null,null,null,null,null,null,null,null,null,null,null,null,"Chloral hydrate","Chloral hydrate","Chloral hydrate","Chloral hydrate","Chloral hydrate"]
[null,null,null,null,null,null,null,null,null,null,null,null,null,null,null,null,null,null,null,null,null,null,null,null,"Poland",null,null,null,null,null,null,null,null,null,null,null,null,null,null,null,null,null,null,null,null,null,null,null,null,null,null,null,null,null,"Zambia","Poland",null,null,null,null,null,null,null,null,null,null,null,null,null,null,null,null,null,null,null,null,"Chlorambucil","Chlorambucil","Chlorambucil","Chlorambucil","Chlorambucil"]
[null,null,null,null,null,null,null,null,null,null,null,null,null,null,null,null,null,null,null,null,null,null,null,null,"Saint Pierre and Miquelon",null,null,null,null,null,null,null,null,null,null,null,null,null,null,null,null,null,null,null,null,null,null,null,null,null,null,null,null,null,"Zimbabwe","Saint Pierre and Miquelon",null,null,null,null,null,null,null,null,null,null,null,null,null,null,null,null,null,null,null,null,"Chloramphenicol sodium succinate","Chloramphenicol sodium succinate","Chloramphenicol sodium succinate","Chloramphenicol sodium succinate","Chloramphenicol sodium succinate"]
[null,null,null,null,null,null,null,null,null,null,null,null,null,null,null,null,null,null,null,null,null,null,null,null,"Pitcairn Islands",null,null,null,null,null,null,null,null,null,null,null,null,null,null,null,null,null,null,null,null,null,null,null,null,null,null,null,null,null,null,"Pitcairn Islands",null,null,null,null,null,null,null,null,null,null,null,null,null,null,null,null,null,null,null,null,"Chlorcyclizine hydrochloride","Chlorcyclizine hydrochloride","Chlorcyclizine hydrochloride","Chlorcyclizine hydrochloride","Chlorcyclizine hydrochloride"]
[null,null,null,null,null,null,null,null,null,null,null,null,null,null,null,null,null,null,null,null,null,null,null,null,null,null,null,null,null,null,null,null,null,null,null,null,null,null,null,null,null,null,null,null,null,null,null,null,null,null,null,null,null,null,null,null,null,null,null,null,null,null,null,null,null,null,null,null,null,null,null,null,null,null,null,null,"Chlordane","Chlordane","Chlordane","Chlordane","Chlordane"]
[null,null,null,null,null,null,null,null,null,null,null,null,null,null,null,null,null,null,null,null,null,null,null,null,null,null,null,null,null,null,null,null,null,null,null,null,null,null,null,null,null,null,null,null,null,null,null,null,null,null,null,null,null,null,null,null,null,null,null,null,null,null,null,null,null,null,null,null,null,null,null,null,null,null,null,null,"Chlordecone (Kepone)","Chlordecone (Kepone)","Chlordecone (Kepone)","Chlordecone (Kepone)","Chlordecone (Kepone)"]
[null,null,null,null,null,null,null,null,null,null,null,null,null,null,null,null,null,null,null,null,null,null,null,null,null,null,null,null,null,null,null,null,null,null,null,null,null,null,null,null,null,null,null,null,null,null,null,null,null,null,null,null,null,null,null,null,null,null,null,null,null,null,null,null,null,null,null,null,null,null,null,null,null,null,null,null,"Chlordiazepoxide","Chlordiazepoxide","Chlordiazepoxide","Chlordiazepoxide","Chlordiazepoxide"]
[null,null,null,null,null,null,null,null,null,null,null,null,null,null,null,null,null,null,null,null,null,null,null,null,null,null,null,null,null,null,null,null,null,null,null,null,null,null,null,null,null,null,null,null,null,null,null,null,null,null,null,null,null,null,null,null,null,null,null,null,null,null,null,null,null,null,null,null,null,null,null,null,null,null,null,null,"Chlordiazepoxide hydrochloride","Chlordiazepoxide hydrochloride","Chlordiazepoxide hydrochloride","Chlordiazepoxide hydrochloride","Chlordiazepoxide hydrochloride"]
[null,null,null,null,null,null,null,null,null,null,null,null,null,null,null,null,null,null,null,null,null,null,null,null,null,null,null,null,null,null,null,null,null,null,null,null,null,null,null,null,null,null,null,null,null,null,null,null,null,null,null,null,null,null,null,null,null,null,null,null,null,null,null,null,null,null,null,null,null,null,null,null,null,null,null,null,"Chlordimeform","Chlordimeform","Chlordimeform","Chlordimeform","Chlordimeform"]
[null,null,null,null,null,null,null,null,null,null,null,null,null,null,null,null,null,null,null,null,null,null,null,null,null,null,null,null,null,null,null,null,null,null,null,null,null,null,null,null,null,null,null,null,null,null,null,null,null,null,null,null,null,null,null,null,null,null,null,null,null,null,null,null,null,null,null,null,null,null,null,null,null,null,null,null,"Chlorendic acid","Chlorendic acid","Chlorendic acid","Chlorendic acid","Chlorendic acid"]
[null,null,null,null,null,null,null,null,null,null,null,null,null,null,null,null,null,null,null,null,null,null,null,null,null,null,null,null,null,null,null,null,null,null,null,null,null,null,null,null,null,null,null,null,null,null,null,null,null,null,null,null,null,null,null,null,null,null,null,null,null,null,null,null,null,null,null,null,null,null,null,null,null,null,null,null,"Chlorinated paraffins (Average chain length, C12;approximately 60 percent chlorin","Chlorinated paraffins (Average chain length, C12;approximately 60 percent chlorin","Chlorinated paraffins (Average chain length, C12;approximately 60 percent chlorin","Chlorinated paraffins (Average chain length, C12;approximately 60 percent chlorin","Chlorinated paraffins (Average chain length, C12;approximately 60 percent chlorin"]
[null,null,null,null,null,null,null,null,null,null,null,null,null,null,null,null,null,null,null,null,null,null,null,null,null,null,null,null,null,null,null,null,null,null,null,null,null,null,null,null,null,null,null,null,null,null,null,null,null,null,null,null,null,null,null,null,null,null,null,null,null,null,null,null,null,null,null,null,null,null,null,null,null,null,null,null,"Chloroethane (Ethyl chloride)","Chloroethane (Ethyl chloride)","Chloroethane (Ethyl chloride)","Chloroethane (Ethyl chloride)","Chloroethane (Ethyl chloride)"]
[null,null,null,null,null,null,null,null,null,null,null,null,null,null,null,null,null,null,null,null,null,null,null,null,null,null,null,null,null,null,null,null,null,null,null,null,null,null,null,null,null,null,null,null,null,null,null,null,null,null,null,null,null,null,null,null,null,null,null,null,null,null,null,null,null,null,null,null,null,null,null,null,null,null,null,null,"Chloroform","Chloroform","Chloroform","Chloroform","Chloroform"]
[null,null,null,null,null,null,null,null,null,null,null,null,null,null,null,null,null,null,null,null,null,null,null,null,null,null,null,null,null,null,null,null,null,null,null,null,null,null,null,null,null,null,null,null,null,null,null,null,null,null,null,null,null,null,null,null,null,null,null,null,null,null,null,null,null,null,null,null,null,null,null,null,null,null,null,null,"Chloromethyl methyl ether (technical grade)","Chloromethyl methyl ether (technical grade)","Chloromethyl methyl ether (technical grade)","Chloromethyl methyl ether (technical grade)","Chloromethyl methyl ether (technical grade)"]
[null,null,null,null,null,null,null,null,null,null,null,null,null,null,null,null,null,null,null,null,null,null,null,null,null,null,null,null,null,null,null,null,null,null,null,null,null,null,null,null,null,null,null,null,null,null,null,null,null,null,null,null,null,null,null,null,null,null,null,null,null,null,null,null,null,null,null,null,null,null,null,null,null,null,null,null,"Chloroprene","Chloroprene","Chloroprene","Chloroprene","Chloroprene"]
[null,null,null,null,null,null,null,null,null,null,null,null,null,null,null,null,null,null,null,null,null,null,null,null,null,null,null,null,null,null,null,null,null,null,null,null,null,null,null,null,null,null,null,null,null,null,null,null,null,null,null,null,null,null,null,null,null,null,null,null,null,null,null,null,null,null,null,null,null,null,null,null,null,null,null,null,"Chlorothalonil","Chlorothalonil","Chlorothalonil","Chlorothalonil","Chlorothalonil"]
[null,null,null,null,null,null,null,null,null,null,null,null,null,null,null,null,null,null,null,null,null,null,null,null,null,null,null,null,null,null,null,null,null,null,null,null,null,null,null,null,null,null,null,null,null,null,null,null,null,null,null,null,null,null,null,null,null,null,null,null,null,null,null,null,null,null,null,null,null,null,null,null,null,null,null,null,"Chlorotrianisene","Chlorotrianisene","Chlorotrianisene","Chlorotrianisene","Chlorotrianisene"]
[null,null,null,null,null,null,null,null,null,null,null,null,null,null,null,null,null,null,null,null,null,null,null,null,null,null,null,null,null,null,null,null,null,null,null,null,null,null,null,null,null,null,null,null,null,null,null,null,null,null,null,null,null,null,null,null,null,null,null,null,null,null,null,null,null,null,null,null,null,null,null,null,null,null,null,null,"Chlorozotocin","Chlorozotocin","Chlorozotocin","Chlorozotocin","Chlorozotocin"]
[null,null,null,null,null,null,null,null,null,null,null,null,null,null,null,null,null,null,null,null,null,null,null,null,null,null,null,null,null,null,null,null,null,null,null,null,null,null,null,null,null,null,null,null,null,null,null,null,null,null,null,null,null,null,null,null,null,null,null,null,null,null,null,null,null,null,null,null,null,null,null,null,null,null,null,null,"Chlorpyrifos","Chlorpyrifos","Chlorpyrifos","Chlorpyrifos","Chlorpyrifos"]
[null,null,null,null,null,null,null,null,null,null,null,null,null,null,null,null,null,null,null,null,null,null,null,null,null,null,null,null,null,null,null,null,null,null,null,null,null,null,null,null,null,null,null,null,null,null,null,null,null,null,null,null,null,null,null,null,null,null,null,null,null,null,null,null,null,null,null,null,null,null,null,null,null,null,null,null,"Chromium (hexavalent compounds)","Chromium (hexavalent compounds)","Chromium (hexavalent compounds)","Chromium (hexavalent compounds)","Chromium (hexavalent compounds)"]
[null,null,null,null,null,null,null,null,null,null,null,null,null,null,null,null,null,null,null,null,null,null,null,null,null,null,null,null,null,null,null,null,null,null,null,null,null,null,null,null,null,null,null,null,null,null,null,null,null,null,null,null,null,null,null,null,null,null,null,null,null,null,null,null,null,null,null,null,null,null,null,null,null,null,null,null,"Chrysene","Chrysene","Chrysene","Chrysene","Chrysene"]
[null,null,null,null,null,null,null,null,null,null,null,null,null,null,null,null,null,null,null,null,null,null,null,null,null,null,null,null,null,null,null,null,null,null,null,null,null,null,null,null,null,null,null,null,null,null,null,null,null,null,null,null,null,null,null,null,null,null,null,null,null,null,null,null,null,null,null,null,null,null,null,null,null,null,null,null,"Ciclosporin (Cyclosporin A; Cyclosporine)","Ciclosporin (Cyclosporin A; Cyclosporine)","Ciclosporin (Cyclosporin A; Cyclosporine)","Ciclosporin (Cyclosporin A; Cyclosporine)","Ciclosporin (Cyclosporin A; Cyclosporine)"]
[null,null,null,null,null,null,null,null,null,null,null,null,null,null,null,null,null,null,null,null,null,null,null,null,null,null,null,null,null,null,null,null,null,null,null,null,null,null,null,null,null,null,null,null,null,null,null,null,null,null,null,null,null,null,null,null,null,null,null,null,null,null,null,null,null,null,null,null,null,null,null,null,null,null,null,null,"Cidofovir","Cidofovir","Cidofovir","Cidofovir","Cidofovir"]
[null,null,null,null,null,null,null,null,null,null,null,null,null,null,null,null,null,null,null,null,null,null,null,null,null,null,null,null,null,null,null,null,null,null,null,null,null,null,null,null,null,null,null,null,null,null,null,null,null,null,null,null,null,null,null,null,null,null,null,null,null,null,null,null,null,null,null,null,null,null,null,null,null,null,null,null,"Cinnamyl anthranilate","Cinnamyl anthranilate","Cinnamyl anthranilate","Cinnamyl anthranilate","Cinnamyl anthranilate"]
[null,null,null,null,null,null,null,null,null,null,null,null,null,null,null,null,null,null,null,null,null,null,null,null,null,null,null,null,null,null,null,null,null,null,null,null,null,null,null,null,null,null,null,null,null,null,null,null,null,null,null,null,null,null,null,null,null,null,null,null,null,null,null,null,null,null,null,null,null,null,null,null,null,null,null,null,"Cisplatin","Cisplatin","Cisplatin","Cisplatin","Cisplatin"]
[null,null,null,null,null,null,null,null,null,null,null,null,null,null,null,null,null,null,null,null,null,null,null,null,null,null,null,null,null,null,null,null,null,null,null,null,null,null,null,null,null,null,null,null,null,null,null,null,null,null,null,null,null,null,null,null,null,null,null,null,null,null,null,null,null,null,null,null,null,null,null,null,null,null,null,null,"Citrus Red No. 2","Citrus Red No. 2","Citrus Red No. 2","Citrus Red No. 2","Citrus Red No. 2"]
[null,null,null,null,null,null,null,null,null,null,null,null,null,null,null,null,null,null,null,null,null,null,null,null,null,null,null,null,null,null,null,null,null,null,null,null,null,null,null,null,null,null,null,null,null,null,null,null,null,null,null,null,null,null,null,null,null,null,null,null,null,null,null,null,null,null,null,null,null,null,null,null,null,null,null,null,"Cladribine","Cladribine","Cladribine","Cladribine","Cladribine"]
[null,null,null,null,null,null,null,null,null,null,null,null,null,null,null,null,null,null,null,null,null,null,null,null,null,null,null,null,null,null,null,null,null,null,null,null,null,null,null,null,null,null,null,null,null,null,null,null,null,null,null,null,null,null,null,null,null,null,null,null,null,null,null,null,null,null,null,null,null,null,null,null,null,null,null,null,"Clarithromycin","Clarithromycin","Clarithromycin","Clarithromycin","Clarithromycin"]
[null,null,null,null,null,null,null,null,null,null,null,null,null,null,null,null,null,null,null,null,null,null,null,null,null,null,null,null,null,null,null,null,null,null,null,null,null,null,null,null,null,null,null,null,null,null,null,null,null,null,null,null,null,null,null,null,null,null,null,null,null,null,null,null,null,null,null,null,null,null,null,null,null,null,null,null,"Clobetasol propionate","Clobetasol propionate","Clobetasol propionate","Clobetasol propionate","Clobetasol propionate"]
[null,null,null,null,null,null,null,null,null,null,null,null,null,null,null,null,null,null,null,null,null,null,null,null,null,null,null,null,null,null,null,null,null,null,null,null,null,null,null,null,null,null,null,null,null,null,null,null,null,null,null,null,null,null,null,null,null,null,null,null,null,null,null,null,null,null,null,null,null,null,null,null,null,null,null,null,"Clofibrate","Clofibrate","Clofibrate","Clofibrate","Clofibrate"]
[null,null,null,null,null,null,null,null,null,null,null,null,null,null,null,null,null,null,null,null,null,null,null,null,null,null,null,null,null,null,null,null,null,null,null,null,null,null,null,null,null,null,null,null,null,null,null,null,null,null,null,null,null,null,null,null,null,null,null,null,null,null,null,null,null,null,null,null,null,null,null,null,null,null,null,null,"Clomiphene citrate","Clomiphene citrate","Clomiphene citrate","Clomiphene citrate","Clomiphene citrate"]
[null,null,null,null,null,null,null,null,null,null,null,null,null,null,null,null,null,null,null,null,null,null,null,null,null,null,null,null,null,null,null,null,null,null,null,null,null,null,null,null,null,null,null,null,null,null,null,null,null,null,null,null,null,null,null,null,null,null,null,null,null,null,null,null,null,null,null,null,null,null,null,null,null,null,null,null,"Clorazepate dipotassium","Clorazepate dipotassium","Clorazepate dipotassium","Clorazepate dipotassium","Clorazepate dipotassium"]
[null,null,null,null,null,null,null,null,null,null,null,null,null,null,null,null,null,null,null,null,null,null,null,null,null,null,null,null,null,null,null,null,null,null,null,null,null,null,null,null,null,null,null,null,null,null,null,null,null,null,null,null,null,null,null,null,null,null,null,null,null,null,null,null,null,null,null,null,null,null,null,null,null,null,null,null,"CMNP (pyrazachlor)","CMNP (pyrazachlor)","CMNP (pyrazachlor)","CMNP (pyrazachlor)","CMNP (pyrazachlor)"]
[null,null,null,null,null,null,null,null,null,null,null,null,null,null,null,null,null,null,null,null,null,null,null,null,null,null,null,null,null,null,null,null,null,null,null,null,null,null,null,null,null,null,null,null,null,null,null,null,null,null,null,null,null,null,null,null,null,null,null,null,null,null,null,null,null,null,null,null,null,null,null,null,null,null,null,null,"Cobalt [II] oxide","Cobalt [II] oxide","Cobalt [II] oxide","Cobalt [II] oxide","Cobalt [II] oxide"]
[null,null,null,null,null,null,null,null,null,null,null,null,null,null,null,null,null,null,null,null,null,null,null,null,null,null,null,null,null,null,null,null,null,null,null,null,null,null,null,null,null,null,null,null,null,null,null,null,null,null,null,null,null,null,null,null,null,null,null,null,null,null,null,null,null,null,null,null,null,null,null,null,null,null,null,null,"Cobalt metal powder","Cobalt metal powder","Cobalt metal powder","Cobalt metal powder","Cobalt metal powder"]
[null,null,null,null,null,null,null,null,null,null,null,null,null,null,null,null,null,null,null,null,null,null,null,null,null,null,null,null,null,null,null,null,null,null,null,null,null,null,null,null,null,null,null,null,null,null,null,null,null,null,null,null,null,null,null,null,null,null,null,null,null,null,null,null,null,null,null,null,null,null,null,null,null,null,null,null,"Cobalt sulfate","Cobalt sulfate","Cobalt sulfate","Cobalt sulfate","Cobalt sulfate"]
[null,null,null,null,null,null,null,null,null,null,null,null,null,null,null,null,null,null,null,null,null,null,null,null,null,null,null,null,null,null,null,null,null,null,null,null,null,null,null,null,null,null,null,null,null,null,null,null,null,null,null,null,null,null,null,null,null,null,null,null,null,null,null,null,null,null,null,null,null,null,null,null,null,null,null,null,"Cobalt sulfate heptahydrate","Cobalt sulfate heptahydrate","Cobalt sulfate heptahydrate","Cobalt sulfate heptahydrate","Cobalt sulfate heptahydrate"]
[null,null,null,null,null,null,null,null,null,null,null,null,null,null,null,null,null,null,null,null,null,null,null,null,null,null,null,null,null,null,null,null,null,null,null,null,null,null,null,null,null,null,null,null,null,null,null,null,null,null,null,null,null,null,null,null,null,null,null,null,null,null,null,null,null,null,null,null,null,null,null,null,null,null,null,null,"Cocaine","Cocaine","Cocaine","Cocaine","Cocaine"]
[null,null,null,null,null,null,null,null,null,null,null,null,null,null,null,null,null,null,null,null,null,null,null,null,null,null,null,null,null,null,null,null,null,null,null,null,null,null,null,null,null,null,null,null,null,null,null,null,null,null,null,null,null,null,null,null,null,null,null,null,null,null,null,null,null,null,null,null,null,null,null,null,null,null,null,null,"Coconut oil diethanolamine condensate (cocamide diethanolamine)","Coconut oil diethanolamine condensate (cocamide diethanolamine)","Coconut oil diethanolamine condensate (cocamide diethanolamine)","Coconut oil diethanolamine condensate (cocamide diethanolamine)","Coconut oil diethanolamine condensate (cocamide diethanolamine)"]
[null,null,null,null,null,null,null,null,null,null,null,null,null,null,null,null,null,null,null,null,null,null,null,null,null,null,null,null,null,null,null,null,null,null,null,null,null,null,null,null,null,null,null,null,null,null,null,null,null,null,null,null,null,null,null,null,null,null,null,null,null,null,null,null,null,null,null,null,null,null,null,null,null,null,null,null,"Codeine phosphate","Codeine phosphate","Codeine phosphate","Codeine phosphate","Codeine phosphate"]
[null,null,null,null,null,null,null,null,null,null,null,null,null,null,null,null,null,null,null,null,null,null,null,null,null,null,null,null,null,null,null,null,null,null,null,null,null,null,null,null,null,null,null,null,null,null,null,null,null,null,null,null,null,null,null,null,null,null,null,null,null,null,null,null,null,null,null,null,null,null,null,null,null,null,null,null,"Coke oven emissions","Coke oven emissions","Coke oven emissions","Coke oven emissions","Coke oven emissions"]
[null,null,null,null,null,null,null,null,null,null,null,null,null,null,null,null,null,null,null,null,null,null,null,null,null,null,null,null,null,null,null,null,null,null,null,null,null,null,null,null,null,null,null,null,null,null,null,null,null,null,null,null,null,null,null,null,null,null,null,null,null,null,null,null,null,null,null,null,null,null,null,null,null,null,null,null,"Colchicine","Colchicine","Colchicine","Colchicine","Colchicine"]
[null,null,null,null,null,null,null,null,null,null,null,null,null,null,null,null,null,null,null,null,null,null,null,null,null,null,null,null,null,null,null,null,null,null,null,null,null,null,null,null,null,null,null,null,null,null,null,null,null,null,null,null,null,null,null,null,null,null,null,null,null,null,null,null,null,null,null,null,null,null,null,null,null,null,null,null,"Conjugated estrogens","Conjugated estrogens","Conjugated estrogens","Conjugated estrogens","Conjugated estrogens"]
[null,null,null,null,null,null,null,null,null,null,null,null,null,null,null,null,null,null,null,null,null,null,null,null,null,null,null,null,null,null,null,null,null,null,null,null,null,null,null,null,null,null,null,null,null,null,null,null,null,null,null,null,null,null,null,null,null,null,null,null,null,null,null,null,null,null,null,null,null,null,null,null,null,null,null,null,"Creosotes","Creosotes","Creosotes","Creosotes","Creosotes"]
[null,null,null,null,null,null,null,null,null,null,null,null,null,null,null,null,null,null,null,null,null,null,null,null,null,null,null,null,null,null,null,null,null,null,null,null,null,null,null,null,null,null,null,null,null,null,null,null,null,null,null,null,null,null,null,null,null,null,null,null,null,null,null,null,null,null,null,null,null,null,null,null,null,null,null,null,"Cumene","Cumene","Cumene","Cumene","Cumene"]
[null,null,null,null,null,null,null,null,null,null,null,null,null,null,null,null,null,null,null,null,null,null,null,null,null,null,null,null,null,null,null,null,null,null,null,null,null,null,null,null,null,null,null,null,null,null,null,null,null,null,null,null,null,null,null,null,null,null,null,null,null,null,null,null,null,null,null,null,null,null,null,null,null,null,null,null,"Cupferron","Cupferron","Cupferron","Cupferron","Cupferron"]
[null,null,null,null,null,null,null,null,null,null,null,null,null,null,null,null,null,null,null,null,null,null,null,null,null,null,null,null,null,null,null,null,null,null,null,null,null,null,null,null,null,null,null,null,null,null,null,null,null,null,null,null,null,null,null,null,null,null,null,null,null,null,null,null,null,null,null,null,null,null,null,null,null,null,null,null,"Cyanazine","Cyanazine","Cyanazine","Cyanazine","Cyanazine"]
[null,null,null,null,null,null,null,null,null,null,null,null,null,null,null,null,null,null,null,null,null,null,null,null,null,null,null,null,null,null,null,null,null,null,null,null,null,null,null,null,null,null,null,null,null,null,null,null,null,null,null,null,null,null,null,null,null,null,null,null,null,null,null,null,null,null,null,null,null,null,null,null,null,null,null,null,"Cyanide salts that readily dissociate in solution (expressed as cyanide)","Cyanide salts that readily dissociate in solution (expressed as cyanide)","Cyanide salts that readily dissociate in solution (expressed as cyanide)","Cyanide salts that readily dissociate in solution (expressed as cyanide)","Cyanide salts that readily dissociate in solution (expressed as cyanide)"]
[null,null,null,null,null,null,null,null,null,null,null,null,null,null,null,null,null,null,null,null,null,null,null,null,null,null,null,null,null,null,null,null,null,null,null,null,null,null,null,null,null,null,null,null,null,null,null,null,null,null,null,null,null,null,null,null,null,null,null,null,null,null,null,null,null,null,null,null,null,null,null,null,null,null,null,null,"Cycasin","Cycasin","Cycasin","Cycasin","Cycasin"]
[null,null,null,null,null,null,null,null,null,null,null,null,null,null,null,null,null,null,null,null,null,null,null,null,null,null,null,null,null,null,null,null,null,null,null,null,null,null,null,null,null,null,null,null,null,null,null,null,null,null,null,null,null,null,null,null,null,null,null,null,null,null,null,null,null,null,null,null,null,null,null,null,null,null,null,null,"Cycloate","Cycloate","Cycloate","Cycloate","Cycloate"]
[null,null,null,null,null,null,null,null,null,null,null,null,null,null,null,null,null,null,null,null,null,null,null,null,null,null,null,null,null,null,null,null,null,null,null,null,null,null,null,null,null,null,null,null,null,null,null,null,null,null,null,null,null,null,null,null,null,null,null,null,null,null,null,null,null,null,null,null,null,null,null,null,null,null,null,null,"Cycloheximide","Cycloheximide","Cycloheximide","Cycloheximide","Cycloheximide"]
[null,null,null,null,null,null,null,null,null,null,null,null,null,null,null,null,null,null,null,null,null,null,null,null,null,null,null,null,null,null,null,null,null,null,null,null,null,null,null,null,null,null,null,null,null,null,null,null,null,null,null,null,null,null,null,null,null,null,null,null,null,null,null,null,null,null,null,null,null,null,null,null,null,null,null,null,"Cyclopenta[cd]pyrene","Cyclopenta[cd]pyrene","Cyclopenta[cd]pyrene","Cyclopenta[cd]pyrene","Cyclopenta[cd]pyrene"]
[null,null,null,null,null,null,null,null,null,null,null,null,null,null,null,null,null,null,null,null,null,null,null,null,null,null,null,null,null,null,null,null,null,null,null,null,null,null,null,null,null,null,null,null,null,null,null,null,null,null,null,null,null,null,null,null,null,null,null,null,null,null,null,null,null,null,null,null,null,null,null,null,null,null,null,null,"Cyclophosphamide (anhydrous)","Cyclophosphamide (anhydrous)","Cyclophosphamide (anhydrous)","Cyclophosphamide (anhydrous)","Cyclophosphamide (anhydrous)"]
[null,null,null,null,null,null,null,null,null,null,null,null,null,null,null,null,null,null,null,null,null,null,null,null,null,null,null,null,null,null,null,null,null,null,null,null,null,null,null,null,null,null,null,null,null,null,null,null,null,null,null,null,null,null,null,null,null,null,null,null,null,null,null,null,null,null,null,null,null,null,null,null,null,null,null,null,"Cyclophosphamide (hydrated)","Cyclophosphamide (hydrated)","Cyclophosphamide (hydrated)","Cyclophosphamide (hydrated)","Cyclophosphamide (hydrated)"]
[null,null,null,null,null,null,null,null,null,null,null,null,null,null,null,null,null,null,null,null,null,null,null,null,null,null,null,null,null,null,null,null,null,null,null,null,null,null,null,null,null,null,null,null,null,null,null,null,null,null,null,null,null,null,null,null,null,null,null,null,null,null,null,null,null,null,null,null,null,null,null,null,null,null,null,null,"Cyhexatin","Cyhexatin","Cyhexatin","Cyhexatin","Cyhexatin"]
[null,null,null,null,null,null,null,null,null,null,null,null,null,null,null,null,null,null,null,null,null,null,null,null,null,null,null,null,null,null,null,null,null,null,null,null,null,null,null,null,null,null,null,null,null,null,null,null,null,null,null,null,null,null,null,null,null,null,null,null,null,null,null,null,null,null,null,null,null,null,null,null,null,null,null,null,"Cytarabine","Cytarabine","Cytarabine","Cytarabine","Cytarabine"]
[null,null,null,null,null,null,null,null,null,null,null,null,null,null,null,null,null,null,null,null,null,null,null,null,null,null,null,null,null,null,null,null,null,null,null,null,null,null,null,null,null,null,null,null,null,null,null,null,null,null,null,null,null,null,null,null,null,null,null,null,null,null,null,null,null,null,null,null,null,null,null,null,null,null,null,null,"Cytembena","Cytembena","Cytembena","Cytembena","Cytembena"]
[null,null,null,null,null,null,null,null,null,null,null,null,null,null,null,null,null,null,null,null,null,null,null,null,null,null,null,null,null,null,null,null,null,null,null,null,null,null,null,null,null,null,null,null,null,null,null,null,null,null,null,null,null,null,null,null,null,null,null,null,null,null,null,null,null,null,null,null,null,null,null,null,null,null,null,null,"D&C Orange No. 17","D&C Orange No. 17","D&C Orange No. 17","D&C Orange No. 17","D&C Orange No. 17"]
[null,null,null,null,null,null,null,null,null,null,null,null,null,null,null,null,null,null,null,null,null,null,null,null,null,null,null,null,null,null,null,null,null,null,null,null,null,null,null,null,null,null,null,null,null,null,null,null,null,null,null,null,null,null,null,null,null,null,null,null,null,null,null,null,null,null,null,null,null,null,null,null,null,null,null,null,"D&C Red No. 19","D&C Red No. 19","D&C Red No. 19","D&C Red No. 19","D&C Red No. 19"]
[null,null,null,null,null,null,null,null,null,null,null,null,null,null,null,null,null,null,null,null,null,null,null,null,null,null,null,null,null,null,null,null,null,null,null,null,null,null,null,null,null,null,null,null,null,null,null,null,null,null,null,null,null,null,null,null,null,null,null,null,null,null,null,null,null,null,null,null,null,null,null,null,null,null,null,null,"D&C Red No. 8","D&C Red No. 8","D&C Red No. 8","D&C Red No. 8","D&C Red No. 8"]
[null,null,null,null,null,null,null,null,null,null,null,null,null,null,null,null,null,null,null,null,null,null,null,null,null,null,null,null,null,null,null,null,null,null,null,null,null,null,null,null,null,null,null,null,null,null,null,null,null,null,null,null,null,null,null,null,null,null,null,null,null,null,null,null,null,null,null,null,null,null,null,null,null,null,null,null,"D&C Red No. 9","D&C Red No. 9","D&C Red No. 9","D&C Red No. 9","D&C Red No. 9"]
[null,null,null,null,null,null,null,null,null,null,null,null,null,null,null,null,null,null,null,null,null,null,null,null,null,null,null,null,null,null,null,null,null,null,null,null,null,null,null,null,null,null,null,null,null,null,null,null,null,null,null,null,null,null,null,null,null,null,null,null,null,null,null,null,null,null,null,null,null,null,null,null,null,null,null,null,"Dacarbazine","Dacarbazine","Dacarbazine","Dacarbazine","Dacarbazine"]
[null,null,null,null,null,null,null,null,null,null,null,null,null,null,null,null,null,null,null,null,null,null,null,null,null,null,null,null,null,null,null,null,null,null,null,null,null,null,null,null,null,null,null,null,null,null,null,null,null,null,null,null,null,null,null,null,null,null,null,null,null,null,null,null,null,null,null,null,null,null,null,null,null,null,null,null,"Daminozide","Daminozide","Daminozide","Daminozide","Daminozide"]
[null,null,null,null,null,null,null,null,null,null,null,null,null,null,null,null,null,null,null,null,null,null,null,null,null,null,null,null,null,null,null,null,null,null,null,null,null,null,null,null,null,null,null,null,null,null,null,null,null,null,null,null,null,null,null,null,null,null,null,null,null,null,null,null,null,null,null,null,null,null,null,null,null,null,null,null,"Danazol","Danazol","Danazol","Danazol","Danazol"]
[null,null,null,null,null,null,null,null,null,null,null,null,null,null,null,null,null,null,null,null,null,null,null,null,null,null,null,null,null,null,null,null,null,null,null,null,null,null,null,null,null,null,null,null,null,null,null,null,null,null,null,null,null,null,null,null,null,null,null,null,null,null,null,null,null,null,null,null,null,null,null,null,null,null,null,null,"Dantron (Chrysazin; 1,8-Dihydroxyanthraquinone)","Dantron (Chrysazin; 1,8-Dihydroxyanthraquinone)","Dantron (Chrysazin; 1,8-Dihydroxyanthraquinone)","Dantron (Chrysazin; 1,8-Dihydroxyanthraquinone)","Dantron (Chrysazin; 1,8-Dihydroxyanthraquinone)"]
[null,null,null,null,null,null,null,null,null,null,null,null,null,null,null,null,null,null,null,null,null,null,null,null,null,null,null,null,null,null,null,null,null,null,null,null,null,null,null,null,null,null,null,null,null,null,null,null,null,null,null,null,null,null,null,null,null,null,null,null,null,null,null,null,null,null,null,null,null,null,null,null,null,null,null,null,"Daunomycin","Daunomycin","Daunomycin","Daunomycin","Daunomycin"]
[null,null,null,null,null,null,null,null,null,null,null,null,null,null,null,null,null,null,null,null,null,null,null,null,null,null,null,null,null,null,null,null,null,null,null,null,null,null,null,null,null,null,null,null,null,null,null,null,null,null,null,null,null,null,null,null,null,null,null,null,null,null,null,null,null,null,null,null,null,null,null,null,null,null,null,null,"Daunorubicin hydrochloride","Daunorubicin hydrochloride","Daunorubicin hydrochloride","Daunorubicin hydrochloride","Daunorubicin hydrochloride"]
[null,null,null,null,null,null,null,null,null,null,null,null,null,null,null,null,null,null,null,null,null,null,null,null,null,null,null,null,null,null,null,null,null,null,null,null,null,null,null,null,null,null,null,null,null,null,null,null,null,null,null,null,null,null,null,null,null,null,null,null,null,null,null,null,null,null,null,null,null,null,null,null,null,null,null,null,"DDD (Dichlorodiphenyl-dichloroethane)","DDD (Dichlorodiphenyl-dichloroethane)","DDD (Dichlorodiphenyl-dichloroethane)","DDD (Dichlorodiphenyl-dichloroethane)","DDD (Dichlorodiphenyl-dichloroethane)"]
[null,null,null,null,null,null,null,null,null,null,null,null,null,null,null,null,null,null,null,null,null,null,null,null,null,null,null,null,null,null,null,null,null,null,null,null,null,null,null,null,null,null,null,null,null,null,null,null,null,null,null,null,null,null,null,null,null,null,null,null,null,null,null,null,null,null,null,null,null,null,null,null,null,null,null,null,"DDE (Dichlorodiphenyl-dichloroethylene)","DDE (Dichlorodiphenyl-dichloroethylene)","DDE (Dichlorodiphenyl-dichloroethylene)","DDE (Dichlorodiphenyl-dichloroethylene)","DDE (Dichlorodiphenyl-dichloroethylene)"]
[null,null,null,null,null,null,null,null,null,null,null,null,null,null,null,null,null,null,null,null,null,null,null,null,null,null,null,null,null,null,null,null,null,null,null,null,null,null,null,null,null,null,null,null,null,null,null,null,null,null,null,null,null,null,null,null,null,null,null,null,null,null,null,null,null,null,null,null,null,null,null,null,null,null,null,null,"DDT (Dichlorodiphenyl-trichloroethane)","DDT (Dichlorodiphenyl-trichloroethane)","DDT (Dichlorodiphenyl-trichloroethane)","DDT (Dichlorodiphenyl-trichloroethane)","DDT (Dichlorodiphenyl-trichloroethane)"]
[null,null,null,null,null,null,null,null,null,null,null,null,null,null,null,null,null,null,null,null,null,null,null,null,null,null,null,null,null,null,null,null,null,null,null,null,null,null,null,null,null,null,null,null,null,null,null,null,null,null,null,null,null,null,null,null,null,null,null,null,null,null,null,null,null,null,null,null,null,null,null,null,null,null,null,null,"DDVP (Dichlorvos)","DDVP (Dichlorvos)","DDVP (Dichlorvos)","DDVP (Dichlorvos)","DDVP (Dichlorvos)"]
[null,null,null,null,null,null,null,null,null,null,null,null,null,null,null,null,null,null,null,null,null,null,null,null,null,null,null,null,null,null,null,null,null,null,null,null,null,null,null,null,null,null,null,null,null,null,null,null,null,null,null,null,null,null,null,null,null,null,null,null,null,null,null,null,null,null,null,null,null,null,null,null,null,null,null,null,"Demeclocycline hydrochloride (internal use)","Demeclocycline hydrochloride (internal use)","Demeclocycline hydrochloride (internal use)","Demeclocycline hydrochloride (internal use)","Demeclocycline hydrochloride (internal use)"]
[null,null,null,null,null,null,null,null,null,null,null,null,null,null,null,null,null,null,null,null,null,null,null,null,null,null,null,null,null,null,null,null,null,null,null,null,null,null,null,null,null,null,null,null,null,null,null,null,null,null,null,null,null,null,null,null,null,null,null,null,null,null,null,null,null,null,null,null,null,null,null,null,null,null,null,null,"Des-ethyl atrazine (DEA)","Des-ethyl atrazine (DEA)","Des-ethyl atrazine (DEA)","Des-ethyl atrazine (DEA)","Des-ethyl atrazine (DEA)"]
[null,null,null,null,null,null,null,null,null,null,null,null,null,null,null,null,null,null,null,null,null,null,null,null,null,null,null,null,null,null,null,null,null,null,null,null,null,null,null,null,null,null,null,null,null,null,null,null,null,null,null,null,null,null,null,null,null,null,null,null,null,null,null,null,null,null,null,null,null,null,null,null,null,null,null,null,"Des-isopropyl atrazine (DIA)","Des-isopropyl atrazine (DIA)","Des-isopropyl atrazine (DIA)","Des-isopropyl atrazine (DIA)","Des-isopropyl atrazine (DIA)"]
[null,null,null,null,null,null,null,null,null,null,null,null,null,null,null,null,null,null,null,null,null,null,null,null,null,null,null,null,null,null,null,null,null,null,null,null,null,null,null,null,null,null,null,null,null,null,null,null,null,null,null,null,null,null,null,null,null,null,null,null,null,null,null,null,null,null,null,null,null,null,null,null,null,null,null,null,"Diazepam","Diazepam","Diazepam","Diazepam","Diazepam"]
[null,null,null,null,null,null,null,null,null,null,null,null,null,null,null,null,null,null,null,null,null,null,null,null,null,null,null,null,null,null,null,null,null,null,null,null,null,null,null,null,null,null,null,null,null,null,null,null,null,null,null,null,null,null,null,null,null,null,null,null,null,null,null,null,null,null,null,null,null,null,null,null,null,null,null,null,"Diazoaminobenzene","Diazoaminobenzene","Diazoaminobenzene","Diazoaminobenzene","Diazoaminobenzene"]
[null,null,null,null,null,null,null,null,null,null,null,null,null,null,null,null,null,null,null,null,null,null,null,null,null,null,null,null,null,null,null,null,null,null,null,null,null,null,null,null,null,null,null,null,null,null,null,null,null,null,null,null,null,null,null,null,null,null,null,null,null,null,null,null,null,null,null,null,null,null,null,null,null,null,null,null,"Diazoxide","Diazoxide","Diazoxide","Diazoxide","Diazoxide"]
[null,null,null,null,null,null,null,null,null,null,null,null,null,null,null,null,null,null,null,null,null,null,null,null,null,null,null,null,null,null,null,null,null,null,null,null,null,null,null,null,null,null,null,null,null,null,null,null,null,null,null,null,null,null,null,null,null,null,null,null,null,null,null,null,null,null,null,null,null,null,null,null,null,null,null,null,"Dibenz[a,c]anthracene","Dibenz[a,c]anthracene","Dibenz[a,c]anthracene","Dibenz[a,c]anthracene","Dibenz[a,c]anthracene"]
[null,null,null,null,null,null,null,null,null,null,null,null,null,null,null,null,null,null,null,null,null,null,null,null,null,null,null,null,null,null,null,null,null,null,null,null,null,null,null,null,null,null,null,null,null,null,null,null,null,null,null,null,null,null,null,null,null,null,null,null,null,null,null,null,null,null,null,null,null,null,null,null,null,null,null,null,"Dibenz[a,h]acridine","Dibenz[a,h]acridine","Dibenz[a,h]acridine","Dibenz[a,h]acridine","Dibenz[a,h]acridine"]
[null,null,null,null,null,null,null,null,null,null,null,null,null,null,null,null,null,null,null,null,null,null,null,null,null,null,null,null,null,null,null,null,null,null,null,null,null,null,null,null,null,null,null,null,null,null,null,null,null,null,null,null,null,null,null,null,null,null,null,null,null,null,null,null,null,null,null,null,null,null,null,null,null,null,null,null,"Dibenz[a,h]anthracene","Dibenz[a,h]anthracene","Dibenz[a,h]anthracene","Dibenz[a,h]anthracene","Dibenz[a,h]anthracene"]
[null,null,null,null,null,null,null,null,null,null,null,null,null,null,null,null,null,null,null,null,null,null,null,null,null,null,null,null,null,null,null,null,null,null,null,null,null,null,null,null,null,null,null,null,null,null,null,null,null,null,null,null,null,null,null,null,null,null,null,null,null,null,null,null,null,null,null,null,null,null,null,null,null,null,null,null,"Dibenz[a,j]acridine","Dibenz[a,j]acridine","Dibenz[a,j]acridine","Dibenz[a,j]acridine","Dibenz[a,j]acridine"]
[null,null,null,null,null,null,null,null,null,null,null,null,null,null,null,null,null,null,null,null,null,null,null,null,null,null,null,null,null,null,null,null,null,null,null,null,null,null,null,null,null,null,null,null,null,null,null,null,null,null,null,null,null,null,null,null,null,null,null,null,null,null,null,null,null,null,null,null,null,null,null,null,null,null,null,null,"Dibenz[a,j]anthracene","Dibenz[a,j]anthracene","Dibenz[a,j]anthracene","Dibenz[a,j]anthracene","Dibenz[a,j]anthracene"]
[null,null,null,null,null,null,null,null,null,null,null,null,null,null,null,null,null,null,null,null,null,null,null,null,null,null,null,null,null,null,null,null,null,null,null,null,null,null,null,null,null,null,null,null,null,null,null,null,null,null,null,null,null,null,null,null,null,null,null,null,null,null,null,null,null,null,null,null,null,null,null,null,null,null,null,null,"Dibenzanthracenes","Dibenzanthracenes","Dibenzanthracenes","Dibenzanthracenes","Dibenzanthracenes"]
[null,null,null,null,null,null,null,null,null,null,null,null,null,null,null,null,null,null,null,null,null,null,null,null,null,null,null,null,null,null,null,null,null,null,null,null,null,null,null,null,null,null,null,null,null,null,null,null,null,null,null,null,null,null,null,null,null,null,null,null,null,null,null,null,null,null,null,null,null,null,null,null,null,null,null,null,"Dibenzo[a,e]pyrene","Dibenzo[a,e]pyrene","Dibenzo[a,e]pyrene","Dibenzo[a,e]pyrene","Dibenzo[a,e]pyrene"]
[null,null,null,null,null,null,null,null,null,null,null,null,null,null,null,null,null,null,null,null,null,null,null,null,null,null,null,null,null,null,null,null,null,null,null,null,null,null,null,null,null,null,null,null,null,null,null,null,null,null,null,null,null,null,null,null,null,null,null,null,null,null,null,null,null,null,null,null,null,null,null,null,null,null,null,null,"Dibenzo[a,h]pyrene","Dibenzo[a,h]pyrene","Dibenzo[a,h]pyrene","Dibenzo[a,h]pyrene","Dibenzo[a,h]pyrene"]
[null,null,null,null,null,null,null,null,null,null,null,null,null,null,null,null,null,null,null,null,null,null,null,null,null,null,null,null,null,null,null,null,null,null,null,null,null,null,null,null,null,null,null,null,null,null,null,null,null,null,null,null,null,null,null,null,null,null,null,null,null,null,null,null,null,null,null,null,null,null,null,null,null,null,null,null,"Dibenzo[a,i]pyrene","Dibenzo[a,i]pyrene","Dibenzo[a,i]pyrene","Dibenzo[a,i]pyrene","Dibenzo[a,i]pyrene"]
[null,null,null,null,null,null,null,null,null,null,null,null,null,null,null,null,null,null,null,null,null,null,null,null,null,null,null,null,null,null,null,null,null,null,null,null,null,null,null,null,null,null,null,null,null,null,null,null,null,null,null,null,null,null,null,null,null,null,null,null,null,null,null,null,null,null,null,null,null,null,null,null,null,null,null,null,"Dibenzo[a,l]pyrene","Dibenzo[a,l]pyrene","Dibenzo[a,l]pyrene","Dibenzo[a,l]pyrene","Dibenzo[a,l]pyrene"]
[null,null,null,null,null,null,null,null,null,null,null,null,null,null,null,null,null,null,null,null,null,null,null,null,null,null,null,null,null,null,null,null,null,null,null,null,null,null,null,null,null,null,null,null,null,null,null,null,null,null,null,null,null,null,null,null,null,null,null,null,null,null,null,null,null,null,null,null,null,null,null,null,null,null,null,null,"Dibromoacetic acid","Dibromoacetic acid","Dibromoacetic acid","Dibromoacetic acid","Dibromoacetic acid"]
[null,null,null,null,null,null,null,null,null,null,null,null,null,null,null,null,null,null,null,null,null,null,null,null,null,null,null,null,null,null,null,null,null,null,null,null,null,null,null,null,null,null,null,null,null,null,null,null,null,null,null,null,null,null,null,null,null,null,null,null,null,null,null,null,null,null,null,null,null,null,null,null,null,null,null,null,"Dibromoacetonitrile","Dibromoacetonitrile","Dibromoacetonitrile","Dibromoacetonitrile","Dibromoacetonitrile"]
[null,null,null,null,null,null,null,null,null,null,null,null,null,null,null,null,null,null,null,null,null,null,null,null,null,null,null,null,null,null,null,null,null,null,null,null,null,null,null,null,null,null,null,null,null,null,null,null,null,null,null,null,null,null,null,null,null,null,null,null,null,null,null,null,null,null,null,null,null,null,null,null,null,null,null,null,"Dichloroacetic acid","Dichloroacetic acid","Dichloroacetic acid","Dichloroacetic acid","Dichloroacetic acid"]
[null,null,null,null,null,null,null,null,null,null,null,null,null,null,null,null,null,null,null,null,null,null,null,null,null,null,null,null,null,null,null,null,null,null,null,null,null,null,null,null,null,null,null,null,null,null,null,null,null,null,null,null,null,null,null,null,null,null,null,null,null,null,null,null,null,null,null,null,null,null,null,null,null,null,null,null,"Dichloromethane (Methylene chloride)","Dichloromethane (Methylene chloride)","Dichloromethane (Methylene chloride)","Dichloromethane (Methylene chloride)","Dichloromethane (Methylene chloride)"]
[null,null,null,null,null,null,null,null,null,null,null,null,null,null,null,null,null,null,null,null,null,null,null,null,null,null,null,null,null,null,null,null,null,null,null,null,null,null,null,null,null,null,null,null,null,null,null,null,null,null,null,null,null,null,null,null,null,null,null,null,null,null,null,null,null,null,null,null,null,null,null,null,null,null,null,null,"Dichlorophene","Dichlorophene","Dichlorophene","Dichlorophene","Dichlorophene"]
[null,null,null,null,null,null,null,null,null,null,null,null,null,null,null,null,null,null,null,null,null,null,null,null,null,null,null,null,null,null,null,null,null,null,null,null,null,null,null,null,null,null,null,null,null,null,null,null,null,null,null,null,null,null,null,null,null,null,null,null,null,null,null,null,null,null,null,null,null,null,null,null,null,null,null,null,"Dichlorphenamide","Dichlorphenamide","Dichlorphenamide","Dichlorphenamide","Dichlorphenamide"]
[null,null,null,null,null,null,null,null,null,null,null,null,null,null,null,null,null,null,null,null,null,null,null,null,null,null,null,null,null,null,null,null,null,null,null,null,null,null,null,null,null,null,null,null,null,null,null,null,null,null,null,null,null,null,null,null,null,null,null,null,null,null,null,null,null,null,null,null,null,null,null,null,null,null,null,null,"Diclofop-methyl","Diclofop-methyl","Diclofop-methyl","Diclofop-methyl","Diclofop-methyl"]
[null,null,null,null,null,null,null,null,null,null,null,null,null,null,null,null,null,null,null,null,null,null,null,null,null,null,null,null,null,null,null,null,null,null,null,null,null,null,null,null,null,null,null,null,null,null,null,null,null,null,null,null,null,null,null,null,null,null,null,null,null,null,null,null,null,null,null,null,null,null,null,null,null,null,null,null,"Dicumarol","Dicumarol","Dicumarol","Dicumarol","Dicumarol"]
[null,null,null,null,null,null,null,null,null,null,null,null,null,null,null,null,null,null,null,null,null,null,null,null,null,null,null,null,null,null,null,null,null,null,null,null,null,null,null,null,null,null,null,null,null,null,null,null,null,null,null,null,null,null,null,null,null,null,null,null,null,null,null,null,null,null,null,null,null,null,null,null,null,null,null,null,"Dieldrin","Dieldrin","Dieldrin","Dieldrin","Dieldrin"]
[null,null,null,null,null,null,null,null,null,null,null,null,null,null,null,null,null,null,null,null,null,null,null,null,null,null,null,null,null,null,null,null,null,null,null,null,null,null,null,null,null,null,null,null,null,null,null,null,null,null,null,null,null,null,null,null,null,null,null,null,null,null,null,null,null,null,null,null,null,null,null,null,null,null,null,null,"Diepoxybutane","Diepoxybutane","Diepoxybutane","Diepoxybutane","Diepoxybutane"]
[null,null,null,null,null,null,null,null,null,null,null,null,null,null,null,null,null,null,null,null,null,null,null,null,null,null,null,null,null,null,null,null,null,null,null,null,null,null,null,null,null,null,null,null,null,null,null,null,null,null,null,null,null,null,null,null,null,null,null,null,null,null,null,null,null,null,null,null,null,null,null,null,null,null,null,null,"Diesel engine exhaust","Diesel engine exhaust","Diesel engine exhaust","Diesel engine exhaust","Diesel engine exhaust"]
[null,null,null,null,null,null,null,null,null,null,null,null,null,null,null,null,null,null,null,null,null,null,null,null,null,null,null,null,null,null,null,null,null,null,null,null,null,null,null,null,null,null,null,null,null,null,null,null,null,null,null,null,null,null,null,null,null,null,null,null,null,null,null,null,null,null,null,null,null,null,null,null,null,null,null,null,"Diethanolamine","Diethanolamine","Diethanolamine","Diethanolamine","Diethanolamine"]
[null,null,null,null,null,null,null,null,null,null,null,null,null,null,null,null,null,null,null,null,null,null,null,null,null,null,null,null,null,null,null,null,null,null,null,null,null,null,null,null,null,null,null,null,null,null,null,null,null,null,null,null,null,null,null,null,null,null,null,null,null,null,null,null,null,null,null,null,null,null,null,null,null,null,null,null,"Diethyl sulfate","Diethyl sulfate","Diethyl sulfate","Diethyl sulfate","Diethyl sulfate"]
[null,null,null,null,null,null,null,null,null,null,null,null,null,null,null,null,null,null,null,null,null,null,null,null,null,null,null,null,null,null,null,null,null,null,null,null,null,null,null,null,null,null,null,null,null,null,null,null,null,null,null,null,null,null,null,null,null,null,null,null,null,null,null,null,null,null,null,null,null,null,null,null,null,null,null,null,"Diethylstilbestrol (DES)","Diethylstilbestrol (DES)","Diethylstilbestrol (DES)","Diethylstilbestrol (DES)","Diethylstilbestrol (DES)"]
[null,null,null,null,null,null,null,null,null,null,null,null,null,null,null,null,null,null,null,null,null,null,null,null,null,null,null,null,null,null,null,null,null,null,null,null,null,null,null,null,null,null,null,null,null,null,null,null,null,null,null,null,null,null,null,null,null,null,null,null,null,null,null,null,null,null,null,null,null,null,null,null,null,null,null,null,"Diflunisal","Diflunisal","Diflunisal","Diflunisal","Diflunisal"]
[null,null,null,null,null,null,null,null,null,null,null,null,null,null,null,null,null,null,null,null,null,null,null,null,null,null,null,null,null,null,null,null,null,null,null,null,null,null,null,null,null,null,null,null,null,null,null,null,null,null,null,null,null,null,null,null,null,null,null,null,null,null,null,null,null,null,null,null,null,null,null,null,null,null,null,null,"Diglycidyl resorcinol ether (DGRE)","Diglycidyl resorcinol ether (DGRE)","Diglycidyl resorcinol ether (DGRE)","Diglycidyl resorcinol ether (DGRE)","Diglycidyl resorcinol ether (DGRE)"]
[null,null,null,null,null,null,null,null,null,null,null,null,null,null,null,null,null,null,null,null,null,null,null,null,null,null,null,null,null,null,null,null,null,null,null,null,null,null,null,null,null,null,null,null,null,null,null,null,null,null,null,null,null,null,null,null,null,null,null,null,null,null,null,null,null,null,null,null,null,null,null,null,null,null,null,null,"Dihydroergotamine mesylate","Dihydroergotamine mesylate","Dihydroergotamine mesylate","Dihydroergotamine mesylate","Dihydroergotamine mesylate"]
[null,null,null,null,null,null,null,null,null,null,null,null,null,null,null,null,null,null,null,null,null,null,null,null,null,null,null,null,null,null,null,null,null,null,null,null,null,null,null,null,null,null,null,null,null,null,null,null,null,null,null,null,null,null,null,null,null,null,null,null,null,null,null,null,null,null,null,null,null,null,null,null,null,null,null,null,"Dihydrosafrole","Dihydrosafrole","Dihydrosafrole","Dihydrosafrole","Dihydrosafrole"]
[null,null,null,null,null,null,null,null,null,null,null,null,null,null,null,null,null,null,null,null,null,null,null,null,null,null,null,null,null,null,null,null,null,null,null,null,null,null,null,null,null,null,null,null,null,null,null,null,null,null,null,null,null,null,null,null,null,null,null,null,null,null,null,null,null,null,null,null,null,null,null,null,null,null,null,null,"Diisopropyl sulfate","Diisopropyl sulfate","Diisopropyl sulfate","Diisopropyl sulfate","Diisopropyl sulfate"]
[null,null,null,null,null,null,null,null,null,null,null,null,null,null,null,null,null,null,null,null,null,null,null,null,null,null,null,null,null,null,null,null,null,null,null,null,null,null,null,null,null,null,null,null,null,null,null,null,null,null,null,null,null,null,null,null,null,null,null,null,null,null,null,null,null,null,null,null,null,null,null,null,null,null,null,null,"Diltiazem hydrochloride","Diltiazem hydrochloride","Diltiazem hydrochloride","Diltiazem hydrochloride","Diltiazem hydrochloride"]
[null,null,null,null,null,null,null,null,null,null,null,null,null,null,null,null,null,null,null,null,null,null,null,null,null,null,null,null,null,null,null,null,null,null,null,null,null,null,null,null,null,null,null,null,null,null,null,null,null,null,null,null,null,null,null,null,null,null,null,null,null,null,null,null,null,null,null,null,null,null,null,null,null,null,null,null,"Dimethyl sulfate","Dimethyl sulfate","Dimethyl sulfate","Dimethyl sulfate","Dimethyl sulfate"]
[null,null,null,null,null,null,null,null,null,null,null,null,null,null,null,null,null,null,null,null,null,null,null,null,null,null,null,null,null,null,null,null,null,null,null,null,null,null,null,null,null,null,null,null,null,null,null,null,null,null,null,null,null,null,null,null,null,null,null,null,null,null,null,null,null,null,null,null,null,null,null,null,null,null,null,null,"Dimethylcarbamoyl chloride","Dimethylcarbamoyl chloride","Dimethylcarbamoyl chloride","Dimethylcarbamoyl chloride","Dimethylcarbamoyl chloride"]
[null,null,null,null,null,null,null,null,null,null,null,null,null,null,null,null,null,null,null,null,null,null,null,null,null,null,null,null,null,null,null,null,null,null,null,null,null,null,null,null,null,null,null,null,null,null,null,null,null,null,null,null,null,null,null,null,null,null,null,null,null,null,null,null,null,null,null,null,null,null,null,null,null,null,null,null,"Dimethylvinylchloride","Dimethylvinylchloride","Dimethylvinylchloride","Dimethylvinylchloride","Dimethylvinylchloride"]
[null,null,null,null,null,null,null,null,null,null,null,null,null,null,null,null,null,null,null,null,null,null,null,null,null,null,null,null,null,null,null,null,null,null,null,null,null,null,null,null,null,null,null,null,null,null,null,null,null,null,null,null,null,null,null,null,null,null,null,null,null,null,null,null,null,null,null,null,null,null,null,null,null,null,null,null,"Dinitrotoluene (technical grade)","Dinitrotoluene (technical grade)","Dinitrotoluene (technical grade)","Dinitrotoluene (technical grade)","Dinitrotoluene (technical grade)"]
[null,null,null,null,null,null,null,null,null,null,null,null,null,null,null,null,null,null,null,null,null,null,null,null,null,null,null,null,null,null,null,null,null,null,null,null,null,null,null,null,null,null,null,null,null,null,null,null,null,null,null,null,null,null,null,null,null,null,null,null,null,null,null,null,null,null,null,null,null,null,null,null,null,null,null,null,"Dinitrotoluene mixture, 2,4-/2,6-","Dinitrotoluene mixture, 2,4-/2,6-","Dinitrotoluene mixture, 2,4-/2,6-","Dinitrotoluene mixture, 2,4-/2,6-","Dinitrotoluene mixture, 2,4-/2,6-"]
[null,null,null,null,null,null,null,null,null,null,null,null,null,null,null,null,null,null,null,null,null,null,null,null,null,null,null,null,null,null,null,null,null,null,null,null,null,null,null,null,null,null,null,null,null,null,null,null,null,null,null,null,null,null,null,null,null,null,null,null,null,null,null,null,null,null,null,null,null,null,null,null,null,null,null,null,"Dinocap","Dinocap","Dinocap","Dinocap","Dinocap"]
[null,null,null,null,null,null,null,null,null,null,null,null,null,null,null,null,null,null,null,null,null,null,null,null,null,null,null,null,null,null,null,null,null,null,null,null,null,null,null,null,null,null,null,null,null,null,null,null,null,null,null,null,null,null,null,null,null,null,null,null,null,null,null,null,null,null,null,null,null,null,null,null,null,null,null,null,"Dinoseb","Dinoseb","Dinoseb","Dinoseb","Dinoseb"]
[null,null,null,null,null,null,null,null,null,null,null,null,null,null,null,null,null,null,null,null,null,null,null,null,null,null,null,null,null,null,null,null,null,null,null,null,null,null,null,null,null,null,null,null,null,null,null,null,null,null,null,null,null,null,null,null,null,null,null,null,null,null,null,null,null,null,null,null,null,null,null,null,null,null,null,null,"Di-n-propyl isocinchomeronate (MGK Repellent 326)","Di-n-propyl isocinchomeronate (MGK Repellent 326)","Di-n-propyl isocinchomeronate (MGK Repellent 326)","Di-n-propyl isocinchomeronate (MGK Repellent 326)","Di-n-propyl isocinchomeronate (MGK Repellent 326)"]
[null,null,null,null,null,null,null,null,null,null,null,null,null,null,null,null,null,null,null,null,null,null,null,null,null,null,null,null,null,null,null,null,null,null,null,null,null,null,null,null,null,null,null,null,null,null,null,null,null,null,null,null,null,null,null,null,null,null,null,null,null,null,null,null,null,null,null,null,null,null,null,null,null,null,null,null,"Diphenylhydantoin (Phenytoin)","Diphenylhydantoin (Phenytoin)","Diphenylhydantoin (Phenytoin)","Diphenylhydantoin (Phenytoin)","Diphenylhydantoin (Phenytoin)"]
[null,null,null,null,null,null,null,null,null,null,null,null,null,null,null,null,null,null,null,null,null,null,null,null,null,null,null,null,null,null,null,null,null,null,null,null,null,null,null,null,null,null,null,null,null,null,null,null,null,null,null,null,null,null,null,null,null,null,null,null,null,null,null,null,null,null,null,null,null,null,null,null,null,null,null,null,"Diphenylhydantoin (Phenytoin), sodium salt","Diphenylhydantoin (Phenytoin), sodium salt","Diphenylhydantoin (Phenytoin), sodium salt","Diphenylhydantoin (Phenytoin), sodium salt","Diphenylhydantoin (Phenytoin), sodium salt"]
[null,null,null,null,null,null,null,null,null,null,null,null,null,null,null,null,null,null,null,null,null,null,null,null,null,null,null,null,null,null,null,null,null,null,null,null,null,null,null,null,null,null,null,null,null,null,null,null,null,null,null,null,null,null,null,null,null,null,null,null,null,null,null,null,null,null,null,null,null,null,null,null,null,null,null,null,"Direct Black 38 (technical grade)","Direct Black 38 (technical grade)","Direct Black 38 (technical grade)","Direct Black 38 (technical grade)","Direct Black 38 (technical grade)"]
[null,null,null,null,null,null,null,null,null,null,null,null,null,null,null,null,null,null,null,null,null,null,null,null,null,null,null,null,null,null,null,null,null,null,null,null,null,null,null,null,null,null,null,null,null,null,null,null,null,null,null,null,null,null,null,null,null,null,null,null,null,null,null,null,null,null,null,null,null,null,null,null,null,null,null,null,"Direct Blue 6 (technical grade)","Direct Blue 6 (technical grade)","Direct Blue 6 (technical grade)","Direct Blue 6 (technical grade)","Direct Blue 6 (technical grade)"]
[null,null,null,null,null,null,null,null,null,null,null,null,null,null,null,null,null,null,null,null,null,null,null,null,null,null,null,null,null,null,null,null,null,null,null,null,null,null,null,null,null,null,null,null,null,null,null,null,null,null,null,null,null,null,null,null,null,null,null,null,null,null,null,null,null,null,null,null,null,null,null,null,null,null,null,null,"Direct Brown 95 (technical grade)","Direct Brown 95 (technical grade)","Direct Brown 95 (technical grade)","Direct Brown 95 (technical grade)","Direct Brown 95 (technical grade)"]
[null,null,null,null,null,null,null,null,null,null,null,null,null,null,null,null,null,null,null,null,null,null,null,null,null,null,null,null,null,null,null,null,null,null,null,null,null,null,null,null,null,null,null,null,null,null,null,null,null,null,null,null,null,null,null,null,null,null,null,null,null,null,null,null,null,null,null,null,null,null,null,null,null,null,null,null,"Disodium cyanodithioimidocarbonate","Disodium cyanodithioimidocarbonate","Disodium cyanodithioimidocarbonate","Disodium cyanodithioimidocarbonate","Disodium cyanodithioimidocarbonate"]
[null,null,null,null,null,null,null,null,null,null,null,null,null,null,null,null,null,null,null,null,null,null,null,null,null,null,null,null,null,null,null,null,null,null,null,null,null,null,null,null,null,null,null,null,null,null,null,null,null,null,null,null,null,null,null,null,null,null,null,null,null,null,null,null,null,null,null,null,null,null,null,null,null,null,null,null,"Disperse Blue 1","Disperse Blue 1","Disperse Blue 1","Disperse Blue 1","Disperse Blue 1"]
[null,null,null,null,null,null,null,null,null,null,null,null,null,null,null,null,null,null,null,null,null,null,null,null,null,null,null,null,null,null,null,null,null,null,null,null,null,null,null,null,null,null,null,null,null,null,null,null,null,null,null,null,null,null,null,null,null,null,null,null,null,null,null,null,null,null,null,null,null,null,null,null,null,null,null,null,"Diuron","Diuron","Diuron","Diuron","Diuron"]
[null,null,null,null,null,null,null,null,null,null,null,null,null,null,null,null,null,null,null,null,null,null,null,null,null,null,null,null,null,null,null,null,null,null,null,null,null,null,null,null,null,null,null,null,null,null,null,null,null,null,null,null,null,null,null,null,null,null,null,null,null,null,null,null,null,null,null,null,null,null,null,null,null,null,null,null,"Doxorubicin hydrochloride (Adriamycin)","Doxorubicin hydrochloride (Adriamycin)","Doxorubicin hydrochloride (Adriamycin)","Doxorubicin hydrochloride (Adriamycin)","Doxorubicin hydrochloride (Adriamycin)"]
[null,null,null,null,null,null,null,null,null,null,null,null,null,null,null,null,null,null,null,null,null,null,null,null,null,null,null,null,null,null,null,null,null,null,null,null,null,null,null,null,null,null,null,null,null,null,null,null,null,null,null,null,null,null,null,null,null,null,null,null,null,null,null,null,null,null,null,null,null,null,null,null,null,null,null,null,"Doxycycline (internal use)","Doxycycline (internal use)","Doxycycline (internal use)","Doxycycline (internal use)","Doxycycline (internal use)"]
[null,null,null,null,null,null,null,null,null,null,null,null,null,null,null,null,null,null,null,null,null,null,null,null,null,null,null,null,null,null,null,null,null,null,null,null,null,null,null,null,null,null,null,null,null,null,null,null,null,null,null,null,null,null,null,null,null,null,null,null,null,null,null,null,null,null,null,null,null,null,null,null,null,null,null,null,"Doxycycline calcium (internal use)","Doxycycline calcium (internal use)","Doxycycline calcium (internal use)","Doxycycline calcium (internal use)","Doxycycline calcium (internal use)"]
[null,null,null,null,null,null,null,null,null,null,null,null,null,null,null,null,null,null,null,null,null,null,null,null,null,null,null,null,null,null,null,null,null,null,null,null,null,null,null,null,null,null,null,null,null,null,null,null,null,null,null,null,null,null,null,null,null,null,null,null,null,null,null,null,null,null,null,null,null,null,null,null,null,null,null,null,"Doxycycline hyclate (internal use)","Doxycycline hyclate (internal use)","Doxycycline hyclate (internal use)","Doxycycline hyclate (internal use)","Doxycycline hyclate (internal use)"]
[null,null,null,null,null,null,null,null,null,null,null,null,null,null,null,null,null,null,null,null,null,null,null,null,null,null,null,null,null,null,null,null,null,null,null,null,null,null,null,null,null,null,null,null,null,null,null,null,null,null,null,null,null,null,null,null,null,null,null,null,null,null,null,null,null,null,null,null,null,null,null,null,null,null,null,null,"Doxycycline monohydrate (internal use)","Doxycycline monohydrate (internal use)","Doxycycline monohydrate (internal use)","Doxycycline monohydrate (internal use)","Doxycycline monohydrate (internal use)"]
[null,null,null,null,null,null,null,null,null,null,null,null,null,null,null,null,null,null,null,null,null,null,null,null,null,null,null,null,null,null,null,null,null,null,null,null,null,null,null,null,null,null,null,null,null,null,null,null,null,null,null,null,null,null,null,null,null,null,null,null,null,null,null,null,null,null,null,null,null,null,null,null,null,null,null,null,"Emissions from combustion of coal","Emissions from combustion of coal","Emissions from combustion of coal","Emissions from combustion of coal","Emissions from combustion of coal"]
[null,null,null,null,null,null,null,null,null,null,null,null,null,null,null,null,null,null,null,null,null,null,null,null,null,null,null,null,null,null,null,null,null,null,null,null,null,null,null,null,null,null,null,null,null,null,null,null,null,null,null,null,null,null,null,null,null,null,null,null,null,null,null,null,null,null,null,null,null,null,null,null,null,null,null,null,"Emissions from high-temperature unrefined rapeseed oil","Emissions from high-temperature unrefined rapeseed oil","Emissions from high-temperature unrefined rapeseed oil","Emissions from high-temperature unrefined rapeseed oil","Emissions from high-temperature unrefined rapeseed oil"]
[null,null,null,null,null,null,null,null,null,null,null,null,null,null,null,null,null,null,null,null,null,null,null,null,null,null,null,null,null,null,null,null,null,null,null,null,null,null,null,null,null,null,null,null,null,null,null,null,null,null,null,null,null,null,null,null,null,null,null,null,null,null,null,null,null,null,null,null,null,null,null,null,null,null,null,null,"Endrin","Endrin","Endrin","Endrin","Endrin"]
[null,null,null,null,null,null,null,null,null,null,null,null,null,null,null,null,null,null,null,null,null,null,null,null,null,null,null,null,null,null,null,null,null,null,null,null,null,null,null,null,null,null,null,null,null,null,null,null,null,null,null,null,null,null,null,null,null,null,null,null,null,null,null,null,null,null,null,null,null,null,null,null,null,null,null,null,"Environmental tobacco smoke (ETS)","Environmental tobacco smoke (ETS)","Environmental tobacco smoke (ETS)","Environmental tobacco smoke (ETS)","Environmental tobacco smoke (ETS)"]
[null,null,null,null,null,null,null,null,null,null,null,null,null,null,null,null,null,null,null,null,null,null,null,null,null,null,null,null,null,null,null,null,null,null,null,null,null,null,null,null,null,null,null,null,null,null,null,null,null,null,null,null,null,null,null,null,null,null,null,null,null,null,null,null,null,null,null,null,null,null,null,null,null,null,null,null,"Epichlorohydrin","Epichlorohydrin","Epichlorohydrin","Epichlorohydrin","Epichlorohydrin"]
[null,null,null,null,null,null,null,null,null,null,null,null,null,null,null,null,null,null,null,null,null,null,null,null,null,null,null,null,null,null,null,null,null,null,null,null,null,null,null,null,null,null,null,null,null,null,null,null,null,null,null,null,null,null,null,null,null,null,null,null,null,null,null,null,null,null,null,null,null,null,null,null,null,null,null,null,"Epoxiconazole","Epoxiconazole","Epoxiconazole","Epoxiconazole","Epoxiconazole"]
[null,null,null,null,null,null,null,null,null,null,null,null,null,null,null,null,null,null,null,null,null,null,null,null,null,null,null,null,null,null,null,null,null,null,null,null,null,null,null,null,null,null,null,null,null,null,null,null,null,null,null,null,null,null,null,null,null,null,null,null,null,null,null,null,null,null,null,null,null,null,null,null,null,null,null,null,"Ergotamine tartrate","Ergotamine tartrate","Ergotamine tartrate","Ergotamine tartrate","Ergotamine tartrate"]
[null,null,null,null,null,null,null,null,null,null,null,null,null,null,null,null,null,null,null,null,null,null,null,null,null,null,null,null,null,null,null,null,null,null,null,null,null,null,null,null,null,null,null,null,null,null,null,null,null,null,null,null,null,null,null,null,null,null,null,null,null,null,null,null,null,null,null,null,null,null,null,null,null,null,null,null,"Erionite","Erionite","Erionite","Erionite","Erionite"]
[null,null,null,null,null,null,null,null,null,null,null,null,null,null,null,null,null,null,null,null,null,null,null,null,null,null,null,null,null,null,null,null,null,null,null,null,null,null,null,null,null,null,null,null,null,null,null,null,null,null,null,null,null,null,null,null,null,null,null,null,null,null,null,null,null,null,null,null,null,null,null,null,null,null,null,null,"Estradiol 17B","Estradiol 17B","Estradiol 17B","Estradiol 17B","Estradiol 17B"]
[null,null,null,null,null,null,null,null,null,null,null,null,null,null,null,null,null,null,null,null,null,null,null,null,null,null,null,null,null,null,null,null,null,null,null,null,null,null,null,null,null,null,null,null,null,null,null,null,null,null,null,null,null,null,null,null,null,null,null,null,null,null,null,null,null,null,null,null,null,null,null,null,null,null,null,null,"Estragole","Estragole","Estragole","Estragole","Estragole"]
[null,null,null,null,null,null,null,null,null,null,null,null,null,null,null,null,null,null,null,null,null,null,null,null,null,null,null,null,null,null,null,null,null,null,null,null,null,null,null,null,null,null,null,null,null,null,null,null,null,null,null,null,null,null,null,null,null,null,null,null,null,null,null,null,null,null,null,null,null,null,null,null,null,null,null,null,"Estrogen-progestogen (combined) used as menopausal therapy","Estrogen-progestogen (combined) used as menopausal therapy","Estrogen-progestogen (combined) used as menopausal therapy","Estrogen-progestogen (combined) used as menopausal therapy","Estrogen-progestogen (combined) used as menopausal therapy"]
[null,null,null,null,null,null,null,null,null,null,null,null,null,null,null,null,null,null,null,null,null,null,null,null,null,null,null,null,null,null,null,null,null,null,null,null,null,null,null,null,null,null,null,null,null,null,null,null,null,null,null,null,null,null,null,null,null,null,null,null,null,null,null,null,null,null,null,null,null,null,null,null,null,null,null,null,"Estrogens, steroidal","Estrogens, steroidal","Estrogens, steroidal","Estrogens, steroidal","Estrogens, steroidal"]
[null,null,null,null,null,null,null,null,null,null,null,null,null,null,null,null,null,null,null,null,null,null,null,null,null,null,null,null,null,null,null,null,null,null,null,null,null,null,null,null,null,null,null,null,null,null,null,null,null,null,null,null,null,null,null,null,null,null,null,null,null,null,null,null,null,null,null,null,null,null,null,null,null,null,null,null,"Estrone","Estrone","Estrone","Estrone","Estrone"]
[null,null,null,null,null,null,null,null,null,null,null,null,null,null,null,null,null,null,null,null,null,null,null,null,null,null,null,null,null,null,null,null,null,null,null,null,null,null,null,null,null,null,null,null,null,null,null,null,null,null,null,null,null,null,null,null,null,null,null,null,null,null,null,null,null,null,null,null,null,null,null,null,null,null,null,null,"Estropipate","Estropipate","Estropipate","Estropipate","Estropipate"]
[null,null,null,null,null,null,null,null,null,null,null,null,null,null,null,null,null,null,null,null,null,null,null,null,null,null,null,null,null,null,null,null,null,null,null,null,null,null,null,null,null,null,null,null,null,null,null,null,null,null,null,null,null,null,null,null,null,null,null,null,null,null,null,null,null,null,null,null,null,null,null,null,null,null,null,null,"Ethanol in alcoholic beverages","Ethanol in alcoholic beverages","Ethanol in alcoholic beverages","Ethanol in alcoholic beverages","Ethanol in alcoholic beverages"]
[null,null,null,null,null,null,null,null,null,null,null,null,null,null,null,null,null,null,null,null,null,null,null,null,null,null,null,null,null,null,null,null,null,null,null,null,null,null,null,null,null,null,null,null,null,null,null,null,null,null,null,null,null,null,null,null,null,null,null,null,null,null,null,null,null,null,null,null,null,null,null,null,null,null,null,null,"Ethinylestradiol","Ethinylestradiol","Ethinylestradiol","Ethinylestradiol","Ethinylestradiol"]
[null,null,null,null,null,null,null,null,null,null,null,null,null,null,null,null,null,null,null,null,null,null,null,null,null,null,null,null,null,null,null,null,null,null,null,null,null,null,null,null,null,null,null,null,null,null,null,null,null,null,null,null,null,null,null,null,null,null,null,null,null,null,null,null,null,null,null,null,null,null,null,null,null,null,null,null,"Ethionamide","Ethionamide","Ethionamide","Ethionamide","Ethionamide"]
[null,null,null,null,null,null,null,null,null,null,null,null,null,null,null,null,null,null,null,null,null,null,null,null,null,null,null,null,null,null,null,null,null,null,null,null,null,null,null,null,null,null,null,null,null,null,null,null,null,null,null,null,null,null,null,null,null,null,null,null,null,null,null,null,null,null,null,null,null,null,null,null,null,null,null,null,"Ethoprop","Ethoprop","Ethoprop","Ethoprop","Ethoprop"]
[null,null,null,null,null,null,null,null,null,null,null,null,null,null,null,null,null,null,null,null,null,null,null,null,null,null,null,null,null,null,null,null,null,null,null,null,null,null,null,null,null,null,null,null,null,null,null,null,null,null,null,null,null,null,null,null,null,null,null,null,null,null,null,null,null,null,null,null,null,null,null,null,null,null,null,null,"Ethyl acrylate","Ethyl acrylate","Ethyl acrylate","Ethyl acrylate","Ethyl acrylate"]
[null,null,null,null,null,null,null,null,null,null,null,null,null,null,null,null,null,null,null,null,null,null,null,null,null,null,null,null,null,null,null,null,null,null,null,null,null,null,null,null,null,null,null,null,null,null,null,null,null,null,null,null,null,null,null,null,null,null,null,null,null,null,null,null,null,null,null,null,null,null,null,null,null,null,null,null,"Ethyl alcohol in alcoholic beverages","Ethyl alcohol in alcoholic beverages","Ethyl alcohol in alcoholic beverages","Ethyl alcohol in alcoholic beverages","Ethyl alcohol in alcoholic beverages"]
[null,null,null,null,null,null,null,null,null,null,null,null,null,null,null,null,null,null,null,null,null,null,null,null,null,null,null,null,null,null,null,null,null,null,null,null,null,null,null,null,null,null,null,null,null,null,null,null,null,null,null,null,null,null,null,null,null,null,null,null,null,null,null,null,null,null,null,null,null,null,null,null,null,null,null,null,"Ethyl dipropylthiocarbamate","Ethyl dipropylthiocarbamate","Ethyl dipropylthiocarbamate","Ethyl dipropylthiocarbamate","Ethyl dipropylthiocarbamate"]
[null,null,null,null,null,null,null,null,null,null,null,null,null,null,null,null,null,null,null,null,null,null,null,null,null,null,null,null,null,null,null,null,null,null,null,null,null,null,null,null,null,null,null,null,null,null,null,null,null,null,null,null,null,null,null,null,null,null,null,null,null,null,null,null,null,null,null,null,null,null,null,null,null,null,null,null,"Ethyl methanesulfonate","Ethyl methanesulfonate","Ethyl methanesulfonate","Ethyl methanesulfonate","Ethyl methanesulfonate"]
[null,null,null,null,null,null,null,null,null,null,null,null,null,null,null,null,null,null,null,null,null,null,null,null,null,null,null,null,null,null,null,null,null,null,null,null,null,null,null,null,null,null,null,null,null,null,null,null,null,null,null,null,null,null,null,null,null,null,null,null,null,null,null,null,null,null,null,null,null,null,null,null,null,null,null,null,"Ethyl-4,4'-dichlorobenzilate","Ethyl-4,4'-dichlorobenzilate","Ethyl-4,4'-dichlorobenzilate","Ethyl-4,4'-dichlorobenzilate","Ethyl-4,4'-dichlorobenzilate"]
[null,null,null,null,null,null,null,null,null,null,null,null,null,null,null,null,null,null,null,null,null,null,null,null,null,null,null,null,null,null,null,null,null,null,null,null,null,null,null,null,null,null,null,null,null,null,null,null,null,null,null,null,null,null,null,null,null,null,null,null,null,null,null,null,null,null,null,null,null,null,null,null,null,null,null,null,"Ethylbenzene","Ethylbenzene","Ethylbenzene","Ethylbenzene","Ethylbenzene"]
[null,null,null,null,null,null,null,null,null,null,null,null,null,null,null,null,null,null,null,null,null,null,null,null,null,null,null,null,null,null,null,null,null,null,null,null,null,null,null,null,null,null,null,null,null,null,null,null,null,null,null,null,null,null,null,null,null,null,null,null,null,null,null,null,null,null,null,null,null,null,null,null,null,null,null,null,"Ethylene dibromide","Ethylene dibromide","Ethylene dibromide","Ethylene dibromide","Ethylene dibromide"]
[null,null,null,null,null,null,null,null,null,null,null,null,null,null,null,null,null,null,null,null,null,null,null,null,null,null,null,null,null,null,null,null,null,null,null,null,null,null,null,null,null,null,null,null,null,null,null,null,null,null,null,null,null,null,null,null,null,null,null,null,null,null,null,null,null,null,null,null,null,null,null,null,null,null,null,null,"Ethylene dichloride (1,2-Dichloroethane)","Ethylene dichloride (1,2-Dichloroethane)","Ethylene dichloride (1,2-Dichloroethane)","Ethylene dichloride (1,2-Dichloroethane)","Ethylene dichloride (1,2-Dichloroethane)"]
[null,null,null,null,null,null,null,null,null,null,null,null,null,null,null,null,null,null,null,null,null,null,null,null,null,null,null,null,null,null,null,null,null,null,null,null,null,null,null,null,null,null,null,null,null,null,null,null,null,null,null,null,null,null,null,null,null,null,null,null,null,null,null,null,null,null,null,null,null,null,null,null,null,null,null,null,"Ethylene glycol (ingested)","Ethylene glycol (ingested)","Ethylene glycol (ingested)","Ethylene glycol (ingested)","Ethylene glycol (ingested)"]
[null,null,null,null,null,null,null,null,null,null,null,null,null,null,null,null,null,null,null,null,null,null,null,null,null,null,null,null,null,null,null,null,null,null,null,null,null,null,null,null,null,null,null,null,null,null,null,null,null,null,null,null,null,null,null,null,null,null,null,null,null,null,null,null,null,null,null,null,null,null,null,null,null,null,null,null,"Ethylene glycol monoethyl ether","Ethylene glycol monoethyl ether","Ethylene glycol monoethyl ether","Ethylene glycol monoethyl ether","Ethylene glycol monoethyl ether"]
[null,null,null,null,null,null,null,null,null,null,null,null,null,null,null,null,null,null,null,null,null,null,null,null,null,null,null,null,null,null,null,null,null,null,null,null,null,null,null,null,null,null,null,null,null,null,null,null,null,null,null,null,null,null,null,null,null,null,null,null,null,null,null,null,null,null,null,null,null,null,null,null,null,null,null,null,"Ethylene glycol monoethyl ether acetate","Ethylene glycol monoethyl ether acetate","Ethylene glycol monoethyl ether acetate","Ethylene glycol monoethyl ether acetate","Ethylene glycol monoethyl ether acetate"]
[null,null,null,null,null,null,null,null,null,null,null,null,null,null,null,null,null,null,null,null,null,null,null,null,null,null,null,null,null,null,null,null,null,null,null,null,null,null,null,null,null,null,null,null,null,null,null,null,null,null,null,null,null,null,null,null,null,null,null,null,null,null,null,null,null,null,null,null,null,null,null,null,null,null,null,null,"Ethylene glycol monomethyl ether","Ethylene glycol monomethyl ether","Ethylene glycol monomethyl ether","Ethylene glycol monomethyl ether","Ethylene glycol monomethyl ether"]
[null,null,null,null,null,null,null,null,null,null,null,null,null,null,null,null,null,null,null,null,null,null,null,null,null,null,null,null,null,null,null,null,null,null,null,null,null,null,null,null,null,null,null,null,null,null,null,null,null,null,null,null,null,null,null,null,null,null,null,null,null,null,null,null,null,null,null,null,null,null,null,null,null,null,null,null,"Ethylene glycol monomethyl ether acetate","Ethylene glycol monomethyl ether acetate","Ethylene glycol monomethyl ether acetate","Ethylene glycol monomethyl ether acetate","Ethylene glycol monomethyl ether acetate"]
[null,null,null,null,null,null,null,null,null,null,null,null,null,null,null,null,null,null,null,null,null,null,null,null,null,null,null,null,null,null,null,null,null,null,null,null,null,null,null,null,null,null,null,null,null,null,null,null,null,null,null,null,null,null,null,null,null,null,null,null,null,null,null,null,null,null,null,null,null,null,null,null,null,null,null,null,"Ethylene oxide","Ethylene oxide","Ethylene oxide","Ethylene oxide","Ethylene oxide"]
[null,null,null,null,null,null,null,null,null,null,null,null,null,null,null,null,null,null,null,null,null,null,null,null,null,null,null,null,null,null,null,null,null,null,null,null,null,null,null,null,null,null,null,null,null,null,null,null,null,null,null,null,null,null,null,null,null,null,null,null,null,null,null,null,null,null,null,null,null,null,null,null,null,null,null,null,"Ethylene thiourea","Ethylene thiourea","Ethylene thiourea","Ethylene thiourea","Ethylene thiourea"]
[null,null,null,null,null,null,null,null,null,null,null,null,null,null,null,null,null,null,null,null,null,null,null,null,null,null,null,null,null,null,null,null,null,null,null,null,null,null,null,null,null,null,null,null,null,null,null,null,null,null,null,null,null,null,null,null,null,null,null,null,null,null,null,null,null,null,null,null,null,null,null,null,null,null,null,null,"Ethyleneimine (Aziridine)","Ethyleneimine (Aziridine)","Ethyleneimine (Aziridine)","Ethyleneimine (Aziridine)","Ethyleneimine (Aziridine)"]
[null,null,null,null,null,null,null,null,null,null,null,null,null,null,null,null,null,null,null,null,null,null,null,null,null,null,null,null,null,null,null,null,null,null,null,null,null,null,null,null,null,null,null,null,null,null,null,null,null,null,null,null,null,null,null,null,null,null,null,null,null,null,null,null,null,null,null,null,null,null,null,null,null,null,null,null,"Etodolac","Etodolac","Etodolac","Etodolac","Etodolac"]
[null,null,null,null,null,null,null,null,null,null,null,null,null,null,null,null,null,null,null,null,null,null,null,null,null,null,null,null,null,null,null,null,null,null,null,null,null,null,null,null,null,null,null,null,null,null,null,null,null,null,null,null,null,null,null,null,null,null,null,null,null,null,null,null,null,null,null,null,null,null,null,null,null,null,null,null,"Etoposide","Etoposide","Etoposide","Etoposide","Etoposide"]
[null,null,null,null,null,null,null,null,null,null,null,null,null,null,null,null,null,null,null,null,null,null,null,null,null,null,null,null,null,null,null,null,null,null,null,null,null,null,null,null,null,null,null,null,null,null,null,null,null,null,null,null,null,null,null,null,null,null,null,null,null,null,null,null,null,null,null,null,null,null,null,null,null,null,null,null,"Etoposide in combination with cisplatin and bleomycin","Etoposide in combination with cisplatin and bleomycin","Etoposide in combination with cisplatin and bleomycin","Etoposide in combination with cisplatin and bleomycin","Etoposide in combination with cisplatin and bleomycin"]
[null,null,null,null,null,null,null,null,null,null,null,null,null,null,null,null,null,null,null,null,null,null,null,null,null,null,null,null,null,null,null,null,null,null,null,null,null,null,null,null,null,null,null,null,null,null,null,null,null,null,null,null,null,null,null,null,null,null,null,null,null,null,null,null,null,null,null,null,null,null,null,null,null,null,null,null,"Etretinate","Etretinate","Etretinate","Etretinate","Etretinate"]
[null,null,null,null,null,null,null,null,null,null,null,null,null,null,null,null,null,null,null,null,null,null,null,null,null,null,null,null,null,null,null,null,null,null,null,null,null,null,null,null,null,null,null,null,null,null,null,null,null,null,null,null,null,null,null,null,null,null,null,null,null,null,null,null,null,null,null,null,null,null,null,null,null,null,null,null,"Fenoxaprop ethyl","Fenoxaprop ethyl","Fenoxaprop ethyl","Fenoxaprop ethyl","Fenoxaprop ethyl"]
[null,null,null,null,null,null,null,null,null,null,null,null,null,null,null,null,null,null,null,null,null,null,null,null,null,null,null,null,null,null,null,null,null,null,null,null,null,null,null,null,null,null,null,null,null,null,null,null,null,null,null,null,null,null,null,null,null,null,null,null,null,null,null,null,null,null,null,null,null,null,null,null,null,null,null,null,"Fenoxycarb","Fenoxycarb","Fenoxycarb","Fenoxycarb","Fenoxycarb"]
[null,null,null,null,null,null,null,null,null,null,null,null,null,null,null,null,null,null,null,null,null,null,null,null,null,null,null,null,null,null,null,null,null,null,null,null,null,null,null,null,null,null,null,null,null,null,null,null,null,null,null,null,null,null,null,null,null,null,null,null,null,null,null,null,null,null,null,null,null,null,null,null,null,null,null,null,"Filgrastim","Filgrastim","Filgrastim","Filgrastim","Filgrastim"]
[null,null,null,null,null,null,null,null,null,null,null,null,null,null,null,null,null,null,null,null,null,null,null,null,null,null,null,null,null,null,null,null,null,null,null,null,null,null,null,null,null,null,null,null,null,null,null,null,null,null,null,null,null,null,null,null,null,null,null,null,null,null,null,null,null,null,null,null,null,null,null,null,null,null,null,null,"Fluazifop butyl","Fluazifop butyl","Fluazifop butyl","Fluazifop butyl","Fluazifop butyl"]
[null,null,null,null,null,null,null,null,null,null,null,null,null,null,null,null,null,null,null,null,null,null,null,null,null,null,null,null,null,null,null,null,null,null,null,null,null,null,null,null,null,null,null,null,null,null,null,null,null,null,null,null,null,null,null,null,null,null,null,null,null,null,null,null,null,null,null,null,null,null,null,null,null,null,null,null,"Flunisolide","Flunisolide","Flunisolide","Flunisolide","Flunisolide"]
[null,null,null,null,null,null,null,null,null,null,null,null,null,null,null,null,null,null,null,null,null,null,null,null,null,null,null,null,null,null,null,null,null,null,null,null,null,null,null,null,null,null,null,null,null,null,null,null,null,null,null,null,null,null,null,null,null,null,null,null,null,null,null,null,null,null,null,null,null,null,null,null,null,null,null,null,"Fluorouracil","Fluorouracil","Fluorouracil","Fluorouracil","Fluorouracil"]
[null,null,null,null,null,null,null,null,null,null,null,null,null,null,null,null,null,null,null,null,null,null,null,null,null,null,null,null,null,null,null,null,null,null,null,null,null,null,null,null,null,null,null,null,null,null,null,null,null,null,null,null,null,null,null,null,null,null,null,null,null,null,null,null,null,null,null,null,null,null,null,null,null,null,null,null,"Fluoxymesterone","Fluoxymesterone","Fluoxymesterone","Fluoxymesterone","Fluoxymesterone"]
[null,null,null,null,null,null,null,null,null,null,null,null,null,null,null,null,null,null,null,null,null,null,null,null,null,null,null,null,null,null,null,null,null,null,null,null,null,null,null,null,null,null,null,null,null,null,null,null,null,null,null,null,null,null,null,null,null,null,null,null,null,null,null,null,null,null,null,null,null,null,null,null,null,null,null,null,"Flurazepam hydrochloride","Flurazepam hydrochloride","Flurazepam hydrochloride","Flurazepam hydrochloride","Flurazepam hydrochloride"]
[null,null,null,null,null,null,null,null,null,null,null,null,null,null,null,null,null,null,null,null,null,null,null,null,null,null,null,null,null,null,null,null,null,null,null,null,null,null,null,null,null,null,null,null,null,null,null,null,null,null,null,null,null,null,null,null,null,null,null,null,null,null,null,null,null,null,null,null,null,null,null,null,null,null,null,null,"Flurbiprofen","Flurbiprofen","Flurbiprofen","Flurbiprofen","Flurbiprofen"]
[null,null,null,null,null,null,null,null,null,null,null,null,null,null,null,null,null,null,null,null,null,null,null,null,null,null,null,null,null,null,null,null,null,null,null,null,null,null,null,null,null,null,null,null,null,null,null,null,null,null,null,null,null,null,null,null,null,null,null,null,null,null,null,null,null,null,null,null,null,null,null,null,null,null,null,null,"Flutamide","Flutamide","Flutamide","Flutamide","Flutamide"]
[null,null,null,null,null,null,null,null,null,null,null,null,null,null,null,null,null,null,null,null,null,null,null,null,null,null,null,null,null,null,null,null,null,null,null,null,null,null,null,null,null,null,null,null,null,null,null,null,null,null,null,null,null,null,null,null,null,null,null,null,null,null,null,null,null,null,null,null,null,null,null,null,null,null,null,null,"Fluticasone propionate","Fluticasone propionate","Fluticasone propionate","Fluticasone propionate","Fluticasone propionate"]
[null,null,null,null,null,null,null,null,null,null,null,null,null,null,null,null,null,null,null,null,null,null,null,null,null,null,null,null,null,null,null,null,null,null,null,null,null,null,null,null,null,null,null,null,null,null,null,null,null,null,null,null,null,null,null,null,null,null,null,null,null,null,null,null,null,null,null,null,null,null,null,null,null,null,null,null,"Fluvalinate","Fluvalinate","Fluvalinate","Fluvalinate","Fluvalinate"]
[null,null,null,null,null,null,null,null,null,null,null,null,null,null,null,null,null,null,null,null,null,null,null,null,null,null,null,null,null,null,null,null,null,null,null,null,null,null,null,null,null,null,null,null,null,null,null,null,null,null,null,null,null,null,null,null,null,null,null,null,null,null,null,null,null,null,null,null,null,null,null,null,null,null,null,null,"Folpet","Folpet","Folpet","Folpet","Folpet"]
[null,null,null,null,null,null,null,null,null,null,null,null,null,null,null,null,null,null,null,null,null,null,null,null,null,null,null,null,null,null,null,null,null,null,null,null,null,null,null,null,null,null,null,null,null,null,null,null,null,null,null,null,null,null,null,null,null,null,null,null,null,null,null,null,null,null,null,null,null,null,null,null,null,null,null,null,"Fumonisin B1","Fumonisin B1","Fumonisin B1","Fumonisin B1","Fumonisin B1"]
[null,null,null,null,null,null,null,null,null,null,null,null,null,null,null,null,null,null,null,null,null,null,null,null,null,null,null,null,null,null,null,null,null,null,null,null,null,null,null,null,null,null,null,null,null,null,null,null,null,null,null,null,null,null,null,null,null,null,null,null,null,null,null,null,null,null,null,null,null,null,null,null,null,null,null,null,"Furan","Furan","Furan","Furan","Furan"]
[null,null,null,null,null,null,null,null,null,null,null,null,null,null,null,null,null,null,null,null,null,null,null,null,null,null,null,null,null,null,null,null,null,null,null,null,null,null,null,null,null,null,null,null,null,null,null,null,null,null,null,null,null,null,null,null,null,null,null,null,null,null,null,null,null,null,null,null,null,null,null,null,null,null,null,null,"Furazolidone","Furazolidone","Furazolidone","Furazolidone","Furazolidone"]
[null,null,null,null,null,null,null,null,null,null,null,null,null,null,null,null,null,null,null,null,null,null,null,null,null,null,null,null,null,null,null,null,null,null,null,null,null,null,null,null,null,null,null,null,null,null,null,null,null,null,null,null,null,null,null,null,null,null,null,null,null,null,null,null,null,null,null,null,null,null,null,null,null,null,null,null,"Furfuryl alcohol","Furfuryl alcohol","Furfuryl alcohol","Furfuryl alcohol","Furfuryl alcohol"]
[null,null,null,null,null,null,null,null,null,null,null,null,null,null,null,null,null,null,null,null,null,null,null,null,null,null,null,null,null,null,null,null,null,null,null,null,null,null,null,null,null,null,null,null,null,null,null,null,null,null,null,null,null,null,null,null,null,null,null,null,null,null,null,null,null,null,null,null,null,null,null,null,null,null,null,null,"Furmecyclox","Furmecyclox","Furmecyclox","Furmecyclox","Furmecyclox"]
[null,null,null,null,null,null,null,null,null,null,null,null,null,null,null,null,null,null,null,null,null,null,null,null,null,null,null,null,null,null,null,null,null,null,null,null,null,null,null,null,null,null,null,null,null,null,null,null,null,null,null,null,null,null,null,null,null,null,null,null,null,null,null,null,null,null,null,null,null,null,null,null,null,null,null,null,"Fusarin C","Fusarin C","Fusarin C","Fusarin C","Fusarin C"]
[null,null,null,null,null,null,null,null,null,null,null,null,null,null,null,null,null,null,null,null,null,null,null,null,null,null,null,null,null,null,null,null,null,null,null,null,null,null,null,null,null,null,null,null,null,null,null,null,null,null,null,null,null,null,null,null,null,null,null,null,null,null,null,null,null,null,null,null,null,null,null,null,null,null,null,null,"Gallium arsenide","Gallium arsenide","Gallium arsenide","Gallium arsenide","Gallium arsenide"]
[null,null,null,null,null,null,null,null,null,null,null,null,null,null,null,null,null,null,null,null,null,null,null,null,null,null,null,null,null,null,null,null,null,null,null,null,null,null,null,null,null,null,null,null,null,null,null,null,null,null,null,null,null,null,null,null,null,null,null,null,null,null,null,null,null,null,null,null,null,null,null,null,null,null,null,null,"Ganciclovir","Ganciclovir","Ganciclovir","Ganciclovir","Ganciclovir"]
[null,null,null,null,null,null,null,null,null,null,null,null,null,null,null,null,null,null,null,null,null,null,null,null,null,null,null,null,null,null,null,null,null,null,null,null,null,null,null,null,null,null,null,null,null,null,null,null,null,null,null,null,null,null,null,null,null,null,null,null,null,null,null,null,null,null,null,null,null,null,null,null,null,null,null,null,"Ganciclovir sodium","Ganciclovir sodium","Ganciclovir sodium","Ganciclovir sodium","Ganciclovir sodium"]
[null,null,null,null,null,null,null,null,null,null,null,null,null,null,null,null,null,null,null,null,null,null,null,null,null,null,null,null,null,null,null,null,null,null,null,null,null,null,null,null,null,null,null,null,null,null,null,null,null,null,null,null,null,null,null,null,null,null,null,null,null,null,null,null,null,null,null,null,null,null,null,null,null,null,null,null,"Gasoline engine exhaust (condensates/extracts)","Gasoline engine exhaust (condensates/extracts)","Gasoline engine exhaust (condensates/extracts)","Gasoline engine exhaust (condensates/extracts)","Gasoline engine exhaust (condensates/extracts)"]
[null,null,null,null,null,null,null,null,null,null,null,null,null,null,null,null,null,null,null,null,null,null,null,null,null,null,null,null,null,null,null,null,null,null,null,null,null,null,null,null,null,null,null,null,null,null,null,null,null,null,null,null,null,null,null,null,null,null,null,null,null,null,null,null,null,null,null,null,null,null,null,null,null,null,null,null,"Gemfibrozil","Gemfibrozil","Gemfibrozil","Gemfibrozil","Gemfibrozil"]
[null,null,null,null,null,null,null,null,null,null,null,null,null,null,null,null,null,null,null,null,null,null,null,null,null,null,null,null,null,null,null,null,null,null,null,null,null,null,null,null,null,null,null,null,null,null,null,null,null,null,null,null,null,null,null,null,null,null,null,null,null,null,null,null,null,null,null,null,null,null,null,null,null,null,null,null,"Glass wool fibers (inhalable and biopersistent)","Glass wool fibers (inhalable and biopersistent)","Glass wool fibers (inhalable and biopersistent)","Glass wool fibers (inhalable and biopersistent)","Glass wool fibers (inhalable and biopersistent)"]
[null,null,null,null,null,null,null,null,null,null,null,null,null,null,null,null,null,null,null,null,null,null,null,null,null,null,null,null,null,null,null,null,null,null,null,null,null,null,null,null,null,null,null,null,null,null,null,null,null,null,null,null,null,null,null,null,null,null,null,null,null,null,null,null,null,null,null,null,null,null,null,null,null,null,null,null,"Glu-P-1 (2-Amino-6-methyldipyrido[1,2- a:3',2'-d]imidazole)","Glu-P-1 (2-Amino-6-methyldipyrido[1,2- a:3',2'-d]imidazole)","Glu-P-1 (2-Amino-6-methyldipyrido[1,2- a:3',2'-d]imidazole)","Glu-P-1 (2-Amino-6-methyldipyrido[1,2- a:3',2'-d]imidazole)","Glu-P-1 (2-Amino-6-methyldipyrido[1,2- a:3',2'-d]imidazole)"]
[null,null,null,null,null,null,null,null,null,null,null,null,null,null,null,null,null,null,null,null,null,null,null,null,null,null,null,null,null,null,null,null,null,null,null,null,null,null,null,null,null,null,null,null,null,null,null,null,null,null,null,null,null,null,null,null,null,null,null,null,null,null,null,null,null,null,null,null,null,null,null,null,null,null,null,null,"Glu-P-2 (2-Aminodipyrido[1,2-a:3',2'-d]imidazole)","Glu-P-2 (2-Aminodipyrido[1,2-a:3',2'-d]imidazole)","Glu-P-2 (2-Aminodipyrido[1,2-a:3',2'-d]imidazole)","Glu-P-2 (2-Aminodipyrido[1,2-a:3',2'-d]imidazole)","Glu-P-2 (2-Aminodipyrido[1,2-a:3',2'-d]imidazole)"]
[null,null,null,null,null,null,null,null,null,null,null,null,null,null,null,null,null,null,null,null,null,null,null,null,null,null,null,null,null,null,null,null,null,null,null,null,null,null,null,null,null,null,null,null,null,null,null,null,null,null,null,null,null,null,null,null,null,null,null,null,null,null,null,null,null,null,null,null,null,null,null,null,null,null,null,null,"Glycidaldehyde","Glycidaldehyde","Glycidaldehyde","Glycidaldehyde","Glycidaldehyde"]
[null,null,null,null,null,null,null,null,null,null,null,null,null,null,null,null,null,null,null,null,null,null,null,null,null,null,null,null,null,null,null,null,null,null,null,null,null,null,null,null,null,null,null,null,null,null,null,null,null,null,null,null,null,null,null,null,null,null,null,null,null,null,null,null,null,null,null,null,null,null,null,null,null,null,null,null,"Glycidol","Glycidol","Glycidol","Glycidol","Glycidol"]
[null,null,null,null,null,null,null,null,null,null,null,null,null,null,null,null,null,null,null,null,null,null,null,null,null,null,null,null,null,null,null,null,null,null,null,null,null,null,null,null,null,null,null,null,null,null,null,null,null,null,null,null,null,null,null,null,null,null,null,null,null,null,null,null,null,null,null,null,null,null,null,null,null,null,null,null,"Glyphosate","Glyphosate","Glyphosate","Glyphosate","Glyphosate"]
[null,null,null,null,null,null,null,null,null,null,null,null,null,null,null,null,null,null,null,null,null,null,null,null,null,null,null,null,null,null,null,null,null,null,null,null,null,null,null,null,null,null,null,null,null,null,null,null,null,null,null,null,null,null,null,null,null,null,null,null,null,null,null,null,null,null,null,null,null,null,null,null,null,null,null,null,"Goldenseal root powder","Goldenseal root powder","Goldenseal root powder","Goldenseal root powder","Goldenseal root powder"]
[null,null,null,null,null,null,null,null,null,null,null,null,null,null,null,null,null,null,null,null,null,null,null,null,null,null,null,null,null,null,null,null,null,null,null,null,null,null,null,null,null,null,null,null,null,null,null,null,null,null,null,null,null,null,null,null,null,null,null,null,null,null,null,null,null,null,null,null,null,null,null,null,null,null,null,null,"Goserelin acetate","Goserelin acetate","Goserelin acetate","Goserelin acetate","Goserelin acetate"]
[null,null,null,null,null,null,null,null,null,null,null,null,null,null,null,null,null,null,null,null,null,null,null,null,null,null,null,null,null,null,null,null,null,null,null,null,null,null,null,null,null,null,null,null,null,null,null,null,null,null,null,null,null,null,null,null,null,null,null,null,null,null,null,null,null,null,null,null,null,null,null,null,null,null,null,null,"Griseofulvin","Griseofulvin","Griseofulvin","Griseofulvin","Griseofulvin"]
[null,null,null,null,null,null,null,null,null,null,null,null,null,null,null,null,null,null,null,null,null,null,null,null,null,null,null,null,null,null,null,null,null,null,null,null,null,null,null,null,null,null,null,null,null,null,null,null,null,null,null,null,null,null,null,null,null,null,null,null,null,null,null,null,null,null,null,null,null,null,null,null,null,null,null,null,"Gyromitrin (Acetaldehyde methylformylhydrazone)","Gyromitrin (Acetaldehyde methylformylhydrazone)","Gyromitrin (Acetaldehyde methylformylhydrazone)","Gyromitrin (Acetaldehyde methylformylhydrazone)","Gyromitrin (Acetaldehyde methylformylhydrazone)"]
[null,null,null,null,null,null,null,null,null,null,null,null,null,null,null,null,null,null,null,null,null,null,null,null,null,null,null,null,null,null,null,null,null,null,null,null,null,null,null,null,null,null,null,null,null,null,null,null,null,null,null,null,null,null,null,null,null,null,null,null,null,null,null,null,null,null,null,null,null,null,null,null,null,null,null,null,"Halazepam","Halazepam","Halazepam","Halazepam","Halazepam"]
[null,null,null,null,null,null,null,null,null,null,null,null,null,null,null,null,null,null,null,null,null,null,null,null,null,null,null,null,null,null,null,null,null,null,null,null,null,null,null,null,null,null,null,null,null,null,null,null,null,null,null,null,null,null,null,null,null,null,null,null,null,null,null,null,null,null,null,null,null,null,null,null,null,null,null,null,"Halobetasol propionate","Halobetasol propionate","Halobetasol propionate","Halobetasol propionate","Halobetasol propionate"]
[null,null,null,null,null,null,null,null,null,null,null,null,null,null,null,null,null,null,null,null,null,null,null,null,null,null,null,null,null,null,null,null,null,null,null,null,null,null,null,null,null,null,null,null,null,null,null,null,null,null,null,null,null,null,null,null,null,null,null,null,null,null,null,null,null,null,null,null,null,null,null,null,null,null,null,null,"Haloperidol","Haloperidol","Haloperidol","Haloperidol","Haloperidol"]
[null,null,null,null,null,null,null,null,null,null,null,null,null,null,null,null,null,null,null,null,null,null,null,null,null,null,null,null,null,null,null,null,null,null,null,null,null,null,null,null,null,null,null,null,null,null,null,null,null,null,null,null,null,null,null,null,null,null,null,null,null,null,null,null,null,null,null,null,null,null,null,null,null,null,null,null,"Halothane","Halothane","Halothane","Halothane","Halothane"]
[null,null,null,null,null,null,null,null,null,null,null,null,null,null,null,null,null,null,null,null,null,null,null,null,null,null,null,null,null,null,null,null,null,null,null,null,null,null,null,null,null,null,null,null,null,null,null,null,null,null,null,null,null,null,null,null,null,null,null,null,null,null,null,null,null,null,null,null,null,null,null,null,null,null,null,null,"HC Blue 1","HC Blue 1","HC Blue 1","HC Blue 1","HC Blue 1"]
[null,null,null,null,null,null,null,null,null,null,null,null,null,null,null,null,null,null,null,null,null,null,null,null,null,null,null,null,null,null,null,null,null,null,null,null,null,null,null,null,null,null,null,null,null,null,null,null,null,null,null,null,null,null,null,null,null,null,null,null,null,null,null,null,null,null,null,null,null,null,null,null,null,null,null,null,"Heptachlor","Heptachlor","Heptachlor","Heptachlor","Heptachlor"]
[null,null,null,null,null,null,null,null,null,null,null,null,null,null,null,null,null,null,null,null,null,null,null,null,null,null,null,null,null,null,null,null,null,null,null,null,null,null,null,null,null,null,null,null,null,null,null,null,null,null,null,null,null,null,null,null,null,null,null,null,null,null,null,null,null,null,null,null,null,null,null,null,null,null,null,null,"Heptachlor epoxide","Heptachlor epoxide","Heptachlor epoxide","Heptachlor epoxide","Heptachlor epoxide"]
[null,null,null,null,null,null,null,null,null,null,null,null,null,null,null,null,null,null,null,null,null,null,null,null,null,null,null,null,null,null,null,null,null,null,null,null,null,null,null,null,null,null,null,null,null,null,null,null,null,null,null,null,null,null,null,null,null,null,null,null,null,null,null,null,null,null,null,null,null,null,null,null,null,null,null,null,"Herbal remedies containing plant species of the genus Aristolochia","Herbal remedies containing plant species of the genus Aristolochia","Herbal remedies containing plant species of the genus Aristolochia","Herbal remedies containing plant species of the genus Aristolochia","Herbal remedies containing plant species of the genus Aristolochia"]
[null,null,null,null,null,null,null,null,null,null,null,null,null,null,null,null,null,null,null,null,null,null,null,null,null,null,null,null,null,null,null,null,null,null,null,null,null,null,null,null,null,null,null,null,null,null,null,null,null,null,null,null,null,null,null,null,null,null,null,null,null,null,null,null,null,null,null,null,null,null,null,null,null,null,null,null,"Hexachlorobenzene","Hexachlorobenzene","Hexachlorobenzene","Hexachlorobenzene","Hexachlorobenzene"]
[null,null,null,null,null,null,null,null,null,null,null,null,null,null,null,null,null,null,null,null,null,null,null,null,null,null,null,null,null,null,null,null,null,null,null,null,null,null,null,null,null,null,null,null,null,null,null,null,null,null,null,null,null,null,null,null,null,null,null,null,null,null,null,null,null,null,null,null,null,null,null,null,null,null,null,null,"Hexachlorobutadiene","Hexachlorobutadiene","Hexachlorobutadiene","Hexachlorobutadiene","Hexachlorobutadiene"]
[null,null,null,null,null,null,null,null,null,null,null,null,null,null,null,null,null,null,null,null,null,null,null,null,null,null,null,null,null,null,null,null,null,null,null,null,null,null,null,null,null,null,null,null,null,null,null,null,null,null,null,null,null,null,null,null,null,null,null,null,null,null,null,null,null,null,null,null,null,null,null,null,null,null,null,null,"Hexachlorocyclohexane (alpha isomer)","Hexachlorocyclohexane (alpha isomer)","Hexachlorocyclohexane (alpha isomer)","Hexachlorocyclohexane (alpha isomer)","Hexachlorocyclohexane (alpha isomer)"]
[null,null,null,null,null,null,null,null,null,null,null,null,null,null,null,null,null,null,null,null,null,null,null,null,null,null,null,null,null,null,null,null,null,null,null,null,null,null,null,null,null,null,null,null,null,null,null,null,null,null,null,null,null,null,null,null,null,null,null,null,null,null,null,null,null,null,null,null,null,null,null,null,null,null,null,null,"Hexachlorocyclohexane (beta isomer)","Hexachlorocyclohexane (beta isomer)","Hexachlorocyclohexane (beta isomer)","Hexachlorocyclohexane (beta isomer)","Hexachlorocyclohexane (beta isomer)"]
[null,null,null,null,null,null,null,null,null,null,null,null,null,null,null,null,null,null,null,null,null,null,null,null,null,null,null,null,null,null,null,null,null,null,null,null,null,null,null,null,null,null,null,null,null,null,null,null,null,null,null,null,null,null,null,null,null,null,null,null,null,null,null,null,null,null,null,null,null,null,null,null,null,null,null,null,"Hexachlorocyclohexane (gamma isomer)","Hexachlorocyclohexane (gamma isomer)","Hexachlorocyclohexane (gamma isomer)","Hexachlorocyclohexane (gamma isomer)","Hexachlorocyclohexane (gamma isomer)"]
[null,null,null,null,null,null,null,null,null,null,null,null,null,null,null,null,null,null,null,null,null,null,null,null,null,null,null,null,null,null,null,null,null,null,null,null,null,null,null,null,null,null,null,null,null,null,null,null,null,null,null,null,null,null,null,null,null,null,null,null,null,null,null,null,null,null,null,null,null,null,null,null,null,null,null,null,"Hexachlorocyclohexane (technical grade)","Hexachlorocyclohexane (technical grade)","Hexachlorocyclohexane (technical grade)","Hexachlorocyclohexane (technical grade)","Hexachlorocyclohexane (technical grade)"]
[null,null,null,null,null,null,null,null,null,null,null,null,null,null,null,null,null,null,null,null,null,null,null,null,null,null,null,null,null,null,null,null,null,null,null,null,null,null,null,null,null,null,null,null,null,null,null,null,null,null,null,null,null,null,null,null,null,null,null,null,null,null,null,null,null,null,null,null,null,null,null,null,null,null,null,null,"Hexachlorodibenzodioxin","Hexachlorodibenzodioxin","Hexachlorodibenzodioxin","Hexachlorodibenzodioxin","Hexachlorodibenzodioxin"]
[null,null,null,null,null,null,null,null,null,null,null,null,null,null,null,null,null,null,null,null,null,null,null,null,null,null,null,null,null,null,null,null,null,null,null,null,null,null,null,null,null,null,null,null,null,null,null,null,null,null,null,null,null,null,null,null,null,null,null,null,null,null,null,null,null,null,null,null,null,null,null,null,null,null,null,null,"Hexachloroethane","Hexachloroethane","Hexachloroethane","Hexachloroethane","Hexachloroethane"]
[null,null,null,null,null,null,null,null,null,null,null,null,null,null,null,null,null,null,null,null,null,null,null,null,null,null,null,null,null,null,null,null,null,null,null,null,null,null,null,null,null,null,null,null,null,null,null,null,null,null,null,null,null,null,null,null,null,null,null,null,null,null,null,null,null,null,null,null,null,null,null,null,null,null,null,null,"Hexafluoroacetone","Hexafluoroacetone","Hexafluoroacetone","Hexafluoroacetone","Hexafluoroacetone"]
[null,null,null,null,null,null,null,null,null,null,null,null,null,null,null,null,null,null,null,null,null,null,null,null,null,null,null,null,null,null,null,null,null,null,null,null,null,null,null,null,null,null,null,null,null,null,null,null,null,null,null,null,null,null,null,null,null,null,null,null,null,null,null,null,null,null,null,null,null,null,null,null,null,null,null,null,"Hexamethylphosphoramide","Hexamethylphosphoramide","Hexamethylphosphoramide","Hexamethylphosphoramide","Hexamethylphosphoramide"]
[null,null,null,null,null,null,null,null,null,null,null,null,null,null,null,null,null,null,null,null,null,null,null,null,null,null,null,null,null,null,null,null,null,null,null,null,null,null,null,null,null,null,null,null,null,null,null,null,null,null,null,null,null,null,null,null,null,null,null,null,null,null,null,null,null,null,null,null,null,null,null,null,null,null,null,null,"Histrelin acetate","Histrelin acetate","Histrelin acetate","Histrelin acetate","Histrelin acetate"]
[null,null,null,null,null,null,null,null,null,null,null,null,null,null,null,null,null,null,null,null,null,null,null,null,null,null,null,null,null,null,null,null,null,null,null,null,null,null,null,null,null,null,null,null,null,null,null,null,null,null,null,null,null,null,null,null,null,null,null,null,null,null,null,null,null,null,null,null,null,null,null,null,null,null,null,null,"Hydramethylnon","Hydramethylnon","Hydramethylnon","Hydramethylnon","Hydramethylnon"]
[null,null,null,null,null,null,null,null,null,null,null,null,null,null,null,null,null,null,null,null,null,null,null,null,null,null,null,null,null,null,null,null,null,null,null,null,null,null,null,null,null,null,null,null,null,null,null,null,null,null,null,null,null,null,null,null,null,null,null,null,null,null,null,null,null,null,null,null,null,null,null,null,null,null,null,null,"Hydrazine","Hydrazine","Hydrazine","Hydrazine","Hydrazine"]
[null,null,null,null,null,null,null,null,null,null,null,null,null,null,null,null,null,null,null,null,null,null,null,null,null,null,null,null,null,null,null,null,null,null,null,null,null,null,null,null,null,null,null,null,null,null,null,null,null,null,null,null,null,null,null,null,null,null,null,null,null,null,null,null,null,null,null,null,null,null,null,null,null,null,null,null,"Hydrazine sulfate","Hydrazine sulfate","Hydrazine sulfate","Hydrazine sulfate","Hydrazine sulfate"]
[null,null,null,null,null,null,null,null,null,null,null,null,null,null,null,null,null,null,null,null,null,null,null,null,null,null,null,null,null,null,null,null,null,null,null,null,null,null,null,null,null,null,null,null,null,null,null,null,null,null,null,null,null,null,null,null,null,null,null,null,null,null,null,null,null,null,null,null,null,null,null,null,null,null,null,null,"Hydrazobenzene (1,2-Diphenylhydrazine)","Hydrazobenzene (1,2-Diphenylhydrazine)","Hydrazobenzene (1,2-Diphenylhydrazine)","Hydrazobenzene (1,2-Diphenylhydrazine)","Hydrazobenzene (1,2-Diphenylhydrazine)"]
[null,null,null,null,null,null,null,null,null,null,null,null,null,null,null,null,null,null,null,null,null,null,null,null,null,null,null,null,null,null,null,null,null,null,null,null,null,null,null,null,null,null,null,null,null,null,null,null,null,null,null,null,null,null,null,null,null,null,null,null,null,null,null,null,null,null,null,null,null,null,null,null,null,null,null,null,"Hydrogen cyanide","Hydrogen cyanide","Hydrogen cyanide","Hydrogen cyanide","Hydrogen cyanide"]
[null,null,null,null,null,null,null,null,null,null,null,null,null,null,null,null,null,null,null,null,null,null,null,null,null,null,null,null,null,null,null,null,null,null,null,null,null,null,null,null,null,null,null,null,null,null,null,null,null,null,null,null,null,null,null,null,null,null,null,null,null,null,null,null,null,null,null,null,null,null,null,null,null,null,null,null,"Hydrogen cyanide (HCN) and cyanide salts (CN salts)","Hydrogen cyanide (HCN) and cyanide salts (CN salts)","Hydrogen cyanide (HCN) and cyanide salts (CN salts)","Hydrogen cyanide (HCN) and cyanide salts (CN salts)","Hydrogen cyanide (HCN) and cyanide salts (CN salts)"]
[null,null,null,null,null,null,null,null,null,null,null,null,null,null,null,null,null,null,null,null,null,null,null,null,null,null,null,null,null,null,null,null,null,null,null,null,null,null,null,null,null,null,null,null,null,null,null,null,null,null,null,null,null,null,null,null,null,null,null,null,null,null,null,null,null,null,null,null,null,null,null,null,null,null,null,null,"Hydroxyurea","Hydroxyurea","Hydroxyurea","Hydroxyurea","Hydroxyurea"]
[null,null,null,null,null,null,null,null,null,null,null,null,null,null,null,null,null,null,null,null,null,null,null,null,null,null,null,null,null,null,null,null,null,null,null,null,null,null,null,null,null,null,null,null,null,null,null,null,null,null,null,null,null,null,null,null,null,null,null,null,null,null,null,null,null,null,null,null,null,null,null,null,null,null,null,null,"Idarubicin hydrochloride","Idarubicin hydrochloride","Idarubicin hydrochloride","Idarubicin hydrochloride","Idarubicin hydrochloride"]
[null,null,null,null,null,null,null,null,null,null,null,null,null,null,null,null,null,null,null,null,null,null,null,null,null,null,null,null,null,null,null,null,null,null,null,null,null,null,null,null,null,null,null,null,null,null,null,null,null,null,null,null,null,null,null,null,null,null,null,null,null,null,null,null,null,null,null,null,null,null,null,null,null,null,null,null,"Ifosfamide","Ifosfamide","Ifosfamide","Ifosfamide","Ifosfamide"]
[null,null,null,null,null,null,null,null,null,null,null,null,null,null,null,null,null,null,null,null,null,null,null,null,null,null,null,null,null,null,null,null,null,null,null,null,null,null,null,null,null,null,null,null,null,null,null,null,null,null,null,null,null,null,null,null,null,null,null,null,null,null,null,null,null,null,null,null,null,null,null,null,null,null,null,null,"Imazalil","Imazalil","Imazalil","Imazalil","Imazalil"]
[null,null,null,null,null,null,null,null,null,null,null,null,null,null,null,null,null,null,null,null,null,null,null,null,null,null,null,null,null,null,null,null,null,null,null,null,null,null,null,null,null,null,null,null,null,null,null,null,null,null,null,null,null,null,null,null,null,null,null,null,null,null,null,null,null,null,null,null,null,null,null,null,null,null,null,null,"Indeno[1,2,3-cd]pyrene","Indeno[1,2,3-cd]pyrene","Indeno[1,2,3-cd]pyrene","Indeno[1,2,3-cd]pyrene","Indeno[1,2,3-cd]pyrene"]
[null,null,null,null,null,null,null,null,null,null,null,null,null,null,null,null,null,null,null,null,null,null,null,null,null,null,null,null,null,null,null,null,null,null,null,null,null,null,null,null,null,null,null,null,null,null,null,null,null,null,null,null,null,null,null,null,null,null,null,null,null,null,null,null,null,null,null,null,null,null,null,null,null,null,null,null,"Indium phosphide","Indium phosphide","Indium phosphide","Indium phosphide","Indium phosphide"]
[null,null,null,null,null,null,null,null,null,null,null,null,null,null,null,null,null,null,null,null,null,null,null,null,null,null,null,null,null,null,null,null,null,null,null,null,null,null,null,null,null,null,null,null,null,null,null,null,null,null,null,null,null,null,null,null,null,null,null,null,null,null,null,null,null,null,null,null,null,null,null,null,null,null,null,null,"Iodine-131","Iodine-131","Iodine-131","Iodine-131","Iodine-131"]
[null,null,null,null,null,null,null,null,null,null,null,null,null,null,null,null,null,null,null,null,null,null,null,null,null,null,null,null,null,null,null,null,null,null,null,null,null,null,null,null,null,null,null,null,null,null,null,null,null,null,null,null,null,null,null,null,null,null,null,null,null,null,null,null,null,null,null,null,null,null,null,null,null,null,null,null,"Iprodione","Iprodione","Iprodione","Iprodione","Iprodione"]
[null,null,null,null,null,null,null,null,null,null,null,null,null,null,null,null,null,null,null,null,null,null,null,null,null,null,null,null,null,null,null,null,null,null,null,null,null,null,null,null,null,null,null,null,null,null,null,null,null,null,null,null,null,null,null,null,null,null,null,null,null,null,null,null,null,null,null,null,null,null,null,null,null,null,null,null,"Iprovalicarb","Iprovalicarb","Iprovalicarb","Iprovalicarb","Iprovalicarb"]
[null,null,null,null,null,null,null,null,null,null,null,null,null,null,null,null,null,null,null,null,null,null,null,null,null,null,null,null,null,null,null,null,null,null,null,null,null,null,null,null,null,null,null,null,null,null,null,null,null,null,null,null,null,null,null,null,null,null,null,null,null,null,null,null,null,null,null,null,null,null,null,null,null,null,null,null,"IQ (2-Amino-3-methylimidazo[4,5-f] quinoline)","IQ (2-Amino-3-methylimidazo[4,5-f] quinoline)","IQ (2-Amino-3-methylimidazo[4,5-f] quinoline)","IQ (2-Amino-3-methylimidazo[4,5-f] quinoline)","IQ (2-Amino-3-methylimidazo[4,5-f] quinoline)"]
[null,null,null,null,null,null,null,null,null,null,null,null,null,null,null,null,null,null,null,null,null,null,null,null,null,null,null,null,null,null,null,null,null,null,null,null,null,null,null,null,null,null,null,null,null,null,null,null,null,null,null,null,null,null,null,null,null,null,null,null,null,null,null,null,null,null,null,null,null,null,null,null,null,null,null,null,"Iron dextran complex","Iron dextran complex","Iron dextran complex","Iron dextran complex","Iron dextran complex"]
[null,null,null,null,null,null,null,null,null,null,null,null,null,null,null,null,null,null,null,null,null,null,null,null,null,null,null,null,null,null,null,null,null,null,null,null,null,null,null,null,null,null,null,null,null,null,null,null,null,null,null,null,null,null,null,null,null,null,null,null,null,null,null,null,null,null,null,null,null,null,null,null,null,null,null,null,"Isobutyl nitrite","Isobutyl nitrite","Isobutyl nitrite","Isobutyl nitrite","Isobutyl nitrite"]
[null,null,null,null,null,null,null,null,null,null,null,null,null,null,null,null,null,null,null,null,null,null,null,null,null,null,null,null,null,null,null,null,null,null,null,null,null,null,null,null,null,null,null,null,null,null,null,null,null,null,null,null,null,null,null,null,null,null,null,null,null,null,null,null,null,null,null,null,null,null,null,null,null,null,null,null,"Isoprene","Isoprene","Isoprene","Isoprene","Isoprene"]
[null,null,null,null,null,null,null,null,null,null,null,null,null,null,null,null,null,null,null,null,null,null,null,null,null,null,null,null,null,null,null,null,null,null,null,null,null,null,null,null,null,null,null,null,null,null,null,null,null,null,null,null,null,null,null,null,null,null,null,null,null,null,null,null,null,null,null,null,null,null,null,null,null,null,null,null,"Isopyrazam","Isopyrazam","Isopyrazam","Isopyrazam","Isopyrazam"]
[null,null,null,null,null,null,null,null,null,null,null,null,null,null,null,null,null,null,null,null,null,null,null,null,null,null,null,null,null,null,null,null,null,null,null,null,null,null,null,null,null,null,null,null,null,null,null,null,null,null,null,null,null,null,null,null,null,null,null,null,null,null,null,null,null,null,null,null,null,null,null,null,null,null,null,null,"Isotretinoin","Isotretinoin","Isotretinoin","Isotretinoin","Isotretinoin"]
[null,null,null,null,null,null,null,null,null,null,null,null,null,null,null,null,null,null,null,null,null,null,null,null,null,null,null,null,null,null,null,null,null,null,null,null,null,null,null,null,null,null,null,null,null,null,null,null,null,null,null,null,null,null,null,null,null,null,null,null,null,null,null,null,null,null,null,null,null,null,null,null,null,null,null,null,"Isoxaflutole","Isoxaflutole","Isoxaflutole","Isoxaflutole","Isoxaflutole"]
[null,null,null,null,null,null,null,null,null,null,null,null,null,null,null,null,null,null,null,null,null,null,null,null,null,null,null,null,null,null,null,null,null,null,null,null,null,null,null,null,null,null,null,null,null,null,null,null,null,null,null,null,null,null,null,null,null,null,null,null,null,null,null,null,null,null,null,null,null,null,null,null,null,null,null,null,"Kresoxim-methyl","Kresoxim-methyl","Kresoxim-methyl","Kresoxim-methyl","Kresoxim-methyl"]
[null,null,null,null,null,null,null,null,null,null,null,null,null,null,null,null,null,null,null,null,null,null,null,null,null,null,null,null,null,null,null,null,null,null,null,null,null,null,null,null,null,null,null,null,null,null,null,null,null,null,null,null,null,null,null,null,null,null,null,null,null,null,null,null,null,null,null,null,null,null,null,null,null,null,null,null,"Lactofen","Lactofen","Lactofen","Lactofen","Lactofen"]
[null,null,null,null,null,null,null,null,null,null,null,null,null,null,null,null,null,null,null,null,null,null,null,null,null,null,null,null,null,null,null,null,null,null,null,null,null,null,null,null,null,null,null,null,null,null,null,null,null,null,null,null,null,null,null,null,null,null,null,null,null,null,null,null,null,null,null,null,null,null,null,null,null,null,null,null,"Lasiocarpine","Lasiocarpine","Lasiocarpine","Lasiocarpine","Lasiocarpine"]
[null,null,null,null,null,null,null,null,null,null,null,null,null,null,null,null,null,null,null,null,null,null,null,null,null,null,null,null,null,null,null,null,null,null,null,null,null,null,null,null,null,null,null,null,null,null,null,null,null,null,null,null,null,null,null,null,null,null,null,null,null,null,null,null,null,null,null,null,null,null,null,null,null,null,null,null,"Leather dust","Leather dust","Leather dust","Leather dust","Leather dust"]
[null,null,null,null,null,null,null,null,null,null,null,null,null,null,null,null,null,null,null,null,null,null,null,null,null,null,null,null,null,null,null,null,null,null,null,null,null,null,null,null,null,null,null,null,null,null,null,null,null,null,null,null,null,null,null,null,null,null,null,null,null,null,null,null,null,null,null,null,null,null,null,null,null,null,null,null,"Leuprolide acetate","Leuprolide acetate","Leuprolide acetate","Leuprolide acetate","Leuprolide acetate"]
[null,null,null,null,null,null,null,null,null,null,null,null,null,null,null,null,null,null,null,null,null,null,null,null,null,null,null,null,null,null,null,null,null,null,null,null,null,null,null,null,null,null,null,null,null,null,null,null,null,null,null,null,null,null,null,null,null,null,null,null,null,null,null,null,null,null,null,null,null,null,null,null,null,null,null,null,"Levodopa","Levodopa","Levodopa","Levodopa","Levodopa"]
[null,null,null,null,null,null,null,null,null,null,null,null,null,null,null,null,null,null,null,null,null,null,null,null,null,null,null,null,null,null,null,null,null,null,null,null,null,null,null,null,null,null,null,null,null,null,null,null,null,null,null,null,null,null,null,null,null,null,null,null,null,null,null,null,null,null,null,null,null,null,null,null,null,null,null,null,"Levonorgestrel implants","Levonorgestrel implants","Levonorgestrel implants","Levonorgestrel implants","Levonorgestrel implants"]
[null,null,null,null,null,null,null,null,null,null,null,null,null,null,null,null,null,null,null,null,null,null,null,null,null,null,null,null,null,null,null,null,null,null,null,null,null,null,null,null,null,null,null,null,null,null,null,null,null,null,null,null,null,null,null,null,null,null,null,null,null,null,null,null,null,null,null,null,null,null,null,null,null,null,null,null,"Lindane and other hexachlorocyclohexane isomers","Lindane and other hexachlorocyclohexane isomers","Lindane and other hexachlorocyclohexane isomers","Lindane and other hexachlorocyclohexane isomers","Lindane and other hexachlorocyclohexane isomers"]
[null,null,null,null,null,null,null,null,null,null,null,null,null,null,null,null,null,null,null,null,null,null,null,null,null,null,null,null,null,null,null,null,null,null,null,null,null,null,null,null,null,null,null,null,null,null,null,null,null,null,null,null,null,null,null,null,null,null,null,null,null,null,null,null,null,null,null,null,null,null,null,null,null,null,null,null,"Linuron","Linuron","Linuron","Linuron","Linuron"]
[null,null,null,null,null,null,null,null,null,null,null,null,null,null,null,null,null,null,null,null,null,null,null,null,null,null,null,null,null,null,null,null,null,null,null,null,null,null,null,null,null,null,null,null,null,null,null,null,null,null,null,null,null,null,null,null,null,null,null,null,null,null,null,null,null,null,null,null,null,null,null,null,null,null,null,null,"Lithium carbonate","Lithium carbonate","Lithium carbonate","Lithium carbonate","Lithium carbonate"]
[null,null,null,null,null,null,null,null,null,null,null,null,null,null,null,null,null,null,null,null,null,null,null,null,null,null,null,null,null,null,null,null,null,null,null,null,null,null,null,null,null,null,null,null,null,null,null,null,null,null,null,null,null,null,null,null,null,null,null,null,null,null,null,null,null,null,null,null,null,null,null,null,null,null,null,null,"Lithium citrate","Lithium citrate","Lithium citrate","Lithium citrate","Lithium citrate"]
[null,null,null,null,null,null,null,null,null,null,null,null,null,null,null,null,null,null,null,null,null,null,null,null,null,null,null,null,null,null,null,null,null,null,null,null,null,null,null,null,null,null,null,null,null,null,null,null,null,null,null,null,null,null,null,null,null,null,null,null,null,null,null,null,null,null,null,null,null,null,null,null,null,null,null,null,"Lorazepam","Lorazepam","Lorazepam","Lorazepam","Lorazepam"]
[null,null,null,null,null,null,null,null,null,null,null,null,null,null,null,null,null,null,null,null,null,null,null,null,null,null,null,null,null,null,null,null,null,null,null,null,null,null,null,null,null,null,null,null,null,null,null,null,null,null,null,null,null,null,null,null,null,null,null,null,null,null,null,null,null,null,null,null,null,null,null,null,null,null,null,null,"Lovastatin","Lovastatin","Lovastatin","Lovastatin","Lovastatin"]
[null,null,null,null,null,null,null,null,null,null,null,null,null,null,null,null,null,null,null,null,null,null,null,null,null,null,null,null,null,null,null,null,null,null,null,null,null,null,null,null,null,null,null,null,null,null,null,null,null,null,null,null,null,null,null,null,null,null,null,null,null,null,null,null,null,null,null,null,null,null,null,null,null,null,null,null,"Lynestrenol","Lynestrenol","Lynestrenol","Lynestrenol","Lynestrenol"]
[null,null,null,null,null,null,null,null,null,null,null,null,null,null,null,null,null,null,null,null,null,null,null,null,null,null,null,null,null,null,null,null,null,null,null,null,null,null,null,null,null,null,null,null,null,null,null,null,null,null,null,null,null,null,null,null,null,null,null,null,null,null,null,null,null,null,null,null,null,null,null,null,null,null,null,null,"Malathion","Malathion","Malathion","Malathion","Malathion"]
[null,null,null,null,null,null,null,null,null,null,null,null,null,null,null,null,null,null,null,null,null,null,null,null,null,null,null,null,null,null,null,null,null,null,null,null,null,null,null,null,null,null,null,null,null,null,null,null,null,null,null,null,null,null,null,null,null,null,null,null,null,null,null,null,null,null,null,null,null,null,null,null,null,null,null,null,"Malonaldehyde, sodium salt","Malonaldehyde, sodium salt","Malonaldehyde, sodium salt","Malonaldehyde, sodium salt","Malonaldehyde, sodium salt"]
[null,null,null,null,null,null,null,null,null,null,null,null,null,null,null,null,null,null,null,null,null,null,null,null,null,null,null,null,null,null,null,null,null,null,null,null,null,null,null,null,null,null,null,null,null,null,null,null,null,null,null,null,null,null,null,null,null,null,null,null,null,null,null,null,null,null,null,null,null,null,null,null,null,null,null,null,"Mancozeb","Mancozeb","Mancozeb","Mancozeb","Mancozeb"]
[null,null,null,null,null,null,null,null,null,null,null,null,null,null,null,null,null,null,null,null,null,null,null,null,null,null,null,null,null,null,null,null,null,null,null,null,null,null,null,null,null,null,null,null,null,null,null,null,null,null,null,null,null,null,null,null,null,null,null,null,null,null,null,null,null,null,null,null,null,null,null,null,null,null,null,null,"Maneb","Maneb","Maneb","Maneb","Maneb"]
[null,null,null,null,null,null,null,null,null,null,null,null,null,null,null,null,null,null,null,null,null,null,null,null,null,null,null,null,null,null,null,null,null,null,null,null,null,null,null,null,null,null,null,null,null,null,null,null,null,null,null,null,null,null,null,null,null,null,null,null,null,null,null,null,null,null,null,null,null,null,null,null,null,null,null,null,"Marijuana smoke","Marijuana smoke","Marijuana smoke","Marijuana smoke","Marijuana smoke"]
[null,null,null,null,null,null,null,null,null,null,null,null,null,null,null,null,null,null,null,null,null,null,null,null,null,null,null,null,null,null,null,null,null,null,null,null,null,null,null,null,null,null,null,null,null,null,null,null,null,null,null,null,null,null,null,null,null,null,null,null,null,null,null,null,null,null,null,null,null,null,null,null,null,null,null,null,"m-Dinitrobenzene","m-Dinitrobenzene","m-Dinitrobenzene","m-Dinitrobenzene","m-Dinitrobenzene"]
[null,null,null,null,null,null,null,null,null,null,null,null,null,null,null,null,null,null,null,null,null,null,null,null,null,null,null,null,null,null,null,null,null,null,null,null,null,null,null,null,null,null,null,null,null,null,null,null,null,null,null,null,null,null,null,null,null,null,null,null,null,null,null,null,null,null,null,null,null,null,null,null,null,null,null,null,"Me-A-alpha-C (2-Amino-3-methyl-9H-pyrido[2,3-b]indole)","Me-A-alpha-C (2-Amino-3-methyl-9H-pyrido[2,3-b]indole)","Me-A-alpha-C (2-Amino-3-methyl-9H-pyrido[2,3-b]indole)","Me-A-alpha-C (2-Amino-3-methyl-9H-pyrido[2,3-b]indole)","Me-A-alpha-C (2-Amino-3-methyl-9H-pyrido[2,3-b]indole)"]
[null,null,null,null,null,null,null,null,null,null,null,null,null,null,null,null,null,null,null,null,null,null,null,null,null,null,null,null,null,null,null,null,null,null,null,null,null,null,null,null,null,null,null,null,null,null,null,null,null,null,null,null,null,null,null,null,null,null,null,null,null,null,null,null,null,null,null,null,null,null,null,null,null,null,null,null,"Mebendazole","Mebendazole","Mebendazole","Mebendazole","Mebendazole"]
[null,null,null,null,null,null,null,null,null,null,null,null,null,null,null,null,null,null,null,null,null,null,null,null,null,null,null,null,null,null,null,null,null,null,null,null,null,null,null,null,null,null,null,null,null,null,null,null,null,null,null,null,null,null,null,null,null,null,null,null,null,null,null,null,null,null,null,null,null,null,null,null,null,null,null,null,"Medroxyprogesterone acetate","Medroxyprogesterone acetate","Medroxyprogesterone acetate","Medroxyprogesterone acetate","Medroxyprogesterone acetate"]
[null,null,null,null,null,null,null,null,null,null,null,null,null,null,null,null,null,null,null,null,null,null,null,null,null,null,null,null,null,null,null,null,null,null,null,null,null,null,null,null,null,null,null,null,null,null,null,null,null,null,null,null,null,null,null,null,null,null,null,null,null,null,null,null,null,null,null,null,null,null,null,null,null,null,null,null,"Megestrol acetate","Megestrol acetate","Megestrol acetate","Megestrol acetate","Megestrol acetate"]
[null,null,null,null,null,null,null,null,null,null,null,null,null,null,null,null,null,null,null,null,null,null,null,null,null,null,null,null,null,null,null,null,null,null,null,null,null,null,null,null,null,null,null,null,null,null,null,null,null,null,null,null,null,null,null,null,null,null,null,null,null,null,null,null,null,null,null,null,null,null,null,null,null,null,null,null,"MeIQ (2-Amino-3,4-dimethylimidazo[4,5-f]quinoline)","MeIQ (2-Amino-3,4-dimethylimidazo[4,5-f]quinoline)","MeIQ (2-Amino-3,4-dimethylimidazo[4,5-f]quinoline)","MeIQ (2-Amino-3,4-dimethylimidazo[4,5-f]quinoline)","MeIQ (2-Amino-3,4-dimethylimidazo[4,5-f]quinoline)"]
[null,null,null,null,null,null,null,null,null,null,null,null,null,null,null,null,null,null,null,null,null,null,null,null,null,null,null,null,null,null,null,null,null,null,null,null,null,null,null,null,null,null,null,null,null,null,null,null,null,null,null,null,null,null,null,null,null,null,null,null,null,null,null,null,null,null,null,null,null,null,null,null,null,null,null,null,"MeIQx (2-Amino-3,8-dimethylimidazo[4,5-f]quinoxaline)","MeIQx (2-Amino-3,8-dimethylimidazo[4,5-f]quinoxaline)","MeIQx (2-Amino-3,8-dimethylimidazo[4,5-f]quinoxaline)","MeIQx (2-Amino-3,8-dimethylimidazo[4,5-f]quinoxaline)","MeIQx (2-Amino-3,8-dimethylimidazo[4,5-f]quinoxaline)"]
[null,null,null,null,null,null,null,null,null,null,null,null,null,null,null,null,null,null,null,null,null,null,null,null,null,null,null,null,null,null,null,null,null,null,null,null,null,null,null,null,null,null,null,null,null,null,null,null,null,null,null,null,null,null,null,null,null,null,null,null,null,null,null,null,null,null,null,null,null,null,null,null,null,null,null,null,"Melphalan","Melphalan","Melphalan","Melphalan","Melphalan"]
[null,null,null,null,null,null,null,null,null,null,null,null,null,null,null,null,null,null,null,null,null,null,null,null,null,null,null,null,null,null,null,null,null,null,null,null,null,null,null,null,null,null,null,null,null,null,null,null,null,null,null,null,null,null,null,null,null,null,null,null,null,null,null,null,null,null,null,null,null,null,null,null,null,null,null,null,"Menotropins","Menotropins","Menotropins","Menotropins","Menotropins"]
[null,null,null,null,null,null,null,null,null,null,null,null,null,null,null,null,null,null,null,null,null,null,null,null,null,null,null,null,null,null,null,null,null,null,null,null,null,null,null,null,null,null,null,null,null,null,null,null,null,null,null,null,null,null,null,null,null,null,null,null,null,null,null,null,null,null,null,null,null,null,null,null,null,null,null,null,"Mepanipyrim","Mepanipyrim","Mepanipyrim","Mepanipyrim","Mepanipyrim"]
[null,null,null,null,null,null,null,null,null,null,null,null,null,null,null,null,null,null,null,null,null,null,null,null,null,null,null,null,null,null,null,null,null,null,null,null,null,null,null,null,null,null,null,null,null,null,null,null,null,null,null,null,null,null,null,null,null,null,null,null,null,null,null,null,null,null,null,null,null,null,null,null,null,null,null,null,"Meprobamate","Meprobamate","Meprobamate","Meprobamate","Meprobamate"]
[null,null,null,null,null,null,null,null,null,null,null,null,null,null,null,null,null,null,null,null,null,null,null,null,null,null,null,null,null,null,null,null,null,null,null,null,null,null,null,null,null,null,null,null,null,null,null,null,null,null,null,null,null,null,null,null,null,null,null,null,null,null,null,null,null,null,null,null,null,null,null,null,null,null,null,null,"Mercaptopurine","Mercaptopurine","Mercaptopurine","Mercaptopurine","Mercaptopurine"]
[null,null,null,null,null,null,null,null,null,null,null,null,null,null,null,null,null,null,null,null,null,null,null,null,null,null,null,null,null,null,null,null,null,null,null,null,null,null,null,null,null,null,null,null,null,null,null,null,null,null,null,null,null,null,null,null,null,null,null,null,null,null,null,null,null,null,null,null,null,null,null,null,null,null,null,null,"Mercury and mercury compounds","Mercury and mercury compounds","Mercury and mercury compounds","Mercury and mercury compounds","Mercury and mercury compounds"]
[null,null,null,null,null,null,null,null,null,null,null,null,null,null,null,null,null,null,null,null,null,null,null,null,null,null,null,null,null,null,null,null,null,null,null,null,null,null,null,null,null,null,null,null,null,null,null,null,null,null,null,null,null,null,null,null,null,null,null,null,null,null,null,null,null,null,null,null,null,null,null,null,null,null,null,null,"Merphalan","Merphalan","Merphalan","Merphalan","Merphalan"]
[null,null,null,null,null,null,null,null,null,null,null,null,null,null,null,null,null,null,null,null,null,null,null,null,null,null,null,null,null,null,null,null,null,null,null,null,null,null,null,null,null,null,null,null,null,null,null,null,null,null,null,null,null,null,null,null,null,null,null,null,null,null,null,null,null,null,null,null,null,null,null,null,null,null,null,null,"Mestranol","Mestranol","Mestranol","Mestranol","Mestranol"]
[null,null,null,null,null,null,null,null,null,null,null,null,null,null,null,null,null,null,null,null,null,null,null,null,null,null,null,null,null,null,null,null,null,null,null,null,null,null,null,null,null,null,null,null,null,null,null,null,null,null,null,null,null,null,null,null,null,null,null,null,null,null,null,null,null,null,null,null,null,null,null,null,null,null,null,null,"Metam potassium","Metam potassium","Metam potassium","Metam potassium","Metam potassium"]
[null,null,null,null,null,null,null,null,null,null,null,null,null,null,null,null,null,null,null,null,null,null,null,null,null,null,null,null,null,null,null,null,null,null,null,null,null,null,null,null,null,null,null,null,null,null,null,null,null,null,null,null,null,null,null,null,null,null,null,null,null,null,null,null,null,null,null,null,null,null,null,null,null,null,null,null,"Methacycline hydrochloride","Methacycline hydrochloride","Methacycline hydrochloride","Methacycline hydrochloride","Methacycline hydrochloride"]
[null,null,null,null,null,null,null,null,null,null,null,null,null,null,null,null,null,null,null,null,null,null,null,null,null,null,null,null,null,null,null,null,null,null,null,null,null,null,null,null,null,null,null,null,null,null,null,null,null,null,null,null,null,null,null,null,null,null,null,null,null,null,null,null,null,null,null,null,null,null,null,null,null,null,null,null,"Metham sodium","Metham sodium","Metham sodium","Metham sodium","Metham sodium"]
[null,null,null,null,null,null,null,null,null,null,null,null,null,null,null,null,null,null,null,null,null,null,null,null,null,null,null,null,null,null,null,null,null,null,null,null,null,null,null,null,null,null,null,null,null,null,null,null,null,null,null,null,null,null,null,null,null,null,null,null,null,null,null,null,null,null,null,null,null,null,null,null,null,null,null,null,"Methanol","Methanol","Methanol","Methanol","Methanol"]
[null,null,null,null,null,null,null,null,null,null,null,null,null,null,null,null,null,null,null,null,null,null,null,null,null,null,null,null,null,null,null,null,null,null,null,null,null,null,null,null,null,null,null,null,null,null,null,null,null,null,null,null,null,null,null,null,null,null,null,null,null,null,null,null,null,null,null,null,null,null,null,null,null,null,null,null,"Methazole","Methazole","Methazole","Methazole","Methazole"]
[null,null,null,null,null,null,null,null,null,null,null,null,null,null,null,null,null,null,null,null,null,null,null,null,null,null,null,null,null,null,null,null,null,null,null,null,null,null,null,null,null,null,null,null,null,null,null,null,null,null,null,null,null,null,null,null,null,null,null,null,null,null,null,null,null,null,null,null,null,null,null,null,null,null,null,null,"Methimazole","Methimazole","Methimazole","Methimazole","Methimazole"]
[null,null,null,null,null,null,null,null,null,null,null,null,null,null,null,null,null,null,null,null,null,null,null,null,null,null,null,null,null,null,null,null,null,null,null,null,null,null,null,null,null,null,null,null,null,null,null,null,null,null,null,null,null,null,null,null,null,null,null,null,null,null,null,null,null,null,null,null,null,null,null,null,null,null,null,null,"Methotrexate","Methotrexate","Methotrexate","Methotrexate","Methotrexate"]
[null,null,null,null,null,null,null,null,null,null,null,null,null,null,null,null,null,null,null,null,null,null,null,null,null,null,null,null,null,null,null,null,null,null,null,null,null,null,null,null,null,null,null,null,null,null,null,null,null,null,null,null,null,null,null,null,null,null,null,null,null,null,null,null,null,null,null,null,null,null,null,null,null,null,null,null,"Methotrexate sodium","Methotrexate sodium","Methotrexate sodium","Methotrexate sodium","Methotrexate sodium"]
[null,null,null,null,null,null,null,null,null,null,null,null,null,null,null,null,null,null,null,null,null,null,null,null,null,null,null,null,null,null,null,null,null,null,null,null,null,null,null,null,null,null,null,null,null,null,null,null,null,null,null,null,null,null,null,null,null,null,null,null,null,null,null,null,null,null,null,null,null,null,null,null,null,null,null,null,"Methyl bromide, as a structural fumigant","Methyl bromide, as a structural fumigant","Methyl bromide, as a structural fumigant","Methyl bromide, as a structural fumigant","Methyl bromide, as a structural fumigant"]
[null,null,null,null,null,null,null,null,null,null,null,null,null,null,null,null,null,null,null,null,null,null,null,null,null,null,null,null,null,null,null,null,null,null,null,null,null,null,null,null,null,null,null,null,null,null,null,null,null,null,null,null,null,null,null,null,null,null,null,null,null,null,null,null,null,null,null,null,null,null,null,null,null,null,null,null,"Methyl carbamate","Methyl carbamate","Methyl carbamate","Methyl carbamate","Methyl carbamate"]
[null,null,null,null,null,null,null,null,null,null,null,null,null,null,null,null,null,null,null,null,null,null,null,null,null,null,null,null,null,null,null,null,null,null,null,null,null,null,null,null,null,null,null,null,null,null,null,null,null,null,null,null,null,null,null,null,null,null,null,null,null,null,null,null,null,null,null,null,null,null,null,null,null,null,null,null,"Methyl chloride","Methyl chloride","Methyl chloride","Methyl chloride","Methyl chloride"]
[null,null,null,null,null,null,null,null,null,null,null,null,null,null,null,null,null,null,null,null,null,null,null,null,null,null,null,null,null,null,null,null,null,null,null,null,null,null,null,null,null,null,null,null,null,null,null,null,null,null,null,null,null,null,null,null,null,null,null,null,null,null,null,null,null,null,null,null,null,null,null,null,null,null,null,null,"Methyl iodide","Methyl iodide","Methyl iodide","Methyl iodide","Methyl iodide"]
[null,null,null,null,null,null,null,null,null,null,null,null,null,null,null,null,null,null,null,null,null,null,null,null,null,null,null,null,null,null,null,null,null,null,null,null,null,null,null,null,null,null,null,null,null,null,null,null,null,null,null,null,null,null,null,null,null,null,null,null,null,null,null,null,null,null,null,null,null,null,null,null,null,null,null,null,"Methyl isobutyl ketone","Methyl isobutyl ketone","Methyl isobutyl ketone","Methyl isobutyl ketone","Methyl isobutyl ketone"]
[null,null,null,null,null,null,null,null,null,null,null,null,null,null,null,null,null,null,null,null,null,null,null,null,null,null,null,null,null,null,null,null,null,null,null,null,null,null,null,null,null,null,null,null,null,null,null,null,null,null,null,null,null,null,null,null,null,null,null,null,null,null,null,null,null,null,null,null,null,null,null,null,null,null,null,null,"Methyl isobutyl ketone (MIBK)","Methyl isobutyl ketone (MIBK)","Methyl isobutyl ketone (MIBK)","Methyl isobutyl ketone (MIBK)","Methyl isobutyl ketone (MIBK)"]
[null,null,null,null,null,null,null,null,null,null,null,null,null,null,null,null,null,null,null,null,null,null,null,null,null,null,null,null,null,null,null,null,null,null,null,null,null,null,null,null,null,null,null,null,null,null,null,null,null,null,null,null,null,null,null,null,null,null,null,null,null,null,null,null,null,null,null,null,null,null,null,null,null,null,null,null,"Methyl isocyanate (MIC)","Methyl isocyanate (MIC)","Methyl isocyanate (MIC)","Methyl isocyanate (MIC)","Methyl isocyanate (MIC)"]
[null,null,null,null,null,null,null,null,null,null,null,null,null,null,null,null,null,null,null,null,null,null,null,null,null,null,null,null,null,null,null,null,null,null,null,null,null,null,null,null,null,null,null,null,null,null,null,null,null,null,null,null,null,null,null,null,null,null,null,null,null,null,null,null,null,null,null,null,null,null,null,null,null,null,null,null,"Methyl mercury","Methyl mercury","Methyl mercury","Methyl mercury","Methyl mercury"]
[null,null,null,null,null,null,null,null,null,null,null,null,null,null,null,null,null,null,null,null,null,null,null,null,null,null,null,null,null,null,null,null,null,null,null,null,null,null,null,null,null,null,null,null,null,null,null,null,null,null,null,null,null,null,null,null,null,null,null,null,null,null,null,null,null,null,null,null,null,null,null,null,null,null,null,null,"Methyl methanesulfonate","Methyl methanesulfonate","Methyl methanesulfonate","Methyl methanesulfonate","Methyl methanesulfonate"]
[null,null,null,null,null,null,null,null,null,null,null,null,null,null,null,null,null,null,null,null,null,null,null,null,null,null,null,null,null,null,null,null,null,null,null,null,null,null,null,null,null,null,null,null,null,null,null,null,null,null,null,null,null,null,null,null,null,null,null,null,null,null,null,null,null,null,null,null,null,null,null,null,null,null,null,null,"Methylazoxymethanol","Methylazoxymethanol","Methylazoxymethanol","Methylazoxymethanol","Methylazoxymethanol"]
[null,null,null,null,null,null,null,null,null,null,null,null,null,null,null,null,null,null,null,null,null,null,null,null,null,null,null,null,null,null,null,null,null,null,null,null,null,null,null,null,null,null,null,null,null,null,null,null,null,null,null,null,null,null,null,null,null,null,null,null,null,null,null,null,null,null,null,null,null,null,null,null,null,null,null,null,"Methylazoxymethanol acetate","Methylazoxymethanol acetate","Methylazoxymethanol acetate","Methylazoxymethanol acetate","Methylazoxymethanol acetate"]
[null,null,null,null,null,null,null,null,null,null,null,null,null,null,null,null,null,null,null,null,null,null,null,null,null,null,null,null,null,null,null,null,null,null,null,null,null,null,null,null,null,null,null,null,null,null,null,null,null,null,null,null,null,null,null,null,null,null,null,null,null,null,null,null,null,null,null,null,null,null,null,null,null,null,null,null,"Methyleugenol","Methyleugenol","Methyleugenol","Methyleugenol","Methyleugenol"]
[null,null,null,null,null,null,null,null,null,null,null,null,null,null,null,null,null,null,null,null,null,null,null,null,null,null,null,null,null,null,null,null,null,null,null,null,null,null,null,null,null,null,null,null,null,null,null,null,null,null,null,null,null,null,null,null,null,null,null,null,null,null,null,null,null,null,null,null,null,null,null,null,null,null,null,null,"Methylhydrazine","Methylhydrazine","Methylhydrazine","Methylhydrazine","Methylhydrazine"]
[null,null,null,null,null,null,null,null,null,null,null,null,null,null,null,null,null,null,null,null,null,null,null,null,null,null,null,null,null,null,null,null,null,null,null,null,null,null,null,null,null,null,null,null,null,null,null,null,null,null,null,null,null,null,null,null,null,null,null,null,null,null,null,null,null,null,null,null,null,null,null,null,null,null,null,null,"Methylhydrazine and its salts","Methylhydrazine and its salts","Methylhydrazine and its salts","Methylhydrazine and its salts","Methylhydrazine and its salts"]
[null,null,null,null,null,null,null,null,null,null,null,null,null,null,null,null,null,null,null,null,null,null,null,null,null,null,null,null,null,null,null,null,null,null,null,null,null,null,null,null,null,null,null,null,null,null,null,null,null,null,null,null,null,null,null,null,null,null,null,null,null,null,null,null,null,null,null,null,null,null,null,null,null,null,null,null,"Methylhydrazine sulfate","Methylhydrazine sulfate","Methylhydrazine sulfate","Methylhydrazine sulfate","Methylhydrazine sulfate"]
[null,null,null,null,null,null,null,null,null,null,null,null,null,null,null,null,null,null,null,null,null,null,null,null,null,null,null,null,null,null,null,null,null,null,null,null,null,null,null,null,null,null,null,null,null,null,null,null,null,null,null,null,null,null,null,null,null,null,null,null,null,null,null,null,null,null,null,null,null,null,null,null,null,null,null,null,"Methylmercury compounds","Methylmercury compounds","Methylmercury compounds","Methylmercury compounds","Methylmercury compounds"]
[null,null,null,null,null,null,null,null,null,null,null,null,null,null,null,null,null,null,null,null,null,null,null,null,null,null,null,null,null,null,null,null,null,null,null,null,null,null,null,null,null,null,null,null,null,null,null,null,null,null,null,null,null,null,null,null,null,null,null,null,null,null,null,null,null,null,null,null,null,null,null,null,null,null,null,null,"Methyl-n-butyl ketone","Methyl-n-butyl ketone","Methyl-n-butyl ketone","Methyl-n-butyl ketone","Methyl-n-butyl ketone"]
[null,null,null,null,null,null,null,null,null,null,null,null,null,null,null,null,null,null,null,null,null,null,null,null,null,null,null,null,null,null,null,null,null,null,null,null,null,null,null,null,null,null,null,null,null,null,null,null,null,null,null,null,null,null,null,null,null,null,null,null,null,null,null,null,null,null,null,null,null,null,null,null,null,null,null,null,"Methyltestosterone","Methyltestosterone","Methyltestosterone","Methyltestosterone","Methyltestosterone"]
[null,null,null,null,null,null,null,null,null,null,null,null,null,null,null,null,null,null,null,null,null,null,null,null,null,null,null,null,null,null,null,null,null,null,null,null,null,null,null,null,null,null,null,null,null,null,null,null,null,null,null,null,null,null,null,null,null,null,null,null,null,null,null,null,null,null,null,null,null,null,null,null,null,null,null,null,"Methylthiouracil","Methylthiouracil","Methylthiouracil","Methylthiouracil","Methylthiouracil"]
[null,null,null,null,null,null,null,null,null,null,null,null,null,null,null,null,null,null,null,null,null,null,null,null,null,null,null,null,null,null,null,null,null,null,null,null,null,null,null,null,null,null,null,null,null,null,null,null,null,null,null,null,null,null,null,null,null,null,null,null,null,null,null,null,null,null,null,null,null,null,null,null,null,null,null,null,"Metiram","Metiram","Metiram","Metiram","Metiram"]
[null,null,null,null,null,null,null,null,null,null,null,null,null,null,null,null,null,null,null,null,null,null,null,null,null,null,null,null,null,null,null,null,null,null,null,null,null,null,null,null,null,null,null,null,null,null,null,null,null,null,null,null,null,null,null,null,null,null,null,null,null,null,null,null,null,null,null,null,null,null,null,null,null,null,null,null,"Metronidazole","Metronidazole","Metronidazole","Metronidazole","Metronidazole"]
[null,null,null,null,null,null,null,null,null,null,null,null,null,null,null,null,null,null,null,null,null,null,null,null,null,null,null,null,null,null,null,null,null,null,null,null,null,null,null,null,null,null,null,null,null,null,null,null,null,null,null,null,null,null,null,null,null,null,null,null,null,null,null,null,null,null,null,null,null,null,null,null,null,null,null,null,"Michler's ketone","Michler's ketone","Michler's ketone","Michler's ketone","Michler's ketone"]
[null,null,null,null,null,null,null,null,null,null,null,null,null,null,null,null,null,null,null,null,null,null,null,null,null,null,null,null,null,null,null,null,null,null,null,null,null,null,null,null,null,null,null,null,null,null,null,null,null,null,null,null,null,null,null,null,null,null,null,null,null,null,null,null,null,null,null,null,null,null,null,null,null,null,null,null,"Midazolam hydrochloride","Midazolam hydrochloride","Midazolam hydrochloride","Midazolam hydrochloride","Midazolam hydrochloride"]
[null,null,null,null,null,null,null,null,null,null,null,null,null,null,null,null,null,null,null,null,null,null,null,null,null,null,null,null,null,null,null,null,null,null,null,null,null,null,null,null,null,null,null,null,null,null,null,null,null,null,null,null,null,null,null,null,null,null,null,null,null,null,null,null,null,null,null,null,null,null,null,null,null,null,null,null,"Minocycline hydrochloride (internal use)","Minocycline hydrochloride (internal use)","Minocycline hydrochloride (internal use)","Minocycline hydrochloride (internal use)","Minocycline hydrochloride (internal use)"]
[null,null,null,null,null,null,null,null,null,null,null,null,null,null,null,null,null,null,null,null,null,null,null,null,null,null,null,null,null,null,null,null,null,null,null,null,null,null,null,null,null,null,null,null,null,null,null,null,null,null,null,null,null,null,null,null,null,null,null,null,null,null,null,null,null,null,null,null,null,null,null,null,null,null,null,null,"Mirex","Mirex","Mirex","Mirex","Mirex"]
[null,null,null,null,null,null,null,null,null,null,null,null,null,null,null,null,null,null,null,null,null,null,null,null,null,null,null,null,null,null,null,null,null,null,null,null,null,null,null,null,null,null,null,null,null,null,null,null,null,null,null,null,null,null,null,null,null,null,null,null,null,null,null,null,null,null,null,null,null,null,null,null,null,null,null,null,"Misoprostol","Misoprostol","Misoprostol","Misoprostol","Misoprostol"]
[null,null,null,null,null,null,null,null,null,null,null,null,null,null,null,null,null,null,null,null,null,null,null,null,null,null,null,null,null,null,null,null,null,null,null,null,null,null,null,null,null,null,null,null,null,null,null,null,null,null,null,null,null,null,null,null,null,null,null,null,null,null,null,null,null,null,null,null,null,null,null,null,null,null,null,null,"Mitomycin C","Mitomycin C","Mitomycin C","Mitomycin C","Mitomycin C"]
[null,null,null,null,null,null,null,null,null,null,null,null,null,null,null,null,null,null,null,null,null,null,null,null,null,null,null,null,null,null,null,null,null,null,null,null,null,null,null,null,null,null,null,null,null,null,null,null,null,null,null,null,null,null,null,null,null,null,null,null,null,null,null,null,null,null,null,null,null,null,null,null,null,null,null,null,"Mitoxantrone hydrochloride","Mitoxantrone hydrochloride","Mitoxantrone hydrochloride","Mitoxantrone hydrochloride","Mitoxantrone hydrochloride"]
[null,null,null,null,null,null,null,null,null,null,null,null,null,null,null,null,null,null,null,null,null,null,null,null,null,null,null,null,null,null,null,null,null,null,null,null,null,null,null,null,null,null,null,null,null,null,null,null,null,null,null,null,null,null,null,null,null,null,null,null,null,null,null,null,null,null,null,null,null,null,null,null,null,null,null,null,"Molinate","Molinate","Molinate","Molinate","Molinate"]
[null,null,null,null,null,null,null,null,null,null,null,null,null,null,null,null,null,null,null,null,null,null,null,null,null,null,null,null,null,null,null,null,null,null,null,null,null,null,null,null,null,null,null,null,null,null,null,null,null,null,null,null,null,null,null,null,null,null,null,null,null,null,null,null,null,null,null,null,null,null,null,null,null,null,null,null,"MON 13900 (furilazole)","MON 13900 (furilazole)","MON 13900 (furilazole)","MON 13900 (furilazole)","MON 13900 (furilazole)"]
[null,null,null,null,null,null,null,null,null,null,null,null,null,null,null,null,null,null,null,null,null,null,null,null,null,null,null,null,null,null,null,null,null,null,null,null,null,null,null,null,null,null,null,null,null,null,null,null,null,null,null,null,null,null,null,null,null,null,null,null,null,null,null,null,null,null,null,null,null,null,null,null,null,null,null,null,"MON 4660 (dichloroacetyl-1-oxa-4-azaspiro(4,5)-decane","MON 4660 (dichloroacetyl-1-oxa-4-azaspiro(4,5)-decane","MON 4660 (dichloroacetyl-1-oxa-4-azaspiro(4,5)-decane","MON 4660 (dichloroacetyl-1-oxa-4-azaspiro(4,5)-decane","MON 4660 (dichloroacetyl-1-oxa-4-azaspiro(4,5)-decane"]
[null,null,null,null,null,null,null,null,null,null,null,null,null,null,null,null,null,null,null,null,null,null,null,null,null,null,null,null,null,null,null,null,null,null,null,null,null,null,null,null,null,null,null,null,null,null,null,null,null,null,null,null,null,null,null,null,null,null,null,null,null,null,null,null,null,null,null,null,null,null,null,null,null,null,null,null,"Monocrotaline","Monocrotaline","Monocrotaline","Monocrotaline","Monocrotaline"]
[null,null,null,null,null,null,null,null,null,null,null,null,null,null,null,null,null,null,null,null,null,null,null,null,null,null,null,null,null,null,null,null,null,null,null,null,null,null,null,null,null,null,null,null,null,null,null,null,null,null,null,null,null,null,null,null,null,null,null,null,null,null,null,null,null,null,null,null,null,null,null,null,null,null,null,null,"MOPP (vincristine-prednisone-nitrogen mustard-procarbazine mixture)","MOPP (vincristine-prednisone-nitrogen mustard-procarbazine mixture)","MOPP (vincristine-prednisone-nitrogen mustard-procarbazine mixture)","MOPP (vincristine-prednisone-nitrogen mustard-procarbazine mixture)","MOPP (vincristine-prednisone-nitrogen mustard-procarbazine mixture)"]
[null,null,null,null,null,null,null,null,null,null,null,null,null,null,null,null,null,null,null,null,null,null,null,null,null,null,null,null,null,null,null,null,null,null,null,null,null,null,null,null,null,null,null,null,null,null,null,null,null,null,null,null,null,null,null,null,null,null,null,null,null,null,null,null,null,null,null,null,null,null,null,null,null,null,null,null,"Mustard Gas","Mustard Gas","Mustard Gas","Mustard Gas","Mustard Gas"]
[null,null,null,null,null,null,null,null,null,null,null,null,null,null,null,null,null,null,null,null,null,null,null,null,null,null,null,null,null,null,null,null,null,null,null,null,null,null,null,null,null,null,null,null,null,null,null,null,null,null,null,null,null,null,null,null,null,null,null,null,null,null,null,null,null,null,null,null,null,null,null,null,null,null,null,null,"MX (3-chloro-4-dichloromethyl-5-hydroxy-2(5H)-furanone)","MX (3-chloro-4-dichloromethyl-5-hydroxy-2(5H)-furanone)","MX (3-chloro-4-dichloromethyl-5-hydroxy-2(5H)-furanone)","MX (3-chloro-4-dichloromethyl-5-hydroxy-2(5H)-furanone)","MX (3-chloro-4-dichloromethyl-5-hydroxy-2(5H)-furanone)"]
[null,null,null,null,null,null,null,null,null,null,null,null,null,null,null,null,null,null,null,null,null,null,null,null,null,null,null,null,null,null,null,null,null,null,null,null,null,null,null,null,null,null,null,null,null,null,null,null,null,null,null,null,null,null,null,null,null,null,null,null,null,null,null,null,null,null,null,null,null,null,null,null,null,null,null,null,"Myclobutanil","Myclobutanil","Myclobutanil","Myclobutanil","Myclobutanil"]
[null,null,null,null,null,null,null,null,null,null,null,null,null,null,null,null,null,null,null,null,null,null,null,null,null,null,null,null,null,null,null,null,null,null,null,null,null,null,null,null,null,null,null,null,null,null,null,null,null,null,null,null,null,null,null,null,null,null,null,null,null,null,null,null,null,null,null,null,null,null,null,null,null,null,null,null,"N,N-Bis(2-chloroethyl)-2-naphthylamine (Chlornapazine)","N,N-Bis(2-chloroethyl)-2-naphthylamine (Chlornapazine)","N,N-Bis(2-chloroethyl)-2-naphthylamine (Chlornapazine)","N,N-Bis(2-chloroethyl)-2-naphthylamine (Chlornapazine)","N,N-Bis(2-chloroethyl)-2-naphthylamine (Chlornapazine)"]
[null,null,null,null,null,null,null,null,null,null,null,null,null,null,null,null,null,null,null,null,null,null,null,null,null,null,null,null,null,null,null,null,null,null,null,null,null,null,null,null,null,null,null,null,null,null,null,null,null,null,null,null,null,null,null,null,null,null,null,null,null,null,null,null,null,null,null,null,null,null,null,null,null,null,null,null,"N,N'-Diacetylbenzidine","N,N'-Diacetylbenzidine","N,N'-Diacetylbenzidine","N,N'-Diacetylbenzidine","N,N'-Diacetylbenzidine"]
[null,null,null,null,null,null,null,null,null,null,null,null,null,null,null,null,null,null,null,null,null,null,null,null,null,null,null,null,null,null,null,null,null,null,null,null,null,null,null,null,null,null,null,null,null,null,null,null,null,null,null,null,null,null,null,null,null,null,null,null,null,null,null,null,null,null,null,null,null,null,null,null,null,null,null,null,"N,N-Dimethylacetamide","N,N-Dimethylacetamide","N,N-Dimethylacetamide","N,N-Dimethylacetamide","N,N-Dimethylacetamide"]
[null,null,null,null,null,null,null,null,null,null,null,null,null,null,null,null,null,null,null,null,null,null,null,null,null,null,null,null,null,null,null,null,null,null,null,null,null,null,null,null,null,null,null,null,null,null,null,null,null,null,null,null,null,null,null,null,null,null,null,null,null,null,null,null,null,null,null,null,null,null,null,null,null,null,null,null,"N,N-Dimethylformamide","N,N-Dimethylformamide","N,N-Dimethylformamide","N,N-Dimethylformamide","N,N-Dimethylformamide"]
[null,null,null,null,null,null,null,null,null,null,null,null,null,null,null,null,null,null,null,null,null,null,null,null,null,null,null,null,null,null,null,null,null,null,null,null,null,null,null,null,null,null,null,null,null,null,null,null,null,null,null,null,null,null,null,null,null,null,null,null,null,null,null,null,null,null,null,null,null,null,null,null,null,null,null,null,"N,N-Dimethyl-p-toluidine","N,N-Dimethyl-p-toluidine","N,N-Dimethyl-p-toluidine","N,N-Dimethyl-p-toluidine","N,N-Dimethyl-p-toluidine"]
[null,null,null,null,null,null,null,null,null,null,null,null,null,null,null,null,null,null,null,null,null,null,null,null,null,null,null,null,null,null,null,null,null,null,null,null,null,null,null,null,null,null,null,null,null,null,null,null,null,null,null,null,null,null,null,null,null,null,null,null,null,null,null,null,null,null,null,null,null,null,null,null,null,null,null,null,"N-[4-(5-Nitro-2-furyl)-2-thiazolyl]acetamide","N-[4-(5-Nitro-2-furyl)-2-thiazolyl]acetamide","N-[4-(5-Nitro-2-furyl)-2-thiazolyl]acetamide","N-[4-(5-Nitro-2-furyl)-2-thiazolyl]acetamide","N-[4-(5-Nitro-2-furyl)-2-thiazolyl]acetamide"]
[null,null,null,null,null,null,null,null,null,null,null,null,null,null,null,null,null,null,null,null,null,null,null,null,null,null,null,null,null,null,null,null,null,null,null,null,null,null,null,null,null,null,null,null,null,null,null,null,null,null,null,null,null,null,null,null,null,null,null,null,null,null,null,null,null,null,null,null,null,null,null,null,null,null,null,null,"Nabam","Nabam","Nabam","Nabam","Nabam"]
[null,null,null,null,null,null,null,null,null,null,null,null,null,null,null,null,null,null,null,null,null,null,null,null,null,null,null,null,null,null,null,null,null,null,null,null,null,null,null,null,null,null,null,null,null,null,null,null,null,null,null,null,null,null,null,null,null,null,null,null,null,null,null,null,null,null,null,null,null,null,null,null,null,null,null,null,"Nafarelin acetate","Nafarelin acetate","Nafarelin acetate","Nafarelin acetate","Nafarelin acetate"]
[null,null,null,null,null,null,null,null,null,null,null,null,null,null,null,null,null,null,null,null,null,null,null,null,null,null,null,null,null,null,null,null,null,null,null,null,null,null,null,null,null,null,null,null,null,null,null,null,null,null,null,null,null,null,null,null,null,null,null,null,null,null,null,null,null,null,null,null,null,null,null,null,null,null,null,null,"Nafenopin","Nafenopin","Nafenopin","Nafenopin","Nafenopin"]
[null,null,null,null,null,null,null,null,null,null,null,null,null,null,null,null,null,null,null,null,null,null,null,null,null,null,null,null,null,null,null,null,null,null,null,null,null,null,null,null,null,null,null,null,null,null,null,null,null,null,null,null,null,null,null,null,null,null,null,null,null,null,null,null,null,null,null,null,null,null,null,null,null,null,null,null,"Nalidixic acid","Nalidixic acid","Nalidixic acid","Nalidixic acid","Nalidixic acid"]
[null,null,null,null,null,null,null,null,null,null,null,null,null,null,null,null,null,null,null,null,null,null,null,null,null,null,null,null,null,null,null,null,null,null,null,null,null,null,null,null,null,null,null,null,null,null,null,null,null,null,null,null,null,null,null,null,null,null,null,null,null,null,null,null,null,null,null,null,null,null,null,null,null,null,null,null,"Naphthalene","Naphthalene","Naphthalene","Naphthalene","Naphthalene"]
[null,null,null,null,null,null,null,null,null,null,null,null,null,null,null,null,null,null,null,null,null,null,null,null,null,null,null,null,null,null,null,null,null,null,null,null,null,null,null,null,null,null,null,null,null,null,null,null,null,null,null,null,null,null,null,null,null,null,null,null,null,null,null,null,null,null,null,null,null,null,null,null,null,null,null,null,"N-Carboxymethyl-N-nitrosourea","N-Carboxymethyl-N-nitrosourea","N-Carboxymethyl-N-nitrosourea","N-Carboxymethyl-N-nitrosourea","N-Carboxymethyl-N-nitrosourea"]
[null,null,null,null,null,null,null,null,null,null,null,null,null,null,null,null,null,null,null,null,null,null,null,null,null,null,null,null,null,null,null,null,null,null,null,null,null,null,null,null,null,null,null,null,null,null,null,null,null,null,null,null,null,null,null,null,null,null,null,null,null,null,null,null,null,null,null,null,null,null,null,null,null,null,null,null,"Neomycin sulfate (internal use)","Neomycin sulfate (internal use)","Neomycin sulfate (internal use)","Neomycin sulfate (internal use)","Neomycin sulfate (internal use)"]
[null,null,null,null,null,null,null,null,null,null,null,null,null,null,null,null,null,null,null,null,null,null,null,null,null,null,null,null,null,null,null,null,null,null,null,null,null,null,null,null,null,null,null,null,null,null,null,null,null,null,null,null,null,null,null,null,null,null,null,null,null,null,null,null,null,null,null,null,null,null,null,null,null,null,null,null,"Netilmicin sulfate","Netilmicin sulfate","Netilmicin sulfate","Netilmicin sulfate","Netilmicin sulfate"]
[null,null,null,null,null,null,null,null,null,null,null,null,null,null,null,null,null,null,null,null,null,null,null,null,null,null,null,null,null,null,null,null,null,null,null,null,null,null,null,null,null,null,null,null,null,null,null,null,null,null,null,null,null,null,null,null,null,null,null,null,null,null,null,null,null,null,null,null,null,null,null,null,null,null,null,null,"n-Hexane","n-Hexane","n-Hexane","n-Hexane","n-Hexane"]
[null,null,null,null,null,null,null,null,null,null,null,null,null,null,null,null,null,null,null,null,null,null,null,null,null,null,null,null,null,null,null,null,null,null,null,null,null,null,null,null,null,null,null,null,null,null,null,null,null,null,null,null,null,null,null,null,null,null,null,null,null,null,null,null,null,null,null,null,null,null,null,null,null,null,null,null,"Nickel (Metallic)","Nickel (Metallic)","Nickel (Metallic)","Nickel (Metallic)","Nickel (Metallic)"]
[null,null,null,null,null,null,null,null,null,null,null,null,null,null,null,null,null,null,null,null,null,null,null,null,null,null,null,null,null,null,null,null,null,null,null,null,null,null,null,null,null,null,null,null,null,null,null,null,null,null,null,null,null,null,null,null,null,null,null,null,null,null,null,null,null,null,null,null,null,null,null,null,null,null,null,null,"Nickel acetate","Nickel acetate","Nickel acetate","Nickel acetate","Nickel acetate"]
[null,null,null,null,null,null,null,null,null,null,null,null,null,null,null,null,null,null,null,null,null,null,null,null,null,null,null,null,null,null,null,null,null,null,null,null,null,null,null,null,null,null,null,null,null,null,null,null,null,null,null,null,null,null,null,null,null,null,null,null,null,null,null,null,null,null,null,null,null,null,null,null,null,null,null,null,"Nickel carbonate","Nickel carbonate","Nickel carbonate","Nickel carbonate","Nickel carbonate"]
[null,null,null,null,null,null,null,null,null,null,null,null,null,null,null,null,null,null,null,null,null,null,null,null,null,null,null,null,null,null,null,null,null,null,null,null,null,null,null,null,null,null,null,null,null,null,null,null,null,null,null,null,null,null,null,null,null,null,null,null,null,null,null,null,null,null,null,null,null,null,null,null,null,null,null,null,"Nickel carbonyl","Nickel carbonyl","Nickel carbonyl","Nickel carbonyl","Nickel carbonyl"]
[null,null,null,null,null,null,null,null,null,null,null,null,null,null,null,null,null,null,null,null,null,null,null,null,null,null,null,null,null,null,null,null,null,null,null,null,null,null,null,null,null,null,null,null,null,null,null,null,null,null,null,null,null,null,null,null,null,null,null,null,null,null,null,null,null,null,null,null,null,null,null,null,null,null,null,null,"Nickel compounds","Nickel compounds","Nickel compounds","Nickel compounds","Nickel compounds"]
[null,null,null,null,null,null,null,null,null,null,null,null,null,null,null,null,null,null,null,null,null,null,null,null,null,null,null,null,null,null,null,null,null,null,null,null,null,null,null,null,null,null,null,null,null,null,null,null,null,null,null,null,null,null,null,null,null,null,null,null,null,null,null,null,null,null,null,null,null,null,null,null,null,null,null,null,"Nickel hydroxide","Nickel hydroxide","Nickel hydroxide","Nickel hydroxide","Nickel hydroxide"]
[null,null,null,null,null,null,null,null,null,null,null,null,null,null,null,null,null,null,null,null,null,null,null,null,null,null,null,null,null,null,null,null,null,null,null,null,null,null,null,null,null,null,null,null,null,null,null,null,null,null,null,null,null,null,null,null,null,null,null,null,null,null,null,null,null,null,null,null,null,null,null,null,null,null,null,null,"Nickel oxide","Nickel oxide","Nickel oxide","Nickel oxide","Nickel oxide"]
[null,null,null,null,null,null,null,null,null,null,null,null,null,null,null,null,null,null,null,null,null,null,null,null,null,null,null,null,null,null,null,null,null,null,null,null,null,null,null,null,null,null,null,null,null,null,null,null,null,null,null,null,null,null,null,null,null,null,null,null,null,null,null,null,null,null,null,null,null,null,null,null,null,null,null,null,"Nickel refinery dust from the pyrometallurgical process","Nickel refinery dust from the pyrometallurgical process","Nickel refinery dust from the pyrometallurgical process","Nickel refinery dust from the pyrometallurgical process","Nickel refinery dust from the pyrometallurgical process"]
[null,null,null,null,null,null,null,null,null,null,null,null,null,null,null,null,null,null,null,null,null,null,null,null,null,null,null,null,null,null,null,null,null,null,null,null,null,null,null,null,null,null,null,null,null,null,null,null,null,null,null,null,null,null,null,null,null,null,null,null,null,null,null,null,null,null,null,null,null,null,null,null,null,null,null,null,"Nickel subsulfide","Nickel subsulfide","Nickel subsulfide","Nickel subsulfide","Nickel subsulfide"]
[null,null,null,null,null,null,null,null,null,null,null,null,null,null,null,null,null,null,null,null,null,null,null,null,null,null,null,null,null,null,null,null,null,null,null,null,null,null,null,null,null,null,null,null,null,null,null,null,null,null,null,null,null,null,null,null,null,null,null,null,null,null,null,null,null,null,null,null,null,null,null,null,null,null,null,null,"Nickelocene","Nickelocene","Nickelocene","Nickelocene","Nickelocene"]
[null,null,null,null,null,null,null,null,null,null,null,null,null,null,null,null,null,null,null,null,null,null,null,null,null,null,null,null,null,null,null,null,null,null,null,null,null,null,null,null,null,null,null,null,null,null,null,null,null,null,null,null,null,null,null,null,null,null,null,null,null,null,null,null,null,null,null,null,null,null,null,null,null,null,null,null,"Nicotine","Nicotine","Nicotine","Nicotine","Nicotine"]
[null,null,null,null,null,null,null,null,null,null,null,null,null,null,null,null,null,null,null,null,null,null,null,null,null,null,null,null,null,null,null,null,null,null,null,null,null,null,null,null,null,null,null,null,null,null,null,null,null,null,null,null,null,null,null,null,null,null,null,null,null,null,null,null,null,null,null,null,null,null,null,null,null,null,null,null,"Nifedipine","Nifedipine","Nifedipine","Nifedipine","Nifedipine"]
[null,null,null,null,null,null,null,null,null,null,null,null,null,null,null,null,null,null,null,null,null,null,null,null,null,null,null,null,null,null,null,null,null,null,null,null,null,null,null,null,null,null,null,null,null,null,null,null,null,null,null,null,null,null,null,null,null,null,null,null,null,null,null,null,null,null,null,null,null,null,null,null,null,null,null,null,"Nimodipine","Nimodipine","Nimodipine","Nimodipine","Nimodipine"]
[null,null,null,null,null,null,null,null,null,null,null,null,null,null,null,null,null,null,null,null,null,null,null,null,null,null,null,null,null,null,null,null,null,null,null,null,null,null,null,null,null,null,null,null,null,null,null,null,null,null,null,null,null,null,null,null,null,null,null,null,null,null,null,null,null,null,null,null,null,null,null,null,null,null,null,null,"Niridazole","Niridazole","Niridazole","Niridazole","Niridazole"]
[null,null,null,null,null,null,null,null,null,null,null,null,null,null,null,null,null,null,null,null,null,null,null,null,null,null,null,null,null,null,null,null,null,null,null,null,null,null,null,null,null,null,null,null,null,null,null,null,null,null,null,null,null,null,null,null,null,null,null,null,null,null,null,null,null,null,null,null,null,null,null,null,null,null,null,null,"Nitrapyrin","Nitrapyrin","Nitrapyrin","Nitrapyrin","Nitrapyrin"]
[null,null,null,null,null,null,null,null,null,null,null,null,null,null,null,null,null,null,null,null,null,null,null,null,null,null,null,null,null,null,null,null,null,null,null,null,null,null,null,null,null,null,null,null,null,null,null,null,null,null,null,null,null,null,null,null,null,null,null,null,null,null,null,null,null,null,null,null,null,null,null,null,null,null,null,null,"Nitrilotriacetic acid","Nitrilotriacetic acid","Nitrilotriacetic acid","Nitrilotriacetic acid","Nitrilotriacetic acid"]
[null,null,null,null,null,null,null,null,null,null,null,null,null,null,null,null,null,null,null,null,null,null,null,null,null,null,null,null,null,null,null,null,null,null,null,null,null,null,null,null,null,null,null,null,null,null,null,null,null,null,null,null,null,null,null,null,null,null,null,null,null,null,null,null,null,null,null,null,null,null,null,null,null,null,null,null,"Nitrilotriacetic acid, trisodium salt monohydrate","Nitrilotriacetic acid, trisodium salt monohydrate","Nitrilotriacetic acid, trisodium salt monohydrate","Nitrilotriacetic acid, trisodium salt monohydrate","Nitrilotriacetic acid, trisodium salt monohydrate"]
[null,null,null,null,null,null,null,null,null,null,null,null,null,null,null,null,null,null,null,null,null,null,null,null,null,null,null,null,null,null,null,null,null,null,null,null,null,null,null,null,null,null,null,null,null,null,null,null,null,null,null,null,null,null,null,null,null,null,null,null,null,null,null,null,null,null,null,null,null,null,null,null,null,null,null,null,"Nitrobenzene","Nitrobenzene","Nitrobenzene","Nitrobenzene","Nitrobenzene"]
[null,null,null,null,null,null,null,null,null,null,null,null,null,null,null,null,null,null,null,null,null,null,null,null,null,null,null,null,null,null,null,null,null,null,null,null,null,null,null,null,null,null,null,null,null,null,null,null,null,null,null,null,null,null,null,null,null,null,null,null,null,null,null,null,null,null,null,null,null,null,null,null,null,null,null,null,"Nitrofen (technical grade)","Nitrofen (technical grade)","Nitrofen (technical grade)","Nitrofen (technical grade)","Nitrofen (technical grade)"]
[null,null,null,null,null,null,null,null,null,null,null,null,null,null,null,null,null,null,null,null,null,null,null,null,null,null,null,null,null,null,null,null,null,null,null,null,null,null,null,null,null,null,null,null,null,null,null,null,null,null,null,null,null,null,null,null,null,null,null,null,null,null,null,null,null,null,null,null,null,null,null,null,null,null,null,null,"Nitrofurantoin","Nitrofurantoin","Nitrofurantoin","Nitrofurantoin","Nitrofurantoin"]
[null,null,null,null,null,null,null,null,null,null,null,null,null,null,null,null,null,null,null,null,null,null,null,null,null,null,null,null,null,null,null,null,null,null,null,null,null,null,null,null,null,null,null,null,null,null,null,null,null,null,null,null,null,null,null,null,null,null,null,null,null,null,null,null,null,null,null,null,null,null,null,null,null,null,null,null,"Nitrofurazone","Nitrofurazone","Nitrofurazone","Nitrofurazone","Nitrofurazone"]
[null,null,null,null,null,null,null,null,null,null,null,null,null,null,null,null,null,null,null,null,null,null,null,null,null,null,null,null,null,null,null,null,null,null,null,null,null,null,null,null,null,null,null,null,null,null,null,null,null,null,null,null,null,null,null,null,null,null,null,null,null,null,null,null,null,null,null,null,null,null,null,null,null,null,null,null,"Nitrogen mustard (Mechlorethamine)","Nitrogen mustard (Mechlorethamine)","Nitrogen mustard (Mechlorethamine)","Nitrogen mustard (Mechlorethamine)","Nitrogen mustard (Mechlorethamine)"]
[null,null,null,null,null,null,null,null,null,null,null,null,null,null,null,null,null,null,null,null,null,null,null,null,null,null,null,null,null,null,null,null,null,null,null,null,null,null,null,null,null,null,null,null,null,null,null,null,null,null,null,null,null,null,null,null,null,null,null,null,null,null,null,null,null,null,null,null,null,null,null,null,null,null,null,null,"Nitrogen mustard hydrochloride (Mechlorethamine hydrochloride)","Nitrogen mustard hydrochloride (Mechlorethamine hydrochloride)","Nitrogen mustard hydrochloride (Mechlorethamine hydrochloride)","Nitrogen mustard hydrochloride (Mechlorethamine hydrochloride)","Nitrogen mustard hydrochloride (Mechlorethamine hydrochloride)"]
[null,null,null,null,null,null,null,null,null,null,null,null,null,null,null,null,null,null,null,null,null,null,null,null,null,null,null,null,null,null,null,null,null,null,null,null,null,null,null,null,null,null,null,null,null,null,null,null,null,null,null,null,null,null,null,null,null,null,null,null,null,null,null,null,null,null,null,null,null,null,null,null,null,null,null,null,"Nitrogen mustard N-oxide","Nitrogen mustard N-oxide","Nitrogen mustard N-oxide","Nitrogen mustard N-oxide","Nitrogen mustard N-oxide"]
[null,null,null,null,null,null,null,null,null,null,null,null,null,null,null,null,null,null,null,null,null,null,null,null,null,null,null,null,null,null,null,null,null,null,null,null,null,null,null,null,null,null,null,null,null,null,null,null,null,null,null,null,null,null,null,null,null,null,null,null,null,null,null,null,null,null,null,null,null,null,null,null,null,null,null,null,"Nitrogen mustard N-oxide hydrochloride","Nitrogen mustard N-oxide hydrochloride","Nitrogen mustard N-oxide hydrochloride","Nitrogen mustard N-oxide hydrochloride","Nitrogen mustard N-oxide hydrochloride"]
[null,null,null,null,null,null,null,null,null,null,null,null,null,null,null,null,null,null,null,null,null,null,null,null,null,null,null,null,null,null,null,null,null,null,null,null,null,null,null,null,null,null,null,null,null,null,null,null,null,null,null,null,null,null,null,null,null,null,null,null,null,null,null,null,null,null,null,null,null,null,null,null,null,null,null,null,"Nitromethane","Nitromethane","Nitromethane","Nitromethane","Nitromethane"]
[null,null,null,null,null,null,null,null,null,null,null,null,null,null,null,null,null,null,null,null,null,null,null,null,null,null,null,null,null,null,null,null,null,null,null,null,null,null,null,null,null,null,null,null,null,null,null,null,null,null,null,null,null,null,null,null,null,null,null,null,null,null,null,null,null,null,null,null,null,null,null,null,null,null,null,null,"Nitrous oxide","Nitrous oxide","Nitrous oxide","Nitrous oxide","Nitrous oxide"]
[null,null,null,null,null,null,null,null,null,null,null,null,null,null,null,null,null,null,null,null,null,null,null,null,null,null,null,null,null,null,null,null,null,null,null,null,null,null,null,null,null,null,null,null,null,null,null,null,null,null,null,null,null,null,null,null,null,null,null,null,null,null,null,null,null,null,null,null,null,null,null,null,null,null,null,null,"N-Methyl-N'-nitro-N-nitrosoguanidine","N-Methyl-N'-nitro-N-nitrosoguanidine","N-Methyl-N'-nitro-N-nitrosoguanidine","N-Methyl-N'-nitro-N-nitrosoguanidine","N-Methyl-N'-nitro-N-nitrosoguanidine"]
[null,null,null,null,null,null,null,null,null,null,null,null,null,null,null,null,null,null,null,null,null,null,null,null,null,null,null,null,null,null,null,null,null,null,null,null,null,null,null,null,null,null,null,null,null,null,null,null,null,null,null,null,null,null,null,null,null,null,null,null,null,null,null,null,null,null,null,null,null,null,null,null,null,null,null,null,"N-Methylolacrylamide","N-Methylolacrylamide","N-Methylolacrylamide","N-Methylolacrylamide","N-Methylolacrylamide"]
[null,null,null,null,null,null,null,null,null,null,null,null,null,null,null,null,null,null,null,null,null,null,null,null,null,null,null,null,null,null,null,null,null,null,null,null,null,null,null,null,null,null,null,null,null,null,null,null,null,null,null,null,null,null,null,null,null,null,null,null,null,null,null,null,null,null,null,null,null,null,null,null,null,null,null,null,"N-Methylpyrrolidone","N-Methylpyrrolidone","N-Methylpyrrolidone","N-Methylpyrrolidone","N-Methylpyrrolidone"]
[null,null,null,null,null,null,null,null,null,null,null,null,null,null,null,null,null,null,null,null,null,null,null,null,null,null,null,null,null,null,null,null,null,null,null,null,null,null,null,null,null,null,null,null,null,null,null,null,null,null,null,null,null,null,null,null,null,null,null,null,null,null,null,null,null,null,null,null,null,null,null,null,null,null,null,null,"N-Nitrosodiethanolamine","N-Nitrosodiethanolamine","N-Nitrosodiethanolamine","N-Nitrosodiethanolamine","N-Nitrosodiethanolamine"]
[null,null,null,null,null,null,null,null,null,null,null,null,null,null,null,null,null,null,null,null,null,null,null,null,null,null,null,null,null,null,null,null,null,null,null,null,null,null,null,null,null,null,null,null,null,null,null,null,null,null,null,null,null,null,null,null,null,null,null,null,null,null,null,null,null,null,null,null,null,null,null,null,null,null,null,null,"N-Nitrosodiethylamine","N-Nitrosodiethylamine","N-Nitrosodiethylamine","N-Nitrosodiethylamine","N-Nitrosodiethylamine"]
[null,null,null,null,null,null,null,null,null,null,null,null,null,null,null,null,null,null,null,null,null,null,null,null,null,null,null,null,null,null,null,null,null,null,null,null,null,null,null,null,null,null,null,null,null,null,null,null,null,null,null,null,null,null,null,null,null,null,null,null,null,null,null,null,null,null,null,null,null,null,null,null,null,null,null,null,"N-Nitrosodimethylamine","N-Nitrosodimethylamine","N-Nitrosodimethylamine","N-Nitrosodimethylamine","N-Nitrosodimethylamine"]
[null,null,null,null,null,null,null,null,null,null,null,null,null,null,null,null,null,null,null,null,null,null,null,null,null,null,null,null,null,null,null,null,null,null,null,null,null,null,null,null,null,null,null,null,null,null,null,null,null,null,null,null,null,null,null,null,null,null,null,null,null,null,null,null,null,null,null,null,null,null,null,null,null,null,null,null,"N-Nitrosodi-n-butylamine","N-Nitrosodi-n-butylamine","N-Nitrosodi-n-butylamine","N-Nitrosodi-n-butylamine","N-Nitrosodi-n-butylamine"]
[null,null,null,null,null,null,null,null,null,null,null,null,null,null,null,null,null,null,null,null,null,null,null,null,null,null,null,null,null,null,null,null,null,null,null,null,null,null,null,null,null,null,null,null,null,null,null,null,null,null,null,null,null,null,null,null,null,null,null,null,null,null,null,null,null,null,null,null,null,null,null,null,null,null,null,null,"N-Nitrosodi-n-propylamine","N-Nitrosodi-n-propylamine","N-Nitrosodi-n-propylamine","N-Nitrosodi-n-propylamine","N-Nitrosodi-n-propylamine"]
[null,null,null,null,null,null,null,null,null,null,null,null,null,null,null,null,null,null,null,null,null,null,null,null,null,null,null,null,null,null,null,null,null,null,null,null,null,null,null,null,null,null,null,null,null,null,null,null,null,null,null,null,null,null,null,null,null,null,null,null,null,null,null,null,null,null,null,null,null,null,null,null,null,null,null,null,"N-Nitrosodiphenylamine","N-Nitrosodiphenylamine","N-Nitrosodiphenylamine","N-Nitrosodiphenylamine","N-Nitrosodiphenylamine"]
[null,null,null,null,null,null,null,null,null,null,null,null,null,null,null,null,null,null,null,null,null,null,null,null,null,null,null,null,null,null,null,null,null,null,null,null,null,null,null,null,null,null,null,null,null,null,null,null,null,null,null,null,null,null,null,null,null,null,null,null,null,null,null,null,null,null,null,null,null,null,null,null,null,null,null,null,"N-Nitrosomethylethylamine","N-Nitrosomethylethylamine","N-Nitrosomethylethylamine","N-Nitrosomethylethylamine","N-Nitrosomethylethylamine"]
[null,null,null,null,null,null,null,null,null,null,null,null,null,null,null,null,null,null,null,null,null,null,null,null,null,null,null,null,null,null,null,null,null,null,null,null,null,null,null,null,null,null,null,null,null,null,null,null,null,null,null,null,null,null,null,null,null,null,null,null,null,null,null,null,null,null,null,null,null,null,null,null,null,null,null,null,"N-Nitrosomethyl-n-butylamine","N-Nitrosomethyl-n-butylamine","N-Nitrosomethyl-n-butylamine","N-Nitrosomethyl-n-butylamine","N-Nitrosomethyl-n-butylamine"]
[null,null,null,null,null,null,null,null,null,null,null,null,null,null,null,null,null,null,null,null,null,null,null,null,null,null,null,null,null,null,null,null,null,null,null,null,null,null,null,null,null,null,null,null,null,null,null,null,null,null,null,null,null,null,null,null,null,null,null,null,null,null,null,null,null,null,null,null,null,null,null,null,null,null,null,null,"N-Nitrosomethyl-n-decylamine","N-Nitrosomethyl-n-decylamine","N-Nitrosomethyl-n-decylamine","N-Nitrosomethyl-n-decylamine","N-Nitrosomethyl-n-decylamine"]
[null,null,null,null,null,null,null,null,null,null,null,null,null,null,null,null,null,null,null,null,null,null,null,null,null,null,null,null,null,null,null,null,null,null,null,null,null,null,null,null,null,null,null,null,null,null,null,null,null,null,null,null,null,null,null,null,null,null,null,null,null,null,null,null,null,null,null,null,null,null,null,null,null,null,null,null,"N-Nitrosomethyl-n-dodecylamine","N-Nitrosomethyl-n-dodecylamine","N-Nitrosomethyl-n-dodecylamine","N-Nitrosomethyl-n-dodecylamine","N-Nitrosomethyl-n-dodecylamine"]
[null,null,null,null,null,null,null,null,null,null,null,null,null,null,null,null,null,null,null,null,null,null,null,null,null,null,null,null,null,null,null,null,null,null,null,null,null,null,null,null,null,null,null,null,null,null,null,null,null,null,null,null,null,null,null,null,null,null,null,null,null,null,null,null,null,null,null,null,null,null,null,null,null,null,null,null,"N-Nitrosomethyl-n-heptylamine","N-Nitrosomethyl-n-heptylamine","N-Nitrosomethyl-n-heptylamine","N-Nitrosomethyl-n-heptylamine","N-Nitrosomethyl-n-heptylamine"]
[null,null,null,null,null,null,null,null,null,null,null,null,null,null,null,null,null,null,null,null,null,null,null,null,null,null,null,null,null,null,null,null,null,null,null,null,null,null,null,null,null,null,null,null,null,null,null,null,null,null,null,null,null,null,null,null,null,null,null,null,null,null,null,null,null,null,null,null,null,null,null,null,null,null,null,null,"N-Nitrosomethyl-n-hexylamine","N-Nitrosomethyl-n-hexylamine","N-Nitrosomethyl-n-hexylamine","N-Nitrosomethyl-n-hexylamine","N-Nitrosomethyl-n-hexylamine"]
[null,null,null,null,null,null,null,null,null,null,null,null,null,null,null,null,null,null,null,null,null,null,null,null,null,null,null,null,null,null,null,null,null,null,null,null,null,null,null,null,null,null,null,null,null,null,null,null,null,null,null,null,null,null,null,null,null,null,null,null,null,null,null,null,null,null,null,null,null,null,null,null,null,null,null,null,"N-Nitrosomethyl-n-nonylamine","N-Nitrosomethyl-n-nonylamine","N-Nitrosomethyl-n-nonylamine","N-Nitrosomethyl-n-nonylamine","N-Nitrosomethyl-n-nonylamine"]
[null,null,null,null,null,null,null,null,null,null,null,null,null,null,null,null,null,null,null,null,null,null,null,null,null,null,null,null,null,null,null,null,null,null,null,null,null,null,null,null,null,null,null,null,null,null,null,null,null,null,null,null,null,null,null,null,null,null,null,null,null,null,null,null,null,null,null,null,null,null,null,null,null,null,null,null,"N-Nitrosomethyl-n-octylamine","N-Nitrosomethyl-n-octylamine","N-Nitrosomethyl-n-octylamine","N-Nitrosomethyl-n-octylamine","N-Nitrosomethyl-n-octylamine"]
[null,null,null,null,null,null,null,null,null,null,null,null,null,null,null,null,null,null,null,null,null,null,null,null,null,null,null,null,null,null,null,null,null,null,null,null,null,null,null,null,null,null,null,null,null,null,null,null,null,null,null,null,null,null,null,null,null,null,null,null,null,null,null,null,null,null,null,null,null,null,null,null,null,null,null,null,"N-Nitrosomethyl-n-pentylamine","N-Nitrosomethyl-n-pentylamine","N-Nitrosomethyl-n-pentylamine","N-Nitrosomethyl-n-pentylamine","N-Nitrosomethyl-n-pentylamine"]
[null,null,null,null,null,null,null,null,null,null,null,null,null,null,null,null,null,null,null,null,null,null,null,null,null,null,null,null,null,null,null,null,null,null,null,null,null,null,null,null,null,null,null,null,null,null,null,null,null,null,null,null,null,null,null,null,null,null,null,null,null,null,null,null,null,null,null,null,null,null,null,null,null,null,null,null,"N-Nitrosomethyl-n-propylamine","N-Nitrosomethyl-n-propylamine","N-Nitrosomethyl-n-propylamine","N-Nitrosomethyl-n-propylamine","N-Nitrosomethyl-n-propylamine"]
[null,null,null,null,null,null,null,null,null,null,null,null,null,null,null,null,null,null,null,null,null,null,null,null,null,null,null,null,null,null,null,null,null,null,null,null,null,null,null,null,null,null,null,null,null,null,null,null,null,null,null,null,null,null,null,null,null,null,null,null,null,null,null,null,null,null,null,null,null,null,null,null,null,null,null,null,"N-Nitrosomethyl-n-tetradecylamine","N-Nitrosomethyl-n-tetradecylamine","N-Nitrosomethyl-n-tetradecylamine","N-Nitrosomethyl-n-tetradecylamine","N-Nitrosomethyl-n-tetradecylamine"]
[null,null,null,null,null,null,null,null,null,null,null,null,null,null,null,null,null,null,null,null,null,null,null,null,null,null,null,null,null,null,null,null,null,null,null,null,null,null,null,null,null,null,null,null,null,null,null,null,null,null,null,null,null,null,null,null,null,null,null,null,null,null,null,null,null,null,null,null,null,null,null,null,null,null,null,null,"N-Nitrosomethyl-n-undecylamine","N-Nitrosomethyl-n-undecylamine","N-Nitrosomethyl-n-undecylamine","N-Nitrosomethyl-n-undecylamine","N-Nitrosomethyl-n-undecylamine"]
[null,null,null,null,null,null,null,null,null,null,null,null,null,null,null,null,null,null,null,null,null,null,null,null,null,null,null,null,null,null,null,null,null,null,null,null,null,null,null,null,null,null,null,null,null,null,null,null,null,null,null,null,null,null,null,null,null,null,null,null,null,null,null,null,null,null,null,null,null,null,null,null,null,null,null,null,"N-Nitrosomethylvinylamine","N-Nitrosomethylvinylamine","N-Nitrosomethylvinylamine","N-Nitrosomethylvinylamine","N-Nitrosomethylvinylamine"]
[null,null,null,null,null,null,null,null,null,null,null,null,null,null,null,null,null,null,null,null,null,null,null,null,null,null,null,null,null,null,null,null,null,null,null,null,null,null,null,null,null,null,null,null,null,null,null,null,null,null,null,null,null,null,null,null,null,null,null,null,null,null,null,null,null,null,null,null,null,null,null,null,null,null,null,null,"N-Nitrosomorpholine","N-Nitrosomorpholine","N-Nitrosomorpholine","N-Nitrosomorpholine","N-Nitrosomorpholine"]
[null,null,null,null,null,null,null,null,null,null,null,null,null,null,null,null,null,null,null,null,null,null,null,null,null,null,null,null,null,null,null,null,null,null,null,null,null,null,null,null,null,null,null,null,null,null,null,null,null,null,null,null,null,null,null,null,null,null,null,null,null,null,null,null,null,null,null,null,null,null,null,null,null,null,null,null,"N-Nitroso-N-ethylurea","N-Nitroso-N-ethylurea","N-Nitroso-N-ethylurea","N-Nitroso-N-ethylurea","N-Nitroso-N-ethylurea"]
[null,null,null,null,null,null,null,null,null,null,null,null,null,null,null,null,null,null,null,null,null,null,null,null,null,null,null,null,null,null,null,null,null,null,null,null,null,null,null,null,null,null,null,null,null,null,null,null,null,null,null,null,null,null,null,null,null,null,null,null,null,null,null,null,null,null,null,null,null,null,null,null,null,null,null,null,"N-Nitroso-N-methylurea","N-Nitroso-N-methylurea","N-Nitroso-N-methylurea","N-Nitroso-N-methylurea","N-Nitroso-N-methylurea"]
[null,null,null,null,null,null,null,null,null,null,null,null,null,null,null,null,null,null,null,null,null,null,null,null,null,null,null,null,null,null,null,null,null,null,null,null,null,null,null,null,null,null,null,null,null,null,null,null,null,null,null,null,null,null,null,null,null,null,null,null,null,null,null,null,null,null,null,null,null,null,null,null,null,null,null,null,"N-Nitroso-N-methylurethane","N-Nitroso-N-methylurethane","N-Nitroso-N-methylurethane","N-Nitroso-N-methylurethane","N-Nitroso-N-methylurethane"]
[null,null,null,null,null,null,null,null,null,null,null,null,null,null,null,null,null,null,null,null,null,null,null,null,null,null,null,null,null,null,null,null,null,null,null,null,null,null,null,null,null,null,null,null,null,null,null,null,null,null,null,null,null,null,null,null,null,null,null,null,null,null,null,null,null,null,null,null,null,null,null,null,null,null,null,null,"N-Nitrosonornicotine","N-Nitrosonornicotine","N-Nitrosonornicotine","N-Nitrosonornicotine","N-Nitrosonornicotine"]
[null,null,null,null,null,null,null,null,null,null,null,null,null,null,null,null,null,null,null,null,null,null,null,null,null,null,null,null,null,null,null,null,null,null,null,null,null,null,null,null,null,null,null,null,null,null,null,null,null,null,null,null,null,null,null,null,null,null,null,null,null,null,null,null,null,null,null,null,null,null,null,null,null,null,null,null,"N-Nitrosopiperidine","N-Nitrosopiperidine","N-Nitrosopiperidine","N-Nitrosopiperidine","N-Nitrosopiperidine"]
[null,null,null,null,null,null,null,null,null,null,null,null,null,null,null,null,null,null,null,null,null,null,null,null,null,null,null,null,null,null,null,null,null,null,null,null,null,null,null,null,null,null,null,null,null,null,null,null,null,null,null,null,null,null,null,null,null,null,null,null,null,null,null,null,null,null,null,null,null,null,null,null,null,null,null,null,"N-Nitrosopyrrolidine","N-Nitrosopyrrolidine","N-Nitrosopyrrolidine","N-Nitrosopyrrolidine","N-Nitrosopyrrolidine"]
[null,null,null,null,null,null,null,null,null,null,null,null,null,null,null,null,null,null,null,null,null,null,null,null,null,null,null,null,null,null,null,null,null,null,null,null,null,null,null,null,null,null,null,null,null,null,null,null,null,null,null,null,null,null,null,null,null,null,null,null,null,null,null,null,null,null,null,null,null,null,null,null,null,null,null,null,"N-Nitrososarcosine","N-Nitrososarcosine","N-Nitrososarcosine","N-Nitrososarcosine","N-Nitrososarcosine"]
[null,null,null,null,null,null,null,null,null,null,null,null,null,null,null,null,null,null,null,null,null,null,null,null,null,null,null,null,null,null,null,null,null,null,null,null,null,null,null,null,null,null,null,null,null,null,null,null,null,null,null,null,null,null,null,null,null,null,null,null,null,null,null,null,null,null,null,null,null,null,null,null,null,null,null,null,"Norethisterone (Norethindrone)","Norethisterone (Norethindrone)","Norethisterone (Norethindrone)","Norethisterone (Norethindrone)","Norethisterone (Norethindrone)"]
[null,null,null,null,null,null,null,null,null,null,null,null,null,null,null,null,null,null,null,null,null,null,null,null,null,null,null,null,null,null,null,null,null,null,null,null,null,null,null,null,null,null,null,null,null,null,null,null,null,null,null,null,null,null,null,null,null,null,null,null,null,null,null,null,null,null,null,null,null,null,null,null,null,null,null,null,"Norethisterone (Norethindrone) /Ethinyl estradiol","Norethisterone (Norethindrone) /Ethinyl estradiol","Norethisterone (Norethindrone) /Ethinyl estradiol","Norethisterone (Norethindrone) /Ethinyl estradiol","Norethisterone (Norethindrone) /Ethinyl estradiol"]
[null,null,null,null,null,null,null,null,null,null,null,null,null,null,null,null,null,null,null,null,null,null,null,null,null,null,null,null,null,null,null,null,null,null,null,null,null,null,null,null,null,null,null,null,null,null,null,null,null,null,null,null,null,null,null,null,null,null,null,null,null,null,null,null,null,null,null,null,null,null,null,null,null,null,null,null,"Norethisterone (Norethindrone) /Mestranol","Norethisterone (Norethindrone) /Mestranol","Norethisterone (Norethindrone) /Mestranol","Norethisterone (Norethindrone) /Mestranol","Norethisterone (Norethindrone) /Mestranol"]
[null,null,null,null,null,null,null,null,null,null,null,null,null,null,null,null,null,null,null,null,null,null,null,null,null,null,null,null,null,null,null,null,null,null,null,null,null,null,null,null,null,null,null,null,null,null,null,null,null,null,null,null,null,null,null,null,null,null,null,null,null,null,null,null,null,null,null,null,null,null,null,null,null,null,null,null,"Norethisterone acetate (Norethindrone acetate)","Norethisterone acetate (Norethindrone acetate)","Norethisterone acetate (Norethindrone acetate)","Norethisterone acetate (Norethindrone acetate)","Norethisterone acetate (Norethindrone acetate)"]
[null,null,null,null,null,null,null,null,null,null,null,null,null,null,null,null,null,null,null,null,null,null,null,null,null,null,null,null,null,null,null,null,null,null,null,null,null,null,null,null,null,null,null,null,null,null,null,null,null,null,null,null,null,null,null,null,null,null,null,null,null,null,null,null,null,null,null,null,null,null,null,null,null,null,null,null,"Norethynodrel","Norethynodrel","Norethynodrel","Norethynodrel","Norethynodrel"]
[null,null,null,null,null,null,null,null,null,null,null,null,null,null,null,null,null,null,null,null,null,null,null,null,null,null,null,null,null,null,null,null,null,null,null,null,null,null,null,null,null,null,null,null,null,null,null,null,null,null,null,null,null,null,null,null,null,null,null,null,null,null,null,null,null,null,null,null,null,null,null,null,null,null,null,null,"Norgestrel","Norgestrel","Norgestrel","Norgestrel","Norgestrel"]
[null,null,null,null,null,null,null,null,null,null,null,null,null,null,null,null,null,null,null,null,null,null,null,null,null,null,null,null,null,null,null,null,null,null,null,null,null,null,null,null,null,null,null,null,null,null,null,null,null,null,null,null,null,null,null,null,null,null,null,null,null,null,null,null,null,null,null,null,null,null,null,null,null,null,null,null,"o,p'-DDT","o,p'-DDT","o,p'-DDT","o,p'-DDT","o,p'-DDT"]
[null,null,null,null,null,null,null,null,null,null,null,null,null,null,null,null,null,null,null,null,null,null,null,null,null,null,null,null,null,null,null,null,null,null,null,null,null,null,null,null,null,null,null,null,null,null,null,null,null,null,null,null,null,null,null,null,null,null,null,null,null,null,null,null,null,null,null,null,null,null,null,null,null,null,null,null,"o-Aminoazotoluene","o-Aminoazotoluene","o-Aminoazotoluene","o-Aminoazotoluene","o-Aminoazotoluene"]
[null,null,null,null,null,null,null,null,null,null,null,null,null,null,null,null,null,null,null,null,null,null,null,null,null,null,null,null,null,null,null,null,null,null,null,null,null,null,null,null,null,null,null,null,null,null,null,null,null,null,null,null,null,null,null,null,null,null,null,null,null,null,null,null,null,null,null,null,null,null,null,null,null,null,null,null,"o-Anisidine","o-Anisidine","o-Anisidine","o-Anisidine","o-Anisidine"]
[null,null,null,null,null,null,null,null,null,null,null,null,null,null,null,null,null,null,null,null,null,null,null,null,null,null,null,null,null,null,null,null,null,null,null,null,null,null,null,null,null,null,null,null,null,null,null,null,null,null,null,null,null,null,null,null,null,null,null,null,null,null,null,null,null,null,null,null,null,null,null,null,null,null,null,null,"o-Anisidine hydrochloride","o-Anisidine hydrochloride","o-Anisidine hydrochloride","o-Anisidine hydrochloride","o-Anisidine hydrochloride"]
[null,null,null,null,null,null,null,null,null,null,null,null,null,null,null,null,null,null,null,null,null,null,null,null,null,null,null,null,null,null,null,null,null,null,null,null,null,null,null,null,null,null,null,null,null,null,null,null,null,null,null,null,null,null,null,null,null,null,null,null,null,null,null,null,null,null,null,null,null,null,null,null,null,null,null,null,"Ochratoxin A","Ochratoxin A","Ochratoxin A","Ochratoxin A","Ochratoxin A"]
[null,null,null,null,null,null,null,null,null,null,null,null,null,null,null,null,null,null,null,null,null,null,null,null,null,null,null,null,null,null,null,null,null,null,null,null,null,null,null,null,null,null,null,null,null,null,null,null,null,null,null,null,null,null,null,null,null,null,null,null,null,null,null,null,null,null,null,null,null,null,null,null,null,null,null,null,"o-Dinitrobenzene","o-Dinitrobenzene","o-Dinitrobenzene","o-Dinitrobenzene","o-Dinitrobenzene"]
[null,null,null,null,null,null,null,null,null,null,null,null,null,null,null,null,null,null,null,null,null,null,null,null,null,null,null,null,null,null,null,null,null,null,null,null,null,null,null,null,null,null,null,null,null,null,null,null,null,null,null,null,null,null,null,null,null,null,null,null,null,null,null,null,null,null,null,null,null,null,null,null,null,null,null,null,"Oil Orange SS","Oil Orange SS","Oil Orange SS","Oil Orange SS","Oil Orange SS"]
[null,null,null,null,null,null,null,null,null,null,null,null,null,null,null,null,null,null,null,null,null,null,null,null,null,null,null,null,null,null,null,null,null,null,null,null,null,null,null,null,null,null,null,null,null,null,null,null,null,null,null,null,null,null,null,null,null,null,null,null,null,null,null,null,null,null,null,null,null,null,null,null,null,null,null,null,"o-Nitroanisole","o-Nitroanisole","o-Nitroanisole","o-Nitroanisole","o-Nitroanisole"]
[null,null,null,null,null,null,null,null,null,null,null,null,null,null,null,null,null,null,null,null,null,null,null,null,null,null,null,null,null,null,null,null,null,null,null,null,null,null,null,null,null,null,null,null,null,null,null,null,null,null,null,null,null,null,null,null,null,null,null,null,null,null,null,null,null,null,null,null,null,null,null,null,null,null,null,null,"o-Nitrotoluene","o-Nitrotoluene","o-Nitrotoluene","o-Nitrotoluene","o-Nitrotoluene"]
[null,null,null,null,null,null,null,null,null,null,null,null,null,null,null,null,null,null,null,null,null,null,null,null,null,null,null,null,null,null,null,null,null,null,null,null,null,null,null,null,null,null,null,null,null,null,null,null,null,null,null,null,null,null,null,null,null,null,null,null,null,null,null,null,null,null,null,null,null,null,null,null,null,null,null,null,"o-Phenylenediamine","o-Phenylenediamine","o-Phenylenediamine","o-Phenylenediamine","o-Phenylenediamine"]
[null,null,null,null,null,null,null,null,null,null,null,null,null,null,null,null,null,null,null,null,null,null,null,null,null,null,null,null,null,null,null,null,null,null,null,null,null,null,null,null,null,null,null,null,null,null,null,null,null,null,null,null,null,null,null,null,null,null,null,null,null,null,null,null,null,null,null,null,null,null,null,null,null,null,null,null,"o-Phenylenediamine and its salts","o-Phenylenediamine and its salts","o-Phenylenediamine and its salts","o-Phenylenediamine and its salts","o-Phenylenediamine and its salts"]
[null,null,null,null,null,null,null,null,null,null,null,null,null,null,null,null,null,null,null,null,null,null,null,null,null,null,null,null,null,null,null,null,null,null,null,null,null,null,null,null,null,null,null,null,null,null,null,null,null,null,null,null,null,null,null,null,null,null,null,null,null,null,null,null,null,null,null,null,null,null,null,null,null,null,null,null,"o-Phenylenediamine dihydochloride","o-Phenylenediamine dihydochloride","o-Phenylenediamine dihydochloride","o-Phenylenediamine dihydochloride","o-Phenylenediamine dihydochloride"]
[null,null,null,null,null,null,null,null,null,null,null,null,null,null,null,null,null,null,null,null,null,null,null,null,null,null,null,null,null,null,null,null,null,null,null,null,null,null,null,null,null,null,null,null,null,null,null,null,null,null,null,null,null,null,null,null,null,null,null,null,null,null,null,null,null,null,null,null,null,null,null,null,null,null,null,null,"o-Phenylphenate, sodium","o-Phenylphenate, sodium","o-Phenylphenate, sodium","o-Phenylphenate, sodium","o-Phenylphenate, sodium"]
[null,null,null,null,null,null,null,null,null,null,null,null,null,null,null,null,null,null,null,null,null,null,null,null,null,null,null,null,null,null,null,null,null,null,null,null,null,null,null,null,null,null,null,null,null,null,null,null,null,null,null,null,null,null,null,null,null,null,null,null,null,null,null,null,null,null,null,null,null,null,null,null,null,null,null,null,"o-Phenylphenol","o-Phenylphenol","o-Phenylphenol","o-Phenylphenol","o-Phenylphenol"]
[null,null,null,null,null,null,null,null,null,null,null,null,null,null,null,null,null,null,null,null,null,null,null,null,null,null,null,null,null,null,null,null,null,null,null,null,null,null,null,null,null,null,null,null,null,null,null,null,null,null,null,null,null,null,null,null,null,null,null,null,null,null,null,null,null,null,null,null,null,null,null,null,null,null,null,null,"Oral contraceptives, combined","Oral contraceptives, combined","Oral contraceptives, combined","Oral contraceptives, combined","Oral contraceptives, combined"]
[null,null,null,null,null,null,null,null,null,null,null,null,null,null,null,null,null,null,null,null,null,null,null,null,null,null,null,null,null,null,null,null,null,null,null,null,null,null,null,null,null,null,null,null,null,null,null,null,null,null,null,null,null,null,null,null,null,null,null,null,null,null,null,null,null,null,null,null,null,null,null,null,null,null,null,null,"Oral contraceptives, sequential","Oral contraceptives, sequential","Oral contraceptives, sequential","Oral contraceptives, sequential","Oral contraceptives, sequential"]
[null,null,null,null,null,null,null,null,null,null,null,null,null,null,null,null,null,null,null,null,null,null,null,null,null,null,null,null,null,null,null,null,null,null,null,null,null,null,null,null,null,null,null,null,null,null,null,null,null,null,null,null,null,null,null,null,null,null,null,null,null,null,null,null,null,null,null,null,null,null,null,null,null,null,null,null,"Oryzalin","Oryzalin","Oryzalin","Oryzalin","Oryzalin"]
[null,null,null,null,null,null,null,null,null,null,null,null,null,null,null,null,null,null,null,null,null,null,null,null,null,null,null,null,null,null,null,null,null,null,null,null,null,null,null,null,null,null,null,null,null,null,null,null,null,null,null,null,null,null,null,null,null,null,null,null,null,null,null,null,null,null,null,null,null,null,null,null,null,null,null,null,"o-Toluidine","o-Toluidine","o-Toluidine","o-Toluidine","o-Toluidine"]
[null,null,null,null,null,null,null,null,null,null,null,null,null,null,null,null,null,null,null,null,null,null,null,null,null,null,null,null,null,null,null,null,null,null,null,null,null,null,null,null,null,null,null,null,null,null,null,null,null,null,null,null,null,null,null,null,null,null,null,null,null,null,null,null,null,null,null,null,null,null,null,null,null,null,null,null,"o-Toluidine hydrochloride","o-Toluidine hydrochloride","o-Toluidine hydrochloride","o-Toluidine hydrochloride","o-Toluidine hydrochloride"]
[null,null,null,null,null,null,null,null,null,null,null,null,null,null,null,null,null,null,null,null,null,null,null,null,null,null,null,null,null,null,null,null,null,null,null,null,null,null,null,null,null,null,null,null,null,null,null,null,null,null,null,null,null,null,null,null,null,null,null,null,null,null,null,null,null,null,null,null,null,null,null,null,null,null,null,null,"Oxadiazon","Oxadiazon","Oxadiazon","Oxadiazon","Oxadiazon"]
[null,null,null,null,null,null,null,null,null,null,null,null,null,null,null,null,null,null,null,null,null,null,null,null,null,null,null,null,null,null,null,null,null,null,null,null,null,null,null,null,null,null,null,null,null,null,null,null,null,null,null,null,null,null,null,null,null,null,null,null,null,null,null,null,null,null,null,null,null,null,null,null,null,null,null,null,"Oxazepam","Oxazepam","Oxazepam","Oxazepam","Oxazepam"]
[null,null,null,null,null,null,null,null,null,null,null,null,null,null,null,null,null,null,null,null,null,null,null,null,null,null,null,null,null,null,null,null,null,null,null,null,null,null,null,null,null,null,null,null,null,null,null,null,null,null,null,null,null,null,null,null,null,null,null,null,null,null,null,null,null,null,null,null,null,null,null,null,null,null,null,null,"Oxydemeton methyl","Oxydemeton methyl","Oxydemeton methyl","Oxydemeton methyl","Oxydemeton methyl"]
[null,null,null,null,null,null,null,null,null,null,null,null,null,null,null,null,null,null,null,null,null,null,null,null,null,null,null,null,null,null,null,null,null,null,null,null,null,null,null,null,null,null,null,null,null,null,null,null,null,null,null,null,null,null,null,null,null,null,null,null,null,null,null,null,null,null,null,null,null,null,null,null,null,null,null,null,"Oxymetholone","Oxymetholone","Oxymetholone","Oxymetholone","Oxymetholone"]
[null,null,null,null,null,null,null,null,null,null,null,null,null,null,null,null,null,null,null,null,null,null,null,null,null,null,null,null,null,null,null,null,null,null,null,null,null,null,null,null,null,null,null,null,null,null,null,null,null,null,null,null,null,null,null,null,null,null,null,null,null,null,null,null,null,null,null,null,null,null,null,null,null,null,null,null,"Oxytetracycline (internal use)","Oxytetracycline (internal use)","Oxytetracycline (internal use)","Oxytetracycline (internal use)","Oxytetracycline (internal use)"]
[null,null,null,null,null,null,null,null,null,null,null,null,null,null,null,null,null,null,null,null,null,null,null,null,null,null,null,null,null,null,null,null,null,null,null,null,null,null,null,null,null,null,null,null,null,null,null,null,null,null,null,null,null,null,null,null,null,null,null,null,null,null,null,null,null,null,null,null,null,null,null,null,null,null,null,null,"Oxytetracycline hydrochloride (internal use)","Oxytetracycline hydrochloride (internal use)","Oxytetracycline hydrochloride (internal use)","Oxytetracycline hydrochloride (internal use)","Oxytetracycline hydrochloride (internal use)"]
[null,null,null,null,null,null,null,null,null,null,null,null,null,null,null,null,null,null,null,null,null,null,null,null,null,null,null,null,null,null,null,null,null,null,null,null,null,null,null,null,null,null,null,null,null,null,null,null,null,null,null,null,null,null,null,null,null,null,null,null,null,null,null,null,null,null,null,null,null,null,null,null,null,null,null,null,"Oxythioquinox (Chinomethionat)","Oxythioquinox (Chinomethionat)","Oxythioquinox (Chinomethionat)","Oxythioquinox (Chinomethionat)","Oxythioquinox (Chinomethionat)"]
[null,null,null,null,null,null,null,null,null,null,null,null,null,null,null,null,null,null,null,null,null,null,null,null,null,null,null,null,null,null,null,null,null,null,null,null,null,null,null,null,null,null,null,null,null,null,null,null,null,null,null,null,null,null,null,null,null,null,null,null,null,null,null,null,null,null,null,null,null,null,null,null,null,null,null,null,"p,p'-DDT","p,p'-DDT","p,p'-DDT","p,p'-DDT","p,p'-DDT"]
[null,null,null,null,null,null,null,null,null,null,null,null,null,null,null,null,null,null,null,null,null,null,null,null,null,null,null,null,null,null,null,null,null,null,null,null,null,null,null,null,null,null,null,null,null,null,null,null,null,null,null,null,null,null,null,null,null,null,null,null,null,null,null,null,null,null,null,null,null,null,null,null,null,null,null,null,"p-a,a,a-Tetrachlorotoluene","p-a,a,a-Tetrachlorotoluene","p-a,a,a-Tetrachlorotoluene","p-a,a,a-Tetrachlorotoluene","p-a,a,a-Tetrachlorotoluene"]
[null,null,null,null,null,null,null,null,null,null,null,null,null,null,null,null,null,null,null,null,null,null,null,null,null,null,null,null,null,null,null,null,null,null,null,null,null,null,null,null,null,null,null,null,null,null,null,null,null,null,null,null,null,null,null,null,null,null,null,null,null,null,null,null,null,null,null,null,null,null,null,null,null,null,null,null,"Paclitaxel","Paclitaxel","Paclitaxel","Paclitaxel","Paclitaxel"]
[null,null,null,null,null,null,null,null,null,null,null,null,null,null,null,null,null,null,null,null,null,null,null,null,null,null,null,null,null,null,null,null,null,null,null,null,null,null,null,null,null,null,null,null,null,null,null,null,null,null,null,null,null,null,null,null,null,null,null,null,null,null,null,null,null,null,null,null,null,null,null,null,null,null,null,null,"Palygorskite fibers (> 5mm in length)","Palygorskite fibers (> 5mm in length)","Palygorskite fibers (> 5mm in length)","Palygorskite fibers (> 5mm in length)","Palygorskite fibers (> 5mm in length)"]
[null,null,null,null,null,null,null,null,null,null,null,null,null,null,null,null,null,null,null,null,null,null,null,null,null,null,null,null,null,null,null,null,null,null,null,null,null,null,null,null,null,null,null,null,null,null,null,null,null,null,null,null,null,null,null,null,null,null,null,null,null,null,null,null,null,null,null,null,null,null,null,null,null,null,null,null,"p-Aminoazobenzene","p-Aminoazobenzene","p-Aminoazobenzene","p-Aminoazobenzene","p-Aminoazobenzene"]
[null,null,null,null,null,null,null,null,null,null,null,null,null,null,null,null,null,null,null,null,null,null,null,null,null,null,null,null,null,null,null,null,null,null,null,null,null,null,null,null,null,null,null,null,null,null,null,null,null,null,null,null,null,null,null,null,null,null,null,null,null,null,null,null,null,null,null,null,null,null,null,null,null,null,null,null,"Panfuran S","Panfuran S","Panfuran S","Panfuran S","Panfuran S"]
[null,null,null,null,null,null,null,null,null,null,null,null,null,null,null,null,null,null,null,null,null,null,null,null,null,null,null,null,null,null,null,null,null,null,null,null,null,null,null,null,null,null,null,null,null,null,null,null,null,null,null,null,null,null,null,null,null,null,null,null,null,null,null,null,null,null,null,null,null,null,null,null,null,null,null,null,"Paramethadione","Paramethadione","Paramethadione","Paramethadione","Paramethadione"]
[null,null,null,null,null,null,null,null,null,null,null,null,null,null,null,null,null,null,null,null,null,null,null,null,null,null,null,null,null,null,null,null,null,null,null,null,null,null,null,null,null,null,null,null,null,null,null,null,null,null,null,null,null,null,null,null,null,null,null,null,null,null,null,null,null,null,null,null,null,null,null,null,null,null,null,null,"Parathion","Parathion","Parathion","Parathion","Parathion"]
[null,null,null,null,null,null,null,null,null,null,null,null,null,null,null,null,null,null,null,null,null,null,null,null,null,null,null,null,null,null,null,null,null,null,null,null,null,null,null,null,null,null,null,null,null,null,null,null,null,null,null,null,null,null,null,null,null,null,null,null,null,null,null,null,null,null,null,null,null,null,null,null,null,null,null,null,"p-Chloroaniline","p-Chloroaniline","p-Chloroaniline","p-Chloroaniline","p-Chloroaniline"]
[null,null,null,null,null,null,null,null,null,null,null,null,null,null,null,null,null,null,null,null,null,null,null,null,null,null,null,null,null,null,null,null,null,null,null,null,null,null,null,null,null,null,null,null,null,null,null,null,null,null,null,null,null,null,null,null,null,null,null,null,null,null,null,null,null,null,null,null,null,null,null,null,null,null,null,null,"p-Chloroaniline hydrochloride","p-Chloroaniline hydrochloride","p-Chloroaniline hydrochloride","p-Chloroaniline hydrochloride","p-Chloroaniline hydrochloride"]
[null,null,null,null,null,null,null,null,null,null,null,null,null,null,null,null,null,null,null,null,null,null,null,null,null,null,null,null,null,null,null,null,null,null,null,null,null,null,null,null,null,null,null,null,null,null,null,null,null,null,null,null,null,null,null,null,null,null,null,null,null,null,null,null,null,null,null,null,null,null,null,null,null,null,null,null,"p-Chloro-o-toluidine","p-Chloro-o-toluidine","p-Chloro-o-toluidine","p-Chloro-o-toluidine","p-Chloro-o-toluidine"]
[null,null,null,null,null,null,null,null,null,null,null,null,null,null,null,null,null,null,null,null,null,null,null,null,null,null,null,null,null,null,null,null,null,null,null,null,null,null,null,null,null,null,null,null,null,null,null,null,null,null,null,null,null,null,null,null,null,null,null,null,null,null,null,null,null,null,null,null,null,null,null,null,null,null,null,null,"p-Chloro-o-toluidine, hydrochloride","p-Chloro-o-toluidine, hydrochloride","p-Chloro-o-toluidine, hydrochloride","p-Chloro-o-toluidine, hydrochloride","p-Chloro-o-toluidine, hydrochloride"]
[null,null,null,null,null,null,null,null,null,null,null,null,null,null,null,null,null,null,null,null,null,null,null,null,null,null,null,null,null,null,null,null,null,null,null,null,null,null,null,null,null,null,null,null,null,null,null,null,null,null,null,null,null,null,null,null,null,null,null,null,null,null,null,null,null,null,null,null,null,null,null,null,null,null,null,null,"p-Chloro-o-toluidine, strong acid salts of","p-Chloro-o-toluidine, strong acid salts of","p-Chloro-o-toluidine, strong acid salts of","p-Chloro-o-toluidine, strong acid salts of","p-Chloro-o-toluidine, strong acid salts of"]
[null,null,null,null,null,null,null,null,null,null,null,null,null,null,null,null,null,null,null,null,null,null,null,null,null,null,null,null,null,null,null,null,null,null,null,null,null,null,null,null,null,null,null,null,null,null,null,null,null,null,null,null,null,null,null,null,null,null,null,null,null,null,null,null,null,null,null,null,null,null,null,null,null,null,null,null,"p-Cresidine","p-Cresidine","p-Cresidine","p-Cresidine","p-Cresidine"]
[null,null,null,null,null,null,null,null,null,null,null,null,null,null,null,null,null,null,null,null,null,null,null,null,null,null,null,null,null,null,null,null,null,null,null,null,null,null,null,null,null,null,null,null,null,null,null,null,null,null,null,null,null,null,null,null,null,null,null,null,null,null,null,null,null,null,null,null,null,null,null,null,null,null,null,null,"p-Dichlorobenzene","p-Dichlorobenzene","p-Dichlorobenzene","p-Dichlorobenzene","p-Dichlorobenzene"]
[null,null,null,null,null,null,null,null,null,null,null,null,null,null,null,null,null,null,null,null,null,null,null,null,null,null,null,null,null,null,null,null,null,null,null,null,null,null,null,null,null,null,null,null,null,null,null,null,null,null,null,null,null,null,null,null,null,null,null,null,null,null,null,null,null,null,null,null,null,null,null,null,null,null,null,null,"p-Dinitrobenzene","p-Dinitrobenzene","p-Dinitrobenzene","p-Dinitrobenzene","p-Dinitrobenzene"]
[null,null,null,null,null,null,null,null,null,null,null,null,null,null,null,null,null,null,null,null,null,null,null,null,null,null,null,null,null,null,null,null,null,null,null,null,null,null,null,null,null,null,null,null,null,null,null,null,null,null,null,null,null,null,null,null,null,null,null,null,null,null,null,null,null,null,null,null,null,null,null,null,null,null,null,null,"Penicillamine","Penicillamine","Penicillamine","Penicillamine","Penicillamine"]
[null,null,null,null,null,null,null,null,null,null,null,null,null,null,null,null,null,null,null,null,null,null,null,null,null,null,null,null,null,null,null,null,null,null,null,null,null,null,null,null,null,null,null,null,null,null,null,null,null,null,null,null,null,null,null,null,null,null,null,null,null,null,null,null,null,null,null,null,null,null,null,null,null,null,null,null,"pentabromodiphenyl ether mixture [DE-71 (technical grade)]","pentabromodiphenyl ether mixture [DE-71 (technical grade)]","pentabromodiphenyl ether mixture [DE-71 (technical grade)]","pentabromodiphenyl ether mixture [DE-71 (technical grade)]","pentabromodiphenyl ether mixture [DE-71 (technical grade)]"]
[null,null,null,null,null,null,null,null,null,null,null,null,null,null,null,null,null,null,null,null,null,null,null,null,null,null,null,null,null,null,null,null,null,null,null,null,null,null,null,null,null,null,null,null,null,null,null,null,null,null,null,null,null,null,null,null,null,null,null,null,null,null,null,null,null,null,null,null,null,null,null,null,null,null,null,null,"Pentachlorophenol","Pentachlorophenol","Pentachlorophenol","Pentachlorophenol","Pentachlorophenol"]
[null,null,null,null,null,null,null,null,null,null,null,null,null,null,null,null,null,null,null,null,null,null,null,null,null,null,null,null,null,null,null,null,null,null,null,null,null,null,null,null,null,null,null,null,null,null,null,null,null,null,null,null,null,null,null,null,null,null,null,null,null,null,null,null,null,null,null,null,null,null,null,null,null,null,null,null,"Pentachlorophenol and by-products of its synthesis (complex mixture)","Pentachlorophenol and by-products of its synthesis (complex mixture)","Pentachlorophenol and by-products of its synthesis (complex mixture)","Pentachlorophenol and by-products of its synthesis (complex mixture)","Pentachlorophenol and by-products of its synthesis (complex mixture)"]
[null,null,null,null,null,null,null,null,null,null,null,null,null,null,null,null,null,null,null,null,null,null,null,null,null,null,null,null,null,null,null,null,null,null,null,null,null,null,null,null,null,null,null,null,null,null,null,null,null,null,null,null,null,null,null,null,null,null,null,null,null,null,null,null,null,null,null,null,null,null,null,null,null,null,null,null,"Pentobarbital sodium","Pentobarbital sodium","Pentobarbital sodium","Pentobarbital sodium","Pentobarbital sodium"]
[null,null,null,null,null,null,null,null,null,null,null,null,null,null,null,null,null,null,null,null,null,null,null,null,null,null,null,null,null,null,null,null,null,null,null,null,null,null,null,null,null,null,null,null,null,null,null,null,null,null,null,null,null,null,null,null,null,null,null,null,null,null,null,null,null,null,null,null,null,null,null,null,null,null,null,null,"Pentosan polysulfate sodium","Pentosan polysulfate sodium","Pentosan polysulfate sodium","Pentosan polysulfate sodium","Pentosan polysulfate sodium"]
[null,null,null,null,null,null,null,null,null,null,null,null,null,null,null,null,null,null,null,null,null,null,null,null,null,null,null,null,null,null,null,null,null,null,null,null,null,null,null,null,null,null,null,null,null,null,null,null,null,null,null,null,null,null,null,null,null,null,null,null,null,null,null,null,null,null,null,null,null,null,null,null,null,null,null,null,"Pentostatin","Pentostatin","Pentostatin","Pentostatin","Pentostatin"]
[null,null,null,null,null,null,null,null,null,null,null,null,null,null,null,null,null,null,null,null,null,null,null,null,null,null,null,null,null,null,null,null,null,null,null,null,null,null,null,null,null,null,null,null,null,null,null,null,null,null,null,null,null,null,null,null,null,null,null,null,null,null,null,null,null,null,null,null,null,null,null,null,null,null,null,null,"Perfluorooctane sulfonate (PFOS)","Perfluorooctane sulfonate (PFOS)","Perfluorooctane sulfonate (PFOS)","Perfluorooctane sulfonate (PFOS)","Perfluorooctane sulfonate (PFOS)"]
[null,null,null,null,null,null,null,null,null,null,null,null,null,null,null,null,null,null,null,null,null,null,null,null,null,null,null,null,null,null,null,null,null,null,null,null,null,null,null,null,null,null,null,null,null,null,null,null,null,null,null,null,null,null,null,null,null,null,null,null,null,null,null,null,null,null,null,null,null,null,null,null,null,null,null,null,"Perfluorooctanoic acid (PFOA)","Perfluorooctanoic acid (PFOA)","Perfluorooctanoic acid (PFOA)","Perfluorooctanoic acid (PFOA)","Perfluorooctanoic acid (PFOA)"]
[null,null,null,null,null,null,null,null,null,null,null,null,null,null,null,null,null,null,null,null,null,null,null,null,null,null,null,null,null,null,null,null,null,null,null,null,null,null,null,null,null,null,null,null,null,null,null,null,null,null,null,null,null,null,null,null,null,null,null,null,null,null,null,null,null,null,null,null,null,null,null,null,null,null,null,null,"Pertuzumab","Pertuzumab","Pertuzumab","Pertuzumab","Pertuzumab"]
[null,null,null,null,null,null,null,null,null,null,null,null,null,null,null,null,null,null,null,null,null,null,null,null,null,null,null,null,null,null,null,null,null,null,null,null,null,null,null,null,null,null,null,null,null,null,null,null,null,null,null,null,null,null,null,null,null,null,null,null,null,null,null,null,null,null,null,null,null,null,null,null,null,null,null,null,"Phenacemide","Phenacemide","Phenacemide","Phenacemide","Phenacemide"]
[null,null,null,null,null,null,null,null,null,null,null,null,null,null,null,null,null,null,null,null,null,null,null,null,null,null,null,null,null,null,null,null,null,null,null,null,null,null,null,null,null,null,null,null,null,null,null,null,null,null,null,null,null,null,null,null,null,null,null,null,null,null,null,null,null,null,null,null,null,null,null,null,null,null,null,null,"Phenacetin","Phenacetin","Phenacetin","Phenacetin","Phenacetin"]
[null,null,null,null,null,null,null,null,null,null,null,null,null,null,null,null,null,null,null,null,null,null,null,null,null,null,null,null,null,null,null,null,null,null,null,null,null,null,null,null,null,null,null,null,null,null,null,null,null,null,null,null,null,null,null,null,null,null,null,null,null,null,null,null,null,null,null,null,null,null,null,null,null,null,null,null,"Phenazopyridine","Phenazopyridine","Phenazopyridine","Phenazopyridine","Phenazopyridine"]
[null,null,null,null,null,null,null,null,null,null,null,null,null,null,null,null,null,null,null,null,null,null,null,null,null,null,null,null,null,null,null,null,null,null,null,null,null,null,null,null,null,null,null,null,null,null,null,null,null,null,null,null,null,null,null,null,null,null,null,null,null,null,null,null,null,null,null,null,null,null,null,null,null,null,null,null,"Phenazopyridine hydrochloride","Phenazopyridine hydrochloride","Phenazopyridine hydrochloride","Phenazopyridine hydrochloride","Phenazopyridine hydrochloride"]
[null,null,null,null,null,null,null,null,null,null,null,null,null,null,null,null,null,null,null,null,null,null,null,null,null,null,null,null,null,null,null,null,null,null,null,null,null,null,null,null,null,null,null,null,null,null,null,null,null,null,null,null,null,null,null,null,null,null,null,null,null,null,null,null,null,null,null,null,null,null,null,null,null,null,null,null,"Phenesterin","Phenesterin","Phenesterin","Phenesterin","Phenesterin"]
[null,null,null,null,null,null,null,null,null,null,null,null,null,null,null,null,null,null,null,null,null,null,null,null,null,null,null,null,null,null,null,null,null,null,null,null,null,null,null,null,null,null,null,null,null,null,null,null,null,null,null,null,null,null,null,null,null,null,null,null,null,null,null,null,null,null,null,null,null,null,null,null,null,null,null,null,"Phenobarbital","Phenobarbital","Phenobarbital","Phenobarbital","Phenobarbital"]
[null,null,null,null,null,null,null,null,null,null,null,null,null,null,null,null,null,null,null,null,null,null,null,null,null,null,null,null,null,null,null,null,null,null,null,null,null,null,null,null,null,null,null,null,null,null,null,null,null,null,null,null,null,null,null,null,null,null,null,null,null,null,null,null,null,null,null,null,null,null,null,null,null,null,null,null,"Phenolphthalein","Phenolphthalein","Phenolphthalein","Phenolphthalein","Phenolphthalein"]
[null,null,null,null,null,null,null,null,null,null,null,null,null,null,null,null,null,null,null,null,null,null,null,null,null,null,null,null,null,null,null,null,null,null,null,null,null,null,null,null,null,null,null,null,null,null,null,null,null,null,null,null,null,null,null,null,null,null,null,null,null,null,null,null,null,null,null,null,null,null,null,null,null,null,null,null,"Phenoxybenzamine","Phenoxybenzamine","Phenoxybenzamine","Phenoxybenzamine","Phenoxybenzamine"]
[null,null,null,null,null,null,null,null,null,null,null,null,null,null,null,null,null,null,null,null,null,null,null,null,null,null,null,null,null,null,null,null,null,null,null,null,null,null,null,null,null,null,null,null,null,null,null,null,null,null,null,null,null,null,null,null,null,null,null,null,null,null,null,null,null,null,null,null,null,null,null,null,null,null,null,null,"Phenoxybenzamine hydrochloride","Phenoxybenzamine hydrochloride","Phenoxybenzamine hydrochloride","Phenoxybenzamine hydrochloride","Phenoxybenzamine hydrochloride"]
[null,null,null,null,null,null,null,null,null,null,null,null,null,null,null,null,null,null,null,null,null,null,null,null,null,null,null,null,null,null,null,null,null,null,null,null,null,null,null,null,null,null,null,null,null,null,null,null,null,null,null,null,null,null,null,null,null,null,null,null,null,null,null,null,null,null,null,null,null,null,null,null,null,null,null,null,"Phenprocoumon","Phenprocoumon","Phenprocoumon","Phenprocoumon","Phenprocoumon"]
[null,null,null,null,null,null,null,null,null,null,null,null,null,null,null,null,null,null,null,null,null,null,null,null,null,null,null,null,null,null,null,null,null,null,null,null,null,null,null,null,null,null,null,null,null,null,null,null,null,null,null,null,null,null,null,null,null,null,null,null,null,null,null,null,null,null,null,null,null,null,null,null,null,null,null,null,"Phenyl glycidyl ether","Phenyl glycidyl ether","Phenyl glycidyl ether","Phenyl glycidyl ether","Phenyl glycidyl ether"]
[null,null,null,null,null,null,null,null,null,null,null,null,null,null,null,null,null,null,null,null,null,null,null,null,null,null,null,null,null,null,null,null,null,null,null,null,null,null,null,null,null,null,null,null,null,null,null,null,null,null,null,null,null,null,null,null,null,null,null,null,null,null,null,null,null,null,null,null,null,null,null,null,null,null,null,null,"Phenylhydrazine","Phenylhydrazine","Phenylhydrazine","Phenylhydrazine","Phenylhydrazine"]
[null,null,null,null,null,null,null,null,null,null,null,null,null,null,null,null,null,null,null,null,null,null,null,null,null,null,null,null,null,null,null,null,null,null,null,null,null,null,null,null,null,null,null,null,null,null,null,null,null,null,null,null,null,null,null,null,null,null,null,null,null,null,null,null,null,null,null,null,null,null,null,null,null,null,null,null,"Phenylhydrazine and its salts","Phenylhydrazine and its salts","Phenylhydrazine and its salts","Phenylhydrazine and its salts","Phenylhydrazine and its salts"]
[null,null,null,null,null,null,null,null,null,null,null,null,null,null,null,null,null,null,null,null,null,null,null,null,null,null,null,null,null,null,null,null,null,null,null,null,null,null,null,null,null,null,null,null,null,null,null,null,null,null,null,null,null,null,null,null,null,null,null,null,null,null,null,null,null,null,null,null,null,null,null,null,null,null,null,null,"Phenylhydrazine hydrochloride","Phenylhydrazine hydrochloride","Phenylhydrazine hydrochloride","Phenylhydrazine hydrochloride","Phenylhydrazine hydrochloride"]
[null,null,null,null,null,null,null,null,null,null,null,null,null,null,null,null,null,null,null,null,null,null,null,null,null,null,null,null,null,null,null,null,null,null,null,null,null,null,null,null,null,null,null,null,null,null,null,null,null,null,null,null,null,null,null,null,null,null,null,null,null,null,null,null,null,null,null,null,null,null,null,null,null,null,null,null,"Phenylphosphine","Phenylphosphine","Phenylphosphine","Phenylphosphine","Phenylphosphine"]
[null,null,null,null,null,null,null,null,null,null,null,null,null,null,null,null,null,null,null,null,null,null,null,null,null,null,null,null,null,null,null,null,null,null,null,null,null,null,null,null,null,null,null,null,null,null,null,null,null,null,null,null,null,null,null,null,null,null,null,null,null,null,null,null,null,null,null,null,null,null,null,null,null,null,null,null,"PhiP(2-Amino-1-methyl-6-phenylimidazol[4,5-b]pyridine)","PhiP(2-Amino-1-methyl-6-phenylimidazol[4,5-b]pyridine)","PhiP(2-Amino-1-methyl-6-phenylimidazol[4,5-b]pyridine)","PhiP(2-Amino-1-methyl-6-phenylimidazol[4,5-b]pyridine)","PhiP(2-Amino-1-methyl-6-phenylimidazol[4,5-b]pyridine)"]
[null,null,null,null,null,null,null,null,null,null,null,null,null,null,null,null,null,null,null,null,null,null,null,null,null,null,null,null,null,null,null,null,null,null,null,null,null,null,null,null,null,null,null,null,null,null,null,null,null,null,null,null,null,null,null,null,null,null,null,null,null,null,null,null,null,null,null,null,null,null,null,null,null,null,null,null,"Pimozide","Pimozide","Pimozide","Pimozide","Pimozide"]
[null,null,null,null,null,null,null,null,null,null,null,null,null,null,null,null,null,null,null,null,null,null,null,null,null,null,null,null,null,null,null,null,null,null,null,null,null,null,null,null,null,null,null,null,null,null,null,null,null,null,null,null,null,null,null,null,null,null,null,null,null,null,null,null,null,null,null,null,null,null,null,null,null,null,null,null,"Pioglitazone","Pioglitazone","Pioglitazone","Pioglitazone","Pioglitazone"]
[null,null,null,null,null,null,null,null,null,null,null,null,null,null,null,null,null,null,null,null,null,null,null,null,null,null,null,null,null,null,null,null,null,null,null,null,null,null,null,null,null,null,null,null,null,null,null,null,null,null,null,null,null,null,null,null,null,null,null,null,null,null,null,null,null,null,null,null,null,null,null,null,null,null,null,null,"Pipobroman","Pipobroman","Pipobroman","Pipobroman","Pipobroman"]
[null,null,null,null,null,null,null,null,null,null,null,null,null,null,null,null,null,null,null,null,null,null,null,null,null,null,null,null,null,null,null,null,null,null,null,null,null,null,null,null,null,null,null,null,null,null,null,null,null,null,null,null,null,null,null,null,null,null,null,null,null,null,null,null,null,null,null,null,null,null,null,null,null,null,null,null,"Pirimicarb","Pirimicarb","Pirimicarb","Pirimicarb","Pirimicarb"]
[null,null,null,null,null,null,null,null,null,null,null,null,null,null,null,null,null,null,null,null,null,null,null,null,null,null,null,null,null,null,null,null,null,null,null,null,null,null,null,null,null,null,null,null,null,null,null,null,null,null,null,null,null,null,null,null,null,null,null,null,null,null,null,null,null,null,null,null,null,null,null,null,null,null,null,null,"Plicamycin","Plicamycin","Plicamycin","Plicamycin","Plicamycin"]
[null,null,null,null,null,null,null,null,null,null,null,null,null,null,null,null,null,null,null,null,null,null,null,null,null,null,null,null,null,null,null,null,null,null,null,null,null,null,null,null,null,null,null,null,null,null,null,null,null,null,null,null,null,null,null,null,null,null,null,null,null,null,null,null,null,null,null,null,null,null,null,null,null,null,null,null,"p-Nitrosodiphenylamine","p-Nitrosodiphenylamine","p-Nitrosodiphenylamine","p-Nitrosodiphenylamine","p-Nitrosodiphenylamine"]
[null,null,null,null,null,null,null,null,null,null,null,null,null,null,null,null,null,null,null,null,null,null,null,null,null,null,null,null,null,null,null,null,null,null,null,null,null,null,null,null,null,null,null,null,null,null,null,null,null,null,null,null,null,null,null,null,null,null,null,null,null,null,null,null,null,null,null,null,null,null,null,null,null,null,null,null,"Polybrominated biphenyls","Polybrominated biphenyls","Polybrominated biphenyls","Polybrominated biphenyls","Polybrominated biphenyls"]
[null,null,null,null,null,null,null,null,null,null,null,null,null,null,null,null,null,null,null,null,null,null,null,null,null,null,null,null,null,null,null,null,null,null,null,null,null,null,null,null,null,null,null,null,null,null,null,null,null,null,null,null,null,null,null,null,null,null,null,null,null,null,null,null,null,null,null,null,null,null,null,null,null,null,null,null,"Polychlorinated biphenyls","Polychlorinated biphenyls","Polychlorinated biphenyls","Polychlorinated biphenyls","Polychlorinated biphenyls"]
[null,null,null,null,null,null,null,null,null,null,null,null,null,null,null,null,null,null,null,null,null,null,null,null,null,null,null,null,null,null,null,null,null,null,null,null,null,null,null,null,null,null,null,null,null,null,null,null,null,null,null,null,null,null,null,null,null,null,null,null,null,null,null,null,null,null,null,null,null,null,null,null,null,null,null,null,"Polychlorinated biphenyls (containing 60 or more percent chlorine by molecular we","Polychlorinated biphenyls (containing 60 or more percent chlorine by molecular we","Polychlorinated biphenyls (containing 60 or more percent chlorine by molecular we","Polychlorinated biphenyls (containing 60 or more percent chlorine by molecular we","Polychlorinated biphenyls (containing 60 or more percent chlorine by molecular we"]
[null,null,null,null,null,null,null,null,null,null,null,null,null,null,null,null,null,null,null,null,null,null,null,null,null,null,null,null,null,null,null,null,null,null,null,null,null,null,null,null,null,null,null,null,null,null,null,null,null,null,null,null,null,null,null,null,null,null,null,null,null,null,null,null,null,null,null,null,null,null,null,null,null,null,null,null,"Polychlorinated dibenzofurans","Polychlorinated dibenzofurans","Polychlorinated dibenzofurans","Polychlorinated dibenzofurans","Polychlorinated dibenzofurans"]
[null,null,null,null,null,null,null,null,null,null,null,null,null,null,null,null,null,null,null,null,null,null,null,null,null,null,null,null,null,null,null,null,null,null,null,null,null,null,null,null,null,null,null,null,null,null,null,null,null,null,null,null,null,null,null,null,null,null,null,null,null,null,null,null,null,null,null,null,null,null,null,null,null,null,null,null,"Polychlorinated dibenzo-p-dioxins","Polychlorinated dibenzo-p-dioxins","Polychlorinated dibenzo-p-dioxins","Polychlorinated dibenzo-p-dioxins","Polychlorinated dibenzo-p-dioxins"]
[null,null,null,null,null,null,null,null,null,null,null,null,null,null,null,null,null,null,null,null,null,null,null,null,null,null,null,null,null,null,null,null,null,null,null,null,null,null,null,null,null,null,null,null,null,null,null,null,null,null,null,null,null,null,null,null,null,null,null,null,null,null,null,null,null,null,null,null,null,null,null,null,null,null,null,null,"Polygeenan","Polygeenan","Polygeenan","Polygeenan","Polygeenan"]
[null,null,null,null,null,null,null,null,null,null,null,null,null,null,null,null,null,null,null,null,null,null,null,null,null,null,null,null,null,null,null,null,null,null,null,null,null,null,null,null,null,null,null,null,null,null,null,null,null,null,null,null,null,null,null,null,null,null,null,null,null,null,null,null,null,null,null,null,null,null,null,null,null,null,null,null,"Ponceau 3R","Ponceau 3R","Ponceau 3R","Ponceau 3R","Ponceau 3R"]
[null,null,null,null,null,null,null,null,null,null,null,null,null,null,null,null,null,null,null,null,null,null,null,null,null,null,null,null,null,null,null,null,null,null,null,null,null,null,null,null,null,null,null,null,null,null,null,null,null,null,null,null,null,null,null,null,null,null,null,null,null,null,null,null,null,null,null,null,null,null,null,null,null,null,null,null,"Ponceau MX","Ponceau MX","Ponceau MX","Ponceau MX","Ponceau MX"]
[null,null,null,null,null,null,null,null,null,null,null,null,null,null,null,null,null,null,null,null,null,null,null,null,null,null,null,null,null,null,null,null,null,null,null,null,null,null,null,null,null,null,null,null,null,null,null,null,null,null,null,null,null,null,null,null,null,null,null,null,null,null,null,null,null,null,null,null,null,null,null,null,null,null,null,null,"Potassium bromate","Potassium bromate","Potassium bromate","Potassium bromate","Potassium bromate"]
[null,null,null,null,null,null,null,null,null,null,null,null,null,null,null,null,null,null,null,null,null,null,null,null,null,null,null,null,null,null,null,null,null,null,null,null,null,null,null,null,null,null,null,null,null,null,null,null,null,null,null,null,null,null,null,null,null,null,null,null,null,null,null,null,null,null,null,null,null,null,null,null,null,null,null,null,"Potassium cyanide","Potassium cyanide","Potassium cyanide","Potassium cyanide","Potassium cyanide"]
[null,null,null,null,null,null,null,null,null,null,null,null,null,null,null,null,null,null,null,null,null,null,null,null,null,null,null,null,null,null,null,null,null,null,null,null,null,null,null,null,null,null,null,null,null,null,null,null,null,null,null,null,null,null,null,null,null,null,null,null,null,null,null,null,null,null,null,null,null,null,null,null,null,null,null,null,"Potassium dimethyldithiocarbamate","Potassium dimethyldithiocarbamate","Potassium dimethyldithiocarbamate","Potassium dimethyldithiocarbamate","Potassium dimethyldithiocarbamate"]
[null,null,null,null,null,null,null,null,null,null,null,null,null,null,null,null,null,null,null,null,null,null,null,null,null,null,null,null,null,null,null,null,null,null,null,null,null,null,null,null,null,null,null,null,null,null,null,null,null,null,null,null,null,null,null,null,null,null,null,null,null,null,null,null,null,null,null,null,null,null,null,null,null,null,null,null,"Pravastatin sodium","Pravastatin sodium","Pravastatin sodium","Pravastatin sodium","Pravastatin sodium"]
[null,null,null,null,null,null,null,null,null,null,null,null,null,null,null,null,null,null,null,null,null,null,null,null,null,null,null,null,null,null,null,null,null,null,null,null,null,null,null,null,null,null,null,null,null,null,null,null,null,null,null,null,null,null,null,null,null,null,null,null,null,null,null,null,null,null,null,null,null,null,null,null,null,null,null,null,"Prednisolone sodium phosphate","Prednisolone sodium phosphate","Prednisolone sodium phosphate","Prednisolone sodium phosphate","Prednisolone sodium phosphate"]
[null,null,null,null,null,null,null,null,null,null,null,null,null,null,null,null,null,null,null,null,null,null,null,null,null,null,null,null,null,null,null,null,null,null,null,null,null,null,null,null,null,null,null,null,null,null,null,null,null,null,null,null,null,null,null,null,null,null,null,null,null,null,null,null,null,null,null,null,null,null,null,null,null,null,null,null,"Primidone","Primidone","Primidone","Primidone","Primidone"]
[null,null,null,null,null,null,null,null,null,null,null,null,null,null,null,null,null,null,null,null,null,null,null,null,null,null,null,null,null,null,null,null,null,null,null,null,null,null,null,null,null,null,null,null,null,null,null,null,null,null,null,null,null,null,null,null,null,null,null,null,null,null,null,null,null,null,null,null,null,null,null,null,null,null,null,null,"Procarbazine","Procarbazine","Procarbazine","Procarbazine","Procarbazine"]
[null,null,null,null,null,null,null,null,null,null,null,null,null,null,null,null,null,null,null,null,null,null,null,null,null,null,null,null,null,null,null,null,null,null,null,null,null,null,null,null,null,null,null,null,null,null,null,null,null,null,null,null,null,null,null,null,null,null,null,null,null,null,null,null,null,null,null,null,null,null,null,null,null,null,null,null,"Procarbazine hydrochloride","Procarbazine hydrochloride","Procarbazine hydrochloride","Procarbazine hydrochloride","Procarbazine hydrochloride"]
[null,null,null,null,null,null,null,null,null,null,null,null,null,null,null,null,null,null,null,null,null,null,null,null,null,null,null,null,null,null,null,null,null,null,null,null,null,null,null,null,null,null,null,null,null,null,null,null,null,null,null,null,null,null,null,null,null,null,null,null,null,null,null,null,null,null,null,null,null,null,null,null,null,null,null,null,"Procymidone","Procymidone","Procymidone","Procymidone","Procymidone"]
[null,null,null,null,null,null,null,null,null,null,null,null,null,null,null,null,null,null,null,null,null,null,null,null,null,null,null,null,null,null,null,null,null,null,null,null,null,null,null,null,null,null,null,null,null,null,null,null,null,null,null,null,null,null,null,null,null,null,null,null,null,null,null,null,null,null,null,null,null,null,null,null,null,null,null,null,"Progesterone","Progesterone","Progesterone","Progesterone","Progesterone"]
[null,null,null,null,null,null,null,null,null,null,null,null,null,null,null,null,null,null,null,null,null,null,null,null,null,null,null,null,null,null,null,null,null,null,null,null,null,null,null,null,null,null,null,null,null,null,null,null,null,null,null,null,null,null,null,null,null,null,null,null,null,null,null,null,null,null,null,null,null,null,null,null,null,null,null,null,"Pronamide","Pronamide","Pronamide","Pronamide","Pronamide"]
[null,null,null,null,null,null,null,null,null,null,null,null,null,null,null,null,null,null,null,null,null,null,null,null,null,null,null,null,null,null,null,null,null,null,null,null,null,null,null,null,null,null,null,null,null,null,null,null,null,null,null,null,null,null,null,null,null,null,null,null,null,null,null,null,null,null,null,null,null,null,null,null,null,null,null,null,"Propachlor","Propachlor","Propachlor","Propachlor","Propachlor"]
[null,null,null,null,null,null,null,null,null,null,null,null,null,null,null,null,null,null,null,null,null,null,null,null,null,null,null,null,null,null,null,null,null,null,null,null,null,null,null,null,null,null,null,null,null,null,null,null,null,null,null,null,null,null,null,null,null,null,null,null,null,null,null,null,null,null,null,null,null,null,null,null,null,null,null,null,"Propargite","Propargite","Propargite","Propargite","Propargite"]
[null,null,null,null,null,null,null,null,null,null,null,null,null,null,null,null,null,null,null,null,null,null,null,null,null,null,null,null,null,null,null,null,null,null,null,null,null,null,null,null,null,null,null,null,null,null,null,null,null,null,null,null,null,null,null,null,null,null,null,null,null,null,null,null,null,null,null,null,null,null,null,null,null,null,null,null,"Propazine","Propazine","Propazine","Propazine","Propazine"]
[null,null,null,null,null,null,null,null,null,null,null,null,null,null,null,null,null,null,null,null,null,null,null,null,null,null,null,null,null,null,null,null,null,null,null,null,null,null,null,null,null,null,null,null,null,null,null,null,null,null,null,null,null,null,null,null,null,null,null,null,null,null,null,null,null,null,null,null,null,null,null,null,null,null,null,null,"Propoxur","Propoxur","Propoxur","Propoxur","Propoxur"]
[null,null,null,null,null,null,null,null,null,null,null,null,null,null,null,null,null,null,null,null,null,null,null,null,null,null,null,null,null,null,null,null,null,null,null,null,null,null,null,null,null,null,null,null,null,null,null,null,null,null,null,null,null,null,null,null,null,null,null,null,null,null,null,null,null,null,null,null,null,null,null,null,null,null,null,null,"Propylene glycol mono-t-butyl ether","Propylene glycol mono-t-butyl ether","Propylene glycol mono-t-butyl ether","Propylene glycol mono-t-butyl ether","Propylene glycol mono-t-butyl ether"]
[null,null,null,null,null,null,null,null,null,null,null,null,null,null,null,null,null,null,null,null,null,null,null,null,null,null,null,null,null,null,null,null,null,null,null,null,null,null,null,null,null,null,null,null,null,null,null,null,null,null,null,null,null,null,null,null,null,null,null,null,null,null,null,null,null,null,null,null,null,null,null,null,null,null,null,null,"Propylene oxide","Propylene oxide","Propylene oxide","Propylene oxide","Propylene oxide"]
[null,null,null,null,null,null,null,null,null,null,null,null,null,null,null,null,null,null,null,null,null,null,null,null,null,null,null,null,null,null,null,null,null,null,null,null,null,null,null,null,null,null,null,null,null,null,null,null,null,null,null,null,null,null,null,null,null,null,null,null,null,null,null,null,null,null,null,null,null,null,null,null,null,null,null,null,"Propylthiouracil","Propylthiouracil","Propylthiouracil","Propylthiouracil","Propylthiouracil"]
[null,null,null,null,null,null,null,null,null,null,null,null,null,null,null,null,null,null,null,null,null,null,null,null,null,null,null,null,null,null,null,null,null,null,null,null,null,null,null,null,null,null,null,null,null,null,null,null,null,null,null,null,null,null,null,null,null,null,null,null,null,null,null,null,null,null,null,null,null,null,null,null,null,null,null,null,"Pulegone","Pulegone","Pulegone","Pulegone","Pulegone"]
[null,null,null,null,null,null,null,null,null,null,null,null,null,null,null,null,null,null,null,null,null,null,null,null,null,null,null,null,null,null,null,null,null,null,null,null,null,null,null,null,null,null,null,null,null,null,null,null,null,null,null,null,null,null,null,null,null,null,null,null,null,null,null,null,null,null,null,null,null,null,null,null,null,null,null,null,"Pymetrozine","Pymetrozine","Pymetrozine","Pymetrozine","Pymetrozine"]
[null,null,null,null,null,null,null,null,null,null,null,null,null,null,null,null,null,null,null,null,null,null,null,null,null,null,null,null,null,null,null,null,null,null,null,null,null,null,null,null,null,null,null,null,null,null,null,null,null,null,null,null,null,null,null,null,null,null,null,null,null,null,null,null,null,null,null,null,null,null,null,null,null,null,null,null,"Pyridine","Pyridine","Pyridine","Pyridine","Pyridine"]
[null,null,null,null,null,null,null,null,null,null,null,null,null,null,null,null,null,null,null,null,null,null,null,null,null,null,null,null,null,null,null,null,null,null,null,null,null,null,null,null,null,null,null,null,null,null,null,null,null,null,null,null,null,null,null,null,null,null,null,null,null,null,null,null,null,null,null,null,null,null,null,null,null,null,null,null,"Pyrimethamine","Pyrimethamine","Pyrimethamine","Pyrimethamine","Pyrimethamine"]
[null,null,null,null,null,null,null,null,null,null,null,null,null,null,null,null,null,null,null,null,null,null,null,null,null,null,null,null,null,null,null,null,null,null,null,null,null,null,null,null,null,null,null,null,null,null,null,null,null,null,null,null,null,null,null,null,null,null,null,null,null,null,null,null,null,null,null,null,null,null,null,null,null,null,null,null,"Quazepam","Quazepam","Quazepam","Quazepam","Quazepam"]
[null,null,null,null,null,null,null,null,null,null,null,null,null,null,null,null,null,null,null,null,null,null,null,null,null,null,null,null,null,null,null,null,null,null,null,null,null,null,null,null,null,null,null,null,null,null,null,null,null,null,null,null,null,null,null,null,null,null,null,null,null,null,null,null,null,null,null,null,null,null,null,null,null,null,null,null,"Quinoline and its strong acid salts","Quinoline and its strong acid salts","Quinoline and its strong acid salts","Quinoline and its strong acid salts","Quinoline and its strong acid salts"]
[null,null,null,null,null,null,null,null,null,null,null,null,null,null,null,null,null,null,null,null,null,null,null,null,null,null,null,null,null,null,null,null,null,null,null,null,null,null,null,null,null,null,null,null,null,null,null,null,null,null,null,null,null,null,null,null,null,null,null,null,null,null,null,null,null,null,null,null,null,null,null,null,null,null,null,null,"Quizalofop-ethyl","Quizalofop-ethyl","Quizalofop-ethyl","Quizalofop-ethyl","Quizalofop-ethyl"]
[null,null,null,null,null,null,null,null,null,null,null,null,null,null,null,null,null,null,null,null,null,null,null,null,null,null,null,null,null,null,null,null,null,null,null,null,null,null,null,null,null,null,null,null,null,null,null,null,null,null,null,null,null,null,null,null,null,null,null,null,null,null,null,null,null,null,null,null,null,null,null,null,null,null,null,null,"Radionuclides","Radionuclides","Radionuclides","Radionuclides","Radionuclides"]
[null,null,null,null,null,null,null,null,null,null,null,null,null,null,null,null,null,null,null,null,null,null,null,null,null,null,null,null,null,null,null,null,null,null,null,null,null,null,null,null,null,null,null,null,null,null,null,null,null,null,null,null,null,null,null,null,null,null,null,null,null,null,null,null,null,null,null,null,null,null,null,null,null,null,null,null,"Reserpine","Reserpine","Reserpine","Reserpine","Reserpine"]
[null,null,null,null,null,null,null,null,null,null,null,null,null,null,null,null,null,null,null,null,null,null,null,null,null,null,null,null,null,null,null,null,null,null,null,null,null,null,null,null,null,null,null,null,null,null,null,null,null,null,null,null,null,null,null,null,null,null,null,null,null,null,null,null,null,null,null,null,null,null,null,null,null,null,null,null,"Residual (heavy) fuel oils","Residual (heavy) fuel oils","Residual (heavy) fuel oils","Residual (heavy) fuel oils","Residual (heavy) fuel oils"]
[null,null,null,null,null,null,null,null,null,null,null,null,null,null,null,null,null,null,null,null,null,null,null,null,null,null,null,null,null,null,null,null,null,null,null,null,null,null,null,null,null,null,null,null,null,null,null,null,null,null,null,null,null,null,null,null,null,null,null,null,null,null,null,null,null,null,null,null,null,null,null,null,null,null,null,null,"Resmethrin","Resmethrin","Resmethrin","Resmethrin","Resmethrin"]
[null,null,null,null,null,null,null,null,null,null,null,null,null,null,null,null,null,null,null,null,null,null,null,null,null,null,null,null,null,null,null,null,null,null,null,null,null,null,null,null,null,null,null,null,null,null,null,null,null,null,null,null,null,null,null,null,null,null,null,null,null,null,null,null,null,null,null,null,null,null,null,null,null,null,null,null,"Retinol/retinyl esters, when in daily dosages in excess of 10,000 IU, or 3,000 re","Retinol/retinyl esters, when in daily dosages in excess of 10,000 IU, or 3,000 re","Retinol/retinyl esters, when in daily dosages in excess of 10,000 IU, or 3,000 re","Retinol/retinyl esters, when in daily dosages in excess of 10,000 IU, or 3,000 re","Retinol/retinyl esters, when in daily dosages in excess of 10,000 IU, or 3,000 re"]
[null,null,null,null,null,null,null,null,null,null,null,null,null,null,null,null,null,null,null,null,null,null,null,null,null,null,null,null,null,null,null,null,null,null,null,null,null,null,null,null,null,null,null,null,null,null,null,null,null,null,null,null,null,null,null,null,null,null,null,null,null,null,null,null,null,null,null,null,null,null,null,null,null,null,null,null,"Ribavirin","Ribavirin","Ribavirin","Ribavirin","Ribavirin"]
[null,null,null,null,null,null,null,null,null,null,null,null,null,null,null,null,null,null,null,null,null,null,null,null,null,null,null,null,null,null,null,null,null,null,null,null,null,null,null,null,null,null,null,null,null,null,null,null,null,null,null,null,null,null,null,null,null,null,null,null,null,null,null,null,null,null,null,null,null,null,null,null,null,null,null,null,"Riddelliine","Riddelliine","Riddelliine","Riddelliine","Riddelliine"]
[null,null,null,null,null,null,null,null,null,null,null,null,null,null,null,null,null,null,null,null,null,null,null,null,null,null,null,null,null,null,null,null,null,null,null,null,null,null,null,null,null,null,null,null,null,null,null,null,null,null,null,null,null,null,null,null,null,null,null,null,null,null,null,null,null,null,null,null,null,null,null,null,null,null,null,null,"Rifampin","Rifampin","Rifampin","Rifampin","Rifampin"]
[null,null,null,null,null,null,null,null,null,null,null,null,null,null,null,null,null,null,null,null,null,null,null,null,null,null,null,null,null,null,null,null,null,null,null,null,null,null,null,null,null,null,null,null,null,null,null,null,null,null,null,null,null,null,null,null,null,null,null,null,null,null,null,null,null,null,null,null,null,null,null,null,null,null,null,null,"S,S,S-Tributyl phosphorotrithioate (Tribufos, DEF)","S,S,S-Tributyl phosphorotrithioate (Tribufos, DEF)","S,S,S-Tributyl phosphorotrithioate (Tribufos, DEF)","S,S,S-Tributyl phosphorotrithioate (Tribufos, DEF)","S,S,S-Tributyl phosphorotrithioate (Tribufos, DEF)"]
[null,null,null,null,null,null,null,null,null,null,null,null,null,null,null,null,null,null,null,null,null,null,null,null,null,null,null,null,null,null,null,null,null,null,null,null,null,null,null,null,null,null,null,null,null,null,null,null,null,null,null,null,null,null,null,null,null,null,null,null,null,null,null,null,null,null,null,null,null,null,null,null,null,null,null,null,"Safrole","Safrole","Safrole","Safrole","Safrole"]
[null,null,null,null,null,null,null,null,null,null,null,null,null,null,null,null,null,null,null,null,null,null,null,null,null,null,null,null,null,null,null,null,null,null,null,null,null,null,null,null,null,null,null,null,null,null,null,null,null,null,null,null,null,null,null,null,null,null,null,null,null,null,null,null,null,null,null,null,null,null,null,null,null,null,null,null,"Salted fish, Chinese-style","Salted fish, Chinese-style","Salted fish, Chinese-style","Salted fish, Chinese-style","Salted fish, Chinese-style"]
[null,null,null,null,null,null,null,null,null,null,null,null,null,null,null,null,null,null,null,null,null,null,null,null,null,null,null,null,null,null,null,null,null,null,null,null,null,null,null,null,null,null,null,null,null,null,null,null,null,null,null,null,null,null,null,null,null,null,null,null,null,null,null,null,null,null,null,null,null,null,null,null,null,null,null,null,"Secobarbital sodium","Secobarbital sodium","Secobarbital sodium","Secobarbital sodium","Secobarbital sodium"]
[null,null,null,null,null,null,null,null,null,null,null,null,null,null,null,null,null,null,null,null,null,null,null,null,null,null,null,null,null,null,null,null,null,null,null,null,null,null,null,null,null,null,null,null,null,null,null,null,null,null,null,null,null,null,null,null,null,null,null,null,null,null,null,null,null,null,null,null,null,null,null,null,null,null,null,null,"Sedaxane","Sedaxane","Sedaxane","Sedaxane","Sedaxane"]
[null,null,null,null,null,null,null,null,null,null,null,null,null,null,null,null,null,null,null,null,null,null,null,null,null,null,null,null,null,null,null,null,null,null,null,null,null,null,null,null,null,null,null,null,null,null,null,null,null,null,null,null,null,null,null,null,null,null,null,null,null,null,null,null,null,null,null,null,null,null,null,null,null,null,null,null,"Selenium sulfide","Selenium sulfide","Selenium sulfide","Selenium sulfide","Selenium sulfide"]
[null,null,null,null,null,null,null,null,null,null,null,null,null,null,null,null,null,null,null,null,null,null,null,null,null,null,null,null,null,null,null,null,null,null,null,null,null,null,null,null,null,null,null,null,null,null,null,null,null,null,null,null,null,null,null,null,null,null,null,null,null,null,null,null,null,null,null,null,null,null,null,null,null,null,null,null,"Sermorelin acetate","Sermorelin acetate","Sermorelin acetate","Sermorelin acetate","Sermorelin acetate"]
[null,null,null,null,null,null,null,null,null,null,null,null,null,null,null,null,null,null,null,null,null,null,null,null,null,null,null,null,null,null,null,null,null,null,null,null,null,null,null,null,null,null,null,null,null,null,null,null,null,null,null,null,null,null,null,null,null,null,null,null,null,null,null,null,null,null,null,null,null,null,null,null,null,null,null,null,"Shale-oils","Shale-oils","Shale-oils","Shale-oils","Shale-oils"]
[null,null,null,null,null,null,null,null,null,null,null,null,null,null,null,null,null,null,null,null,null,null,null,null,null,null,null,null,null,null,null,null,null,null,null,null,null,null,null,null,null,null,null,null,null,null,null,null,null,null,null,null,null,null,null,null,null,null,null,null,null,null,null,null,null,null,null,null,null,null,null,null,null,null,null,null,"Silica, crystalline (airborne particles of respirable size)","Silica, crystalline (airborne particles of respirable size)","Silica, crystalline (airborne particles of respirable size)","Silica, crystalline (airborne particles of respirable size)","Silica, crystalline (airborne particles of respirable size)"]
[null,null,null,null,null,null,null,null,null,null,null,null,null,null,null,null,null,null,null,null,null,null,null,null,null,null,null,null,null,null,null,null,null,null,null,null,null,null,null,null,null,null,null,null,null,null,null,null,null,null,null,null,null,null,null,null,null,null,null,null,null,null,null,null,null,null,null,null,null,null,null,null,null,null,null,null,"Simazine","Simazine","Simazine","Simazine","Simazine"]
[null,null,null,null,null,null,null,null,null,null,null,null,null,null,null,null,null,null,null,null,null,null,null,null,null,null,null,null,null,null,null,null,null,null,null,null,null,null,null,null,null,null,null,null,null,null,null,null,null,null,null,null,null,null,null,null,null,null,null,null,null,null,null,null,null,null,null,null,null,null,null,null,null,null,null,null,"Sodium cyanide","Sodium cyanide","Sodium cyanide","Sodium cyanide","Sodium cyanide"]
[null,null,null,null,null,null,null,null,null,null,null,null,null,null,null,null,null,null,null,null,null,null,null,null,null,null,null,null,null,null,null,null,null,null,null,null,null,null,null,null,null,null,null,null,null,null,null,null,null,null,null,null,null,null,null,null,null,null,null,null,null,null,null,null,null,null,null,null,null,null,null,null,null,null,null,null,"Sodium dimethyldithiocarbamate","Sodium dimethyldithiocarbamate","Sodium dimethyldithiocarbamate","Sodium dimethyldithiocarbamate","Sodium dimethyldithiocarbamate"]
[null,null,null,null,null,null,null,null,null,null,null,null,null,null,null,null,null,null,null,null,null,null,null,null,null,null,null,null,null,null,null,null,null,null,null,null,null,null,null,null,null,null,null,null,null,null,null,null,null,null,null,null,null,null,null,null,null,null,null,null,null,null,null,null,null,null,null,null,null,null,null,null,null,null,null,null,"Sodium fluoroacetate","Sodium fluoroacetate","Sodium fluoroacetate","Sodium fluoroacetate","Sodium fluoroacetate"]
[null,null,null,null,null,null,null,null,null,null,null,null,null,null,null,null,null,null,null,null,null,null,null,null,null,null,null,null,null,null,null,null,null,null,null,null,null,null,null,null,null,null,null,null,null,null,null,null,null,null,null,null,null,null,null,null,null,null,null,null,null,null,null,null,null,null,null,null,null,null,null,null,null,null,null,null,"Soots, tars, and mineral oils (untreated and mildly treated oils and used engine","Soots, tars, and mineral oils (untreated and mildly treated oils and used engine","Soots, tars, and mineral oils (untreated and mildly treated oils and used engine","Soots, tars, and mineral oils (untreated and mildly treated oils and used engine","Soots, tars, and mineral oils (untreated and mildly treated oils and used engine"]
[null,null,null,null,null,null,null,null,null,null,null,null,null,null,null,null,null,null,null,null,null,null,null,null,null,null,null,null,null,null,null,null,null,null,null,null,null,null,null,null,null,null,null,null,null,null,null,null,null,null,null,null,null,null,null,null,null,null,null,null,null,null,null,null,null,null,null,null,null,null,null,null,null,null,null,null,"Spirodiclofen","Spirodiclofen","Spirodiclofen","Spirodiclofen","Spirodiclofen"]
[null,null,null,null,null,null,null,null,null,null,null,null,null,null,null,null,null,null,null,null,null,null,null,null,null,null,null,null,null,null,null,null,null,null,null,null,null,null,null,null,null,null,null,null,null,null,null,null,null,null,null,null,null,null,null,null,null,null,null,null,null,null,null,null,null,null,null,null,null,null,null,null,null,null,null,null,"Spironolactone","Spironolactone","Spironolactone","Spironolactone","Spironolactone"]
[null,null,null,null,null,null,null,null,null,null,null,null,null,null,null,null,null,null,null,null,null,null,null,null,null,null,null,null,null,null,null,null,null,null,null,null,null,null,null,null,null,null,null,null,null,null,null,null,null,null,null,null,null,null,null,null,null,null,null,null,null,null,null,null,null,null,null,null,null,null,null,null,null,null,null,null,"Stanozolol","Stanozolol","Stanozolol","Stanozolol","Stanozolol"]
[null,null,null,null,null,null,null,null,null,null,null,null,null,null,null,null,null,null,null,null,null,null,null,null,null,null,null,null,null,null,null,null,null,null,null,null,null,null,null,null,null,null,null,null,null,null,null,null,null,null,null,null,null,null,null,null,null,null,null,null,null,null,null,null,null,null,null,null,null,null,null,null,null,null,null,null,"Sterigmatocystin","Sterigmatocystin","Sterigmatocystin","Sterigmatocystin","Sterigmatocystin"]
[null,null,null,null,null,null,null,null,null,null,null,null,null,null,null,null,null,null,null,null,null,null,null,null,null,null,null,null,null,null,null,null,null,null,null,null,null,null,null,null,null,null,null,null,null,null,null,null,null,null,null,null,null,null,null,null,null,null,null,null,null,null,null,null,null,null,null,null,null,null,null,null,null,null,null,null,"Streptomycin sulfate","Streptomycin sulfate","Streptomycin sulfate","Streptomycin sulfate","Streptomycin sulfate"]
[null,null,null,null,null,null,null,null,null,null,null,null,null,null,null,null,null,null,null,null,null,null,null,null,null,null,null,null,null,null,null,null,null,null,null,null,null,null,null,null,null,null,null,null,null,null,null,null,null,null,null,null,null,null,null,null,null,null,null,null,null,null,null,null,null,null,null,null,null,null,null,null,null,null,null,null,"Streptozocin (streptozotocin)","Streptozocin (streptozotocin)","Streptozocin (streptozotocin)","Streptozocin (streptozotocin)","Streptozocin (streptozotocin)"]
[null,null,null,null,null,null,null,null,null,null,null,null,null,null,null,null,null,null,null,null,null,null,null,null,null,null,null,null,null,null,null,null,null,null,null,null,null,null,null,null,null,null,null,null,null,null,null,null,null,null,null,null,null,null,null,null,null,null,null,null,null,null,null,null,null,null,null,null,null,null,null,null,null,null,null,null,"Streptozotocin (streptozocin)","Streptozotocin (streptozocin)","Streptozotocin (streptozocin)","Streptozotocin (streptozocin)","Streptozotocin (streptozocin)"]
[null,null,null,null,null,null,null,null,null,null,null,null,null,null,null,null,null,null,null,null,null,null,null,null,null,null,null,null,null,null,null,null,null,null,null,null,null,null,null,null,null,null,null,null,null,null,null,null,null,null,null,null,null,null,null,null,null,null,null,null,null,null,null,null,null,null,null,null,null,null,null,null,null,null,null,null,"Strong inorganic acid mists containing sulfuric acid","Strong inorganic acid mists containing sulfuric acid","Strong inorganic acid mists containing sulfuric acid","Strong inorganic acid mists containing sulfuric acid","Strong inorganic acid mists containing sulfuric acid"]
[null,null,null,null,null,null,null,null,null,null,null,null,null,null,null,null,null,null,null,null,null,null,null,null,null,null,null,null,null,null,null,null,null,null,null,null,null,null,null,null,null,null,null,null,null,null,null,null,null,null,null,null,null,null,null,null,null,null,null,null,null,null,null,null,null,null,null,null,null,null,null,null,null,null,null,null,"Styrene","Styrene","Styrene","Styrene","Styrene"]
[null,null,null,null,null,null,null,null,null,null,null,null,null,null,null,null,null,null,null,null,null,null,null,null,null,null,null,null,null,null,null,null,null,null,null,null,null,null,null,null,null,null,null,null,null,null,null,null,null,null,null,null,null,null,null,null,null,null,null,null,null,null,null,null,null,null,null,null,null,null,null,null,null,null,null,null,"Styrene oxide","Styrene oxide","Styrene oxide","Styrene oxide","Styrene oxide"]
[null,null,null,null,null,null,null,null,null,null,null,null,null,null,null,null,null,null,null,null,null,null,null,null,null,null,null,null,null,null,null,null,null,null,null,null,null,null,null,null,null,null,null,null,null,null,null,null,null,null,null,null,null,null,null,null,null,null,null,null,null,null,null,null,null,null,null,null,null,null,null,null,null,null,null,null,"Sulfallate","Sulfallate","Sulfallate","Sulfallate","Sulfallate"]
[null,null,null,null,null,null,null,null,null,null,null,null,null,null,null,null,null,null,null,null,null,null,null,null,null,null,null,null,null,null,null,null,null,null,null,null,null,null,null,null,null,null,null,null,null,null,null,null,null,null,null,null,null,null,null,null,null,null,null,null,null,null,null,null,null,null,null,null,null,null,null,null,null,null,null,null,"Sulfasalazine (Salicylazosulfapyridine)","Sulfasalazine (Salicylazosulfapyridine)","Sulfasalazine (Salicylazosulfapyridine)","Sulfasalazine (Salicylazosulfapyridine)","Sulfasalazine (Salicylazosulfapyridine)"]
[null,null,null,null,null,null,null,null,null,null,null,null,null,null,null,null,null,null,null,null,null,null,null,null,null,null,null,null,null,null,null,null,null,null,null,null,null,null,null,null,null,null,null,null,null,null,null,null,null,null,null,null,null,null,null,null,null,null,null,null,null,null,null,null,null,null,null,null,null,null,null,null,null,null,null,null,"Sulfur dioxidee","Sulfur dioxidee","Sulfur dioxidee","Sulfur dioxidee","Sulfur dioxidee"]
[null,null,null,null,null,null,null,null,null,null,null,null,null,null,null,null,null,null,null,null,null,null,null,null,null,null,null,null,null,null,null,null,null,null,null,null,null,null,null,null,null,null,null,null,null,null,null,null,null,null,null,null,null,null,null,null,null,null,null,null,null,null,null,null,null,null,null,null,null,null,null,null,null,null,null,null,"Sulindac","Sulindac","Sulindac","Sulindac","Sulindac"]
[null,null,null,null,null,null,null,null,null,null,null,null,null,null,null,null,null,null,null,null,null,null,null,null,null,null,null,null,null,null,null,null,null,null,null,null,null,null,null,null,null,null,null,null,null,null,null,null,null,null,null,null,null,null,null,null,null,null,null,null,null,null,null,null,null,null,null,null,null,null,null,null,null,null,null,null,"Talc containing asbestiform fibers","Talc containing asbestiform fibers","Talc containing asbestiform fibers","Talc containing asbestiform fibers","Talc containing asbestiform fibers"]
[null,null,null,null,null,null,null,null,null,null,null,null,null,null,null,null,null,null,null,null,null,null,null,null,null,null,null,null,null,null,null,null,null,null,null,null,null,null,null,null,null,null,null,null,null,null,null,null,null,null,null,null,null,null,null,null,null,null,null,null,null,null,null,null,null,null,null,null,null,null,null,null,null,null,null,null,"Tamoxifen and its salts","Tamoxifen and its salts","Tamoxifen and its salts","Tamoxifen and its salts","Tamoxifen and its salts"]
[null,null,null,null,null,null,null,null,null,null,null,null,null,null,null,null,null,null,null,null,null,null,null,null,null,null,null,null,null,null,null,null,null,null,null,null,null,null,null,null,null,null,null,null,null,null,null,null,null,null,null,null,null,null,null,null,null,null,null,null,null,null,null,null,null,null,null,null,null,null,null,null,null,null,null,null,"Tamoxifen citrate","Tamoxifen citrate","Tamoxifen citrate","Tamoxifen citrate","Tamoxifen citrate"]
[null,null,null,null,null,null,null,null,null,null,null,null,null,null,null,null,null,null,null,null,null,null,null,null,null,null,null,null,null,null,null,null,null,null,null,null,null,null,null,null,null,null,null,null,null,null,null,null,null,null,null,null,null,null,null,null,null,null,null,null,null,null,null,null,null,null,null,null,null,null,null,null,null,null,null,null,"Temazepam","Temazepam","Temazepam","Temazepam","Temazepam"]
[null,null,null,null,null,null,null,null,null,null,null,null,null,null,null,null,null,null,null,null,null,null,null,null,null,null,null,null,null,null,null,null,null,null,null,null,null,null,null,null,null,null,null,null,null,null,null,null,null,null,null,null,null,null,null,null,null,null,null,null,null,null,null,null,null,null,null,null,null,null,null,null,null,null,null,null,"Teniposide","Teniposide","Teniposide","Teniposide","Teniposide"]
[null,null,null,null,null,null,null,null,null,null,null,null,null,null,null,null,null,null,null,null,null,null,null,null,null,null,null,null,null,null,null,null,null,null,null,null,null,null,null,null,null,null,null,null,null,null,null,null,null,null,null,null,null,null,null,null,null,null,null,null,null,null,null,null,null,null,null,null,null,null,null,null,null,null,null,null,"Terbacil","Terbacil","Terbacil","Terbacil","Terbacil"]
[null,null,null,null,null,null,null,null,null,null,null,null,null,null,null,null,null,null,null,null,null,null,null,null,null,null,null,null,null,null,null,null,null,null,null,null,null,null,null,null,null,null,null,null,null,null,null,null,null,null,null,null,null,null,null,null,null,null,null,null,null,null,null,null,null,null,null,null,null,null,null,null,null,null,null,null,"Teriparatide","Teriparatide","Teriparatide","Teriparatide","Teriparatide"]
[null,null,null,null,null,null,null,null,null,null,null,null,null,null,null,null,null,null,null,null,null,null,null,null,null,null,null,null,null,null,null,null,null,null,null,null,null,null,null,null,null,null,null,null,null,null,null,null,null,null,null,null,null,null,null,null,null,null,null,null,null,null,null,null,null,null,null,null,null,null,null,null,null,null,null,null,"Terrazole","Terrazole","Terrazole","Terrazole","Terrazole"]
[null,null,null,null,null,null,null,null,null,null,null,null,null,null,null,null,null,null,null,null,null,null,null,null,null,null,null,null,null,null,null,null,null,null,null,null,null,null,null,null,null,null,null,null,null,null,null,null,null,null,null,null,null,null,null,null,null,null,null,null,null,null,null,null,null,null,null,null,null,null,null,null,null,null,null,null,"Testosterone and its esters","Testosterone and its esters","Testosterone and its esters","Testosterone and its esters","Testosterone and its esters"]
[null,null,null,null,null,null,null,null,null,null,null,null,null,null,null,null,null,null,null,null,null,null,null,null,null,null,null,null,null,null,null,null,null,null,null,null,null,null,null,null,null,null,null,null,null,null,null,null,null,null,null,null,null,null,null,null,null,null,null,null,null,null,null,null,null,null,null,null,null,null,null,null,null,null,null,null,"Testosterone cypionate","Testosterone cypionate","Testosterone cypionate","Testosterone cypionate","Testosterone cypionate"]
[null,null,null,null,null,null,null,null,null,null,null,null,null,null,null,null,null,null,null,null,null,null,null,null,null,null,null,null,null,null,null,null,null,null,null,null,null,null,null,null,null,null,null,null,null,null,null,null,null,null,null,null,null,null,null,null,null,null,null,null,null,null,null,null,null,null,null,null,null,null,null,null,null,null,null,null,"Testosterone enanthate","Testosterone enanthate","Testosterone enanthate","Testosterone enanthate","Testosterone enanthate"]
[null,null,null,null,null,null,null,null,null,null,null,null,null,null,null,null,null,null,null,null,null,null,null,null,null,null,null,null,null,null,null,null,null,null,null,null,null,null,null,null,null,null,null,null,null,null,null,null,null,null,null,null,null,null,null,null,null,null,null,null,null,null,null,null,null,null,null,null,null,null,null,null,null,null,null,null,"Tetrabromobisphenol A","Tetrabromobisphenol A","Tetrabromobisphenol A","Tetrabromobisphenol A","Tetrabromobisphenol A"]
[null,null,null,null,null,null,null,null,null,null,null,null,null,null,null,null,null,null,null,null,null,null,null,null,null,null,null,null,null,null,null,null,null,null,null,null,null,null,null,null,null,null,null,null,null,null,null,null,null,null,null,null,null,null,null,null,null,null,null,null,null,null,null,null,null,null,null,null,null,null,null,null,null,null,null,null,"Tetrachloroethylene (Perchloroethylene)","Tetrachloroethylene (Perchloroethylene)","Tetrachloroethylene (Perchloroethylene)","Tetrachloroethylene (Perchloroethylene)","Tetrachloroethylene (Perchloroethylene)"]
[null,null,null,null,null,null,null,null,null,null,null,null,null,null,null,null,null,null,null,null,null,null,null,null,null,null,null,null,null,null,null,null,null,null,null,null,null,null,null,null,null,null,null,null,null,null,null,null,null,null,null,null,null,null,null,null,null,null,null,null,null,null,null,null,null,null,null,null,null,null,null,null,null,null,null,null,"Tetrachlorvinphos","Tetrachlorvinphos","Tetrachlorvinphos","Tetrachlorvinphos","Tetrachlorvinphos"]
[null,null,null,null,null,null,null,null,null,null,null,null,null,null,null,null,null,null,null,null,null,null,null,null,null,null,null,null,null,null,null,null,null,null,null,null,null,null,null,null,null,null,null,null,null,null,null,null,null,null,null,null,null,null,null,null,null,null,null,null,null,null,null,null,null,null,null,null,null,null,null,null,null,null,null,null,"Tetracycline (internal use)","Tetracycline (internal use)","Tetracycline (internal use)","Tetracycline (internal use)","Tetracycline (internal use)"]
[null,null,null,null,null,null,null,null,null,null,null,null,null,null,null,null,null,null,null,null,null,null,null,null,null,null,null,null,null,null,null,null,null,null,null,null,null,null,null,null,null,null,null,null,null,null,null,null,null,null,null,null,null,null,null,null,null,null,null,null,null,null,null,null,null,null,null,null,null,null,null,null,null,null,null,null,"Tetracycline hydrochloride (internal use)","Tetracycline hydrochloride (internal use)","Tetracycline hydrochloride (internal use)","Tetracycline hydrochloride (internal use)","Tetracycline hydrochloride (internal use)"]
[null,null,null,null,null,null,null,null,null,null,null,null,null,null,null,null,null,null,null,null,null,null,null,null,null,null,null,null,null,null,null,null,null,null,null,null,null,null,null,null,null,null,null,null,null,null,null,null,null,null,null,null,null,null,null,null,null,null,null,null,null,null,null,null,null,null,null,null,null,null,null,null,null,null,null,null,"Tetracyclines (internal use)","Tetracyclines (internal use)","Tetracyclines (internal use)","Tetracyclines (internal use)","Tetracyclines (internal use)"]
[null,null,null,null,null,null,null,null,null,null,null,null,null,null,null,null,null,null,null,null,null,null,null,null,null,null,null,null,null,null,null,null,null,null,null,null,null,null,null,null,null,null,null,null,null,null,null,null,null,null,null,null,null,null,null,null,null,null,null,null,null,null,null,null,null,null,null,null,null,null,null,null,null,null,null,null,"Tetrafluoroethylene","Tetrafluoroethylene","Tetrafluoroethylene","Tetrafluoroethylene","Tetrafluoroethylene"]
[null,null,null,null,null,null,null,null,null,null,null,null,null,null,null,null,null,null,null,null,null,null,null,null,null,null,null,null,null,null,null,null,null,null,null,null,null,null,null,null,null,null,null,null,null,null,null,null,null,null,null,null,null,null,null,null,null,null,null,null,null,null,null,null,null,null,null,null,null,null,null,null,null,null,null,null,"Tetranitromethane","Tetranitromethane","Tetranitromethane","Tetranitromethane","Tetranitromethane"]
[null,null,null,null,null,null,null,null,null,null,null,null,null,null,null,null,null,null,null,null,null,null,null,null,null,null,null,null,null,null,null,null,null,null,null,null,null,null,null,null,null,null,null,null,null,null,null,null,null,null,null,null,null,null,null,null,null,null,null,null,null,null,null,null,null,null,null,null,null,null,null,null,null,null,null,null,"Thalidomide","Thalidomide","Thalidomide","Thalidomide","Thalidomide"]
[null,null,null,null,null,null,null,null,null,null,null,null,null,null,null,null,null,null,null,null,null,null,null,null,null,null,null,null,null,null,null,null,null,null,null,null,null,null,null,null,null,null,null,null,null,null,null,null,null,null,null,null,null,null,null,null,null,null,null,null,null,null,null,null,null,null,null,null,null,null,null,null,null,null,null,null,"Thioacetamide","Thioacetamide","Thioacetamide","Thioacetamide","Thioacetamide"]
[null,null,null,null,null,null,null,null,null,null,null,null,null,null,null,null,null,null,null,null,null,null,null,null,null,null,null,null,null,null,null,null,null,null,null,null,null,null,null,null,null,null,null,null,null,null,null,null,null,null,null,null,null,null,null,null,null,null,null,null,null,null,null,null,null,null,null,null,null,null,null,null,null,null,null,null,"Thiodicarb","Thiodicarb","Thiodicarb","Thiodicarb","Thiodicarb"]
[null,null,null,null,null,null,null,null,null,null,null,null,null,null,null,null,null,null,null,null,null,null,null,null,null,null,null,null,null,null,null,null,null,null,null,null,null,null,null,null,null,null,null,null,null,null,null,null,null,null,null,null,null,null,null,null,null,null,null,null,null,null,null,null,null,null,null,null,null,null,null,null,null,null,null,null,"Thioguanine","Thioguanine","Thioguanine","Thioguanine","Thioguanine"]
[null,null,null,null,null,null,null,null,null,null,null,null,null,null,null,null,null,null,null,null,null,null,null,null,null,null,null,null,null,null,null,null,null,null,null,null,null,null,null,null,null,null,null,null,null,null,null,null,null,null,null,null,null,null,null,null,null,null,null,null,null,null,null,null,null,null,null,null,null,null,null,null,null,null,null,null,"Thiophanate methyl","Thiophanate methyl","Thiophanate methyl","Thiophanate methyl","Thiophanate methyl"]
[null,null,null,null,null,null,null,null,null,null,null,null,null,null,null,null,null,null,null,null,null,null,null,null,null,null,null,null,null,null,null,null,null,null,null,null,null,null,null,null,null,null,null,null,null,null,null,null,null,null,null,null,null,null,null,null,null,null,null,null,null,null,null,null,null,null,null,null,null,null,null,null,null,null,null,null,"Thiouracil","Thiouracil","Thiouracil","Thiouracil","Thiouracil"]
[null,null,null,null,null,null,null,null,null,null,null,null,null,null,null,null,null,null,null,null,null,null,null,null,null,null,null,null,null,null,null,null,null,null,null,null,null,null,null,null,null,null,null,null,null,null,null,null,null,null,null,null,null,null,null,null,null,null,null,null,null,null,null,null,null,null,null,null,null,null,null,null,null,null,null,null,"Thiourea","Thiourea","Thiourea","Thiourea","Thiourea"]
[null,null,null,null,null,null,null,null,null,null,null,null,null,null,null,null,null,null,null,null,null,null,null,null,null,null,null,null,null,null,null,null,null,null,null,null,null,null,null,null,null,null,null,null,null,null,null,null,null,null,null,null,null,null,null,null,null,null,null,null,null,null,null,null,null,null,null,null,null,null,null,null,null,null,null,null,"Thorium dioxide","Thorium dioxide","Thorium dioxide","Thorium dioxide","Thorium dioxide"]
[null,null,null,null,null,null,null,null,null,null,null,null,null,null,null,null,null,null,null,null,null,null,null,null,null,null,null,null,null,null,null,null,null,null,null,null,null,null,null,null,null,null,null,null,null,null,null,null,null,null,null,null,null,null,null,null,null,null,null,null,null,null,null,null,null,null,null,null,null,null,null,null,null,null,null,null,"Titanium dioxide (airborne, unbound particles of respirable size)","Titanium dioxide (airborne, unbound particles of respirable size)","Titanium dioxide (airborne, unbound particles of respirable size)","Titanium dioxide (airborne, unbound particles of respirable size)","Titanium dioxide (airborne, unbound particles of respirable size)"]
[null,null,null,null,null,null,null,null,null,null,null,null,null,null,null,null,null,null,null,null,null,null,null,null,null,null,null,null,null,null,null,null,null,null,null,null,null,null,null,null,null,null,null,null,null,null,null,null,null,null,null,null,null,null,null,null,null,null,null,null,null,null,null,null,null,null,null,null,null,null,null,null,null,null,null,null,"Tobacco smoke","Tobacco smoke","Tobacco smoke","Tobacco smoke","Tobacco smoke"]
[null,null,null,null,null,null,null,null,null,null,null,null,null,null,null,null,null,null,null,null,null,null,null,null,null,null,null,null,null,null,null,null,null,null,null,null,null,null,null,null,null,null,null,null,null,null,null,null,null,null,null,null,null,null,null,null,null,null,null,null,null,null,null,null,null,null,null,null,null,null,null,null,null,null,null,null,"Tobacco smoke (primary)","Tobacco smoke (primary)","Tobacco smoke (primary)","Tobacco smoke (primary)","Tobacco smoke (primary)"]
[null,null,null,null,null,null,null,null,null,null,null,null,null,null,null,null,null,null,null,null,null,null,null,null,null,null,null,null,null,null,null,null,null,null,null,null,null,null,null,null,null,null,null,null,null,null,null,null,null,null,null,null,null,null,null,null,null,null,null,null,null,null,null,null,null,null,null,null,null,null,null,null,null,null,null,null,"Tobacco, oral use of smokeless products","Tobacco, oral use of smokeless products","Tobacco, oral use of smokeless products","Tobacco, oral use of smokeless products","Tobacco, oral use of smokeless products"]
[null,null,null,null,null,null,null,null,null,null,null,null,null,null,null,null,null,null,null,null,null,null,null,null,null,null,null,null,null,null,null,null,null,null,null,null,null,null,null,null,null,null,null,null,null,null,null,null,null,null,null,null,null,null,null,null,null,null,null,null,null,null,null,null,null,null,null,null,null,null,null,null,null,null,null,null,"Tobramycin sulfate","Tobramycin sulfate","Tobramycin sulfate","Tobramycin sulfate","Tobramycin sulfate"]
[null,null,null,null,null,null,null,null,null,null,null,null,null,null,null,null,null,null,null,null,null,null,null,null,null,null,null,null,null,null,null,null,null,null,null,null,null,null,null,null,null,null,null,null,null,null,null,null,null,null,null,null,null,null,null,null,null,null,null,null,null,null,null,null,null,null,null,null,null,null,null,null,null,null,null,null,"Toluene","Toluene","Toluene","Toluene","Toluene"]
[null,null,null,null,null,null,null,null,null,null,null,null,null,null,null,null,null,null,null,null,null,null,null,null,null,null,null,null,null,null,null,null,null,null,null,null,null,null,null,null,null,null,null,null,null,null,null,null,null,null,null,null,null,null,null,null,null,null,null,null,null,null,null,null,null,null,null,null,null,null,null,null,null,null,null,null,"Toluene diisocyanate","Toluene diisocyanate","Toluene diisocyanate","Toluene diisocyanate","Toluene diisocyanate"]
[null,null,null,null,null,null,null,null,null,null,null,null,null,null,null,null,null,null,null,null,null,null,null,null,null,null,null,null,null,null,null,null,null,null,null,null,null,null,null,null,null,null,null,null,null,null,null,null,null,null,null,null,null,null,null,null,null,null,null,null,null,null,null,null,null,null,null,null,null,null,null,null,null,null,null,null,"Topiramate","Topiramate","Topiramate","Topiramate","Topiramate"]
[null,null,null,null,null,null,null,null,null,null,null,null,null,null,null,null,null,null,null,null,null,null,null,null,null,null,null,null,null,null,null,null,null,null,null,null,null,null,null,null,null,null,null,null,null,null,null,null,null,null,null,null,null,null,null,null,null,null,null,null,null,null,null,null,null,null,null,null,null,null,null,null,null,null,null,null,"Toxaphene (Polychlorinated camphenes)","Toxaphene (Polychlorinated camphenes)","Toxaphene (Polychlorinated camphenes)","Toxaphene (Polychlorinated camphenes)","Toxaphene (Polychlorinated camphenes)"]
[null,null,null,null,null,null,null,null,null,null,null,null,null,null,null,null,null,null,null,null,null,null,null,null,null,null,null,null,null,null,null,null,null,null,null,null,null,null,null,null,null,null,null,null,null,null,null,null,null,null,null,null,null,null,null,null,null,null,null,null,null,null,null,null,null,null,null,null,null,null,null,null,null,null,null,null,"Toxins derived from Fusarium moniliforme (Fusarium verticillioides)","Toxins derived from Fusarium moniliforme (Fusarium verticillioides)","Toxins derived from Fusarium moniliforme (Fusarium verticillioides)","Toxins derived from Fusarium moniliforme (Fusarium verticillioides)","Toxins derived from Fusarium moniliforme (Fusarium verticillioides)"]
[null,null,null,null,null,null,null,null,null,null,null,null,null,null,null,null,null,null,null,null,null,null,null,null,null,null,null,null,null,null,null,null,null,null,null,null,null,null,null,null,null,null,null,null,null,null,null,null,null,null,null,null,null,null,null,null,null,null,null,null,null,null,null,null,null,null,null,null,null,null,null,null,null,null,null,null,"trans-2-[(Dimethylamino)methylimino]-5-[2-(5-nitro-2-furyl)vinyl]-1,3,4-oxadiazol","trans-2-[(Dimethylamino)methylimino]-5-[2-(5-nitro-2-furyl)vinyl]-1,3,4-oxadiazol","trans-2-[(Dimethylamino)methylimino]-5-[2-(5-nitro-2-furyl)vinyl]-1,3,4-oxadiazol","trans-2-[(Dimethylamino)methylimino]-5-[2-(5-nitro-2-furyl)vinyl]-1,3,4-oxadiazol","trans-2-[(Dimethylamino)methylimino]-5-[2-(5-nitro-2-furyl)vinyl]-1,3,4-oxadiazol"]
[null,null,null,null,null,null,null,null,null,null,null,null,null,null,null,null,null,null,null,null,null,null,null,null,null,null,null,null,null,null,null,null,null,null,null,null,null,null,null,null,null,null,null,null,null,null,null,null,null,null,null,null,null,null,null,null,null,null,null,null,null,null,null,null,null,null,null,null,null,null,null,null,null,null,null,null,"Treosulfan","Treosulfan","Treosulfan","Treosulfan","Treosulfan"]
[null,null,null,null,null,null,null,null,null,null,null,null,null,null,null,null,null,null,null,null,null,null,null,null,null,null,null,null,null,null,null,null,null,null,null,null,null,null,null,null,null,null,null,null,null,null,null,null,null,null,null,null,null,null,null,null,null,null,null,null,null,null,null,null,null,null,null,null,null,null,null,null,null,null,null,null,"Triadimefon","Triadimefon","Triadimefon","Triadimefon","Triadimefon"]
[null,null,null,null,null,null,null,null,null,null,null,null,null,null,null,null,null,null,null,null,null,null,null,null,null,null,null,null,null,null,null,null,null,null,null,null,null,null,null,null,null,null,null,null,null,null,null,null,null,null,null,null,null,null,null,null,null,null,null,null,null,null,null,null,null,null,null,null,null,null,null,null,null,null,null,null,"Triamterene","Triamterene","Triamterene","Triamterene","Triamterene"]
[null,null,null,null,null,null,null,null,null,null,null,null,null,null,null,null,null,null,null,null,null,null,null,null,null,null,null,null,null,null,null,null,null,null,null,null,null,null,null,null,null,null,null,null,null,null,null,null,null,null,null,null,null,null,null,null,null,null,null,null,null,null,null,null,null,null,null,null,null,null,null,null,null,null,null,null,"Triazolam","Triazolam","Triazolam","Triazolam","Triazolam"]
[null,null,null,null,null,null,null,null,null,null,null,null,null,null,null,null,null,null,null,null,null,null,null,null,null,null,null,null,null,null,null,null,null,null,null,null,null,null,null,null,null,null,null,null,null,null,null,null,null,null,null,null,null,null,null,null,null,null,null,null,null,null,null,null,null,null,null,null,null,null,null,null,null,null,null,null,"Tributyltin methacrylate","Tributyltin methacrylate","Tributyltin methacrylate","Tributyltin methacrylate","Tributyltin methacrylate"]
[null,null,null,null,null,null,null,null,null,null,null,null,null,null,null,null,null,null,null,null,null,null,null,null,null,null,null,null,null,null,null,null,null,null,null,null,null,null,null,null,null,null,null,null,null,null,null,null,null,null,null,null,null,null,null,null,null,null,null,null,null,null,null,null,null,null,null,null,null,null,null,null,null,null,null,null,"Trichlormethine (Trimustine hydrochloride)","Trichlormethine (Trimustine hydrochloride)","Trichlormethine (Trimustine hydrochloride)","Trichlormethine (Trimustine hydrochloride)","Trichlormethine (Trimustine hydrochloride)"]
[null,null,null,null,null,null,null,null,null,null,null,null,null,null,null,null,null,null,null,null,null,null,null,null,null,null,null,null,null,null,null,null,null,null,null,null,null,null,null,null,null,null,null,null,null,null,null,null,null,null,null,null,null,null,null,null,null,null,null,null,null,null,null,null,null,null,null,null,null,null,null,null,null,null,null,null,"Trichloroacetic acid","Trichloroacetic acid","Trichloroacetic acid","Trichloroacetic acid","Trichloroacetic acid"]
[null,null,null,null,null,null,null,null,null,null,null,null,null,null,null,null,null,null,null,null,null,null,null,null,null,null,null,null,null,null,null,null,null,null,null,null,null,null,null,null,null,null,null,null,null,null,null,null,null,null,null,null,null,null,null,null,null,null,null,null,null,null,null,null,null,null,null,null,null,null,null,null,null,null,null,null,"Trichloroethylene","Trichloroethylene","Trichloroethylene","Trichloroethylene","Trichloroethylene"]
[null,null,null,null,null,null,null,null,null,null,null,null,null,null,null,null,null,null,null,null,null,null,null,null,null,null,null,null,null,null,null,null,null,null,null,null,null,null,null,null,null,null,null,null,null,null,null,null,null,null,null,null,null,null,null,null,null,null,null,null,null,null,null,null,null,null,null,null,null,null,null,null,null,null,null,null,"Trientine hydrochloride","Trientine hydrochloride","Trientine hydrochloride","Trientine hydrochloride","Trientine hydrochloride"]
[null,null,null,null,null,null,null,null,null,null,null,null,null,null,null,null,null,null,null,null,null,null,null,null,null,null,null,null,null,null,null,null,null,null,null,null,null,null,null,null,null,null,null,null,null,null,null,null,null,null,null,null,null,null,null,null,null,null,null,null,null,null,null,null,null,null,null,null,null,null,null,null,null,null,null,null,"Triforine","Triforine","Triforine","Triforine","Triforine"]
[null,null,null,null,null,null,null,null,null,null,null,null,null,null,null,null,null,null,null,null,null,null,null,null,null,null,null,null,null,null,null,null,null,null,null,null,null,null,null,null,null,null,null,null,null,null,null,null,null,null,null,null,null,null,null,null,null,null,null,null,null,null,null,null,null,null,null,null,null,null,null,null,null,null,null,null,"Trilostane","Trilostane","Trilostane","Trilostane","Trilostane"]
[null,null,null,null,null,null,null,null,null,null,null,null,null,null,null,null,null,null,null,null,null,null,null,null,null,null,null,null,null,null,null,null,null,null,null,null,null,null,null,null,null,null,null,null,null,null,null,null,null,null,null,null,null,null,null,null,null,null,null,null,null,null,null,null,null,null,null,null,null,null,null,null,null,null,null,null,"Trimethadione","Trimethadione","Trimethadione","Trimethadione","Trimethadione"]
[null,null,null,null,null,null,null,null,null,null,null,null,null,null,null,null,null,null,null,null,null,null,null,null,null,null,null,null,null,null,null,null,null,null,null,null,null,null,null,null,null,null,null,null,null,null,null,null,null,null,null,null,null,null,null,null,null,null,null,null,null,null,null,null,null,null,null,null,null,null,null,null,null,null,null,null,"Trimethyl phosphate","Trimethyl phosphate","Trimethyl phosphate","Trimethyl phosphate","Trimethyl phosphate"]
[null,null,null,null,null,null,null,null,null,null,null,null,null,null,null,null,null,null,null,null,null,null,null,null,null,null,null,null,null,null,null,null,null,null,null,null,null,null,null,null,null,null,null,null,null,null,null,null,null,null,null,null,null,null,null,null,null,null,null,null,null,null,null,null,null,null,null,null,null,null,null,null,null,null,null,null,"Trimetrexate glucuronate","Trimetrexate glucuronate","Trimetrexate glucuronate","Trimetrexate glucuronate","Trimetrexate glucuronate"]
[null,null,null,null,null,null,null,null,null,null,null,null,null,null,null,null,null,null,null,null,null,null,null,null,null,null,null,null,null,null,null,null,null,null,null,null,null,null,null,null,null,null,null,null,null,null,null,null,null,null,null,null,null,null,null,null,null,null,null,null,null,null,null,null,null,null,null,null,null,null,null,null,null,null,null,null,"TRIM RX","TRIM RX","TRIM RX","TRIM RX","TRIM RX"]
[null,null,null,null,null,null,null,null,null,null,null,null,null,null,null,null,null,null,null,null,null,null,null,null,null,null,null,null,null,null,null,null,null,null,null,null,null,null,null,null,null,null,null,null,null,null,null,null,null,null,null,null,null,null,null,null,null,null,null,null,null,null,null,null,null,null,null,null,null,null,null,null,null,null,null,null,"Triphenyltin hydroxide","Triphenyltin hydroxide","Triphenyltin hydroxide","Triphenyltin hydroxide","Triphenyltin hydroxide"]
[null,null,null,null,null,null,null,null,null,null,null,null,null,null,null,null,null,null,null,null,null,null,null,null,null,null,null,null,null,null,null,null,null,null,null,null,null,null,null,null,null,null,null,null,null,null,null,null,null,null,null,null,null,null,null,null,null,null,null,null,null,null,null,null,null,null,null,null,null,null,null,null,null,null,null,null,"Tris(1,3-dichloro-2-propyl) phosphate (TDCPP)","Tris(1,3-dichloro-2-propyl) phosphate (TDCPP)","Tris(1,3-dichloro-2-propyl) phosphate (TDCPP)","Tris(1,3-dichloro-2-propyl) phosphate (TDCPP)","Tris(1,3-dichloro-2-propyl) phosphate (TDCPP)"]
[null,null,null,null,null,null,null,null,null,null,null,null,null,null,null,null,null,null,null,null,null,null,null,null,null,null,null,null,null,null,null,null,null,null,null,null,null,null,null,null,null,null,null,null,null,null,null,null,null,null,null,null,null,null,null,null,null,null,null,null,null,null,null,null,null,null,null,null,null,null,null,null,null,null,null,null,"Tris(1-aziridinyl)phosphine sulfide (Thiotepa)","Tris(1-aziridinyl)phosphine sulfide (Thiotepa)","Tris(1-aziridinyl)phosphine sulfide (Thiotepa)","Tris(1-aziridinyl)phosphine sulfide (Thiotepa)","Tris(1-aziridinyl)phosphine sulfide (Thiotepa)"]
[null,null,null,null,null,null,null,null,null,null,null,null,null,null,null,null,null,null,null,null,null,null,null,null,null,null,null,null,null,null,null,null,null,null,null,null,null,null,null,null,null,null,null,null,null,null,null,null,null,null,null,null,null,null,null,null,null,null,null,null,null,null,null,null,null,null,null,null,null,null,null,null,null,null,null,null,"Tris(2,3-dibromopropyl)phosphate","Tris(2,3-dibromopropyl)phosphate","Tris(2,3-dibromopropyl)phosphate","Tris(2,3-dibromopropyl)phosphate","Tris(2,3-dibromopropyl)phosphate"]
[null,null,null,null,null,null,null,null,null,null,null,null,null,null,null,null,null,null,null,null,null,null,null,null,null,null,null,null,null,null,null,null,null,null,null,null,null,null,null,null,null,null,null,null,null,null,null,null,null,null,null,null,null,null,null,null,null,null,null,null,null,null,null,null,null,null,null,null,null,null,null,null,null,null,null,null,"Tris(2-chloroethyl) phosphate","Tris(2-chloroethyl) phosphate","Tris(2-chloroethyl) phosphate","Tris(2-chloroethyl) phosphate","Tris(2-chloroethyl) phosphate"]
[null,null,null,null,null,null,null,null,null,null,null,null,null,null,null,null,null,null,null,null,null,null,null,null,null,null,null,null,null,null,null,null,null,null,null,null,null,null,null,null,null,null,null,null,null,null,null,null,null,null,null,null,null,null,null,null,null,null,null,null,null,null,null,null,null,null,null,null,null,null,null,null,null,null,null,null,"Trp-P-1 (Tryptophan-P-1)","Trp-P-1 (Tryptophan-P-1)","Trp-P-1 (Tryptophan-P-1)","Trp-P-1 (Tryptophan-P-1)","Trp-P-1 (Tryptophan-P-1)"]
[null,null,null,null,null,null,null,null,null,null,null,null,null,null,null,null,null,null,null,null,null,null,null,null,null,null,null,null,null,null,null,null,null,null,null,null,null,null,null,null,null,null,null,null,null,null,null,null,null,null,null,null,null,null,null,null,null,null,null,null,null,null,null,null,null,null,null,null,null,null,null,null,null,null,null,null,"Trp-P-2 (Tryptophan-P-2)","Trp-P-2 (Tryptophan-P-2)","Trp-P-2 (Tryptophan-P-2)","Trp-P-2 (Tryptophan-P-2)","Trp-P-2 (Tryptophan-P-2)"]
[null,null,null,null,null,null,null,null,null,null,null,null,null,null,null,null,null,null,null,null,null,null,null,null,null,null,null,null,null,null,null,null,null,null,null,null,null,null,null,null,null,null,null,null,null,null,null,null,null,null,null,null,null,null,null,null,null,null,null,null,null,null,null,null,null,null,null,null,null,null,null,null,null,null,null,null,"Trypan blue (commercial grade)","Trypan blue (commercial grade)","Trypan blue (commercial grade)","Trypan blue (commercial grade)","Trypan blue (commercial grade)"]
[null,null,null,null,null,null,null,null,null,null,null,null,null,null,null,null,null,null,null,null,null,null,null,null,null,null,null,null,null,null,null,null,null,null,null,null,null,null,null,null,null,null,null,null,null,null,null,null,null,null,null,null,null,null,null,null,null,null,null,null,null,null,null,null,null,null,null,null,null,null,null,null,null,null,null,null,"Unleaded gasoline (wholly vaporized)","Unleaded gasoline (wholly vaporized)","Unleaded gasoline (wholly vaporized)","Unleaded gasoline (wholly vaporized)","Unleaded gasoline (wholly vaporized)"]
[null,null,null,null,null,null,null,null,null,null,null,null,null,null,null,null,null,null,null,null,null,null,null,null,null,null,null,null,null,null,null,null,null,null,null,null,null,null,null,null,null,null,null,null,null,null,null,null,null,null,null,null,null,null,null,null,null,null,null,null,null,null,null,null,null,null,null,null,null,null,null,null,null,null,null,null,"Uracil mustard","Uracil mustard","Uracil mustard","Uracil mustard","Uracil mustard"]
[null,null,null,null,null,null,null,null,null,null,null,null,null,null,null,null,null,null,null,null,null,null,null,null,null,null,null,null,null,null,null,null,null,null,null,null,null,null,null,null,null,null,null,null,null,null,null,null,null,null,null,null,null,null,null,null,null,null,null,null,null,null,null,null,null,null,null,null,null,null,null,null,null,null,null,null,"Urethane (Ethyl carbamate)","Urethane (Ethyl carbamate)","Urethane (Ethyl carbamate)","Urethane (Ethyl carbamate)","Urethane (Ethyl carbamate)"]
[null,null,null,null,null,null,null,null,null,null,null,null,null,null,null,null,null,null,null,null,null,null,null,null,null,null,null,null,null,null,null,null,null,null,null,null,null,null,null,null,null,null,null,null,null,null,null,null,null,null,null,null,null,null,null,null,null,null,null,null,null,null,null,null,null,null,null,null,null,null,null,null,null,null,null,null,"Urofollitropin","Urofollitropin","Urofollitropin","Urofollitropin","Urofollitropin"]
[null,null,null,null,null,null,null,null,null,null,null,null,null,null,null,null,null,null,null,null,null,null,null,null,null,null,null,null,null,null,null,null,null,null,null,null,null,null,null,null,null,null,null,null,null,null,null,null,null,null,null,null,null,null,null,null,null,null,null,null,null,null,null,null,null,null,null,null,null,null,null,null,null,null,null,null,"Valproate (Valproic acid)","Valproate (Valproic acid)","Valproate (Valproic acid)","Valproate (Valproic acid)","Valproate (Valproic acid)"]
[null,null,null,null,null,null,null,null,null,null,null,null,null,null,null,null,null,null,null,null,null,null,null,null,null,null,null,null,null,null,null,null,null,null,null,null,null,null,null,null,null,null,null,null,null,null,null,null,null,null,null,null,null,null,null,null,null,null,null,null,null,null,null,null,null,null,null,null,null,null,null,null,null,null,null,null,"Vanadium pentoxide (orthorhombic crystalline form)","Vanadium pentoxide (orthorhombic crystalline form)","Vanadium pentoxide (orthorhombic crystalline form)","Vanadium pentoxide (orthorhombic crystalline form)","Vanadium pentoxide (orthorhombic crystalline form)"]
[null,null,null,null,null,null,null,null,null,null,null,null,null,null,null,null,null,null,null,null,null,null,null,null,null,null,null,null,null,null,null,null,null,null,null,null,null,null,null,null,null,null,null,null,null,null,null,null,null,null,null,null,null,null,null,null,null,null,null,null,null,null,null,null,null,null,null,null,null,null,null,null,null,null,null,null,"Vinblastine sulfate","Vinblastine sulfate","Vinblastine sulfate","Vinblastine sulfate","Vinblastine sulfate"]
[null,null,null,null,null,null,null,null,null,null,null,null,null,null,null,null,null,null,null,null,null,null,null,null,null,null,null,null,null,null,null,null,null,null,null,null,null,null,null,null,null,null,null,null,null,null,null,null,null,null,null,null,null,null,null,null,null,null,null,null,null,null,null,null,null,null,null,null,null,null,null,null,null,null,null,null,"Vinclozolin","Vinclozolin","Vinclozolin","Vinclozolin","Vinclozolin"]
[null,null,null,null,null,null,null,null,null,null,null,null,null,null,null,null,null,null,null,null,null,null,null,null,null,null,null,null,null,null,null,null,null,null,null,null,null,null,null,null,null,null,null,null,null,null,null,null,null,null,null,null,null,null,null,null,null,null,null,null,null,null,null,null,null,null,null,null,null,null,null,null,null,null,null,null,"Vincristine sulfate","Vincristine sulfate","Vincristine sulfate","Vincristine sulfate","Vincristine sulfate"]
[null,null,null,null,null,null,null,null,null,null,null,null,null,null,null,null,null,null,null,null,null,null,null,null,null,null,null,null,null,null,null,null,null,null,null,null,null,null,null,null,null,null,null,null,null,null,null,null,null,null,null,null,null,null,null,null,null,null,null,null,null,null,null,null,null,null,null,null,null,null,null,null,null,null,null,null,"Vinyl bromide","Vinyl bromide","Vinyl bromide","Vinyl bromide","Vinyl bromide"]
[null,null,null,null,null,null,null,null,null,null,null,null,null,null,null,null,null,null,null,null,null,null,null,null,null,null,null,null,null,null,null,null,null,null,null,null,null,null,null,null,null,null,null,null,null,null,null,null,null,null,null,null,null,null,null,null,null,null,null,null,null,null,null,null,null,null,null,null,null,null,null,null,null,null,null,null,"Vinyl chloride","Vinyl chloride","Vinyl chloride","Vinyl chloride","Vinyl chloride"]
[null,null,null,null,null,null,null,null,null,null,null,null,null,null,null,null,null,null,null,null,null,null,null,null,null,null,null,null,null,null,null,null,null,null,null,null,null,null,null,null,null,null,null,null,null,null,null,null,null,null,null,null,null,null,null,null,null,null,null,null,null,null,null,null,null,null,null,null,null,null,null,null,null,null,null,null,"Vinyl cyclohexene dioxide (4-Vinyl-1-cyclohexene diepoxide)","Vinyl cyclohexene dioxide (4-Vinyl-1-cyclohexene diepoxide)","Vinyl cyclohexene dioxide (4-Vinyl-1-cyclohexene diepoxide)","Vinyl cyclohexene dioxide (4-Vinyl-1-cyclohexene diepoxide)","Vinyl cyclohexene dioxide (4-Vinyl-1-cyclohexene diepoxide)"]
[null,null,null,null,null,null,null,null,null,null,null,null,null,null,null,null,null,null,null,null,null,null,null,null,null,null,null,null,null,null,null,null,null,null,null,null,null,null,null,null,null,null,null,null,null,null,null,null,null,null,null,null,null,null,null,null,null,null,null,null,null,null,null,null,null,null,null,null,null,null,null,null,null,null,null,null,"Vinyl fluoride","Vinyl fluoride","Vinyl fluoride","Vinyl fluoride","Vinyl fluoride"]
[null,null,null,null,null,null,null,null,null,null,null,null,null,null,null,null,null,null,null,null,null,null,null,null,null,null,null,null,null,null,null,null,null,null,null,null,null,null,null,null,null,null,null,null,null,null,null,null,null,null,null,null,null,null,null,null,null,null,null,null,null,null,null,null,null,null,null,null,null,null,null,null,null,null,null,null,"Vinyl trichloride (1,1,2-Trichloroethane)","Vinyl trichloride (1,1,2-Trichloroethane)","Vinyl trichloride (1,1,2-Trichloroethane)","Vinyl trichloride (1,1,2-Trichloroethane)","Vinyl trichloride (1,1,2-Trichloroethane)"]
[null,null,null,null,null,null,null,null,null,null,null,null,null,null,null,null,null,null,null,null,null,null,null,null,null,null,null,null,null,null,null,null,null,null,null,null,null,null,null,null,null,null,null,null,null,null,null,null,null,null,null,null,null,null,null,null,null,null,null,null,null,null,null,null,null,null,null,null,null,null,null,null,null,null,null,null,"Vinylidene chloride (1,1-Dichloroethylene)","Vinylidene chloride (1,1-Dichloroethylene)","Vinylidene chloride (1,1-Dichloroethylene)","Vinylidene chloride (1,1-Dichloroethylene)","Vinylidene chloride (1,1-Dichloroethylene)"]
[null,null,null,null,null,null,null,null,null,null,null,null,null,null,null,null,null,null,null,null,null,null,null,null,null,null,null,null,null,null,null,null,null,null,null,null,null,null,null,null,null,null,null,null,null,null,null,null,null,null,null,null,null,null,null,null,null,null,null,null,null,null,null,null,null,null,null,null,null,null,null,null,null,null,null,null,"Vismodegib","Vismodegib","Vismodegib","Vismodegib","Vismodegib"]
[null,null,null,null,null,null,null,null,null,null,null,null,null,null,null,null,null,null,null,null,null,null,null,null,null,null,null,null,null,null,null,null,null,null,null,null,null,null,null,null,null,null,null,null,null,null,null,null,null,null,null,null,null,null,null,null,null,null,null,null,null,null,null,null,null,null,null,null,null,null,null,null,null,null,null,null,"Warfarin","Warfarin","Warfarin","Warfarin","Warfarin"]
[null,null,null,null,null,null,null,null,null,null,null,null,null,null,null,null,null,null,null,null,null,null,null,null,null,null,null,null,null,null,null,null,null,null,null,null,null,null,null,null,null,null,null,null,null,null,null,null,null,null,null,null,null,null,null,null,null,null,null,null,null,null,null,null,null,null,null,null,null,null,null,null,null,null,null,null,"Wood dust","Wood dust","Wood dust","Wood dust","Wood dust"]
[null,null,null,null,null,null,null,null,null,null,null,null,null,null,null,null,null,null,null,null,null,null,null,null,null,null,null,null,null,null,null,null,null,null,null,null,null,null,null,null,null,null,null,null,null,null,null,null,null,null,null,null,null,null,null,null,null,null,null,null,null,null,null,null,null,null,null,null,null,null,null,null,null,null,null,null,"Zalcitabine","Zalcitabine","Zalcitabine","Zalcitabine","Zalcitabine"]
[null,null,null,null,null,null,null,null,null,null,null,null,null,null,null,null,null,null,null,null,null,null,null,null,null,null,null,null,null,null,null,null,null,null,null,null,null,null,null,null,null,null,null,null,null,null,null,null,null,null,null,null,null,null,null,null,null,null,null,null,null,null,null,null,null,null,null,null,null,null,null,null,null,null,null,null,"Zidovudine (AZT)","Zidovudine (AZT)","Zidovudine (AZT)","Zidovudine (AZT)","Zidovudine (AZT)"]
[null,null,null,null,null,null,null,null,null,null,null,null,null,null,null,null,null,null,null,null,null,null,null,null,null,null,null,null,null,null,null,null,null,null,null,null,null,null,null,null,null,null,null,null,null,null,null,null,null,null,null,null,null,null,null,null,null,null,null,null,null,null,null,null,null,null,null,null,null,null,null,null,null,null,null,null,"Zileuton","Zileuton","Zileuton","Zileuton","Zileuton"]
[null,null,null,null,null,null,null,null,null,null,null,null,null,null,null,null,null,null,null,null,null,null,null,null,null,null,null,null,null,null,null,null,null,null,null,null,null,null,null,null,null,null,null,null,null,null,null,null,null,null,null,null,null,null,null,null,null,null,null,null,null,null,null,null,null,null,null,null,null,null,null,null,null,null,null,null,"α-Methyl styrene (alpha-Methylstyrene)","α-Methyl styrene (alpha-Methylstyrene)","α-Methyl styrene (alpha-Methylstyrene)","α-Methyl styrene (alpha-Methylstyrene)","α-Methyl styrene (alpha-Methylstyrene)"]

{"sheet":"Sheet3","index":14,"n_rows":71,"n_cols":5,"rows_kept":71,"cut":false,"hidden":false,"merged":[]}
["HB-TLT-BS-2-550-WH",{"$f":"LOWER(A1)","v":"hb-tlt-bs-2-550-wh"},-4,".jpg",{"$f":"CONCATENATE(B1,C1,D1)","v":"hb-tlt-bs-2-550-wh-4.jpg"}]
["HB-TLT-BS-2-550-WH-2PC",{"$f":"LOWER(A2)","v":"hb-tlt-bs-2-550-wh-2pc"},-4,".jpg",{"$f":"CONCATENATE(B2,C2,D2)","v":"hb-tlt-bs-2-550-wh-2pc-4.jpg"}]
["HB-TLT-BS-2-550-WH-4PC","hb-tlt-bs-2-550-wh-4pc",-4,".jpg","hb-tlt-bs-2-550-wh-4pc-4.jpg"]
["HB-TLT-BS-2-550-WH-6PC","hb-tlt-bs-2-550-wh-6pc",-4,".jpg","hb-tlt-bs-2-550-wh-6pc-4.jpg"]
["HB-TLT-BS-2-550-WH-8PC","hb-tlt-bs-2-550-wh-8pc",-4,".jpg","hb-tlt-bs-2-550-wh-8pc-4.jpg"]
["HB-TLT-BS-2-550-NBLE","hb-tlt-bs-2-550-nble",-4,".jpg","hb-tlt-bs-2-550-nble-4.jpg"]
["HB-TLT-BS-2-550-NBLE-2PC","hb-tlt-bs-2-550-nble-2pc",-4,".jpg","hb-tlt-bs-2-550-nble-2pc-4.jpg"]
["HB-TLT-BS-2-550-NBLE-4PC","hb-tlt-bs-2-550-nble-4pc",-4,".jpg","hb-tlt-bs-2-550-nble-4pc-4.jpg"]
["HB-TLT-BS-2-550-NBLE-6PC","hb-tlt-bs-2-550-nble-6pc",-4,".jpg","hb-tlt-bs-2-550-nble-6pc-4.jpg"]
["HB-TLT-BS-2-550-NBLE-8PC","hb-tlt-bs-2-550-nble-8pc",-4,".jpg","hb-tlt-bs-2-550-nble-8pc-4.jpg"]
["HB-TLT-BS-2-550-GRY","hb-tlt-bs-2-550-gry",-4,".jpg","hb-tlt-bs-2-550-gry-4.jpg"]
["HB-TLT-BS-2-550-GRY-2PC","hb-tlt-bs-2-550-gry-2pc",-4,".jpg","hb-tlt-bs-2-550-gry-2pc-4.jpg"]
["HB-TLT-BS-2-550-GRY-4PC","hb-tlt-bs-2-550-gry-4pc",-4,".jpg","hb-tlt-bs-2-550-gry-4pc-4.jpg"]
["HB-TLT-BS-2-550-GRY-6PC","hb-tlt-bs-2-550-gry-6pc",-4,".jpg","hb-tlt-bs-2-550-gry-6pc-4.jpg"]
["HB-TLT-BS-2-550-GRY-8PC","hb-tlt-bs-2-550-gry-8pc",-4,".jpg","hb-tlt-bs-2-550-gry-8pc-4.jpg"]
["HB-TLT-BS-2-550-SND","hb-tlt-bs-2-550-snd",-4,".jpg","hb-tlt-bs-2-550-snd-4.jpg"]
["HB-TLT-BS-2-550-SND-2PC","hb-tlt-bs-2-550-snd-2pc",-4,".jpg","hb-tlt-bs-2-550-snd-2pc-4.jpg"]
["HB-TLT-BS-2-550-SND-4PC","hb-tlt-bs-2-550-snd-4pc",-4,".jpg","hb-tlt-bs-2-550-snd-4pc-4.jpg"]
["HB-TLT-BS-2-550-SND-6PC","hb-tlt-bs-2-550-snd-6pc",-4,".jpg","hb-tlt-bs-2-550-snd-6pc-4.jpg"]
["HB-TLT-BS-2-550-SND-8PC","hb-tlt-bs-2-550-snd-8pc",-4,".jpg","hb-tlt-bs-2-550-snd-8pc-4.jpg"]
["HB-TLT-BS-2-550-BLK","hb-tlt-bs-2-550-blk",-4,".jpg","hb-tlt-bs-2-550-blk-4.jpg"]
["HB-TLT-BS-2-550-BLK-2PC","hb-tlt-bs-2-550-blk-2pc",-4,".jpg","hb-tlt-bs-2-550-blk-2pc-4.jpg"]
["HB-TLT-BS-2-550-BLK-4PC","hb-tlt-bs-2-550-blk-4pc",-4,".jpg","hb-tlt-bs-2-550-blk-4pc-4.jpg"]
["HB-TLT-BS-2-550-BLK-6PC","hb-tlt-bs-2-550-blk-6pc",-4,".jpg","hb-tlt-bs-2-550-blk-6pc-4.jpg"]
["HB-TLT-BS-2-550-BLK-8PC","hb-tlt-bs-2-550-blk-8pc",-4,".jpg","hb-tlt-bs-2-550-blk-8pc-4.jpg"]
["HB-TLT-BS-2-550-OR","hb-tlt-bs-2-550-or",-4,".jpg","hb-tlt-bs-2-550-or-4.jpg"]
["HB-TLT-BS-2-550-OR-2PC","hb-tlt-bs-2-550-or-2pc",-4,".jpg","hb-tlt-bs-2-550-or-2pc-4.jpg"]
["HB-TLT-BS-2-550-OR-4PC","hb-tlt-bs-2-550-or-4pc",-4,".jpg","hb-tlt-bs-2-550-or-4pc-4.jpg"]
["HB-TLT-BS-2-550-OR-6PC","hb-tlt-bs-2-550-or-6pc",-4,".jpg","hb-tlt-bs-2-550-or-6pc-4.jpg"]
["HB-TLT-BS-2-550-OR-8PC","hb-tlt-bs-2-550-or-8pc",-4,".jpg","hb-tlt-bs-2-550-or-8pc-4.jpg"]
["HB-TLT-BT-4-650","hb-tlt-bt-4-650",-4,".jpg","hb-tlt-bt-4-650-4.jpg"]
["HB-TLT-BT-4-650-WH-4PC","hb-tlt-bt-4-650-wh-4pc",-4,".jpg","hb-tlt-bt-4-650-wh-4pc-4.jpg"]
["HB-TLT-BT-4-650-WH-8PC","hb-tlt-bt-4-650-wh-8pc",-4,".jpg","hb-tlt-bt-4-650-wh-8pc-4.jpg"]
["HB-TLT-BT-4-650-NBLE-4PC","hb-tlt-bt-4-650-nble-4pc",-4,".jpg","hb-tlt-bt-4-650-nble-4pc-4.jpg"]
["HB-TLT-BT-4-650-NBLE-8PC","hb-tlt-bt-4-650-nble-8pc",-4,".jpg","hb-tlt-bt-4-650-nble-8pc-4.jpg"]
["HB-TLT-BT-4-650-GRY-4PC","hb-tlt-bt-4-650-gry-4pc",-4,".jpg","hb-tlt-bt-4-650-gry-4pc-4.jpg"]
["HB-TLT-BT-4-650-GRY-8PC","hb-tlt-bt-4-650-gry-8pc",-4,".jpg","hb-tlt-bt-4-650-gry-8pc-4.jpg"]
["HB-TLT-BT-4-650-SND-4PC","hb-tlt-bt-4-650-snd-4pc",-4,".jpg","hb-tlt-bt-4-650-snd-4pc-4.jpg"]
["HB-TLT-BT-4-650-SND-8PC","hb-tlt-bt-4-650-snd-8pc",-4,".jpg","hb-tlt-bt-4-650-snd-8pc-4.jpg"]
["HB-TLT-BT-4-650-BLK-4PC","hb-tlt-bt-4-650-blk-4pc",-4,".jpg","hb-tlt-bt-4-650-blk-4pc-4.jpg"]
["HB-TLT-BT-4-650-BLK-8PC","hb-tlt-bt-4-650-blk-8pc",-4,".jpg","hb-tlt-bt-4-650-blk-8pc-4.jpg"]
["HB-TLT-BT-4-650-OR-4PC","hb-tlt-bt-4-650-or-4pc",-4,".jpg","hb-tlt-bt-4-650-or-4pc-4.jpg"]
["HB-TLT-BT-4-650-OR-8PC","hb-tlt-bt-4-650-or-8pc",-4,".jpg","hb-tlt-bt-4-650-or-8pc-4.jpg"]
["HB-TLT-BT-4-475-WH","hb-tlt-bt-4-475-wh",-4,".jpg","hb-tlt-bt-4-475-wh-4.jpg"]
["HB-TLT-BT-4-475-WH-4PC","hb-tlt-bt-4-475-wh-4pc",-4,".jpg","hb-tlt-bt-4-475-wh-4pc-4.jpg"]
["HB-TLT-BT-4-475-WH-8PC","hb-tlt-bt-4-475-wh-8pc",-4,".jpg","hb-tlt-bt-4-475-wh-8pc-4.jpg"]
["HB-TLT-BT-4-475-WH-12PC","hb-tlt-bt-4-475-wh-12pc",-4,".jpg","hb-tlt-bt-4-475-wh-12pc-4.jpg"]
["HB-TLT-BM-6-650-WH","hb-tlt-bm-6-650-wh",-4,".jpg","hb-tlt-bm-6-650-wh-4.jpg"]
["HB-TLT-BM-6-650-WH-6PC","hb-tlt-bm-6-650-wh-6pc",-4,".jpg","hb-tlt-bm-6-650-wh-6pc-4.jpg"]
["HB-TLT-BM-6-650-WH-12PC","hb-tlt-bm-6-650-wh-12pc",-4,".jpg","hb-tlt-bm-6-650-wh-12pc-4.jpg"]
["HB-TLT-BM-6-650-WH-18PC","hb-tlt-bm-6-650-wh-18pc",-4,".jpg","hb-tlt-bm-6-650-wh-18pc-4.jpg"]
["HB-TLT-HT-6-650-WH","hb-tlt-ht-6-650-wh",-4,".jpg","hb-tlt-ht-6-650-wh-4.jpg"]
["HB-TLT-HT-6-650-WH-6PC","hb-tlt-ht-6-650-wh-6pc",-4,".jpg","hb-tlt-ht-6-650-wh-6pc-4.jpg"]
["HB-TLT-HT-6-650-WH-12","hb-tlt-ht-6-650-wh-12",-4,".jpg","hb-tlt-ht-6-650-wh-12-4.jpg"]
["HB-TLT-HT-6-650-WH-18","hb-tlt-ht-6-650-wh-18",-4,".jpg","hb-tlt-ht-6-650-wh-18-4.jpg"]
["HB-TLT-HT-6-475-WH","hb-tlt-ht-6-475-wh",-4,".jpg","hb-tlt-ht-6-475-wh-4.jpg"]
["HB-TLT-HT-6-475-WH-6PC","hb-tlt-ht-6-475-wh-6pc",-4,".jpg","hb-tlt-ht-6-475-wh-6pc-4.jpg"]
["HB-TLT-HT-6-475-WH-12PC","hb-tlt-ht-6-475-wh-12pc",-4,".jpg","hb-tlt-ht-6-475-wh-12pc-4.jpg"]
["HB-TLT-HT-6-475-WH-18PC","hb-tlt-ht-6-475-wh-18pc",-4,".jpg","hb-tlt-ht-6-475-wh-18pc-4.jpg"]
["HB-TLT-WC-6-650-WH-P","hb-tlt-wc-6-650-wh-p",-4,".jpg","hb-tlt-wc-6-650-wh-p-4.jpg"]
["HB-TLT-WC-6-650-WH-P-6PC","hb-tlt-wc-6-650-wh-p-6pc",-4,".jpg","hb-tlt-wc-6-650-wh-p-6pc-4.jpg"]
["HB-TLT-WC-6-650-WH-P-12PC","hb-tlt-wc-6-650-wh-p-12pc",-4,".jpg","hb-tlt-wc-6-650-wh-p-12pc-4.jpg"]
["HB-TLT-WC-6-650-WH-P-18PC","hb-tlt-wc-6-650-wh-p-18pc",-4,".jpg","hb-tlt-wc-6-650-wh-p-18pc-4.jpg"]
["HB-TLT-WC-6-650-WH-D","hb-tlt-wc-6-650-wh-d",-4,".jpg","hb-tlt-wc-6-650-wh-d-4.jpg"]
["HB-TLT-WC-6-650-WH-D-6PC","hb-tlt-wc-6-650-wh-d-6pc",-4,".jpg","hb-tlt-wc-6-650-wh-d-6pc-4.jpg"]
["HB-TLT-WC-6-650-WH-D-12PC",{"$f":"LOWER(A66)","v":"hb-tlt-wc-6-650-wh-d-12pc"},-4,".jpg",{"$f":"CONCATENATE(B66,C66,D66)","v":"hb-tlt-wc-6-650-wh-d-12pc-4.jpg"}]
["HB-TLT-WC-6-650-WH-D-18PC","hb-tlt-wc-6-650-wh-d-18pc",-4,".jpg","hb-tlt-wc-6-650-wh-d-18pc-4.jpg"]
["HB-TLT-HT-6-290-WH","hb-tlt-ht-6-290-wh",-4,".jpg","hb-tlt-ht-6-290-wh-4.jpg"]
["HB-TLT-HT-6-290-WH-6PC","hb-tlt-ht-6-290-wh-6pc",-4,".jpg","hb-tlt-ht-6-290-wh-6pc-4.jpg"]
["HB-TLT-HT-6-290-WH-12PC","hb-tlt-ht-6-290-wh-12pc",-4,".jpg","hb-tlt-ht-6-290-wh-12pc-4.jpg"]
["HB-TLT-HT-6-290-WH-18PC","hb-tlt-ht-6-290-wh-18pc",-4,".jpg","hb-tlt-ht-6-290-wh-18pc-4.jpg"]

{"sheet":"Dropdown Lists","index":15,"n_rows":869,"n_cols":91,"rows_kept":869,"cut":false,"hidden":true,"merged":[]}
["","","","","","","","","","","","","","","","","","","","","","","","","","","","","","","","","","","","","","","","","","","","","","","","","","","","","","","","","","","","","","","","","","","","","","","","","","","","","","","","","","","","","","","","","","",""]
["bedandbath","bedandbath","bedandbath","bedandbath","bedandbath","bedandbath","bedandbath","bedandbath","bedandbath","bedandbath","bedandbath","bedandbath","bedandbath","bedandbath","bedandbath","bedandbath","bedandbath","bedandbath","bedandbath","bedandbath","bedandbath","bedandbath","bedandbath","bedandbath","bedandbath","bedandbath","bedandbath","bedandbath","bedandbath","bedandbath","bedandbath","bedandbath","bedandbath","bedandbath","bedandbath","bedandbath","bedandbath","bedandbath","bedandbath","bedandbath","bedandbath","bedandbath","bedandbath","bedandbath","bedandbath","bedandbath","bedandbath","bedandbath","bedandbath","bedandbath","bedandbath","bedandbath","bedandbath","bedandbath","bedandbath","bedandbath","bedandbath","bedandbath","bedandbath","bedandbath","bedandbath","bedandbath","bedandbath","bedandbath","bedandbath","bedandbath","bedandbath","bedandbath","bedandbath",null,"bedandbath","bedandbath","bedandbath","bedandbath","bedandbath","bedandbath",null,"bedandbath","bedandbath","bedandbath","bedandbath","bedandbath","bedandbath","bedandbath","bedandbath",null,null,null,"bedandbath","bedandbath","bedandbath"]
["style_name","item_display_height_unit_of_measure","relationship_type","california_proposition_65_chemical_names5","california_proposition_65_chemical_names4","item_display_width_unit_of_measure","california_proposition_65_chemical_names3","country_of_origin","california_proposition_65_chemical_names2","california_proposition_65_chemical_names1","scent_name","volume_capacity_name_unit_of_measure","lithium_battery_packaging","external_product_id_type","variation_theme","closure_type","special_features1","special_features2","special_features3","special_features4","special_features5","wattage_unit_of_measure","supplier_declared_dg_hz_regulation1","supplier_declared_dg_hz_regulation2","supplier_declared_dg_hz_regulation3","supplier_declared_dg_hz_regulation4","supplier_declared_dg_hz_regulation5","batteries_required","battery_cell_composition","package_weight_unit_of_measure","update_delete","color_map","are_batteries_included","lithium_battery_voltage_unit_of_measure","size_map","cpsia_cautionary_statement","weight_recommendation_unit_of_measure","website_shipping_weight_unit_of_measure","package_dimensions_unit_of_measure","specific_uses_keywords1","specific_uses_keywords2","specific_uses_keywords3","specific_uses_keywords4","specific_uses_keywords5","material_type","item_shape","lithium_battery_weight_unit_of_measure","target_audience_keywords1","target_audience_keywords2","target_audience_keywords3","fulfillment_center_id","ghs_classification_class1","ghs_classification_class2","ghs_classification_class3","lithium_battery_energy_content_unit_of_measure","thesaurus_attribute_keywords1","thesaurus_attribute_keywords2","thesaurus_attribute_keywords3","thesaurus_attribute_keywords4","battery_type1","battery_type2","battery_type3","import_designation","condition_type","item_display_length_unit_of_measure","thesaurus_subject_keywords1","thesaurus_subject_keywords2","thesaurus_subject_keywords3","battery_weight_unit_of_measure","merchant_shipping_group_name","is_discontinued_by_manufacturer","included_components","item_weight_unit_of_measure","item_volume_unit_of_measure","pricing_action","country_string","brand_name","parent_child","item_display_weight_unit_of_measure","country_as_labeled","california_proposition_65_compliance_type","item_dimensions_unit_of_measure","quantity_price_type","pattern_name","product_tax_code","feed_product_type","batteries_required","are_batteries_included","batteries_required","are_batteries_included","item_type"]
["Antique","FT","Accessory","Butyl benzyl phthalate (BBP)d","Butyl benzyl phthalate (BBP)d","FT","Butyl benzyl phthalate (BBP)d","Puerto Rico","Butyl benzyl phthalate (BBP)d","Butyl benzyl phthalate (BBP)d","Aromatherapy","centiliters","batteries_packed_with_equipment","GTIN","size-displaywidth","Round Classic Ring","Bagged","Bagged","Bagged","Bagged","Bagged","volts","GHS","GHS","GHS","GHS","GHS","True","lithium_ion","LB","Update","Beige","True","volts","Large","ChokingHazardIsAMarble","LB","LB","FT","Business Gifts","Business Gifts","Business Gifts","Business Gifts","Business Gifts","Aluminum","Oval","LB","adults","adults","adults","AMAZON_NA","explosive","explosive","explosive","watt_hours","Behind-the-Neck Feature","Behind-the-Neck Feature","Behind-the-Neck Feature","Behind-the-Neck Feature","battery_type_aa","battery_type_aa","battery_type_aa","Imported","Collectible - Very Good","FT","Winter","Winter","Winter","LB","BB Template","True","Batteries included","LB","centiliters","delete business_price","Afghanistan","Onitiva Blanket","Parent","LB","Puerto Rico","Alcoholic Beverage","FT","Fixed","Bordered","A_GEN_NOTAX","bedandbath","TRUE","TRUE","TRUE","TRUE","towel-sets"]
["Art Deco","IN","Variation","Di(2-ethylhexyl)phthalate (DEHP)","Di(2-ethylhexyl)phthalate (DEHP)","IN","Di(2-ethylhexyl)phthalate (DEHP)","Palestinian Territory","Di(2-ethylhexyl)phthalate (DEHP)","Di(2-ethylhexyl)phthalate (DEHP)","Festive","liter","batteries_contained_in_equipment","EAN","itempackagequantity-displayheight","Hook & Eye","Bagless","Bagless","Bagless","Bagless","Bagless","Watts","Storage","Storage","Storage","Storage","Storage","False","polymer","OZ","PartialUpdate","Black","False","microvolts","Medium","ChokingHazardContainsSmallBall","OZ","OZ","IN","Entertainment","Entertainment","Entertainment","Entertainment","Entertainment","Bamboo","Rectangular","OZ","babies","babies","babies","DEFAULT","flammable","flammable","flammable",null,"Color Display Feature","Color Display Feature","Color Display Feature","Color Display Feature","battery_type_aaa","battery_type_aaa","battery_type_aaa","Made in USA","Used - Good","IN","Autumn","Autumn","Autumn","OZ","WKUS Template","False","Bulb included","OZ","liter",null,"Aland Islands","BLANCHO BEDDING","Child","OZ","Palestinian Territory","Chemical","IN","Percent","Checkered",null,null,"FALSE","FALSE","FALSE","FALSE","hand-towels"]
["Asian","CM","Accessory","Di-isodecyl phthalate (DIDP)","Di-isodecyl phthalate (DIDP)","CM","Di-isodecyl phthalate (DIDP)","Portugal","Di-isodecyl phthalate (DIDP)","Di-isodecyl phthalate (DIDP)","Floral","quart","batteries_only","GCID","colorsize","Square Classic Ring","Blackout","Blackout","Blackout","Blackout","Blackout","kilowatts","Waste","Waste","Waste","Waste","Waste",null,"silver_oxide","KG","Delete","Blue",null,"kilovolts","Small","ContainsSmallMagnets","KG","KG","CM","Automobiles","Automobiles","Automobiles","Automobiles","Automobiles","Bamboo-derived rayon","Round","KG","baby-boys","baby-boys","baby-boys",null,"oxidizing","oxidizing","oxidizing",null,"Microphone Feature","Microphone Feature","Microphone Feature","Microphone Feature","battery_type_lithium_ion","battery_type_lithium_ion","battery_type_lithium_ion","Made in USA and Imported","Club","CM","Fathers Day","Fathers Day","Fathers Day","KG","WK Template",null,"Fan Blade included","KG","quart",null,"Albania",null,null,"KG","Portugal","Diesel Engines","CM",null,"Floral",null,null,null,null,null,null,"washcloths"]
["Baroque","MM","variation","Diisononyl phthalate (DINP)","Diisononyl phthalate (DINP)","MM","Diisononyl phthalate (DINP)","Palau","Diisononyl phthalate (DINP)","Diisononyl phthalate (DINP)","Food","fluid-oz",null,"ISBN","Color","Flat Solid Buckle","Blinking","Blinking","Blinking","Blinking","Blinking",null,"Not Applicable","Not Applicable","Not Applicable","Not Applicable","Not Applicable",null,"alkaline","MG",null,"Brown",null,"millivolts","X-Large","ChokingHazardContainsAMarble","MG","MG","MM","Microphone Feature","Microphone Feature","Microphone Feature","Microphone Feature","Microphone Feature","Beech","Square","MG","baby-girls","baby-girls","baby-girls",null,"compressed_gas","compressed_gas","compressed_gas",null,"Mini Sized","Mini Sized","Mini Sized","Mini Sized","battery_type_a","battery_type_a","battery_type_a","Made in USA or Imported","Collectible - Acceptable","MM","Summer","Summer","Summer","MG","Swatch",null,"Includes 1 leaf","MG","fluid-oz",null,"Algeria",null,null,"MG","Palau","Food","MM",null,"Geometric"]
["Cape Cod","M",null,"Di-n-butyl phthalate (DBP)","Di-n-butyl phthalate (DBP)","M","Di-n-butyl phthalate (DBP)","Paraguay","Di-n-butyl phthalate (DBP)","Di-n-butyl phthalate (DBP)","Fresh","imperial_gallons",null,"UPC","color-displaylength","Double D Ring","Cord Rewind","Cord Rewind","Cord Rewind","Cord Rewind","Cord Rewind",null,"Transportation","Transportation","Transportation","Transportation","Transportation",null,"lithium_manganese_dioxide","GR",null,"Clear",null,"nanovolts","X-Small","ChokingHazardIsASmallBall","GR","GR","M","Mini Sized","Mini Sized","Mini Sized","Mini Sized","Mini Sized","Birch",null,"GR","boys","boys","boys",null,"corrosive","corrosive","corrosive",null,"Computer Accessory Attributes","Computer Accessory Attributes","Computer Accessory Attributes","Computer Accessory Attributes","battery_type_cr2","battery_type_cr2","battery_type_cr2",null,"Collectible - Like New","M","Spring","Spring","Spring","GR","Free",null,"Includes 2 leaves","GR","imperial_gallons",null,"American Samoa",null,null,"GR","Paraguay","Furniture","M",null,"Gingham"]
["Casual",null,null,"Di-n-hexyl phthalate (DnHP)","Di-n-hexyl phthalate (DnHP)",null,"Di-n-hexyl phthalate (DnHP)","Qatar","Di-n-hexyl phthalate (DnHP)","Di-n-hexyl phthalate (DnHP)","Fruit","ounce",null,"ASIN","displayweight","Snaps","Corded","Corded","Corded","Corded","Corded",null,"Other","Other","Other","Other","Other",null,"manganese",null,null,"Gold",null,null,"XX-Large","ChokingHazardBalloon",null,null,null,"Portable","Portable","Portable","Portable","Portable","Brass",null,null,"children","children","children",null,"toxic","toxic","toxic",null,"Portable","Portable","Portable","Portable","battery_type_c","battery_type_c","battery_type_c",null,"Used - Like New",null,"Mothers Day","Mothers Day","Mothers Day",null,"DAME",null,"Includes 3 leaves",null,"ounce",null,"Andorra",null,null,null,"Qatar","On Product Cancer",null,null,"Moire"]
["Chinese",null,null,"Formaldehyde (gas)","Formaldehyde (gas)",null,"Formaldehyde (gas)","Andorra","Formaldehyde (gas)","Formaldehyde (gas)","Scented","liter",null,null,"displayweight-material","D Ring","Cordless","Cordless","Cordless","Cordless","Cordless",null,"Unknown","Unknown","Unknown","Unknown","Unknown",null,"lithium_polymer",null,null,"Green",null,null,"XX-Small","NoWarningApplicable",null,null,null,"Travel","Travel","Travel","Travel","Travel","Bronze",null,null,"girls","girls","girls",null,"irritant","irritant","irritant",null,"Travel","Travel","Travel","Travel","battery_type_d","battery_type_d","battery_type_d",null,"Collectible - Good",null,"Digital Video Recorders","Digital Video Recorders","Digital Video Recorders",null,"MJ Template",null,"Includes 4 leaves",null,"liter",null,"Angola",null,null,null,"Andorra","On Product Combined Cancer Reproductive",null,null,"Paisley"]
["Colonial",null,null,"Lead","Lead",null,"Lead","United Arab Emirates","Lead","Lead","Spice","milliliter",null,null,"color-itempackagequantity",null,"Cyclonic","Cyclonic","Cyclonic","Cyclonic","Cyclonic",null,null,null,null,null,null,null,"sealed_lead_acid",null,null,"Grey",null,null,"XXX-Large","ChokingHazardSmallParts",null,null,null,"Kitchen","Kitchen","Kitchen","Kitchen","Kitchen","Cashmere",null,null,"men","men","men",null,"health_hazard","health_hazard","health_hazard",null,"Handheld Sized","Handheld Sized","Handheld Sized","Handheld Sized","battery_type_cr5","battery_type_cr5","battery_type_cr5",null,"New",null,null,null,null,null,"Bedding Template",null,"Light kit inlcuded",null,"milliliter",null,"Anguilla",null,null,null,"United Arab Emirates","On Product Reproductive",null,null,"Patchwork"]
["Contemporary",null,null,"Lead acetate","Lead acetate",null,"Lead acetate","Afghanistan","Lead acetate","Lead acetate","Unscented","cubic_feet",null,null,"displayheight",null,"HEPA Filtration","HEPA Filtration","HEPA Filtration","HEPA Filtration","HEPA Filtration",null,null,null,null,null,null,null,"NiCAD",null,null,"Ivory",null,null,"XXX-Small",null,null,null,null,"Outdoor","Outdoor","Outdoor","Outdoor","Outdoor","Cast Iron",null,null,"seniors","seniors","seniors",null,"environmentally_damaging","environmentally_damaging","environmentally_damaging",null,"Stereo Feature","Stereo Feature","Stereo Feature","Stereo Feature","battery_type_aaaa","battery_type_aaaa","battery_type_aaaa",null,"Used - Very Good",null,null,null,null,null,null,null,"Shade included",null,"cubic_feet",null,"Antarctica",null,null,null,"Afghanistan","Passenger or Off Road Vehicle",null,null,"Plaid"]
["Cottage",null,null,"Lead and lead compounds","Lead and lead compounds",null,"Lead and lead compounds","Antigua And Barbuda","Lead and lead compounds","Lead and lead compounds",null,"cubic_centimeters",null,null,"Size-Scent",null,"Headlight","Headlight","Headlight","Headlight","Headlight",null,null,null,null,null,null,null,"lithium_metal",null,null,"Multi",null,null,"XXXX-Large",null,null,null,null,"Indoor Outdoor","Indoor Outdoor","Indoor Outdoor","Indoor Outdoor","Indoor Outdoor","Cedar",null,null,"teen-boys","teen-boys","teen-boys",null,"amzn_specific_no_label_with_warning","amzn_specific_no_label_with_warning","amzn_specific_no_label_with_warning",null,"MP3 Feature","MP3 Feature","MP3 Feature","MP3 Feature","battery_type_p76","battery_type_p76","battery_type_p76",null,"Used - Acceptable",null,null,null,null,null,null,null,null,null,"cubic_centimeters",null,"Antigua & Barbuda",null,null,null,"Antigua And Barbuda","Raw Wood",null,null,"Polka Dot"]
["Country Rustic",null,null,"Lead phosphate","Lead phosphate",null,"Lead phosphate","Anguilla","Lead phosphate","Lead phosphate",null,"cubic_meters",null,null,"material-displayheight",null,"Lined","Lined","Lined","Lined","Lined",null,null,null,null,null,null,null,"NiMh",null,null,"Orange",null,null,"XXXX-Small",null,null,null,null,"Indoor","Indoor","Indoor","Indoor","Indoor","Chenille",null,null,"teen-girls","teen-girls","teen-girls",null,null,null,null,null,"Wireless Feature","Wireless Feature","Wireless Feature","Wireless Feature","battery_type_product_specific","battery_type_product_specific","battery_type_product_specific",null,null,null,null,null,null,null,null,null,null,null,"cubic_meters",null,"Argentina",null,null,null,"Anguilla","Recreational Vessel",null,null,"Solid"]
["Eclectic",null,null,"Lead subacetate","Lead subacetate",null,"Lead subacetate","Albania","Lead subacetate","Lead subacetate",null,"pint",null,null,"Length",null,"Pet Tools","Pet Tools","Pet Tools","Pet Tools","Pet Tools",null,null,null,null,null,null,null,"lead_calcium",null,null,"Pink",null,null,"XXXXX-Large",null,null,null,null,"Aircraft","Aircraft","Aircraft","Aircraft","Aircraft","Cherry",null,null,"teens","teens","teens",null,null,null,null,null,"AM-FM Radio Feature","AM-FM Radio Feature","AM-FM Radio Feature","AM-FM Radio Feature","battery_type_lithium_metal","battery_type_lithium_metal","battery_type_lithium_metal",null,null,null,null,null,null,null,null,null,null,null,"pint",null,"Armenia",null,null,null,"Albania",null,null,null,"Striped"]
["English",null,null,"1-(2-Chloroethyl)-3-(4-methylcyclohexyl)-1-nitrosourea (Methyl-CCNU)","1-(2-Chloroethyl)-3-(4-methylcyclohexyl)-1-nitrosourea (Methyl-CCNU)",null,"1-(2-Chloroethyl)-3-(4-methylcyclohexyl)-1-nitrosourea (Methyl-CCNU)","Armenia","1-(2-Chloroethyl)-3-(4-methylcyclohexyl)-1-nitrosourea (Methyl-CCNU)","1-(2-Chloroethyl)-3-(4-methylcyclohexyl)-1-nitrosourea (Methyl-CCNU)",null,"cubic_yards",null,null,"material-displaywidth",null,"Prelit","Prelit","Prelit","Prelit","Prelit",null,null,null,null,null,null,null,"aluminum_oxygen",null,null,"Purple",null,null,"XXXXX-Small",null,null,null,null,"Home","Home","Home","Home","Home","Chrome",null,null,"toddler-boys","toddler-boys","toddler-boys",null,null,null,null,null,"USB Memory Feature","USB Memory Feature","USB Memory Feature","USB Memory Feature","battery_type_cr123a","battery_type_cr123a","battery_type_cr123a",null,null,null,null,null,null,null,null,null,null,null,"cubic_yards",null,"Aruba",null,null,null,"Armenia"]
["French",null,null,"1-(2-Chloroethyl)-3-cyclohexyl-1-nitrosourea (CCNU) (Lomustine)","1-(2-Chloroethyl)-3-cyclohexyl-1-nitrosourea (CCNU) (Lomustine)",null,"1-(2-Chloroethyl)-3-cyclohexyl-1-nitrosourea (CCNU) (Lomustine)","Netherlands Antilles","1-(2-Chloroethyl)-3-cyclohexyl-1-nitrosourea (CCNU) (Lomustine)","1-(2-Chloroethyl)-3-cyclohexyl-1-nitrosourea (CCNU) (Lomustine)",null,"gallon",null,null,"displayweight-displayheight",null,"Seasonal lights","Seasonal lights","Seasonal lights","Seasonal lights","Seasonal lights",null,null,null,null,null,null,null,"zinc",null,null,"Red",null,null,null,null,null,null,null,null,null,null,null,null,"Copper",null,null,"toddler-girls","toddler-girls","toddler-girls",null,null,null,null,null,null,null,null,null,"battery_type_12v","battery_type_12v","battery_type_12v",null,null,null,null,null,null,null,null,null,null,null,"gallon",null,"Australia",null,null,null,"Netherlands Antilles"]
["French Country",null,null,"1,1,1,2-Tetrachloroethane","1,1,1,2-Tetrachloroethane",null,"1,1,1,2-Tetrachloroethane","Angola","1,1,1,2-Tetrachloroethane","1,1,1,2-Tetrachloroethane",null,"gallon",null,null,"displaywidth-displayheight",null,"Self-Propelled","Self-Propelled","Self-Propelled","Self-Propelled","Self-Propelled",null,null,null,null,null,null,null,"lead_acid",null,null,"Silver",null,null,null,null,null,null,null,null,null,null,null,null,"Cotton",null,null,"toddlers","toddlers","toddlers",null,null,null,null,null,null,null,null,null,"battery_type_9v","battery_type_9v","battery_type_9v",null,null,null,null,null,null,null,null,null,null,null,"gallon",null,"Austria",null,null,null,"Angola"]
["Garden",null,null,"1,1,2,2-Tetrachloroethane","1,1,2,2-Tetrachloroethane",null,"1,1,2,2-Tetrachloroethane","Antarctica","1,1,2,2-Tetrachloroethane","1,1,2,2-Tetrachloroethane",null,"cubic_inches",null,null,"Scent",null,"Trees, Wreaths & Garlands","Trees, Wreaths & Garlands","Trees, Wreaths & Garlands","Trees, Wreaths & Garlands","Trees, Wreaths & Garlands",null,null,null,null,null,null,null,null,null,null,"White",null,null,null,null,null,null,null,null,null,null,null,null,"Denim",null,null,"unisex-adult","unisex-adult","unisex-adult",null,null,null,null,null,null,null,null,null,null,null,null,null,null,null,null,null,null,null,null,null,null,null,"cubic_inches",null,"Azerbaijan",null,null,null,"Antarctica"]
["Italianate",null,null,"1,1-Dichloro-2,2-bis(p-chloropheny)ethylene (DDE)","1,1-Dichloro-2,2-bis(p-chloropheny)ethylene (DDE)",null,"1,1-Dichloro-2,2-bis(p-chloropheny)ethylene (DDE)","Argentina","1,1-Dichloro-2,2-bis(p-chloropheny)ethylene (DDE)","1,1-Dichloro-2,2-bis(p-chloropheny)ethylene (DDE)",null,"ounce",null,null,"color-displayheight",null,"Unlit","Unlit","Unlit","Unlit","Unlit",null,null,null,null,null,null,null,null,null,null,"Yellow",null,null,null,null,null,null,null,null,null,null,null,null,"Down & Feather-Fill",null,null,"unisex-baby","unisex-baby","unisex-baby",null,null,null,null,null,null,null,null,null,null,null,null,null,null,null,null,null,null,null,null,null,null,null,"ounce",null,"Bahamas",null,null,null,"Argentina"]
["Japanese",null,null,"1,1-Dichloroethane","1,1-Dichloroethane",null,"1,1-Dichloroethane","American Samoa","1,1-Dichloroethane","1,1-Dichloroethane",null,"cup",null,null,"widthrange",null,"Vacuums","Vacuums","Vacuums","Vacuums","Vacuums",null,null,null,null,null,null,null,null,null,null,null,null,null,null,null,null,null,null,null,null,null,null,null,"Elm",null,null,"unisex-children","unisex-children","unisex-children",null,null,null,null,null,null,null,null,null,null,null,null,null,null,null,null,null,null,null,null,null,null,null,"cup",null,"Bahrain",null,null,null,"American Samoa"]
["Latin",null,null,"1,1-Dimethylhydrazine (UDMH)","1,1-Dimethylhydrazine (UDMH)",null,"1,1-Dimethylhydrazine (UDMH)","Austria","1,1-Dimethylhydrazine (UDMH)","1,1-Dimethylhydrazine (UDMH)",null,"cup",null,null,"displayweight-itempackagequantity",null,"Window Treatments","Window Treatments","Window Treatments","Window Treatments","Window Treatments",null,null,null,null,null,null,null,null,null,null,null,null,null,null,null,null,null,null,null,null,null,null,null,"Fabric",null,null,"unisex-teen","unisex-teen","unisex-teen",null,null,null,null,null,null,null,null,null,null,null,null,null,null,null,null,null,null,null,null,null,null,null,"cup",null,"Bangladesh",null,null,null,"Austria"]
["Lodge",null,null,"1,2,3-Trichloropropane","1,2,3-Trichloropropane",null,"1,2,3-Trichloropropane","Reunion","1,2,3-Trichloropropane","1,2,3-Trichloropropane",null,null,null,null,"material-displaylength",null,null,null,null,null,null,null,null,null,null,null,null,null,null,null,null,null,null,null,null,null,null,null,null,null,null,null,null,null,"Flannel",null,null,"unisex-toddler","unisex-toddler","unisex-toddler",null,null,null,null,null,null,null,null,null,null,null,null,null,null,null,null,null,null,null,null,null,null,null,null,null,"Barbados",null,null,null,"Reunion"]
["Mediterranean",null,null,"1,2-Dibromo-3-chloropropane (DBCP)","1,2-Dibromo-3-chloropropane (DBCP)",null,"1,2-Dibromo-3-chloropropane (DBCP)","Australia","1,2-Dibromo-3-chloropropane (DBCP)","1,2-Dibromo-3-chloropropane (DBCP)",null,null,null,null,"itempackagequantity-material",null,null,null,null,null,null,null,null,null,null,null,null,null,null,null,null,null,null,null,null,null,null,null,null,null,null,null,null,null,"Fleece",null,null,"women","women","women",null,null,null,null,null,null,null,null,null,null,null,null,null,null,null,null,null,null,null,null,null,null,null,null,null,"Belarus",null,null,null,"Australia"]
["Mission",null,null,"1,2-Dichloropropane","1,2-Dichloropropane",null,"1,2-Dichloropropane","Aruba","1,2-Dichloropropane","1,2-Dichloropropane",null,null,null,null,"size-displaylength",null,null,null,null,null,null,null,null,null,null,null,null,null,null,null,null,null,null,null,null,null,null,null,null,null,null,null,null,null,"Glass",null,null,null,null,null,null,null,null,null,null,null,null,null,null,null,null,null,null,null,null,null,null,null,null,null,null,null,null,null,null,"Belgium",null,null,null,"Aruba"]
["Modern",null,null,"1,2-Diethylhydrazine","1,2-Diethylhydrazine",null,"1,2-Diethylhydrazine","Aland Islands","1,2-Diethylhydrazine","1,2-Diethylhydrazine",null,null,null,null,"lengthrange",null,null,null,null,null,null,null,null,null,null,null,null,null,null,null,null,null,null,null,null,null,null,null,null,null,null,null,null,null,"Hardwood",null,null,null,null,null,null,null,null,null,null,null,null,null,null,null,null,null,null,null,null,null,null,null,null,null,null,null,null,null,null,"Belize",null,null,null,"Aland Islands"]
["Moroccan",null,null,"1,2-Dimethylhydrazine","1,2-Dimethylhydrazine",null,"1,2-Dimethylhydrazine","Azerbaijan","1,2-Dimethylhydrazine","1,2-Dimethylhydrazine",null,null,null,null,"widthrange-lengthrange",null,null,null,null,null,null,null,null,null,null,null,null,null,null,null,null,null,null,null,null,null,null,null,null,null,null,null,null,null,"Jersey",null,null,null,null,null,null,null,null,null,null,null,null,null,null,null,null,null,null,null,null,null,null,null,null,null,null,null,null,null,null,"Benin",null,null,null,"Azerbaijan"]
["Old World",null,null,"1,3-Butadiene","1,3-Butadiene",null,"1,3-Butadiene","Romania","1,3-Butadiene","1,3-Butadiene",null,null,null,null,"size-displayweight",null,null,null,null,null,null,null,null,null,null,null,null,null,null,null,null,null,null,null,null,null,null,null,null,null,null,null,null,null,"Leather",null,null,null,null,null,null,null,null,null,null,null,null,null,null,null,null,null,null,null,null,null,null,null,null,null,null,null,null,null,null,"Bermuda",null,null,null,"Romania"]
["Scandinavian",null,null,"1,3-Dichloro-2-propanol (1,3-DCP)","1,3-Dichloro-2-propanol (1,3-DCP)",null,"1,3-Dichloro-2-propanol (1,3-DCP)","Bosnia and Herzegovina","1,3-Dichloro-2-propanol (1,3-DCP)","1,3-Dichloro-2-propanol (1,3-DCP)",null,null,null,null,"color-displayweight",null,null,null,null,null,null,null,null,null,null,null,null,null,null,null,null,null,null,null,null,null,null,null,null,null,null,null,null,null,"Leather & Suede",null,null,null,null,null,null,null,null,null,null,null,null,null,null,null,null,null,null,null,null,null,null,null,null,null,null,null,null,null,null,"Bhutan",null,null,null,"Bosnia and Herzegovina"]
["Shabby Chic",null,null,"1,3-Dichloropropene","1,3-Dichloropropene",null,"1,3-Dichloropropene","Barbados","1,3-Dichloropropene","1,3-Dichloropropene",null,null,null,null,"color-material",null,null,null,null,null,null,null,null,null,null,null,null,null,null,null,null,null,null,null,null,null,null,null,null,null,null,null,null,null,"Mahogany",null,null,null,null,null,null,null,null,null,null,null,null,null,null,null,null,null,null,null,null,null,null,null,null,null,null,null,null,null,null,"Bolivia",null,null,null,"Barbados"]
["Shaker",null,null,"1,3-Dinitropyrene","1,3-Dinitropyrene",null,"1,3-Dinitropyrene","Serbia","1,3-Dinitropyrene","1,3-Dinitropyrene",null,null,null,null,"color-displaywidth",null,null,null,null,null,null,null,null,null,null,null,null,null,null,null,null,null,null,null,null,null,null,null,null,null,null,null,null,null,"Maple",null,null,null,null,null,null,null,null,null,null,null,null,null,null,null,null,null,null,null,null,null,null,null,null,null,null,null,null,null,null,"Bosnia & Herzegovina",null,null,null,"Serbia"]
["Southwestern",null,null,"1,3-Propane sultone","1,3-Propane sultone",null,"1,3-Propane sultone","Bangladesh","1,3-Propane sultone","1,3-Propane sultone",null,null,null,null,"ItemPackageQuantity",null,null,null,null,null,null,null,null,null,null,null,null,null,null,null,null,null,null,null,null,null,null,null,null,null,null,null,null,null,"Marble",null,null,null,null,null,null,null,null,null,null,null,null,null,null,null,null,null,null,null,null,null,null,null,null,null,null,null,null,null,null,"Botswana",null,null,null,"Bangladesh"]
["Traditional",null,null,"1,4-Butanediol dimethanesulfonate (Busulfan)","1,4-Butanediol dimethanesulfonate (Busulfan)",null,"1,4-Butanediol dimethanesulfonate (Busulfan)","Belgium","1,4-Butanediol dimethanesulfonate (Busulfan)","1,4-Butanediol dimethanesulfonate (Busulfan)",null,null,null,null,"displaylength-displayheight",null,null,null,null,null,null,null,null,null,null,null,null,null,null,null,null,null,null,null,null,null,null,null,null,null,null,null,null,null,"Memory foam",null,null,null,null,null,null,null,null,null,null,null,null,null,null,null,null,null,null,null,null,null,null,null,null,null,null,null,null,null,null,"Bouvet Island",null,null,null,"Belgium"]
["Tropical",null,null,"1,4-Dichloro-2-butene","1,4-Dichloro-2-butene",null,"1,4-Dichloro-2-butene","Russia","1,4-Dichloro-2-butene","1,4-Dichloro-2-butene",null,null,null,null,"Size",null,null,null,null,null,null,null,null,null,null,null,null,null,null,null,null,null,null,null,null,null,null,null,null,null,null,null,null,null,"Metal",null,null,null,null,null,null,null,null,null,null,null,null,null,null,null,null,null,null,null,null,null,null,null,null,null,null,null,null,null,null,"Brazil",null,null,null,"Russia"]
["Victorian",null,null,"1,4-Dioxane","1,4-Dioxane",null,"1,4-Dioxane","Burkina Faso","1,4-Dioxane","1,4-Dioxane",null,null,null,null,"Material",null,null,null,null,null,null,null,null,null,null,null,null,null,null,null,null,null,null,null,null,null,null,null,null,null,null,null,null,null,"Microfiber",null,null,null,null,null,null,null,null,null,null,null,null,null,null,null,null,null,null,null,null,null,null,null,null,null,null,null,null,null,null,"British Indian Ocean Territory",null,null,null,"Burkina Faso"]
[null,null,null,"1,6-Dinitropyrene","1,6-Dinitropyrene",null,"1,6-Dinitropyrene","Bulgaria","1,6-Dinitropyrene","1,6-Dinitropyrene",null,null,null,null,"size-displayheight",null,null,null,null,null,null,null,null,null,null,null,null,null,null,null,null,null,null,null,null,null,null,null,null,null,null,null,null,null,"Nickel",null,null,null,null,null,null,null,null,null,null,null,null,null,null,null,null,null,null,null,null,null,null,null,null,null,null,null,null,null,null,"British Virgin Islands",null,null,null,"Bulgaria"]
[null,null,null,"1,8-Dinitropyrene","1,8-Dinitropyrene",null,"1,8-Dinitropyrene","Rwanda","1,8-Dinitropyrene","1,8-Dinitropyrene",null,null,null,null,"size-material",null,null,null,null,null,null,null,null,null,null,null,null,null,null,null,null,null,null,null,null,null,null,null,null,null,null,null,null,null,"Oak",null,null,null,null,null,null,null,null,null,null,null,null,null,null,null,null,null,null,null,null,null,null,null,null,null,null,null,null,null,null,"Brunei",null,null,null,"Rwanda"]
[null,null,null,"1-[(5-Nitrofurfurylidene)-amino]-2-imidazolidinone","1-[(5-Nitrofurfurylidene)-amino]-2-imidazolidinone",null,"1-[(5-Nitrofurfurylidene)-amino]-2-imidazolidinone","Bahrain","1-[(5-Nitrofurfurylidene)-amino]-2-imidazolidinone","1-[(5-Nitrofurfurylidene)-amino]-2-imidazolidinone",null,null,null,null,"ItemPackageQuantitySize",null,null,null,null,null,null,null,null,null,null,null,null,null,null,null,null,null,null,null,null,null,null,null,null,null,null,null,null,null,"Percale",null,null,null,null,null,null,null,null,null,null,null,null,null,null,null,null,null,null,null,null,null,null,null,null,null,null,null,null,null,null,"Bulgaria",null,null,null,"Bahrain"]
[null,null,null,"1-Amino-2,4-dibromoanthraquinone","1-Amino-2,4-dibromoanthraquinone",null,"1-Amino-2,4-dibromoanthraquinone","Burundi","1-Amino-2,4-dibromoanthraquinone","1-Amino-2,4-dibromoanthraquinone",null,null,null,null,"displaylength-displaywidth",null,null,null,null,null,null,null,null,null,null,null,null,null,null,null,null,null,null,null,null,null,null,null,null,null,null,null,null,null,"Pewter",null,null,null,null,null,null,null,null,null,null,null,null,null,null,null,null,null,null,null,null,null,null,null,null,null,null,null,null,null,null,"Burkina Faso",null,null,null,"Burundi"]
[null,null,null,"1-Amino-2-methylanthraquinone","1-Amino-2-methylanthraquinone",null,"1-Amino-2-methylanthraquinone","Benin","1-Amino-2-methylanthraquinone","1-Amino-2-methylanthraquinone",null,null,null,null,"Sizename-Colorname",null,null,null,null,null,null,null,null,null,null,null,null,null,null,null,null,null,null,null,null,null,null,null,null,null,null,null,null,null,"Pine",null,null,null,null,null,null,null,null,null,null,null,null,null,null,null,null,null,null,null,null,null,null,null,null,null,null,null,null,null,null,"Burma",null,null,null,"Benin"]
[null,null,null,"1-Bromopropane (1-BP)","1-Bromopropane (1-BP)",null,"1-Bromopropane (1-BP)","Bermuda","1-Bromopropane (1-BP)","1-Bromopropane (1-BP)",null,null,null,null,"SizeName",null,null,null,null,null,null,null,null,null,null,null,null,null,null,null,null,null,null,null,null,null,null,null,null,null,null,null,null,null,"Plastic",null,null,null,null,null,null,null,null,null,null,null,null,null,null,null,null,null,null,null,null,null,null,null,null,null,null,null,null,null,null,"Burundi",null,null,null,"Bermuda"]
[null,null,null,"1-Chloro-4-nitrobenzene","1-Chloro-4-nitrobenzene",null,"1-Chloro-4-nitrobenzene","Brunei","1-Chloro-4-nitrobenzene","1-Chloro-4-nitrobenzene",null,null,null,null,"MaterialSize",null,null,null,null,null,null,null,null,null,null,null,null,null,null,null,null,null,null,null,null,null,null,null,null,null,null,null,null,null,"Polyester & Polyester Blend",null,null,null,null,null,null,null,null,null,null,null,null,null,null,null,null,null,null,null,null,null,null,null,null,null,null,null,null,null,null,"Cambodia",null,null,null,"Brunei"]
[null,null,null,"1-Hydroxyanthraquinone","1-Hydroxyanthraquinone",null,"1-Hydroxyanthraquinone","Bolivia","1-Hydroxyanthraquinone","1-Hydroxyanthraquinone",null,null,null,null,"ItemPackageQuantityColor",null,null,null,null,null,null,null,null,null,null,null,null,null,null,null,null,null,null,null,null,null,null,null,null,null,null,null,null,null,"Polyurethane",null,null,null,null,null,null,null,null,null,null,null,null,null,null,null,null,null,null,null,null,null,null,null,null,null,null,null,null,null,null,"Cameroon",null,null,null,"Bolivia"]
[null,null,null,"1-Naphthylamine","1-Naphthylamine",null,"1-Naphthylamine","Saudi Arabia","1-Naphthylamine","1-Naphthylamine",null,null,null,null,"ColorName",null,null,null,null,null,null,null,null,null,null,null,null,null,null,null,null,null,null,null,null,null,null,null,null,null,null,null,null,null,"Rattan",null,null,null,null,null,null,null,null,null,null,null,null,null,null,null,null,null,null,null,null,null,null,null,null,null,null,null,null,null,null,"Canada",null,null,null,"Saudi Arabia"]
[null,null,null,"1-Nitropyrene","1-Nitropyrene",null,"1-Nitropyrene","Solomon Islands","1-Nitropyrene","1-Nitropyrene",null,null,null,null,null,null,null,null,null,null,null,null,null,null,null,null,null,null,null,null,null,null,null,null,null,null,null,null,null,null,null,null,null,null,"Rattan & Wicker",null,null,null,null,null,null,null,null,null,null,null,null,null,null,null,null,null,null,null,null,null,null,null,null,null,null,null,null,null,null,"Canary Islands",null,null,null,"Solomon Islands"]
[null,null,null,"2-(2-Formylhydrazino)-4-(5-nitro-2-furyl)thiazole","2-(2-Formylhydrazino)-4-(5-nitro-2-furyl)thiazole",null,"2-(2-Formylhydrazino)-4-(5-nitro-2-furyl)thiazole","Brazil","2-(2-Formylhydrazino)-4-(5-nitro-2-furyl)thiazole","2-(2-Formylhydrazino)-4-(5-nitro-2-furyl)thiazole",null,null,null,null,null,null,null,null,null,null,null,null,null,null,null,null,null,null,null,null,null,null,null,null,null,null,null,null,null,null,null,null,null,null,"Recycled Material",null,null,null,null,null,null,null,null,null,null,null,null,null,null,null,null,null,null,null,null,null,null,null,null,null,null,null,null,null,null,"Cape Verde",null,null,null,"Brazil"]
[null,null,null,"2,2-Bis(bromomethyl)-1,3-propanediol","2,2-Bis(bromomethyl)-1,3-propanediol",null,"2,2-Bis(bromomethyl)-1,3-propanediol","Seychelles","2,2-Bis(bromomethyl)-1,3-propanediol","2,2-Bis(bromomethyl)-1,3-propanediol",null,null,null,null,null,null,null,null,null,null,null,null,null,null,null,null,null,null,null,null,null,null,null,null,null,null,null,null,null,null,null,null,null,null,"Rosewood",null,null,null,null,null,null,null,null,null,null,null,null,null,null,null,null,null,null,null,null,null,null,null,null,null,null,null,null,null,null,"Cayman Islands",null,null,null,"Seychelles"]
[null,null,null,"2,3,7,8-Tetrachlorodibenzo-p-dioxin (TCDD)","2,3,7,8-Tetrachlorodibenzo-p-dioxin (TCDD)",null,"2,3,7,8-Tetrachlorodibenzo-p-dioxin (TCDD)","Bahamas","2,3,7,8-Tetrachlorodibenzo-p-dioxin (TCDD)","2,3,7,8-Tetrachlorodibenzo-p-dioxin (TCDD)",null,null,null,null,null,null,null,null,null,null,null,null,null,null,null,null,null,null,null,null,null,null,null,null,null,null,null,null,null,null,null,null,null,null,"Sateen",null,null,null,null,null,null,null,null,null,null,null,null,null,null,null,null,null,null,null,null,null,null,null,null,null,null,null,null,null,null,"Central African Republic",null,null,null,"Bahamas"]
[null,null,null,"2,3-Dibromo-1-propanol","2,3-Dibromo-1-propanol",null,"2,3-Dibromo-1-propanol","Sudan","2,3-Dibromo-1-propanol","2,3-Dibromo-1-propanol",null,null,null,null,null,null,null,null,null,null,null,null,null,null,null,null,null,null,null,null,null,null,null,null,null,null,null,null,null,null,null,null,null,null,"Satin",null,null,null,null,null,null,null,null,null,null,null,null,null,null,null,null,null,null,null,null,null,null,null,null,null,null,null,null,null,null,"Chad",null,null,null,"Sudan"]
[null,null,null,"2,4,5-Trimethylaniline and its strong acid salts","2,4,5-Trimethylaniline and its strong acid salts",null,"2,4,5-Trimethylaniline and its strong acid salts","Bhutan","2,4,5-Trimethylaniline and its strong acid salts","2,4,5-Trimethylaniline and its strong acid salts",null,null,null,null,null,null,null,null,null,null,null,null,null,null,null,null,null,null,null,null,null,null,null,null,null,null,null,null,null,null,null,null,null,null,"Silk",null,null,null,null,null,null,null,null,null,null,null,null,null,null,null,null,null,null,null,null,null,null,null,null,null,null,null,null,null,null,"Chile",null,null,null,"Bhutan"]
[null,null,null,"2,4,6-Trichlorophenol","2,4,6-Trichlorophenol",null,"2,4,6-Trichlorophenol","Sweden","2,4,6-Trichlorophenol","2,4,6-Trichlorophenol",null,null,null,null,null,null,null,null,null,null,null,null,null,null,null,null,null,null,null,null,null,null,null,null,null,null,null,null,null,null,null,null,null,null,"Silver",null,null,null,null,null,null,null,null,null,null,null,null,null,null,null,null,null,null,null,null,null,null,null,null,null,null,null,null,null,null,"China",null,null,null,"Sweden"]
[null,null,null,"2,4,6-Trinitrotoluene (TNT)","2,4,6-Trinitrotoluene (TNT)",null,"2,4,6-Trinitrotoluene (TNT)","Bouvet Island","2,4,6-Trinitrotoluene (TNT)","2,4,6-Trinitrotoluene (TNT)",null,null,null,null,null,null,null,null,null,null,null,null,null,null,null,null,null,null,null,null,null,null,null,null,null,null,null,null,null,null,null,null,null,null,"Stainless Steel",null,null,null,null,null,null,null,null,null,null,null,null,null,null,null,null,null,null,null,null,null,null,null,null,null,null,null,null,null,null,"Christmas Island",null,null,null,"Bouvet Island"]
[null,null,null,"2,4-D butyric acid","2,4-D butyric acid",null,"2,4-D butyric acid","Singapore","2,4-D butyric acid","2,4-D butyric acid",null,null,null,null,null,null,null,null,null,null,null,null,null,null,null,null,null,null,null,null,null,null,null,null,null,null,null,null,null,null,null,null,null,null,"Steel",null,null,null,null,null,null,null,null,null,null,null,null,null,null,null,null,null,null,null,null,null,null,null,null,null,null,null,null,null,null,"Cocos Islands",null,null,null,"Singapore"]
[null,null,null,"2,4-Diamino-6-chloro-s-triazine (DACT)","2,4-Diamino-6-chloro-s-triazine (DACT)",null,"2,4-Diamino-6-chloro-s-triazine (DACT)","Botswana","2,4-Diamino-6-chloro-s-triazine (DACT)","2,4-Diamino-6-chloro-s-triazine (DACT)",null,null,null,null,null,null,null,null,null,null,null,null,null,null,null,null,null,null,null,null,null,null,null,null,null,null,null,null,null,null,null,null,null,null,"Stone",null,null,null,null,null,null,null,null,null,null,null,null,null,null,null,null,null,null,null,null,null,null,null,null,null,null,null,null,null,null,"Colombia",null,null,null,"Botswana"]
[null,null,null,"2,4-Diaminoanisole","2,4-Diaminoanisole",null,"2,4-Diaminoanisole","Saint Helena","2,4-Diaminoanisole","2,4-Diaminoanisole",null,null,null,null,null,null,null,null,null,null,null,null,null,null,null,null,null,null,null,null,null,null,null,null,null,null,null,null,null,null,null,null,null,null,"Suede",null,null,null,null,null,null,null,null,null,null,null,null,null,null,null,null,null,null,null,null,null,null,null,null,null,null,null,null,null,null,"Comoros",null,null,null,"Saint Helena"]
[null,null,null,"2,4-Diaminoanisole sulfate","2,4-Diaminoanisole sulfate",null,"2,4-Diaminoanisole sulfate","Slovenia","2,4-Diaminoanisole sulfate","2,4-Diaminoanisole sulfate",null,null,null,null,null,null,null,null,null,null,null,null,null,null,null,null,null,null,null,null,null,null,null,null,null,null,null,null,null,null,null,null,null,null,"Synthetic",null,null,null,null,null,null,null,null,null,null,null,null,null,null,null,null,null,null,null,null,null,null,null,null,null,null,null,null,null,null,"Cook Islands",null,null,null,"Slovenia"]
[null,null,null,"2,4-Diaminotoluene","2,4-Diaminotoluene",null,"2,4-Diaminotoluene","Belarus","2,4-Diaminotoluene","2,4-Diaminotoluene",null,null,null,null,null,null,null,null,null,null,null,null,null,null,null,null,null,null,null,null,null,null,null,null,null,null,null,null,null,null,null,null,null,null,"Teak",null,null,null,null,null,null,null,null,null,null,null,null,null,null,null,null,null,null,null,null,null,null,null,null,null,null,null,null,null,null,"Costa Rica",null,null,null,"Belarus"]
[null,null,null,"2,4-Dinitrotoluene","2,4-Dinitrotoluene",null,"2,4-Dinitrotoluene","Svalbard","2,4-Dinitrotoluene","2,4-Dinitrotoluene",null,null,null,null,null,null,null,null,null,null,null,null,null,null,null,null,null,null,null,null,null,null,null,null,null,null,null,null,null,null,null,null,null,null,"Terrycloth",null,null,null,null,null,null,null,null,null,null,null,null,null,null,null,null,null,null,null,null,null,null,null,null,null,null,null,null,null,null,"Croatia",null,null,null,"Svalbard"]
[null,null,null,"2,4-Hexadienal (89% trans, trans isomer; 11% cis, trans isomer)","2,4-Hexadienal (89% trans, trans isomer; 11% cis, trans isomer)",null,"2,4-Hexadienal (89% trans, trans isomer; 11% cis, trans isomer)","Belize","2,4-Hexadienal (89% trans, trans isomer; 11% cis, trans isomer)","2,4-Hexadienal (89% trans, trans isomer; 11% cis, trans isomer)",null,null,null,null,null,null,null,null,null,null,null,null,null,null,null,null,null,null,null,null,null,null,null,null,null,null,null,null,null,null,null,null,null,null,"Tin",null,null,null,null,null,null,null,null,null,null,null,null,null,null,null,null,null,null,null,null,null,null,null,null,null,null,null,null,null,null,"Cuba",null,null,null,"Belize"]
[null,null,null,"2,5-Hexanedione","2,5-Hexanedione",null,"2,5-Hexanedione","Slovakia","2,5-Hexanedione","2,5-Hexanedione",null,null,null,null,null,null,null,null,null,null,null,null,null,null,null,null,null,null,null,null,null,null,null,null,null,null,null,null,null,null,null,null,null,null,"Velvet",null,null,null,null,null,null,null,null,null,null,null,null,null,null,null,null,null,null,null,null,null,null,null,null,null,null,null,null,null,null,"Cyprus",null,null,null,"Slovakia"]
[null,null,null,"2,6-Dimethyl-N-nitrosomorpholine (DMNM)","2,6-Dimethyl-N-nitrosomorpholine (DMNM)",null,"2,6-Dimethyl-N-nitrosomorpholine (DMNM)","Sierra Leone","2,6-Dimethyl-N-nitrosomorpholine (DMNM)","2,6-Dimethyl-N-nitrosomorpholine (DMNM)",null,null,null,null,null,null,null,null,null,null,null,null,null,null,null,null,null,null,null,null,null,null,null,null,null,null,null,null,null,null,null,null,null,null,"Vinyl",null,null,null,null,null,null,null,null,null,null,null,null,null,null,null,null,null,null,null,null,null,null,null,null,null,null,null,null,null,null,"Czech Republic",null,null,null,"Sierra Leone"]
[null,null,null,"2,6-Dinitrotoluene","2,6-Dinitrotoluene",null,"2,6-Dinitrotoluene","San Marino","2,6-Dinitrotoluene","2,6-Dinitrotoluene",null,null,null,null,null,null,null,null,null,null,null,null,null,null,null,null,null,null,null,null,null,null,null,null,null,null,null,null,null,null,null,null,null,null,"Walnut",null,null,null,null,null,null,null,null,null,null,null,null,null,null,null,null,null,null,null,null,null,null,null,null,null,null,null,null,null,null,"Democratic Republic of Congo",null,null,null,"San Marino"]
[null,null,null,"2,6-Xylidine (2,6-Dimethylaniline)","2,6-Xylidine (2,6-Dimethylaniline)",null,"2,6-Xylidine (2,6-Dimethylaniline)","Senegal","2,6-Xylidine (2,6-Dimethylaniline)","2,6-Xylidine (2,6-Dimethylaniline)",null,null,null,null,null,null,null,null,null,null,null,null,null,null,null,null,null,null,null,null,null,null,null,null,null,null,null,null,null,null,null,null,null,null,"Wicker",null,null,null,null,null,null,null,null,null,null,null,null,null,null,null,null,null,null,null,null,null,null,null,null,null,null,null,null,null,null,"Denmark",null,null,null,"Senegal"]
[null,null,null,"2-Acetylaminofluorene","2-Acetylaminofluorene",null,"2-Acetylaminofluorene","Somalia","2-Acetylaminofluorene","2-Acetylaminofluorene",null,null,null,null,null,null,null,null,null,null,null,null,null,null,null,null,null,null,null,null,null,null,null,null,null,null,null,null,null,null,null,null,null,null,"Willow",null,null,null,null,null,null,null,null,null,null,null,null,null,null,null,null,null,null,null,null,null,null,null,null,null,null,null,null,null,null,"Djibouti",null,null,null,"Somalia"]
[null,null,null,"2-Amino-5-(5-nitro-2-furyl)-1,3,4-thiadiazole","2-Amino-5-(5-nitro-2-furyl)-1,3,4-thiadiazole",null,"2-Amino-5-(5-nitro-2-furyl)-1,3,4-thiadiazole","Canada","2-Amino-5-(5-nitro-2-furyl)-1,3,4-thiadiazole","2-Amino-5-(5-nitro-2-furyl)-1,3,4-thiadiazole",null,null,null,null,null,null,null,null,null,null,null,null,null,null,null,null,null,null,null,null,null,null,null,null,null,null,null,null,null,null,null,null,null,null,"Wood",null,null,null,null,null,null,null,null,null,null,null,null,null,null,null,null,null,null,null,null,null,null,null,null,null,null,null,null,null,null,"Dominica",null,null,null,"Canada"]
[null,null,null,"2-Aminoanthraquinone","2-Aminoanthraquinone",null,"2-Aminoanthraquinone","Suriname","2-Aminoanthraquinone","2-Aminoanthraquinone",null,null,null,null,null,null,null,null,null,null,null,null,null,null,null,null,null,null,null,null,null,null,null,null,null,null,null,null,null,null,null,null,null,null,"Wool & Wool Blend",null,null,null,null,null,null,null,null,null,null,null,null,null,null,null,null,null,null,null,null,null,null,null,null,null,null,null,null,null,null,"Dominican Republic",null,null,null,"Suriname"]
[null,null,null,"2-Aminofluorene","2-Aminofluorene",null,"2-Aminofluorene","Cocos (Keeling) Islands","2-Aminofluorene","2-Aminofluorene",null,null,null,null,null,null,null,null,null,null,null,null,null,null,null,null,null,null,null,null,null,null,null,null,null,null,null,null,null,null,null,null,null,null,"Wrought and Cast Iron",null,null,null,null,null,null,null,null,null,null,null,null,null,null,null,null,null,null,null,null,null,null,null,null,null,null,null,null,null,null,"Ecuador",null,null,null,"Cocos (Keeling) Islands"]
[null,null,null,"2-Bromopropane (2-BP)","2-Bromopropane (2-BP)",null,"2-Bromopropane (2-BP)","Democratic Republic of the Congo","2-Bromopropane (2-BP)","2-Bromopropane (2-BP)",null,null,null,null,null,null,null,null,null,null,null,null,null,null,null,null,null,null,null,null,null,null,null,null,null,null,null,null,null,null,null,null,null,null,"Polyresin",null,null,null,null,null,null,null,null,null,null,null,null,null,null,null,null,null,null,null,null,null,null,null,null,null,null,null,null,null,null,"Egypt",null,null,null,"Democratic Republic of the Congo"]
[null,null,null,"2-Chloropropionic acid","2-Chloropropionic acid",null,"2-Chloropropionic acid","Sao Tome And Principe","2-Chloropropionic acid","2-Chloropropionic acid",null,null,null,null,null,null,null,null,null,null,null,null,null,null,null,null,null,null,null,null,null,null,null,null,null,null,null,null,null,null,null,null,null,null,"Polycast",null,null,null,null,null,null,null,null,null,null,null,null,null,null,null,null,null,null,null,null,null,null,null,null,null,null,null,null,null,null,"El Salvador",null,null,null,"Sao Tome And Principe"]
[null,null,null,"2âMercaptobenzothiazole","2âMercaptobenzothiazole",null,"2âMercaptobenzothiazole","Central African Republic","2âMercaptobenzothiazole","2âMercaptobenzothiazole",null,null,null,null,null,null,null,null,null,null,null,null,null,null,null,null,null,null,null,null,null,null,null,null,null,null,null,null,null,null,null,null,null,null,"Wax",null,null,null,null,null,null,null,null,null,null,null,null,null,null,null,null,null,null,null,null,null,null,null,null,null,null,null,null,null,null,"Equatorial Guinea",null,null,null,"Central African Republic"]
[null,null,null,"2-Methyl-1-nitroanthraquinone (of uncertain purity)","2-Methyl-1-nitroanthraquinone (of uncertain purity)",null,"2-Methyl-1-nitroanthraquinone (of uncertain purity)","El Salvador","2-Methyl-1-nitroanthraquinone (of uncertain purity)","2-Methyl-1-nitroanthraquinone (of uncertain purity)",null,null,null,null,null,null,null,null,null,null,null,null,null,null,null,null,null,null,null,null,null,null,null,null,null,null,null,null,null,null,null,null,null,null,"Paraffin",null,null,null,null,null,null,null,null,null,null,null,null,null,null,null,null,null,null,null,null,null,null,null,null,null,null,null,null,null,null,"Eritrea",null,null,null,"El Salvador"]
[null,null,null,"2-Methylaziridine (Propyleneimine)","2-Methylaziridine (Propyleneimine)",null,"2-Methylaziridine (Propyleneimine)","Republic of the Congo","2-Methylaziridine (Propyleneimine)","2-Methylaziridine (Propyleneimine)",null,null,null,null,null,null,null,null,null,null,null,null,null,null,null,null,null,null,null,null,null,null,null,null,null,null,null,null,null,null,null,null,null,null,"Other",null,null,null,null,null,null,null,null,null,null,null,null,null,null,null,null,null,null,null,null,null,null,null,null,null,null,null,null,null,null,"Estonia",null,null,null,"Republic of the Congo"]
[null,null,null,"2-Methylimidazole","2-Methylimidazole",null,"2-Methylimidazole","Switzerland","2-Methylimidazole","2-Methylimidazole",null,null,null,null,null,null,null,null,null,null,null,null,null,null,null,null,null,null,null,null,null,null,null,null,null,null,null,null,null,null,null,null,null,null,"Paper",null,null,null,null,null,null,null,null,null,null,null,null,null,null,null,null,null,null,null,null,null,null,null,null,null,null,null,null,null,null,"Ethiopia",null,null,null,"Switzerland"]
[null,null,null,"2-Naphthylamine","2-Naphthylamine",null,"2-Naphthylamine","Saint-Martin","2-Naphthylamine","2-Naphthylamine",null,null,null,null,null,null,null,null,null,null,null,null,null,null,null,null,null,null,null,null,null,null,null,null,null,null,null,null,null,null,null,null,null,null,"Acrylic Coated Cotton",null,null,null,null,null,null,null,null,null,null,null,null,null,null,null,null,null,null,null,null,null,null,null,null,null,null,null,null,null,null,"Falkland Islands",null,null,null,"Saint-Martin"]
[null,null,null,"2-Nitrofluorene","2-Nitrofluorene",null,"2-Nitrofluorene","Ivory Coast","2-Nitrofluorene","2-Nitrofluorene",null,null,null,null,null,null,null,null,null,null,null,null,null,null,null,null,null,null,null,null,null,null,null,null,null,null,null,null,null,null,null,null,null,null,null,null,null,null,null,null,null,null,null,null,null,null,null,null,null,null,null,null,null,null,null,null,null,null,null,null,null,null,null,null,null,"Faroe Islands",null,null,null,"Ivory Coast"]
[null,null,null,"2-Nitropropane","2-Nitropropane",null,"2-Nitropropane","Syria","2-Nitropropane","2-Nitropropane",null,null,null,null,null,null,null,null,null,null,null,null,null,null,null,null,null,null,null,null,null,null,null,null,null,null,null,null,null,null,null,null,null,null,null,null,null,null,null,null,null,null,null,null,null,null,null,null,null,null,null,null,null,null,null,null,null,null,null,null,null,null,null,null,null,"Fiji",null,null,null,"Syria"]
[null,null,null,"3-(N-Nitrosomethylamino) propionitrile","3-(N-Nitrosomethylamino) propionitrile",null,"3-(N-Nitrosomethylamino) propionitrile","Swaziland","3-(N-Nitrosomethylamino) propionitrile","3-(N-Nitrosomethylamino) propionitrile",null,null,null,null,null,null,null,null,null,null,null,null,null,null,null,null,null,null,null,null,null,null,null,null,null,null,null,null,null,null,null,null,null,null,null,null,null,null,null,null,null,null,null,null,null,null,null,null,null,null,null,null,null,null,null,null,null,null,null,null,null,null,null,null,null,"Finland",null,null,null,"Swaziland"]
[null,null,null,"3,3',4,4'-Tetrachloroazobenzene","3,3',4,4'-Tetrachloroazobenzene",null,"3,3',4,4'-Tetrachloroazobenzene","Cook Islands","3,3',4,4'-Tetrachloroazobenzene","3,3',4,4'-Tetrachloroazobenzene",null,null,null,null,null,null,null,null,null,null,null,null,null,null,null,null,null,null,null,null,null,null,null,null,null,null,null,null,null,null,null,null,null,null,null,null,null,null,null,null,null,null,null,null,null,null,null,null,null,null,null,null,null,null,null,null,null,null,null,null,null,null,null,null,null,"France",null,null,null,"Cook Islands"]
[null,null,null,"3,3'-Dichloro-4,4'-diamino-diphenyl ether","3,3'-Dichloro-4,4'-diamino-diphenyl ether",null,"3,3'-Dichloro-4,4'-diamino-diphenyl ether","Chile","3,3'-Dichloro-4,4'-diamino-diphenyl ether","3,3'-Dichloro-4,4'-diamino-diphenyl ether",null,null,null,null,null,null,null,null,null,null,null,null,null,null,null,null,null,null,null,null,null,null,null,null,null,null,null,null,null,null,null,null,null,null,null,null,null,null,null,null,null,null,null,null,null,null,null,null,null,null,null,null,null,null,null,null,null,null,null,null,null,null,null,null,null,"French Guiana",null,null,null,"Chile"]
[null,null,null,"3,3'-Dichlorobenzidine","3,3'-Dichlorobenzidine",null,"3,3'-Dichlorobenzidine","Cameroon","3,3'-Dichlorobenzidine","3,3'-Dichlorobenzidine",null,null,null,null,null,null,null,null,null,null,null,null,null,null,null,null,null,null,null,null,null,null,null,null,null,null,null,null,null,null,null,null,null,null,null,null,null,null,null,null,null,null,null,null,null,null,null,null,null,null,null,null,null,null,null,null,null,null,null,null,null,null,null,null,null,"French Polynesia",null,null,null,"Cameroon"]
[null,null,null,"3,3'-Dichlorobenzidine dihydrochloride","3,3'-Dichlorobenzidine dihydrochloride",null,"3,3'-Dichlorobenzidine dihydrochloride","China","3,3'-Dichlorobenzidine dihydrochloride","3,3'-Dichlorobenzidine dihydrochloride",null,null,null,null,null,null,null,null,null,null,null,null,null,null,null,null,null,null,null,null,null,null,null,null,null,null,null,null,null,null,null,null,null,null,null,null,null,null,null,null,null,null,null,null,null,null,null,null,null,null,null,null,null,null,null,null,null,null,null,null,null,null,null,null,null,"French Southern Territories",null,null,null,"China"]
[null,null,null,"3,3'-Dimethoxybenzidine (o-Dianisidine)","3,3'-Dimethoxybenzidine (o-Dianisidine)",null,"3,3'-Dimethoxybenzidine (o-Dianisidine)","Colombia","3,3'-Dimethoxybenzidine (o-Dianisidine)","3,3'-Dimethoxybenzidine (o-Dianisidine)",null,null,null,null,null,null,null,null,null,null,null,null,null,null,null,null,null,null,null,null,null,null,null,null,null,null,null,null,null,null,null,null,null,null,null,null,null,null,null,null,null,null,null,null,null,null,null,null,null,null,null,null,null,null,null,null,null,null,null,null,null,null,null,null,null,"Gabon",null,null,null,"Colombia"]
[null,null,null,"3,3'-Dimethoxybenzidine dihydrochloride","3,3'-Dimethoxybenzidine dihydrochloride",null,"3,3'-Dimethoxybenzidine dihydrochloride","Costa Rica","3,3'-Dimethoxybenzidine dihydrochloride","3,3'-Dimethoxybenzidine dihydrochloride",null,null,null,null,null,null,null,null,null,null,null,null,null,null,null,null,null,null,null,null,null,null,null,null,null,null,null,null,null,null,null,null,null,null,null,null,null,null,null,null,null,null,null,null,null,null,null,null,null,null,null,null,null,null,null,null,null,null,null,null,null,null,null,null,null,"Gambia",null,null,null,"Costa Rica"]
[null,null,null,"3,3'-Dimethoxybenzidine-based dyes metabolized to 3,3'-dimethoxybenzidine","3,3'-Dimethoxybenzidine-based dyes metabolized to 3,3'-dimethoxybenzidine",null,"3,3'-Dimethoxybenzidine-based dyes metabolized to 3,3'-dimethoxybenzidine","Turks And Caicos Islands","3,3'-Dimethoxybenzidine-based dyes metabolized to 3,3'-dimethoxybenzidine","3,3'-Dimethoxybenzidine-based dyes metabolized to 3,3'-dimethoxybenzidine",null,null,null,null,null,null,null,null,null,null,null,null,null,null,null,null,null,null,null,null,null,null,null,null,null,null,null,null,null,null,null,null,null,null,null,null,null,null,null,null,null,null,null,null,null,null,null,null,null,null,null,null,null,null,null,null,null,null,null,null,null,null,null,null,null,"Georgia",null,null,null,"Turks And Caicos Islands"]
[null,null,null,"3,3'-Dimethylbenzidine (ortho-Tolidine)","3,3'-Dimethylbenzidine (ortho-Tolidine)",null,"3,3'-Dimethylbenzidine (ortho-Tolidine)","Chad","3,3'-Dimethylbenzidine (ortho-Tolidine)","3,3'-Dimethylbenzidine (ortho-Tolidine)",null,null,null,null,null,null,null,null,null,null,null,null,null,null,null,null,null,null,null,null,null,null,null,null,null,null,null,null,null,null,null,null,null,null,null,null,null,null,null,null,null,null,null,null,null,null,null,null,null,null,null,null,null,null,null,null,null,null,null,null,null,null,null,null,null,"Germany",null,null,null,"Chad"]
[null,null,null,"3,3'-Dimethylbenzidine dihydrochloride","3,3'-Dimethylbenzidine dihydrochloride",null,"3,3'-Dimethylbenzidine dihydrochloride","Cuba","3,3'-Dimethylbenzidine dihydrochloride","3,3'-Dimethylbenzidine dihydrochloride",null,null,null,null,null,null,null,null,null,null,null,null,null,null,null,null,null,null,null,null,null,null,null,null,null,null,null,null,null,null,null,null,null,null,null,null,null,null,null,null,null,null,null,null,null,null,null,null,null,null,null,null,null,null,null,null,null,null,null,null,null,null,null,null,null,"Ghana",null,null,null,"Cuba"]
[null,null,null,"3,3'-Dimethylbenzidine-based dyes metabolized to 3,3'-dimethylbenzidine","3,3'-Dimethylbenzidine-based dyes metabolized to 3,3'-dimethylbenzidine",null,"3,3'-Dimethylbenzidine-based dyes metabolized to 3,3'-dimethylbenzidine","French Southern Territories","3,3'-Dimethylbenzidine-based dyes metabolized to 3,3'-dimethylbenzidine","3,3'-Dimethylbenzidine-based dyes metabolized to 3,3'-dimethylbenzidine",null,null,null,null,null,null,null,null,null,null,null,null,null,null,null,null,null,null,null,null,null,null,null,null,null,null,null,null,null,null,null,null,null,null,null,null,null,null,null,null,null,null,null,null,null,null,null,null,null,null,null,null,null,null,null,null,null,null,null,null,null,null,null,null,null,"Gibraltar",null,null,null,"French Southern Territories"]
[null,null,null,"3,7-Dinitrofluoranthene","3,7-Dinitrofluoranthene",null,"3,7-Dinitrofluoranthene","Cape Verde","3,7-Dinitrofluoranthene","3,7-Dinitrofluoranthene",null,null,null,null,null,null,null,null,null,null,null,null,null,null,null,null,null,null,null,null,null,null,null,null,null,null,null,null,null,null,null,null,null,null,null,null,null,null,null,null,null,null,null,null,null,null,null,null,null,null,null,null,null,null,null,null,null,null,null,null,null,null,null,null,null,"Greece",null,null,null,"Cape Verde"]
[null,null,null,"3,9-Dinitrofluoranthene","3,9-Dinitrofluoranthene",null,"3,9-Dinitrofluoranthene","Togo","3,9-Dinitrofluoranthene","3,9-Dinitrofluoranthene",null,null,null,null,null,null,null,null,null,null,null,null,null,null,null,null,null,null,null,null,null,null,null,null,null,null,null,null,null,null,null,null,null,null,null,null,null,null,null,null,null,null,null,null,null,null,null,null,null,null,null,null,null,null,null,null,null,null,null,null,null,null,null,null,null,"Greenland",null,null,null,"Togo"]
[null,null,null,"3-Amino-9-ethylcarbazole hydrochloride","3-Amino-9-ethylcarbazole hydrochloride",null,"3-Amino-9-ethylcarbazole hydrochloride","Thailand","3-Amino-9-ethylcarbazole hydrochloride","3-Amino-9-ethylcarbazole hydrochloride",null,null,null,null,null,null,null,null,null,null,null,null,null,null,null,null,null,null,null,null,null,null,null,null,null,null,null,null,null,null,null,null,null,null,null,null,null,null,null,null,null,null,null,null,null,null,null,null,null,null,null,null,null,null,null,null,null,null,null,null,null,null,null,null,null,"Grenada",null,null,null,"Thailand"]
[null,null,null,"3-Chloro-2-methylpropene","3-Chloro-2-methylpropene",null,"3-Chloro-2-methylpropene","Christmas Island","3-Chloro-2-methylpropene","3-Chloro-2-methylpropene",null,null,null,null,null,null,null,null,null,null,null,null,null,null,null,null,null,null,null,null,null,null,null,null,null,null,null,null,null,null,null,null,null,null,null,null,null,null,null,null,null,null,null,null,null,null,null,null,null,null,null,null,null,null,null,null,null,null,null,null,null,null,null,null,null,"Guadeloupe",null,null,null,"Christmas Island"]
[null,null,null,"3-Methylcholanthrene","3-Methylcholanthrene",null,"3-Methylcholanthrene","Cyprus","3-Methylcholanthrene","3-Methylcholanthrene",null,null,null,null,null,null,null,null,null,null,null,null,null,null,null,null,null,null,null,null,null,null,null,null,null,null,null,null,null,null,null,null,null,null,null,null,null,null,null,null,null,null,null,null,null,null,null,null,null,null,null,null,null,null,null,null,null,null,null,null,null,null,null,null,null,"Guam",null,null,null,"Cyprus"]
[null,null,null,"3-Monochloropropane-1,2-diol (3-MCPD)","3-Monochloropropane-1,2-diol (3-MCPD)",null,"3-Monochloropropane-1,2-diol (3-MCPD)","Tajikistan","3-Monochloropropane-1,2-diol (3-MCPD)","3-Monochloropropane-1,2-diol (3-MCPD)",null,null,null,null,null,null,null,null,null,null,null,null,null,null,null,null,null,null,null,null,null,null,null,null,null,null,null,null,null,null,null,null,null,null,null,null,null,null,null,null,null,null,null,null,null,null,null,null,null,null,null,null,null,null,null,null,null,null,null,null,null,null,null,null,null,"Guatemala",null,null,null,"Tajikistan"]
[null,null,null,"4-(N-Nitrosomethylamino)-1-(3-pyridyl)1-butanone","4-(N-Nitrosomethylamino)-1-(3-pyridyl)1-butanone",null,"4-(N-Nitrosomethylamino)-1-(3-pyridyl)1-butanone","Czech Republic","4-(N-Nitrosomethylamino)-1-(3-pyridyl)1-butanone","4-(N-Nitrosomethylamino)-1-(3-pyridyl)1-butanone",null,null,null,null,null,null,null,null,null,null,null,null,null,null,null,null,null,null,null,null,null,null,null,null,null,null,null,null,null,null,null,null,null,null,null,null,null,null,null,null,null,null,null,null,null,null,null,null,null,null,null,null,null,null,null,null,null,null,null,null,null,null,null,null,null,"Guernsey",null,null,null,"Czech Republic"]
[null,null,null,"4,4'-Diaminodiphenyl ether (4,4'-Oxydianiline)","4,4'-Diaminodiphenyl ether (4,4'-Oxydianiline)",null,"4,4'-Diaminodiphenyl ether (4,4'-Oxydianiline)","Tokelau","4,4'-Diaminodiphenyl ether (4,4'-Oxydianiline)","4,4'-Diaminodiphenyl ether (4,4'-Oxydianiline)",null,null,null,null,null,null,null,null,null,null,null,null,null,null,null,null,null,null,null,null,null,null,null,null,null,null,null,null,null,null,null,null,null,null,null,null,null,null,null,null,null,null,null,null,null,null,null,null,null,null,null,null,null,null,null,null,null,null,null,null,null,null,null,null,null,"Guinea",null,null,null,"Tokelau"]
[null,null,null,"4,4'-Methylene bis(2-chloroaniline)","4,4'-Methylene bis(2-chloroaniline)",null,"4,4'-Methylene bis(2-chloroaniline)","Timor-Leste","4,4'-Methylene bis(2-chloroaniline)","4,4'-Methylene bis(2-chloroaniline)",null,null,null,null,null,null,null,null,null,null,null,null,null,null,null,null,null,null,null,null,null,null,null,null,null,null,null,null,null,null,null,null,null,null,null,null,null,null,null,null,null,null,null,null,null,null,null,null,null,null,null,null,null,null,null,null,null,null,null,null,null,null,null,null,null,"Guinea Bissau",null,null,null,"Timor-Leste"]
[null,null,null,"4,4'-Methylene bis(2-methylaniline)","4,4'-Methylene bis(2-methylaniline)",null,"4,4'-Methylene bis(2-methylaniline)","Turkmenistan","4,4'-Methylene bis(2-methylaniline)","4,4'-Methylene bis(2-methylaniline)",null,null,null,null,null,null,null,null,null,null,null,null,null,null,null,null,null,null,null,null,null,null,null,null,null,null,null,null,null,null,null,null,null,null,null,null,null,null,null,null,null,null,null,null,null,null,null,null,null,null,null,null,null,null,null,null,null,null,null,null,null,null,null,null,null,"Guyana",null,null,null,"Turkmenistan"]
[null,null,null,"4,4'-Methylene bis(N,N-dimethyl)benzenamine","4,4'-Methylene bis(N,N-dimethyl)benzenamine",null,"4,4'-Methylene bis(N,N-dimethyl)benzenamine","Tunisia","4,4'-Methylene bis(N,N-dimethyl)benzenamine","4,4'-Methylene bis(N,N-dimethyl)benzenamine",null,null,null,null,null,null,null,null,null,null,null,null,null,null,null,null,null,null,null,null,null,null,null,null,null,null,null,null,null,null,null,null,null,null,null,null,null,null,null,null,null,null,null,null,null,null,null,null,null,null,null,null,null,null,null,null,null,null,null,null,null,null,null,null,null,"Haiti",null,null,null,"Tunisia"]
[null,null,null,"4,4'-Methylenedianiline","4,4'-Methylenedianiline",null,"4,4'-Methylenedianiline","Tonga","4,4'-Methylenedianiline","4,4'-Methylenedianiline",null,null,null,null,null,null,null,null,null,null,null,null,null,null,null,null,null,null,null,null,null,null,null,null,null,null,null,null,null,null,null,null,null,null,null,null,null,null,null,null,null,null,null,null,null,null,null,null,null,null,null,null,null,null,null,null,null,null,null,null,null,null,null,null,null,"Heard & McDonald Islands",null,null,null,"Tonga"]
[null,null,null,"4,4'-Methylenedianiline dihydrochloride","4,4'-Methylenedianiline dihydrochloride",null,"4,4'-Methylenedianiline dihydrochloride","Turkey","4,4'-Methylenedianiline dihydrochloride","4,4'-Methylenedianiline dihydrochloride",null,null,null,null,null,null,null,null,null,null,null,null,null,null,null,null,null,null,null,null,null,null,null,null,null,null,null,null,null,null,null,null,null,null,null,null,null,null,null,null,null,null,null,null,null,null,null,null,null,null,null,null,null,null,null,null,null,null,null,null,null,null,null,null,null,"Holy See",null,null,null,"Turkey"]
[null,null,null,"4,4'-Thiodianiline","4,4'-Thiodianiline",null,"4,4'-Thiodianiline","Trinidad And Tobago","4,4'-Thiodianiline","4,4'-Thiodianiline",null,null,null,null,null,null,null,null,null,null,null,null,null,null,null,null,null,null,null,null,null,null,null,null,null,null,null,null,null,null,null,null,null,null,null,null,null,null,null,null,null,null,null,null,null,null,null,null,null,null,null,null,null,null,null,null,null,null,null,null,null,null,null,null,null,"Honduras",null,null,null,"Trinidad And Tobago"]
[null,null,null,"4-Amino-2-nitrophenol","4-Amino-2-nitrophenol",null,"4-Amino-2-nitrophenol","Germany","4-Amino-2-nitrophenol","4-Amino-2-nitrophenol",null,null,null,null,null,null,null,null,null,null,null,null,null,null,null,null,null,null,null,null,null,null,null,null,null,null,null,null,null,null,null,null,null,null,null,null,null,null,null,null,null,null,null,null,null,null,null,null,null,null,null,null,null,null,null,null,null,null,null,null,null,null,null,null,null,"Hong Kong",null,null,null,"Germany"]
[null,null,null,"4-Aminobiphenyl (4-aminodiphenyl)","4-Aminobiphenyl (4-aminodiphenyl)",null,"4-Aminobiphenyl (4-aminodiphenyl)","Tuvalu","4-Aminobiphenyl (4-aminodiphenyl)","4-Aminobiphenyl (4-aminodiphenyl)",null,null,null,null,null,null,null,null,null,null,null,null,null,null,null,null,null,null,null,null,null,null,null,null,null,null,null,null,null,null,null,null,null,null,null,null,null,null,null,null,null,null,null,null,null,null,null,null,null,null,null,null,null,null,null,null,null,null,null,null,null,null,null,null,null,"Hungary",null,null,null,"Tuvalu"]
[null,null,null,"4-Chloro-o-phenylenediamine","4-Chloro-o-phenylenediamine",null,"4-Chloro-o-phenylenediamine","Taiwan","4-Chloro-o-phenylenediamine","4-Chloro-o-phenylenediamine",null,null,null,null,null,null,null,null,null,null,null,null,null,null,null,null,null,null,null,null,null,null,null,null,null,null,null,null,null,null,null,null,null,null,null,null,null,null,null,null,null,null,null,null,null,null,null,null,null,null,null,null,null,null,null,null,null,null,null,null,null,null,null,null,null,"Iceland",null,null,null,"Taiwan"]
[null,null,null,"4-Dimethylaminoazobenzene","4-Dimethylaminoazobenzene",null,"4-Dimethylaminoazobenzene","Djibouti","4-Dimethylaminoazobenzene","4-Dimethylaminoazobenzene",null,null,null,null,null,null,null,null,null,null,null,null,null,null,null,null,null,null,null,null,null,null,null,null,null,null,null,null,null,null,null,null,null,null,null,null,null,null,null,null,null,null,null,null,null,null,null,null,null,null,null,null,null,null,null,null,null,null,null,null,null,null,null,null,null,"India",null,null,null,"Djibouti"]
[null,null,null,"4-Methylimidazole","4-Methylimidazole",null,"4-Methylimidazole","Tanzania","4-Methylimidazole","4-Methylimidazole",null,null,null,null,null,null,null,null,null,null,null,null,null,null,null,null,null,null,null,null,null,null,null,null,null,null,null,null,null,null,null,null,null,null,null,null,null,null,null,null,null,null,null,null,null,null,null,null,null,null,null,null,null,null,null,null,null,null,null,null,null,null,null,null,null,"Indonesia",null,null,null,"Tanzania"]
[null,null,null,"4-Nitrobiphenyl","4-Nitrobiphenyl",null,"4-Nitrobiphenyl","Denmark","4-Nitrobiphenyl","4-Nitrobiphenyl",null,null,null,null,null,null,null,null,null,null,null,null,null,null,null,null,null,null,null,null,null,null,null,null,null,null,null,null,null,null,null,null,null,null,null,null,null,null,null,null,null,null,null,null,null,null,null,null,null,null,null,null,null,null,null,null,null,null,null,null,null,null,null,null,null,"Iran",null,null,null,"Denmark"]
[null,null,null,"4-Nitropyrene","4-Nitropyrene",null,"4-Nitropyrene","Dominica","4-Nitropyrene","4-Nitropyrene",null,null,null,null,null,null,null,null,null,null,null,null,null,null,null,null,null,null,null,null,null,null,null,null,null,null,null,null,null,null,null,null,null,null,null,null,null,null,null,null,null,null,null,null,null,null,null,null,null,null,null,null,null,null,null,null,null,null,null,null,null,null,null,null,null,"Iraq",null,null,null,"Dominica"]
[null,null,null,"4-Vinyl-1-cyclohexene diepoxide (Vinyl cyclohexenedioxide)","4-Vinyl-1-cyclohexene diepoxide (Vinyl cyclohexenedioxide)",null,"4-Vinyl-1-cyclohexene diepoxide (Vinyl cyclohexenedioxide)","Dominican Republic","4-Vinyl-1-cyclohexene diepoxide (Vinyl cyclohexenedioxide)","4-Vinyl-1-cyclohexene diepoxide (Vinyl cyclohexenedioxide)",null,null,null,null,null,null,null,null,null,null,null,null,null,null,null,null,null,null,null,null,null,null,null,null,null,null,null,null,null,null,null,null,null,null,null,null,null,null,null,null,null,null,null,null,null,null,null,null,null,null,null,null,null,null,null,null,null,null,null,null,null,null,null,null,null,"Ireland",null,null,null,"Dominican Republic"]
[null,null,null,"4-Vinylcyclohexene","4-Vinylcyclohexene",null,"4-Vinylcyclohexene","Ukraine","4-Vinylcyclohexene","4-Vinylcyclohexene",null,null,null,null,null,null,null,null,null,null,null,null,null,null,null,null,null,null,null,null,null,null,null,null,null,null,null,null,null,null,null,null,null,null,null,null,null,null,null,null,null,null,null,null,null,null,null,null,null,null,null,null,null,null,null,null,null,null,null,null,null,null,null,null,null,"Isle of Man",null,null,null,"Ukraine"]
[null,null,null,"5-(Morpholinomethyl)-3-[(5-nitrofurfuryl-idene)-amino]-2-oxazolidinone","5-(Morpholinomethyl)-3-[(5-nitrofurfuryl-idene)-amino]-2-oxazolidinone",null,"5-(Morpholinomethyl)-3-[(5-nitrofurfuryl-idene)-amino]-2-oxazolidinone","Uganda","5-(Morpholinomethyl)-3-[(5-nitrofurfuryl-idene)-amino]-2-oxazolidinone","5-(Morpholinomethyl)-3-[(5-nitrofurfuryl-idene)-amino]-2-oxazolidinone",null,null,null,null,null,null,null,null,null,null,null,null,null,null,null,null,null,null,null,null,null,null,null,null,null,null,null,null,null,null,null,null,null,null,null,null,null,null,null,null,null,null,null,null,null,null,null,null,null,null,null,null,null,null,null,null,null,null,null,null,null,null,null,null,null,"Israel",null,null,null,"Uganda"]
[null,null,null,"5-Chloro-o-toluidine and its strong acid salts","5-Chloro-o-toluidine and its strong acid salts",null,"5-Chloro-o-toluidine and its strong acid salts","Algeria","5-Chloro-o-toluidine and its strong acid salts","5-Chloro-o-toluidine and its strong acid salts",null,null,null,null,null,null,null,null,null,null,null,null,null,null,null,null,null,null,null,null,null,null,null,null,null,null,null,null,null,null,null,null,null,null,null,null,null,null,null,null,null,null,null,null,null,null,null,null,null,null,null,null,null,null,null,null,null,null,null,null,null,null,null,null,null,"Italy",null,null,null,"Algeria"]
[null,null,null,"5-Methoxypsoralen with ultraviolet A therapy","5-Methoxypsoralen with ultraviolet A therapy",null,"5-Methoxypsoralen with ultraviolet A therapy","United Kingdom","5-Methoxypsoralen with ultraviolet A therapy","5-Methoxypsoralen with ultraviolet A therapy",null,null,null,null,null,null,null,null,null,null,null,null,null,null,null,null,null,null,null,null,null,null,null,null,null,null,null,null,null,null,null,null,null,null,null,null,null,null,null,null,null,null,null,null,null,null,null,null,null,null,null,null,null,null,null,null,null,null,null,null,null,null,null,null,null,"Ivory Coast",null,null,null,"United Kingdom"]
[null,null,null,"5-Methylchrysene","5-Methylchrysene",null,"5-Methylchrysene","US Minor Outlying Islands","5-Methylchrysene","5-Methylchrysene",null,null,null,null,null,null,null,null,null,null,null,null,null,null,null,null,null,null,null,null,null,null,null,null,null,null,null,null,null,null,null,null,null,null,null,null,null,null,null,null,null,null,null,null,null,null,null,null,null,null,null,null,null,null,null,null,null,null,null,null,null,null,null,null,null,"Jamaica",null,null,null,"US Minor Outlying Islands"]
[null,null,null,"5-Nitroacenaphthene","5-Nitroacenaphthene",null,"5-Nitroacenaphthene","Ecuador","5-Nitroacenaphthene","5-Nitroacenaphthene",null,null,null,null,null,null,null,null,null,null,null,null,null,null,null,null,null,null,null,null,null,null,null,null,null,null,null,null,null,null,null,null,null,null,null,null,null,null,null,null,null,null,null,null,null,null,null,null,null,null,null,null,null,null,null,null,null,null,null,null,null,null,null,null,null,"Japan",null,null,null,"Ecuador"]
[null,null,null,"6-Nitrochrysene","6-Nitrochrysene",null,"6-Nitrochrysene","United States","6-Nitrochrysene","6-Nitrochrysene",null,null,null,null,null,null,null,null,null,null,null,null,null,null,null,null,null,null,null,null,null,null,null,null,null,null,null,null,null,null,null,null,null,null,null,null,null,null,null,null,null,null,null,null,null,null,null,null,null,null,null,null,null,null,null,null,null,null,null,null,null,null,null,null,null,"Jersey",null,null,null,"United States"]
[null,null,null,"7,12-Dimethylbenz(a)anthracene","7,12-Dimethylbenz(a)anthracene",null,"7,12-Dimethylbenz(a)anthracene","Estonia","7,12-Dimethylbenz(a)anthracene","7,12-Dimethylbenz(a)anthracene",null,null,null,null,null,null,null,null,null,null,null,null,null,null,null,null,null,null,null,null,null,null,null,null,null,null,null,null,null,null,null,null,null,null,null,null,null,null,null,null,null,null,null,null,null,null,null,null,null,null,null,null,null,null,null,null,null,null,null,null,null,null,null,null,null,"Jordan",null,null,null,"Estonia"]
[null,null,null,"7H-Dibenzo[c,g]carbazole","7H-Dibenzo[c,g]carbazole",null,"7H-Dibenzo[c,g]carbazole","Egypt","7H-Dibenzo[c,g]carbazole","7H-Dibenzo[c,g]carbazole",null,null,null,null,null,null,null,null,null,null,null,null,null,null,null,null,null,null,null,null,null,null,null,null,null,null,null,null,null,null,null,null,null,null,null,null,null,null,null,null,null,null,null,null,null,null,null,null,null,null,null,null,null,null,null,null,null,null,null,null,null,null,null,null,null,"Kazakhstan",null,null,null,"Egypt"]
[null,null,null,"8-Methoxypsoralen with ultraviolet A therapy","8-Methoxypsoralen with ultraviolet A therapy",null,"8-Methoxypsoralen with ultraviolet A therapy","Western Sahara","8-Methoxypsoralen with ultraviolet A therapy","8-Methoxypsoralen with ultraviolet A therapy",null,null,null,null,null,null,null,null,null,null,null,null,null,null,null,null,null,null,null,null,null,null,null,null,null,null,null,null,null,null,null,null,null,null,null,null,null,null,null,null,null,null,null,null,null,null,null,null,null,null,null,null,null,null,null,null,null,null,null,null,null,null,null,null,null,"Kenya",null,null,null,"Western Sahara"]
[null,null,null,"A-alpha-C (2-Amino-9H-pyrido[2,3-b]indole)","A-alpha-C (2-Amino-9H-pyrido[2,3-b]indole)",null,"A-alpha-C (2-Amino-9H-pyrido[2,3-b]indole)","Uruguay","A-alpha-C (2-Amino-9H-pyrido[2,3-b]indole)","A-alpha-C (2-Amino-9H-pyrido[2,3-b]indole)",null,null,null,null,null,null,null,null,null,null,null,null,null,null,null,null,null,null,null,null,null,null,null,null,null,null,null,null,null,null,null,null,null,null,null,null,null,null,null,null,null,null,null,null,null,null,null,null,null,null,null,null,null,null,null,null,null,null,null,null,null,null,null,null,null,"Kiribati",null,null,null,"Uruguay"]
[null,null,null,"Abiraterone acetate","Abiraterone acetate",null,"Abiraterone acetate","Uzbekistan","Abiraterone acetate","Abiraterone acetate",null,null,null,null,null,null,null,null,null,null,null,null,null,null,null,null,null,null,null,null,null,null,null,null,null,null,null,null,null,null,null,null,null,null,null,null,null,null,null,null,null,null,null,null,null,null,null,null,null,null,null,null,null,null,null,null,null,null,null,null,null,null,null,null,null,"Kosovo",null,null,null,"Uzbekistan"]
[null,null,null,"Acetaldehyde","Acetaldehyde",null,"Acetaldehyde","Holy See (Vatican City)","Acetaldehyde","Acetaldehyde",null,null,null,null,null,null,null,null,null,null,null,null,null,null,null,null,null,null,null,null,null,null,null,null,null,null,null,null,null,null,null,null,null,null,null,null,null,null,null,null,null,null,null,null,null,null,null,null,null,null,null,null,null,null,null,null,null,null,null,null,null,null,null,null,null,"Kuwait",null,null,null,"Holy See (Vatican City)"]
[null,null,null,"Acetamide","Acetamide",null,"Acetamide","Eritrea","Acetamide","Acetamide",null,null,null,null,null,null,null,null,null,null,null,null,null,null,null,null,null,null,null,null,null,null,null,null,null,null,null,null,null,null,null,null,null,null,null,null,null,null,null,null,null,null,null,null,null,null,null,null,null,null,null,null,null,null,null,null,null,null,null,null,null,null,null,null,null,"Kyrgyzstan",null,null,null,"Eritrea"]
[null,null,null,"Acetazolamide","Acetazolamide",null,"Acetazolamide","Saint Vincent And The Grenadines","Acetazolamide","Acetazolamide",null,null,null,null,null,null,null,null,null,null,null,null,null,null,null,null,null,null,null,null,null,null,null,null,null,null,null,null,null,null,null,null,null,null,null,null,null,null,null,null,null,null,null,null,null,null,null,null,null,null,null,null,null,null,null,null,null,null,null,null,null,null,null,null,null,"Laos",null,null,null,"Saint Vincent And The Grenadines"]
[null,null,null,"Acetochlor","Acetochlor",null,"Acetochlor","Spain","Acetochlor","Acetochlor",null,null,null,null,null,null,null,null,null,null,null,null,null,null,null,null,null,null,null,null,null,null,null,null,null,null,null,null,null,null,null,null,null,null,null,null,null,null,null,null,null,null,null,null,null,null,null,null,null,null,null,null,null,null,null,null,null,null,null,null,null,null,null,null,null,"Latvia",null,null,null,"Spain"]
[null,null,null,"Acetohydroxamic acid","Acetohydroxamic acid",null,"Acetohydroxamic acid","Ethiopia","Acetohydroxamic acid","Acetohydroxamic acid",null,null,null,null,null,null,null,null,null,null,null,null,null,null,null,null,null,null,null,null,null,null,null,null,null,null,null,null,null,null,null,null,null,null,null,null,null,null,null,null,null,null,null,null,null,null,null,null,null,null,null,null,null,null,null,null,null,null,null,null,null,null,null,null,null,"Lebanon",null,null,null,"Ethiopia"]
[null,null,null,"Acifluorfen sodium","Acifluorfen sodium",null,"Acifluorfen sodium","Venezuela","Acifluorfen sodium","Acifluorfen sodium",null,null,null,null,null,null,null,null,null,null,null,null,null,null,null,null,null,null,null,null,null,null,null,null,null,null,null,null,null,null,null,null,null,null,null,null,null,null,null,null,null,null,null,null,null,null,null,null,null,null,null,null,null,null,null,null,null,null,null,null,null,null,null,null,null,"Lesotho",null,null,null,"Venezuela"]
[null,null,null,"Acrylamide","Acrylamide",null,"Acrylamide","British Virgin Islands","Acrylamide","Acrylamide",null,null,null,null,null,null,null,null,null,null,null,null,null,null,null,null,null,null,null,null,null,null,null,null,null,null,null,null,null,null,null,null,null,null,null,null,null,null,null,null,null,null,null,null,null,null,null,null,null,null,null,null,null,null,null,null,null,null,null,null,null,null,null,null,null,"Liberia",null,null,null,"British Virgin Islands"]
[null,null,null,"Acrylonitrile","Acrylonitrile",null,"Acrylonitrile","US Virgin Islands","Acrylonitrile","Acrylonitrile",null,null,null,null,null,null,null,null,null,null,null,null,null,null,null,null,null,null,null,null,null,null,null,null,null,null,null,null,null,null,null,null,null,null,null,null,null,null,null,null,null,null,null,null,null,null,null,null,null,null,null,null,null,null,null,null,null,null,null,null,null,null,null,null,null,"Libya",null,null,null,"US Virgin Islands"]
[null,null,null,"Actinomycin D","Actinomycin D",null,"Actinomycin D","Vietnam","Actinomycin D","Actinomycin D",null,null,null,null,null,null,null,null,null,null,null,null,null,null,null,null,null,null,null,null,null,null,null,null,null,null,null,null,null,null,null,null,null,null,null,null,null,null,null,null,null,null,null,null,null,null,null,null,null,null,null,null,null,null,null,null,null,null,null,null,null,null,null,null,null,"Liechtenstein",null,null,null,"Vietnam"]
[null,null,null,"AF-2;[2-(2-furyl)-3-(5-nitro-2-furyl)]acrylamide","AF-2;[2-(2-furyl)-3-(5-nitro-2-furyl)]acrylamide",null,"AF-2;[2-(2-furyl)-3-(5-nitro-2-furyl)]acrylamide","Vanuatu","AF-2;[2-(2-furyl)-3-(5-nitro-2-furyl)]acrylamide","AF-2;[2-(2-furyl)-3-(5-nitro-2-furyl)]acrylamide",null,null,null,null,null,null,null,null,null,null,null,null,null,null,null,null,null,null,null,null,null,null,null,null,null,null,null,null,null,null,null,null,null,null,null,null,null,null,null,null,null,null,null,null,null,null,null,null,null,null,null,null,null,null,null,null,null,null,null,null,null,null,null,null,null,"Lithuania",null,null,null,"Vanuatu"]
[null,null,null,"Aflatoxins","Aflatoxins",null,"Aflatoxins","Finland","Aflatoxins","Aflatoxins",null,null,null,null,null,null,null,null,null,null,null,null,null,null,null,null,null,null,null,null,null,null,null,null,null,null,null,null,null,null,null,null,null,null,null,null,null,null,null,null,null,null,null,null,null,null,null,null,null,null,null,null,null,null,null,null,null,null,null,null,null,null,null,null,null,"Luxembourg",null,null,null,"Finland"]
[null,null,null,"Alachlor","Alachlor",null,"Alachlor","Fiji","Alachlor","Alachlor",null,null,null,null,null,null,null,null,null,null,null,null,null,null,null,null,null,null,null,null,null,null,null,null,null,null,null,null,null,null,null,null,null,null,null,null,null,null,null,null,null,null,null,null,null,null,null,null,null,null,null,null,null,null,null,null,null,null,null,null,null,null,null,null,null,"Macau",null,null,null,"Fiji"]
[null,null,null,"Alcoholic beverages, when associated with alcohol abuse","Alcoholic beverages, when associated with alcohol abuse",null,"Alcoholic beverages, when associated with alcohol abuse","Falkland Islands","Alcoholic beverages, when associated with alcohol abuse","Alcoholic beverages, when associated with alcohol abuse",null,null,null,null,null,null,null,null,null,null,null,null,null,null,null,null,null,null,null,null,null,null,null,null,null,null,null,null,null,null,null,null,null,null,null,null,null,null,null,null,null,null,null,null,null,null,null,null,null,null,null,null,null,null,null,null,null,null,null,null,null,null,null,null,null,"Macedonia",null,null,null,"Falkland Islands"]
[null,null,null,"Aldrin","Aldrin",null,"Aldrin","Micronesia","Aldrin","Aldrin",null,null,null,null,null,null,null,null,null,null,null,null,null,null,null,null,null,null,null,null,null,null,null,null,null,null,null,null,null,null,null,null,null,null,null,null,null,null,null,null,null,null,null,null,null,null,null,null,null,null,null,null,null,null,null,null,null,null,null,null,null,null,null,null,null,"Madagascar",null,null,null,"Micronesia"]
[null,null,null,"All-trans retinoic acid","All-trans retinoic acid",null,"All-trans retinoic acid","Faroe Islands","All-trans retinoic acid","All-trans retinoic acid",null,null,null,null,null,null,null,null,null,null,null,null,null,null,null,null,null,null,null,null,null,null,null,null,null,null,null,null,null,null,null,null,null,null,null,null,null,null,null,null,null,null,null,null,null,null,null,null,null,null,null,null,null,null,null,null,null,null,null,null,null,null,null,null,null,"Malawi",null,null,null,"Faroe Islands"]
[null,null,null,"Aloe Vera, non-decolorized whole leaf extract","Aloe Vera, non-decolorized whole leaf extract",null,"Aloe Vera, non-decolorized whole leaf extract","France","Aloe Vera, non-decolorized whole leaf extract","Aloe Vera, non-decolorized whole leaf extract",null,null,null,null,null,null,null,null,null,null,null,null,null,null,null,null,null,null,null,null,null,null,null,null,null,null,null,null,null,null,null,null,null,null,null,null,null,null,null,null,null,null,null,null,null,null,null,null,null,null,null,null,null,null,null,null,null,null,null,null,null,null,null,null,null,"Malaysia",null,null,null,"France"]
[null,null,null,"Alprazolam","Alprazolam",null,"Alprazolam","Wallis and Futuna","Alprazolam","Alprazolam",null,null,null,null,null,null,null,null,null,null,null,null,null,null,null,null,null,null,null,null,null,null,null,null,null,null,null,null,null,null,null,null,null,null,null,null,null,null,null,null,null,null,null,null,null,null,null,null,null,null,null,null,null,null,null,null,null,null,null,null,null,null,null,null,null,"Maldives",null,null,null,"Wallis and Futuna"]
[null,null,null,"Altretamine","Altretamine",null,"Altretamine","Gabon","Altretamine","Altretamine",null,null,null,null,null,null,null,null,null,null,null,null,null,null,null,null,null,null,null,null,null,null,null,null,null,null,null,null,null,null,null,null,null,null,null,null,null,null,null,null,null,null,null,null,null,null,null,null,null,null,null,null,null,null,null,null,null,null,null,null,null,null,null,null,null,"Mali",null,null,null,"Gabon"]
[null,null,null,"Amantadine hydrochloride","Amantadine hydrochloride",null,"Amantadine hydrochloride","Samoa","Amantadine hydrochloride","Amantadine hydrochloride",null,null,null,null,null,null,null,null,null,null,null,null,null,null,null,null,null,null,null,null,null,null,null,null,null,null,null,null,null,null,null,null,null,null,null,null,null,null,null,null,null,null,null,null,null,null,null,null,null,null,null,null,null,null,null,null,null,null,null,null,null,null,null,null,null,"Malta",null,null,null,"Samoa"]
[null,null,null,"Amikacin sulfate","Amikacin sulfate",null,"Amikacin sulfate","Grenada","Amikacin sulfate","Amikacin sulfate",null,null,null,null,null,null,null,null,null,null,null,null,null,null,null,null,null,null,null,null,null,null,null,null,null,null,null,null,null,null,null,null,null,null,null,null,null,null,null,null,null,null,null,null,null,null,null,null,null,null,null,null,null,null,null,null,null,null,null,null,null,null,null,null,null,"Marshall Islands",null,null,null,"Grenada"]
[null,null,null,"Aminoglutethimide","Aminoglutethimide",null,"Aminoglutethimide","Georgia","Aminoglutethimide","Aminoglutethimide",null,null,null,null,null,null,null,null,null,null,null,null,null,null,null,null,null,null,null,null,null,null,null,null,null,null,null,null,null,null,null,null,null,null,null,null,null,null,null,null,null,null,null,null,null,null,null,null,null,null,null,null,null,null,null,null,null,null,null,null,null,null,null,null,null,"Martinique",null,null,null,"Georgia"]
[null,null,null,"Aminoglycosides","Aminoglycosides",null,"Aminoglycosides","French Guiana","Aminoglycosides","Aminoglycosides",null,null,null,null,null,null,null,null,null,null,null,null,null,null,null,null,null,null,null,null,null,null,null,null,null,null,null,null,null,null,null,null,null,null,null,null,null,null,null,null,null,null,null,null,null,null,null,null,null,null,null,null,null,null,null,null,null,null,null,null,null,null,null,null,null,"Mauritania",null,null,null,"French Guiana"]
[null,null,null,"Aminopterin","Aminopterin",null,"Aminopterin","Guernsey","Aminopterin","Aminopterin",null,null,null,null,null,null,null,null,null,null,null,null,null,null,null,null,null,null,null,null,null,null,null,null,null,null,null,null,null,null,null,null,null,null,null,null,null,null,null,null,null,null,null,null,null,null,null,null,null,null,null,null,null,null,null,null,null,null,null,null,null,null,null,null,null,"Mauritius",null,null,null,"Guernsey"]
[null,null,null,"Amiodarone hydrochloride","Amiodarone hydrochloride",null,"Amiodarone hydrochloride","Ghana","Amiodarone hydrochloride","Amiodarone hydrochloride",null,null,null,null,null,null,null,null,null,null,null,null,null,null,null,null,null,null,null,null,null,null,null,null,null,null,null,null,null,null,null,null,null,null,null,null,null,null,null,null,null,null,null,null,null,null,null,null,null,null,null,null,null,null,null,null,null,null,null,null,null,null,null,null,null,"Mayotte",null,null,null,"Ghana"]
[null,null,null,"Amitraz","Amitraz",null,"Amitraz","Gibraltar","Amitraz","Amitraz",null,null,null,null,null,null,null,null,null,null,null,null,null,null,null,null,null,null,null,null,null,null,null,null,null,null,null,null,null,null,null,null,null,null,null,null,null,null,null,null,null,null,null,null,null,null,null,null,null,null,null,null,null,null,null,null,null,null,null,null,null,null,null,null,null,"Mexico",null,null,null,"Gibraltar"]
[null,null,null,"Amitrole","Amitrole",null,"Amitrole","Greenland","Amitrole","Amitrole",null,null,null,null,null,null,null,null,null,null,null,null,null,null,null,null,null,null,null,null,null,null,null,null,null,null,null,null,null,null,null,null,null,null,null,null,null,null,null,null,null,null,null,null,null,null,null,null,null,null,null,null,null,null,null,null,null,null,null,null,null,null,null,null,null,"Micronesia",null,null,null,"Greenland"]
[null,null,null,"Amoxapine","Amoxapine",null,"Amoxapine","Gambia","Amoxapine","Amoxapine",null,null,null,null,null,null,null,null,null,null,null,null,null,null,null,null,null,null,null,null,null,null,null,null,null,null,null,null,null,null,null,null,null,null,null,null,null,null,null,null,null,null,null,null,null,null,null,null,null,null,null,null,null,null,null,null,null,null,null,null,null,null,null,null,null,"Moldova",null,null,null,"Gambia"]
[null,null,null,"Amsacrine","Amsacrine",null,"Amsacrine","Guinea","Amsacrine","Amsacrine",null,null,null,null,null,null,null,null,null,null,null,null,null,null,null,null,null,null,null,null,null,null,null,null,null,null,null,null,null,null,null,null,null,null,null,null,null,null,null,null,null,null,null,null,null,null,null,null,null,null,null,null,null,null,null,null,null,null,null,null,null,null,null,null,null,"Monaco",null,null,null,"Guinea"]
[null,null,null,"Anabolic steroids","Anabolic steroids",null,"Anabolic steroids","Guadeloupe","Anabolic steroids","Anabolic steroids",null,null,null,null,null,null,null,null,null,null,null,null,null,null,null,null,null,null,null,null,null,null,null,null,null,null,null,null,null,null,null,null,null,null,null,null,null,null,null,null,null,null,null,null,null,null,null,null,null,null,null,null,null,null,null,null,null,null,null,null,null,null,null,null,null,"Mongolia",null,null,null,"Guadeloupe"]
[null,null,null,"Analgesic mixtures containing Phenacetin","Analgesic mixtures containing Phenacetin",null,"Analgesic mixtures containing Phenacetin","Equatorial Guinea","Analgesic mixtures containing Phenacetin","Analgesic mixtures containing Phenacetin",null,null,null,null,null,null,null,null,null,null,null,null,null,null,null,null,null,null,null,null,null,null,null,null,null,null,null,null,null,null,null,null,null,null,null,null,null,null,null,null,null,null,null,null,null,null,null,null,null,null,null,null,null,null,null,null,null,null,null,null,null,null,null,null,null,"Montserrat",null,null,null,"Equatorial Guinea"]
[null,null,null,"Androstenedione","Androstenedione",null,"Androstenedione","Greece","Androstenedione","Androstenedione",null,null,null,null,null,null,null,null,null,null,null,null,null,null,null,null,null,null,null,null,null,null,null,null,null,null,null,null,null,null,null,null,null,null,null,null,null,null,null,null,null,null,null,null,null,null,null,null,null,null,null,null,null,null,null,null,null,null,null,null,null,null,null,null,null,"Morocco",null,null,null,"Greece"]
[null,null,null,"Angiotensin converting enzyme (ACE) inhibitors","Angiotensin converting enzyme (ACE) inhibitors",null,"Angiotensin converting enzyme (ACE) inhibitors","S. Georgia and S. Sandwich Isls.","Angiotensin converting enzyme (ACE) inhibitors","Angiotensin converting enzyme (ACE) inhibitors",null,null,null,null,null,null,null,null,null,null,null,null,null,null,null,null,null,null,null,null,null,null,null,null,null,null,null,null,null,null,null,null,null,null,null,null,null,null,null,null,null,null,null,null,null,null,null,null,null,null,null,null,null,null,null,null,null,null,null,null,null,null,null,null,null,"Mozambique",null,null,null,"S. Georgia and S. Sandwich Isls."]
[null,null,null,"Aniline","Aniline",null,"Aniline","Guatemala","Aniline","Aniline",null,null,null,null,null,null,null,null,null,null,null,null,null,null,null,null,null,null,null,null,null,null,null,null,null,null,null,null,null,null,null,null,null,null,null,null,null,null,null,null,null,null,null,null,null,null,null,null,null,null,null,null,null,null,null,null,null,null,null,null,null,null,null,null,null,"Namibia",null,null,null,"Guatemala"]
[null,null,null,"Aniline hydrochloride","Aniline hydrochloride",null,"Aniline hydrochloride","Guam","Aniline hydrochloride","Aniline hydrochloride",null,null,null,null,null,null,null,null,null,null,null,null,null,null,null,null,null,null,null,null,null,null,null,null,null,null,null,null,null,null,null,null,null,null,null,null,null,null,null,null,null,null,null,null,null,null,null,null,null,null,null,null,null,null,null,null,null,null,null,null,null,null,null,null,null,"Nauru",null,null,null,"Guam"]
[null,null,null,"Anisindione","Anisindione",null,"Anisindione","Guinea-Bissau","Anisindione","Anisindione",null,null,null,null,null,null,null,null,null,null,null,null,null,null,null,null,null,null,null,null,null,null,null,null,null,null,null,null,null,null,null,null,null,null,null,null,null,null,null,null,null,null,null,null,null,null,null,null,null,null,null,null,null,null,null,null,null,null,null,null,null,null,null,null,null,"Nepal",null,null,null,"Guinea-Bissau"]
[null,null,null,"Anthraquinone","Anthraquinone",null,"Anthraquinone","Guyana","Anthraquinone","Anthraquinone",null,null,null,null,null,null,null,null,null,null,null,null,null,null,null,null,null,null,null,null,null,null,null,null,null,null,null,null,null,null,null,null,null,null,null,null,null,null,null,null,null,null,null,null,null,null,null,null,null,null,null,null,null,null,null,null,null,null,null,null,null,null,null,null,null,"Netherlands",null,null,null,"Guyana"]
[null,null,null,"Antimony oxide (Antimony trioxide)","Antimony oxide (Antimony trioxide)",null,"Antimony oxide (Antimony trioxide)","Hong Kong","Antimony oxide (Antimony trioxide)","Antimony oxide (Antimony trioxide)",null,null,null,null,null,null,null,null,null,null,null,null,null,null,null,null,null,null,null,null,null,null,null,null,null,null,null,null,null,null,null,null,null,null,null,null,null,null,null,null,null,null,null,null,null,null,null,null,null,null,null,null,null,null,null,null,null,null,null,null,null,null,null,null,null,"Netherlands Antilles",null,null,null,"Hong Kong"]
[null,null,null,"Aramite","Aramite",null,"Aramite","Heard and McDonald Islands","Aramite","Aramite",null,null,null,null,null,null,null,null,null,null,null,null,null,null,null,null,null,null,null,null,null,null,null,null,null,null,null,null,null,null,null,null,null,null,null,null,null,null,null,null,null,null,null,null,null,null,null,null,null,null,null,null,null,null,null,null,null,null,null,null,null,null,null,null,null,"New Caledonia",null,null,null,"Heard and McDonald Islands"]
[null,null,null,"Areca nut","Areca nut",null,"Areca nut","Honduras","Areca nut","Areca nut",null,null,null,null,null,null,null,null,null,null,null,null,null,null,null,null,null,null,null,null,null,null,null,null,null,null,null,null,null,null,null,null,null,null,null,null,null,null,null,null,null,null,null,null,null,null,null,null,null,null,null,null,null,null,null,null,null,null,null,null,null,null,null,null,null,"New Zealand",null,null,null,"Honduras"]
[null,null,null,"Aristolochic acids","Aristolochic acids",null,"Aristolochic acids","Croatia","Aristolochic acids","Aristolochic acids",null,null,null,null,null,null,null,null,null,null,null,null,null,null,null,null,null,null,null,null,null,null,null,null,null,null,null,null,null,null,null,null,null,null,null,null,null,null,null,null,null,null,null,null,null,null,null,null,null,null,null,null,null,null,null,null,null,null,null,null,null,null,null,null,null,"Nicaragua",null,null,null,"Croatia"]
[null,null,null,"Arsenic (inorganic arsenic compounds)","Arsenic (inorganic arsenic compounds)",null,"Arsenic (inorganic arsenic compounds)","Haiti","Arsenic (inorganic arsenic compounds)","Arsenic (inorganic arsenic compounds)",null,null,null,null,null,null,null,null,null,null,null,null,null,null,null,null,null,null,null,null,null,null,null,null,null,null,null,null,null,null,null,null,null,null,null,null,null,null,null,null,null,null,null,null,null,null,null,null,null,null,null,null,null,null,null,null,null,null,null,null,null,null,null,null,null,"Niger",null,null,null,"Haiti"]
[null,null,null,"Arsenic (inorganic oxides)","Arsenic (inorganic oxides)",null,"Arsenic (inorganic oxides)","Yemen","Arsenic (inorganic oxides)","Arsenic (inorganic oxides)",null,null,null,null,null,null,null,null,null,null,null,null,null,null,null,null,null,null,null,null,null,null,null,null,null,null,null,null,null,null,null,null,null,null,null,null,null,null,null,null,null,null,null,null,null,null,null,null,null,null,null,null,null,null,null,null,null,null,null,null,null,null,null,null,null,"Nigeria",null,null,null,"Yemen"]
[null,null,null,"Asbestos","Asbestos",null,"Asbestos","Hungary","Asbestos","Asbestos",null,null,null,null,null,null,null,null,null,null,null,null,null,null,null,null,null,null,null,null,null,null,null,null,null,null,null,null,null,null,null,null,null,null,null,null,null,null,null,null,null,null,null,null,null,null,null,null,null,null,null,null,null,null,null,null,null,null,null,null,null,null,null,null,null,"Niue",null,null,null,"Hungary"]
[null,null,null,"Aspirin","Aspirin",null,"Aspirin","Canary Islands","Aspirin","Aspirin",null,null,null,null,null,null,null,null,null,null,null,null,null,null,null,null,null,null,null,null,null,null,null,null,null,null,null,null,null,null,null,null,null,null,null,null,null,null,null,null,null,null,null,null,null,null,null,null,null,null,null,null,null,null,null,null,null,null,null,null,null,null,null,null,null,"Norfolk Island",null,null,null,"Canary Islands"]
[null,null,null,"Atenolol","Atenolol",null,"Atenolol","Indonesia","Atenolol","Atenolol",null,null,null,null,null,null,null,null,null,null,null,null,null,null,null,null,null,null,null,null,null,null,null,null,null,null,null,null,null,null,null,null,null,null,null,null,null,null,null,null,null,null,null,null,null,null,null,null,null,null,null,null,null,null,null,null,null,null,null,null,null,null,null,null,null,"North Korea",null,null,null,"Indonesia"]
[null,null,null,"Atrazine","Atrazine",null,"Atrazine","Mayotte","Atrazine","Atrazine",null,null,null,null,null,null,null,null,null,null,null,null,null,null,null,null,null,null,null,null,null,null,null,null,null,null,null,null,null,null,null,null,null,null,null,null,null,null,null,null,null,null,null,null,null,null,null,null,null,null,null,null,null,null,null,null,null,null,null,null,null,null,null,null,null,"Northern Mariana Islands",null,null,null,"Mayotte"]
[null,null,null,"Auramine","Auramine",null,"Auramine","Ireland","Auramine","Auramine",null,null,null,null,null,null,null,null,null,null,null,null,null,null,null,null,null,null,null,null,null,null,null,null,null,null,null,null,null,null,null,null,null,null,null,null,null,null,null,null,null,null,null,null,null,null,null,null,null,null,null,null,null,null,null,null,null,null,null,null,null,null,null,null,null,"Norway",null,null,null,"Ireland"]
[null,null,null,"Auranofin","Auranofin",null,"Auranofin","Israel","Auranofin","Auranofin",null,null,null,null,null,null,null,null,null,null,null,null,null,null,null,null,null,null,null,null,null,null,null,null,null,null,null,null,null,null,null,null,null,null,null,null,null,null,null,null,null,null,null,null,null,null,null,null,null,null,null,null,null,null,null,null,null,null,null,null,null,null,null,null,null,"Oman",null,null,null,"Israel"]
[null,null,null,"Avermectin B1 (Abamectin)","Avermectin B1 (Abamectin)",null,"Avermectin B1 (Abamectin)","Isle of Man","Avermectin B1 (Abamectin)","Avermectin B1 (Abamectin)",null,null,null,null,null,null,null,null,null,null,null,null,null,null,null,null,null,null,null,null,null,null,null,null,null,null,null,null,null,null,null,null,null,null,null,null,null,null,null,null,null,null,null,null,null,null,null,null,null,null,null,null,null,null,null,null,null,null,null,null,null,null,null,null,null,"Pakistan",null,null,null,"Isle of Man"]
[null,null,null,"Azacitidine","Azacitidine",null,"Azacitidine","India","Azacitidine","Azacitidine",null,null,null,null,null,null,null,null,null,null,null,null,null,null,null,null,null,null,null,null,null,null,null,null,null,null,null,null,null,null,null,null,null,null,null,null,null,null,null,null,null,null,null,null,null,null,null,null,null,null,null,null,null,null,null,null,null,null,null,null,null,null,null,null,null,"Palau",null,null,null,"India"]
[null,null,null,"Azaserine","Azaserine",null,"Azaserine","British Indian Ocean Territory","Azaserine","Azaserine",null,null,null,null,null,null,null,null,null,null,null,null,null,null,null,null,null,null,null,null,null,null,null,null,null,null,null,null,null,null,null,null,null,null,null,null,null,null,null,null,null,null,null,null,null,null,null,null,null,null,null,null,null,null,null,null,null,null,null,null,null,null,null,null,null,"Palestinian Territory",null,null,null,"British Indian Ocean Territory"]
[null,null,null,"Azathioprine","Azathioprine",null,"Azathioprine","South Africa","Azathioprine","Azathioprine",null,null,null,null,null,null,null,null,null,null,null,null,null,null,null,null,null,null,null,null,null,null,null,null,null,null,null,null,null,null,null,null,null,null,null,null,null,null,null,null,null,null,null,null,null,null,null,null,null,null,null,null,null,null,null,null,null,null,null,null,null,null,null,null,null,"Panama",null,null,null,"South Africa"]
[null,null,null,"Azobenzene","Azobenzene",null,"Azobenzene","Iraq","Azobenzene","Azobenzene",null,null,null,null,null,null,null,null,null,null,null,null,null,null,null,null,null,null,null,null,null,null,null,null,null,null,null,null,null,null,null,null,null,null,null,null,null,null,null,null,null,null,null,null,null,null,null,null,null,null,null,null,null,null,null,null,null,null,null,null,null,null,null,null,null,"Papua New Guinea",null,null,null,"Iraq"]
[null,null,null,"Barbiturates","Barbiturates",null,"Barbiturates","Iran","Barbiturates","Barbiturates",null,null,null,null,null,null,null,null,null,null,null,null,null,null,null,null,null,null,null,null,null,null,null,null,null,null,null,null,null,null,null,null,null,null,null,null,null,null,null,null,null,null,null,null,null,null,null,null,null,null,null,null,null,null,null,null,null,null,null,null,null,null,null,null,null,"Paraguay",null,null,null,"Iran"]
[null,null,null,"Beclomethasone dipropionate","Beclomethasone dipropionate",null,"Beclomethasone dipropionate","Iceland","Beclomethasone dipropionate","Beclomethasone dipropionate",null,null,null,null,null,null,null,null,null,null,null,null,null,null,null,null,null,null,null,null,null,null,null,null,null,null,null,null,null,null,null,null,null,null,null,null,null,null,null,null,null,null,null,null,null,null,null,null,null,null,null,null,null,null,null,null,null,null,null,null,null,null,null,null,null,"Peru",null,null,null,"Iceland"]
[null,null,null,"Benomyl","Benomyl",null,"Benomyl","Italy","Benomyl","Benomyl",null,null,null,null,null,null,null,null,null,null,null,null,null,null,null,null,null,null,null,null,null,null,null,null,null,null,null,null,null,null,null,null,null,null,null,null,null,null,null,null,null,null,null,null,null,null,null,null,null,null,null,null,null,null,null,null,null,null,null,null,null,null,null,null,null,"Philippines",null,null,null,"Italy"]
[null,null,null,"Benthiavalicarb-isopropyl","Benthiavalicarb-isopropyl",null,"Benthiavalicarb-isopropyl","Zambia","Benthiavalicarb-isopropyl","Benthiavalicarb-isopropyl",null,null,null,null,null,null,null,null,null,null,null,null,null,null,null,null,null,null,null,null,null,null,null,null,null,null,null,null,null,null,null,null,null,null,null,null,null,null,null,null,null,null,null,null,null,null,null,null,null,null,null,null,null,null,null,null,null,null,null,null,null,null,null,null,null,"Pitcairn Islands",null,null,null,"Zambia"]
[null,null,null,"Benz[a]anthracene","Benz[a]anthracene",null,"Benz[a]anthracene","Zaire","Benz[a]anthracene","Benz[a]anthracene",null,null,null,null,null,null,null,null,null,null,null,null,null,null,null,null,null,null,null,null,null,null,null,null,null,null,null,null,null,null,null,null,null,null,null,null,null,null,null,null,null,null,null,null,null,null,null,null,null,null,null,null,null,null,null,null,null,null,null,null,null,null,null,null,null,"Poland",null,null,null,"Zaire"]
[null,null,null,"Benzene","Benzene",null,"Benzene","Jersey","Benzene","Benzene",null,null,null,null,null,null,null,null,null,null,null,null,null,null,null,null,null,null,null,null,null,null,null,null,null,null,null,null,null,null,null,null,null,null,null,null,null,null,null,null,null,null,null,null,null,null,null,null,null,null,null,null,null,null,null,null,null,null,null,null,null,null,null,null,null,"Portugal",null,null,null,"Jersey"]
[null,null,null,"Benzidine [and its salts]","Benzidine [and its salts]",null,"Benzidine [and its salts]","Zimbabwe","Benzidine [and its salts]","Benzidine [and its salts]",null,null,null,null,null,null,null,null,null,null,null,null,null,null,null,null,null,null,null,null,null,null,null,null,null,null,null,null,null,null,null,null,null,null,null,null,null,null,null,null,null,null,null,null,null,null,null,null,null,null,null,null,null,null,null,null,null,null,null,null,null,null,null,null,null,"Puerto Rico",null,null,null,"Zimbabwe"]
[null,null,null,"Benzidine-based dyes","Benzidine-based dyes",null,"Benzidine-based dyes","Jamaica","Benzidine-based dyes","Benzidine-based dyes",null,null,null,null,null,null,null,null,null,null,null,null,null,null,null,null,null,null,null,null,null,null,null,null,null,null,null,null,null,null,null,null,null,null,null,null,null,null,null,null,null,null,null,null,null,null,null,null,null,null,null,null,null,null,null,null,null,null,null,null,null,null,null,null,null,"Qatar",null,null,null,"Jamaica"]
[null,null,null,"Benzo[a]pyrene","Benzo[a]pyrene",null,"Benzo[a]pyrene","Jordan","Benzo[a]pyrene","Benzo[a]pyrene",null,null,null,null,null,null,null,null,null,null,null,null,null,null,null,null,null,null,null,null,null,null,null,null,null,null,null,null,null,null,null,null,null,null,null,null,null,null,null,null,null,null,null,null,null,null,null,null,null,null,null,null,null,null,null,null,null,null,null,null,null,null,null,null,null,"Republic of Congo",null,null,null,"Jordan"]
[null,null,null,"Benzo[b]fluoranthene","Benzo[b]fluoranthene",null,"Benzo[b]fluoranthene","Japan","Benzo[b]fluoranthene","Benzo[b]fluoranthene",null,null,null,null,null,null,null,null,null,null,null,null,null,null,null,null,null,null,null,null,null,null,null,null,null,null,null,null,null,null,null,null,null,null,null,null,null,null,null,null,null,null,null,null,null,null,null,null,null,null,null,null,null,null,null,null,null,null,null,null,null,null,null,null,null,"Reunion",null,null,null,"Japan"]
[null,null,null,"Benzo[j]fluoranthene","Benzo[j]fluoranthene",null,"Benzo[j]fluoranthene","Unknown","Benzo[j]fluoranthene","Benzo[j]fluoranthene",null,null,null,null,null,null,null,null,null,null,null,null,null,null,null,null,null,null,null,null,null,null,null,null,null,null,null,null,null,null,null,null,null,null,null,null,null,null,null,null,null,null,null,null,null,null,null,null,null,null,null,null,null,null,null,null,null,null,null,null,null,null,null,null,null,"Romania",null,null,null,"Unknown"]
[null,null,null,"Benzo[k]fluoranthene","Benzo[k]fluoranthene",null,"Benzo[k]fluoranthene","Kenya","Benzo[k]fluoranthene","Benzo[k]fluoranthene",null,null,null,null,null,null,null,null,null,null,null,null,null,null,null,null,null,null,null,null,null,null,null,null,null,null,null,null,null,null,null,null,null,null,null,null,null,null,null,null,null,null,null,null,null,null,null,null,null,null,null,null,null,null,null,null,null,null,null,null,null,null,null,null,null,"Russia",null,null,null,"Kenya"]
[null,null,null,"Benzodiazepines","Benzodiazepines",null,"Benzodiazepines","Kyrgyzstan","Benzodiazepines","Benzodiazepines",null,null,null,null,null,null,null,null,null,null,null,null,null,null,null,null,null,null,null,null,null,null,null,null,null,null,null,null,null,null,null,null,null,null,null,null,null,null,null,null,null,null,null,null,null,null,null,null,null,null,null,null,null,null,null,null,null,null,null,null,null,null,null,null,null,"Rwanda",null,null,null,"Kyrgyzstan"]
[null,null,null,"Benzofuran","Benzofuran",null,"Benzofuran","Cambodia","Benzofuran","Benzofuran",null,null,null,null,null,null,null,null,null,null,null,null,null,null,null,null,null,null,null,null,null,null,null,null,null,null,null,null,null,null,null,null,null,null,null,null,null,null,null,null,null,null,null,null,null,null,null,null,null,null,null,null,null,null,null,null,null,null,null,null,null,null,null,null,null,"Saint Helena",null,null,null,"Cambodia"]
[null,null,null,"Benzophenone","Benzophenone",null,"Benzophenone","Kiribati","Benzophenone","Benzophenone",null,null,null,null,null,null,null,null,null,null,null,null,null,null,null,null,null,null,null,null,null,null,null,null,null,null,null,null,null,null,null,null,null,null,null,null,null,null,null,null,null,null,null,null,null,null,null,null,null,null,null,null,null,null,null,null,null,null,null,null,null,null,null,null,null,"Saint Kitts & Nevis",null,null,null,"Kiribati"]
[null,null,null,"Benzotrichloride","Benzotrichloride",null,"Benzotrichloride","Comoros","Benzotrichloride","Benzotrichloride",null,null,null,null,null,null,null,null,null,null,null,null,null,null,null,null,null,null,null,null,null,null,null,null,null,null,null,null,null,null,null,null,null,null,null,null,null,null,null,null,null,null,null,null,null,null,null,null,null,null,null,null,null,null,null,null,null,null,null,null,null,null,null,null,null,"Saint Lucia",null,null,null,"Comoros"]
[null,null,null,"Benzphetamine hydrochloride","Benzphetamine hydrochloride",null,"Benzphetamine hydrochloride","Saint Kitts And Nevis","Benzphetamine hydrochloride","Benzphetamine hydrochloride",null,null,null,null,null,null,null,null,null,null,null,null,null,null,null,null,null,null,null,null,null,null,null,null,null,null,null,null,null,null,null,null,null,null,null,null,null,null,null,null,null,null,null,null,null,null,null,null,null,null,null,null,null,null,null,null,null,null,null,null,null,null,null,null,null,"Saint Martin",null,null,null,"Saint Kitts And Nevis"]
[null,null,null,"Benzyl chloride","Benzyl chloride",null,"Benzyl chloride","North Korea","Benzyl chloride","Benzyl chloride",null,null,null,null,null,null,null,null,null,null,null,null,null,null,null,null,null,null,null,null,null,null,null,null,null,null,null,null,null,null,null,null,null,null,null,null,null,null,null,null,null,null,null,null,null,null,null,null,null,null,null,null,null,null,null,null,null,null,null,null,null,null,null,null,null,"Saint Pierre & Miquelon",null,null,null,"North Korea"]
[null,null,null,"Benzyl violet 4B","Benzyl violet 4B",null,"Benzyl violet 4B","South Korea","Benzyl violet 4B","Benzyl violet 4B",null,null,null,null,null,null,null,null,null,null,null,null,null,null,null,null,null,null,null,null,null,null,null,null,null,null,null,null,null,null,null,null,null,null,null,null,null,null,null,null,null,null,null,null,null,null,null,null,null,null,null,null,null,null,null,null,null,null,null,null,null,null,null,null,null,"Saint Vincent & Grenadines",null,null,null,"South Korea"]
[null,null,null,"Beryllium","Beryllium",null,"Beryllium","Kuwait","Beryllium","Beryllium",null,null,null,null,null,null,null,null,null,null,null,null,null,null,null,null,null,null,null,null,null,null,null,null,null,null,null,null,null,null,null,null,null,null,null,null,null,null,null,null,null,null,null,null,null,null,null,null,null,null,null,null,null,null,null,null,null,null,null,null,null,null,null,null,null,"Samoa",null,null,null,"Kuwait"]
[null,null,null,"Beryllium and beryllium compounds","Beryllium and beryllium compounds",null,"Beryllium and beryllium compounds","Cayman Islands","Beryllium and beryllium compounds","Beryllium and beryllium compounds",null,null,null,null,null,null,null,null,null,null,null,null,null,null,null,null,null,null,null,null,null,null,null,null,null,null,null,null,null,null,null,null,null,null,null,null,null,null,null,null,null,null,null,null,null,null,null,null,null,null,null,null,null,null,null,null,null,null,null,null,null,null,null,null,null,"San Marino",null,null,null,"Cayman Islands"]
[null,null,null,"Beryllium oxide","Beryllium oxide",null,"Beryllium oxide","Kazakhstan","Beryllium oxide","Beryllium oxide",null,null,null,null,null,null,null,null,null,null,null,null,null,null,null,null,null,null,null,null,null,null,null,null,null,null,null,null,null,null,null,null,null,null,null,null,null,null,null,null,null,null,null,null,null,null,null,null,null,null,null,null,null,null,null,null,null,null,null,null,null,null,null,null,null,"Sao Tome & Principe",null,null,null,"Kazakhstan"]
[null,null,null,"Beryllium sulfate","Beryllium sulfate",null,"Beryllium sulfate","Laos","Beryllium sulfate","Beryllium sulfate",null,null,null,null,null,null,null,null,null,null,null,null,null,null,null,null,null,null,null,null,null,null,null,null,null,null,null,null,null,null,null,null,null,null,null,null,null,null,null,null,null,null,null,null,null,null,null,null,null,null,null,null,null,null,null,null,null,null,null,null,null,null,null,null,null,"Saudi Arabia",null,null,null,"Laos"]
[null,null,null,"beta-Butyrolactone","beta-Butyrolactone",null,"beta-Butyrolactone","Lebanon","beta-Butyrolactone","beta-Butyrolactone",null,null,null,null,null,null,null,null,null,null,null,null,null,null,null,null,null,null,null,null,null,null,null,null,null,null,null,null,null,null,null,null,null,null,null,null,null,null,null,null,null,null,null,null,null,null,null,null,null,null,null,null,null,null,null,null,null,null,null,null,null,null,null,null,null,"Senegal",null,null,null,"Lebanon"]
[null,null,null,"beta-Myrcene","beta-Myrcene",null,"beta-Myrcene","Saint Lucia","beta-Myrcene","beta-Myrcene",null,null,null,null,null,null,null,null,null,null,null,null,null,null,null,null,null,null,null,null,null,null,null,null,null,null,null,null,null,null,null,null,null,null,null,null,null,null,null,null,null,null,null,null,null,null,null,null,null,null,null,null,null,null,null,null,null,null,null,null,null,null,null,null,null,"Serbia",null,null,null,"Saint Lucia"]
[null,null,null,"beta-Propiolactone","beta-Propiolactone",null,"beta-Propiolactone","Liechtenstein","beta-Propiolactone","beta-Propiolactone",null,null,null,null,null,null,null,null,null,null,null,null,null,null,null,null,null,null,null,null,null,null,null,null,null,null,null,null,null,null,null,null,null,null,null,null,null,null,null,null,null,null,null,null,null,null,null,null,null,null,null,null,null,null,null,null,null,null,null,null,null,null,null,null,null,"Seychelles",null,null,null,"Liechtenstein"]
[null,null,null,"Betel quid with tobacco","Betel quid with tobacco",null,"Betel quid with tobacco","Sri Lanka","Betel quid with tobacco","Betel quid with tobacco",null,null,null,null,null,null,null,null,null,null,null,null,null,null,null,null,null,null,null,null,null,null,null,null,null,null,null,null,null,null,null,null,null,null,null,null,null,null,null,null,null,null,null,null,null,null,null,null,null,null,null,null,null,null,null,null,null,null,null,null,null,null,null,null,null,"Sierra Leone",null,null,null,"Sri Lanka"]
[null,null,null,"Betel quid without tobacco","Betel quid without tobacco",null,"Betel quid without tobacco","Liberia","Betel quid without tobacco","Betel quid without tobacco",null,null,null,null,null,null,null,null,null,null,null,null,null,null,null,null,null,null,null,null,null,null,null,null,null,null,null,null,null,null,null,null,null,null,null,null,null,null,null,null,null,null,null,null,null,null,null,null,null,null,null,null,null,null,null,null,null,null,null,null,null,null,null,null,null,"Singapore",null,null,null,"Liberia"]
[null,null,null,"Bis(2-chloro-1-methylethyl)ether, technical grade","Bis(2-chloro-1-methylethyl)ether, technical grade",null,"Bis(2-chloro-1-methylethyl)ether, technical grade","Lesotho","Bis(2-chloro-1-methylethyl)ether, technical grade","Bis(2-chloro-1-methylethyl)ether, technical grade",null,null,null,null,null,null,null,null,null,null,null,null,null,null,null,null,null,null,null,null,null,null,null,null,null,null,null,null,null,null,null,null,null,null,null,null,null,null,null,null,null,null,null,null,null,null,null,null,null,null,null,null,null,null,null,null,null,null,null,null,null,null,null,null,null,"Slovakia",null,null,null,"Lesotho"]
[null,null,null,"Bis(2-chloroethyl)ether","Bis(2-chloroethyl)ether",null,"Bis(2-chloroethyl)ether","Lithuania","Bis(2-chloroethyl)ether","Bis(2-chloroethyl)ether",null,null,null,null,null,null,null,null,null,null,null,null,null,null,null,null,null,null,null,null,null,null,null,null,null,null,null,null,null,null,null,null,null,null,null,null,null,null,null,null,null,null,null,null,null,null,null,null,null,null,null,null,null,null,null,null,null,null,null,null,null,null,null,null,null,"Slovenia",null,null,null,"Lithuania"]
[null,null,null,"Bis(chloromethyl)ether","Bis(chloromethyl)ether",null,"Bis(chloromethyl)ether","Luxembourg","Bis(chloromethyl)ether","Bis(chloromethyl)ether",null,null,null,null,null,null,null,null,null,null,null,null,null,null,null,null,null,null,null,null,null,null,null,null,null,null,null,null,null,null,null,null,null,null,null,null,null,null,null,null,null,null,null,null,null,null,null,null,null,null,null,null,null,null,null,null,null,null,null,null,null,null,null,null,null,"Solomon Islands",null,null,null,"Luxembourg"]
[null,null,null,"Bischloroethyl nitrosourea (BCNU) (Carmustine)","Bischloroethyl nitrosourea (BCNU) (Carmustine)",null,"Bischloroethyl nitrosourea (BCNU) (Carmustine)","Latvia","Bischloroethyl nitrosourea (BCNU) (Carmustine)","Bischloroethyl nitrosourea (BCNU) (Carmustine)",null,null,null,null,null,null,null,null,null,null,null,null,null,null,null,null,null,null,null,null,null,null,null,null,null,null,null,null,null,null,null,null,null,null,null,null,null,null,null,null,null,null,null,null,null,null,null,null,null,null,null,null,null,null,null,null,null,null,null,null,null,null,null,null,null,"Somalia",null,null,null,"Latvia"]
[null,null,null,"Bisphenol A (BPA)","Bisphenol A (BPA)",null,"Bisphenol A (BPA)","Libya","Bisphenol A (BPA)","Bisphenol A (BPA)",null,null,null,null,null,null,null,null,null,null,null,null,null,null,null,null,null,null,null,null,null,null,null,null,null,null,null,null,null,null,null,null,null,null,null,null,null,null,null,null,null,null,null,null,null,null,null,null,null,null,null,null,null,null,null,null,null,null,null,null,null,null,null,null,null,"South Africa",null,null,null,"Libya"]
[null,null,null,"Bitumens, extracts of steam-refined and air refined","Bitumens, extracts of steam-refined and air refined",null,"Bitumens, extracts of steam-refined and air refined","Morocco","Bitumens, extracts of steam-refined and air refined","Bitumens, extracts of steam-refined and air refined",null,null,null,null,null,null,null,null,null,null,null,null,null,null,null,null,null,null,null,null,null,null,null,null,null,null,null,null,null,null,null,null,null,null,null,null,null,null,null,null,null,null,null,null,null,null,null,null,null,null,null,null,null,null,null,null,null,null,null,null,null,null,null,null,null,"South Georgia & South Sandwich Islands",null,null,null,"Morocco"]
[null,null,null,"Bracken fern","Bracken fern",null,"Bracken fern","Monaco","Bracken fern","Bracken fern",null,null,null,null,null,null,null,null,null,null,null,null,null,null,null,null,null,null,null,null,null,null,null,null,null,null,null,null,null,null,null,null,null,null,null,null,null,null,null,null,null,null,null,null,null,null,null,null,null,null,null,null,null,null,null,null,null,null,null,null,null,null,null,null,null,"South Korea",null,null,null,"Monaco"]
[null,null,null,"Bromacil lithium salt","Bromacil lithium salt",null,"Bromacil lithium salt","Moldova","Bromacil lithium salt","Bromacil lithium salt",null,null,null,null,null,null,null,null,null,null,null,null,null,null,null,null,null,null,null,null,null,null,null,null,null,null,null,null,null,null,null,null,null,null,null,null,null,null,null,null,null,null,null,null,null,null,null,null,null,null,null,null,null,null,null,null,null,null,null,null,null,null,null,null,null,"Spain",null,null,null,"Moldova"]
[null,null,null,"Bromate","Bromate",null,"Bromate","Madagascar","Bromate","Bromate",null,null,null,null,null,null,null,null,null,null,null,null,null,null,null,null,null,null,null,null,null,null,null,null,null,null,null,null,null,null,null,null,null,null,null,null,null,null,null,null,null,null,null,null,null,null,null,null,null,null,null,null,null,null,null,null,null,null,null,null,null,null,null,null,null,"Sri Lanka",null,null,null,"Madagascar"]
[null,null,null,"Bromochloroacetic acid","Bromochloroacetic acid",null,"Bromochloroacetic acid","Marshall Islands","Bromochloroacetic acid","Bromochloroacetic acid",null,null,null,null,null,null,null,null,null,null,null,null,null,null,null,null,null,null,null,null,null,null,null,null,null,null,null,null,null,null,null,null,null,null,null,null,null,null,null,null,null,null,null,null,null,null,null,null,null,null,null,null,null,null,null,null,null,null,null,null,null,null,null,null,null,"Sudan",null,null,null,"Marshall Islands"]
[null,null,null,"Bromodichloroacetic acid","Bromodichloroacetic acid",null,"Bromodichloroacetic acid","Macedonia","Bromodichloroacetic acid","Bromodichloroacetic acid",null,null,null,null,null,null,null,null,null,null,null,null,null,null,null,null,null,null,null,null,null,null,null,null,null,null,null,null,null,null,null,null,null,null,null,null,null,null,null,null,null,null,null,null,null,null,null,null,null,null,null,null,null,null,null,null,null,null,null,null,null,null,null,null,null,"Suriname",null,null,null,"Macedonia"]
[null,null,null,"Bromodichloromethane","Bromodichloromethane",null,"Bromodichloromethane","Mali","Bromodichloromethane","Bromodichloromethane",null,null,null,null,null,null,null,null,null,null,null,null,null,null,null,null,null,null,null,null,null,null,null,null,null,null,null,null,null,null,null,null,null,null,null,null,null,null,null,null,null,null,null,null,null,null,null,null,null,null,null,null,null,null,null,null,null,null,null,null,null,null,null,null,null,"Svalbard",null,null,null,"Mali"]
[null,null,null,"Bromoethane","Bromoethane",null,"Bromoethane","Burma (Myanmar)","Bromoethane","Bromoethane",null,null,null,null,null,null,null,null,null,null,null,null,null,null,null,null,null,null,null,null,null,null,null,null,null,null,null,null,null,null,null,null,null,null,null,null,null,null,null,null,null,null,null,null,null,null,null,null,null,null,null,null,null,null,null,null,null,null,null,null,null,null,null,null,null,"Swaziland",null,null,null,"Burma (Myanmar)"]
[null,null,null,"Bromoform","Bromoform",null,"Bromoform","Mongolia","Bromoform","Bromoform",null,null,null,null,null,null,null,null,null,null,null,null,null,null,null,null,null,null,null,null,null,null,null,null,null,null,null,null,null,null,null,null,null,null,null,null,null,null,null,null,null,null,null,null,null,null,null,null,null,null,null,null,null,null,null,null,null,null,null,null,null,null,null,null,null,"Sweden",null,null,null,"Mongolia"]
[null,null,null,"Bromoxynil","Bromoxynil",null,"Bromoxynil","Macau","Bromoxynil","Bromoxynil",null,null,null,null,null,null,null,null,null,null,null,null,null,null,null,null,null,null,null,null,null,null,null,null,null,null,null,null,null,null,null,null,null,null,null,null,null,null,null,null,null,null,null,null,null,null,null,null,null,null,null,null,null,null,null,null,null,null,null,null,null,null,null,null,null,"Switzerland",null,null,null,"Macau"]
[null,null,null,"Bromoxynil octanoate","Bromoxynil octanoate",null,"Bromoxynil octanoate","Northern Mariana Islands","Bromoxynil octanoate","Bromoxynil octanoate",null,null,null,null,null,null,null,null,null,null,null,null,null,null,null,null,null,null,null,null,null,null,null,null,null,null,null,null,null,null,null,null,null,null,null,null,null,null,null,null,null,null,null,null,null,null,null,null,null,null,null,null,null,null,null,null,null,null,null,null,null,null,null,null,null,"Syria",null,null,null,"Northern Mariana Islands"]
[null,null,null,"Butabarbital sodium","Butabarbital sodium",null,"Butabarbital sodium","Martinique","Butabarbital sodium","Butabarbital sodium",null,null,null,null,null,null,null,null,null,null,null,null,null,null,null,null,null,null,null,null,null,null,null,null,null,null,null,null,null,null,null,null,null,null,null,null,null,null,null,null,null,null,null,null,null,null,null,null,null,null,null,null,null,null,null,null,null,null,null,null,null,null,null,null,null,"Taiwan",null,null,null,"Martinique"]
[null,null,null,"Butylated hydroxyanisole","Butylated hydroxyanisole",null,"Butylated hydroxyanisole","Mauritania","Butylated hydroxyanisole","Butylated hydroxyanisole",null,null,null,null,null,null,null,null,null,null,null,null,null,null,null,null,null,null,null,null,null,null,null,null,null,null,null,null,null,null,null,null,null,null,null,null,null,null,null,null,null,null,null,null,null,null,null,null,null,null,null,null,null,null,null,null,null,null,null,null,null,null,null,null,null,"Tajikistan",null,null,null,"Mauritania"]
[null,null,null,"C.I. Acid Red 114","C.I. Acid Red 114",null,"C.I. Acid Red 114","Montserrat","C.I. Acid Red 114","C.I. Acid Red 114",null,null,null,null,null,null,null,null,null,null,null,null,null,null,null,null,null,null,null,null,null,null,null,null,null,null,null,null,null,null,null,null,null,null,null,null,null,null,null,null,null,null,null,null,null,null,null,null,null,null,null,null,null,null,null,null,null,null,null,null,null,null,null,null,null,"Tanzania",null,null,null,"Montserrat"]
[null,null,null,"C.I. Basic Red 9 monohydrochloride","C.I. Basic Red 9 monohydrochloride",null,"C.I. Basic Red 9 monohydrochloride","Malta","C.I. Basic Red 9 monohydrochloride","C.I. Basic Red 9 monohydrochloride",null,null,null,null,null,null,null,null,null,null,null,null,null,null,null,null,null,null,null,null,null,null,null,null,null,null,null,null,null,null,null,null,null,null,null,null,null,null,null,null,null,null,null,null,null,null,null,null,null,null,null,null,null,null,null,null,null,null,null,null,null,null,null,null,null,"Thailand",null,null,null,"Malta"]
[null,null,null,"C.I. Direct Blue 15","C.I. Direct Blue 15",null,"C.I. Direct Blue 15","Mauritius","C.I. Direct Blue 15","C.I. Direct Blue 15",null,null,null,null,null,null,null,null,null,null,null,null,null,null,null,null,null,null,null,null,null,null,null,null,null,null,null,null,null,null,null,null,null,null,null,null,null,null,null,null,null,null,null,null,null,null,null,null,null,null,null,null,null,null,null,null,null,null,null,null,null,null,null,null,null,"Timor Leste",null,null,null,"Mauritius"]
[null,null,null,"C.I. Direct Blue 218","C.I. Direct Blue 218",null,"C.I. Direct Blue 218","Maldives","C.I. Direct Blue 218","C.I. Direct Blue 218",null,null,null,null,null,null,null,null,null,null,null,null,null,null,null,null,null,null,null,null,null,null,null,null,null,null,null,null,null,null,null,null,null,null,null,null,null,null,null,null,null,null,null,null,null,null,null,null,null,null,null,null,null,null,null,null,null,null,null,null,null,null,null,null,null,"Togo",null,null,null,"Maldives"]
[null,null,null,"C.I. Disperse Yellow 3","C.I. Disperse Yellow 3",null,"C.I. Disperse Yellow 3","Malawi","C.I. Disperse Yellow 3","C.I. Disperse Yellow 3",null,null,null,null,null,null,null,null,null,null,null,null,null,null,null,null,null,null,null,null,null,null,null,null,null,null,null,null,null,null,null,null,null,null,null,null,null,null,null,null,null,null,null,null,null,null,null,null,null,null,null,null,null,null,null,null,null,null,null,null,null,null,null,null,null,"Tokelau",null,null,null,"Malawi"]
[null,null,null,"C.I. Solvent Yellow 14","C.I. Solvent Yellow 14",null,"C.I. Solvent Yellow 14","Mexico","C.I. Solvent Yellow 14","C.I. Solvent Yellow 14",null,null,null,null,null,null,null,null,null,null,null,null,null,null,null,null,null,null,null,null,null,null,null,null,null,null,null,null,null,null,null,null,null,null,null,null,null,null,null,null,null,null,null,null,null,null,null,null,null,null,null,null,null,null,null,null,null,null,null,null,null,null,null,null,null,"Tonga",null,null,null,"Mexico"]
[null,null,null,"Cacodylic acid","Cacodylic acid",null,"Cacodylic acid","Malaysia","Cacodylic acid","Cacodylic acid",null,null,null,null,null,null,null,null,null,null,null,null,null,null,null,null,null,null,null,null,null,null,null,null,null,null,null,null,null,null,null,null,null,null,null,null,null,null,null,null,null,null,null,null,null,null,null,null,null,null,null,null,null,null,null,null,null,null,null,null,null,null,null,null,null,"Trinidad & Tobago",null,null,null,"Malaysia"]
[null,null,null,"Cadmium","Cadmium",null,"Cadmium","Mozambique","Cadmium","Cadmium",null,null,null,null,null,null,null,null,null,null,null,null,null,null,null,null,null,null,null,null,null,null,null,null,null,null,null,null,null,null,null,null,null,null,null,null,null,null,null,null,null,null,null,null,null,null,null,null,null,null,null,null,null,null,null,null,null,null,null,null,null,null,null,null,null,"Tunisia",null,null,null,"Mozambique"]
[null,null,null,"Cadmium and cadmium compounds","Cadmium and cadmium compounds",null,"Cadmium and cadmium compounds","Namibia","Cadmium and cadmium compounds","Cadmium and cadmium compounds",null,null,null,null,null,null,null,null,null,null,null,null,null,null,null,null,null,null,null,null,null,null,null,null,null,null,null,null,null,null,null,null,null,null,null,null,null,null,null,null,null,null,null,null,null,null,null,null,null,null,null,null,null,null,null,null,null,null,null,null,null,null,null,null,null,"Turkey",null,null,null,"Namibia"]
[null,null,null,"Caffeic acid","Caffeic acid",null,"Caffeic acid","New Caledonia","Caffeic acid","Caffeic acid",null,null,null,null,null,null,null,null,null,null,null,null,null,null,null,null,null,null,null,null,null,null,null,null,null,null,null,null,null,null,null,null,null,null,null,null,null,null,null,null,null,null,null,null,null,null,null,null,null,null,null,null,null,null,null,null,null,null,null,null,null,null,null,null,null,"Turkmenistan",null,null,null,"New Caledonia"]
[null,null,null,"Captafol","Captafol",null,"Captafol","Niger","Captafol","Captafol",null,null,null,null,null,null,null,null,null,null,null,null,null,null,null,null,null,null,null,null,null,null,null,null,null,null,null,null,null,null,null,null,null,null,null,null,null,null,null,null,null,null,null,null,null,null,null,null,null,null,null,null,null,null,null,null,null,null,null,null,null,null,null,null,null,"Turks & Caicos Islands",null,null,null,"Niger"]
[null,null,null,"Captan","Captan",null,"Captan","Norfolk Island","Captan","Captan",null,null,null,null,null,null,null,null,null,null,null,null,null,null,null,null,null,null,null,null,null,null,null,null,null,null,null,null,null,null,null,null,null,null,null,null,null,null,null,null,null,null,null,null,null,null,null,null,null,null,null,null,null,null,null,null,null,null,null,null,null,null,null,null,null,"Tuvalu",null,null,null,"Norfolk Island"]
[null,null,null,"Carbamazepine","Carbamazepine",null,"Carbamazepine","Nigeria","Carbamazepine","Carbamazepine",null,null,null,null,null,null,null,null,null,null,null,null,null,null,null,null,null,null,null,null,null,null,null,null,null,null,null,null,null,null,null,null,null,null,null,null,null,null,null,null,null,null,null,null,null,null,null,null,null,null,null,null,null,null,null,null,null,null,null,null,null,null,null,null,null,"US Minor Outlying Islands",null,null,null,"Nigeria"]
[null,null,null,"Carbaryl","Carbaryl",null,"Carbaryl","Nicaragua","Carbaryl","Carbaryl",null,null,null,null,null,null,null,null,null,null,null,null,null,null,null,null,null,null,null,null,null,null,null,null,null,null,null,null,null,null,null,null,null,null,null,null,null,null,null,null,null,null,null,null,null,null,null,null,null,null,null,null,null,null,null,null,null,null,null,null,null,null,null,null,null,"US Virgin Islands",null,null,null,"Nicaragua"]
[null,null,null,"Carbazole","Carbazole",null,"Carbazole","Netherlands","Carbazole","Carbazole",null,null,null,null,null,null,null,null,null,null,null,null,null,null,null,null,null,null,null,null,null,null,null,null,null,null,null,null,null,null,null,null,null,null,null,null,null,null,null,null,null,null,null,null,null,null,null,null,null,null,null,null,null,null,null,null,null,null,null,null,null,null,null,null,null,"Uganda",null,null,null,"Netherlands"]
[null,null,null,"Carbon black (airborne, unbound particles of respirable size)","Carbon black (airborne, unbound particles of respirable size)",null,"Carbon black (airborne, unbound particles of respirable size)","Norway","Carbon black (airborne, unbound particles of respirable size)","Carbon black (airborne, unbound particles of respirable size)",null,null,null,null,null,null,null,null,null,null,null,null,null,null,null,null,null,null,null,null,null,null,null,null,null,null,null,null,null,null,null,null,null,null,null,null,null,null,null,null,null,null,null,null,null,null,null,null,null,null,null,null,null,null,null,null,null,null,null,null,null,null,null,null,null,"Ukraine",null,null,null,"Norway"]
[null,null,null,"Carbon disulfide","Carbon disulfide",null,"Carbon disulfide","Nepal","Carbon disulfide","Carbon disulfide",null,null,null,null,null,null,null,null,null,null,null,null,null,null,null,null,null,null,null,null,null,null,null,null,null,null,null,null,null,null,null,null,null,null,null,null,null,null,null,null,null,null,null,null,null,null,null,null,null,null,null,null,null,null,null,null,null,null,null,null,null,null,null,null,null,"United Arab Emirates",null,null,null,"Nepal"]
[null,null,null,"Carbon monoxide","Carbon monoxide",null,"Carbon monoxide","Nauru","Carbon monoxide","Carbon monoxide",null,null,null,null,null,null,null,null,null,null,null,null,null,null,null,null,null,null,null,null,null,null,null,null,null,null,null,null,null,null,null,null,null,null,null,null,null,null,null,null,null,null,null,null,null,null,null,null,null,null,null,null,null,null,null,null,null,null,null,null,null,null,null,null,null,"United Kingdom",null,null,null,"Nauru"]
[null,null,null,"Carbon tetrachloride","Carbon tetrachloride",null,"Carbon tetrachloride","Niue","Carbon tetrachloride","Carbon tetrachloride",null,null,null,null,null,null,null,null,null,null,null,null,null,null,null,null,null,null,null,null,null,null,null,null,null,null,null,null,null,null,null,null,null,null,null,null,null,null,null,null,null,null,null,null,null,null,null,null,null,null,null,null,null,null,null,null,null,null,null,null,null,null,null,null,null,"United States",null,null,null,"Niue"]
[null,null,null,"Carbon-black extracts","Carbon-black extracts",null,"Carbon-black extracts","New Zealand","Carbon-black extracts","Carbon-black extracts",null,null,null,null,null,null,null,null,null,null,null,null,null,null,null,null,null,null,null,null,null,null,null,null,null,null,null,null,null,null,null,null,null,null,null,null,null,null,null,null,null,null,null,null,null,null,null,null,null,null,null,null,null,null,null,null,null,null,null,null,null,null,null,null,null,"Uruguay",null,null,null,"New Zealand"]
[null,null,null,"Carboplatin","Carboplatin",null,"Carboplatin","Oman","Carboplatin","Carboplatin",null,null,null,null,null,null,null,null,null,null,null,null,null,null,null,null,null,null,null,null,null,null,null,null,null,null,null,null,null,null,null,null,null,null,null,null,null,null,null,null,null,null,null,null,null,null,null,null,null,null,null,null,null,null,null,null,null,null,null,null,null,null,null,null,null,"Uzbekistan",null,null,null,"Oman"]
[null,null,null,"Catechol","Catechol",null,"Catechol","Panama","Catechol","Catechol",null,null,null,null,null,null,null,null,null,null,null,null,null,null,null,null,null,null,null,null,null,null,null,null,null,null,null,null,null,null,null,null,null,null,null,null,null,null,null,null,null,null,null,null,null,null,null,null,null,null,null,null,null,null,null,null,null,null,null,null,null,null,null,null,null,"Vanuatu",null,null,null,"Panama"]
[null,null,null,"Ceramic fibers (airborne particles of respirable size)","Ceramic fibers (airborne particles of respirable size)",null,"Ceramic fibers (airborne particles of respirable size)","Peru","Ceramic fibers (airborne particles of respirable size)","Ceramic fibers (airborne particles of respirable size)",null,null,null,null,null,null,null,null,null,null,null,null,null,null,null,null,null,null,null,null,null,null,null,null,null,null,null,null,null,null,null,null,null,null,null,null,null,null,null,null,null,null,null,null,null,null,null,null,null,null,null,null,null,null,null,null,null,null,null,null,null,null,null,null,null,"Venezuela",null,null,null,"Peru"]
[null,null,null,"Certain combined chemotherapy for lymphomas","Certain combined chemotherapy for lymphomas",null,"Certain combined chemotherapy for lymphomas","French Polynesia","Certain combined chemotherapy for lymphomas","Certain combined chemotherapy for lymphomas",null,null,null,null,null,null,null,null,null,null,null,null,null,null,null,null,null,null,null,null,null,null,null,null,null,null,null,null,null,null,null,null,null,null,null,null,null,null,null,null,null,null,null,null,null,null,null,null,null,null,null,null,null,null,null,null,null,null,null,null,null,null,null,null,null,"Vietnam",null,null,null,"French Polynesia"]
[null,null,null,"Chenodiol","Chenodiol",null,"Chenodiol","Papua New Guinea","Chenodiol","Chenodiol",null,null,null,null,null,null,null,null,null,null,null,null,null,null,null,null,null,null,null,null,null,null,null,null,null,null,null,null,null,null,null,null,null,null,null,null,null,null,null,null,null,null,null,null,null,null,null,null,null,null,null,null,null,null,null,null,null,null,null,null,null,null,null,null,null,"Wallis & Futuna",null,null,null,"Papua New Guinea"]
[null,null,null,"Chloral","Chloral",null,"Chloral","Philippines","Chloral","Chloral",null,null,null,null,null,null,null,null,null,null,null,null,null,null,null,null,null,null,null,null,null,null,null,null,null,null,null,null,null,null,null,null,null,null,null,null,null,null,null,null,null,null,null,null,null,null,null,null,null,null,null,null,null,null,null,null,null,null,null,null,null,null,null,null,null,"Western Sahara",null,null,null,"Philippines"]
[null,null,null,"Chloral hydrate","Chloral hydrate",null,"Chloral hydrate","Pakistan","Chloral hydrate","Chloral hydrate",null,null,null,null,null,null,null,null,null,null,null,null,null,null,null,null,null,null,null,null,null,null,null,null,null,null,null,null,null,null,null,null,null,null,null,null,null,null,null,null,null,null,null,null,null,null,null,null,null,null,null,null,null,null,null,null,null,null,null,null,null,null,null,null,null,"Yemen",null,null,null,"Pakistan"]
[null,null,null,"Chlorambucil","Chlorambucil",null,"Chlorambucil","Poland","Chlorambucil","Chlorambucil",null,null,null,null,null,null,null,null,null,null,null,null,null,null,null,null,null,null,null,null,null,null,null,null,null,null,null,null,null,null,null,null,null,null,null,null,null,null,null,null,null,null,null,null,null,null,null,null,null,null,null,null,null,null,null,null,null,null,null,null,null,null,null,null,null,"Zambia",null,null,null,"Poland"]
[null,null,null,"Chloramphenicol sodium succinate","Chloramphenicol sodium succinate",null,"Chloramphenicol sodium succinate","Saint Pierre and Miquelon","Chloramphenicol sodium succinate","Chloramphenicol sodium succinate",null,null,null,null,null,null,null,null,null,null,null,null,null,null,null,null,null,null,null,null,null,null,null,null,null,null,null,null,null,null,null,null,null,null,null,null,null,null,null,null,null,null,null,null,null,null,null,null,null,null,null,null,null,null,null,null,null,null,null,null,null,null,null,null,null,"Zimbabwe",null,null,null,"Saint Pierre and Miquelon"]
[null,null,null,"Chlorcyclizine hydrochloride","Chlorcyclizine hydrochloride",null,"Chlorcyclizine hydrochloride","Pitcairn Islands","Chlorcyclizine hydrochloride","Chlorcyclizine hydrochloride",null,null,null,null,null,null,null,null,null,null,null,null,null,null,null,null,null,null,null,null,null,null,null,null,null,null,null,null,null,null,null,null,null,null,null,null,null,null,null,null,null,null,null,null,null,null,null,null,null,null,null,null,null,null,null,null,null,null,null,null,null,null,null,null,null,null,null,null,null,"Pitcairn Islands"]
[null,null,null,"Chlordane","Chlordane",null,"Chlordane",null,"Chlordane","Chlordane"]
[null,null,null,"Chlordecone (Kepone)","Chlordecone (Kepone)",null,"Chlordecone (Kepone)",null,"Chlordecone (Kepone)","Chlordecone (Kepone)"]
[null,null,null,"Chlordiazepoxide","Chlordiazepoxide",null,"Chlordiazepoxide",null,"Chlordiazepoxide","Chlordiazepoxide"]
[null,null,null,"Chlordiazepoxide hydrochloride","Chlordiazepoxide hydrochloride",null,"Chlordiazepoxide hydrochloride",null,"Chlordiazepoxide hydrochloride","Chlordiazepoxide hydrochloride"]
[null,null,null,"Chlordimeform","Chlordimeform",null,"Chlordimeform",null,"Chlordimeform","Chlordimeform"]
[null,null,null,"Chlorendic acid","Chlorendic acid",null,"Chlorendic acid",null,"Chlorendic acid","Chlorendic acid"]
[null,null,null,"Chlorinated paraffins (Average chain length, C12;approximately 60 percent chlorin","Chlorinated paraffins (Average chain length, C12;approximately 60 percent chlorin",null,"Chlorinated paraffins (Average chain length, C12;approximately 60 percent chlorin",null,"Chlorinated paraffins (Average chain length, C12;approximately 60 percent chlorin","Chlorinated paraffins (Average chain length, C12;approximately 60 percent chlorin"]
[null,null,null,"Chloroethane (Ethyl chloride)","Chloroethane (Ethyl chloride)",null,"Chloroethane (Ethyl chloride)",null,"Chloroethane (Ethyl chloride)","Chloroethane (Ethyl chloride)"]
[null,null,null,"Chloroform","Chloroform",null,"Chloroform",null,"Chloroform","Chloroform"]
[null,null,null,"Chloromethyl methyl ether (technical grade)","Chloromethyl methyl ether (technical grade)",null,"Chloromethyl methyl ether (technical grade)",null,"Chloromethyl methyl ether (technical grade)","Chloromethyl methyl ether (technical grade)"]
[null,null,null,"Chloroprene","Chloroprene",null,"Chloroprene",null,"Chloroprene","Chloroprene"]
[null,null,null,"Chlorothalonil","Chlorothalonil",null,"Chlorothalonil",null,"Chlorothalonil","Chlorothalonil"]
[null,null,null,"Chlorotrianisene","Chlorotrianisene",null,"Chlorotrianisene",null,"Chlorotrianisene","Chlorotrianisene"]
[null,null,null,"Chlorozotocin","Chlorozotocin",null,"Chlorozotocin",null,"Chlorozotocin","Chlorozotocin"]
[null,null,null,"Chlorpyrifos","Chlorpyrifos",null,"Chlorpyrifos",null,"Chlorpyrifos","Chlorpyrifos"]
[null,null,null,"Chromium (hexavalent compounds)","Chromium (hexavalent compounds)",null,"Chromium (hexavalent compounds)",null,"Chromium (hexavalent compounds)","Chromium (hexavalent compounds)"]
[null,null,null,"Chrysene","Chrysene",null,"Chrysene",null,"Chrysene","Chrysene"]
[null,null,null,"Ciclosporin (Cyclosporin A; Cyclosporine)","Ciclosporin (Cyclosporin A; Cyclosporine)",null,"Ciclosporin (Cyclosporin A; Cyclosporine)",null,"Ciclosporin (Cyclosporin A; Cyclosporine)","Ciclosporin (Cyclosporin A; Cyclosporine)"]
[null,null,null,"Cidofovir","Cidofovir",null,"Cidofovir",null,"Cidofovir","Cidofovir"]
[null,null,null,"Cinnamyl anthranilate","Cinnamyl anthranilate",null,"Cinnamyl anthranilate",null,"Cinnamyl anthranilate","Cinnamyl anthranilate"]
[null,null,null,"Cisplatin","Cisplatin",null,"Cisplatin",null,"Cisplatin","Cisplatin"]
[null,null,null,"Citrus Red No. 2","Citrus Red No. 2",null,"Citrus Red No. 2",null,"Citrus Red No. 2","Citrus Red No. 2"]
[null,null,null,"Cladribine","Cladribine",null,"Cladribine",null,"Cladribine","Cladribine"]
[null,null,null,"Clarithromycin","Clarithromycin",null,"Clarithromycin",null,"Clarithromycin","Clarithromycin"]
[null,null,null,"Clobetasol propionate","Clobetasol propionate",null,"Clobetasol propionate",null,"Clobetasol propionate","Clobetasol propionate"]
[null,null,null,"Clofibrate","Clofibrate",null,"Clofibrate",null,"Clofibrate","Clofibrate"]
[null,null,null,"Clomiphene citrate","Clomiphene citrate",null,"Clomiphene citrate",null,"Clomiphene citrate","Clomiphene citrate"]
[null,null,null,"Clorazepate dipotassium","Clorazepate dipotassium",null,"Clorazepate dipotassium",null,"Clorazepate dipotassium","Clorazepate dipotassium"]
[null,null,null,"CMNP (pyrazachlor)","CMNP (pyrazachlor)",null,"CMNP (pyrazachlor)",null,"CMNP (pyrazachlor)","CMNP (pyrazachlor)"]
[null,null,null,"Cobalt [II] oxide","Cobalt [II] oxide",null,"Cobalt [II] oxide",null,"Cobalt [II] oxide","Cobalt [II] oxide"]
[null,null,null,"Cobalt metal powder","Cobalt metal powder",null,"Cobalt metal powder",null,"Cobalt metal powder","Cobalt metal powder"]
[null,null,null,"Cobalt sulfate","Cobalt sulfate",null,"Cobalt sulfate",null,"Cobalt sulfate","Cobalt sulfate"]
[null,null,null,"Cobalt sulfate heptahydrate","Cobalt sulfate heptahydrate",null,"Cobalt sulfate heptahydrate",null,"Cobalt sulfate heptahydrate","Cobalt sulfate heptahydrate"]
[null,null,null,"Cocaine","Cocaine",null,"Cocaine",null,"Cocaine","Cocaine"]
[null,null,null,"Coconut oil diethanolamine condensate (cocamide diethanolamine)","Coconut oil diethanolamine condensate (cocamide diethanolamine)",null,"Coconut oil diethanolamine condensate (cocamide diethanolamine)",null,"Coconut oil diethanolamine condensate (cocamide diethanolamine)","Coconut oil diethanolamine condensate (cocamide diethanolamine)"]
[null,null,null,"Codeine phosphate","Codeine phosphate",null,"Codeine phosphate",null,"Codeine phosphate","Codeine phosphate"]
[null,null,null,"Coke oven emissions","Coke oven emissions",null,"Coke oven emissions",null,"Coke oven emissions","Coke oven emissions"]
[null,null,null,"Colchicine","Colchicine",null,"Colchicine",null,"Colchicine","Colchicine"]
[null,null,null,"Conjugated estrogens","Conjugated estrogens",null,"Conjugated estrogens",null,"Conjugated estrogens","Conjugated estrogens"]
[null,null,null,"Creosotes","Creosotes",null,"Creosotes",null,"Creosotes","Creosotes"]
[null,null,null,"Cumene","Cumene",null,"Cumene",null,"Cumene","Cumene"]
[null,null,null,"Cupferron","Cupferron",null,"Cupferron",null,"Cupferron","Cupferron"]
[null,null,null,"Cyanazine","Cyanazine",null,"Cyanazine",null,"Cyanazine","Cyanazine"]
[null,null,null,"Cyanide salts that readily dissociate in solution (expressed as cyanide)","Cyanide salts that readily dissociate in solution (expressed as cyanide)",null,"Cyanide salts that readily dissociate in solution (expressed as cyanide)",null,"Cyanide salts that readily dissociate in solution (expressed as cyanide)","Cyanide salts that readily dissociate in solution (expressed as cyanide)"]
[null,null,null,"Cycasin","Cycasin",null,"Cycasin",null,"Cycasin","Cycasin"]
[null,null,null,"Cycloate","Cycloate",null,"Cycloate",null,"Cycloate","Cycloate"]
[null,null,null,"Cycloheximide","Cycloheximide",null,"Cycloheximide",null,"Cycloheximide","Cycloheximide"]
[null,null,null,"Cyclopenta[cd]pyrene","Cyclopenta[cd]pyrene",null,"Cyclopenta[cd]pyrene",null,"Cyclopenta[cd]pyrene","Cyclopenta[cd]pyrene"]
[null,null,null,"Cyclophosphamide (anhydrous)","Cyclophosphamide (anhydrous)",null,"Cyclophosphamide (anhydrous)",null,"Cyclophosphamide (anhydrous)","Cyclophosphamide (anhydrous)"]
[null,null,null,"Cyclophosphamide (hydrated)","Cyclophosphamide (hydrated)",null,"Cyclophosphamide (hydrated)",null,"Cyclophosphamide (hydrated)","Cyclophosphamide (hydrated)"]
[null,null,null,"Cyhexatin","Cyhexatin",null,"Cyhexatin",null,"Cyhexatin","Cyhexatin"]
[null,null,null,"Cytarabine","Cytarabine",null,"Cytarabine",null,"Cytarabine","Cytarabine"]
[null,null,null,"Cytembena","Cytembena",null,"Cytembena",null,"Cytembena","Cytembena"]
[null,null,null,"D&C Orange No. 17","D&C Orange No. 17",null,"D&C Orange No. 17",null,"D&C Orange No. 17","D&C Orange No. 17"]
[null,null,null,"D&C Red No. 19","D&C Red No. 19",null,"D&C Red No. 19",null,"D&C Red No. 19","D&C Red No. 19"]
[null,null,null,"D&C Red No. 8","D&C Red No. 8",null,"D&C Red No. 8",null,"D&C Red No. 8","D&C Red No. 8"]
[null,null,null,"D&C Red No. 9","D&C Red No. 9",null,"D&C Red No. 9",null,"D&C Red No. 9","D&C Red No. 9"]
[null,null,null,"Dacarbazine","Dacarbazine",null,"Dacarbazine",null,"Dacarbazine","Dacarbazine"]
[null,null,null,"Daminozide","Daminozide",null,"Daminozide",null,"Daminozide","Daminozide"]
[null,null,null,"Danazol","Danazol",null,"Danazol",null,"Danazol","Danazol"]
[null,null,null,"Dantron (Chrysazin; 1,8-Dihydroxyanthraquinone)","Dantron (Chrysazin; 1,8-Dihydroxyanthraquinone)",null,"Dantron (Chrysazin; 1,8-Dihydroxyanthraquinone)",null,"Dantron (Chrysazin; 1,8-Dihydroxyanthraquinone)","Dantron (Chrysazin; 1,8-Dihydroxyanthraquinone)"]
[null,null,null,"Daunomycin","Daunomycin",null,"Daunomycin",null,"Daunomycin","Daunomycin"]
[null,null,null,"Daunorubicin hydrochloride","Daunorubicin hydrochloride",null,"Daunorubicin hydrochloride",null,"Daunorubicin hydrochloride","Daunorubicin hydrochloride"]
[null,null,null,"DDD (Dichlorodiphenyl-dichloroethane)","DDD (Dichlorodiphenyl-dichloroethane)",null,"DDD (Dichlorodiphenyl-dichloroethane)",null,"DDD (Dichlorodiphenyl-dichloroethane)","DDD (Dichlorodiphenyl-dichloroethane)"]
[null,null,null,"DDE (Dichlorodiphenyl-dichloroethylene)","DDE (Dichlorodiphenyl-dichloroethylene)",null,"DDE (Dichlorodiphenyl-dichloroethylene)",null,"DDE (Dichlorodiphenyl-dichloroethylene)","DDE (Dichlorodiphenyl-dichloroethylene)"]
[null,null,null,"DDT (Dichlorodiphenyl-trichloroethane)","DDT (Dichlorodiphenyl-trichloroethane)",null,"DDT (Dichlorodiphenyl-trichloroethane)",null,"DDT (Dichlorodiphenyl-trichloroethane)","DDT (Dichlorodiphenyl-trichloroethane)"]
[null,null,null,"DDVP (Dichlorvos)","DDVP (Dichlorvos)",null,"DDVP (Dichlorvos)",null,"DDVP (Dichlorvos)","DDVP (Dichlorvos)"]
[null,null,null,"Demeclocycline hydrochloride (internal use)","Demeclocycline hydrochloride (internal use)",null,"Demeclocycline hydrochloride (internal use)",null,"Demeclocycline hydrochloride (internal use)","Demeclocycline hydrochloride (internal use)"]
[null,null,null,"Des-ethyl atrazine (DEA)","Des-ethyl atrazine (DEA)",null,"Des-ethyl atrazine (DEA)",null,"Des-ethyl atrazine (DEA)","Des-ethyl atrazine (DEA)"]
[null,null,null,"Des-isopropyl atrazine (DIA)","Des-isopropyl atrazine (DIA)",null,"Des-isopropyl atrazine (DIA)",null,"Des-isopropyl atrazine (DIA)","Des-isopropyl atrazine (DIA)"]
[null,null,null,"Diazepam","Diazepam",null,"Diazepam",null,"Diazepam","Diazepam"]
[null,null,null,"Diazoaminobenzene","Diazoaminobenzene",null,"Diazoaminobenzene",null,"Diazoaminobenzene","Diazoaminobenzene"]
[null,null,null,"Diazoxide","Diazoxide",null,"Diazoxide",null,"Diazoxide","Diazoxide"]
[null,null,null,"Dibenz[a,c]anthracene","Dibenz[a,c]anthracene",null,"Dibenz[a,c]anthracene",null,"Dibenz[a,c]anthracene","Dibenz[a,c]anthracene"]
[null,null,null,"Dibenz[a,h]acridine","Dibenz[a,h]acridine",null,"Dibenz[a,h]acridine",null,"Dibenz[a,h]acridine","Dibenz[a,h]acridine"]
[null,null,null,"Dibenz[a,h]anthracene","Dibenz[a,h]anthracene",null,"Dibenz[a,h]anthracene",null,"Dibenz[a,h]anthracene","Dibenz[a,h]anthracene"]
[null,null,null,"Dibenz[a,j]acridine","Dibenz[a,j]acridine",null,"Dibenz[a,j]acridine",null,"Dibenz[a,j]acridine","Dibenz[a,j]acridine"]
[null,null,null,"Dibenz[a,j]anthracene","Dibenz[a,j]anthracene",null,"Dibenz[a,j]anthracene",null,"Dibenz[a,j]anthracene","Dibenz[a,j]anthracene"]
[null,null,null,"Dibenzanthracenes","Dibenzanthracenes",null,"Dibenzanthracenes",null,"Dibenzanthracenes","Dibenzanthracenes"]
[null,null,null,"Dibenzo[a,e]pyrene","Dibenzo[a,e]pyrene",null,"Dibenzo[a,e]pyrene",null,"Dibenzo[a,e]pyrene","Dibenzo[a,e]pyrene"]
[null,null,null,"Dibenzo[a,h]pyrene","Dibenzo[a,h]pyrene",null,"Dibenzo[a,h]pyrene",null,"Dibenzo[a,h]pyrene","Dibenzo[a,h]pyrene"]
[null,null,null,"Dibenzo[a,i]pyrene","Dibenzo[a,i]pyrene",null,"Dibenzo[a,i]pyrene",null,"Dibenzo[a,i]pyrene","Dibenzo[a,i]pyrene"]
[null,null,null,"Dibenzo[a,l]pyrene","Dibenzo[a,l]pyrene",null,"Dibenzo[a,l]pyrene",null,"Dibenzo[a,l]pyrene","Dibenzo[a,l]pyrene"]
[null,null,null,"Dibromoacetic acid","Dibromoacetic acid",null,"Dibromoacetic acid",null,"Dibromoacetic acid","Dibromoacetic acid"]
[null,null,null,"Dibromoacetonitrile","Dibromoacetonitrile",null,"Dibromoacetonitrile",null,"Dibromoacetonitrile","Dibromoacetonitrile"]
[null,null,null,"Dichloroacetic acid","Dichloroacetic acid",null,"Dichloroacetic acid",null,"Dichloroacetic acid","Dichloroacetic acid"]
[null,null,null,"Dichloromethane (Methylene chloride)","Dichloromethane (Methylene chloride)",null,"Dichloromethane (Methylene chloride)",null,"Dichloromethane (Methylene chloride)","Dichloromethane (Methylene chloride)"]
[null,null,null,"Dichlorophene","Dichlorophene",null,"Dichlorophene",null,"Dichlorophene","Dichlorophene"]
[null,null,null,"Dichlorphenamide","Dichlorphenamide",null,"Dichlorphenamide",null,"Dichlorphenamide","Dichlorphenamide"]
[null,null,null,"Diclofop-methyl","Diclofop-methyl",null,"Diclofop-methyl",null,"Diclofop-methyl","Diclofop-methyl"]
[null,null,null,"Dicumarol","Dicumarol",null,"Dicumarol",null,"Dicumarol","Dicumarol"]
[null,null,null,"Dieldrin","Dieldrin",null,"Dieldrin",null,"Dieldrin","Dieldrin"]
[null,null,null,"Diepoxybutane","Diepoxybutane",null,"Diepoxybutane",null,"Diepoxybutane","Diepoxybutane"]
[null,null,null,"Diesel engine exhaust","Diesel engine exhaust",null,"Diesel engine exhaust",null,"Diesel engine exhaust","Diesel engine exhaust"]
[null,null,null,"Diethanolamine","Diethanolamine",null,"Diethanolamine",null,"Diethanolamine","Diethanolamine"]
[null,null,null,"Diethyl sulfate","Diethyl sulfate",null,"Diethyl sulfate",null,"Diethyl sulfate","Diethyl sulfate"]
[null,null,null,"Diethylstilbestrol (DES)","Diethylstilbestrol (DES)",null,"Diethylstilbestrol (DES)",null,"Diethylstilbestrol (DES)","Diethylstilbestrol (DES)"]
[null,null,null,"Diflunisal","Diflunisal",null,"Diflunisal",null,"Diflunisal","Diflunisal"]
[null,null,null,"Diglycidyl resorcinol ether (DGRE)","Diglycidyl resorcinol ether (DGRE)",null,"Diglycidyl resorcinol ether (DGRE)",null,"Diglycidyl resorcinol ether (DGRE)","Diglycidyl resorcinol ether (DGRE)"]
[null,null,null,"Dihydroergotamine mesylate","Dihydroergotamine mesylate",null,"Dihydroergotamine mesylate",null,"Dihydroergotamine mesylate","Dihydroergotamine mesylate"]
[null,null,null,"Dihydrosafrole","Dihydrosafrole",null,"Dihydrosafrole",null,"Dihydrosafrole","Dihydrosafrole"]
[null,null,null,"Diisopropyl sulfate","Diisopropyl sulfate",null,"Diisopropyl sulfate",null,"Diisopropyl sulfate","Diisopropyl sulfate"]
[null,null,null,"Diltiazem hydrochloride","Diltiazem hydrochloride",null,"Diltiazem hydrochloride",null,"Diltiazem hydrochloride","Diltiazem hydrochloride"]
[null,null,null,"Dimethyl sulfate","Dimethyl sulfate",null,"Dimethyl sulfate",null,"Dimethyl sulfate","Dimethyl sulfate"]
[null,null,null,"Dimethylcarbamoyl chloride","Dimethylcarbamoyl chloride",null,"Dimethylcarbamoyl chloride",null,"Dimethylcarbamoyl chloride","Dimethylcarbamoyl chloride"]
[null,null,null,"Dimethylvinylchloride","Dimethylvinylchloride",null,"Dimethylvinylchloride",null,"Dimethylvinylchloride","Dimethylvinylchloride"]
[null,null,null,"Dinitrotoluene (technical grade)","Dinitrotoluene (technical grade)",null,"Dinitrotoluene (technical grade)",null,"Dinitrotoluene (technical grade)","Dinitrotoluene (technical grade)"]
[null,null,null,"Dinitrotoluene mixture, 2,4-/2,6-","Dinitrotoluene mixture, 2,4-/2,6-",null,"Dinitrotoluene mixture, 2,4-/2,6-",null,"Dinitrotoluene mixture, 2,4-/2,6-","Dinitrotoluene mixture, 2,4-/2,6-"]
[null,null,null,"Dinocap","Dinocap",null,"Dinocap",null,"Dinocap","Dinocap"]
[null,null,null,"Dinoseb","Dinoseb",null,"Dinoseb",null,"Dinoseb","Dinoseb"]
[null,null,null,"Di-n-propyl isocinchomeronate (MGK Repellent 326)","Di-n-propyl isocinchomeronate (MGK Repellent 326)",null,"Di-n-propyl isocinchomeronate (MGK Repellent 326)",null,"Di-n-propyl isocinchomeronate (MGK Repellent 326)","Di-n-propyl isocinchomeronate (MGK Repellent 326)"]
[null,null,null,"Diphenylhydantoin (Phenytoin)","Diphenylhydantoin (Phenytoin)",null,"Diphenylhydantoin (Phenytoin)",null,"Diphenylhydantoin (Phenytoin)","Diphenylhydantoin (Phenytoin)"]
[null,null,null,"Diphenylhydantoin (Phenytoin), sodium salt","Diphenylhydantoin (Phenytoin), sodium salt",null,"Diphenylhydantoin (Phenytoin), sodium salt",null,"Diphenylhydantoin (Phenytoin), sodium salt","Diphenylhydantoin (Phenytoin), sodium salt"]
[null,null,null,"Direct Black 38 (technical grade)","Direct Black 38 (technical grade)",null,"Direct Black 38 (technical grade)",null,"Direct Black 38 (technical grade)","Direct Black 38 (technical grade)"]
[null,null,null,"Direct Blue 6 (technical grade)","Direct Blue 6 (technical grade)",null,"Direct Blue 6 (technical grade)",null,"Direct Blue 6 (technical grade)","Direct Blue 6 (technical grade)"]
[null,null,null,"Direct Brown 95 (technical grade)","Direct Brown 95 (technical grade)",null,"Direct Brown 95 (technical grade)",null,"Direct Brown 95 (technical grade)","Direct Brown 95 (technical grade)"]
[null,null,null,"Disodium cyanodithioimidocarbonate","Disodium cyanodithioimidocarbonate",null,"Disodium cyanodithioimidocarbonate",null,"Disodium cyanodithioimidocarbonate","Disodium cyanodithioimidocarbonate"]
[null,null,null,"Disperse Blue 1","Disperse Blue 1",null,"Disperse Blue 1",null,"Disperse Blue 1","Disperse Blue 1"]
[null,null,null,"Diuron","Diuron",null,"Diuron",null,"Diuron","Diuron"]
[null,null,null,"Doxorubicin hydrochloride (Adriamycin)","Doxorubicin hydrochloride (Adriamycin)",null,"Doxorubicin hydrochloride (Adriamycin)",null,"Doxorubicin hydrochloride (Adriamycin)","Doxorubicin hydrochloride (Adriamycin)"]
[null,null,null,"Doxycycline (internal use)","Doxycycline (internal use)",null,"Doxycycline (internal use)",null,"Doxycycline (internal use)","Doxycycline (internal use)"]
[null,null,null,"Doxycycline calcium (internal use)","Doxycycline calcium (internal use)",null,"Doxycycline calcium (internal use)",null,"Doxycycline calcium (internal use)","Doxycycline calcium (internal use)"]
[null,null,null,"Doxycycline hyclate (internal use)","Doxycycline hyclate (internal use)",null,"Doxycycline hyclate (internal use)",null,"Doxycycline hyclate (internal use)","Doxycycline hyclate (internal use)"]
[null,null,null,"Doxycycline monohydrate (internal use)","Doxycycline monohydrate (internal use)",null,"Doxycycline monohydrate (internal use)",null,"Doxycycline monohydrate (internal use)","Doxycycline monohydrate (internal use)"]
[null,null,null,"Emissions from combustion of coal","Emissions from combustion of coal",null,"Emissions from combustion of coal",null,"Emissions from combustion of coal","Emissions from combustion of coal"]
[null,null,null,"Emissions from high-temperature unrefined rapeseed oil","Emissions from high-temperature unrefined rapeseed oil",null,"Emissions from high-temperature unrefined rapeseed oil",null,"Emissions from high-temperature unrefined rapeseed oil","Emissions from high-temperature unrefined rapeseed oil"]
[null,null,null,"Endrin","Endrin",null,"Endrin",null,"Endrin","Endrin"]
[null,null,null,"Environmental tobacco smoke (ETS)","Environmental tobacco smoke (ETS)",null,"Environmental tobacco smoke (ETS)",null,"Environmental tobacco smoke (ETS)","Environmental tobacco smoke (ETS)"]
[null,null,null,"Epichlorohydrin","Epichlorohydrin",null,"Epichlorohydrin",null,"Epichlorohydrin","Epichlorohydrin"]
[null,null,null,"Epoxiconazole","Epoxiconazole",null,"Epoxiconazole",null,"Epoxiconazole","Epoxiconazole"]
[null,null,null,"Ergotamine tartrate","Ergotamine tartrate",null,"Ergotamine tartrate",null,"Ergotamine tartrate","Ergotamine tartrate"]
[null,null,null,"Erionite","Erionite",null,"Erionite",null,"Erionite","Erionite"]
[null,null,null,"Estradiol 17B","Estradiol 17B",null,"Estradiol 17B",null,"Estradiol 17B","Estradiol 17B"]
[null,null,null,"Estragole","Estragole",null,"Estragole",null,"Estragole","Estragole"]
[null,null,null,"Estrogen-progestogen (combined) used as menopausal therapy","Estrogen-progestogen (combined) used as menopausal therapy",null,"Estrogen-progestogen (combined) used as menopausal therapy",null,"Estrogen-progestogen (combined) used as menopausal therapy","Estrogen-progestogen (combined) used as menopausal therapy"]
[null,null,null,"Estrogens, steroidal","Estrogens, steroidal",null,"Estrogens, steroidal",null,"Estrogens, steroidal","Estrogens, steroidal"]
[null,null,null,"Estrone","Estrone",null,"Estrone",null,"Estrone","Estrone"]
[null,null,null,"Estropipate","Estropipate",null,"Estropipate",null,"Estropipate","Estropipate"]
[null,null,null,"Ethanol in alcoholic beverages","Ethanol in alcoholic beverages",null,"Ethanol in alcoholic beverages",null,"Ethanol in alcoholic beverages","Ethanol in alcoholic beverages"]
[null,null,null,"Ethinylestradiol","Ethinylestradiol",null,"Ethinylestradiol",null,"Ethinylestradiol","Ethinylestradiol"]
[null,null,null,"Ethionamide","Ethionamide",null,"Ethionamide",null,"Ethionamide","Ethionamide"]
[null,null,null,"Ethoprop","Ethoprop",null,"Ethoprop",null,"Ethoprop","Ethoprop"]
[null,null,null,"Ethyl acrylate","Ethyl acrylate",null,"Ethyl acrylate",null,"Ethyl acrylate","Ethyl acrylate"]
[null,null,null,"Ethyl alcohol in alcoholic beverages","Ethyl alcohol in alcoholic beverages",null,"Ethyl alcohol in alcoholic beverages",null,"Ethyl alcohol in alcoholic beverages","Ethyl alcohol in alcoholic beverages"]
[null,null,null,"Ethyl dipropylthiocarbamate","Ethyl dipropylthiocarbamate",null,"Ethyl dipropylthiocarbamate",null,"Ethyl dipropylthiocarbamate","Ethyl dipropylthiocarbamate"]
[null,null,null,"Ethyl methanesulfonate","Ethyl methanesulfonate",null,"Ethyl methanesulfonate",null,"Ethyl methanesulfonate","Ethyl methanesulfonate"]
[null,null,null,"Ethyl-4,4'-dichlorobenzilate","Ethyl-4,4'-dichlorobenzilate",null,"Ethyl-4,4'-dichlorobenzilate",null,"Ethyl-4,4'-dichlorobenzilate","Ethyl-4,4'-dichlorobenzilate"]
[null,null,null,"Ethylbenzene","Ethylbenzene",null,"Ethylbenzene",null,"Ethylbenzene","Ethylbenzene"]
[null,null,null,"Ethylene dibromide","Ethylene dibromide",null,"Ethylene dibromide",null,"Ethylene dibromide","Ethylene dibromide"]
[null,null,null,"Ethylene dichloride (1,2-Dichloroethane)","Ethylene dichloride (1,2-Dichloroethane)",null,"Ethylene dichloride (1,2-Dichloroethane)",null,"Ethylene dichloride (1,2-Dichloroethane)","Ethylene dichloride (1,2-Dichloroethane)"]
[null,null,null,"Ethylene glycol (ingested)","Ethylene glycol (ingested)",null,"Ethylene glycol (ingested)",null,"Ethylene glycol (ingested)","Ethylene glycol (ingested)"]
[null,null,null,"Ethylene glycol monoethyl ether","Ethylene glycol monoethyl ether",null,"Ethylene glycol monoethyl ether",null,"Ethylene glycol monoethyl ether","Ethylene glycol monoethyl ether"]
[null,null,null,"Ethylene glycol monoethyl ether acetate","Ethylene glycol monoethyl ether acetate",null,"Ethylene glycol monoethyl ether acetate",null,"Ethylene glycol monoethyl ether acetate","Ethylene glycol monoethyl ether acetate"]
[null,null,null,"Ethylene glycol monomethyl ether","Ethylene glycol monomethyl ether",null,"Ethylene glycol monomethyl ether",null,"Ethylene glycol monomethyl ether","Ethylene glycol monomethyl ether"]
[null,null,null,"Ethylene glycol monomethyl ether acetate","Ethylene glycol monomethyl ether acetate",null,"Ethylene glycol monomethyl ether acetate",null,"Ethylene glycol monomethyl ether acetate","Ethylene glycol monomethyl ether acetate"]
[null,null,null,"Ethylene oxide","Ethylene oxide",null,"Ethylene oxide",null,"Ethylene oxide","Ethylene oxide"]
[null,null,null,"Ethylene thiourea","Ethylene thiourea",null,"Ethylene thiourea",null,"Ethylene thiourea","Ethylene thiourea"]
[null,null,null,"Ethyleneimine (Aziridine)","Ethyleneimine (Aziridine)",null,"Ethyleneimine (Aziridine)",null,"Ethyleneimine (Aziridine)","Ethyleneimine (Aziridine)"]
[null,null,null,"Etodolac","Etodolac",null,"Etodolac",null,"Etodolac","Etodolac"]
[null,null,null,"Etoposide","Etoposide",null,"Etoposide",null,"Etoposide","Etoposide"]
[null,null,null,"Etoposide in combination with cisplatin and bleomycin","Etoposide in combination with cisplatin and bleomycin",null,"Etoposide in combination with cisplatin and bleomycin",null,"Etoposide in combination with cisplatin and bleomycin","Etoposide in combination with cisplatin and bleomycin"]
[null,null,null,"Etretinate","Etretinate",null,"Etretinate",null,"Etretinate","Etretinate"]
[null,null,null,"Fenoxaprop ethyl","Fenoxaprop ethyl",null,"Fenoxaprop ethyl",null,"Fenoxaprop ethyl","Fenoxaprop ethyl"]
[null,null,null,"Fenoxycarb","Fenoxycarb",null,"Fenoxycarb",null,"Fenoxycarb","Fenoxycarb"]
[null,null,null,"Filgrastim","Filgrastim",null,"Filgrastim",null,"Filgrastim","Filgrastim"]
[null,null,null,"Fluazifop butyl","Fluazifop butyl",null,"Fluazifop butyl",null,"Fluazifop butyl","Fluazifop butyl"]
[null,null,null,"Flunisolide","Flunisolide",null,"Flunisolide",null,"Flunisolide","Flunisolide"]
[null,null,null,"Fluorouracil","Fluorouracil",null,"Fluorouracil",null,"Fluorouracil","Fluorouracil"]
[null,null,null,"Fluoxymesterone","Fluoxymesterone",null,"Fluoxymesterone",null,"Fluoxymesterone","Fluoxymesterone"]
[null,null,null,"Flurazepam hydrochloride","Flurazepam hydrochloride",null,"Flurazepam hydrochloride",null,"Flurazepam hydrochloride","Flurazepam hydrochloride"]
[null,null,null,"Flurbiprofen","Flurbiprofen",null,"Flurbiprofen",null,"Flurbiprofen","Flurbiprofen"]
[null,null,null,"Flutamide","Flutamide",null,"Flutamide",null,"Flutamide","Flutamide"]
[null,null,null,"Fluticasone propionate","Fluticasone propionate",null,"Fluticasone propionate",null,"Fluticasone propionate","Fluticasone propionate"]
[null,null,null,"Fluvalinate","Fluvalinate",null,"Fluvalinate",null,"Fluvalinate","Fluvalinate"]
[null,null,null,"Folpet","Folpet",null,"Folpet",null,"Folpet","Folpet"]
[null,null,null,"Fumonisin B1","Fumonisin B1",null,"Fumonisin B1",null,"Fumonisin B1","Fumonisin B1"]
[null,null,null,"Furan","Furan",null,"Furan",null,"Furan","Furan"]
[null,null,null,"Furazolidone","Furazolidone",null,"Furazolidone",null,"Furazolidone","Furazolidone"]
[null,null,null,"Furfuryl alcohol","Furfuryl alcohol",null,"Furfuryl alcohol",null,"Furfuryl alcohol","Furfuryl alcohol"]
[null,null,null,"Furmecyclox","Furmecyclox",null,"Furmecyclox",null,"Furmecyclox","Furmecyclox"]
[null,null,null,"Fusarin C","Fusarin C",null,"Fusarin C",null,"Fusarin C","Fusarin C"]
[null,null,null,"Gallium arsenide","Gallium arsenide",null,"Gallium arsenide",null,"Gallium arsenide","Gallium arsenide"]
[null,null,null,"Ganciclovir","Ganciclovir",null,"Ganciclovir",null,"Ganciclovir","Ganciclovir"]
[null,null,null,"Ganciclovir sodium","Ganciclovir sodium",null,"Ganciclovir sodium",null,"Ganciclovir sodium","Ganciclovir sodium"]
[null,null,null,"Gasoline engine exhaust (condensates/extracts)","Gasoline engine exhaust (condensates/extracts)",null,"Gasoline engine exhaust (condensates/extracts)",null,"Gasoline engine exhaust (condensates/extracts)","Gasoline engine exhaust (condensates/extracts)"]
[null,null,null,"Gemfibrozil","Gemfibrozil",null,"Gemfibrozil",null,"Gemfibrozil","Gemfibrozil"]
[null,null,null,"Glass wool fibers (inhalable and biopersistent)","Glass wool fibers (inhalable and biopersistent)",null,"Glass wool fibers (inhalable and biopersistent)",null,"Glass wool fibers (inhalable and biopersistent)","Glass wool fibers (inhalable and biopersistent)"]
[null,null,null,"Glu-P-1 (2-Amino-6-methyldipyrido[1,2- a:3',2'-d]imidazole)","Glu-P-1 (2-Amino-6-methyldipyrido[1,2- a:3',2'-d]imidazole)",null,"Glu-P-1 (2-Amino-6-methyldipyrido[1,2- a:3',2'-d]imidazole)",null,"Glu-P-1 (2-Amino-6-methyldipyrido[1,2- a:3',2'-d]imidazole)","Glu-P-1 (2-Amino-6-methyldipyrido[1,2- a:3',2'-d]imidazole)"]
[null,null,null,"Glu-P-2 (2-Aminodipyrido[1,2-a:3',2'-d]imidazole)","Glu-P-2 (2-Aminodipyrido[1,2-a:3',2'-d]imidazole)",null,"Glu-P-2 (2-Aminodipyrido[1,2-a:3',2'-d]imidazole)",null,"Glu-P-2 (2-Aminodipyrido[1,2-a:3',2'-d]imidazole)","Glu-P-2 (2-Aminodipyrido[1,2-a:3',2'-d]imidazole)"]
[null,null,null,"Glycidaldehyde","Glycidaldehyde",null,"Glycidaldehyde",null,"Glycidaldehyde","Glycidaldehyde"]
[null,null,null,"Glycidol","Glycidol",null,"Glycidol",null,"Glycidol","Glycidol"]
[null,null,null,"Glyphosate","Glyphosate",null,"Glyphosate",null,"Glyphosate","Glyphosate"]
[null,null,null,"Goldenseal root powder","Goldenseal root powder",null,"Goldenseal root powder",null,"Goldenseal root powder","Goldenseal root powder"]
[null,null,null,"Goserelin acetate","Goserelin acetate",null,"Goserelin acetate",null,"Goserelin acetate","Goserelin acetate"]
[null,null,null,"Griseofulvin","Griseofulvin",null,"Griseofulvin",null,"Griseofulvin","Griseofulvin"]
[null,null,null,"Gyromitrin (Acetaldehyde methylformylhydrazone)","Gyromitrin (Acetaldehyde methylformylhydrazone)",null,"Gyromitrin (Acetaldehyde methylformylhydrazone)",null,"Gyromitrin (Acetaldehyde methylformylhydrazone)","Gyromitrin (Acetaldehyde methylformylhydrazone)"]
[null,null,null,"Halazepam","Halazepam",null,"Halazepam",null,"Halazepam","Halazepam"]
[null,null,null,"Halobetasol propionate","Halobetasol propionate",null,"Halobetasol propionate",null,"Halobetasol propionate","Halobetasol propionate"]
[null,null,null,"Haloperidol","Haloperidol",null,"Haloperidol",null,"Haloperidol","Haloperidol"]
[null,null,null,"Halothane","Halothane",null,"Halothane",null,"Halothane","Halothane"]
[null,null,null,"HC Blue 1","HC Blue 1",null,"HC Blue 1",null,"HC Blue 1","HC Blue 1"]
[null,null,null,"Heptachlor","Heptachlor",null,"Heptachlor",null,"Heptachlor","Heptachlor"]
[null,null,null,"Heptachlor epoxide","Heptachlor epoxide",null,"Heptachlor epoxide",null,"Heptachlor epoxide","Heptachlor epoxide"]
[null,null,null,"Herbal remedies containing plant species of the genus Aristolochia","Herbal remedies containing plant species of the genus Aristolochia",null,"Herbal remedies containing plant species of the genus Aristolochia",null,"Herbal remedies containing plant species of the genus Aristolochia","Herbal remedies containing plant species of the genus Aristolochia"]
[null,null,null,"Hexachlorobenzene","Hexachlorobenzene",null,"Hexachlorobenzene",null,"Hexachlorobenzene","Hexachlorobenzene"]
[null,null,null,"Hexachlorobutadiene","Hexachlorobutadiene",null,"Hexachlorobutadiene",null,"Hexachlorobutadiene","Hexachlorobutadiene"]
[null,null,null,"Hexachlorocyclohexane (alpha isomer)","Hexachlorocyclohexane (alpha isomer)",null,"Hexachlorocyclohexane (alpha isomer)",null,"Hexachlorocyclohexane (alpha isomer)","Hexachlorocyclohexane (alpha isomer)"]
[null,null,null,"Hexachlorocyclohexane (beta isomer)","Hexachlorocyclohexane (beta isomer)",null,"Hexachlorocyclohexane (beta isomer)",null,"Hexachlorocyclohexane (beta isomer)","Hexachlorocyclohexane (beta isomer)"]
[null,null,null,"Hexachlorocyclohexane (gamma isomer)","Hexachlorocyclohexane (gamma isomer)",null,"Hexachlorocyclohexane (gamma isomer)",null,"Hexachlorocyclohexane (gamma isomer)","Hexachlorocyclohexane (gamma isomer)"]
[null,null,null,"Hexachlorocyclohexane (technical grade)","Hexachlorocyclohexane (technical grade)",null,"Hexachlorocyclohexane (technical grade)",null,"Hexachlorocyclohexane (technical grade)","Hexachlorocyclohexane (technical grade)"]
[null,null,null,"Hexachlorodibenzodioxin","Hexachlorodibenzodioxin",null,"Hexachlorodibenzodioxin",null,"Hexachlorodibenzodioxin","Hexachlorodibenzodioxin"]
[null,null,null,"Hexachloroethane","Hexachloroethane",null,"Hexachloroethane",null,"Hexachloroethane","Hexachloroethane"]
[null,null,null,"Hexafluoroacetone","Hexafluoroacetone",null,"Hexafluoroacetone",null,"Hexafluoroacetone","Hexafluoroacetone"]
[null,null,null,"Hexamethylphosphoramide","Hexamethylphosphoramide",null,"Hexamethylphosphoramide",null,"Hexamethylphosphoramide","Hexamethylphosphoramide"]
[null,null,null,"Histrelin acetate","Histrelin acetate",null,"Histrelin acetate",null,"Histrelin acetate","Histrelin acetate"]
[null,null,null,"Hydramethylnon","Hydramethylnon",null,"Hydramethylnon",null,"Hydramethylnon","Hydramethylnon"]
[null,null,null,"Hydrazine","Hydrazine",null,"Hydrazine",null,"Hydrazine","Hydrazine"]
[null,null,null,"Hydrazine sulfate","Hydrazine sulfate",null,"Hydrazine sulfate",null,"Hydrazine sulfate","Hydrazine sulfate"]
[null,null,null,"Hydrazobenzene (1,2-Diphenylhydrazine)","Hydrazobenzene (1,2-Diphenylhydrazine)",null,"Hydrazobenzene (1,2-Diphenylhydrazine)",null,"Hydrazobenzene (1,2-Diphenylhydrazine)","Hydrazobenzene (1,2-Diphenylhydrazine)"]
[null,null,null,"Hydrogen cyanide","Hydrogen cyanide",null,"Hydrogen cyanide",null,"Hydrogen cyanide","Hydrogen cyanide"]
[null,null,null,"Hydrogen cyanide (HCN) and cyanide salts (CN salts)","Hydrogen cyanide (HCN) and cyanide salts (CN salts)",null,"Hydrogen cyanide (HCN) and cyanide salts (CN salts)",null,"Hydrogen cyanide (HCN) and cyanide salts (CN salts)","Hydrogen cyanide (HCN) and cyanide salts (CN salts)"]
[null,null,null,"Hydroxyurea","Hydroxyurea",null,"Hydroxyurea",null,"Hydroxyurea","Hydroxyurea"]
[null,null,null,"Idarubicin hydrochloride","Idarubicin hydrochloride",null,"Idarubicin hydrochloride",null,"Idarubicin hydrochloride","Idarubicin hydrochloride"]
[null,null,null,"Ifosfamide","Ifosfamide",null,"Ifosfamide",null,"Ifosfamide","Ifosfamide"]
[null,null,null,"Imazalil","Imazalil",null,"Imazalil",null,"Imazalil","Imazalil"]
[null,null,null,"Indeno[1,2,3-cd]pyrene","Indeno[1,2,3-cd]pyrene",null,"Indeno[1,2,3-cd]pyrene",null,"Indeno[1,2,3-cd]pyrene","Indeno[1,2,3-cd]pyrene"]
[null,null,null,"Indium phosphide","Indium phosphide",null,"Indium phosphide",null,"Indium phosphide","Indium phosphide"]
[null,null,null,"Iodine-131","Iodine-131",null,"Iodine-131",null,"Iodine-131","Iodine-131"]
[null,null,null,"Iprodione","Iprodione",null,"Iprodione",null,"Iprodione","Iprodione"]
[null,null,null,"Iprovalicarb","Iprovalicarb",null,"Iprovalicarb",null,"Iprovalicarb","Iprovalicarb"]
[null,null,null,"IQ (2-Amino-3-methylimidazo[4,5-f] quinoline)","IQ (2-Amino-3-methylimidazo[4,5-f] quinoline)",null,"IQ (2-Amino-3-methylimidazo[4,5-f] quinoline)",null,"IQ (2-Amino-3-methylimidazo[4,5-f] quinoline)","IQ (2-Amino-3-methylimidazo[4,5-f] quinoline)"]
[null,null,null,"Iron dextran complex","Iron dextran complex",null,"Iron dextran complex",null,"Iron dextran complex","Iron dextran complex"]
[null,null,null,"Isobutyl nitrite","Isobutyl nitrite",null,"Isobutyl nitrite",null,"Isobutyl nitrite","Isobutyl nitrite"]
[null,null,null,"Isoprene","Isoprene",null,"Isoprene",null,"Isoprene","Isoprene"]
[null,null,null,"Isopyrazam","Isopyrazam",null,"Isopyrazam",null,"Isopyrazam","Isopyrazam"]
[null,null,null,"Isotretinoin","Isotretinoin",null,"Isotretinoin",null,"Isotretinoin","Isotretinoin"]
[null,null,null,"Isoxaflutole","Isoxaflutole",null,"Isoxaflutole",null,"Isoxaflutole","Isoxaflutole"]
[null,null,null,"Kresoxim-methyl","Kresoxim-methyl",null,"Kresoxim-methyl",null,"Kresoxim-methyl","Kresoxim-methyl"]
[null,null,null,"Lactofen","Lactofen",null,"Lactofen",null,"Lactofen","Lactofen"]
[null,null,null,"Lasiocarpine","Lasiocarpine",null,"Lasiocarpine",null,"Lasiocarpine","Lasiocarpine"]
[null,null,null,"Leather dust","Leather dust",null,"Leather dust",null,"Leather dust","Leather dust"]
[null,null,null,"Leuprolide acetate","Leuprolide acetate",null,"Leuprolide acetate",null,"Leuprolide acetate","Leuprolide acetate"]
[null,null,null,"Levodopa","Levodopa",null,"Levodopa",null,"Levodopa","Levodopa"]
[null,null,null,"Levonorgestrel implants","Levonorgestrel implants",null,"Levonorgestrel implants",null,"Levonorgestrel implants","Levonorgestrel implants"]
[null,null,null,"Lindane and other hexachlorocyclohexane isomers","Lindane and other hexachlorocyclohexane isomers",null,"Lindane and other hexachlorocyclohexane isomers",null,"Lindane and other hexachlorocyclohexane isomers","Lindane and other hexachlorocyclohexane isomers"]
[null,null,null,"Linuron","Linuron",null,"Linuron",null,"Linuron","Linuron"]
[null,null,null,"Lithium carbonate","Lithium carbonate",null,"Lithium carbonate",null,"Lithium carbonate","Lithium carbonate"]
[null,null,null,"Lithium citrate","Lithium citrate",null,"Lithium citrate",null,"Lithium citrate","Lithium citrate"]
[null,null,null,"Lorazepam","Lorazepam",null,"Lorazepam",null,"Lorazepam","Lorazepam"]
[null,null,null,"Lovastatin","Lovastatin",null,"Lovastatin",null,"Lovastatin","Lovastatin"]
[null,null,null,"Lynestrenol","Lynestrenol",null,"Lynestrenol",null,"Lynestrenol","Lynestrenol"]
[null,null,null,"Malathion","Malathion",null,"Malathion",null,"Malathion","Malathion"]
[null,null,null,"Malonaldehyde, sodium salt","Malonaldehyde, sodium salt",null,"Malonaldehyde, sodium salt",null,"Malonaldehyde, sodium salt","Malonaldehyde, sodium salt"]
[null,null,null,"Mancozeb","Mancozeb",null,"Mancozeb",null,"Mancozeb","Mancozeb"]
[null,null,null,"Maneb","Maneb",null,"Maneb",null,"Maneb","Maneb"]
[null,null,null,"Marijuana smoke","Marijuana smoke",null,"Marijuana smoke",null,"Marijuana smoke","Marijuana smoke"]
[null,null,null,"m-Dinitrobenzene","m-Dinitrobenzene",null,"m-Dinitrobenzene",null,"m-Dinitrobenzene","m-Dinitrobenzene"]
[null,null,null,"Me-A-alpha-C (2-Amino-3-methyl-9H-pyrido[2,3-b]indole)","Me-A-alpha-C (2-Amino-3-methyl-9H-pyrido[2,3-b]indole)",null,"Me-A-alpha-C (2-Amino-3-methyl-9H-pyrido[2,3-b]indole)",null,"Me-A-alpha-C (2-Amino-3-methyl-9H-pyrido[2,3-b]indole)","Me-A-alpha-C (2-Amino-3-methyl-9H-pyrido[2,3-b]indole)"]
[null,null,null,"Mebendazole","Mebendazole",null,"Mebendazole",null,"Mebendazole","Mebendazole"]
[null,null,null,"Medroxyprogesterone acetate","Medroxyprogesterone acetate",null,"Medroxyprogesterone acetate",null,"Medroxyprogesterone acetate","Medroxyprogesterone acetate"]
[null,null,null,"Megestrol acetate","Megestrol acetate",null,"Megestrol acetate",null,"Megestrol acetate","Megestrol acetate"]
[null,null,null,"MeIQ (2-Amino-3,4-dimethylimidazo[4,5-f]quinoline)","MeIQ (2-Amino-3,4-dimethylimidazo[4,5-f]quinoline)",null,"MeIQ (2-Amino-3,4-dimethylimidazo[4,5-f]quinoline)",null,"MeIQ (2-Amino-3,4-dimethylimidazo[4,5-f]quinoline)","MeIQ (2-Amino-3,4-dimethylimidazo[4,5-f]quinoline)"]
[null,null,null,"MeIQx (2-Amino-3,8-dimethylimidazo[4,5-f]quinoxaline)","MeIQx (2-Amino-3,8-dimethylimidazo[4,5-f]quinoxaline)",null,"MeIQx (2-Amino-3,8-dimethylimidazo[4,5-f]quinoxaline)",null,"MeIQx (2-Amino-3,8-dimethylimidazo[4,5-f]quinoxaline)","MeIQx (2-Amino-3,8-dimethylimidazo[4,5-f]quinoxaline)"]
[null,null,null,"Melphalan","Melphalan",null,"Melphalan",null,"Melphalan","Melphalan"]
[null,null,null,"Menotropins","Menotropins",null,"Menotropins",null,"Menotropins","Menotropins"]
[null,null,null,"Mepanipyrim","Mepanipyrim",null,"Mepanipyrim",null,"Mepanipyrim","Mepanipyrim"]
[null,null,null,"Meprobamate","Meprobamate",null,"Meprobamate",null,"Meprobamate","Meprobamate"]
[null,null,null,"Mercaptopurine","Mercaptopurine",null,"Mercaptopurine",null,"Mercaptopurine","Mercaptopurine"]
[null,null,null,"Mercury and mercury compounds","Mercury and mercury compounds",null,"Mercury and mercury compounds",null,"Mercury and mercury compounds","Mercury and mercury compounds"]
[null,null,null,"Merphalan","Merphalan",null,"Merphalan",null,"Merphalan","Merphalan"]
[null,null,null,"Mestranol","Mestranol",null,"Mestranol",null,"Mestranol","Mestranol"]
[null,null,null,"Metam potassium","Metam potassium",null,"Metam potassium",null,"Metam potassium","Metam potassium"]
[null,null,null,"Methacycline hydrochloride","Methacycline hydrochloride",null,"Methacycline hydrochloride",null,"Methacycline hydrochloride","Methacycline hydrochloride"]
[null,null,null,"Metham sodium","Metham sodium",null,"Metham sodium",null,"Metham sodium","Metham sodium"]
[null,null,null,"Methanol","Methanol",null,"Methanol",null,"Methanol","Methanol"]
[null,null,null,"Methazole","Methazole",null,"Methazole",null,"Methazole","Methazole"]
[null,null,null,"Methimazole","Methimazole",null,"Methimazole",null,"Methimazole","Methimazole"]
[null,null,null,"Methotrexate","Methotrexate",null,"Methotrexate",null,"Methotrexate","Methotrexate"]
[null,null,null,"Methotrexate sodium","Methotrexate sodium",null,"Methotrexate sodium",null,"Methotrexate sodium","Methotrexate sodium"]
[null,null,null,"Methyl bromide, as a structural fumigant","Methyl bromide, as a structural fumigant",null,"Methyl bromide, as a structural fumigant",null,"Methyl bromide, as a structural fumigant","Methyl bromide, as a structural fumigant"]
[null,null,null,"Methyl carbamate","Methyl carbamate",null,"Methyl carbamate",null,"Methyl carbamate","Methyl carbamate"]
[null,null,null,"Methyl chloride","Methyl chloride",null,"Methyl chloride",null,"Methyl chloride","Methyl chloride"]
[null,null,null,"Methyl iodide","Methyl iodide",null,"Methyl iodide",null,"Methyl iodide","Methyl iodide"]
[null,null,null,"Methyl isobutyl ketone","Methyl isobutyl ketone",null,"Methyl isobutyl ketone",null,"Methyl isobutyl ketone","Methyl isobutyl ketone"]
[null,null,null,"Methyl isobutyl ketone (MIBK)","Methyl isobutyl ketone (MIBK)",null,"Methyl isobutyl ketone (MIBK)",null,"Methyl isobutyl ketone (MIBK)","Methyl isobutyl ketone (MIBK)"]
[null,null,null,"Methyl isocyanate (MIC)","Methyl isocyanate (MIC)",null,"Methyl isocyanate (MIC)",null,"Methyl isocyanate (MIC)","Methyl isocyanate (MIC)"]
[null,null,null,"Methyl mercury","Methyl mercury",null,"Methyl mercury",null,"Methyl mercury","Methyl mercury"]
[null,null,null,"Methyl methanesulfonate","Methyl methanesulfonate",null,"Methyl methanesulfonate",null,"Methyl methanesulfonate","Methyl methanesulfonate"]
[null,null,null,"Methylazoxymethanol","Methylazoxymethanol",null,"Methylazoxymethanol",null,"Methylazoxymethanol","Methylazoxymethanol"]
[null,null,null,"Methylazoxymethanol acetate","Methylazoxymethanol acetate",null,"Methylazoxymethanol acetate",null,"Methylazoxymethanol acetate","Methylazoxymethanol acetate"]
[null,null,null,"Methyleugenol","Methyleugenol",null,"Methyleugenol",null,"Methyleugenol","Methyleugenol"]
[null,null,null,"Methylhydrazine","Methylhydrazine",null,"Methylhydrazine",null,"Methylhydrazine","Methylhydrazine"]
[null,null,null,"Methylhydrazine and its salts","Methylhydrazine and its salts",null,"Methylhydrazine and its salts",null,"Methylhydrazine and its salts","Methylhydrazine and its salts"]
[null,null,null,"Methylhydrazine sulfate","Methylhydrazine sulfate",null,"Methylhydrazine sulfate",null,"Methylhydrazine sulfate","Methylhydrazine sulfate"]
[null,null,null,"Methylmercury compounds","Methylmercury compounds",null,"Methylmercury compounds",null,"Methylmercury compounds","Methylmercury compounds"]
[null,null,null,"Methyl-n-butyl ketone","Methyl-n-butyl ketone",null,"Methyl-n-butyl ketone",null,"Methyl-n-butyl ketone","Methyl-n-butyl ketone"]
[null,null,null,"Methyltestosterone","Methyltestosterone",null,"Methyltestosterone",null,"Methyltestosterone","Methyltestosterone"]
[null,null,null,"Methylthiouracil","Methylthiouracil",null,"Methylthiouracil",null,"Methylthiouracil","Methylthiouracil"]
[null,null,null,"Metiram","Metiram",null,"Metiram",null,"Metiram","Metiram"]
[null,null,null,"Metronidazole","Metronidazole",null,"Metronidazole",null,"Metronidazole","Metronidazole"]
[null,null,null,"Michler's ketone","Michler's ketone",null,"Michler's ketone",null,"Michler's ketone","Michler's ketone"]
[null,null,null,"Midazolam hydrochloride","Midazolam hydrochloride",null,"Midazolam hydrochloride",null,"Midazolam hydrochloride","Midazolam hydrochloride"]
[null,null,null,"Minocycline hydrochloride (internal use)","Minocycline hydrochloride (internal use)",null,"Minocycline hydrochloride (internal use)",null,"Minocycline hydrochloride (internal use)","Minocycline hydrochloride (internal use)"]
[null,null,null,"Mirex","Mirex",null,"Mirex",null,"Mirex","Mirex"]
[null,null,null,"Misoprostol","Misoprostol",null,"Misoprostol",null,"Misoprostol","Misoprostol"]
[null,null,null,"Mitomycin C","Mitomycin C",null,"Mitomycin C",null,"Mitomycin C","Mitomycin C"]
[null,null,null,"Mitoxantrone hydrochloride","Mitoxantrone hydrochloride",null,"Mitoxantrone hydrochloride",null,"Mitoxantrone hydrochloride","Mitoxantrone hydrochloride"]
[null,null,null,"Molinate","Molinate",null,"Molinate",null,"Molinate","Molinate"]
[null,null,null,"MON 13900 (furilazole)","MON 13900 (furilazole)",null,"MON 13900 (furilazole)",null,"MON 13900 (furilazole)","MON 13900 (furilazole)"]
[null,null,null,"MON 4660 (dichloroacetyl-1-oxa-4-azaspiro(4,5)-decane","MON 4660 (dichloroacetyl-1-oxa-4-azaspiro(4,5)-decane",null,"MON 4660 (dichloroacetyl-1-oxa-4-azaspiro(4,5)-decane",null,"MON 4660 (dichloroacetyl-1-oxa-4-azaspiro(4,5)-decane","MON 4660 (dichloroacetyl-1-oxa-4-azaspiro(4,5)-decane"]
[null,null,null,"Monocrotaline","Monocrotaline",null,"Monocrotaline",null,"Monocrotaline","Monocrotaline"]
[null,null,null,"MOPP (vincristine-prednisone-nitrogen mustard-procarbazine mixture)","MOPP (vincristine-prednisone-nitrogen mustard-procarbazine mixture)",null,"MOPP (vincristine-prednisone-nitrogen mustard-procarbazine mixture)",null,"MOPP (vincristine-prednisone-nitrogen mustard-procarbazine mixture)","MOPP (vincristine-prednisone-nitrogen mustard-procarbazine mixture)"]
[null,null,null,"Mustard Gas","Mustard Gas",null,"Mustard Gas",null,"Mustard Gas","Mustard Gas"]
[null,null,null,"MX (3-chloro-4-dichloromethyl-5-hydroxy-2(5H)-furanone)","MX (3-chloro-4-dichloromethyl-5-hydroxy-2(5H)-furanone)",null,"MX (3-chloro-4-dichloromethyl-5-hydroxy-2(5H)-furanone)",null,"MX (3-chloro-4-dichloromethyl-5-hydroxy-2(5H)-furanone)","MX (3-chloro-4-dichloromethyl-5-hydroxy-2(5H)-furanone)"]
[null,null,null,"Myclobutanil","Myclobutanil",null,"Myclobutanil",null,"Myclobutanil","Myclobutanil"]
[null,null,null,"N,N-Bis(2-chloroethyl)-2-naphthylamine (Chlornapazine)","N,N-Bis(2-chloroethyl)-2-naphthylamine (Chlornapazine)",null,"N,N-Bis(2-chloroethyl)-2-naphthylamine (Chlornapazine)",null,"N,N-Bis(2-chloroethyl)-2-naphthylamine (Chlornapazine)","N,N-Bis(2-chloroethyl)-2-naphthylamine (Chlornapazine)"]
[null,null,null,"N,N'-Diacetylbenzidine","N,N'-Diacetylbenzidine",null,"N,N'-Diacetylbenzidine",null,"N,N'-Diacetylbenzidine","N,N'-Diacetylbenzidine"]
[null,null,null,"N,N-Dimethylacetamide","N,N-Dimethylacetamide",null,"N,N-Dimethylacetamide",null,"N,N-Dimethylacetamide","N,N-Dimethylacetamide"]
[null,null,null,"N,N-Dimethylformamide","N,N-Dimethylformamide",null,"N,N-Dimethylformamide",null,"N,N-Dimethylformamide","N,N-Dimethylformamide"]
[null,null,null,"N,N-Dimethyl-p-toluidine","N,N-Dimethyl-p-toluidine",null,"N,N-Dimethyl-p-toluidine",null,"N,N-Dimethyl-p-toluidine","N,N-Dimethyl-p-toluidine"]
[null,null,null,"N-[4-(5-Nitro-2-furyl)-2-thiazolyl]acetamide","N-[4-(5-Nitro-2-furyl)-2-thiazolyl]acetamide",null,"N-[4-(5-Nitro-2-furyl)-2-thiazolyl]acetamide",null,"N-[4-(5-Nitro-2-furyl)-2-thiazolyl]acetamide","N-[4-(5-Nitro-2-furyl)-2-thiazolyl]acetamide"]
[null,null,null,"Nabam","Nabam",null,"Nabam",null,"Nabam","Nabam"]
[null,null,null,"Nafarelin acetate","Nafarelin acetate",null,"Nafarelin acetate",null,"Nafarelin acetate","Nafarelin acetate"]
[null,null,null,"Nafenopin","Nafenopin",null,"Nafenopin",null,"Nafenopin","Nafenopin"]
[null,null,null,"Nalidixic acid","Nalidixic acid",null,"Nalidixic acid",null,"Nalidixic acid","Nalidixic acid"]
[null,null,null,"Naphthalene","Naphthalene",null,"Naphthalene",null,"Naphthalene","Naphthalene"]
[null,null,null,"N-Carboxymethyl-N-nitrosourea","N-Carboxymethyl-N-nitrosourea",null,"N-Carboxymethyl-N-nitrosourea",null,"N-Carboxymethyl-N-nitrosourea","N-Carboxymethyl-N-nitrosourea"]
[null,null,null,"Neomycin sulfate (internal use)","Neomycin sulfate (internal use)",null,"Neomycin sulfate (internal use)",null,"Neomycin sulfate (internal use)","Neomycin sulfate (internal use)"]
[null,null,null,"Netilmicin sulfate","Netilmicin sulfate",null,"Netilmicin sulfate",null,"Netilmicin sulfate","Netilmicin sulfate"]
[null,null,null,"n-Hexane","n-Hexane",null,"n-Hexane",null,"n-Hexane","n-Hexane"]
[null,null,null,"Nickel (Metallic)","Nickel (Metallic)",null,"Nickel (Metallic)",null,"Nickel (Metallic)","Nickel (Metallic)"]
[null,null,null,"Nickel acetate","Nickel acetate",null,"Nickel acetate",null,"Nickel acetate","Nickel acetate"]
[null,null,null,"Nickel carbonate","Nickel carbonate",null,"Nickel carbonate",null,"Nickel carbonate","Nickel carbonate"]
[null,null,null,"Nickel carbonyl","Nickel carbonyl",null,"Nickel carbonyl",null,"Nickel carbonyl","Nickel carbonyl"]
[null,null,null,"Nickel compounds","Nickel compounds",null,"Nickel compounds",null,"Nickel compounds","Nickel compounds"]
[null,null,null,"Nickel hydroxide","Nickel hydroxide",null,"Nickel hydroxide",null,"Nickel hydroxide","Nickel hydroxide"]
[null,null,null,"Nickel oxide","Nickel oxide",null,"Nickel oxide",null,"Nickel oxide","Nickel oxide"]
[null,null,null,"Nickel refinery dust from the pyrometallurgical process","Nickel refinery dust from the pyrometallurgical process",null,"Nickel refinery dust from the pyrometallurgical process",null,"Nickel refinery dust from the pyrometallurgical process","Nickel refinery dust from the pyrometallurgical process"]
[null,null,null,"Nickel subsulfide","Nickel subsulfide",null,"Nickel subsulfide",null,"Nickel subsulfide","Nickel subsulfide"]
[null,null,null,"Nickelocene","Nickelocene",null,"Nickelocene",null,"Nickelocene","Nickelocene"]
[null,null,null,"Nicotine","Nicotine",null,"Nicotine",null,"Nicotine","Nicotine"]
[null,null,null,"Nifedipine","Nifedipine",null,"Nifedipine",null,"Nifedipine","Nifedipine"]
[null,null,null,"Nimodipine","Nimodipine",null,"Nimodipine",null,"Nimodipine","Nimodipine"]
[null,null,null,"Niridazole","Niridazole",null,"Niridazole",null,"Niridazole","Niridazole"]
[null,null,null,"Nitrapyrin","Nitrapyrin",null,"Nitrapyrin",null,"Nitrapyrin","Nitrapyrin"]
[null,null,null,"Nitrilotriacetic acid","Nitrilotriacetic acid",null,"Nitrilotriacetic acid",null,"Nitrilotriacetic acid","Nitrilotriacetic acid"]
[null,null,null,"Nitrilotriacetic acid, trisodium salt monohydrate","Nitrilotriacetic acid, trisodium salt monohydrate",null,"Nitrilotriacetic acid, trisodium salt monohydrate",null,"Nitrilotriacetic acid, trisodium salt monohydrate","Nitrilotriacetic acid, trisodium salt monohydrate"]
[null,null,null,"Nitrobenzene","Nitrobenzene",null,"Nitrobenzene",null,"Nitrobenzene","Nitrobenzene"]
[null,null,null,"Nitrofen (technical grade)","Nitrofen (technical grade)",null,"Nitrofen (technical grade)",null,"Nitrofen (technical grade)","Nitrofen (technical grade)"]
[null,null,null,"Nitrofurantoin","Nitrofurantoin",null,"Nitrofurantoin",null,"Nitrofurantoin","Nitrofurantoin"]
[null,null,null,"Nitrofurazone","Nitrofurazone",null,"Nitrofurazone",null,"Nitrofurazone","Nitrofurazone"]
[null,null,null,"Nitrogen mustard (Mechlorethamine)","Nitrogen mustard (Mechlorethamine)",null,"Nitrogen mustard (Mechlorethamine)",null,"Nitrogen mustard (Mechlorethamine)","Nitrogen mustard (Mechlorethamine)"]
[null,null,null,"Nitrogen mustard hydrochloride (Mechlorethamine hydrochloride)","Nitrogen mustard hydrochloride (Mechlorethamine hydrochloride)",null,"Nitrogen mustard hydrochloride (Mechlorethamine hydrochloride)",null,"Nitrogen mustard hydrochloride (Mechlorethamine hydrochloride)","Nitrogen mustard hydrochloride (Mechlorethamine hydrochloride)"]
[null,null,null,"Nitrogen mustard N-oxide","Nitrogen mustard N-oxide",null,"Nitrogen mustard N-oxide",null,"Nitrogen mustard N-oxide","Nitrogen mustard N-oxide"]
[null,null,null,"Nitrogen mustard N-oxide hydrochloride","Nitrogen mustard N-oxide hydrochloride",null,"Nitrogen mustard N-oxide hydrochloride",null,"Nitrogen mustard N-oxide hydrochloride","Nitrogen mustard N-oxide hydrochloride"]
[null,null,null,"Nitromethane","Nitromethane",null,"Nitromethane",null,"Nitromethane","Nitromethane"]
[null,null,null,"Nitrous oxide","Nitrous oxide",null,"Nitrous oxide",null,"Nitrous oxide","Nitrous oxide"]
[null,null,null,"N-Methyl-N'-nitro-N-nitrosoguanidine","N-Methyl-N'-nitro-N-nitrosoguanidine",null,"N-Methyl-N'-nitro-N-nitrosoguanidine",null,"N-Methyl-N'-nitro-N-nitrosoguanidine","N-Methyl-N'-nitro-N-nitrosoguanidine"]
[null,null,null,"N-Methylolacrylamide","N-Methylolacrylamide",null,"N-Methylolacrylamide",null,"N-Methylolacrylamide","N-Methylolacrylamide"]
[null,null,null,"N-Methylpyrrolidone","N-Methylpyrrolidone",null,"N-Methylpyrrolidone",null,"N-Methylpyrrolidone","N-Methylpyrrolidone"]
[null,null,null,"N-Nitrosodiethanolamine","N-Nitrosodiethanolamine",null,"N-Nitrosodiethanolamine",null,"N-Nitrosodiethanolamine","N-Nitrosodiethanolamine"]
[null,null,null,"N-Nitrosodiethylamine","N-Nitrosodiethylamine",null,"N-Nitrosodiethylamine",null,"N-Nitrosodiethylamine","N-Nitrosodiethylamine"]
[null,null,null,"N-Nitrosodimethylamine","N-Nitrosodimethylamine",null,"N-Nitrosodimethylamine",null,"N-Nitrosodimethylamine","N-Nitrosodimethylamine"]
[null,null,null,"N-Nitrosodi-n-butylamine","N-Nitrosodi-n-butylamine",null,"N-Nitrosodi-n-butylamine",null,"N-Nitrosodi-n-butylamine","N-Nitrosodi-n-butylamine"]
[null,null,null,"N-Nitrosodi-n-propylamine","N-Nitrosodi-n-propylamine",null,"N-Nitrosodi-n-propylamine",null,"N-Nitrosodi-n-propylamine","N-Nitrosodi-n-propylamine"]
[null,null,null,"N-Nitrosodiphenylamine","N-Nitrosodiphenylamine",null,"N-Nitrosodiphenylamine",null,"N-Nitrosodiphenylamine","N-Nitrosodiphenylamine"]
[null,null,null,"N-Nitrosomethylethylamine","N-Nitrosomethylethylamine",null,"N-Nitrosomethylethylamine",null,"N-Nitrosomethylethylamine","N-Nitrosomethylethylamine"]
[null,null,null,"N-Nitrosomethyl-n-butylamine","N-Nitrosomethyl-n-butylamine",null,"N-Nitrosomethyl-n-butylamine",null,"N-Nitrosomethyl-n-butylamine","N-Nitrosomethyl-n-butylamine"]
[null,null,null,"N-Nitrosomethyl-n-decylamine","N-Nitrosomethyl-n-decylamine",null,"N-Nitrosomethyl-n-decylamine",null,"N-Nitrosomethyl-n-decylamine","N-Nitrosomethyl-n-decylamine"]
[null,null,null,"N-Nitrosomethyl-n-dodecylamine","N-Nitrosomethyl-n-dodecylamine",null,"N-Nitrosomethyl-n-dodecylamine",null,"N-Nitrosomethyl-n-dodecylamine","N-Nitrosomethyl-n-dodecylamine"]
[null,null,null,"N-Nitrosomethyl-n-heptylamine","N-Nitrosomethyl-n-heptylamine",null,"N-Nitrosomethyl-n-heptylamine",null,"N-Nitrosomethyl-n-heptylamine","N-Nitrosomethyl-n-heptylamine"]
[null,null,null,"N-Nitrosomethyl-n-hexylamine","N-Nitrosomethyl-n-hexylamine",null,"N-Nitrosomethyl-n-hexylamine",null,"N-Nitrosomethyl-n-hexylamine","N-Nitrosomethyl-n-hexylamine"]
[null,null,null,"N-Nitrosomethyl-n-nonylamine","N-Nitrosomethyl-n-nonylamine",null,"N-Nitrosomethyl-n-nonylamine",null,"N-Nitrosomethyl-n-nonylamine","N-Nitrosomethyl-n-nonylamine"]
[null,null,null,"N-Nitrosomethyl-n-octylamine","N-Nitrosomethyl-n-octylamine",null,"N-Nitrosomethyl-n-octylamine",null,"N-Nitrosomethyl-n-octylamine","N-Nitrosomethyl-n-octylamine"]
[null,null,null,"N-Nitrosomethyl-n-pentylamine","N-Nitrosomethyl-n-pentylamine",null,"N-Nitrosomethyl-n-pentylamine",null,"N-Nitrosomethyl-n-pentylamine","N-Nitrosomethyl-n-pentylamine"]
[null,null,null,"N-Nitrosomethyl-n-propylamine","N-Nitrosomethyl-n-propylamine",null,"N-Nitrosomethyl-n-propylamine",null,"N-Nitrosomethyl-n-propylamine","N-Nitrosomethyl-n-propylamine"]
[null,null,null,"N-Nitrosomethyl-n-tetradecylamine","N-Nitrosomethyl-n-tetradecylamine",null,"N-Nitrosomethyl-n-tetradecylamine",null,"N-Nitrosomethyl-n-tetradecylamine","N-Nitrosomethyl-n-tetradecylamine"]
[null,null,null,"N-Nitrosomethyl-n-undecylamine","N-Nitrosomethyl-n-undecylamine",null,"N-Nitrosomethyl-n-undecylamine",null,"N-Nitrosomethyl-n-undecylamine","N-Nitrosomethyl-n-undecylamine"]
[null,null,null,"N-Nitrosomethylvinylamine","N-Nitrosomethylvinylamine",null,"N-Nitrosomethylvinylamine",null,"N-Nitrosomethylvinylamine","N-Nitrosomethylvinylamine"]
[null,null,null,"N-Nitrosomorpholine","N-Nitrosomorpholine",null,"N-Nitrosomorpholine",null,"N-Nitrosomorpholine","N-Nitrosomorpholine"]
[null,null,null,"N-Nitroso-N-ethylurea","N-Nitroso-N-ethylurea",null,"N-Nitroso-N-ethylurea",null,"N-Nitroso-N-ethylurea","N-Nitroso-N-ethylurea"]
[null,null,null,"N-Nitroso-N-methylurea","N-Nitroso-N-methylurea",null,"N-Nitroso-N-methylurea",null,"N-Nitroso-N-methylurea","N-Nitroso-N-methylurea"]
[null,null,null,"N-Nitroso-N-methylurethane","N-Nitroso-N-methylurethane",null,"N-Nitroso-N-methylurethane",null,"N-Nitroso-N-methylurethane","N-Nitroso-N-methylurethane"]
[null,null,null,"N-Nitrosonornicotine","N-Nitrosonornicotine",null,"N-Nitrosonornicotine",null,"N-Nitrosonornicotine","N-Nitrosonornicotine"]
[null,null,null,"N-Nitrosopiperidine","N-Nitrosopiperidine",null,"N-Nitrosopiperidine",null,"N-Nitrosopiperidine","N-Nitrosopiperidine"]
[null,null,null,"N-Nitrosopyrrolidine","N-Nitrosopyrrolidine",null,"N-Nitrosopyrrolidine",null,"N-Nitrosopyrrolidine","N-Nitrosopyrrolidine"]
[null,null,null,"N-Nitrososarcosine","N-Nitrososarcosine",null,"N-Nitrososarcosine",null,"N-Nitrososarcosine","N-Nitrososarcosine"]
[null,null,null,"Norethisterone (Norethindrone)","Norethisterone (Norethindrone)",null,"Norethisterone (Norethindrone)",null,"Norethisterone (Norethindrone)","Norethisterone (Norethindrone)"]
[null,null,null,"Norethisterone (Norethindrone) /Ethinyl estradiol","Norethisterone (Norethindrone) /Ethinyl estradiol",null,"Norethisterone (Norethindrone) /Ethinyl estradiol",null,"Norethisterone (Norethindrone) /Ethinyl estradiol","Norethisterone (Norethindrone) /Ethinyl estradiol"]
[null,null,null,"Norethisterone (Norethindrone) /Mestranol","Norethisterone (Norethindrone) /Mestranol",null,"Norethisterone (Norethindrone) /Mestranol",null,"Norethisterone (Norethindrone) /Mestranol","Norethisterone (Norethindrone) /Mestranol"]
[null,null,null,"Norethisterone acetate (Norethindrone acetate)","Norethisterone acetate (Norethindrone acetate)",null,"Norethisterone acetate (Norethindrone acetate)",null,"Norethisterone acetate (Norethindrone acetate)","Norethisterone acetate (Norethindrone acetate)"]
[null,null,null,"Norethynodrel","Norethynodrel",null,"Norethynodrel",null,"Norethynodrel","Norethynodrel"]
[null,null,null,"Norgestrel","Norgestrel",null,"Norgestrel",null,"Norgestrel","Norgestrel"]
[null,null,null,"o,p'-DDT","o,p'-DDT",null,"o,p'-DDT",null,"o,p'-DDT","o,p'-DDT"]
[null,null,null,"o-Aminoazotoluene","o-Aminoazotoluene",null,"o-Aminoazotoluene",null,"o-Aminoazotoluene","o-Aminoazotoluene"]
[null,null,null,"o-Anisidine","o-Anisidine",null,"o-Anisidine",null,"o-Anisidine","o-Anisidine"]
[null,null,null,"o-Anisidine hydrochloride","o-Anisidine hydrochloride",null,"o-Anisidine hydrochloride",null,"o-Anisidine hydrochloride","o-Anisidine hydrochloride"]
[null,null,null,"Ochratoxin A","Ochratoxin A",null,"Ochratoxin A",null,"Ochratoxin A","Ochratoxin A"]
[null,null,null,"o-Dinitrobenzene","o-Dinitrobenzene",null,"o-Dinitrobenzene",null,"o-Dinitrobenzene","o-Dinitrobenzene"]
[null,null,null,"Oil Orange SS","Oil Orange SS",null,"Oil Orange SS",null,"Oil Orange SS","Oil Orange SS"]
[null,null,null,"o-Nitroanisole","o-Nitroanisole",null,"o-Nitroanisole",null,"o-Nitroanisole","o-Nitroanisole"]
[null,null,null,"o-Nitrotoluene","o-Nitrotoluene",null,"o-Nitrotoluene",null,"o-Nitrotoluene","o-Nitrotoluene"]
[null,null,null,"o-Phenylenediamine","o-Phenylenediamine",null,"o-Phenylenediamine",null,"o-Phenylenediamine","o-Phenylenediamine"]
[null,null,null,"o-Phenylenediamine and its salts","o-Phenylenediamine and its salts",null,"o-Phenylenediamine and its salts",null,"o-Phenylenediamine and its salts","o-Phenylenediamine and its salts"]
[null,null,null,"o-Phenylenediamine dihydochloride","o-Phenylenediamine dihydochloride",null,"o-Phenylenediamine dihydochloride",null,"o-Phenylenediamine dihydochloride","o-Phenylenediamine dihydochloride"]
[null,null,null,"o-Phenylphenate, sodium","o-Phenylphenate, sodium",null,"o-Phenylphenate, sodium",null,"o-Phenylphenate, sodium","o-Phenylphenate, sodium"]
[null,null,null,"o-Phenylphenol","o-Phenylphenol",null,"o-Phenylphenol",null,"o-Phenylphenol","o-Phenylphenol"]
[null,null,null,"Oral contraceptives, combined","Oral contraceptives, combined",null,"Oral contraceptives, combined",null,"Oral contraceptives, combined","Oral contraceptives, combined"]
[null,null,null,"Oral contraceptives, sequential","Oral contraceptives, sequential",null,"Oral contraceptives, sequential",null,"Oral contraceptives, sequential","Oral contraceptives, sequential"]
[null,null,null,"Oryzalin","Oryzalin",null,"Oryzalin",null,"Oryzalin","Oryzalin"]
[null,null,null,"o-Toluidine","o-Toluidine",null,"o-Toluidine",null,"o-Toluidine","o-Toluidine"]
[null,null,null,"o-Toluidine hydrochloride","o-Toluidine hydrochloride",null,"o-Toluidine hydrochloride",null,"o-Toluidine hydrochloride","o-Toluidine hydrochloride"]
[null,null,null,"Oxadiazon","Oxadiazon",null,"Oxadiazon",null,"Oxadiazon","Oxadiazon"]
[null,null,null,"Oxazepam","Oxazepam",null,"Oxazepam",null,"Oxazepam","Oxazepam"]
[null,null,null,"Oxydemeton methyl","Oxydemeton methyl",null,"Oxydemeton methyl",null,"Oxydemeton methyl","Oxydemeton methyl"]
[null,null,null,"Oxymetholone","Oxymetholone",null,"Oxymetholone",null,"Oxymetholone","Oxymetholone"]
[null,null,null,"Oxytetracycline (internal use)","Oxytetracycline (internal use)",null,"Oxytetracycline (internal use)",null,"Oxytetracycline (internal use)","Oxytetracycline (internal use)"]
[null,null,null,"Oxytetracycline hydrochloride (internal use)","Oxytetracycline hydrochloride (internal use)",null,"Oxytetracycline hydrochloride (internal use)",null,"Oxytetracycline hydrochloride (internal use)","Oxytetracycline hydrochloride (internal use)"]
[null,null,null,"Oxythioquinox (Chinomethionat)","Oxythioquinox (Chinomethionat)",null,"Oxythioquinox (Chinomethionat)",null,"Oxythioquinox (Chinomethionat)","Oxythioquinox (Chinomethionat)"]
[null,null,null,"p,p'-DDT","p,p'-DDT",null,"p,p'-DDT",null,"p,p'-DDT","p,p'-DDT"]
[null,null,null,"p-a,a,a-Tetrachlorotoluene","p-a,a,a-Tetrachlorotoluene",null,"p-a,a,a-Tetrachlorotoluene",null,"p-a,a,a-Tetrachlorotoluene","p-a,a,a-Tetrachlorotoluene"]
[null,null,null,"Paclitaxel","Paclitaxel",null,"Paclitaxel",null,"Paclitaxel","Paclitaxel"]
[null,null,null,"Palygorskite fibers (> 5mm in length)","Palygorskite fibers (> 5mm in length)",null,"Palygorskite fibers (> 5mm in length)",null,"Palygorskite fibers (> 5mm in length)","Palygorskite fibers (> 5mm in length)"]
[null,null,null,"p-Aminoazobenzene","p-Aminoazobenzene",null,"p-Aminoazobenzene",null,"p-Aminoazobenzene","p-Aminoazobenzene"]
[null,null,null,"Panfuran S","Panfuran S",null,"Panfuran S",null,"Panfuran S","Panfuran S"]
[null,null,null,"Paramethadione","Paramethadione",null,"Paramethadione",null,"Paramethadione","Paramethadione"]
[null,null,null,"Parathion","Parathion",null,"Parathion",null,"Parathion","Parathion"]
[null,null,null,"p-Chloroaniline","p-Chloroaniline",null,"p-Chloroaniline",null,"p-Chloroaniline","p-Chloroaniline"]
[null,null,null,"p-Chloroaniline hydrochloride","p-Chloroaniline hydrochloride",null,"p-Chloroaniline hydrochloride",null,"p-Chloroaniline hydrochloride","p-Chloroaniline hydrochloride"]
[null,null,null,"p-Chloro-o-toluidine","p-Chloro-o-toluidine",null,"p-Chloro-o-toluidine",null,"p-Chloro-o-toluidine","p-Chloro-o-toluidine"]
[null,null,null,"p-Chloro-o-toluidine, hydrochloride","p-Chloro-o-toluidine, hydrochloride",null,"p-Chloro-o-toluidine, hydrochloride",null,"p-Chloro-o-toluidine, hydrochloride","p-Chloro-o-toluidine, hydrochloride"]
[null,null,null,"p-Chloro-o-toluidine, strong acid salts of","p-Chloro-o-toluidine, strong acid salts of",null,"p-Chloro-o-toluidine, strong acid salts of",null,"p-Chloro-o-toluidine, strong acid salts of","p-Chloro-o-toluidine, strong acid salts of"]
[null,null,null,"p-Cresidine","p-Cresidine",null,"p-Cresidine",null,"p-Cresidine","p-Cresidine"]
[null,null,null,"p-Dichlorobenzene","p-Dichlorobenzene",null,"p-Dichlorobenzene",null,"p-Dichlorobenzene","p-Dichlorobenzene"]
[null,null,null,"p-Dinitrobenzene","p-Dinitrobenzene",null,"p-Dinitrobenzene",null,"p-Dinitrobenzene","p-Dinitrobenzene"]
[null,null,null,"Penicillamine","Penicillamine",null,"Penicillamine",null,"Penicillamine","Penicillamine"]
[null,null,null,"pentabromodiphenyl ether mixture [DE-71 (technical grade)]","pentabromodiphenyl ether mixture [DE-71 (technical grade)]",null,"pentabromodiphenyl ether mixture [DE-71 (technical grade)]",null,"pentabromodiphenyl ether mixture [DE-71 (technical grade)]","pentabromodiphenyl ether mixture [DE-71 (technical grade)]"]
[null,null,null,"Pentachlorophenol","Pentachlorophenol",null,"Pentachlorophenol",null,"Pentachlorophenol","Pentachlorophenol"]
[null,null,null,"Pentachlorophenol and by-products of its synthesis (complex mixture)","Pentachlorophenol and by-products of its synthesis (complex mixture)",null,"Pentachlorophenol and by-products of its synthesis (complex mixture)",null,"Pentachlorophenol and by-products of its synthesis (complex mixture)","Pentachlorophenol and by-products of its synthesis (complex mixture)"]
[null,null,null,"Pentobarbital sodium","Pentobarbital sodium",null,"Pentobarbital sodium",null,"Pentobarbital sodium","Pentobarbital sodium"]
[null,null,null,"Pentosan polysulfate sodium","Pentosan polysulfate sodium",null,"Pentosan polysulfate sodium",null,"Pentosan polysulfate sodium","Pentosan polysulfate sodium"]
[null,null,null,"Pentostatin","Pentostatin",null,"Pentostatin",null,"Pentostatin","Pentostatin"]
[null,null,null,"Perfluorooctane sulfonate (PFOS)","Perfluorooctane sulfonate (PFOS)",null,"Perfluorooctane sulfonate (PFOS)",null,"Perfluorooctane sulfonate (PFOS)","Perfluorooctane sulfonate (PFOS)"]
[null,null,null,"Perfluorooctanoic acid (PFOA)","Perfluorooctanoic acid (PFOA)",null,"Perfluorooctanoic acid (PFOA)",null,"Perfluorooctanoic acid (PFOA)","Perfluorooctanoic acid (PFOA)"]
[null,null,null,"Pertuzumab","Pertuzumab",null,"Pertuzumab",null,"Pertuzumab","Pertuzumab"]
[null,null,null,"Phenacemide","Phenacemide",null,"Phenacemide",null,"Phenacemide","Phenacemide"]
[null,null,null,"Phenacetin","Phenacetin",null,"Phenacetin",null,"Phenacetin","Phenacetin"]
[null,null,null,"Phenazopyridine","Phenazopyridine",null,"Phenazopyridine",null,"Phenazopyridine","Phenazopyridine"]
[null,null,null,"Phenazopyridine hydrochloride","Phenazopyridine hydrochloride",null,"Phenazopyridine hydrochloride",null,"Phenazopyridine hydrochloride","Phenazopyridine hydrochloride"]
[null,null,null,"Phenesterin","Phenesterin",null,"Phenesterin",null,"Phenesterin","Phenesterin"]
[null,null,null,"Phenobarbital","Phenobarbital",null,"Phenobarbital",null,"Phenobarbital","Phenobarbital"]
[null,null,null,"Phenolphthalein","Phenolphthalein",null,"Phenolphthalein",null,"Phenolphthalein","Phenolphthalein"]
[null,null,null,"Phenoxybenzamine","Phenoxybenzamine",null,"Phenoxybenzamine",null,"Phenoxybenzamine","Phenoxybenzamine"]
[null,null,null,"Phenoxybenzamine hydrochloride","Phenoxybenzamine hydrochloride",null,"Phenoxybenzamine hydrochloride",null,"Phenoxybenzamine hydrochloride","Phenoxybenzamine hydrochloride"]
[null,null,null,"Phenprocoumon","Phenprocoumon",null,"Phenprocoumon",null,"Phenprocoumon","Phenprocoumon"]
[null,null,null,"Phenyl glycidyl ether","Phenyl glycidyl ether",null,"Phenyl glycidyl ether",null,"Phenyl glycidyl ether","Phenyl glycidyl ether"]
[null,null,null,"Phenylhydrazine","Phenylhydrazine",null,"Phenylhydrazine",null,"Phenylhydrazine","Phenylhydrazine"]
[null,null,null,"Phenylhydrazine and its salts","Phenylhydrazine and its salts",null,"Phenylhydrazine and its salts",null,"Phenylhydrazine and its salts","Phenylhydrazine and its salts"]
[null,null,null,"Phenylhydrazine hydrochloride","Phenylhydrazine hydrochloride",null,"Phenylhydrazine hydrochloride",null,"Phenylhydrazine hydrochloride","Phenylhydrazine hydrochloride"]
[null,null,null,"Phenylphosphine","Phenylphosphine",null,"Phenylphosphine",null,"Phenylphosphine","Phenylphosphine"]
[null,null,null,"PhiP(2-Amino-1-methyl-6-phenylimidazol[4,5-b]pyridine)","PhiP(2-Amino-1-methyl-6-phenylimidazol[4,5-b]pyridine)",null,"PhiP(2-Amino-1-methyl-6-phenylimidazol[4,5-b]pyridine)",null,"PhiP(2-Amino-1-methyl-6-phenylimidazol[4,5-b]pyridine)","PhiP(2-Amino-1-methyl-6-phenylimidazol[4,5-b]pyridine)"]
[null,null,null,"Pimozide","Pimozide",null,"Pimozide",null,"Pimozide","Pimozide"]
[null,null,null,"Pioglitazone","Pioglitazone",null,"Pioglitazone",null,"Pioglitazone","Pioglitazone"]
[null,null,null,"Pipobroman","Pipobroman",null,"Pipobroman",null,"Pipobroman","Pipobroman"]
[null,null,null,"Pirimicarb","Pirimicarb",null,"Pirimicarb",null,"Pirimicarb","Pirimicarb"]
[null,null,null,"Plicamycin","Plicamycin",null,"Plicamycin",null,"Plicamycin","Plicamycin"]
[null,null,null,"p-Nitrosodiphenylamine","p-Nitrosodiphenylamine",null,"p-Nitrosodiphenylamine",null,"p-Nitrosodiphenylamine","p-Nitrosodiphenylamine"]
[null,null,null,"Polybrominated biphenyls","Polybrominated biphenyls",null,"Polybrominated biphenyls",null,"Polybrominated biphenyls","Polybrominated biphenyls"]
[null,null,null,"Polychlorinated biphenyls","Polychlorinated biphenyls",null,"Polychlorinated biphenyls",null,"Polychlorinated biphenyls","Polychlorinated biphenyls"]
[null,null,null,"Polychlorinated biphenyls (containing 60 or more percent chlorine by molecular we","Polychlorinated biphenyls (containing 60 or more percent chlorine by molecular we",null,"Polychlorinated biphenyls (containing 60 or more percent chlorine by molecular we",null,"Polychlorinated biphenyls (containing 60 or more percent chlorine by molecular we","Polychlorinated biphenyls (containing 60 or more percent chlorine by molecular we"]
[null,null,null,"Polychlorinated dibenzofurans","Polychlorinated dibenzofurans",null,"Polychlorinated dibenzofurans",null,"Polychlorinated dibenzofurans","Polychlorinated dibenzofurans"]
[null,null,null,"Polychlorinated dibenzo-p-dioxins","Polychlorinated dibenzo-p-dioxins",null,"Polychlorinated dibenzo-p-dioxins",null,"Polychlorinated dibenzo-p-dioxins","Polychlorinated dibenzo-p-dioxins"]
[null,null,null,"Polygeenan","Polygeenan",null,"Polygeenan",null,"Polygeenan","Polygeenan"]
[null,null,null,"Ponceau 3R","Ponceau 3R",null,"Ponceau 3R",null,"Ponceau 3R","Ponceau 3R"]
[null,null,null,"Ponceau MX","Ponceau MX",null,"Ponceau MX",null,"Ponceau MX","Ponceau MX"]
[null,null,null,"Potassium bromate","Potassium bromate",null,"Potassium bromate",null,"Potassium bromate","Potassium bromate"]
[null,null,null,"Potassium cyanide","Potassium cyanide",null,"Potassium cyanide",null,"Potassium cyanide","Potassium cyanide"]
[null,null,null,"Potassium dimethyldithiocarbamate","Potassium dimethyldithiocarbamate",null,"Potassium dimethyldithiocarbamate",null,"Potassium dimethyldithiocarbamate","Potassium dimethyldithiocarbamate"]
[null,null,null,"Pravastatin sodium","Pravastatin sodium",null,"Pravastatin sodium",null,"Pravastatin sodium","Pravastatin sodium"]
[null,null,null,"Prednisolone sodium phosphate","Prednisolone sodium phosphate",null,"Prednisolone sodium phosphate",null,"Prednisolone sodium phosphate","Prednisolone sodium phosphate"]
[null,null,null,"Primidone","Primidone",null,"Primidone",null,"Primidone","Primidone"]
[null,null,null,"Procarbazine","Procarbazine",null,"Procarbazine",null,"Procarbazine","Procarbazine"]
[null,null,null,"Procarbazine hydrochloride","Procarbazine hydrochloride",null,"Procarbazine hydrochloride",null,"Procarbazine hydrochloride","Procarbazine hydrochloride"]
[null,null,null,"Procymidone","Procymidone",null,"Procymidone",null,"Procymidone","Procymidone"]
[null,null,null,"Progesterone","Progesterone",null,"Progesterone",null,"Progesterone","Progesterone"]
[null,null,null,"Pronamide","Pronamide",null,"Pronamide",null,"Pronamide","Pronamide"]
[null,null,null,"Propachlor","Propachlor",null,"Propachlor",null,"Propachlor","Propachlor"]
[null,null,null,"Propargite","Propargite",null,"Propargite",null,"Propargite","Propargite"]
[null,null,null,"Propazine","Propazine",null,"Propazine",null,"Propazine","Propazine"]
[null,null,null,"Propoxur","Propoxur",null,"Propoxur",null,"Propoxur","Propoxur"]
[null,null,null,"Propylene glycol mono-t-butyl ether","Propylene glycol mono-t-butyl ether",null,"Propylene glycol mono-t-butyl ether",null,"Propylene glycol mono-t-butyl ether","Propylene glycol mono-t-butyl ether"]
[null,null,null,"Propylene oxide","Propylene oxide",null,"Propylene oxide",null,"Propylene oxide","Propylene oxide"]
[null,null,null,"Propylthiouracil","Propylthiouracil",null,"Propylthiouracil",null,"Propylthiouracil","Propylthiouracil"]
[null,null,null,"Pulegone","Pulegone",null,"Pulegone",null,"Pulegone","Pulegone"]
[null,null,null,"Pymetrozine","Pymetrozine",null,"Pymetrozine",null,"Pymetrozine","Pymetrozine"]
[null,null,null,"Pyridine","Pyridine",null,"Pyridine",null,"Pyridine","Pyridine"]
[null,null,null,"Pyrimethamine","Pyrimethamine",null,"Pyrimethamine",null,"Pyrimethamine","Pyrimethamine"]
[null,null,null,"Quazepam","Quazepam",null,"Quazepam",null,"Quazepam","Quazepam"]
[null,null,null,"Quinoline and its strong acid salts","Quinoline and its strong acid salts",null,"Quinoline and its strong acid salts",null,"Quinoline and its strong acid salts","Quinoline and its strong acid salts"]
[null,null,null,"Quizalofop-ethyl","Quizalofop-ethyl",null,"Quizalofop-ethyl",null,"Quizalofop-ethyl","Quizalofop-ethyl"]
[null,null,null,"Radionuclides","Radionuclides",null,"Radionuclides",null,"Radionuclides","Radionuclides"]
[null,null,null,"Reserpine","Reserpine",null,"Reserpine",null,"Reserpine","Reserpine"]
[null,null,null,"Residual (heavy) fuel oils","Residual (heavy) fuel oils",null,"Residual (heavy) fuel oils",null,"Residual (heavy) fuel oils","Residual (heavy) fuel oils"]
[null,null,null,"Resmethrin","Resmethrin",null,"Resmethrin",null,"Resmethrin","Resmethrin"]
[null,null,null,"Retinol/retinyl esters, when in daily dosages in excess of 10,000 IU, or 3,000 re","Retinol/retinyl esters, when in daily dosages in excess of 10,000 IU, or 3,000 re",null,"Retinol/retinyl esters, when in daily dosages in excess of 10,000 IU, or 3,000 re",null,"Retinol/retinyl esters, when in daily dosages in excess of 10,000 IU, or 3,000 re","Retinol/retinyl esters, when in daily dosages in excess of 10,000 IU, or 3,000 re"]
[null,null,null,"Ribavirin","Ribavirin",null,"Ribavirin",null,"Ribavirin","Ribavirin"]
[null,null,null,"Riddelliine","Riddelliine",null,"Riddelliine",null,"Riddelliine","Riddelliine"]
[null,null,null,"Rifampin","Rifampin",null,"Rifampin",null,"Rifampin","Rifampin"]
[null,null,null,"S,S,S-Tributyl phosphorotrithioate (Tribufos, DEF)","S,S,S-Tributyl phosphorotrithioate (Tribufos, DEF)",null,"S,S,S-Tributyl phosphorotrithioate (Tribufos, DEF)",null,"S,S,S-Tributyl phosphorotrithioate (Tribufos, DEF)","S,S,S-Tributyl phosphorotrithioate (Tribufos, DEF)"]
[null,null,null,"Safrole","Safrole",null,"Safrole",null,"Safrole","Safrole"]
[null,null,null,"Salted fish, Chinese-style","Salted fish, Chinese-style",null,"Salted fish, Chinese-style",null,"Salted fish, Chinese-style","Salted fish, Chinese-style"]
[null,null,null,"Secobarbital sodium","Secobarbital sodium",null,"Secobarbital sodium",null,"Secobarbital sodium","Secobarbital sodium"]
[null,null,null,"Sedaxane","Sedaxane",null,"Sedaxane",null,"Sedaxane","Sedaxane"]
[null,null,null,"Selenium sulfide","Selenium sulfide",null,"Selenium sulfide",null,"Selenium sulfide","Selenium sulfide"]
[null,null,null,"Sermorelin acetate","Sermorelin acetate",null,"Sermorelin acetate",null,"Sermorelin acetate","Sermorelin acetate"]
[null,null,null,"Shale-oils","Shale-oils",null,"Shale-oils",null,"Shale-oils","Shale-oils"]
[null,null,null,"Silica, crystalline (airborne particles of respirable size)","Silica, crystalline (airborne particles of respirable size)",null,"Silica, crystalline (airborne particles of respirable size)",null,"Silica, crystalline (airborne particles of respirable size)","Silica, crystalline (airborne particles of respirable size)"]
[null,null,null,"Simazine","Simazine",null,"Simazine",null,"Simazine","Simazine"]
[null,null,null,"Sodium cyanide","Sodium cyanide",null,"Sodium cyanide",null,"Sodium cyanide","Sodium cyanide"]
[null,null,null,"Sodium dimethyldithiocarbamate","Sodium dimethyldithiocarbamate",null,"Sodium dimethyldithiocarbamate",null,"Sodium dimethyldithiocarbamate","Sodium dimethyldithiocarbamate"]
[null,null,null,"Sodium fluoroacetate","Sodium fluoroacetate",null,"Sodium fluoroacetate",null,"Sodium fluoroacetate","Sodium fluoroacetate"]
[null,null,null,"Soots, tars, and mineral oils (untreated and mildly treated oils and used engine","Soots, tars, and mineral oils (untreated and mildly treated oils and used engine",null,"Soots, tars, and mineral oils (untreated and mildly treated oils and used engine",null,"Soots, tars, and mineral oils (untreated and mildly treated oils and used engine","Soots, tars, and mineral oils (untreated and mildly treated oils and used engine"]
[null,null,null,"Spirodiclofen","Spirodiclofen",null,"Spirodiclofen",null,"Spirodiclofen","Spirodiclofen"]
[null,null,null,"Spironolactone","Spironolactone",null,"Spironolactone",null,"Spironolactone","Spironolactone"]
[null,null,null,"Stanozolol","Stanozolol",null,"Stanozolol",null,"Stanozolol","Stanozolol"]
[null,null,null,"Sterigmatocystin","Sterigmatocystin",null,"Sterigmatocystin",null,"Sterigmatocystin","Sterigmatocystin"]
[null,null,null,"Streptomycin sulfate","Streptomycin sulfate",null,"Streptomycin sulfate",null,"Streptomycin sulfate","Streptomycin sulfate"]
[null,null,null,"Streptozocin (streptozotocin)","Streptozocin (streptozotocin)",null,"Streptozocin (streptozotocin)",null,"Streptozocin (streptozotocin)","Streptozocin (streptozotocin)"]
[null,null,null,"Streptozotocin (streptozocin)","Streptozotocin (streptozocin)",null,"Streptozotocin (streptozocin)",null,"Streptozotocin (streptozocin)","Streptozotocin (streptozocin)"]
[null,null,null,"Strong inorganic acid mists containing sulfuric acid","Strong inorganic acid mists containing sulfuric acid",null,"Strong inorganic acid mists containing sulfuric acid",null,"Strong inorganic acid mists containing sulfuric acid","Strong inorganic acid mists containing sulfuric acid"]
[null,null,null,"Styrene","Styrene",null,"Styrene",null,"Styrene","Styrene"]
[null,null,null,"Styrene oxide","Styrene oxide",null,"Styrene oxide",null,"Styrene oxide","Styrene oxide"]
[null,null,null,"Sulfallate","Sulfallate",null,"Sulfallate",null,"Sulfallate","Sulfallate"]
[null,null,null,"Sulfasalazine (Salicylazosulfapyridine)","Sulfasalazine (Salicylazosulfapyridine)",null,"Sulfasalazine (Salicylazosulfapyridine)",null,"Sulfasalazine (Salicylazosulfapyridine)","Sulfasalazine (Salicylazosulfapyridine)"]
[null,null,null,"Sulfur dioxidee","Sulfur dioxidee",null,"Sulfur dioxidee",null,"Sulfur dioxidee","Sulfur dioxidee"]
[null,null,null,"Sulindac","Sulindac",null,"Sulindac",null,"Sulindac","Sulindac"]
[null,null,null,"Talc containing asbestiform fibers","Talc containing asbestiform fibers",null,"Talc containing asbestiform fibers",null,"Talc containing asbestiform fibers","Talc containing asbestiform fibers"]
[null,null,null,"Tamoxifen and its salts","Tamoxifen and its salts",null,"Tamoxifen and its salts",null,"Tamoxifen and its salts","Tamoxifen and its salts"]
[null,null,null,"Tamoxifen citrate","Tamoxifen citrate",null,"Tamoxifen citrate",null,"Tamoxifen citrate","Tamoxifen citrate"]
[null,null,null,"Temazepam","Temazepam",null,"Temazepam",null,"Temazepam","Temazepam"]
[null,null,null,"Teniposide","Teniposide",null,"Teniposide",null,"Teniposide","Teniposide"]
[null,null,null,"Terbacil","Terbacil",null,"Terbacil",null,"Terbacil","Terbacil"]
[null,null,null,"Teriparatide","Teriparatide",null,"Teriparatide",null,"Teriparatide","Teriparatide"]
[null,null,null,"Terrazole","Terrazole",null,"Terrazole",null,"Terrazole","Terrazole"]
[null,null,null,"Testosterone and its esters","Testosterone and its esters",null,"Testosterone and its esters",null,"Testosterone and its esters","Testosterone and its esters"]
[null,null,null,"Testosterone cypionate","Testosterone cypionate",null,"Testosterone cypionate",null,"Testosterone cypionate","Testosterone cypionate"]
[null,null,null,"Testosterone enanthate","Testosterone enanthate",null,"Testosterone enanthate",null,"Testosterone enanthate","Testosterone enanthate"]
[null,null,null,"Tetrabromobisphenol A","Tetrabromobisphenol A",null,"Tetrabromobisphenol A",null,"Tetrabromobisphenol A","Tetrabromobisphenol A"]
[null,null,null,"Tetrachloroethylene (Perchloroethylene)","Tetrachloroethylene (Perchloroethylene)",null,"Tetrachloroethylene (Perchloroethylene)",null,"Tetrachloroethylene (Perchloroethylene)","Tetrachloroethylene (Perchloroethylene)"]
[null,null,null,"Tetrachlorvinphos","Tetrachlorvinphos",null,"Tetrachlorvinphos",null,"Tetrachlorvinphos","Tetrachlorvinphos"]
[null,null,null,"Tetracycline (internal use)","Tetracycline (internal use)",null,"Tetracycline (internal use)",null,"Tetracycline (internal use)","Tetracycline (internal use)"]
[null,null,null,"Tetracycline hydrochloride (internal use)","Tetracycline hydrochloride (internal use)",null,"Tetracycline hydrochloride (internal use)",null,"Tetracycline hydrochloride (internal use)","Tetracycline hydrochloride (internal use)"]
[null,null,null,"Tetracyclines (internal use)","Tetracyclines (internal use)",null,"Tetracyclines (internal use)",null,"Tetracyclines (internal use)","Tetracyclines (internal use)"]
[null,null,null,"Tetrafluoroethylene","Tetrafluoroethylene",null,"Tetrafluoroethylene",null,"Tetrafluoroethylene","Tetrafluoroethylene"]
[null,null,null,"Tetranitromethane","Tetranitromethane",null,"Tetranitromethane",null,"Tetranitromethane","Tetranitromethane"]
[null,null,null,"Thalidomide","Thalidomide",null,"Thalidomide",null,"Thalidomide","Thalidomide"]
[null,null,null,"Thioacetamide","Thioacetamide",null,"Thioacetamide",null,"Thioacetamide","Thioacetamide"]
[null,null,null,"Thiodicarb","Thiodicarb",null,"Thiodicarb",null,"Thiodicarb","Thiodicarb"]
[null,null,null,"Thioguanine","Thioguanine",null,"Thioguanine",null,"Thioguanine","Thioguanine"]
[null,null,null,"Thiophanate methyl","Thiophanate methyl",null,"Thiophanate methyl",null,"Thiophanate methyl","Thiophanate methyl"]
[null,null,null,"Thiouracil","Thiouracil",null,"Thiouracil",null,"Thiouracil","Thiouracil"]
[null,null,null,"Thiourea","Thiourea",null,"Thiourea",null,"Thiourea","Thiourea"]
[null,null,null,"Thorium dioxide","Thorium dioxide",null,"Thorium dioxide",null,"Thorium dioxide","Thorium dioxide"]
[null,null,null,"Titanium dioxide (airborne, unbound particles of respirable size)","Titanium dioxide (airborne, unbound particles of respirable size)",null,"Titanium dioxide (airborne, unbound particles of respirable size)",null,"Titanium dioxide (airborne, unbound particles of respirable size)","Titanium dioxide (airborne, unbound particles of respirable size)"]
[null,null,null,"Tobacco smoke","Tobacco smoke",null,"Tobacco smoke",null,"Tobacco smoke","Tobacco smoke"]
[null,null,null,"Tobacco smoke (primary)","Tobacco smoke (primary)",null,"Tobacco smoke (primary)",null,"Tobacco smoke (primary)","Tobacco smoke (primary)"]
[null,null,null,"Tobacco, oral use of smokeless products","Tobacco, oral use of smokeless products",null,"Tobacco, oral use of smokeless products",null,"Tobacco, oral use of smokeless products","Tobacco, oral use of smokeless products"]
[null,null,null,"Tobramycin sulfate","Tobramycin sulfate",null,"Tobramycin sulfate",null,"Tobramycin sulfate","Tobramycin sulfate"]
[null,null,null,"Toluene","Toluene",null,"Toluene",null,"Toluene","Toluene"]
[null,null,null,"Toluene diisocyanate","Toluene diisocyanate",null,"Toluene diisocyanate",null,"Toluene diisocyanate","Toluene diisocyanate"]
[null,null,null,"Topiramate","Topiramate",null,"Topiramate",null,"Topiramate","Topiramate"]
[null,null,null,"Toxaphene (Polychlorinated camphenes)","Toxaphene (Polychlorinated camphenes)",null,"Toxaphene (Polychlorinated camphenes)",null,"Toxaphene (Polychlorinated camphenes)","Toxaphene (Polychlorinated camphenes)"]
[null,null,null,"Toxins derived from Fusarium moniliforme (Fusarium verticillioides)","Toxins derived from Fusarium moniliforme (Fusarium verticillioides)",null,"Toxins derived from Fusarium moniliforme (Fusarium verticillioides)",null,"Toxins derived from Fusarium moniliforme (Fusarium verticillioides)","Toxins derived from Fusarium moniliforme (Fusarium verticillioides)"]
[null,null,null,"trans-2-[(Dimethylamino)methylimino]-5-[2-(5-nitro-2-furyl)vinyl]-1,3,4-oxadiazol","trans-2-[(Dimethylamino)methylimino]-5-[2-(5-nitro-2-furyl)vinyl]-1,3,4-oxadiazol",null,"trans-2-[(Dimethylamino)methylimino]-5-[2-(5-nitro-2-furyl)vinyl]-1,3,4-oxadiazol",null,"trans-2-[(Dimethylamino)methylimino]-5-[2-(5-nitro-2-furyl)vinyl]-1,3,4-oxadiazol","trans-2-[(Dimethylamino)methylimino]-5-[2-(5-nitro-2-furyl)vinyl]-1,3,4-oxadiazol"]
[null,null,null,"Treosulfan","Treosulfan",null,"Treosulfan",null,"Treosulfan","Treosulfan"]
[null,null,null,"Triadimefon","Triadimefon",null,"Triadimefon",null,"Triadimefon","Triadimefon"]
[null,null,null,"Triamterene","Triamterene",null,"Triamterene",null,"Triamterene","Triamterene"]
[null,null,null,"Triazolam","Triazolam",null,"Triazolam",null,"Triazolam","Triazolam"]
[null,null,null,"Tributyltin methacrylate","Tributyltin methacrylate",null,"Tributyltin methacrylate",null,"Tributyltin methacrylate","Tributyltin methacrylate"]
[null,null,null,"Trichlormethine (Trimustine hydrochloride)","Trichlormethine (Trimustine hydrochloride)",null,"Trichlormethine (Trimustine hydrochloride)",null,"Trichlormethine (Trimustine hydrochloride)","Trichlormethine (Trimustine hydrochloride)"]
[null,null,null,"Trichloroacetic acid","Trichloroacetic acid",null,"Trichloroacetic acid",null,"Trichloroacetic acid","Trichloroacetic acid"]
[null,null,null,"Trichloroethylene","Trichloroethylene",null,"Trichloroethylene",null,"Trichloroethylene","Trichloroethylene"]
[null,null,null,"Trientine hydrochloride","Trientine hydrochloride",null,"Trientine hydrochloride",null,"Trientine hydrochloride","Trientine hydrochloride"]
[null,null,null,"Triforine","Triforine",null,"Triforine",null,"Triforine","Triforine"]
[null,null,null,"Trilostane","Trilostane",null,"Trilostane",null,"Trilostane","Trilostane"]
[null,null,null,"Trimethadione","Trimethadione",null,"Trimethadione",null,"Trimethadione","Trimethadione"]
[null,null,null,"Trimethyl phosphate","Trimethyl phosphate",null,"Trimethyl phosphate",null,"Trimethyl phosphate","Trimethyl phosphate"]
[null,null,null,"Trimetrexate glucuronate","Trimetrexate glucuronate",null,"Trimetrexate glucuronate",null,"Trimetrexate glucuronate","Trimetrexate glucuronate"]
[null,null,null,"TRIM RX","TRIM RX",null,"TRIM RX",null,"TRIM RX","TRIM RX"]
[null,null,null,"Triphenyltin hydroxide","Triphenyltin hydroxide",null,"Triphenyltin hydroxide",null,"Triphenyltin hydroxide","Triphenyltin hydroxide"]
[null,null,null,"Tris(1,3-dichloro-2-propyl) phosphate (TDCPP)","Tris(1,3-dichloro-2-propyl) phosphate (TDCPP)",null,"Tris(1,3-dichloro-2-propyl) phosphate (TDCPP)",null,"Tris(1,3-dichloro-2-propyl) phosphate (TDCPP)","Tris(1,3-dichloro-2-propyl) phosphate (TDCPP)"]
[null,null,null,"Tris(1-aziridinyl)phosphine sulfide (Thiotepa)","Tris(1-aziridinyl)phosphine sulfide (Thiotepa)",null,"Tris(1-aziridinyl)phosphine sulfide (Thiotepa)",null,"Tris(1-aziridinyl)phosphine sulfide (Thiotepa)","Tris(1-aziridinyl)phosphine sulfide (Thiotepa)"]
[null,null,null,"Tris(2,3-dibromopropyl)phosphate","Tris(2,3-dibromopropyl)phosphate",null,"Tris(2,3-dibromopropyl)phosphate",null,"Tris(2,3-dibromopropyl)phosphate","Tris(2,3-dibromopropyl)phosphate"]
[null,null,null,"Tris(2-chloroethyl) phosphate","Tris(2-chloroethyl) phosphate",null,"Tris(2-chloroethyl) phosphate",null,"Tris(2-chloroethyl) phosphate","Tris(2-chloroethyl) phosphate"]
[null,null,null,"Trp-P-1 (Tryptophan-P-1)","Trp-P-1 (Tryptophan-P-1)",null,"Trp-P-1 (Tryptophan-P-1)",null,"Trp-P-1 (Tryptophan-P-1)","Trp-P-1 (Tryptophan-P-1)"]
[null,null,null,"Trp-P-2 (Tryptophan-P-2)","Trp-P-2 (Tryptophan-P-2)",null,"Trp-P-2 (Tryptophan-P-2)",null,"Trp-P-2 (Tryptophan-P-2)","Trp-P-2 (Tryptophan-P-2)"]
[null,null,null,"Trypan blue (commercial grade)","Trypan blue (commercial grade)",null,"Trypan blue (commercial grade)",null,"Trypan blue (commercial grade)","Trypan blue (commercial grade)"]
[null,null,null,"Unleaded gasoline (wholly vaporized)","Unleaded gasoline (wholly vaporized)",null,"Unleaded gasoline (wholly vaporized)",null,"Unleaded gasoline (wholly vaporized)","Unleaded gasoline (wholly vaporized)"]
[null,null,null,"Uracil mustard","Uracil mustard",null,"Uracil mustard",null,"Uracil mustard","Uracil mustard"]
[null,null,null,"Urethane (Ethyl carbamate)","Urethane (Ethyl carbamate)",null,"Urethane (Ethyl carbamate)",null,"Urethane (Ethyl carbamate)","Urethane (Ethyl carbamate)"]
[null,null,null,"Urofollitropin","Urofollitropin",null,"Urofollitropin",null,"Urofollitropin","Urofollitropin"]
[null,null,null,"Valproate (Valproic acid)","Valproate (Valproic acid)",null,"Valproate (Valproic acid)",null,"Valproate (Valproic acid)","Valproate (Valproic acid)"]
[null,null,null,"Vanadium pentoxide (orthorhombic crystalline form)","Vanadium pentoxide (orthorhombic crystalline form)",null,"Vanadium pentoxide (orthorhombic crystalline form)",null,"Vanadium pentoxide (orthorhombic crystalline form)","Vanadium pentoxide (orthorhombic crystalline form)"]
[null,null,null,"Vinblastine sulfate","Vinblastine sulfate",null,"Vinblastine sulfate",null,"Vinblastine sulfate","Vinblastine sulfate"]
[null,null,null,"Vinclozolin","Vinclozolin",null,"Vinclozolin",null,"Vinclozolin","Vinclozolin"]
[null,null,null,"Vincristine sulfate","Vincristine sulfate",null,"Vincristine sulfate",null,"Vincristine sulfate","Vincristine sulfate"]
[null,null,null,"Vinyl bromide","Vinyl bromide",null,"Vinyl bromide",null,"Vinyl bromide","Vinyl bromide"]
[null,null,null,"Vinyl chloride","Vinyl chloride",null,"Vinyl chloride",null,"Vinyl chloride","Vinyl chloride"]
[null,null,null,"Vinyl cyclohexene dioxide (4-Vinyl-1-cyclohexene diepoxide)","Vinyl cyclohexene dioxide (4-Vinyl-1-cyclohexene diepoxide)",null,"Vinyl cyclohexene dioxide (4-Vinyl-1-cyclohexene diepoxide)",null,"Vinyl cyclohexene dioxide (4-Vinyl-1-cyclohexene diepoxide)","Vinyl cyclohexene dioxide (4-Vinyl-1-cyclohexene diepoxide)"]
[null,null,null,"Vinyl fluoride","Vinyl fluoride",null,"Vinyl fluoride",null,"Vinyl fluoride","Vinyl fluoride"]
[null,null,null,"Vinyl trichloride (1,1,2-Trichloroethane)","Vinyl trichloride (1,1,2-Trichloroethane)",null,"Vinyl trichloride (1,1,2-Trichloroethane)",null,"Vinyl trichloride (1,1,2-Trichloroethane)","Vinyl trichloride (1,1,2-Trichloroethane)"]
[null,null,null,"Vinylidene chloride (1,1-Dichloroethylene)","Vinylidene chloride (1,1-Dichloroethylene)",null,"Vinylidene chloride (1,1-Dichloroethylene)",null,"Vinylidene chloride (1,1-Dichloroethylene)","Vinylidene chloride (1,1-Dichloroethylene)"]
[null,null,null,"Vismodegib","Vismodegib",null,"Vismodegib",null,"Vismodegib","Vismodegib"]
[null,null,null,"Warfarin","Warfarin",null,"Warfarin",null,"Warfarin","Warfarin"]
[null,null,null,"Wood dust","Wood dust",null,"Wood dust",null,"Wood dust","Wood dust"]
[null,null,null,"Zalcitabine","Zalcitabine",null,"Zalcitabine",null,"Zalcitabine","Zalcitabine"]
[null,null,null,"Zidovudine (AZT)","Zidovudine (AZT)",null,"Zidovudine (AZT)",null,"Zidovudine (AZT)","Zidovudine (AZT)"]
[null,null,null,"Zileuton","Zileuton",null,"Zileuton",null,"Zileuton","Zileuton"]
[null,null,null,"α-Methyl styrene (alpha-Methylstyrene)","α-Methyl styrene (alpha-Methylstyrene)",null,"α-Methyl styrene (alpha-Methylstyrene)",null,"α-Methyl styrene (alpha-Methylstyrene)","α-Methyl styrene (alpha-Methylstyrene)"]

{"sheet":"AttributePTDMAP","index":16,"n_rows":243,"n_cols":2,"rows_kept":243,"cut":false,"hidden":true,"merged":[]}
["","bedandbath"]
["feed_product_type",1]
["lithium_battery_weight_unit_of_measure",1]
["supplier_declared_dg_hz_regulation3",1]
["number_of_lithium_metal_cells",1]
["standard_price",1]
["number_of_batteries3",1]
["battery_cell_composition",1]
["battery_type3",1]
["item_name",1]
["battery_type1",1]
["manufacturer",1]
["item_volume_unit_of_measure",1]
["battery_weight_unit_of_measure",1]
["batteries_required",1]
["supplier_declared_dg_hz_regulation4",1]
["number_of_batteries2",1]
["external_product_id_type",1]
["ghs_classification_class3",1]
["external_product_id",1]
["battery_type2",1]
["are_batteries_included",1]
["item_weight_unit_of_measure",1]
["battery_weight",1]
["item_weight",1]
["supplier_declared_dg_hz_regulation1",1]
["lithium_battery_energy_content_unit_of_measure",1]
["item_volume",1]
["supplier_declared_dg_hz_regulation5",1]
["lithium_battery_energy_content",1]
["lithium_battery_packaging",1]
["number_of_batteries1",1]
["ghs_classification_class2",1]
["brand_name",1]
["quantity",1]
["supplier_declared_dg_hz_regulation2",1]
["item_sku",1]
["hazmat_united_nations_regulatory_id",1]
["item_type",1]
["ghs_classification_class1",1]
["main_image_url",1]
["lithium_battery_weight",1]
["number_of_lithium_ion_cells",1]
["safety_data_sheet_url",1]
["","bedandbath"]
["package_dimensions_unit_of_measure",1]
["package_height",1]
["platinum_keywords2",1]
["size_map",1]
["compatible_devices2",1]
["parent_sku",1]
["thesaurus_attribute_keywords3",1]
["part_number",1]
["compatible_devices8",1]
["number_of_items",1]
["number_of_drawers",1]
["other_image_url5",1]
["parent_child",1]
["specific_uses_keywords3",1]
["specific_uses_keywords2",1]
["pricing_action",1]
["cover_material_type",1]
["map_price",1]
["target_audience_keywords3",1]
["cpsia_cautionary_description",1]
["quantity_price_type",1]
["other_image_url6",1]
["style_keywords6",1]
["lighting_facts_image_url",1]
["bullet_point1",1]
["item_display_height",1]
["condition_note",1]
["thesaurus_attribute_keywords2",1]
["style_keywords5",1]
["item_display_width",1]
["item_display_length_unit_of_measure",1]
["item_dimensions_unit_of_measure",1]
["quantity_lower_bound1",1]
["style_keywords4",1]
["cpsia_cautionary_statement",1]
["item_length",1]
["item_width",1]
["pattern_name",1]
["business_price",1]
["style_name",1]
["item_display_weight_unit_of_measure",1]
["fulfillment_latency",1]
["other_image_url1",1]
["california_proposition_65_chemical_names3",1]
["is_discontinued_by_manufacturer",1]
["quantity_lower_bound5",1]
["legal_compliance_certification_metadata",1]
["bullet_point2",1]
["target_audience_keywords2",1]
["quantity_price2",1]
["specific_uses_keywords1",1]
["external_testing_certification1",1]
["offering_can_be_gift_messaged",1]
["unspsc_code",1]
["generic_keywords",1]
["product_description",1]
["product_site_launch_date",1]
["mfg_maximum",1]
["update_delete",1]
["sale_end_date",1]
["style_keywords1",1]
["occasion",1]
["import_designation",1]
["fill_material_type",1]
["maximum_weight_recommendation",1]
["condition_type",1]
["fabric_type",1]
["quantity_lower_bound3",1]
["compatible_devices6",1]
["external_testing_certification5",1]
["max_order_quantity",1]
["breed_recommendation",1]
["item_display_height_unit_of_measure",1]
["energy_efficiency_image_url",1]
["item_package_quantity",1]
["max_aggregate_ship_quantity",1]
["wattage_unit_of_measure",1]
["item_display_depth",1]
["lithium_battery_voltage",1]
["material_composition",1]
["special_features4",1]
["closure_type",1]
["legal_compliance_certification_expiration_date",1]
["directions",1]
["compatible_devices4",1]
["external_testing_certification3",1]
["sale_price",1]
["other_image_url3",1]
["thesaurus_subject_keywords2",1]
["package_length",1]
["special_features2",1]
["swatch_image_url",1]
["california_proposition_65_chemical_names1",1]
["special_features5",1]
["platinum_keywords5",1]
["usda_hardiness_zone2",1]
["catalog_number",1]
["style_keywords2",1]
["wattage",1]
["lithium_battery_voltage_unit_of_measure",1]
["item_height",1]
["specific_uses_for_product",1]
["bullet_point4",1]
["other_image_url2",1]
["california_proposition_65_chemical_names4",1]
["style_keywords8",1]
["thread_count",1]
["model",1]
["quantity_price1",1]
["item_display_width_unit_of_measure",1]
["restock_date",1]
["other_image_url8",1]
["bullet_point3",1]
["offering_end_date",1]
["external_testing_certification6",1]
["volume_capacity_name",1]
["shaft_style_type",1]
["style_keywords3",1]
["quantity_price4",1]
["offering_can_be_giftwrapped",1]
["list_price",1]
["specific_uses_keywords5",1]
["weight_recommendation_unit_of_measure",1]
["quantity_price3",1]
["power_source_type",1]
["country_of_origin",1]
["california_proposition_65_chemical_names5",1]
["width_range",1]
["target_audience_keywords1",1]
["platinum_keywords4",1]
["item_display_diameter",1]
["size_name",1]
["sale_from_date",1]
["mfg_minimum",1]
["relationship_type",1]
["specification_met",1]
["thesaurus_attribute_keywords1",1]
["other_image_url7",1]
["country_string",1]
["package_width",1]
["color_map",1]
["website_shipping_weight_unit_of_measure",1]
["product_tax_code",1]
["bullet_point5",1]
["website_shipping_weight",1]
["variation_theme",1]
["quantity_price5",1]
["fur_description",1]
["other_image_url4",1]
["specific_uses_keywords4",1]
["thesaurus_subject_keywords1",1]
["number_of_pieces",1]
["mounting_type",1]
["item_shape",1]
["external_testing_certification4",1]
["scent_name",1]
["color_name",1]
["material_type",1]
["compatible_devices1",1]
["platinum_keywords3",1]
["country_as_labeled",1]
["fulfillment_center_id",1]
["warranty_description",1]
["item_display_weight",1]
["quantity_lower_bound2",1]
["style_keywords7",1]
["usda_hardiness_zone1",1]
["california_proposition_65_compliance_type",1]
["thesaurus_attribute_keywords4",1]
["length_range",1]
["included_features",1]
["merchant_release_date",1]
["compatible_devices9",1]
["item_display_length",1]
["offering_start_date",1]
["quantity_lower_bound4",1]
["national_stock_number",1]
["compatible_devices3",1]
["style_keywords9",1]
["platinum_keywords1",1]
["style_keywords10",1]
["compatible_devices10",1]
["flash_point",1]
["thesaurus_subject_keywords3",1]
["compatible_devices7",1]
["included_components",1]
["california_proposition_65_chemical_names2",1]
["package_weight_unit_of_measure",1]
["special_features3",1]
["target_audience_base",1]
["special_features1",1]
["volume_capacity_name_unit_of_measure",1]
["compatible_devices5",1]
["legal_disclaimer_description",1]
["merchant_shipping_group_name",1]
["package_weight",1]
["external_testing_certification2",1]
["","bedandbath"]